{"text_format":"1","workbook":"xlsx","n_sheets":9,"sheets":["FOOD MASTER","BEK","Labatt","Shamrock","Sysco","El Charro","Peterson Farms","USA Beef","Sheet2"],"not_rendered":{"charts":0,"images":0,"macros":1,"external_links":0,"defined_names":5,"comments":1,"pivot_tables":0},"unopened":[],"bounds":{"document_bytes":16777216,"sheet_cells":100000,"rows_first":2000,"rows_last":500,"rows_between":2000,"halvings":0,"cell_chars":16384,"cell_head_chars":4096},"cells_cut":0,"cells_raw":0,"read":"whole","date_system":"1900"}

{"sheet":"FOOD MASTER","index":0,"n_rows":412,"n_cols":27,"rows_kept":412,"cut":false,"hidden":false,"merged":[[2,8,2,10],[3,8,4,9],[3,12,4,12],[2,11,2,14],[2,1,2,4],[3,1,4,1],[3,2,4,2],[3,3,4,3],[3,4,4,4],[3,13,4,13],[3,10,4,10],[3,11,4,11],[3,5,4,5],[3,6,4,6],[3,7,4,7],[0,1,0,4],[0,8,0,10],[1,1,1,4],[1,8,1,10],[0,11,0,14],[1,11,1,14],[3,18,4,18],[3,14,4,14],[3,15,4,15],[3,16,4,16],[3,17,4,17]]}
[null,"ROSWELL INDEPENDENT SCHOOL DISTRICT",null,null,null,null,null,null,"Vendor Name:",null,null,"RISD"]
[null,"CAFETERIA FOOD BID 23-06 FOR SCHOOL YEAR 2023-24",null,null,null,null,null,null,"Vendor Contact",null,null,"TRACEY WELLS"]
[null,"MUST BE RECEIVED BY MAY 4, 2023 ON CD-R OR FLASH DRIVE  \nSEALED WITH SUPPORTING DOCUMENTS",null,null,null,null,null,null,"Date",null,null,"2023-05-26"]
[null,"ITEM","STOCK ID","ITEM","DESCRIPTION","Approved Brand","Product Code or UPC","BID UNIT","CASE PACK",null,"EST USAGE","BID UNIT PRICE","Extended Total","per UNIT price","VENDOR STOCK NO","BRAND NAME","PACK SIZE","SPECIAL ORDER\nYES  NO","BIDDERS NOTES"]
[null,null,null,null,null,null,null,null,null,null,null,null,null,null,null,null,null,null,null,"Awarded To","BEK","Labatt","Shamrock","Sysco","El Charro","Peterson Farms","USA Beef"]
[null,1,"D1000","APPLESAUCE CANNED","APPLESAUCE GRADE B FANCY NATURAL COLOR UNSWEETENED MUST MEET BUY AMERICAN REQUIREMENTS","SPECIFY","","CS",6,"10 CN",400,37.770000000000003,{"$f":"IF(L6*K6= 0,\"\",L6*K6)","v":15108.000000000002},{"$f":"IF(L6/I6= 0,\"\",L6/I6)","v":6.2950000000000008},2004975,"DEL MONTE","6 / #10",null,null,"Labatt",0,37.770000000000003,42.38,45.47,null,0,0]
[null,2,"D1001","APPLESAUCE CUPS CINNAMON","CINNAMON UNSWEETENED APPLESAUCE MUST PROVIDE 1/2 CUP FRUIT EQUIVALENT UNDER THE NSLP.  100% ALL NATURAL INGREDIENTS SHELF-STABLE FOR 18 MONTHS NO HIGH FRUCTOSE CORN SYRUP OR ADDED SUGAR FAT FREE 100% VITAMIN C","SPECIFY",null," CS",96,"4.5 OZ",600,28.28,16968,0.29458333333333336,"ASA10013","Peterson Farms","96/4.5oz","No",null,"Peterson Farms",0,38.57,37.33,0,0,28.28,0]
[null,3,"D1002","APPLESAUCE CUPS PEACH","PEACH UNSWEETENED APPLESAUCE MUST PROVIDE 1/2 CUP FRUIT EQUIVALENT UNDER THE NSLP.  100% ALL NATURAL INGREDIENTS SHELF-STABLE FOR 18 MONTHS NO HIGH FRUCTOSE CORN SYRUP OR ADDED SUGAR FAT FREE 100% VITAMIN C","SPECIFY",null," CS",96,"4.5 OZ",600,28.28,16968,0.29458333333333336,"ASA10017","Peterson Farms","96/4.5oz","No",null,"Peterson Farms",0,38.590000000000003,null,0,0,28.28,0]
[null,4,"D1003","APPLESAUCE CUPS PLAIN","PLAIN UNSWEETENED APPLESAUCE MUST PROVIDE 1/2 CUP FRUIT EQUIVALENT UNDER THE NSLP.  100% ALL NATURAL INGREDIENTS SHELF-STABLE FOR 18 MONTHS NO HIGH FRUCTOSE CORN SYRUP OR ADDED SUGAR FAT FREE 100% VITAMIN C","SPECIFY",null," CS",96,"4.5 OZ",600,28.28,16968,0.29458333333333336,"ASA10001","Peterson Farms","96/4.5oz","No",null,"Peterson Farms",0,39.090000000000003,37.33,46.72,0,28.28,0]
[null,5,"D1004","APPLESAUCE CUPS STRAWBERRY","PLAIN UNSWEETENED APPLESAUCE MUST PROVIDE 1/2 CUP FRUIT EQUIVALENT UNDER THE NSLP.  100% ALL NATURAL INGREDIENTS SHELF-STABLE FOR 18 MONTHS NO HIGH FRUCTOSE CORN SYRUP OR ADDED SUGAR FAT FREE 100% VITAMIN C","SPECIFY",null," CS",96,"4.5 OZ",600,28.28,16968,0.29458333333333336,"ASA10014","Peterson Farms","96/4.5oz","No",null,"Peterson Farms",0,38.82,null,44.81,0,28.28,0]
[null,6,"CTF7049","AVACADO PULP","AVACADO PULP FROZEN CATERING","SPECIFY",null,"CS",12,"1LBS",70,45.911702127659574,3213.8191489361702,3.8259751773049646,8337503,"CASAIMP","8/2#TRAY","N",null,"Sysco",0,52.16,50.9,45.91,0,0,0]
[null,7,"F1000","BACON PIECES","BACON ENDS & PIECES","SPECIFY","","CS",12,"3 LB",425,31.02,13183.5,2.585,1911338,"HERTG V","1 / 10 LB",null,null,"Labatt",116.2,31.02,37.020000000000003,42.54,0,0,0]
[null,8,"F1001","BACON PRE-COOKED","FULLY COOKED AND READY TO EAT - SIMPLY WARM & SERVE  100% REAL BACON","HORMEL OR APPROVED EQUIVALENT",3729,"CS",1,300,500,34.995350000000002,17497.674999999999,34.995350000000002,4630091,"PRCRO","2/150/PK","N",null,"Shamrock",0,54.53,35,56.07,0,0,0]
[null,9,"CTF7050","BACON SLICED THICK","BACON THICK SLICED  CATERING","SPECIFY",null,"CS",15,"LB",30,48.454250000000002,1453.6275000000001,3.2302833333333334,4914511,"PRCRD","1/15/LB","N",null,"Shamrock",117.43,56.95,48.45,57.9,0,0,0]
[null,10,"CTF7051","BACON SLICED THIN","BACON THIN SLICED CATERNG","SPECIFY",null,"CS",15,"LB",15,42.984499999999997,644.76749999999993,2.8656333333333333,4433951,"PRCRF","1/15/LB","N",null,"Shamrock",50.63,48.39,42.98,52.63,0,0,0]
[null,11,"F1002","BAGEL BLUEBERRY","BAGEL WG BLUEBERRY SLICED IW MUST BE WHOLE GRAIN RICH AND PROVIDE 2.0OZ GRAIN EQUIVALENTS.  PORTION TO PROVIDE AT LEAST 115 CALORIES WITH NO MORE THAN 2 GRAMS OF FAT. ","BAKE CRAFTERS OR APPROVED EQUIVALENT",696,"CS",84,"2 OZ",450,36.44,16398,0.43380952380952376,4031320,"BAKECRAFTE","84 / 2 OZ",null,"Lowest bids were wrong item and special order","Labatt",0,36.44,35.72,23.6,0,0,0]
[null,12,"F1003","BAGEL PLAIN","BAGEL WG BLUEBERRY IW MUST BE WHOLE GRAIN RICH AND PROVIDE 2.0OZ GRAIN EQUIVALENTS.  PORTION TO PROVIDE AT LEAST 115 CALORIES WITH NO MORE THAN 2 GRAMS OF FAT. ","BAKE CRAFTERS OR APPROVED EQUIVALENT",982,"CS",84,"2 OZ",450,30.177549999999997,13579.897499999999,0.35925654761904757,3162701,"LENDR","72/2/OZ","N",null,"Shamrock",0,35.229999999999997,30.18,33.700000000000003,0,0,0]
[null,13,"D1005","BAKING SODA","SODIUM BICARBONATE","SPECIFY","","CS",24,"1 LBS",60,14.369148936170212,862.14893617021278,0.59871453900709215,4950598,"SYS CLS","12/24 OZ","N",null,"Sysco",21.72,22.15,26.47,14.37,0,0,0]
[null,14,"F1004","BAR BREAKFAST APPLE","BREAKFAST BAR APPLE THAT MEET 2OZ WG AND 1/2C FRUIT FOR CHILD NUTRITIONAL MEAL PATTERN","DAVE'S OR APPROVED EQUIVALENT",4014,"CS",64,"3 OZ",1000,33.927659574468088,33927.659574468089,0.53011968085106387,8610067,"READIBK","48/2.5 OZ","N",null,"Sysco",0,48.4,44.75,33.93,0,0,0]
[null,15,"F1005","BAR BREAKFAST BANANA CHOCOLATE","INDIVIDUALLY WRAPPED 51% WHOLE GRAIN BANANA CHOCOLATE CHUNK","BeneFIT OR APPROVED EQUIVALENT",40402,"CS",48,"2.5 OZ",1650,20.74468085106383,34228.723404255317,0.43218085106382981,8610051,"READIBK","48/2.5 OZ","N",null,"Sysco",20.75,22.11,21.55,20.74,0,0,0]
[null,16,"F1006","BAR BREAKFAST BLUEBERRY","BREAKFAST BAR BLUEBERRY THAT MEET 2OZ WG AND 1/2C FRUIT FOR CHILD NUTRITIONAL MEAL PATTERN","DAVE'S OR APPROVED EQUIVALENT",4014,"CS",64,"3 OZ",1000,42.925531914893618,42925.531914893618,0.67071143617021278,2837577,"DAVE'S","64/3 OZ","N",null,"Sysco",0,47.71,44.75,42.93,0,0,0]
[null,17,"F1007","BAR BREAKFAST COCOA CHIP","INDIVIDUALLY WRAPPED 51% WHOLE GRAIN COCOA CHIP","BeneFIT OR APPROVED EQUIVALENT",40406,"CS",48,"2.5 OZ",1650,21.8,35970,0.45416666666666666,413311,"J&J snack","48/2.5oz","no","WILL BRING IN IF AWARED","BEK",21.8,23.21,22.65,21.81,0,0,0]
[null,18,"F1008","BAR BREAKFAST OATMEAL CHOCOLATE","INDIVIDUALLY WRAPPED 51% WHOLE GRAIN OATMEAL CHOCOLATE CHIP","BeneFIT OR APPROVED EQUIVALENT",40401,"CS",48,"2.5 oz",1650,20.74468085106383,34228.723404255317,0.43218085106382981,8559417,"READIBK","48/2.5 OZ","N",null,"Sysco",20.75,22.11,21.55,20.74,0,0,0]
[null,19,"F1009","BAR OATMEAL BLUEBERRY","BLUEBERRY OATMEAL BARS 2.04 OZ  51% WHOLE GRAIN MEET 2 OZ GRAIN EQUIVALENT","DARLINGTON SNACKS OR APPROVED EQUIVALENT",75600,"CS",160,"2.4 OZ",1000,77.234042553191486,77234.042553191481,0.48271276595744678,7154596,"APPLWAY","160/2.4 OZ","N",null,"Sysco",0,77.66,null,77.23,0,0,0]
[null,20,"C1000","BASE BEEF","GRADE A TO CONTAIN BEEF LOW SODIUM- PASTE NON-CAKING READY TO DISSOLVE BEEF FLAVORED NO MSG","SPECIFY","","CS",12,"1 LBS",200,35.159574468085104,7031.9148936170204,2.9299645390070919,7193534,"CSTMCUL","6/1 LB","N",null,"Sysco",0,49.41,63.3,35.159999999999997,0,0,0]
[null,21,"C1001","BASE CHICKEN","GRADE A TO CONTAIN CHICKEN LOW SODIUM - PASTE NON-CAKING READY TO DISSOLVE CHICKEN FLAVORED NO MSG","SPECIFY","","CS",12,"1 LBS",200,31.659574468085111,6331.9148936170222,2.6382978723404258,7193578,"CSTMCUL","6/1 LB","N",null,"Sysco",0,80.790000000000006,65.72,31.66,0,0,0]
[null,22,"CTF7009","BASE CHICKEN KNORR","CHICKEN FLAVORED BOUILLON CATERING","KNORR OR APPROVED EQUIVALENT",116300,"BTL",1,"7.9 LB",5,2.0649999999999999,10.324999999999999,2.0649999999999999,4714467,"KNORR","1/7.9 OZ","N",null,"Sysco",0,80.53,27.68,2.06,0,0,0]
[null,23,"C1002","BASE HAM","GRADE A TO CONTAIN HAM LOW SODIUM - PASTE NON-CAKING READY TO DISSOLVE BEEF FLAVORED NO MSG","SPECIFY","","CS",12,"1 LBS",300,46.170212765957444,13851.063829787234,3.8475177304964538,5154752,"CSTMCUL","6/1 LB","N",null,"Sysco",0,59.32,73.67,46.17,0,0,0]
[null,24,"D1006","BEANS BAKED","REDUCED SODIUM VEGETARIAN BAKED BEANS","BUSHS BEST OR APPROVED EQUIVALENT",null,"CS",6,"#10 CANS",1500,46.734042553191493,70101.063829787236,7.7890070921985819,3560143,"BUSHBST","6/#10","N","Lowest bid wrong item, next was special order",null,47.95,35.36,45.12,46.73,0,0,0]
[null,25,"D1007","BEANS GARBANZO","BRINE PACK. GARBANZO BEANS WATER SALT VINEGAR DISODIUM EDTA (TO PROMOTE COLOR AND RETENTION) AND CALCIUM CHLORIDE (A FIRMING AGENT).","SPECIFY",null,"CS",6,"10 LB",65,29.819148936170215,1938.244680851064,4.9698581560283692,"0075048","BUSH","6/#10","N",null,"Sysco",33.9,33.72,34.78,29.82,0,0,0]
[null,26,"CTF7010","BEANS KIDNEY ","CATERING",null,null,"CS",6,"#10 CAN",50,29.819148936170215,1490.9574468085107,4.9698581560283692,"0075079","BUSH","6/#10","N",null,"Sysco",36.950000000000003,33.97,36.869999999999997,29.82,0,0,0]
[null,27,"D1008","BEANS PINTO CANNED","PINTO BEANS WHOLE STYLE SEASONED VEGETARIAN CANNED IN BRINE US GRADE B  LOW SODIUM (140 MILLIGRAMS OF SODIUM OR LESS PER SERVING)","BUSH'S OR APPROVED EQUIVALENT","","CS",6,"10 CN",1300,29.819148936170215,38764.893617021276,4.9698581560283692,"0079584","BUSH","6/#10","N",null,"Sysco",35.6,33.01,34.200000000000003,29.82,0,0,0]
[null,28,"D1009","BEANS PINTO DRY","US #1 GRADE A CURRENT CROP 98% CLEAN FREE OF WEEVILS DIRT AND ROCKS.  TRIPLE CLEANED.","SPECIFY","","LB",50,"LBS",250,0.83,207.5,1.66E-2,4183968,"SYS CLS","1/50 LB","N",null,"Sysco",31.45,41.65,40.409999999999997,0.83,0,0,0]
[null,29,"D1010","BEANS RANCH","PINTO BEANS WATER TOMATO PUREE LESS THAN 2% BLEND OF VEGETABLE OILS AND ANIMAL FAT SALT CHILI PEPPERS SUGAR PAPRIKA VINEGAR SPICES ONION POWDER GARLIC POWDER NATURAL FLAVORINGS SOY LECITHIN LOW SODIUM (140 MILLIGRAMS OF SODIUM OR LESS PER SERVING)","RANCH STYLE OR APPROVED EQUIVALENT",4690000116,"CS",6,"10 CN",300,34.36,10308,5.7266666666666666,1557821,"ALLENS","6 / #10",null,null,"Labatt",48.85,34.36,48.11,38.31,0,0,0]
[null,30,"D1011","BEANS REFRIED","DEHYDRATED JUST ADD WATER TO COOK AND SERVE UNSEASONED. US GRADE A","SANTIAGO OR APPROVED EQUIVALENT",10166,"CS",6,"28.1 OZ",300,36.436170212765958,10930.851063829787,6.0726950354609928,8649127,"SANTAGO","6/26.25Z","N","Lowest bid wrong item","Sysco",36.35,36.89,null,36.44,0,0,0]
[null,31,"CTF7052","BEEF BRISKET","BEEF PACKER TRIM VACCUUM PACKED LARGE 14-22 LB CATERING","SPECIFY","","LB",1,"LB",2000,3.7553191489361706,7510.6382978723414,3.7553191489361706,1044056,"PACKER","5/10#UP","N",null,"Sysco",0,306,6.57,3.76,0,0,0]
[null,32,"CTF7053","BEEF CHICKEN FRIED STEAK","EXCLUSIVE CUT™ WHOLE MUSCLE BEEF. BATTERED WITH A BUTTERMILK BLEND BREADED WITH A FLOUR-BASED BREADING. CATERING","ADVANCE/PIERRE OR APPROVED EQUIVALENT",4541,"CS",40,"4 OZ",25,36.190957446808504,904.77393617021255,0.90477393617021262,2454221,"ADVANCE","40/4 OZ","N",null,"Sysco",65.75,60.17,63.63,36.19,0,0,0]
[null,33,"F1010","BEEF FAJITA STRIPS","FORMED BEEF SEASONED FULLY COOKED AND SLICED INTO 3/8-INCH STRIPS. SOY ADDED. CHAR MARKED.","ADVANCE/PIERRE OR APPROVED EQUIVALENT",56001,"CS",2,"5 LB",100,50.716276595744688,{"$f":"IF(L38*K38= 0,\"\",L38*K38)","v":5071.6276595744685},{"$f":"IF(L38/I38= 0,\"\",L38/I38)","v":25.358138297872344},8578809,"SMRTSRV","2/5 LB","N",null,"Sysco",0,72.12,null,50.72,0,0,0]
[null,34,"F1011","BEEF GROUND 85/15","100 % BEEF, GROUND, RAW, FROZEN, UNSEASONED FINE GRIND 85/15 LEAN/FAT RATIO, NO FILLERS, MEET NEW MEXICO GROWN REQUIREMENTS, LESS THAN 100MG SODIUM PER 3OZ SERVING, INDIVIDUALLY WRAPPED 5 PACKS/10 POUNDS","NEW MEXICO'S BEST OR APPROVED EQUIVALENT","NMB8515GB","CS",5,"10#",2000,192.5,385000,38.5,1757,"New Mexico's Best","5/10#","No","Lowest wasn't brand specific or corrct pack size","USA Beef",0,150.38999999999999,65.2,0,0,0,192.5]
[null,35,"F1012","BEEF PATTY","FULLY COOKED BEEF PATTIES, EACH 3.00 OZ FULLY COOKED BEEF PATTY PROVIDES 2.50 OZ EQUIVALENT MEAT FOR NSL, NO FILLERS, MEET NEW MEXICO GROWN REQUIREMENTS, LESS THAN 100MG SODIUM PER 3OZ SERVING","NEW MEXICO'S BEST OR APPROVED EQUIVALENT","NMB8020BPSFC","CS",195,"3 OZ",600,199.26,119556,1.0218461538461538,1763,"New Mexico's Best","195/3 OZ","No","Lowest weren't brand specific","USA Beef",0,57.66,202.06,0,0,0,199.26]
[null,36,"F1013","BEEF PHILLY STEAK","FULLY COOKED COOKED SLICED STEAK LESS THAN 230MG SODIUM PER SERVING","ADVANCE/PIERRE OR APPROVED EQUIVALENT",69249,"CS",170,"2.82 OZ",200,107.27,21454,0.63100000000000001,163289,"TYSON","192/2.5OZ","NO ","LOWEST DIDN'T MEET NUTRITIONALS     WILL BRING IN IF AWARDED","BEK",107.27,78.48,null,0,0,0,0]
[null,37,"F1014","BEEF SHREDS","BEEF SHREDS, EACH 2.36OZ MEET 2M/MA FOR NSLP NO FILLERS, MEET NEW MEXICO GROWN REQUIREMENTS, LESS THAN 100MG SODIUM PER 3OZ SERVING","NEW MEXICO'S BEST OR APPROVED EQUIVALENT","NMBBSFC","CS",5,"10 LB",600,262.5,157500,52.5,1764,"New Mexico's Best","5/10 LB","No","Lowest weren't brand specific","USA Beef",0,101.52,null,0,0,0,262.5]
[null,38,"F1015","BEEF STEAK FINGERS WG","BEEF STRIP, FULLY COOKED, BREADED, NO FILLERS, MEET NEW MEXICO GROWN REQUIREMENTS, LESS THAN 100MG SODIUM PER 3.6 OZ SERVING","NEW MEXICO'S BEST OR APPROVED EQUIVALENT","NMB8020BSSBSFC","CS",534,".9 oz",450,145.68,65556,0.27280898876404497,1765,"New Mexico's Best","534/.9 oz","No","Lowest wasn't brand specific or corrct pack size","USA Beef",0,125.89,108,0,0,0,145.68]
[null,39,"F1016","BEEF STEAK PATTIE BREADED","BEEF PATTY, BREADED, FULLY COOKED, EACH 3.2 OZ PATTY PROVIDES 2OZ EQUIVALENT MEAT/MEAT ALTERNATE FOR NSLP, NO FILLERS, MEET NEW MEXICO GROWN REQUIREMENTS, LESS THAN 100MG SODIUM PER 3.2 OZ SERVING","NEW MEXICO'S BEST OR APPROVED EQUIVALENT","NMB8020BPBSFC","CS",150,"3.2 oz",400,145.5,58200,0.97,1766,"New Mexico's Best","150/3.2 oz","No","Lowest weren't brand specific","USA Beef",0,72.02,114.06,0,0,0,145.5]
[null,40,"F1017","BISCUIT WG","HONEY WHOLE WHEAT HEAT & SERVE PRE-SLICED MEET 2 OZ/GR","BRIDGEFORD OR APPROVED EQUIVALENT",6270,"CS",100,"2.25 OZ",400,30.9,12360,0.309,170370,"BRIDGFORD","100/2.25OZ","NO","WILL BRING IN IF AWARDED","BEK",30.9,38.76,32.1,30.9,0,0,0]
[null,41,"CTF7054","BISCUIT WHITE BUTTERMILK","BISCUIT OLD SOUTH BUTTERMILK PRE-SLICED FULLY COOOKED 2.25 OZ CATERING","BRIDGEFORD OR APPROVED EQUIVALENT",6170,"CS",100,"2.25 OZ",300,28.88,8664,0.2888,399480,"BRIDGFORD","100/2.25OZ","NO  ","WILL BRING IN IF AWARDED","BEK",28.88,31.58,30,34.659999999999997,0,0,0]
[null,42,"F1018","BOLI STRAWBERRY","BOLI STRAWBERRY WG IW EACH 3.24 OZ PROVIDES 2.00 OZ EQ GRAINS OR NSP","TASTY BRAND OR APPROVED EQUIVALENT",53205,"CS",96,"3.24 OZ",850,59.861702127659584,50882.446808510649,0.6235593971631207,"7159341C","TASTY B","96/3.24 oz","N",null,"Sysco",0,61.65,62.18,59.86,0,0,0]
[null,43,"F1019","BOLI SWEET","BOLI STRAWBERRY WG IW EACH 3.24 OZ PROVIDES 2.00 OZ EQ GRAINS OR NSP","TASTY BRAND OR APPROVED EQUIVALENT",53204,"CS",96,"3.24 OZ",850,62.178350000000002,52851.597500000003,0.64769114583333331,4736861,"TSTYB","96/3.24/OZ","N",null,"Shamrock",0,null,62.18,0,0,0,0]
[null,44,"F1020","BOLILLO CHORIZO & CHEESE","BOLLIOS, CHORIZO & CHEESE, BULK,  EACH BOLILLO MUST MEET 1.5OZ GRAIN AND 1 M/MA FOR STUDENT NUTRITION PROGRAM","ARDELLA'S  OR APPROVED EQUIVALENT",10014,"CS",72,"3.35 OZ",900,null,"","",null,null,null,null,"No Bids Offered",null,0,null,null,0,0,0,0]
[null,45,"F1021","BREAD BANANA SLICE ","3.4OZ (96G) FROZEN IW THAW & SERVE CONTAINS ZERO TRANS-FAT > 51% WHOLE WHEAT FLOUR NON-DAIRY NO ARTIFICIAL COLORS FLAVORS OR PRESERVATIVES.  MUST CONFORM TO USDA CHILD NUTRITION PROGRAM SPECIFICATIONS AND MEET 2 SERVINGS OF GRAIN.","SUPER BAKERY OR APPROVED EQUIVALENT",6071,"CS",70,"3.4 OZ",1200,47.8,57360,0.68285714285714283,183146,"SUPER BAKERY","75/3.4OZ","NO","WILL BRING IN IF AWARDED MFG 7501","BEK",47.8,49.88,49.66,47.81,0,0,0]
[null,46,"F1022","BREAD LEMON","3.4OZ (96G) FROZEN IW THAW & SERVE CONTAINS ZERO TRANS-FAT > 51% WHOLE WHEAT FLOUR NON-DAIRY NO ARTIFICIAL COLORS FLAVORS OR PRESERVATIVES.  MUST CONFORM TO USDA CHILD NUTRITION PROGRAM SPECIFICATIONS AND MEET 2 SERVINGS OF GRAIN.","SUPER BAKERY  OR APPROVED EQUIVALENT",7507,"CS",70,"3.4OZ",1200,51.41,61691.999999999993,0.73442857142857143,165891,"SUPER BAKERY","70/3.45 oz","no","WILL BRING IN IF AWARDED MFG 7501","BEK",51.41,53.41,53.4,51.41,0,0,0]
[null,47,"F1023","BREADSTICK","WHITE WHOLE WHEAT CHEESY GARLIC BREADSTICK DOUGH FROZEN RAW PROOF AND BAKE WHOLE GRAIN FLOUR CHEESE AND GARLIC FLAVORED.  EACH STICK MUST PROVIDE A MINUMIM OF 1GB COMPONENT FOR NSLP","BRIDGEFORD OR APPROVED EQUIVALENT",6787,"CS",320,"1.125 oz",1500,36.909999999999997,55364.999999999993,0.11534374999999999,117356,"BRIDGFORD",72,"NO ","WILL BRING IN IF AWARDED","BEK",36.909999999999997,38.22,38.340000000000003,36.909999999999997,0,0,0]
[null,48,"F1024","BREADSTICK CHEESE FILLED WG","BREAKSTICK CHEESE FILLED WG EACH BREADSTICK MEETS 1M/MA FOR CHILD NUTRITION MEAL PATTERN","CLASSIC DELIGHT OR APPROVED EQUIVALENT","A33045","CS",112,"2 OZ",800,62.287234042553195,49829.787234042553,0.55613601823708214,"7018979C","TOOLSCH","112/2 OZ","N",null,"Sysco",0,64.92,68.88,62.29,0,0,0]
[null,49,"F1025","BREAKFAST ROUNDS","CINNAMON AND BROWN SUGAR BREAKFAST ROUND IW MUST MEET 2 GRAIN FOR SBP","UBR/RICH'S OR APPROVED EQUIVALENT",8733,"CS",126,"2.2 OZ",1000,56.4,56400,0.44761904761904758,9378728,"RICH'S","126 / 2.2 OZ",null,null,"Labatt",0,56.4,58.59,56.4,0,0,0]
[null,50,"F1026","BURRITO","BEEF BEAN AND CHEESE BURRITO. A RED CHILI BEEF BEAN AND TEXTURED VEGETABLE PROTEIN FILLING WRAPPED IN A FLOUR TORTILLA. BURRITOS SHALL BE UNIFORMLY ROLLED WITH A UNIFORM DISTRIBUTION OF FILLING. NO EXESSIVELY FLATTENED OR IRREGULAR SHAPED PRODUCT.","BUTCHERBOY/POSADA OR APPROVED EQUIVALENT",1020001,"CS",72,"4 OZ",1000,48.851063829787236,48851.063829787236,0.67848699763593379,1654466,"B/BOY","72/4 OZ","N",null,"Sysco",0,85.4,null,48.85,0,0,0]
[null,51,"F1027","BURRITO BEAN & CHEESE de CHILE RELLENO","BURRITO -FROZEN BEAN & CHEESE DE CHILE RELLENO-REFRIED BEANS TOPPED WITH MEXICAN STYLE RICE WITH RED SALSA WITH POBLANO CHILE AND PEPPER JACK CHEESE ON A WHOLEWHEAT FLOUR TORTILLA. EACH 7.66 OZ. BURRITO PROVIDES 2.00 OZ MEAT ALTERNATE AND 1/8 CUP OTHER VEGETABLE AND 2.25 OZ EQV GRAIN OR 1.00 OZ MEAT ALTERNATE AND 1/8 CUPOTHER VEGETABLE AND 1/4 CUP LEGUME VEGETABLE AND 2.25 OZ EQV GRAIN TOWARDS THE NSLP, WHOLE GRAIN RICH FLOUR TORTILLA. CN LABELED. BURRITOS ARE HAND-WRAPPED INOVENABLE FOIL SHEETS. 36 COUNT. PREPARATION INSTRUCTIONS INCLUDED ON BOX. NO MORE THAN 700 MG SODIUM, LESS THAN 15% CALORIES FROM SATURATED FAT, 0 TRANS FAT. NOLESS THAN 400 KCAL. HAND HELD, FULLY COOKED. HEAT & SERVE.-VEGETARIAN. CABO PRIMO BRAND 71683","LOS CABOS OR APPROVED EQUIVALENT",71683,"CS",36,"7.66 OZ",600,68.28,40968,1.8966666666666667,870046,"CABO PRIMO","36 / 7.66 OZ",null,null,"Labatt",0,68.28,73.78,71.03,0,0,0]
[null,52,"F1028","BURRITO PRE-FRIED BULK"," 4.75 OZ. CHEESE BEEF BEAN & RED CHILI BURRITO FULLY COOKED GROUND BEEF RED CHILI SAUCE AMERICAN CHEESE PINTO BEANS WRAPPED IN A WHOLE GRAIN RICH BLEND OF WHEAT AND CORN FLOUR TORTILLA 16g PROTEIN PER SERVING CN LABELED - SERVES 2 OZ. M/MA & 2 OZ. EQUIVALENT GRAINS PRE-FRIED","FERNANDO'S OR APPROVED EQUIVALENT",21072,"CS",72,"4.75 oz",1000,74.92,74920,1.0405555555555557,8977070,"FERNANDOS","72 / 4.75 OZ",null,"Lowest bid wrong item","Labatt",73.38,74.92,77.33,54.84,0,0,0]
[null,53,"D1012","BUTTER ALTERNATIVE","PHASE® ZERO TRANS NO SODIUM LIQUID BUTTER ALTERNATIVE","PHASE OR APPROVED EQUIVALENT",13688,"CS",3,"GAL",200,42.39,8478,14.13,176311,"Ventura","1/.17.5 lb","no",null,"BEK",42.39,48.36,null,56.4,0,0,0]
[null,54,"C1008","BUTTERMILK BAKING 1%","BUTTERMILK BAKING 1%","SPECIFY",null,"CS",4,"GAL",100,4.62,462,1.155,8205046,"BORDEN","1 / HG",null,null,"Labatt",23.28,4.62,19.41,20.04,0,0,0]
[null,55,"D1013","CEREAL BLUEBERRY CHEX 2OZ","BLUEBERRY CHEX AND SWEETENED RICE GLUTEN-FREE CEREAL. THIS READY-TO-EAT CUP PROVIDES CONVENIENT PORTION CONTROL AND ROOM FOR MILK. WHOLE GRAIN RICE – FIRST INGREDIENT. MEETS 2 OUNCE EQUIVALENT GRAINS USDA SMART SNACK CRITERIA AND IS CACFP ELIGIBLE.","GENERAL MILLS OR APPROVED EQUIVALENT",17262000,"CS",60,"2 OZ",500,33.606382978723403,16803.191489361703,0.56010638297872339,7143888,"GM","60/2 OZ","N",null,"Sysco",0,36.94,36.090000000000003,33.61,0,0,0]
[null,56,"D1014","CEREAL CHEERIOS 1 OZ","READY TO EAT CEREALS: BOWL PACK WHOLE GRAIN OATS RINGS. MUST MEET 1G EQUIVALENCY FOR SBP","GENERAL MILLS OR APPROVED EQUIVALENT",32262000,"CS",96,"1 oz",250,27.12765957446809,6781.9148936170222,0.28257978723404259,2177584,"GM","96/1 OZ","N",null,"Sysco",0,30.27,27.54,27.13,0,0,0]
[null,57,"D1015","CEREAL CINNAMON CHEX 1 OZ","CINNAMON CHEX™ IS MADE WITH REAL CINNAMON AND SWEETENED RICE GLUTEN-FREE CEREAL. THIS READY-TO-EAT CUP PROVIDES CONVENIENT PORTION CONTROL AND ROOM FOR MILK. WHOLE GRAIN RICE – FIRST INGREDIENT. MEETS 2 OUNCE EQUIVALENT GRAINS USDA SMART SNACK CRITERIA AND IS CACFP ELIGIBLE.","GENERAL MILLS OR APPROVED EQUIVALENT",14883000,"CS",60,"2 OZ",500,33.606382978723403,16803.191489361703,0.56010638297872339,7072203,"GM","60/2 OZ","N",null,"Sysco",0,37.020000000000003,34.119999999999997,33.61,0,0,0]
[null,58,"D1016","CEREAL CINNAMON TOAST 1 OZ","READY TO EAT CEREALS: BOWL PACK WHOLE GRAIN 25% LESS SUGAR CINNAMON TOAST SQUARES. MUST MEET 1G EQUIVALENCY FOR SBP","GENERAL MILLS OR APPROVED EQUIVALENT",294440000,"CS",96,"1 OZ",250,27.12765957446809,6781.9148936170222,0.28257978723404259,6055800,"GM","96/1 OZ","N",null,"Sysco",0,30.27,27.54,27.13,0,0,0]
[null,59,"D1017","CEREAL CINNAMON TOAST 2OZ","READY TO EAT CEREALS: BOWL PACK WHOLE GRAIN 25% LESS SUGAR CINNAMON TOAST SQUARES. MUST MEET 2G EQUIVALENCY FOR SBP","GENERAL MILLS OR APPROVED EQUIVALENT",148861000,"CS",60,"2 OZ",1000,37.020000000000003,37020,0.6170000000000001,6490026,"GEN MILLS","60 / 2.0 OZ",null,"Lowest bid wrong pack size","Labatt",0,37.020000000000003,27.54,33.61,0,0,0]
[null,60,"D1018","CEREAL COCOA PUFFS 2OZ","READY TO EAT CEREALS: BOWL PACK WHOLE GRAIN COCOA PUFFS REDUCED SUGAR MUST MEET 2 GRAIN EQUIVALENCY FOR SBP","GENERAL MILLS OR APPROVED EQUIVALENT",148854000,"CS",60,"2 OZ",1000,37.020000000000003,37020,0.6170000000000001,6490029,"GEN MILLS","60 / 2 OZ",null,"Lowest bids were wrong item and special order","Labatt",0,37.020000000000003,34.119999999999997,33.61,0,0,0]
[null,61,"D1019","CEREAL CREAM OF WHEAT","HOT CEREALS: ENRICHED PLAIN BULK QUICK COOK CREAM OF WHEAT WHOLE GRAIN. MUST MEET 1G EQUIVALENCY FOR SBP","SPECIFY","","CS",12,"28 OZ",10,25.76,257.60000000000002,2.1466666666666669,6621239,"INTL HOME","12 / 28 OZ.",null,null,"Labatt",0,25.76,59.93,26.63,0,0,0]
[null,62,"D1020","CEREAL LUCKY CHARMS 2OZ","READY TO EAT CEREALS: BOWL PACK WHOLE GRAIN WITH MARSHMALLOWS ASSORTED BERRY PUFFS REDUCED SUGAR. MUST MEET 2G EQUIVALENCY FOR SBP","GENERAL MILLS OR APPROVED EQUIVALENT",148847000,"CS",60,"2 OZ",200,34.117200000000004,6823.4400000000005,0.56862000000000001,4461851,"GNRLM","60/2/OZ","N","Lowest had wrong size","Shamrock",0,37.020000000000003,34.119999999999997,33.61,0,0,0]
[null,63,"D1021","CEREAL OATMEAL","OATS ROLLED INSTANT ENRICHED DRY","SPECIFY","","CS",12,"42 OZ",20,44.660000000000004,{"$f":"IF(L68*K68= 0,\"\",L68*K68)","v":893.2},{"$f":"IF(L68/I68= 0,\"\",L68/I68)","v":3.7216666666666671},4022711,"HSPTL","12/42/OZ","N",null,"Shamrock",50.03,57.42,44.66,48.13,0,0,0]
[null,64,"D1022","CEREAL RICE KRISPIES BULK","RICE BULK WHOLE GRAIN  PLAIN PUFFS. MUST MEET 1G EQUIVALENCY FOR SBP","SPECIFY",null,"CS",4,"35 OZ",900,22.355319148936172,20119.787234042553,5.5888297872340429,6709455,"HOSPTLY","4/35 OZ","N",null,"Sysco",22.87,27.08,28.99,22.36,0,0,0]
[null,65,"C1009","CHEESE AMERICAN SLICED","CHEESE AMERICAN PROCESSED SLICED 1/2 OUNCE EACH UNWRAPPED.  REDUCED FAT REDUCED SODIUM PRE-SLICED YELLOW  AMERICAN PROCESSED CHEESE.  IMITATION OR CHEESE BLENDS NOT ACCEPTED.  FAT GRAMS NOT TO EXCEED 2G PER SLICE SODIUM NOT TO EXCEED 210MG PER SLICE.  1 SLICE/.5OZ   .5OZMMA  6/5#LAND O LAKES PREFERRED - AVAILABLE FOR NET OFF INVOICE. FOR NOI PRICING","BONGARDS OR APPROVED EQUIVALENT",111371,"CS",6,"5 LB",675,85.51,57719.25,14.251666666666667,8660266,"BONGARDS","6/5lb",null,"Lowest wasn't brand specific","Labatt",57.43,76.17,53.47,45.95,0,0,0]
[null,66,"C1010","CHEESE CHEDDAR SHREDDED","CHEESE CHEDDAR SHREDDED REDUCED FAT REDUCED SODIUM MILD NO IMITATION ENZYMES AND ARTIFICIAL COLORING MAY BE ADDED.  PASTEURIZED PLEASING ODOR AND FLAVOR SATISFACTORY MELTABILITY.  FAT GRAMS NOT TO EXCEED 4.5G SODIUM NOT TO EXCEED 90MG.  4/5# AVAILABLE FOR NET OFF INVOICE. FOR NOI PRICING","BONGARDS OR APPROVED EQUIVALENT",755191,"CS",4,"5 LB",600,62.95,37770,15.737500000000001,8662000,"BONGARDS","4/5lb",null,"Lowest wasn't brand specific","Labatt",70.95,60.34,60.65,57.07,0,0,0]
[null,67,"CTF7000","CHEESE COTTAGE","COTTAGE CHEESE SMALL CURD  CATERING","SPECIFY","","CS",1,"5 LB",75,11.49,861.75,11.49,8201266,"SARAH FARM","1 / 5 LB",null,null,"Labatt",47.5,11.49,25.88,14.41,0,0,0]
[null,68,"CTF7001","CHEESE CREAM BLOCK","CREAM CHEESE BLOCK CATERING","SPECIFY","","CS",10,"3 LB",20,62.178723404255315,1243.5744680851062,6.2178723404255312,1012566,"WHLFIMP","10/3 LB","N",null,"Sysco",75.89,77.069999999999993,87.37,62.18,0,0,0]
[null,69,"C1011","CHEESE CREAM PLAIN PC",".75 OZ PLAIN CREAM CHEESE PLASTIC PORTION CONTROL CUP","KRAFT OR APPROVED EQUIVALENT",61089,"CS",100,".75 OZ",900,18.844680851063828,16960.212765957443,0.18844680851063828,5156284,"RASKAS","100/1 OZ","N",null,"Sysco",21.34,22.01,26.43,18.84,0,0,0]
[null,70,"C1012","CHEESE CREAM STRAWBERRY PC","1OZ STRAWBERRY CREAM CHEESE CUP.  PLASTIC PORTION CONTROL CUP.","KRAFT OR APPROVED EQUIVALENT",72683,"CS",100,"1 OZ",900,13.37872340425532,12040.851063829788,0.13378723404255319,6262000,"BBRLIMP","100/.75 OZ","N",null,"Sysco",18.850000000000001,19.07,38.799999999999997,13.38,0,0,0]
[null,71,"C1013","CHEESE FETA ","FETA CHEESE CRUMBLES","SPECIFY",null,"CS",4,"2.5 LB",50,36.548404255319149,1827.4202127659573,9.1371010638297872,135632,"SYS IMP","2/5 LB","N",null,"Sysco",85.11,37.090000000000003,38.08,36.549999999999997,0,0,0]
[null,72,"C1014","CHEESE MOZZARELLA SHREDDED","CHEESE MOZZARELLA SHREDDED:  PART-SKIM 100% MOZZARELLA SHREDDED.  FAT GRAMS NOT TO EXCEED 6G  SODIUM NOT TO EXCEED 160MG. 1OZ SERVING MUST EQUAL 1OZ M/MA.  4/5#","LAND O'LAKES OR APPROVED EQUIVALENT",41698,"CS",4,"5 LB",270,52.356170212765967,14136.16595744681,13.089042553191492,2329413,"AREZIMP","4/5LB","N",null,"Sysco",60.3,59.63,70.760000000000005,52.36,0,0,0]
[null,73,"C1015","CHEESE PEPPER JACK SLICES","CHEESE SLICED PEPPER JACK NO IMITATION REDUCED FAT LOW SODIUM LOW FAT 160 CT","SPECIFY",null,"CS",4,"5 LB",50,28.542553191489361,1427.127659574468,7.1356382978723403,8315453,"GR LAKE","8/20 OZ","N",null,"Sysco",43.69,42.5,67.3,28.54,0,0,0]
[null,74,"C1016","CHEESE PROVOLONE SLICES","CHEESE SLICED NO IMITATION REDUCED FAT & SODIUM 160 CT","SPECIFY",null,"CS",4,"5 LB",50,39.357446808510637,1967.8723404255318,9.8393617021276594,4605525,"SCHRBER","10/1 LB","N",null,"Sysco",0,58.58,40.119999999999997,39.36,0,0,0]
[null,75,"F1029","CHEESE STICK BREADED","CHEESE STICKS WG BREADED INDIVIDUALLY FROZEN. 6 STICKS PROVIDE 2 OZ EQUIVALENT MEAT ALTERNATE AND 2 OZ GRAINS.","RICH'S OR APPROVED EQUIVALENT",65220,"CS",8,"3 LB",500,73.936170212765958,36968.085106382976,9.2420212765957448,6364861,"FARMRIC","8/3 LB","N",null,"Sysco",0,73.94,76.8,73.94,0,0,0]
[null,76,"C1017","CHEESE STICK MARBLE IW","CHEESE REDUCED FAT & SODIUM MARBLE IW  FOR NOI PRICING","BONGARDS OR APPROVED EQUIVALENT",402931,"CS",168,"1 OZ",300,45.35,13605,0.26994047619047618,8660028,"BONGARDS","168 / 1  OZ",null,"Lowest was special order","Labatt",0,45.35,43.81,0,0,0,0]
[null,77,"C1018","CHEESE STRING IW","CHEESE: WHITE REDUCED FAT & SODIUM PORTION STICKS STRING PASTEURIZED LOW MOISTURE PART SKIM MOZZARELLA IW FOR NOI PRICING","BONGARDS OR APPROVED EQUIVALENT",402951,"CS",168,"1 OZ",300,39.71,11913,0.23636904761904762,8660032,"BONGARDS","168 / 1  OZ",null,"Lowest wasn't brand specific","Labatt",0,39.71,38.51,37.6,0,0,0]
[null,78,"C1019","CHEESE SWISS SLICES","SWISS CHEESE SLICES REDUCED FAT PRESLICED EASY TO SEPARATE.  EACH SLICE 14G.  2 SLICES PROVIDES 1 M/MA FOR THE CHILD NUTRITION MEAL PROGRAM.","LAND O'LAKES OR APPROVED EQUIVALENT",null,"CS",8,"1.5 LB",50,41.003200000000007,2050.1600000000003,5.1254000000000008,4470831,"CBLSO","6/1.5/LB","N",null,"Shamrock",0,53.1,41,45.8,0,0,0]
[null,79,"F1030","CHICKEN ASIAN CHERRY BLOOSOM","FULLY COOKED CHICKEN CHUNKS WHOLE GRAIN SWEET AND SOUR CHERRY ASIAN STYLE","ASIAN FOODS OR APPROVED EQUIVALENT",72005,"CS",6,"7.15 LB",500,176.35,88175,29.391666666666666,3301761,"ASIAN FOOD","6 / 7.15 LB",null,null,"Shamrock",0,176.35,172.81,180.38,0,0,0]
[null,80,"CTF7055","CHICKEN BREAST RAW","CHICKEN UNCOOKED BREAST BONELESS SKINLESS WHITE 6 OZ SIZE  CATERING","SPECIFY",null,"CS",4,"5LB",25,53.638191489361702,1340.9547872340427,13.409547872340426,6631477,"SYS CLS","48/6 OZ","N",null,"Sysco",0,100.4,73.67,53.64,0,0,0]
[null,81,"D1023","CHICKEN BROTH","100% NATURAL CHICKEN BROTH LOW SODIUM THANKSGIVING ONLY","SWANSON OR APPROVED EQUIVALENT",null,"CS",12,"49 oz",50,35.508000000000003,1775.4,2.9590000000000001,4472551,"SWNSN","12/32/OZ","N",null,"Shamrock",0,48.31,35.51,41.38,0,0,0]
[null,82,"F1031","CHICKEN DICED","FULLY COOKED DICED NO ADDED SPICES","SPECIFY",null,"CS",2,"5 LBS",300,24.44,7332,12.22,143959,"TYSON","2/5#","NO ","WILL BRING IN IF AWARDED","BEK",24.44,126.47,43.66,43.62,0,0,0]
[null,83,"F1032","CHICKEN DRUMSTICK BBQ","FULLY COOKED BBQ GLAZED DRUMSTICK MUST MEET 2.5OZ M/MA FOR NSLP NO ANTIBIOTICS","TYSON OR APPROVED EQUIVALENT",10264350928,"CS",95,"3.24 OZ",600,30.25,18150,0.31842105263157894,8861125,"TYSON","2 / 5 #",null,null,"Labatt",0,30.25,90.1,30.5,0,0,0]
[null,84,"F1033","CHICKEN DRUMSTICK BREADED","FULLY COOKED BREADED DRUMSTICK MUST MEET 2 M/MA AND .75 OZ GRAIN FOR NSLP","TYSON OR APPROVED EQUIVALENT",16660100928,"CS",92,"3.31 OZ",700,93.66,65562,1.0180434782608696,3552991,"TYSON","1/29/LB","Y",null,"Shamrock",null,101,93.66,98.21,0,0,0]
[null,85,"F1034","CHICKEN FAJITA STRIPS","FAJITA STRIPS CHICKEN SEASONED FULLY COOKED. EACH 2.47 OZ MEETS 2OZ M/MA FOR NSLP.","PILGRIM'S OR APPROVED EQUIVALENT",1250,"CS",159,"3 OZ",800,118.88,95104,0.74767295597484273,4361021,"GLDKF","1/30/LB","N","Lowest bid wrong brand and pack size","Shamrock",55.14,121.96,118.88,31.13,0,0,0]
[null,86,"F1035","CHICKEN FILET","FULLY COOKED WHOLE MUSCLE CHICKEN FILETS-CN LABELED EACH SERVING PROVIDED 2OZ M/MA AND 1 OZ GRAIN FOR NSLP","PILGRIM'S OR APPROVED EQUIVALENT",7516,"CS",122,"3.95 OZ",100,null,"","",null,null,null,null,"No one was brand specific",null,0,149.85,141.25,76.95,0,0,0]
[null,87,"F1036","CHICKEN NUGGET","FULLY COOKED WG  BREADED CN LABELED WHOLE MUSCLE 5 NUGGETS PROVIDE 2 OZ MEAT/MEAT ALTERNATIVE AND 1 GRAIN SERVING FOR NSLP COMMERICAL BACK-UP OF COMMODITY PRODUCT OR FOR NOI PRICING","GOLK KIST FARMS OR APPROVED EQUIVALENT",7518,"CS",101,"3.9 OZ",600,91.77,55062,0.90861386138613853,8867509,"GOLD KIST","6 / 5 LB",null,"Lowest wasn't brand specific","Labatt",0,91.77,120.01,24.45,0,0,0]
[null,88,"F1037","CHICKEN PATTY BREADED","FULLY COOKED WG BREADED CN LABELED EACH PATTY PROVIDES 2 OZ MEAT/MEAT ALTERNATIVE AND 1 GRAIN SERVING. ","GOLD KIST FARMS OR APPROVED EQUIVALENT",665400,"CS",158,"3.03 OZ",450,85.41,38434.5,0.54056962025316457,3807031,"GLDKF","1/156/PK","N","Lowest wasn't brand specific","Shamrock",0,91.44,85.41,55.23,0,0,0]
[null,89,"F1038","CHICKEN PATTY BREADED SPICY","FULLY COOKED HOT N SPICY BREADED CHICKEN BREAST FILETS","TYSON OR APPROVED EQUIVALENT",10383140928,"CS",40,"3.95 OZ",300,45.75,13725,1.14375,2634181,"TYSRD","2/5/LB","N",null,"Shamrock",92.95,80.84,45.75,75.06,0,0,0]
[null,90,"F1039","CHICKEN PATTY GRILLED","FULLY COOKED GRILLED CHICKEN BREASTS 4OZ PATTY NO ANTIBIOTICS","TYSON OR APPROVED EQUIVALENT",10000039685,"CS",40,"3.95 OZ",300,null,"","",null,null,null,null,"No one bid correct item",null,0,null,43.64,76.95,0,0,0]
[null,91,"F1040","CHICKEN POPCORN SMACKERS WG","WHOLE GRAIN BREADED FULLY COOKED CN LABELED POPCORN CHICKEN PRODUCED FROM USDA 100103 DARK MEAT COMMODITY CHICKEN. NO ADDED SOY PROTEIN. BATTER BREADED WITH WHOLE GRAIN AND ENRICHED WHEAT FLOUR. TEN POPCORN PIECES @ 0.43 OZ EACH GUARANTEED BY CN LABEL TO PROVIDE 2 OUNCES MEAT/MEAT ALTERNATIVE AND 1 GRAIN SERVINGS. PRODUCT TO PROVIDE ZERO GRAMS TRANS FATS. CONTAINS: MILK SOY WHEAT.  COMMERICAL BACK-UP OF COMMODITY PRODUCT OR FOR NOI PRICING","GOLD KIST FARMS OR APPROVED EQUIVALENT",110458,"CS",104,"4.23 OZ",900,96.1,86490,0.92403846153846148,3911851,"GLDKF","108/4.3/OZ","N","Lowest wasn't brand specific","Shamrock",0,102.77,96.1,91.07,0,0,0]
[null,92,"F1041","CHICKEN STRIP WG","WHOLE GRAIN HOMESTYLE BREADED FULLY-COOKED CN LABELED CHICKEN STRIPS PRODUCED FROM USDA 100103 NATURAL PROPORTION WHITE AND DARK MEAT COMMODITY CHICKEN WITH ISOLATED SOY PROTEIN. STRIPS ARE BATTER BREADED WITH WHOLE GRAIN WHEAT FLOUR HOMESTYLE BREADING. THREE STRIPS PROVIDE 2 OZ. MEAT/MEAT ALTERNATIVE AND 1 GRAIN SERVING. PRODUCT TO PROVIDE ZERO GRAMS TRANS FATS. COMMERICAL BACK-UP OF COMMODITY PRODUCT OR FOR NOI PRICING","GOLD KIST FARMS OR APPROVED EQUIVALENT",7527,"CS",107,"4.50 OZ",900,148.37,133533,1.3866355140186917,8867004,"GOLD KIST","107 / 4.5 OZ",null,"Lowest weren't brand specific","Labatt",0,148.37,113.26,80.099999999999994,0,0,0]
[null,93,"D1024","CHILI HOT DOG","HOT DOG CHILI.  HEARTY CHUNKS OF LEAN BEEF AND PLUMP TENDER BEANS","LIBBY'S OR APPROVED EQUIVALENT",null,"CS",6,"#10 CANS",800,66.3,53040,11.049999999999999,3221231,"LIBBY","6 / #10",null,"Lowest wasn't brand specific","Labatt",0,66.3,94.91,31.87,0,0,0]
[null,94,"D1025","CHIPS BAKED CHEETOS CRUNCHY","CHIPS BAKED CRUNCHY CHEETOS","FRITO LAY OR APPROVED EQUIVALENT","000-28400-21642-5","CS",104,".875 OZ",472,30.627659574468087,14456.255319148937,0.29449672667757776,9978982,"CHEETOS","104/.875OZ","N",null,"Sysco",0,43.88,null,30.63,0,0,0]
[null,95,"D1026","CHIPS BAKED DORITOS ","CHIPS BAKED DORITOS NACHO CHEESE","FRITO LAY OR APPROVED EQUIVALENT","000-28400-20002-8","CS",88,".75 OZ",549,32.5,17842.5,0.36931818181818182,3777915,"DORITOS","72 / 1 OZ",null,null,"Labatt",0,32.5,null,42.11,0,0,0]
[null,96,"D1027","CHIPS BAKED LAYS BBQ","CRISPS BAKED LAYS BBQ FLAVOR","FRITO LAY OR APPROVED EQUIVALENT","000-28400-32078-8","CS",60,".875 OZ",100,22.858000000000004,2285.8000000000002,0.38096666666666673,2435681,"LAYS","60/0.88/OZ","N",null,"Shamrock",0,27.9,22.86,37.39,0,0,0]
[null,97,"D1028","CHIPS BAKED LAYS SC/ONION","CRISPS BAKED LAYS SOUR CREAM & ONION","FRITO LAY OR APPROVED EQUIVALENT","00028400-04702-9","CS",60,".875 OZ",400,27.9,11160,0.46499999999999997,3778139,"LAYS","60 / .875 OZ",null,null,"Labatt",0,27.9,36.229999999999997,29.28,0,0,0]
[null,98,"D1029","CHIPS FRITOS","ENRICHED REDUCED FAT CORN CHIPS WHOLE GRAIN","FRITO LAY OR APPROVED EQUIVALENT","000-28400-57766-3","CS",8,"1 LB",1900,18.561702127659572,35267.234042553187,2.3202127659574465,4073847,"FRITOS","8/16 OZ","N",null,"Sysco",19.96,21.73,null,18.559999999999999,0,0,0]
[null,99,"CTF7011","CHIPS KETTLE VARIETY","VARIETY PACK OF KETTLE CHIPS CATERING","SPECIFY",null,"CS",30,"1.5 OZ",25,37.363829787234046,934.09574468085111,1.2454609929078015,7157248,"MSVICKI","2/30 CT","N",null,"Sysco",0,43.98,40.79,37.36,0,0,0]
[null,100,"D1030","CHIPS SS CHEETO RED HOT","CHIPS IND. PKG. RED HOT FRITO LAY BAKED: ENRICHED CORNMEAL PUFF STICK FLAVORED WITH RED HOT CHEESE SEASONING. 104/.875 OZ","CHEETO'S OR APPROVED EQUIVALENT",62984,"CS",104,".875 OZ",400,42.21063829787235,16884.255319148939,0.40587152209492644,4360776,"CHEETOS","104/.875OZ","N",null,"Sysco",0,43.88,44.81,42.21,0,0,0]
[null,101,"D1031","CHIPS SS DORITOS COOL RANCH","CHIPS IND. PKG. REDUCED FAT COOL RANCH FLAVORED CORN: BAKED TRIANGLE SHAPED CORN TORTILLA PIECES FLAVORED WITH RANCH SEASONING. 72/1 OZ.","DORITOS OR APPROVED EQUIVALENT",36096,"CS",72,"1 OZ",400,26.23191489361702,10492.765957446809,0.36433215130023638,5073130,"DORITOS","72/1 OZ","N",null,"Sysco",0,32.5,29.22,26.23,0,0,0]
[null,102,"D1032","CHIPS SS DORITOS NACHO CHEESE","CHIPS  REDUCED FAT NACHO CHEESE FLAVOR.  WG","DORITOS OR APPROVED EQUIVALENT",31748,"CS",72,"1 OZ",400,28.937234042553193,11574.893617021276,0.40190602836879435,6626774,"DORITOS","72/1 OZ","N",null,"Sysco",0,32.5,31.76,28.94,0,0,0]
[null,103,"D1033","CHIPS SS POTATO","CHIPS IND. PKG. BAKED REG. FLAVORED:  BAKED POTATO PIECES SALTED PLAIN.  NO MORE THAN 7.5 GRAMS OF FAT PER BAG.","LAYS OR APPROVED EQUIVALENT",33625,"CS",60,".875 OZ",300,25,7500,0.41666666666666669,3232527,"BKDLAYS","60/.875OZ","N",null,"Sysco",0,27.9,null,25,0,0,0]
[null,104,"D1034","CHIPS SS PUFF CHEESE","CHIPS PUFFS  RF WG","CHEETO'S OR APPROVED EQUIVALENT",21910,"CS",72,".7 OZ",300,24.189,7256.7,0.33595833333333336,3366951,"CHETO","72/0.7/OZ","Y",null,"Shamrock",0,32.54,24.19,30,0,0,0]
[null,105,"D1035","CHIPS SS SOUR CREAM/ONION","CHIPS IND. PKG. BAKED SOUR CRM. & ONION FLAVORED: BAKED POTATO PIECES FLAVORED WITH SOUR CREAM AND ONION SEASONING. 60/.875 OZ. WG","LAYS OR APPROVED EQUIVALENT",33627,"CS",60,".875 OZ",300,25,7500,0.41666666666666669,3232725,"BKDLAYS","60/.875OZ","N",null,"Sysco",0,27.9,null,25,0,0,0]
[null,106,"D1036","CHIPS TORTILLA ROUNDS","ROUND SHAPED TORTILLA CHIP WHOLE GRAIN PREPARED FROM ENRICHED YELLOW CORN. TRANSFAT FREE 1 OZ MUST MEET 1 GR","SPECIFY","","CS",6,"2 LB",2500,15.1,37750,2.5166666666666666,null,"La Poblanita","6/2lb bags","no","This product will be produced 24 hours prior to delivery to RISD. This product is certified NMTRUE. This product is produced in Roswell, NM.","El Charro",0,26.95,20.32,18.71,15.1,0,0]
[null,107,"CTF7012","CHOCOLATE ENROBER","CHOCOLATE FLAVORED ENROBER COATING IS A RICH CHOCOLATE COATING THAT HARDENS AT ROOM TEMPERATURE. THE PRODUCT IS IN A HARDENED CANDY STATE IN THE UNHEATED CAN.  CATERING","SPECIFY",null,"CS",3,"10 CN",15,75.95,1139.25,25.316666666666666,9396539,"J.H.SMITH","3 / 123.00 OZ",null,null,"Labatt",0,75.95,null,108.86,0,0,0]
[null,108,"F1042","CHORIZO BULK","SAUSAGE CHORIZO BULK MILD SEASONING LIGHT COLORED BULK","SPECIFY","","CS",10,"LB",450,24.638297872340427,11087.234042553193,2.4638297872340429,2046118,"NMFOODS","1/10 LB","N",null,"Sysco",36.85,68.8,45.16,24.64,0,0,0]
[null,109,"CTF7013","COCOA","UNSWEETENED COCOA 22/24% BUTTER FAT  CATERING","SPECIFY","","CS",4,"2.5KG",20,30.129999999999995,602.59999999999991,7.5324999999999989,4960381,"TRRSS","1/2.2/LB","N",null,"Shamrock",0,233.7,30.13,194.36,0,0,0]
[null,110,"D1037","COFFEE DECAF","FOLGERS FILTER PACK COFFEE ULTRA DRY ROAST  ","FOLGERS OR APPROVED EQUIVALENT","","CS",80,".9 OZ",20,58.335106382978729,1166.7021276595747,0.72918882978723409,"1151570","FOLGERS","80/.9 OZ","N",null,"Sysco",0,60.9,61.97,58.34,0,0,0]
[null,111,"D1038","COFFEE REGULAR","FOLGERS FILTER PACK COFFEE ULTRA DRY ROAST  ","FOLGERS OR APPROVED EQUIVALENT","","CS",160,".9 OZ",50,101.3468085106383,5067.3404255319147,0.6334175531914894,"1151679","FOLGERS","160/.9 OZ","N",null,"Sysco",0,106.81,104.2,101.35,0,0,0]
[null,112,"F1043","COOKIE DOUGH CARNIVAL WG","COOKIE DOUGH CARNIVAL:  1.85OZ FROZEN WGR MADE WITH A MIXTURE OF CHOCOLATE CHIPS AND COLORFUL COATED CANDIES PRE-PORTIONED READY TO BAKE FAT GRAMS TO NOT EXCEED 6G SODIUM MG NOT TO EXCEED 120 MG  CASE PACK 240 1.5OZ DECA","OTIS SPUNKMEYER OR APPROVED EQUIVALENT",55688,"CS",250,"1.5 OZ",75,57.49,4311.75,0.22996,4550018,"OTIS","240 / 1.5 OZ",null,null,"Labatt",0,57.49,60.36,58.11,0,0,0]
[null,113,"CTF7056","COOKIE DOUGH CHOCOLATE CHIP","COOKIE DOUGH CHOCOLATE CHIP CATERING","BRICKFIRE OR APPROVED EQUIVALENT",2340091,"CS",170,"1.5 OZ",75,36.221899999999998,2716.6424999999999,0.21306999999999998,2340091,"BRCKO","170/1.5/OZ","N",null,"Shamrock",0,54.61,36.22,55.04,0,0,0]
[null,114,"CTF7057","COOKIE DOUGH OATMEAL RAISIN","COOKIE DOUGH OATMEAL RAISIN CATERING","BRICKFIRE OR APPROVED EQUIVALENT",2340101,"CS",170,"1.5 OZ",60,34.763300000000001,2085.7980000000002,0.20449000000000001,2340101,"BRCKO","170/1.5/OZ","N",null,"Shamrock",0,54.58,34.76,51.6,0,0,0]
[null,115,"F1044","COOKIE DOUGH RF CHOCOLATE BROWNIE","COOKIE DOUGH REDUCED FAT CHOCOLATE BROWNIE DECA","OTIS SPUNKMEYER OR APPROVED EQUIVALENT",55689,"CS",240,"1.5 OZ",100,54.47,5447,0.22695833333333332,4550010,"OTIS","240 / 1.5 OZ",null,null,"Labatt",0,54.47,57.17,54.87,0,0,0]
[null,116,"F1045","COOKIE DOUGH RF CHOCOLATE CHIP","COOKIE DOUGH REDUCED FAT CHOCOLATE CHIP DECA","OTIS SPUNKMEYER OR APPROVED EQUIVALENT",55680,"CS",240,"1.5 OZ",300,54.61,16383,0.22754166666666667,4555555,"OTIS SPUN","240 / 1.5 OZ",null,null,"Labatt",0,54.61,57.17,55.04,0,0,0]
[null,117,"F1046","COOKIE DOUGH RF OATMEAL RAISIN","COOKIE DOUGH REDUCED FAT OATMEAL RAISIN DECA","OTIS SPUNKMEYER OR APPROVED EQUIVALENT",55683,"CS",240,"1.5 OZ",50,51.59574468085107,2579.7872340425533,0.21498226950354613,7728466,"OTSPKMY","240/1.5 OZ","N",null,"Sysco",0,54.58,57.17,51.6,0,0,0]
[null,118,"F1047","COOKIE DOUGH RF SUGAR","COOKIE DOUGH SUGAR REDUCED FAT DECA","OTIS SPUNKMEYER OR APPROVED EQUIVALENT",55684,"CS",240,"1.5 OZ",45,54.65,2459.25,0.22770833333333332,4550017,"OTIS","240 / 1.5 OZ",null,null,"Labatt",0,54.65,57.17,55.04,0,0,0]
[null,119,"CTF7058","COOKIE DOUGH SUGAR","COOKIE DOUGH SUGAR CATERING","BRICKFIRE OR APPROVED EQUIVALENT",2340111,"CS",170,"1.5 OZ",60,34.674900000000001,2080.4940000000001,0.20397000000000001,2340111,"BRCKO","170/1.5/OZ","N",null,"Shamrock",0,54.65,34.67,69.349999999999994,0,0,0]
[null,120,"CTF7059","COOKIE DOUGH WHITE MACADAMIA NUT","COOKIE DOUGH WHITE MACADAMIA NUT  CATERING","BRICKFIRE OR APPROVED EQUIVALENT",2340361,"CS",170,"1.5 OZ",60,43.868500000000004,2632.11,0.25805,2340361,"BRCKO","170/1.5/OZ","N",null,"Shamrock",0,70.73,43.87,82.74,0,0,0]
[null,121,"F1048","COOKIE GINGER BREAD","COOKIE GINGER BREAD IW MEETS 2 GRAIN REQUIREMENT FOR NSP","SPECIFY",null,"CS",140,"2 OZ",500,20.308510638297875,10154.255319148937,0.14506079027355626,"0848933","FIELDST","128/.74 OZ","N",null,"Sysco",0,52.37,null,20.309999999999999,0,0,0]
[null,122,"F1049","CORNDOG","CORNDOG CHICKEN FRANK WHOLE GRAIN P/C 8/1 60 CT  CN LABELED TO MEET 2 OZ MEAT REQUIREMENT","FOSTER FARMS OR APPROVED EQUIVALENT",95150,"CS",72,"4 OZ",2000,44.04,88080,0.61166666666666669,370119,"FOSTER FARMS","72/4OZ","NO",null,"BEK",44.04,44.43,45.35,61.61,0,0,0]
[null,123,"D1039","CORNSTARCH","CORNSTARCH","SPECIFY","","CS",24,"1 LB",45,32.680851063829785,1470.6382978723402,1.3617021276595744,4032991,"ARGO","24/1LB","N",null,"Sysco",51.88,34.67,39.049999999999997,32.68,0,0,0]
[null,124,"D1040","CRACKERS ANIMAL","CRACKERS ANIMAL SHAPED 0 TRANSFAT WHOLE GRAIN RICH","SPECIFY",null,"CS",100,"1 OZ",300,35.382978723404257,10614.893617021276,0.35382978723404257,5640214,"KEEBLER","150/1 OZ","N",null,"Sysco",0,38.97,null,35.380000000000003,0,0,0]
[null,125,"D1041","CRACKERS BUG BITES","BUG BITES CINNAMON WHOLE GRAIN RICH","KEEBLER OR APPROVED EQUIVALENT","30100-55644","CS",210,"1 OZ",1000,45.074468085106389,45074.468085106389,0.21464032421479232,"0444598","KELLOGG","210/1 OZ","N",null,"Sysco",0,47.92,52.32,45.07,0,0,0]
[null,126,"D1042","CRACKERS GOLDFISH CHEDDAR","CHEDDAR GOLDFISH WHOLE GRAIN: A 3/4 OUNCE SERVING CONTRIBUTES 1 SERVING OF GRAINS/BREADS TO THE USDA CHILD NUTRITION PROGRAMS WHOLE GRAIN RICH","PEPPERIDGE FARMS OR APPROVED EQUIVALENT",18105,"CS",300,"0.75 OZ",500,60.80744680851064,30403.723404255321,0.20269148936170214,6599405,"PEPFARM","300/.75 OZ","N",null,"Sysco",0,72.66,65.27,60.81,0,0,0]
[null,127,"D1043","CRACKERS GOLDFISH GIANT CINNAMON","CRACKERS GIANT GOLDFISH CINNAMON WHOLE GRAIN RICH","PEPPERIDGE FARMS OR APPROVED EQUIVALENT",15094,"CS",300,".9 OZ",300,53.624468085106379,{"$f":"IF(L132*K132= 0,\"\",L132*K132)","v":16087.340425531913},{"$f":"IF(L132/I132= 0,\"\",L132/I132)","v":0.17874822695035461},5228774,"PEPFARM","300/0.9 OZ","N",null,"Sysco",0,60.34,56.05,53.62,0,0,0]
[null,128,"D1044","CRACKERS GOLDFISH GIANT HONEY OAT","CRACKER WHOLE GRAIN GIANT HONEY OAT GRAHAM 2 EA WHOLE GRAIN RICH","PEPPERIDGE FARMS OR APPROVED EQUIVALENT",18432,"CS",300,".9 OZ",300,43.329787234042556,12998.936170212766,0.14443262411347518,7492197,"PEPFARM","300/2 PK","N",null,"Sysco",62.58,58.79,53.38,43.33,0,0,0]
[null,129,"D1045","CRACKERS GRAHAM 3-PK","GRAHAM 3-PK WHOLE GRAIN RICH","SPECIFY","","CS",150,"3 PK",2500,22.52,56300,0.15013333333333334,3730052,"KEEBLER","150 / 3 CT",null,null,"Labatt",33.65,22.52,27.19,26.3,0,0,0]
[null,130,"CTF7014","CRACKERS MEDLEY MIX","CRACKER MEDLEY - TOASTEDS® WHEAT SESAME AND BUTTER CRISP CLUB® TOWN HOUSE® AND KEEBLER® WHOLE GRAIN WHEAT 25 SLEEVES CATERING","KEEBLER OR APPROVED EQUIVALENT","30100 37739 ","CS",25,"SLEEVES",5,31.71,158.55000000000001,1.2684,3765112,"KEEBLER","25 / 980 CT",null,null,"Labatt",0,31.71,34.72,35.36,0,0,0]
[null,131,null,"CRACKERS SALTINE IW","SALTINE CRACKERS PC WHOLE GRAIN OR ENRICHED FLOUR TO MEET BREAD REQ. FOR NSLP 500/2 CT","NABISCO OR APPROVED EQUIVALENT","","CS",500,"2 CT",500,17.882978723404253,8941.4893617021262,3.5765957446808508E-2,3608045,"NABISCO","500/2 PK","N","Lowest wasn't brand specific","Sysco",26.46,17.55,20.350000000000001,17.88,0,0,0]
[null,132,"CTF7002","CREAMER NON-DAIRY","NON-DAIRY CREAMER  INIVIDUAL PACK LIQUID CATERING","SPECIFY","","CS",400,"EA",45,8.4191489361702132,378.86170212765961,2.1047872340425534E-2,6420608,"WHLFCLS","400/3/8 OZ","N",null,"Sysco",15.68,13.03,12.76,8.42,0,0,0]
[null,133,"CTF7003","CREAMER NON-DAIRY CARAMEL MACCHIATO","NON-DAIRY CREAMER CARAMEL MACCHIATO INIVIDUAL PACK LIQUID CATERING","SPECIFY",null,"CS",288,"1ML",35,15.7,549.5,5.451388888888889E-2,639204,"INT'L DELIGHT","288/.5OZ","NO",null,"BEK",15.7,null,16.97,15.7,0,0,0]
[null,134,"CTF7004","CREAMER NON-DAIRY FRENCH VANILLA","NON-DAIRY CREAMER FRENCH VANILLA  INIVIDUAL PACK LIQUID CATERING","SPECIFY",null,"CS",288,"1ML",35,15.7,549.5,5.451388888888889E-2,639048,"INT'L DELIGHT","288/.5OZ","NO",null,"BEK",15.7,16.559999999999999,16.97,15.7,0,0,0]
[null,135,"CTF7005","CREAMER NON-DAIRY HAZEL NUT","NON-DAIRY CREAMER HAZEL NUT INIVIDUAL PACK LIQUID CATERING","SPECIFY",null,"CS",288,"1ML",35,15.7,549.5,5.451388888888889E-2,639047,"INT'L DELIGHT","288/.50OZ","NO",null,"BEK",15.7,16.559999999999999,16.97,15.7,0,0,0]
[null,136,"F1050","CROISSANT","CROISSANTS WG MARGARINE RF ROUND FULLY SLICED   MUST PROVIDE 2.0 OZ GRAIN EQUIVALENTS.  PORTION TO PROVIDE AT LEAST 145.0 CALORIES WITH NO MORE THAN 6 GRAMS OF FAT.","BAKE CRAFTERS OR APPROVED EQUIVALENT",3286,"CS",80,"2.2 OZ",800,59.5,47600,0.74375000000000002,9226001,"BAKE CRAFT","150 / 2.2 OZ","N","Lowest wasn't brand specific","Labatt",0,59.5,null,58.2,0,0,0]
[null,137,"CTF7060","CROISSANT CATERING 30Z","FULLY COOKED FLAKEY BUTTERY CRUST PRESLICED ROUND SHAPED ROLL 3 OZ  CATERING","SPECIFY",null,"CS",32,"3 OZ",40,34.741199999999999,1389.6479999999999,1.0856625,4623351,"BRCKD","1/32/PK","N",null,"Shamrock",64.37,59.5,34.74,59.81,0,0,0]
[null,138,"CTF7061","CROISSANT CATERING 5OZ","FULLY COOKED FLAKEY BUTTERY CRUST PRESLICED ROUND SHAPED ROLL 5 OZ  CATERING","SPECIFY",null,"CS",24,"5 OZ",25,59.5,1487.5,2.4791666666666665,9226001,"BAKE CRAFT","150 / 2.2 OZ",null,null,"Labatt",0,59.5,null,0,0,0,0]
[null,139,"CTF7015","CROUTONS","CROUTONS/ HERB SEASONED ENRICHED SMALL CUBE  CATERING","SPECIFY","","CS",10,"LB",150,24.332100000000001,3649.8150000000001,2.4332099999999999,3182001,"KATYO","4/2.5/LB","N",null,"Shamrock",25.04,26.48,24.33,43.42,0,0,0]
[null,140,"F1051","CRUMB SQUARE IW","CRUMB SQUARE IW WHOLE GRAIN MEETS 2 OZ WG SERVING FOR SBP ","DAVE'S OR APPROVED EQUIVALENT",360,"CS",28,"3.6 OZ",2120,20.191489361702128,42805.957446808512,0.72112462006079026,8850172,"DAVE'S","28/3.6 OZ","N",null,"Sysco",0,21.9,20.88,20.190000000000001,0,0,0]
[null,141,"F1052","DONUT MINI CHOCOLATE","51% WG MINI DONUTS - CHOCOLATE.  72 - 3.3OZ FROZEN INDIVIDUALLY WRAPPED THAW & SERVE NICKEL STACK SIX PACKS OF 1/2 OZ CHOCOLATE ENROBED WHOLE GRAIN DONUTS.  MUST CONFORM TO USDA CHILD NUTRITION PROGRAM SPECIFICATIONS AND MEET 2OZ GRAIN EQUIVALENT.","SUPER BAKERY OR APPROVED EQUIVALENT",7786,"CS",72,"3.3 OZ",1700,70.73,120241,0.98236111111111113,126587,"SUPER BAKERY","72/3.3OZ","NO ",null,"BEK",70.73,72.61,73.47,70.73,0,0,0]
[null,142,"F1053","DONUT MINI POWDERED SUGAR","51% WG MINI DONUTS - POWDERED SUGAR  72 - 3.3OZ FROZEN INDIVIDUALLY WRAPPED THAW & SERVE NICKEL STACK SIX PACKS OF 1/2 OZ CHOCOLATE ENROBED WHOLE GRAIN DONUTS.  MUST CONFORM TO USDA CHILD NUTRITION PROGRAM SPECIFICATIONS AND MEET 2OZ GRAIN EQUIVALENT.","SUPER BAKERY OR APPROVED EQUIVALENT",7787,"CS",72,"3.3 OZ",1700,62.91,106947,0.87374999999999992,126588,"SUPER BAKERY","72/3.oz","NO",null,"BEK",62.91,65.010000000000005,65.349999999999994,62.91,0,0,0]
[null,143,"F1054","DOUGH CRUST","COBBLER CRUST DOUGH SHEET FROZEN","SPECIFY","","CS",24,"1 LB",200,62.51063829787234,12502.127659574468,2.604609929078014,1865088,"RICHS","24/1 LB","N","Lowest bid wrong pack size","Sysco",59.87,64.42,51.39,62.51,0,0,0]
[null,144,"C1020","DRESSING GAL COLESLAW","DRESSING COLESLAW REDUCED FAT","SPECIFY",null,"CS",4,"GAL",25,44.84,1121,11.21,662132,"Golden hrvest","4/1 gal","NO",null,"BEK",44.84,65.31,59.26,51.11,0,0,0]
[null,145,"C1021","DRESSING GAL RANCH REDUCED FAT","DRESSING SALAD REDUCED FAT","KEN'S OR APPROVED EQUIVALENT","100-413350-60816","CS",4,"1 GAL",600,58.08,34848,14.52,184603,"Ken's","4/1 gal","NO","Lowest wasn't brand specific or Reduced Fat","BEK",58.08,56.79,61.01,34.31,0,0,0]
[null,146,"CTF7016","DRESSING ITALIAN","ITALIAN DRESSING GOLDEN CATERING","SPECIFY",null,"CS",4,"GAL",10,24.753191489361704,247.53191489361706,6.1882978723404261,5465695,"SYS REL","4/1 GAL","N",null,"Sysco",28.57,49.03,52.27,24.75,0,0,0]
[null,147,"D1046","DRESSING PC ASIAN","DRESSING ASIAN LIGHT PC","SPECIFY",null,"CS",60,"1.5 OZ",15,16.617021276595743,249.25531914893614,0.27695035460992906,9640376,"MARZETI","60/1.5 OZ","N",null,"Sysco",0,21.37,22.14,16.62,0,0,0]
[null,148,"D1047","DRESSING PC BALSAMIC VINAIGRETTE","DRESSING BALSAMIC VINAIGRETTE LIGHT","SPECIFY",null,"CS",60,"1.5 OZ",15,15.121276595744684,226.81914893617025,0.25202127659574475,4593224,"NWMNOWN","100/1.5 OZ","N",null,"Sysco",18.37,18.93,19.34,15.12,0,0,0]
[null,149,"D1048","DRESSING PC FRENCH","DRESSING SALAD REDUCED FAT FRENCH","SPECIFY",null,"CS",60,"1.5 OZ",5,17.270400000000002,86.352000000000004,0.28784000000000004,2274081,"KENFD","60/1.5/OZ","Y",null,"Shamrock",23.75,18.239999999999998,17.27,18.47,0,0,0]
[null,150,"D1049","DRESSING PC GREEK","DRESSING SALAD GREEK ","SPECIFY",null,"CS",60,"1.5 OZ",5,19.78,98.9,0.32966666666666666,6503086,"KENS","60 / 1.5 OZ",null,"Lowest missing info","Labatt",0,19.78,20.04,18.82,0,0,0]
[null,151,"D1050","DRESSING PC ITALIAN","DRESSING SALAD REDUCED FAT ITALIAN","SPECIFY",null,"CS",60,"1.5 OZ",5,13.96,69.800000000000011,0.23266666666666669,674609,"Kens","60 /1.5 oz","NO",null,"BEK",13.96,15.7,16.989999999999998,14.91,0,0,0]
[null,152,"D1051","DRESSING PC RANCH 12MG","RANCH DRESSING REDUCED FAT PC","SPECIFY",null,"CS",500,"12 MG",1000,11.713829787234042,11713.829787234043,2.3427659574468084E-2,5112735,"SYS CLS","200/12 GM","N",null,"Sysco",0,12.14,24.63,11.71,0,0,0]
[null,153,"D1052","DRESSING PC RANCH RF 1.5OZ","DRESSING SALAD REDUCED FAT PC RANCH","SPECIFY",null,"CS",60,"1.5 OZ",100,12.14,1214,0.20233333333333334,3474186,"PPI","200 / 12 GM",null,null,"Labatt",0,12.14,19.510000000000002,22.31,0,0,0]
[null,154,"D1053","DRESSING PC RASPBERRY VINAIGRETTE ","KRAFT RASPBERRY VINAIGRETTE FAT FREE DRESSING HAS THE SWEET TART FLAVOR OF RASPBERRIES IN A FAT FREE VINAIGRETTE.  ","KRAFT","002-10006714400","CS",60,"1.5 OZ",50,13.319148936170214,665.95744680851067,0.22198581560283689,8919045,"MARZETI","60/1.5 OZ","N",null,"Sysco",28.74,22.2,23.58,13.32,0,0,0]
[null,155,"CTF7017","DRESSING RASPBERRY VINAIGRETTE ","KRAFT RASPBERRY VINAIGRETTE FAT FREE DRESSING HAS THE SWEET TART FLAVOR OF RASPBERRIES IN A FAT FREE VINAIGRETTE.  CATERING","KRAFT OR APPROVED EQUIVALENT",21000647422,"CS",4,"1 GAL",5,19.620212765957447,98.101063829787236,4.9050531914893618,6475321,"SYS IMP","2/1 GAL","N",null,"Sysco",71.38,60.92,67.58,19.62,0,0,0]
[null,156,"C1022","EGG BOIL N BAG","EGGS RAW LIQUID WHOLE EGGS BOIL N BAG PASTURIZED","SPECIFY","","CS",6,"5 LB",600,42.636170212765961,25581.702127659577,7.1060283687943269,2366607,"WHLFCLS","15/2 LB","N",null,"Sysco",52.46,49.56,60.91,42.64,0,0,0]
[null,157,"C1023","EGG PREBOILED","HARD COOKED PEELED EGGS","SPECIFY",null,"CS",8,"12 CT",500,22.142553191489363,11071.276595744681,2.7678191489361703,3115532,"WHLFCLS","8/12 CT","N",null,"Sysco",43.52,38.270000000000003,40.14,22.14,0,0,0]
[null,158,"F1055","EGGSTRAGANZA","EACH 2.00 OZ. SERVING (BY WEIGHT) OF THE BLEND OF SCRAMBLED EGGS, CHEESE, AND BACON PIECES PROVIDES 1.75 OZ. EQUIVALENT MEAT ALTERNATE FOR THE CHILD NUTRITION MEAL PATTERN REQUIREMENTS.","SUNNY FRESH OR APPROVED EQUIVALENT",40828,"CS",4,"5 LB",735,97.91,71963.849999999991,24.477499999999999,4340181,"SUNFR","4/5/LB","Y",null,"Shamrock",0,98.75,97.91,100.7,0,0,0]
[null,159,"CTF7018","FILLING PIE CHERRY","CHERRY CATERING","SPECIFY",null,"CS",3,"#10",15,55.75,836.25,18.583333333333332,149802,"Ellington","3 / #10",null,null,"BEK",55.75,59.18,92.49,77.58,0,0,0]
[null,160,"CTF7019","FILLING PIE PEACH","PEACH CATERING","SPECIFY",null,"CS",3,"#10",15,38.65,579.75,12.883333333333333,149803,"Ellington","3 / #10",null,null,"BEK",38.65,45.8,79.5,67.77,0,0,0]
[null,161,"D1054","FLOUR","FLOUR ALL PURPOSE ENRICHED 50# U.S. NO. 2 GRADE OR BETTER BLEACHED WHEAT FLOUR ENRICHED WITH THIAMIN RIBOFLAVIN NIACIN FOLIC ACID IRON AND MAY HAVE ADDED CALCIUM","SPECIFY","","BAG",50,"LB",30,17.232978723404255,516.98936170212767,0.34465957446808509,8378111,"SYS CLS","1/50 LB","N",null,"Sysco",31.39,23.06,22.79,17.23,0,0,0]
[null,162,"D1055","FOOD COLOR GREEN","FOOD COLORING GREEEN","SPECIFY",null,"EA",1,"16 OZ",7,3.69,25.83,3.69,6117202,"DEAN","1/16 OZ.","N",null,"Sysco",0,5.75,7.16,3.69,0,0,0]
[null,163,"D1056","FOOD RELEASE","RELEASE FOOD/PAN CONTAINS NO WATER ALCOHOL OR ARTIFICIAL FLAVORS HIGH SMOKE POINT >450° F","SPECIFY",null,"CS",6,"17 OZ",75,21.19,1589.25,3.5316666666666667,8034167,"PAM","6 / 17 OZ",null,null,"Labatt",36.82,21.19,22.95,22.1,0,0,0]
[null,164,"F1056","FRENCH TOAST STICKS BULK","FRENCH TOAST STICKS WHOLE GRAIN CINNAMON GLAZED EACH SERVING 3 STICKS/2.90 OZ EQUALS 1 M/MA 1 GR. ","SUNNY FRESH OR APPROVED EQUIVALENT",40497,"CS",100,"2.9 oz",900,63.13,56817,0.63129999999999997,8850074,"SUNNYFRESH","100 / 2.9 OZ","N","Lowest wasn't brand specific","Labatt",0,63.13,48.57,23.68,0,0,0]
[null,165,"CTF7020","FRUIT CHERRY MARASCHINO HALVES","CHERRIES MARACHINO HALVES CATERING","PENNANT OR APPROVED EQUIVALENT",null,"CS",4,".5 GAL",100,60.524499999999996,6052.45,15.131124999999999,2622451,"BHVSO","4/.5/GL","N",null,"Shamrock",0,67.48,60.52,70.84,0,0,0]
[null,166,"D1057","FRUIT COCKTAIL","FRUIT COCKTAIL GRADE B CHOICE EXTRA LIGHT SYRUP MUST MEET BUY AMERICAN REQUIREMENTS","SENACA, DEL MONTE, LIBBY'S, DOLE",null,"CS",6,"10 CN",1500,43.680851063829792,65521.27659574469,7.2801418439716317,4989604,"DOLE","6/#10","N",null,"Sysco",54.44,44.9,57.68,43.68,0,0,0]
[null,167,"C1024","FRUIT CRANBERRIES DRIED","SOFT AND MOIST DRIED CRANBERRIES","SPECIFY",null,"CS",10,"LB",150,19.196808510638302,2879.5212765957453,1.9196808510638301,7102403,"SYS IMP","1/5 LB","N",null,"Sysco",28.25,27.54,26.46,19.2,0,0,0]
[null,168,"C1025","FRUIT DRIED IW","FRUIT DRIED INDIVIDUALLY PACKAGES PEANUT FREE 16% CRANBERRYM 29% NATURAL RAISINS 24% GOLDEN RAISINS 28% PINEAPPLE 3% DRIED APPLE ","NATIONAL FOOD GROUP OR APPROVED EQUIVALENT",609271,"CS",144,"1.3 OZ",650,50.5,32825,0.35069444444444442,1690158,"ZEE ZEES","120 / 1.33 OZ","N","Lowest wasn't brand specific","Labatt",0,50.5,null,41.4,0,0,0]
[null,169,"F1057","FRUIT MANGO DICED","MANOS DICED IQF US GRADE A UNSWEETENED MUST MEET BUY AMERICAN REQUIREMENTS","SENACA, DEL MONTE, LIBBY'S, DOLE",null,"CS",2,"5 LB",450,26.76,12042,13.38,5426520,"DOLE","2 / 5  LB",null,null,"Labatt",0,26.76,30.84,28.56,0,0,0]
[null,170,"D1058","FRUIT ORANGE MANDARIN","MANDARIN ORANGE SLICES NATURAL JUICES NO SUGAR ADDED GRADE B CHOICE MUST MEET BUY AMERICAN REQUIREMENTS","SENACA, DEL MONTE, LIBBY'S, DOLE","","CS",6,"10 CN",850,67.45,57332.5,11.241666666666667,600117,"Dole","6/106 oz","NO","Lowest didn't meet buy American","BEK",67.45,48.13,45.72,30.06,0,0,0]
[null,171,"D1059","FRUIT PEACHES DICED","PEACHES YELLOW CLING GRADE B CHOICE DICED NATURAL JUICES MIN DRAIN VT 71 OZ NO IRREGULAR MUST MEET BUY AMERICAN REQUIREMENTS","SENACA, DEL MONTE, LIBBY'S, DOLE","","CS",6,"10 CN",1500,51.47,77205,8.5783333333333331,23045,"DEL MONTE","6 / #10",null,null,"Labatt",52.85,51.47,56.33,52.64,0,0,0]
[null,172,"D1060","FRUIT PEARS DICED","PEARS DICED GRADE B CHOICE NATURAL JUICES MUST MEET BUY AMERICAN REQUIREMENTS","SENACA, DEL MONTE, LIBBY'S, DOLE","","CS",6,"10 CN",500,50.8,25400,8.4666666666666668,482202,"DEL MONTE","6 / #10",null,null,"Labatt",53.61,50.8,72,63.21,0,0,0]
[null,173,"D1061","FRUIT PINEAPPLE","PINEAPPLE TIDBITS IN JUICE GRADE B CHOICE SOLID PAK IN NATURAL JUICE MUST MEET BUY AMERICAN REQUIREMENTS","SENACA, DEL MONTE, LIBBY'S, DOLE","","CS",6,"10 CN",2500,51.44,128600,8.5733333333333324,600373,"Dole","6/106 oz","NO","Lowest didn't meet buy American","BEK",51.44,44.82,40.159999999999997,28.98,0,0,0]
[null,174,"F1058","FRUIT STRAWBERRIES SLICED","STRAWBERRYS SLICED IQF US GRADE A UNSWEETENED","SPECIFY","","CS",1,"30 LB",700,52.91,37037,52.91,9077835,"ANACAPA","1 / 30 LB",null,null,"Labatt",0,52.91,65.819999999999993,81.56,0,0,0]
[null,175,"F1059","FRUIT STRAWBERRIES WHOLE","STRAWBERRYS SLICED IQF US GRADE A WHOLE UNSWEETENED","SPECIFY",null,"BKT",1,"30 LB",100,52.67,5267,52.67,310174,"Markon ","30 lb","NO",null,"BEK",52.67,54.16,72.17,54.49,0,0,0]
[null,176,"D1062","GELATIN CHERRY","GELATIN MIX DRY","SPECIFY","","CS",12,"24 OZ",75,37.653191489361703,2823.9893617021276,3.1377659574468084,4010351,"SYS CLS","12/24 OZ","N",null,"Sysco",0,41.88,40.19,37.65,0,0,0]
[null,177,"D1063","GELATIN LIME","GELATIN MIX DRY","SPECIFY","","CS",12,"24 OZ",15,37.653191489361703,564.79787234042556,3.1377659574468084,4010419,"SYS CLS","12/24 OZ","N",null,"Sysco",41.1,41.88,42.66,37.65,0,0,0]
[null,178,"D1064","GELATIN ORANGE","GELATIN MIX DRY","SPECIFY","","CS",12,"24 OZ",15,37.653191489361703,564.79787234042556,3.1377659574468084,4010443,"SYS CLS","12/24 OZ","N",null,"Sysco",0,41.88,39.840000000000003,37.65,0,0,0]
[null,179,"D1065","GELATIN STRAWBERRY","GELATIN MIX DRY","SPECIFY","","CS",12,"24 OZ",75,36.475531914893622,2735.6648936170218,3.0396276595744687,4010476,"SYS CLS","12/24 OZ","N",null,"Sysco",41.1,41.88,39.840000000000003,36.479999999999997,0,0,0]
[null,180,"F1060","GF BAGEL PLAIN","PLAIN BAGEL GLUTEN FREE","SPECIFY",null,"CS",6,"4 EA",200,28.575299999999999,5715.0599999999995,4.7625500000000001,4270401,"CANBA","6/4/PK","N",null,"Shamrock",35.520000000000003,null,28.58,33.29,0,0,0]
[null,181,"C1026","GF BREAD WHITE SLICED","WHITE BREAD SLICED GLUTEN FREE","SPECIFY",null,"CS",6,"24 OZ",300,56.88,17064,9.48,141781,"Udi's",null,null,null,"BEK",56.88,null,59.08,0,0,0,0]
[null,182,"C1027","GF BUN HAMBURGER ","HAMBURGER BUNS GLUTEN FREE","SPECIFY",null,"CS",6,"12 CT ",200,32.130000000000003,6426.0000000000009,5.3550000000000004,394634,"Udi's","24ct","NO",null,"BEK",32.130000000000003,null,33.380000000000003,0,0,0,0]
[null,183,"F1061","GF MUFFIN CHOCOLATE IW","MUFFIN CHOCOLATE GLUTEN FREE IW","SPECIFY",null,"CS",36,"3.6 EA",200,51.830499999999994,10366.099999999999,1.4397361111111109,3171971,"UDIS","36/3.6/OZ","N",null,"Shamrock",0,null,51.83,52.29,0,0,0]
[null,184,"F1062","GF MUFFIN ENGLISH","ENGLISH MUFFINS GLUTEN FREE","SPECIFY",null,"CS",24,"2 OZ",300,null,"","",null,null,null,null,"No Bids Offered",null,0,null,null,0,0,0,0]
[null,185,"D1066","GF PASTA PENNE","PASTA PENNE GLUTEN FREE","SPECIFY",null,"CS",8,"12 OZ",200,17.996000000000002,3599.2000000000003,2.2495000000000003,2755411,"HARTL","6/12/OZ","N",null,"Shamrock",19.649999999999999,21.07,18,19.66,0,0,0]
[null,186,"D1067","GF PASTA SPAGHETTI","PASTA SPAGHETTI GLUTEN FREE","SPECIFY",null,"CS",12,"12 OZ",200,26.246000000000002,5249.2000000000007,2.1871666666666667,4940731,"GAROF","12/12/OZ","N",null,"Shamrock",29.48,30.21,26.25,29.49,0,0,0]
[null,187,"CTF7021","GLAZE STAWBERRY","STRAWBERRY GLAZE  CATERING","SPECIFY",null,"CS",1,"20LB",25,26.63,665.75,26.63,4097565,"LAWRENCE","1 / 20 LB",null,null,"Labatt",0,26.63,50.66,29.02,0,0,0]
[null,188,"D1068","GRANOLA BULK","GRANOLA BULK","SPECIFY",null,"CS",4,"50 OZ",250,41.97,10492.5,10.4925,3730027,"KELLOGG'S","4 / 50 OZ",null,null,"Labatt",61.37,41.97,57.01,47.17,0,0,0]
[null,189,"D1069","GRAVY BROWN","GRAVY BROWN LIGHT","PIONEER OR APPROVED EQUIVALENT",94541,"CS",6,"13 OZ",700,24.65,17255,4.1083333333333334,107942,"Pioneer","6/11.3 oz","NO","Lowest wasn't brand specific","BEK",24.65,15.83,25.49,24.65,0,0,0]
[null,190,"D1070","GRAVY COUNTRY","COUNTRY SKILLET CREAM GRAVY","PIONEER OR APPROVED EQUIVALENT",96115,"CS",6,"24 OZ",725,27.79,20147.75,4.6316666666666668,3550029,"PIONEER","6 / 24 OZ",null,"Lowest bid wrong item","Labatt",28.14,27.79,5.65,28.14,0,0,0]
[null,191,"CTF7062","HAM BUFFET","HAM WATER ADDED CURED BONELESS AND FULLY COOKED. HAM IS 97% FAT FREE (3% FAT) AND APPROXIMATELY 4 TO 4½ INCHES IN DIAMETER. FROZEN PRODUCT. CATERING","SPECIFY","","CS",1,"LB",100,2.4752000000000001,{"$f":"IF(L196*K196= 0,\"\",L196*K196)","v":247.52},{"$f":"IF(L196/I196= 0,\"\",L196/I196)","v":2.4752000000000001},2324041,"CBLSO","2/12/LBAV","N",null,"Shamrock",0,91.92,2.48,2.81,0,0,0]
[null,192,"F1063","HOT DOGS BEEF","BEEF FRANKS LOWER SODIUM 8/1 6\" CN LABELED TO MEET 2 OZ MEAT REQUIREMENT","JOHN MORRELL OR APPROVED EQUIVALENT","100-701000-28560","CS",80,"2 OZ",600,33.702500000000001,20221.5,0.42128125,2449031,"PRCRD","1/10/LB","N",null,"Shamrock",0,33.86,33.700000000000003,45.83,0,0,0]
[null,193,"F1064","ICE CREAM SS BAR CARAMEL","STICK BAR REDUCED FAT SALTY CARAMEL BROWNIE CRUNCH BAR","HERSHEY'S OR APPROVED EQUIVALENT",31167,"CS",36,"2.75 OZ",200,null,"","",null,null,null,null,"No Bids Offered",null,0,null,null,0,0,0,0]
[null,194,"F1065","ICE CREAM SS BAR STRAWBERRY","STICK BAR STRAWBERRY SCOOTER  ","HERSHEY'S OR APPROVED EQUIVALENT",31166,"CS",36,"2.75 OZ",300,19.47,5841,0.54083333333333328,4221008,"HERSHEY'S","36 / 2.75 OZ",null,null,"Labatt",0,19.47,null,0,0,0,0]
[null,195,"F1066","ICE CREAM SS BAR VANILLA","ICE CREAM BAR VANILLA REDUCED FAT MUST BE SMART SNACK COMPLIANT <200 CALORIES < 35% FAT CALORIES < 230 MG SODIUM < 10% SATURATED FAT <35% OF WEIGHT FROM SUGARS","SPECIFY",null,"CS",96,"3.0 OZ",100,46.08,4608,0.48,779838,"BLUE BUNNY","4 / 2 DZ",null,null,"Labatt",0,46.08,null,0,0,0,0]
[null,196,"F1067","ICE CREAM SS CUP CHOCOLATE SUNDAE ","LOW FAT CHOCOLATE SUNDAE DESSERT CUP","HERSHEY'S OR APPROVED EQUIVALENT",31662,"CS",48,"3 OZ",400,24.27,9708,0.50562499999999999,4221052,"HERSHEYS","48 / 3 OZ",null,null,"Labatt",0,24.27,null,0,0,0,0]
[null,197,"F1068","ICE CREAM SS CUP VANILLA","LOW FAT VANILLA ICE CREAM DESSERT CUP  ","HERSHEY'S OR APPROVED EQUIVALENT",31664,"CS",48,"3 OZ",300,24.27,7281,0.50562499999999999,4221042,"HERSHEYS","48 / 3 OZ",null,null,"Labatt",0,24.27,null,0,0,0,0]
[null,198,"F1069","ICE CREAM SS FRUIT BAR STRAWBERRY","STRAWBERRY CHUNK FRUIT BAR","BLUE BUNNY OR APPROVED EQUIVALENT",1050495,"CS",1,"48 CT",300,21.53,6459,21.53,9405930,"BLUE BUNNY","1 / 2 DOZ",null,null,"Labatt",0,21.53,null,0,0,0,0]
[null,199,"F1070","ICE CREAM SS FUDGE BAR","STICK BAR FUDGE-O  GLUTEN FREE","HERSHEY'S OR APPROVED EQUIVALENT",31152,"CS",36,"2 OZ",300,18.48,5544,0.51333333333333331,4221014,"HERSHEY'S","36 / 2.0 OZ",null,null,"Labatt",0,18.48,null,0,0,0,0]
[null,200,"F1071","ICE CREAM SS POP STRAWBERRY & BANANA","SMOOTHIE ON A STICK.  REAL FRUIT NOTHING ARTIFICIAL.  STRAWBERRY & BANANA","JONNY POPS OR APPROVED EQUIVALENT",1190150,"CS",1,"96 CT",300,39.12765957446809,11738.297872340427,39.12765957446809,3872100,"JONNY P","96/45 ML","N",null,"Sysco",0,null,null,39.130000000000003,0,0,0]
[null,201,"F1072","ICE CREAM SS POP TRIPLE BERRY","SMOOTHIE ON A STICK.  REAL FRUIT NOTHING ARTIFICIAL.  TRIPLE BERRY (STRAWBERRY BLUEBERRY AND RASPBERRY)","JONNY POPS OR APPROVED EQUIVALENT",1190240,"CS",1,"96 CT",150,37.51063829787234,5626.5957446808507,37.51063829787234,7117846,"JONNY P","1/96 CT","N",null,"Sysco",0,null,null,37.51,0,0,0]
[null,202,"F1073","ICE CREAM SS SANDWICH","ICE CREAM SANDWICH VAN RF","HERSHEY'S OR APPROVED EQUIVALENT",31319,"CS",24,"4 OZ",300,18.600000000000001,5580,0.77500000000000002,4221026,"HERSHEY'S","24 / 4 OZ",null,null,"Labatt",0,18.600000000000001,null,0,0,0,0]
[null,203,"D1071","JALAPEÑO SLICED","JALAPEÑO SLICED","SPECIFY","","CS",6,"10 CN",550,30.74,16907,5.1233333333333331,685028,"Indel","6/ 10 cn","NO",null,"BEK",30.74,31.23,42.5,31.93,0,0,0]
[null,204,"D1072","JELLY PC","JELLY PC ASSORTED STRAWBERRY MIXED FRUIT AND GRAPE SHELF STABLE","SPECIFY",null,"CS",200,".5 OZ",450,14.52,6534,7.2599999999999998E-2,4590021,"PPI","200 / .5 OZ",null,null,"Labatt",15.88,14.52,17.45,46.83,0,0,0]
[null,205,"C1028","JUICE APPLE","APPLE JUICE PURE PAK  FULL STRENGTH JUICE NO SUGAR ADDED 100% JUICE  CARTON ONLY US GRADE B","SUN CUP OR APPROVED EQUIVALENT",30301,"CS",70,"4 OZ",7800,11.554200000000002,90122.760000000009,0.16506000000000001,2280961,"SUNCP","70/4/OZ","N",null,"Shamrock",19.82,13.86,11.55,14.34,0,0,0]
[null,206,"C1029","JUICE APPLE CHERRY","APPLE-CHERRY PURE PAK FULL STRENGTH JUICE  NO SUGAR ADDED 100% JUICE US GRADE B","SUN CUP OR APPROVED EQUIVALENT",32000,"CS",70,"4 OZ",7500,11.6424,87318,0.16632,2298171,"SUNCP","70/4/OZ","N",null,"Shamrock",0,14.11,11.64,14.43,0,0,0]
[null,207,"C1030","JUICE FRUIT PUNCH","FRUIT PUNCH JUICE PURE PAK FULL STRENGTH JUICENOSUGARADDED100% JUICE  CARTON ONLY US GRADE B","SUN CUP OR APPROVED EQUIVALENT",30800,"CS",70,"4 OZ",8400,12.325950000000001,103537.98000000001,0.17608500000000002,2281241,"SUNCP","70/4/OZ","N",null,"Shamrock",0,14.76,12.33,15.09,0,0,0]
[null,208,"CTF7022","JUICE LEMON","LEMON JUICE PURE CATERING","SPECIFY","","CS",12,"32 OZ",20,31.23,624.6,2.6025,620671,"REALEMON","8/48OZ","NO",null,"BEK",31.23,32.26,42.9,32.82,0,0,0]
[null,209,"CTF7023","JUICE LEMON PC","LEMON JUICE PURE PC CATERING","SPECIFY",null,"CS",200,"0.4 G",5,8.73,43.650000000000006,4.3650000000000001E-2,949602,"PPI","200 / 4 GM",null,null,"Labatt",9.84,8.73,11.83,14.22,0,0,0]
[null,210,"C1031","JUICE ORANGE","ORANGE JUICE PURE PAK FULL STRENGTH JUICE NO SUGAR ADDED 100% JUICE  CARTON ONLY GRADE A","SUN CUP OR APPROVED EQUIVALENT",30100,"CS",70,"4 OZ",7900,15.379875,121501.0125,0.21971250000000001,2280981,"SUNCP","70/4/OZ","N",null,"Shamrock",22.7,17.899999999999999,15.38,16.5,0,0,0]
[null,211,"CTF7063","JUICE ORANGE CONCENTRATE","FROZEN CONCENTRATE 100% JUICE NO SUGAR ADDED GRADE A CATERING","SPECIFY",null,"CS",12,"32OZ",20,51.371450000000003,1027.4290000000001,4.2809541666666666,2735251,"REJUO","12/32/OZ","N",null,"Shamrock",0,53.28,51.37,64.010000000000005,0,0,0]
[null,212,"C1032","JUICE ORANGE PINEAPPLE","ORANGE-PINEAPPLE JUICE PURE PAK  FULL STRENGTH JUICE NO SUGAR ADDED 100%JUICE  CARTON ONLY U.S. GRADE A","SUN CUP OR APPROVED EQUIVALENT",31200,"CS",70,"4 OZ",7500,14.034825000000001,105261.18750000001,0.20049750000000002,2281231,"SUNCP","70/4/OZ","N",null,"Shamrock",21.17,16.37,14.03,15.43,0,0,0]
[null,213,"D1073","KETCHUP JUG","KETCHUP  NATURALLY BALANCED  MADE w/SUGAR ENHANCED LOW SODIUM JUG w/PUMP","RED GOLD OR APPROVED EQUIVALENT","REDYL9P","CS",6,"114 oz",315,27.659574468085108,8712.7659574468089,4.6099290780141846,6133639,"REDGOLD","6/114OZ","N",null,"Sysco",37.79,51.72,45.99,27.66,0,0,0]
[null,214,"D1074","KETCHUP PC","KETCHUP w/SUGAR ENHANCED LOW SODIUM ","RED GOLD OR APPROVED EQUIVALENT","REDYL9G","CS",1000,".9 GM",1000,27.4,27400,2.7399999999999997E-2,2310000,"RED GOLD","1000 / 9 GM",null,"Lowest bid wrong item","Labatt",20.54,27.4,27.97,27.48,0,0,0]
[null,215,"CTF7024","LIQUID SMOKE","LIQUID SMOKE FLAVORING  CATERING","WRIGHTS",null,"CS",4,"1 GAL",15,41.6,624,10.4,3655504,"WRIGHT'S","4 / 1 GL",null,null,"Labatt",44.3,41.6,49.36,41.67,0,0,0]
[null,216,"C1033","MARGARINE","NO TRANS FAT CONTAIN A RATIO OF 60% VEGETABLE OIL AND 40% MILKFAT\nWITH A MINIMUM TOTAL FAT CONTENT OF 80%. ","GOLD-N-SWEET OR APPROVED EQUIVALENT",16840,"CS",30,"1 LB",150,30.58,4587,1.0193333333333332,8143959,"OLD WORLD","30 / 1 LB",null,null,"Labatt",44.86,30.58,39.950000000000003,48.7,0,0,0]
[null,217,"C1034","MARGARINE PC","CONTAIN A RATIO OF 60% VEGETABLE OIL AND 40% MILK FAT WITH A MINIMUM TOTAL FAT CONTENT OF 80%. NO TRANS FAT  ","COUNTRY CROCK OR APPROVED EQUIVALENT","1-0040600434055","CS",900,"5 GR",40,16.920000000000002,676.80000000000007,1.8800000000000001E-2,779273,"gold n sweet","600/5 gr","no",null,"BEK",16.920000000000002,null,30.4,24.8,0,0,0]
[null,218,"D1075","MARSHMALLOW CRÈME","MARSHMALLOW CREAM FOR CEREAL TREATS TRANS FAT FREE","MALLOWCREME OR APPROVED EQUIVALENT",64708,"CS",8,"33.5 OZ",700,26.633999999999997,18643.8,3.3292499999999996,2792271,"KRFJP","12/13/OZ","N",null,"Shamrock",0,38.18,26.63,36.869999999999997,0,0,0]
[null,219,null,"MAYONNAISE  PC","MAYONNAISE INDIVIDUALLY PACKED REDUCED FAT","SPECIFY",null,"CS",500,"12 GR",800,16.38,13104,3.2759999999999997E-2,5468465,"KRAFT","200 / .437 OZ",null,null,"Labatt",0,16.38,43.59,28.37,0,0,0]
[null,220,"CTF7025","MAYONNAISE GAL ","MAYONNAISE REGULAR FAT CATERING","SPECIFY",null,"CS",4,"1 GAL",20,49.093000000000004,981.86000000000013,12.273250000000001,2566901,"KATYF","4/1/GL","N",null,"Shamrock",51.94,49.51,49.09,56.35,0,0,0]
[null,221,"CTF7026","MAYONNAISE PC","MAYONNAISE REGULAR FAT INDIVIDUALLY PACKED CATERING","SPECIFY",null,"CS",200,"12 GR",100,17.611000000000004,1761.1000000000004,8.8055000000000022E-2,4750571,"KATYO","200/12/GM","N",null,"Shamrock",17.96,19.010000000000002,17.61,39.840000000000003,0,0,0]
[null,222,"D1076","MILK EVAPORATED","SHELF STABLE MILK IS MADE FROM GRADE A FRESH MILK WHICH HAS BEEN FORTIFIED WITH VITAMINS A AND D","SPECIFY","","CS",6,"10 CN",75,59.170212765957444,4437.765957446808,9.8617021276595747,626986,"MAGNOLA","6/#10","N",null,"Sysco",80.930000000000007,83.94,75.790000000000006,59.17,0,0,0]
[null,223,"C1036","MILK LACTOSE FREE","MILK LACTSE FREE AND FAT FREE","LACTAID OR APPROVED EQUIVALENT",6348,"CS",20,"8 oz",100,null,"","",null,null,null,null,"No one met nutritionals",null,22.69,23.73,25.2,8.83,0,0,0]
[null,224,"D1077","MILK SOY","SOY MILK VANILLA MUST MEET USDA REGULATIONS FOR A MILK SUBSITITUTE.","KIKKKOMAN OR APPROVED EQUIVALENT",6184,"CS",24,"8 OZ",100,21.11,2111,0.87958333333333327,9850537,"KIKKOMAN","24 / 8.00 OZ",null,"Lowest wasn't brand specific","Labatt",20.36,21.11,25.01,13.54,0,0,0]
[null,225,"CTF7027","MIX BROWNIE","MIX FUDGE BROWNIE NOT WHOLE GRAIN CATERING","CH GUENTER & SON OR APPROVED EQUIVALENT",218207,"CS",6,"5 LB",20,70.739999999999995,1414.8,11.79,169156,"Goldn Harvest","6/5 lb","no","Lowest wasn't brand specific","BEK",70.739999999999995,40.92,92.57,73.36,0,0,0]
[null,226,"CTF7028","MIX FRUIT PUNCH","FRUIT FLAVORED DRY CRYSTALS DRINK MIX SWEETENED CATERING","SPECIFY",null,"CS",12,"24 OZ",20,16.850000000000001,337,1.4041666666666668,1267545,"TWIST","12 / 2 GL",null,null,"Labatt",40.880000000000003,16.850000000000001,37.909999999999997,35.200000000000003,0,0,0]
[null,227,"CTF7029","MIX HOT CHOCOLATE","HOT CHOCOLATE MIX POWDERED INDIVIDUAL PACKS CATERING","SPECIFY",null,"CS",6,"50CT",20,61.287234042553195,1225.744680851064,10.214539007092199,1271475,"SWSMISS","6/50 CT","N",null,"Sysco",62.1,68.680000000000007,68.569999999999993,61.29,0,0,0]
[null,228,null,"MIX HOT CHOCOLATE SF","HOT CHOCOLATE MIX POWDERED INDIVIDUAL PACKS  SUGAR FREE COFFEE BAR","NESTLE OR APPROVED EQUIVALENT","61411-00","CS",300,"PKG",100,31.232978723404255,3123.2978723404253,0.10410992907801418,4250775,"SWSMISS","6/24 CT","N",null,"Sysco",37.75,64.94,46.06,31.23,0,0,0]
[null,229,"CTF7030","MIX ICE TEA","MIX UNSWEETENED TEA HIGH YIELD DILUTION RATIO 1:96 CATERING","THIRS-TEA OR APPROVED EQUIVALENT",662,"CS",24,"4 OZ",20,53.18,1063.5999999999999,2.2158333333333333,8332520,"THIRS-TEA","24 / 4 OZ.",null,null,"Labatt",0,53.18,null,53.78,0,0,0]
[null,230,"CTF7031","MIX LEMONAIDE PINK","PINK LEMONAIDE FLAVORED DRY CRYSTALS SWEETENED CATERING","SPECIFY",null,"CS",12,"2GAL",30,15.9,477,1.325,1281100,"TWIST","12 / 2 GAL",null,null,"Labatt",40.880000000000003,15.9,37.909999999999997,35.39,0,0,0]
[null,231,"CTF7032","MIX LEMONAIDE YELLOW","YELLOW LEMONAIDE FLAVORED DRY CRYSTALS DRINK MIX SWEETENED  CATERING","SPECIFY",null,"CS",12,"2GAL",30,17.75,532.5,1.4791666666666667,1284578,"TWIST","12 / 2 GAL",null,null,"Labatt",40.880000000000003,17.75,37.909999999999997,35.200000000000003,0,0,0]
[null,232,"CTF7064","MUFFIN APPLE PECAN","PRE-BAKED THAW AND SERVE APPLE CINNIMON PECAN TULIP CUP WRAPPER SUPREME  CATERING","OTIS SPUNKMEYER OR APPROVED EQUIVALENT",6245,"CS",24,"4 OZ",5,30.069148936170215,150.34574468085108,1.252881205673759,8068163,"OTSPKMY","24/4 OZ","N",null,"Sysco",33.54,30.17,33.18,30.07,0,0,0]
[null,233,"CTF7065","MUFFIN BANANA BREAD","PRE-BAKED THAW AND SERVE BANANA BREAD TULIP CUP WRAPPER SUPREME  CATERING","OTIS SPUNKMEYER OR APPROVED EQUIVALENT",1002,"CS",24,"4 OZ",15,26.702127659574472,400.53191489361711,1.1125886524822697,"0033815","OTSPKMY","24/4 OZ","N",null,"Sysco",32.08,28.35,30.16,26.7,0,0,0]
[null,234,null,"MUFFIN BANANA WG","PRE-BAKED AND INDIVIDUALLY PLAIN WRAPPED APPROX 2 OZ EACH.  WHOLE GRAIN EACH MUFFIN MUST PROVIDE A MINUMIM OF 2 GB COMPONENT FOR SBP.  BANANA FLAVORED. ","DAVE'S OR APPROVED EQUIVALENT","WG828","CS",60,"3.15 OZ",1500,31.276595744680851,46914.893617021276,0.52127659574468088,2384240,"DAVE'S","60/3.15OZ","N",null,"Sysco",0,65.5,34.479999999999997,31.28,0,0,0]
[null,235,"CTF7066","MUFFIN BLUEBERRY CRUMB","PRE-BAKED THAW AND SERVE BLUEBERRY CRUMB CAKE TULIP CUP WRAPPER SUPREME  CATERING","OTIS SPUNKMEYER OR APPROVED EQUIVALENT",6201,"CS",24,"4 OZ",20,24.77,495.4,1.0320833333333332,407186,"Otis","24/4 oz","no",null,"BEK",24.77,28.85,30.02,27.77,0,0,0]
[null,236,"F1074","MUFFIN BLUEBRRY IW","PRE-BAKED AND INDIVIDUALLY PLAIN WRAPPED APPROX 2 OZ EACH.  WHOLE GRAIN EACH MUFFIN MUST PROVIDE A MINUMIM OF 2 GB COMPONENT FOR SBP.  BLUEBERRY FLAVORED.","DAVE'S OR APPROVED EQUIVALENT","WG829","CS",60,"3.15 OZ",1500,31.276595744680851,46914.893617021276,0.52127659574468088,2832887,"DAVE'S","60/3.15OZ","N",null,"Sysco",0,35.74,34.479999999999997,31.28,0,0,0]
[null,237,"F1075","MUFFIN CHERRY IW","PRE-BAKED AND INDIVIDUALLY PLAIN WRAPPED APPROX 2 OZ EACH.  WHOLE GRAIN EACH MUFFIN MUST PROVIDE A MINUMIM OF 1 GB COMPONENT FOR SBP.  CHERRY FLAVORED. ","DAVE'S OR APPROVED EQUIVALENT","WG841","CS",60,"3.15 OZ",1500,33.19,49785,0.55316666666666658,186698,"Dave's","60/3.15oz","no",null,"BEK",33.19,35.33,34.32,63.83,0,0,0]
[null,238,"CTF7067","MUFFIN DECADENT CHOCOLATE","PRE-BAKED THAW AND SERVE DECADENT CHOCOLATE CHUNK TULIP CUP WRAPPER SUPREME  CATERING","OTIS SPUNKMEYER OR APPROVED EQUIVALENT",6220,"CS",24,"4 OZ",5,27.521276595744684,137.60638297872342,1.1467198581560285,8068690,"OTSPKMY","24/4 OZ","N",null,"Sysco",31.09,28.66,29.75,27.52,0,0,0]
[null,239,"F1076","MUFFIN DOUBLE CHOC CHIP IW","PRE-BAKED AND INDIVIDUALLY PLAIN WRAPPED APPROX 2 OZ EACH.  WHOLE GRAIN EACH MUFFIN MUST PROVIDE A MINUMIM OF 2 GB COMPONENT FOR SBP.  CHOCOLATE-CHOCOLATE CHIP FLAVORED.","DAVE'S OR APPROVED EQUIVALENT","WG 845","CS",60,"3.15 OZ",1500,31.276595744680851,46914.893617021276,0.52127659574468088,2384222,"DAVE'S","60/3.15OZ","N",null,"Sysco",0,35.67,34.32,31.28,0,0,0]
[null,240,"CTF7068","MUFFIN TRIPLE BERRY","PRE-BAKED THAW AND SERVE TRIPLE BERRY WHOLE GRAIN TULIP CUP WRAPPER SUPREME  CATERING","OTIS SPUNKMEYER OR APPROVED EQUIVALENT",6230,"CS",24,"4 OZ",10,26.2,262,1.0916666666666666,407265,"Otis","24/4 oz","no",null,"BEK",26.2,28.39,30.16,27.9,0,0,0]
[null,241,"D1078","MUSTARD GAL","MUSTARD/PREPARED","SPECIFY","","CS",4,"1 GAL",75,18.79,1409.25,4.6974999999999998,124165,"Ellington","4/1 gal","no",null,"BEK",18.79,21.08,48.44,29.82,0,0,0]
[null,242,"D1079","MUSTARD PC","MUSTARD PC EASY OPEN TOP","SPECIFY","","CS",500,"5.5 GM",200,6.68,1336,1.3359999999999999E-2,170887,"Ellington","200/5.5 gr","no",null,"BEK",6.68,12.8,15.16,12.19,0,0,0]
[null,243,"D1080","NATURE SEAL","NATURESEAL FRESH FRUIT PRESEVER","NATURESEAL","","CS",4,"3.3 LB",300,338.29787234042556,101489.36170212767,84.574468085106389,1815208,"NATSEAL","4/3.3 LB","N",null,"Sysco",0,null,null,338.3,0,0,0]
[null,244,"F1077","NOODLES CHOW MEIN","CHOW MEIN WITH VEGETABLES WHOLE GRAIN  A 4.8oz SERVING PROVIDES 1.0 OZ GRAIN EQUIVALENTS.","SPECIFY",null,"CS",6,"5.6 LB",500,25.829787234042556,12914.893617021278,4.3049645390070923,1754607,"YANGS","4/3.5","N","Lowest bid wrong item","Sysco",38.86,21.04,29.28,25.83,0,0,0]
[null,245,"D1081","OIL CANOLA","CANOLA OIL FOR FRYING NO TRANS FATS","SPECIFY","","CS",35,"LB",225,39.859361702127657,8968.3563829787236,1.1388389057750758,5061643,"SYS CLS","1/35 LB","N",null,"Sysco",40.64,50.25,47.41,39.86,0,0,0]
[null,246,"CTF7033","OIL OLIVE","OIL OLIVE EXTRA VIRGIN CATERING","SPECIFY",null,"CS",4,"3LTR",15,88.25,1323.75,22.0625,170036,"Belprimo","4/3 ltr","no",null,"BEK",88.25,101.21,220.96,163.34,0,0,0]
[null,247,"CTF7034","OLIVES BLACK","RIPE OLIVES MEDIUM PITTED WHOLE  CATERING","SPECIFY",null,"CS",6,"10 CN",100,59.014893617021286,5901.4893617021289,9.8358156028368811,3590999,"AREZCLS","6/#10","N",null,"Sysco",78.760000000000005,null,64,59.01,0,0,0]
[null,248,"CTF7035","OLIVES GREEN","RIPE OLIVES MEDIUM PITTED WHOLE STUFFED  CATERING","SPECIFY",null,"CS",4,"1 GAL",5,61.325531914893617,306.62765957446811,15.331382978723404,5876075,"SYS IMP","4/1 GAL","N",null,"Sysco",74.569999999999993,102.26,104.17,61.33,0,0,0]
[null,249,"F1078","PANCAKE BREAKFAST SANDWICH","MAPLE SEASONED BEEF SAUSAGE AND PANCAKE SANDWICH - INDIVIDUALLY WRAPPED.  PORTION SIZE 2.61OZ CN LABEL OR PRODUCT ANALYSIS SHEET TO PROVIDE 1OZ M/MA AND 1OZ GRAIN EQ.  MUST MEET FNS REQUIREMENTS ON ALL GRAIN.  CASE PACK 100","INTEGRATED FOOD SERVICE OR APPROVED EQUIVALENT",990120,"CS",100,"2.61 OZ",900,103.55,93195,1.0354999999999999,8710051,"HOTOFFGRIL","100 / 2.61 OZ",null,"Lowest missing info","Labatt",0,103.55,144.19999999999999,100,0,0,0]
[null,250,"F1079","PANCAKE ON A STICK PLAIN BULK","SAUSAGE & PANCAKE ON A STICK WHOLE GRAIN PANCAKE BATTER AROUND A PRE-COOKED GROUND TURKEY & TEXTURED VEGETABLE PROTEIN LINK. CN LABLED EACH 2.85 OZ STICK PROVIDE 1 MEAT/MEAT ALTERNATE & 1 GRAIN EQUIVALENT BULK.","FOSTER FARMS OR APPROVED EQUIVALENT",95121,"CS",56,"2.85 OZ",1500,30.44275,45664.125,0.5436205357142857,3098411,"FFARM","56/2.85/OZ","N",null,"Shamrock",31.85,30.58,30.44,34.479999999999997,0,0,0]
[null,251,"F1080","PANCAKES","PANCAKE WHOLE GRAIN RICH - EACH PANCAKE MUST MEET 1 GRAIN","AUNT JEMIMA OR APPROVED EQUIVALENT",43582,"CS",144,"1.14 OZ",16,26.92,430.72,0.18694444444444447,9407684,"BAKECRAFTE","144 / 1.3 OZ",null,null,"Labatt",0,26.92,27.03,30.49,0,0,0]
[null,252,"F1081","PANCAKES BLUEBERRY","PANCAKES MINI BLUEBERRY IW WHOLE GRAIN MUST MEET 2 GRAIN COMPONENT FOR SBP","EGGO OR APPROVED EQUIVALENT",3800092560,"CS",72,3.2,1000,40.01063829787234,40010.638297872341,0.55570330969267134,2093682,"EGGO","72/3.03 OZ","N",null,"Sysco",0,47.66,null,40.01,0,0,0]
[null,253,"F1082","PANCAKES CONFETTI","PANCAKES MINI CONFETTI IW WHOLE GRAIN MUST MEET 2 GRAIN COMPONENT FOR SBP","EGGO OR APPROVED EQUIVALENT",3800018574,"CS",72,3.2,1000,30.15,30150,0.41874999999999996,9180037,"EGGO BITES","72 / 3.03 OZ",null,null,"Labatt",0,30.15,34.21,32.94,0,0,0]
[null,254,"F1083","PANCAKES MAPLE","PANCAKES MINI MAPLE BURST IW WHOLE GRAIN MUST MEET 2 GRAIN COMPONENT FOR SBP","PILLSBURY OR APPROVED EQUIVALENT",137732000,"CS",72,3.2,1000,null,"","",null,null,null,null,"No one bid specific brand",null,0,30.13,34.21,32.94,0,0,0]
[null,255,null,"PANCAKES MAPLE","PANCAKES MINI MAPLE IW WHOLE GRAIN MUST MEET 2 GRAIN COMPONENT FOR SBP","EGGO OR APPROVED EQUIVALENT",3800092562,"CS",72,3.2,1000,30.13,{"$f":"IF(L260*K260= 0,\"\",L260*K260)","v":30130},{"$f":"IF(L260/I260= 0,\"\",L260/I260)","v":0.41847222222222219},9180009,"EGGO","72 / 3.03 OZ",null,null,"Labatt",0,30.13,34.21,32.94,0,0,0]
[null,256,"F1084","PANCKAES STRAWBERRY","PANCAKES MINI STRAWBERRY BLAST IW WHOLE GRAIN MUST MEET 2 GRAIN COMPONENT FOR SBP","PILLSBURY OR APPROVED EQUIVALENT",137731000,"CS",72,3.2,1000,32.936170212765958,32936.170212765959,0.45744680851063829,2098071,"EGGO","72/3.03 OZ","N",null,"Sysco",0,null,null,32.94,0,0,0]
[null,257,"D1082","PASTA ELBOW","ELBOW PASTA DRY REGULAR NOT WHOLE GRAIN","ZEREGA OR APPROVED EQUIVALENT",8001,"CS",2,"10 LB",300,22.83,6848.9999999999991,11.414999999999999,4152089,"PATRIA","2 / 10 LB",null,null,"Labatt",28.86,22.83,26.69,24.55,0,0,0]
[null,258,"D1083","PASTA FETUCCINE","FETUCCINE PASTA   10\" DRY REGULAR NOT WHOLE GRAIN","ZEREGA OR APPROVED EQUIVALENT",9722,"CS",2,"10 LB",250,24.51,6127.5,12.255000000000001,4152099,"ZEREGAS","2 / 10 LB",null,"Lowest wasn't brand specific","Labatt",28.2,24.51,23.76,24.55,0,0,0]
[null,259,"CTF7036","PASTA LASAGNA","LASAGNA NOODLE WITH RIDGES ENRICHED TO MEET BREAD REQUIREMENTS NSLP MADE FROM SEMOLINA OR DURUM FLOUR ENRICHED WITH THIAMIN RIBOFLAVIN NIACIN FOLIC ACID AND IRON.  REGULAR NOT WHOLE GRAIN CATERING","SPECIFY",null,"CS",12,"1LB",15,18.216000000000001,273.24,1.518,2380251,"VLAFO","12/1/LB","N",null,"Shamrock",22.12,18.670000000000002,18.22,26.4,0,0,0]
[null,260,"D1084","PASTA PENNE","TUBULAR 51% WHOLE GRAIN ENRICHED TO MEET BREAD REQ FOR NSLP ENRICHED WITH THIAMIN RIBOFLAVIN NIACIN FOLIC ACID AND IRON REGULAR NOT WHOLE GRAIN","ZEREGA OR APPROVED EQUIVALENT",10034,"CS",2,"10 LB",45,24.21,1089.45,12.105,4150025,"PATRIA","2 / 10 LB",null,null,"Labatt",30.86,24.21,24.27,37.450000000000003,0,0,0]
[null,261,"D1085","PASTA SPAGHETTI","SPAGHETTI PASTA   10\" DRY REGULAR NOT WHOLE GRAIN","ZEREGA OR APPROVED EQUIVALENT",8031,"CS",2,"10 LB",500,22.22,11110,11.11,4152106,"PATRIA","2 / 10 LB",null,null,"Labatt",24.55,22.22,24.28,24.55,0,0,0]
[null,262,"CTF7069","PASTRY CINNAMON TWIST","FREEZER-TO-OVEN CINNNAMON ROLL TWIST  CATERING","PILLSBURY OR APPROVED EQUIVALENT",205385000,"CS",52,"4.25 OZ",100,32.372340425531917,3237.2340425531916,0.62254500818330605,2270536,"PILLSBY","52/4.25OZ","N",null,"Sysco",0,37.799999999999997,76.97,32.369999999999997,0,0,0]
[null,263,"CTF7070","PASTRY DANISH ASSORTED","DANISH ASSORTED 4OZ BULK CATERING","SPECIFY",null,"CS",6,"12CT",50,52.752700000000004,2637.6350000000002,8.7921166666666668,4248141,"BRCKO","6/12/PK","N",null,"Shamrock",64.42,64.36,52.75,61.4,0,0,0]
[null,264,"CTF7037","PICKLE SLICED POUCH","HAMBURGER DILL PICKLE CRINKLE CUT POUCH 1/8 IN GRADE A CATERING","HEINZ",658600,"CS",6,"5.75 LB",650,26.388999999999999,17152.849999999999,4.3981666666666666,2300331,"KATYO","4/1/GL","N",null,"Shamrock",47.31,41.55,26.39,40.409999999999997,0,0,0]
[null,265,"CTF7038","PICKLE SPEARS CAN","DILL PICKLE SPEARS APPROXIMATELY 3 1/2 - 4 3/4 INCHES LONG US GRADE A CATERING","SPECIFY","","CS",6,"10 CN",400,34.474000000000004,13789.600000000002,5.7456666666666676,2288711,"CBLSO","1/5/GL","N",null,"Shamrock",0,44.93,34.47,43.43,0,0,0]
[null,266,"F1085","PIE SHELLS","PIE SHELLS 9 INCH DEEP","SPECIFY",null,"CS",20,"SHELLS",10,25.95,259.5,1.2974999999999999,9288754,"CHF PIERE","20 / 8 OZ.",null,null,"Labatt",47.31,25.95,26.84,26.54,0,0,0]
[null,267,"F1086","PIZZA BREAKFAST SAUSAGE","NARDONE BROS®WHOLE WHEAT SAUSAGE BREAKFAST MUST PROVIDE 1 OZ EQUIVALENT MEAT/MEAT ALERNATE 1.5 OZ EQUIVALENT GRAINS AND 1/8 CUP RED/ORANGE VEGETABLE FOR THE CHILD NUTRITION MEAL PATTERN REQUIREMENTS. COMMERICAL BACK-UP OF COMMODITY PRODUCT OR FOR NOI PRICING","NARDONES BROS OR APPROVED EQUIVALENT","80WS100","CS",80,"3.30 OZ",700,42.3,29609.999999999996,0.52874999999999994,8902171,"NARDONES","80 / 3.2 OZ",null,"Lowest bid wrong item","Labatt",63.75,42.3,null,35.11,0,0,0]
[null,268,"F1087","PIZZA STUFFED CRUST CHEESE","WHOLE WHEAT WEDGE STUFFED CRUST CHEESE PIZZA WGR FROZEN BULK PACK FAT GRAMS NOT TO EXCEED 17GM SODIUM NOT TO EXCEED 445MG CN LABEL OR PRODUCT ANALYSIS SHEET TO PROVIDE A MINIMUM 2 MMA AND 2 GRAIN EQ. 1/8 RO VEGETABLE  CASE PACK 70 CT. COMMERICAL BACK-UP OF COMMODITY PRODUCT OR FOR NOI PRICING","NARDONES BROS OR APPROVED EQUIVALENT","72WWSCM2","CS",70,"4.95 OZ",600,56.914893617021278,34148.936170212764,0.81306990881458974,3130912,"NARDONE","70/4.95OZ","N",null,"Sysco",0,null,null,56.91,0,0,0]
[null,269,"F1088","PIZZA STUFFED CRUST PEPPERONI","WHOLE WHEAT WEDGE STUFFED CRUST COIN PEPPERONI PIZZA.  WGR FROZEN BULK PACK FAT GRAMS NOT TO EXCEED 21GM SODIUM NOT TO EXCEED 665MG CN LABEL OR PRODUCT ANALYSIS SHEET TO PROVIDE A MINIMUM 2 MMA AND 2 GRAIN EQ. 1/8 RO VEGETABLE CASE PACK 70. COMMERICAL BACK-UP OF COMMODITY PRODUCT OR FOR NOI PRICING","NARDONES BROS OR APPROVED EQUIVALENT","C72WWSCMP2","CS",70,"4.95 OZ",600,58.053191489361708,34831.914893617024,0.82933130699088153,1777006,"NARDONE","70/4.95OZ","N",null,"Sysco",0,null,60.3,58.05,0,0,0]
[null,270,"F1089","POCKET TURKEY HAM & CHEESE IW","POCKET TURKEY HAM & CHEESE EACH 3.0 OZ MUST MEET 1 M/MA AND 1OZ GRAIN FOR STUDENT NUTRITION BREAKFAST PROGRAM, IW","ALBIE'S OR APPROVED EQUIVALENT",835,"CS",60,"3 OZ",1500,47.585106382978722,71377.659574468082,0.79308510638297869,"835mpc","ALBIES","60/3 OZ.","N",null,"Sysco",0,null,null,47.59,0,0,0]
[null,271,"D1086","POPTART STRAWBERRY","POP-TART MADE WITH WHOLE GRAIN FROSTED STRAWBERRY.   1.76OZ  MUST MEET 1OZ GRAIN EQUIVALENT. CALORIES SHOULD NOT EXCEED 200  SUGAR SHOULD NOT EXCEED 18G","KELLOGG’S OR APPROVED EQUIVALENT",55130,"CS",120,"1.76 OZ",1000,41.01,41010,0.34175,9993579,"KELLOGGS","120 / 1.76 OZ",null,null,"Labatt",54.78,41.01,47.41,45.85,0,0,0]
[null,272,"F1090","PORK BBQ PATTY","FULLY COOKED FLAMEBROILED RIB SHAPED PORK PATTIE WITH HONEY BBQ SAUCE, 3.25OZ","TYSON OR APPROVED EQUIVALENT",3716,"CS",100,"3.25 OZ",750,72.84,54630,0.72840000000000005,2492051,"PIERR","100/3.25/Z","N","Lowest bid wrong pack size","Shamrock",0,63.81,72.84,73.81,0,0,0]
[null,273,"F1091","PORK CARNITAS","PORK CARNITAS LOWER SODIUM","BROOKWOOD FARMS OR APPROVED EQUIVALENT",12303,"CS",1,"20 lb",200,45.6,9120,45.6,9880004,"BROOKWOOD","4 / 5 LB",null,null,"Labatt",0,45.6,null,55.43,0,0,0]
[null,274,"F1092","PORK DICED COOKED","BONELESS PORK STEW MEAT (1/4\" TRIM) THIS 30 LB. CASE PROVIDES 240 SERVINGS 2.00 OZ EACH. EACH 2.00 OZ SERVING (BY WEIGHT) OF COOKED DICED PORK PROVIDES 2.00 OZ EQUIVALENT MEAT FOR CHILD NUTRITION MEAL PATTERN REQUIREMENTS","SPECIFY",null,"CS",2,"5 LB",25,3.52,88,1.76,138392,"Winn",null,null,null,"BEK",3.52,44.25,4.1100000000000003,22.89,0,0,0]
[null,275,"F1093","PORK LOIN ROAST","PORK LOIN BONELESS IMPS #413 FROZEN UNCOOKED USDA INSPECTED FRESH PORK LOINS BONELESS SINGLE MUSCLE. ALL SURFACE FAT IN EXCESS OF 1/4\" IN DEPTH SHALL BE REMOVED. NATURAL UNSEASONED NO ADDED SODIUM MSG OR SOLUTIONS PERMITTED SODIUM CONTENT NOT TO EXCEED 100 MG PER 4 OUNCE PORTION.  ACCEPTABLE PACK SIZE: ENCASED & COMMERCIALLY SEALED IN MOISTURE/VAPOR-PROOF POLYFILM 2 TO 6 LOINS PER CASE EACH LOIN TO WEIGH BETWEEN 8-18 LB PACKAGE","SPECIFY",null,"CS",1,"50 lb",40,2.14,85.600000000000009,2.14,175285,"Hatfield","6 ct","no",null,"BEK",2.14,null,2.25,50.4,0,0,0]
[null,276,"F1094","PORK SAUSAGE","SAUSAGE PORK BULK","SPECIFY",null,"CS",2,"5 lb",500,20.147553191489362,10073.776595744681,10.073776595744681,1604107,"SYS CLS","2/5 LB","N",null,"Sysco",54.44,26.9,25.99,20.149999999999999,0,0,0]
[null,277,"F1095","PORK SAUSAGE PATTY ","EACH 1.33 OZ COOKED PORK SAUSAGE PATTY PROVIDES 1.00 OZ EQUIVALENT MEAT FOR CHILD NUTRITION MEAL PATTERN REQUIREMENTS LESS THAN 200MG IN SODIUM PER SERVING","JTM OR APPROVED EQUIVALENT","CP54649","CS",360,"1.33 OZ",300,32.774299999999997,9832.2899999999991,9.1039722222222216E-2,3567101,"JDEAN","1/10/LB","N","No one bid specific brand","Shamrock",0,37.75,32.770000000000003,37.71,0,0,0]
[null,278,"F1096","PORK SHREDDED","PULLED PORK BBQ W/ VINEGAR MARINADE/SEMI DRIY LESS THAN 274 MG OF SODIUM PER SERVING CN LABLED THAT EACH 4 OZ SERVING MEETS 2 OZ MEAT EQUIVALENT. COMMERICAL BACK-UP OF COMMODITY PRODUCT OR FOR NOI PRICING","BROOKWOOD FARMS OR APPROVED EQUIVALENT",12302,"CS",4,"5 LB",1010,85.531914893617028,86387.234042553202,21.382978723404257,"7057127C","BROOKWD","8/5 LB","N","Lowest wasn't brand specific","Sysco",0,90.29,43.32,85.53,0,0,0]
[null,279,"CTF7071","POTATO BABY BAKERS","BABY BAKER POTATOES WHOLE OVEN ROASTED GARLIC  CATERING","SPECIFY",null,"CS",6,"2.5LB",25,30.54,763.5,5.09,9071385,"ROASTWORKS","6 / 2.5 LB",null,null,"Labatt",0,30.54,31.61,36.159999999999997,0,0,0]
[null,280,"F1097","POTATO CRINKLE CUT","BAKABLE REGULAR REDUCED SODIUM CRINKLE FRIES 3/8\" l ≤ 160MG SODIUM PER SERVING CN LABLED","McCAIN OR APPROVED EQUIVALENT","MCF03761","CS",6,"5 LB",1000,48.67,48670,8.1116666666666664,9021009,"OVATIONS","6 / 5 LB",null,"Lowest bid wrong item","Labatt",42.85,48.67,50.91,46.27,0,0,0]
[null,281,"D1087","POTATO HASHBROWN DEHYDRATED"," DEHYDRATED POTATOES ","IDAHOAN OR APPROVED EQUIVALENT","29700 00808","CS",6,"2.125 lb",1200,49.17,59004,8.1950000000000003,2090007,"IDAHOAN","6 / 2.125 LB",null,"Lowest wasn't brand specific","Labatt",57.09,49.17,51.05,46.02,0,0,0]
[null,282,"F1098","POTATO HASHBROWN PATTIES","2 OVALS PROVIDE 1/2 CUP VEGETABLE EQUIVALENT.","ORE-IDA OR APPROVED EQUIVALENT","OIF00589A","CS",6,"2.8125 lb",1345,22.987234042553194,30917.829787234044,3.8312056737588658,17354,"ORE IDA","120/2.25OZ","N",null,"Sysco",32.950000000000003,44.58,null,22.99,0,0,0]
[null,283,"D1088","POTATO PEARLS","POTATO PEARLS NATURE'S OWN MASHED REDUCED SODIUM","BASIC AMERICAN FOODS OR APPROVED EQUIVALENT",10169,"CS",10,"29.3 oz",1500,58.08,87120,5.8079999999999998,2106397,"BASIC AMR","10 / 29.3 OZ",null,null,"Labatt",0,58.08,null,58.14,0,0,0]
[null,284,"F1099","POTATO SPIRAL","BAKABLE SEASONED SPIRALS ≤ 240MG PER SERVING CN LABLED","McCAIN OR APPROVED EQUIVALENT",1000004108,"CS",6,"4 LB",1500,41.1,61650,6.8500000000000005,129991,"MCCAIN","6/4LB","NO",null,"BEK",41.1,44.88,48.43,43.17,0,0,0]
[null,285,"F1100","POTATO STRAIGHT CUT","POTATOES / FRENCH FRIES FROZEN: 10071179036715 SIMPLOT SEASONEDCRISP® SAVORY REDUCED SODIUM 5/16” X 3/8” SC 6/5 LB. 52% LESS SODIUM THAN OUR REGULAR SAVORY THIN CUT FRIES (180MG VS 380MG SODIUM PER 84G REFERENCE AMOUNT). TO BE PACKED TO U.S. GRADE A STANDARDS SKIN-ON 5/16” X 3/8” STRAIGHT CUT POTATOES PROCESSED IN VEGETABLE OIL OVEN-READY PREPARATION.","SIMPLOT OR APPROVED EQUIVALENT","100-71179036715","CS",30,"LB",1000,38.85,38850,1.2950000000000002,8970048,"SEASONEDCR","6 / 5  LB",null,"Lowest bid wrong item","Labatt",33.53,38.85,63.79,61.81,0,0,0]
[null,286,"F1101","POTATO TATER TOTS","TATER TOTS SHAPED POTATOES ZERO GRAMS TRANS FAT OVEN-BAKED.  71G SERVING PROVIDE 1/2 CUP STARCH VEGETABLE FOR THE CHILD NUTRITION MEAL PROGRAM.","MCCAIN FOODSERVICE OR APPROVED EQUIVALENT",1000002789,"CS",6,"5 LB",1000,41.514850000000003,41514.850000000006,6.9191416666666674,2731191,"STRAD","6/5/LB","N",null,"Shamrock",53.58,51.62,41.51,50.74,0,0,0]
[null,287,"F1102","POTATO WAFFLE CUT","FRENCH FRIES WAFFLE CUT BAKEABLE REDUCED SODIUM ≤ 75MG PER SERVING CN LABLED","McCAIN OR APPROVED EQUIVALENT","OIF01037A","CS",6,"4.5 LB",500,35.110106382978721,17555.053191489362,5.8516843971631198,6291926,"SYS IMP","6/4.5 LB","N",null,"Sysco",37.880000000000003,43.95,54.47,35.11,0,0,0]
[null,288,"F1103","PRETZELS IW","HEARTZELS WHOLE GRAIN WHEAT FLOUR/ENRICHED WHEAT FLOUR RED GOLD MEET 1 OZ GRAIN","ROLD GOLD OR APPROVED EQUIVALENT","000-28400-15940-1","CS",104,".7 OZ",500,34.668085106382982,17334.042553191492,0.33334697217675946,1746093,"ROLGOLD","104/.7 OZ","N",null,"Sysco",0,40.9,45.87,34.67,0,0,0]
[null,289,"D1089","PUMPKIN","100% PURE SOLID PACK U.S. GRADE A OR U.S. FANCY","LIBBY'S OR APPROVED EQUIVALENT","","CS",6,"10 CN",100,55.01,5501,9.168333333333333,2171239,"SENECA","6 / #10",null,null,"Labatt",60.09,55.01,66.02,68.63,0,0,0]
[null,290,"CTF7039","RELISH PICKLE DILL","RELISH PICKLE DILL CATERING","SPECIFY",null,"CS",4,"1 GAL",10,26.72,267.2,6.68,5162356,"BEST MAID","4 / 1 GAL",null,null,"Labatt",31.01,26.72,35.26,33.94,0,0,0]
[null,291,"CTF7040","RELISH PICKLE SWEET","RELISH PICKLE SWEET CATERING","SPECIFY",null,"CS",4,"1 GAL",5,32.81,164.05,8.2025000000000006,5162360,"BEST MAID","4 / 1 GAL",null,null,"Labatt",33.799999999999997,32.81,38.44,39.78,0,0,0]
[null,292,"F1104","RICE VEGETABLE FRIED","VEGETABLE FRIED RICE WHOLE GRAIN.  NO MSG ADDED.  5# BAGS","ASIAN FOODS OR APPROVED EQUIVALENT",78001,"CS",8,"5 lb",600,87.58,52548,10.9475,8832010,"ASIAN FOOD","8 / 5 LB",null,"Lowest wasn't brand specific","Labatt",0,87.58,null,66.16,0,0,0]
[null,293,null,"RICE WHOLE GRAIN BROWN PARBOILED","RICE LONG GRAIN PARBOILED 51% WHOLE GRAIN TO MEET NSLP BREAD REQ. LONG GRAIN RICE ENRICHED WITH THIAMIN RIBOFLAVIN NIACIN FOLIC ACID AND IRON. VITAMIN D AND CALCIUM MAY BE ADDED. NO 1 GRADE","SPECIFY",null,"BAG",25,"LB",500,15.206382978723404,7603.1914893617022,0.60825531914893616,3939380,"SYS IMP","1/25 LB","N",null,"Sysco",28.68,23.64,33.79,15.21,0,0,0]
[null,294,"CTF7072","ROLL CINNAMON CATERING","CINNAMON ROLLS FROZEN INDIVIDUALLY BULK PACKED APPROX 3 OZ EACH FREEZER TO OVEN NO PROOFING REQUIRED.  MUST PROVIDE 2 GB IN THE SBP. PILLSBURY SUPREME™ FREEZER-TO-OVEN CINNAMON ROLL 3 OZ  CATERING","PILLSBURY OR APPROVED EQUIVALENT",105358000,"CS",100,"3 OZ",50,45.27,2263.5,0.45270000000000005,8725129,"PILLSBURY","100 / 3.0 OZ",null,"Lowest bid wrong item","Labatt",0,45.27,49.48,40.53,0,0,0]
[null,295,"F1105","ROLL HONEY WHEAT","WHITE WHOLE WHEAT HONEY ROLL DOUGH LAYER PACKED WHOLE GRAIN MEETS 2 OZ EQUIVALENT GRAINS","BRIDGEFORD OR APPROVED EQUIVALENT",6737,"CS",180,"2 OZ",3500,24.01,84035,0.13338888888888889,108231,"BRIDGFORD","180/2OZ","NO",null,"BEK",24.01,26.72,24.94,24.01,0,0,0]
[null,296,"CTF7073","ROLL DINNER WHITE","ROLL DINNER WHITE HEAT & SERVE 1.5OZ CATERING","BRIDGEFORD OR APPROVED EQUIVALENT",6655,"CS",75,"1.5OZ",100,20,2000,0.26666666666666666,"BRIDGFORD","5/15/1.5OZ","NO","no",null,"BEK",20,22.73,21.06,20,0,0,0]
[null,297,"F1106","ROLL CINNAMON ","CINNAMON ROLL WHOLE GRAIN RTL IW MEETS 2 GRAINS","BAKE CRAFTERS OR APPROVED EQUIVALENT",1287,"CS",72,"2.8 OZ",2000,51.89,103780,0.72069444444444442,9231045,"BAKECRAFTE","72 / 2.8 OZ",null,"Lowest wasn't brand specific","Labatt",0,51.89,53.25,24.01,0,0,0]
[null,298,"F1107","SANDWICH TURKEY HAM & CHEESE","TURKEY HAM & CHEESE SUB, 5\" MEETS 2 OZ M/MA AND 2 OZ WG EQ FOR NSP","CLASSIC DELIGHT OR APPROVED EQUIVALENT",311,"CS",45,"4.8 OZ",1500,71.59574468085107,107393.6170212766,1.5910165484633572,7059514,"CLSDLGH","45/4.35OZ","N",null,"Sysco",0,null,74.37,71.599999999999994,0,0,0]
[null,299,"CTF7041","SAUCE A-1","ORIGINAL STEAK SAUCE CATERING","KRAFT OR APPROVED EQUIVALENT","00-54400000200","CS",12,"10 OZ",10,58.253191489361704,582.531914893617,4.8544326241134756,4007522,"A.1.","12/10OZ","N",null,"Sysco",61.88,63.12,63.99,58.25,0,0,0]
[null,300,null,"SAUCE BBQ GAL","BARBECUE SAUCE ORIGINAL - NO STARCHES OR GUMS. HEAT-PROCESSED TO PROVIDE STABILITY AT ROOM TEMPERATURE. A REDDISH-BROWN SAUCE WITH A BBQ FLAVOR-LOW HEAT LOW SMOKE. ","SWEET BABY RAY'S OR APPROVED EQUIVALENT","SJ0440HF","CS",4,"1 GAL",100,50.81,5081,12.702500000000001,3203358,"SBR'S","4 / 1 GL",null,null,"Labatt",51.75,50.81,52.58,50.85,0,0,0]
[null,301,"CTF7042","SAUCE BRISKET MARINADE","SAUCE BRISKET MARINADE  CATERING","CLAUDES OR APPROVED EQUIVALENT",null,"CS",4,"1 GAL",15,37.03,555.45000000000005,9.2575000000000003,660015,"Claudes","4/1 gal","no",null,"BEK",37.03,40.31,59.31,90.19,0,0,0]
[null,302,"F1108","SAUCE CHEESE ALFREDO","ALFREDO SAUCE FROZEN BAGS READY TO HEAT AND SERVE.  PASTEURIZED PROCESS CHEESE.  30 POUND CASE PROVIDES 262 SERVINGS 1.83OZ EACH.   EACH 1.83OZ SERVING PROVIDES 1.00 OZ EQUIVALENT MEAT ALTERNATE FOR CHILD NUTRITION MEAL PATTERN REQUIREMENTS.","JTM OR APPROVED EQUIVALENT",5722,"CS",6,"5 LB ",400,69.650000000000006,27860.000000000004,11.608333333333334,3175071,"JTM","6/5/LB","N",null,"Shamrock",0,76.099999999999994,69.650000000000006,77.28,0,0,0]
[null,303,"F1109","SAUCE CHEESE GOLDEN HATCH","GOLDEN HATCH CHEESE SAUCE PROVIDES 1.00 OZ EQUIVALENT MEAT ALTERNATE FOR CHILD NUTRITION MEAL PATTERN REQUIREMENTS","JTM OR APPROVED EQUIVALENT",5731,"CS",6,"5LB BAG",200,82.78,16556,13.796666666666667,4492231,"JTM","6/5/LB","N",null,"Shamrock",0,86.76,82.78,88.03,0,0,0]
[null,304,"F1110","SAUCE CHEESE QUESO BLANCO","CHEESE SAUCE WHITE CHEDDAR W/SALSA VERDE READY TO SERVE 3OZ = 1 MMA.  POUCHES 6/5# FAT GRAMS NOT TO EXCEED 7G.  SODIUM NOT TO EXCEED 600MG","JTM OR APPROVED EQUIVALENT",5718,"CS",6,"5 LB",500,80.83,40415,13.471666666666666,2429551,"JTM","6/5/LB","N",null,"Shamrock",0,86.35,80.83,87.55,0,0,0]
[null,305,"F1111","SAUCE CHEESE THREE","THREE CHEESE SAUCE PROVIDES 1.00 OZ EQUIVALENT MEAT ALTERNATE FOR CHILD NUTRITION MEAL PATTERN REQUIREMENTS","JTM OR APPROVED EQUIVALENT",5730,"CS",6,"5LB",500,86.15,43075,14.358333333333334,8935696,"JTM","6 / 5 LB",null,"Lowest bid wrong item","Labatt",61.57,86.15,82.09,87.4,0,0,0]
[null,306,"D1090","SAUCE CHEESE ULTIMATE CHEEDAR","CHEESE SAUCE READY TO SERVE REDUCED FAT CHEDDAR:  CANNED OR POUCHES CHEDDAR 3 OZ = 1MMA.  6/#10 OR POUCHES 6/5#  FAT GRAMS NOT TO EXCEED 10G SODIUM NOT TO EXCEED 570MG.  AVAILABLE FOR NET OFF INVOICE  LAND O LAKES PREFERRED. FOR NOI PRICING","LAND O'LAKES OR APPROVED EQUIVALENT",39940,"CS",6,"5 LB",500,71.930000000000007,35965,11.988333333333335,4890581,"LOL","6/106/OZ","N",null,"Shamrock",85.03,74.45,71.930000000000007,73.06,0,0,0]
[null,307,"D1091","SAUCE CRANBERRY","CRANBERRIES JELLIED U.S. GRADE A OR U.S. FANCY RESEALABLE","OCEAN SPRAY OR APPROVED EQUIVALENT",1401,"CS",6,"101 OZ",75,42.364893617021274,3177.3670212765956,7.0608156028368789,5729967,"SYS IMP","6/#10","N",null,"Sysco",0,53.23,null,42.36,0,0,0]
[null,308,"D1092","SAUCE HOT PC","SABOR BY TEXAS PETE MEXICAN HOT SAUCE PC","TEXAS PETE OR APPROVED EQUIVALENT",null,"CS",200,7,1000,8.94,8940,4.4699999999999997E-2,5012042,"POCO","200 / 7 GM",null,null,"Labatt",12.55,8.94,12.09,57.68,0,0,0]
[null,309,"D1093","SAUCE MANWICH SLOPPY JOE","SAUCE SLOPPY JOE MANWICH","MANWICH OR APPROVED EQUIVALENT","27000-44181","CS",6,"#10 CAN",500,35.51,17755,5.918333333333333,785065,"Manwich","4/#10","no","Lowest missing info","BEK",35.51,42.45,36.5,35.299999999999997,0,0,0]
[null,310,"D1100","SAUCE ORANGE","RTU - PRONOUNCED SWEETNESS AND SOURNESS WITH ORANGE FLAVOR. THICK LIGHT BROWN GLAZE","KIKKOMAN OR APPROVED EQUIVALENT","0-1576","CS",4,".5 GAL",250,35.47,8867.5,8.8674999999999997,113278,"Kikkoman","4/.5 gal","no",null,"BEK",35.47,50.95,38.43,50.06,0,0,0]
[null,311,"D1094","SAUCE PICANTE","PICANTE SAUCE THICK AND CHUNKY","SPECIFY","","CS",4,"1 GAL",23,38.810638297872345,892.64468085106387,9.7026595744680861,7779814,"CASACLS","4/135 OZ","N",null,"Sysco",0,46.09,49.94,38.81,0,0,0]
[null,312,"D1095","SAUCE PICANTE PC","PICANTE SAUCE PC","SPECIFY","","CS",200,".5 OZ",200,12.62,2524,6.3099999999999989E-2,3295748,"SALSA DEL","200 / 0.5 OZ",null,null,"Labatt",17.690000000000001,12.62,14.14,47.96,0,0,0]
[null,313,"D1096","SAUCE SOY PC","SOY SAUCE INDIVIDUAL PACKETS LOW SODIUM","SPECIFY","","CS",500,"9 GR",150,9.8404255319148941,1476.0638297872342,1.9680851063829788E-2,4960829,"KIKOMAN","200/.3 OZ","N",null,"Sysco",0,14.46,12.11,9.84,0,0,0]
[null,314,"D1097","SAUCE TOMATO","TOMATO SAUCE FROM MATURE WHOLE AND TRIMMED TOMATOES OF GOOD COLOR ARE STRAINED AND PARTIALLY CONCENTRATED BEFORE THEY ARE BLENDED WITH ONIONS, GARLIC, AND OTHER NATURAL FLAVORING TO ACHIEVE A SMOOTH AND FREE FLOWING SAUCE. MAKING FROM CONCENTRATE ASSURES THE COLOR, QUALITY AND CONSISTENCY ARE ALWAYS JUST RIGHT. ZERO TRANS FATS. GLUTEN FREE. LOW SODIUM","RED GOLD OR APPROVED EQUIVALENT","RPKHA99","CS",6,"10 CN",400,31.212765957446809,12485.106382978724,5.2021276595744679,"0964791","REDPACK","6/10#","N","Lowest bid wrong item","Sysco"," ",35,null,31.21,0,0,0]
[null,315,"D1098","SAUCE TOMATO MARINARA","NUTRITIONALLY ENHANCED MARINARA SAUCE 70% LOWER IN SODIUM ","RED GOLD OR APPROVED EQUIVALENT","RPKNA9E","CS",6,"10 CN",500,42.72,21360,7.12,"RPKMA9E","RED PACK","6 / #10",null,null,"Labatt",0,42.72,null,42.79,0,0,0]
[null,316,"D1099","SAUCE TOMATO SPAGHETTI ","SPAGHETTI SAUCE NUTRIENT ENHANCED LOW SODIUM","RED GOLD OR APPROVED EQUIVALENT","RPKMA9E","CS",6,"10 LB",750,40.648936170212771,30486.702127659577,6.7748226950354615,6220533,"REDPACK","6/10#","N",null,"Sysco",0,42.72,41.58,40.65,0,0,0]
[null,317,"CTF7043","SAUCE WORCESTERSHIRE","WORCESTERSHIRE SAUCE BULK CATERING","SPECIFY","","CS",4,"1 GAL",5,20.25,101.25,5.0625,124162,"Ellington","4/1 gal","no",null,"BEK",20.25,32.979999999999997,33.950000000000003,35.770000000000003,0,0,0]
[null,318,"D1101","SHELL TACO","WHOLE GRAIN CORN FULLY COOKED TACO SHELL 6\"","MEX ORIG OR APPROVED EQUIVALENT","24850-621","CS",1,"200 CT",500,13.85,6925,13.85,null,"El Charro",200,"no","This product will be produced 24 hours prior to delivery to RISD. This product is certified NMTRUE and produced in Roswell NM","El Charro",16.57,20.260000000000002,18.3,16.72,13.85,0,0]
[null,319,"D1102","SHELL TOSTADA","WHOLE GRAIN CORN FULLY COOKED TOSTADA SHELL 5.5\"","MEX ORIG OR APPROVED EQUIVALENT","23194-621","CS",1,"200 CT",300,13,{"$f":"IF(L324*K324= 0,\"\",L324*K324)","v":3900},{"$f":"IF(L324/I324= 0,\"\",L324/I324)","v":13},null,"El Charro",200,"no","This product will be produced 24 hours prior to delivery to RISD. This product is certified NMTRUE and produced in Roswell NM","El Charro",16.940000000000001,18.170000000000002,16.7,16.11,13,0,0]
[null,320,"D1103","SOUP CREAM OF CHICKEN","HEALTHY REQUEST CONDENSED SOUP CREAM OF CHICKEN","CAMPBELLS OR APPROVED EQUIVALENT",4143,"CS",12,"50 OZ",200,55.88,11176,4.6566666666666672,9859521,"CMPBL","12/50/OZ","N",null,"Shamrock",0,60.57,55.88,63.57,0,0,0]
[null,321,"D1104","SOUP CREAM OF MUSHROOM","HEALTHY REQUEST CONDENSED SOUP CREAM OF MUSHROOM","CAMPBELLS OR APPROVED EQUIVALENT",4144,"CS",12,"50 OZ",175,53.83,9420.25,4.4858333333333329,9407380,"CAMPBELLS","12 / 50 OZ",null,"Lowest bid wrong item","Sysco",0,53.83,55.35,39.69,0,0,0]
[null,322,"CTF7044","SOUR CREAM LIGHT","SOUR CREAM LIGHT CATERING","SPECIFY","","CS",2,"5 LB",20,14.431914893617023,288.63829787234044,7.2159574468085115,9094301,"WHLFCLS","2/5 LB","N",null,"Sysco",0,32.72,22.37,14.43,0,0,0]
[null,323,"D1105","SOUR CREAM LIGHT PC","SOUR CREAM LIGHT PC","SPECIFY","","CS",100,"1 OZ",175,14.95,2616.25,0.14949999999999999,3529923,"DAISY","100 / 1 OZ",null,null,"Labatt",0,14.95,18.489999999999998,0,0,0,0]
[null,324,"D1106","SPICE BASIL","BASIL LEAF WHOLE LEAF  ","SPECIFY",null,"CS",1,"1.62 LB",63,27.75,1748.25,27.75,6181002,"DURKEE","1 / 1.62 LB",null,"Lowest bid wrong item","Labatt",6.52,27.75,20.54,17.95,0,0,0]
[null,325,"D1107","SPICE BAY LEAVES","BAY LEAVES","SPECIFY",null,"BTL",1,"30 OZ",10,18.995550000000001,189.95550000000003,18.995550000000001,4603911,"KATYS","1/26/OZ","N","Lowest bid wrong item","Shamrock",10.78,null,19,17.239999999999998,0,0,0]
[null,326,"D1108","SPICE CHILI","CHILI POWDER LIGHT FINE GRIND MILD  NO OTHER ADDITIVES","BUENO OR APPROVED EQUIVALENT","","BTL",1,"5 LB",150,29.63,4444.5,29.63,104928,"McCormick","5.5 lb","no",null,"BEK",29.63,35.85,36.880000000000003,33.85,0,0,0]
[null,327,"D1109","SPICE CINNAMON","CINNAMON GROUND","MCCOMICK'S OR APPROVED EQUIVALENT",null,"BTL",1,"18 OZ",50,5.6,280,5.6,5265451,"SYS CLS","18 OZ","N",null,"Sysco",6.17,7,7.72,5.6,0,0,0]
[null,328,"D1110","SPICE CUMIN","CUMIN","SPECIFY",null,"BTL",1,"4.5 LB",10,21.8,218,21.8,5239561,"SYS CLS","4.5 LB","N","Lowest bid wrong pack size","Sysco",25.75,8.3699999999999992,44.87,21.8,0,0,0]
[null,329,"D1111","SPICE FAJITA","FAJITA SEASONING AND MARINADE SALT FREE","SPECIFY",null,"BTL",1,"30 OZ",145,10.76,1560.2,10.76,5228788,"IMP/MCC","30 OZ","N",null,"Sysco",0,19.54,11.54,10.76,0,0,0]
[null,330,"D1112","SPICE GARLIC POWDER","GARLIC GRANUATED","SPECIFY",null,"BTL",1,"7.25 LB",175,34.75,6081.25,34.75,115611,"Gransabor","6.50 lb","no",null,"BEK",34.75,57.68,53.69,48.07,0,0,0]
[null,331,"D1113","SPICE ITALIAN BLEND","ITALIAN BLEND SALT FREE NO MSG","SPECIFY",null,"BTL",1,"9.5 OZ",75,4.8499999999999996,363.75,4.8499999999999996,115610,"Spice Classic","6oz","no",null,"BEK",4.8499999999999996,6.76,6.44,7.7,0,0,0]
[null,332,"D1114","SPICE LEMON PEPPER","SPICE LEMON PEPPER LOW SODIUM","SPECIFY",null,"EA",1,"1 LB",100,11.2,1120,11.2,6184303,"DURKEE","1 / 28 OZ",null,null,"Labatt",0,11.2,null,18.100000000000001,0,0,0]
[null,333,"D1115","SPICE MUSTARD DRY","MUSTURD DRY","COLEMAN'S OR APPROVED EQUIVALENT",null,"BTL",1,"14 OZ",60,5.45,327,5.45,6184444,"DURKEE","1 / 14 OZ",null,null,"Labatt",9.65,5.45,5.89,6.62,0,0,0]
[null,334,"D1116","SPICE ONION DEHYDRATED","ONION DEHYDRATED","SPECIFY","","BOX",15,"16 OZ",75,42.031914893617021,3152.3936170212764,2.802127659574468,7356639,"CONAGRA","1/15 LB","N","Lowest wasn't lowest per lb","Sysco",17.25,68.8,53.66,42.03,0,0,0]
[null,335,"D1117","SPICE ONION POWDER","ONION POWDER","SPECIFY",null,"BTL",1,"6 LB",25,6.84,{"$f":"IF(L340*K340= 0,\"\",L340*K340)","v":171},{"$f":"IF(L340/I340= 0,\"\",L340/I340)","v":6.84},6184618,"DURKEE","1 / 20 OZ",null,null,"Labatt",20.81,6.84,34.97,28.79,0,0,0]
[null,336,"D1118","SPICE OREGANO","OREGANO GROUND COURSE","SPECIFY",null,"BTL",1,"16 OZ",15,7.4634999999999998,111.9525,7.4634999999999998,4612391,"KATYS","1/12/OZ","N",null,"Shamrock",12.71,7.53,7.46,9.6199999999999992,0,0,0]
[null,337,"D1119","SPICE PAPRIKA","PAPRIKA SPICE","SPECIFY",null,"BTL",1,"5.5LB",25,16.739999999999998,418.49999999999994,16.739999999999998,5236690,"SYS CLS","4.5 LB","N",null,"Sysco",21.41,39.25,46.18,16.739999999999998,0,0,0]
[null,338,"D1120","SPICE PARSLEY","DEHYDRATED PARSLEY FLAKES ","SPECIFY",null,"BTL",1,"11 0Z",50,4.16,208,4.16,6184733,"DURKEE","1 / 2 OZ",null,null,"Labatt",7.87,4.16,13.55,10.96,0,0,0]
[null,339,"D1121","SPICE PEPPER BLACK","BLACK PEPPER GROUND COURSE ","SPECIFY",null,"EA",1,"5 LB",40,44.81,1792.4,44.81,6184881,"TRADERS CH","1 / 4.5 LB",null,null,"Labatt",76.709999999999994,44.81,53.52,71.31,0,0,0]
[null,340,"CTF7045","SPICE PEPPER BLACK PC","BLACK PEPPER GROUND COURSE INDIVIDUAL PACKETS CATERING","SPECIFY","","CS",3000,".5 GM",20,11.9,238,3.966666666666667E-3,14462,"DIAM CRYST","1 / 1 CT",null,null,"Labatt",16.7,11.9,28.63,26.51,0,0,0]
[null,341,"D1122","SPICE PEPPER WHITE","WHITE PEPPER GROUND COURSE ","SPECIFY",null,"BTL",1,"5 lb",20,6.57872340425532,131.57446808510639,6.57872340425532,5327459,"SYS CLS","6/18 OZ.","N",null,"Sysco",64.56,14.39,82.71,6.58,0,0,0]
[null,342,"D1123","SPICE POULTRY","POULTRY SEASONING SALT FREE ","SPECIFY",null,"BTL",1,"10 OZ",15,6.52,97.8,6.52,877009,"TEX SPICE","1 / 10 OZ",null,null,"Labatt",0,6.52,null,34.93,0,0,0]
[null,343,"D1124","SPICE PUMPKIN PIE","PUMPKIN PIE SPICE  CINNAMON GINGER NUTMEG ALLSPICE AND SULFATING AGENTS.","MCCOMICK'S OR APPROVED EQUIVALENT",5210032310,"CS",6,"1 LB",225,17.670000000000002,3975.7500000000005,2.9450000000000003,774118,"Mccomick's","16 oz","no","Lowest wasn't brand specific","BEK",17.670000000000002,11.81,14.49,98.35,0,0,0]
[null,344,"D1125","SPICE SAGE","SAGE GROUND ","SPECIFY",null,"BTL",1,"18 OZ",10,15.13,151.30000000000001,15.13,5229638,"IMP/MCC","11 OZ","N","Lowest wasn't lowest per oz","Sysco",0,8.8000000000000007,21.95,15.13,0,0,0]
[null,345,"D1126","SPICE SALT","SALT TABLE EVAPORATED IODIZED","SPECIFY","","BAG",25,"LB",60,4.38,262.8,0.17519999999999999,159455,"Tru Flo","25 lb","no",null,"BEK",4.38,7.69,8.91,6.1,0,0,0]
[null,346,"D1127","SPICE SALT FREE","SEASONING 100% SALT FREE ONION, SPICES (BLACK PEPPER, PARSLEY, CELERY SEED, BASIL, BAY MARJORAM, OREGANO, SAVORY, THYME, CAYENNE PEPPER, CORIANDER, CUMIN, MUSTARD, ROSEMARY), GARLIC, CARROT, ORANGE PEEL, TOMATO, LEMON JUICE POWDER, CITRIC ACID, OIL OF LEMON","MRS. DASH OR APPROVED EQUIVALENT",605021603287,"CS",1,"21 OZ",500,15.67,7835,15.67,9904268,"IMP/MCC","20 OZ","N",null,"Sysco",102.76,94.55,105.54,15.67,0,0,0]
[null,347,"D1128","SPICE SALT KOSHER","SALT KOSHER","DIAMOND CRYSTAL OR APPROVED EQUIVALENT",null,"CS",12,"LB",10,34.212765957446805,342.12765957446805,2.8510638297872339,1995125,"MORTON","12/3 LB","N",null,"Sysco",65.89,null,53.28,34.21,0,0,0]
[null,348,"CTF7046","SPICE SALT PC","SALT TABLE EVAPORATED IODIZED PC CATERING","SPECIFY","","CS",6000,".5 GM",15,10.09,151.35,1.6816666666666666E-3,676007,"Keith","3M","no",null,"BEK",10.09,16.22,16.23,12.74,0,0,0]
[null,349,"D1129","SPICE STEAK BLEND","MONTREAL STEAK SEASONING SALT FREE","SPECIFY",null,"BTL",1,"7 LB",85,45.4,3859,45.4,774493,"McCormick","7 lb","no","Lowest bid wrong pack size","BEK",45.4,9.1999999999999993,14.63,59.08,0,0,0]
[null,350,"D1130","SPICE TACO","TACO SEASONING SALT FREE","SPECIFY","","CS",6,"6.6 OZ",150,8.7449999999999992,1311.7499999999998,1.4574999999999998,4612901,"KATYS","1/21/OZ","N",null,"Shamrock",0,15.11,8.74,8.8699999999999992,0,0,0]
[null,351,"D1131","STUFFING","UNCLE BEN'S CLASSIC CORNBREAD STUFFING MIX BLEND OF 2 KINDS OF BREAD CRUMBS SEASONINGS AND FLAVORS.","UNCLE BEN’S OR APPROVED EQUIVALENT",13508,"CS",6,"3.5 LB",110,69.40425531914893,7634.4680851063822,11.567375886524822,7191123,"UNC BEN","6/56OZ","no","Lowest bid wrong item","Sysco",63.26,74.31,74.91,69.400000000000006,0,0,0]
[null,352,"D1132","SUGAR","SUGAR GRANULATED EXTRA FINE","SPECIFY","","BAG",25,"LB",80,20.267021276595749,1621.36170212766,0.81068085106382992,5087572,"SYS CLS","1/25 LB","N",null,"Sysco",23.96,27.23,29.51,20.27,0,0,0]
[null,353,"D1133","SUGAR BROWN","SUGAR BROWN NED 10X","SPECIFY","","CS",24,"2 LB",15,29.878723404255318,448.18085106382978,1.2449468085106383,5123054,"DOMINO","12/2 LB","N",null,"Sysco",30.95,30.12,39.97,29.88,0,0,0]
[null,354,"D1134","SUGAR PC","SUGAR PURE CANE PACKET","SPECIFY",null,"CS",2000,"0.1 OZ",5,12.49255319148936,62.462765957446805,6.2462765957446804E-3,4000899,"SYS CLS","2000/1/10OZ","N",null,"Sysco",0,20.81,17.61,12.49,0,0,0]
[null,355,"D1135","SUGAR PC ARTIFICIAL SWEETENER ","ARTIFICIAL SWEETENER INDIVIDUAL PACKETS ","SPECIFY","","CS",2500,"CT",5,11.947872340425535,59.739361702127674,4.7791489361702138E-3,6115315,"SWTPLUS","2000/1 GM","N",null,"Sysco",17.63,23.28,22.28,11.95,0,0,0]
[null,356,"CTF7047","SUGAR POWDERED","SUGAR POWDERED 6X CATERING","SPECIFY","","BAG",1,"25 LB",7,22.902127659574468,160.31489361702128,22.902127659574468,1854678,"SYS CLS","1/25 LB","N",null,"Sysco",25.09,29.9,39.72,22.9,0,0,0]
[null,357,"D1136","SYRUP PC","MAPLE FLAVORED. READY TO SERVE PORTION CONTROL CUP 1.4OZ TO 1.6OZ SERVING SIZE    ","SPECIFY",null,"CS",100,"1.4-1.5 OZ",2000,13.477659574468086,26955.319148936174,0.13477659574468087,4908299,"SMUCKER","100/1.4 OZ","N",null,"Sysco",21.06,15.34,18.670000000000002,13.48,0,0,0]
[null,358,"D1137","TAJIN PC","SEASONING TAJIN LOW SODIUM PC","TAJIN OR APPROVED EQUIVALENT",null,"CS",1000,".05 OZ",200,48.26,9652,4.8259999999999997E-2,1440451,"TAJIN","1000 / 1 GM",null,null,"Labatt",0,48.26,57.6,53.28,0,0,0]
[null,359,null,"TAMALES CHICKEN GREEN CHILE","TAMALE CHICKEN GREEN CHILE NO FILLERS 0G TRANS FAT HEAT & SERVE MEETS NEW MEXICO GROWN REQUIREMENTS","BUENO OR APPROVED EQUIVALENT","1370-3","CS",60,"3 OZ",1000,38.904255319148938,38904.255319148935,0.64840425531914891,2198224,"BUENO","60/3 OZ.","N","Lowest bid wrong item","Sysco",36.909999999999997,75.34,50.47,38.9,0,0,0]
[null,360,null,"TAMALES PORK RED CHILE","TAMALE PORK RED CHILE NO FILLERS 0G TRANS FAT HEAT & SERVE MEETS NEW MEXICO GROWN REQUIREMENTS","BUENO OR APPROVED EQUIVALENT","1375-3","CS",60,"3 OZ",1000,46.180851063829785,46180.851063829781,0.76968085106382977,8797425,"BUENO","1/5 DZ","N","Lowest bid wrong item","Sysco",36.1,77.510000000000005,49.94,46.18,0,0,0]
[null,361,"D1138","TOMATO DICED","TOMATOES DICED GRADE A LOW SODIUM (140 MILLIGRAMS OF SODIUM OR LESS PER SERVING).","SPECIFY",null,"CS",6,"10 CN",600,32.9,19740,5.4833333333333334,2280990,"RED GOLD","6 / #10",null,null,"Labatt",34.04,32.9,33.130000000000003,33.61,0,0,0]
[null,362,"D1139","TOMATO PASTE","TOMATO PASTE 26% SOLID HEAVY CONCENTRATION NET WEIGHT 114 OZ GRADE A LOW SODIUM (140 MILLIGRAMS OF SODIUM OR LESS PER SERVING).","SPECIFY","","CS",6,"10 CN",300,43.714000000000006,13114.200000000003,7.2856666666666676,1946591,"BHVSD","6/10/CN","N","Lowest didn't meet sodium","Shamrock",40.04,47.12,43.71,47.91,0,0,0]
[null,363,"F1112","TORNADO STEAK AND CHEESE","SHREDDED RANCHERO STEAK AND CHEESE WHOLE GRAIN RUIZ  144/2.79OZ","RUIZ FOODS OR APPROVED EQUIVALENT",86585,"CS",144,"2.79 OZ",500,null,"","",null,null,null,null,"No one had correct pack size",null,0,21.11,null,19.45,0,0,0]
[null,364,"C1041","TORTILLA CORN","6” WHITE CORN MADE FROM CORN FLOUR OR MEAL - MADE FROM ENRICHED CORN MEAL.  EACH SHELL MUST BE A MINIMUM OF 25 GRAMS TO MEET 1 GB IN THE NSLP.","MISSION OR APPROVED EQUIVALENT",10630,"CS",60,"12 CT",250,38.950000000000003,9737.5,0.64916666666666667,8971757,"MISSION","6 / 60 CT",null,"Lowest weren't brand specific or approved by kitchen","Labatt",41.98,38.950000000000003,39.700000000000003,16.37,18,0,0]
[null,365,null,"TORTILLA CORN STREET 4.5\"","4.5\" CORN TORTILLA","MISSION OR APPROVED EQUIVALENT",73731071519,"CS",12,"12CT",2000,4.5,9000,0.375,null,"El Charro",144,"no","This product will be packed in 2/72 count packages. This product will be produced 24 hours prior to delivery to RISD. This product is certified NMTRUE and is produced in Roswell NM","El Charro",20.41,19.45,19.920000000000002,21,4.5,0,0]
[null,366,"CTF7006","TORTILLA FLOUR  10\"","10\" FLOUR TORTILLA FOR BURRITOS   NOT WHOLE GRAIN CATERING","BUENO OR APPROVED EQUIVALENT",null,"CS",12,"12 CT",4000,21.074468085106382,84297.872340425529,1.7562056737588652,"0961193","NMFOODS","12/12 CT","N",null,"Sysco",25.55,42.51,null,21.07,31.68,0,0]
[null,367,"CTF7007","TORTILLA FLOUR  6\"","6\" FLOUR TORTILLA FOR SOFT TACOS/FAJITAS  NOT WHOLE GRAIN CATERING","BUENO OR APPROVED EQUIVALENT",null,"CS",12,"12CT",100,12.776595744680851,1277.6595744680851,1.0647163120567376,"0961219","NMFOODS","12/12 CT","N",null,"Sysco",17.52,40.17,20.76,12.78,30,0,0]
[null,368,"C1042","TORTILLA FLOUR 6\" WG","6\" WHOLE WHEAT FLOUR WHOLE GRAIN - FRESH","NM FOODS OR APPROVED EQUIVALENT",3523783021,"CS",12,"12 CT",2400,null,null,null,null,null,null,null,"No one bid correct item or sample was not accepted",null,0,38.43,null,12.03,32,0,0]
[null,369,"C1043","TORTILLA FLOUR 9\" WG","9’ WHOLE WHEAT FLOUR MUST BE UNIFORM IN SIZE - MADE FROM ENRICHED FLOUR UNIFORM IN SIZE AND A MINIMUM OF 54 GRAMS TO MEET 2 GB IN THE NSLP WHOLE GRAIN - FRESH","NM FOODS OR APPROVED EQUIVALENT",3523783021,"CS",12,"12 CT",3800,17.819148936170215,{"$f":"IF(L374*K374= 0,\"\",L374*K374)","v":67712.765957446813},{"$f":"IF(L374/I374= 0,\"\",L374/I374)","v":1.4849290780141846},2992107,"NMFOODS","12/1DOZ","N",null,"Sysco",0,41.61,23.34,17.82,32,0,0]
[null,370,"F1113","TURKEY BREAST DELI","SLICED OVEN ROASTED REDUCED SODIUM BY 30% .5 OZ SLICE FROZEN COMMERICAL BACK-UP OF COMMODITY PRODUCT OR FOR NOI PRICING","JENNY O OR APPROVED EQUIVALENT ",2099,"CS",12,"1 LB",600,49.404255319148938,29642.553191489362,4.1170212765957448,2528636,"JENNIEO","12/1 LB","N",null,"Sysco",51.31,52.86,51.49,49.4,0,0,0]
[null,371,"F1114","TURKEY HAM DELI","SLICED 5% WATER ADDED NATURALLY LEAN REDUCED SODIUM BY 26% 94% FAT FREE .51 OZ SLICE FROZEN CN LABLED COMMERICAL BACK-UP OF COMMODITY PRODUCT OR FOR NOI PRICING","JENNY O OR APPROVED EQUIVALENT ",2565,"CS",12,"1 LB",700,48.765957446808514,34136.170212765959,4.0638297872340425,1126184,"JENNIEO","12/1 LB","N",null,"Sysco",48.88,52.34,50.89,48.77,0,0,0]
[null,372,"F1115","TURKEY ROAST","U.S. GRADE A FROZEN ROASTS PREPARED FROM BREAST MEAT THIGH MEAT AND SKIN OF YOUNG READY-TO-COOK TURKEYS WITH WATER SALT AND SODIUM PHOSPHATES ADDED. ROASTS ARE AT LEAST 47% BREAST MEAT WITH A MAXIMUM OF 34% THIGH MEAT AND 12.5% SKIN. THE ROASTS IN ONE CONTAINER WILL NOT VARY MORE THAN 2 LB PER ROAST. EACH ROAST WILL BE 9 TO 17 INCH IN LENGTH AND 4 TO 7 INCH IN DIAMETER AND WILL BE TIED OR PLACED IN COTTON NETTING. (4) 8-12 POUNDS PER CASE COMMERICAL BACK-UP OF COMMODITY PRODUCT OR FOR NOI PRICING","SPECIFY",null,"LB",4,"8-12 LBS",100,3.18,318,0.79500000000000004,171804,"Keith Valley","2/8.5-11 lb","no",null,"BEK",3.18,4.32,4.3,3.36,0,0,0]
[null,373,"F1116","TURKEY SAUSAGE PATTY","SAUSAGE PATTY FORMED FULLY COOKED REDUCED FAT TURKEY SAUSAGE PATTIES 2.5” ONE 1.5 OZ. PATTY PROVIDES 1 OZ. PROTEIN EQUIVALENT LESS THAN 320 MG OF SODIUM","JENNY O OR APPROVED EQUIVALENT ",100124,"CS",133,"1.22 OZ",150,32.39,4858.5,0.24353383458646616,492741,"Fast n Easy","10 lb","no",null,"BEK",32.39,48.87,47.12,35.229999999999997,0,0,0]
[null,374,"D1140","VANILLA","VANILLA IMITATION FLAVOR NO ALCOHOL","SPECIFY","","CS",6,"32 OZ",5,4.5199999999999996,22.599999999999998,0.7533333333333333,6185813,"DURKEE","1 / 32 OZ",null,null,"Labatt",7.33,4.5199999999999996,18.25,28,0,0,0]
[null,375,"F1117","VEG BROCCOL FROZEN","VEGETABLEBROCCOLI CUTS FROZEN GRADE A","SPECIFY","","CS",12,"2.5 LB",350,29.27,10244.5,2.4391666666666665,9090334,"GARDEN FRE","12 / 2.5 LB",null,null,"Labatt",34.270000000000003,29.27,36.159999999999997,42.7,0,0,0]
[null,376,"F1118","VEG CALIFORNIA BLEND","CALIFORNIA BLEND/ FROZEN GRADE A CARROTS BROCCOLI CAULIFLOWER","SPECIFY","","CS",20,"LB",50,21.4,1070,1.0699999999999998,9092348,"GARDEN FRE","1 / 20 LB",null,null,"Labatt",25.29,21.4,34.03,30.01,0,0,0]
[null,377,"F1119","VEG CARROTS DICED","CARROTS FROZEN GRADE A DICED","SPECIFY",null,"CS",1,"30 LB",375,25.13,9423.75,25.13,4541034,"STOKELY","12 / 2 LB",null,null,"Labatt",25.37,25.13,40.53,31.43,0,0,0]
[null,378,"F1120","VEG CARROTS SLICED","CARROTS FROZEN GRADE A","SPECIFY",null,"CS",20,"LB",75,21.8,1635,1.0900000000000001,4541003,"STOKELY","1 / 20 LB",null,null,"Labatt",27.32,21.8,43.29,33.74,0,0,0]
[null,379,"F1121","VEG CHILE GREEN HOT","GREEN CHILE HOT DICED FROZEN","M A SONS, BUENO OR APPROVED EQUIVALENT",null,"CS",6,"3.5 LB",600,37.08,22248,6.18,37678,"BUENO","5 / 5 LB",null,"Lowest weren't brand specific","Labatt",26.6,37.08,32.229999999999997,27.31,0,0,0]
[null,380,"F1122","VEG CHILE GREEN MILD","GREEN CHILE FROZEN DICED MILD","M A SONS, BUENO OR APPROVED EQUIVALENT","","CS",5,"5 LB",1200,37.33,44796,7.4659999999999993,8653552,"BUENO","5 / 5 LB",null,"Lowest weren't brand specific","Labatt",29.26,37.33,32.229999999999997,28.77,0,0,0]
[null,381,"F1123","VEG CHILE RED HOT","RED CHILE PUREE  HOT  FROZEN","M A SONS, BUENO OR APPROVED EQUIVALENT",null,"CS",6,"3.5 LB",150,27.691299999999998,4153.6949999999997,4.6152166666666661,3107931,"P. L.","6/56/OZ","N",null,"Shamrock",38.979999999999997,46.21,27.69,35.520000000000003,0,0,0]
[null,382,"F1124","VEG CHILE RED MILD","RED CHILE PUREE MILD FROZEN","M A SONS, BUENO OR APPROVED EQUIVALENT","","CS",6,"3.5 LB",250,27.691299999999998,6922.8249999999998,4.6152166666666661,3107921,"P. L.","6/56/OZ","N",null,"Shamrock",38.979999999999997,42.47,27.69,38.799999999999997,0,0,0]
[null,383,"D1141","VEG CORN CANNED","US GRADE B VACUUM PACKED LOW SODIUM (140 MILLIGRAMS OF SODIUM OR LESS PER SERVING).","SPECIFY","","CS",6,"10 CN",600,33.369999999999997,20022,5.5616666666666665,1695022,"STOKELY","6 / #10",null,null,"Labatt",35.630000000000003,33.369999999999997,42.97,40.08,0,0,0]
[null,384,"F1125","VEG CORN FROZEN","CORN SWEET WHOLE KERNEL: FROZEN TO MEET THE STANDARD U. S. GRADE A  YELLOW OR GOLDEN TO BE PACKED IN POLY BAG LINER IN CASES WITH POLY BAG \"TUCKED\" TO COMPLETELY COVER AND PROTECT THE PRODUCT FROM FREEZER BURN. 20#","SPECIFY",null,"CS",1,"20 LB",1000,24.811702127659572,24811.702127659573,24.811702127659572,3533486,"SYS CLS","1/30 LB","N",null,"Sysco",25.22,24.9,46.17,24.81,0,0,0]
[null,385,"F1126","VEG FAJITA BLEND","VEGETABLE BLEND FAJITA ONIONS GREEN & RED PEPPERS","CLASSIC OR APPROVED EQUIVALENT",74662,"CS",12,"32 OZ",500,37.336489361702128,18668.244680851065,3.1113741134751773,2183960,"SYS CLS","12/2 LB","N","Lowest wasn't lowest per lb","Sysco",22.37,42.59,43.74,37.340000000000003,0,0,0]
[null,386,"CTF7074","VEG GREEN BEAN WHOLE FROZEN","GREEN BEANS WHOLE FROZEN GRADE A CATERING","SPECIFY",null,"CS",6,"4 LB",15,31.55,473.25,5.2583333333333337,4541005,"STOKELY","12 / 2 LB",null,null,"Labatt",39.44,31.55,43.44,41.82,0,0,0]
[null,387,"D1142","VEG GREEN BEANS CANNED","GREEN BEANS4 SIEVE CUT 1 ¼ GRADE B LOW SODIUM (140 MILLIGRAMS OF SODIUM OR LESS PER SERVING).","SPECIFY","","CS",6,"10 CN",1800,29.3,52740,4.8833333333333337,650010,"Allen","6/10 ct","no",null,"BEK",29.3,32.6,44.19,33.56,0,0,0]
[null,388,"F1127","VEG GREEN BEANS FROZEN","GREEN BEANS FROZEN GRADE A","SPECIFY",null,"CS",1,"20 LB",1000,24.2,24200,24.2,4541001,"STOKELY","1 / 20 LB",null,null,"Labatt",28.08,24.2,48.35,38.61,0,0,0]
[null,389,"F1128","VEG OKRA BREADED","OKRA CUT BREADED: IF TO MEET THE STANDARD OF U. S. GRADE A. PRE-BROWNED OVEN READY. CN LABEL OR PRODUCT ANALYSIS SHEET REQUIRED. 4/5#","TASTY BRAND OR APPROVED EQUIVALENT",null,"CS",4,"5 LB",300,75.67,22701,18.9175,9080931,"TASTY BRAN","6 / 5 LB",null,"Lowest weren't brand specific","Labatt",26.7,75.67,36.42,31.68,0,0,0]
[null,390,"F1129","VEG ONION RINGS BREADED","ONION RINGS BREADED 6/2#: IF CHOPPED AND FORMED PRE-BROWNED OVEN READY IF. PROVIDE 1/4 CUP V/F AND 1 G/B SERVING. CN LABEL OR PRODUCT ANALYSIS SHEET REQUIRED. IDENTIFY FAT GRAMS PER 6 PIECE SERVING.","TASTY BRAND OR APPROVED EQUIVALENT",null,"CS",6,"2 LB",400,81.063829787234056,32425.531914893621,13.510638297872342,1580834,"TASTY B","6/5 LB","N",null,"Sysco",0,83.78,84.2,81.06,0,0,0]
[null,391,"D1143","VINEGAR","","SPECIFY","","CS",4,"1 GAL",110,10.81,1189.1000000000001,2.7025000000000001,124167,"CLEMENTS","4/1GAL","NO",null,"BEK",10.81,21.49,33.61,16.48,0,0,0]
[null,392,"F1130","WAFFLE BLUEBERRY IW","WAFFLE MINI BLUEBERRY IW MUST MEET 2 WG EQUIVILENT","PILLSBURY OR APPROVED EQUIVALENT",132264000,"CS",72,"2.2 OZ",1000,32.202127659574465,32202.127659574464,0.44725177304964536,2173379,"PILLSBY","72/2.47OZ","N",null,"Sysco",48.35,36.119999999999997,33.450000000000003,32.200000000000003,0,0,0]
[null,393,"F1131","WAFFLE CHOCOLATE CHIP IW","WAFFLE CHOCOLATE CHIP IW EACH 2.40 OZ SERVING PROVIDES 2.00 EQ GRAINS FOR NSP","TASTY BRAND OR APPROVED EQUIVALENT",55702,"CS",96,"2.40 OZ",850,52.361702127659576,44507.446808510642,0.54543439716312059,7222836,"TASTY B","96 ea","N",null,"Sysco",0,56.52,54.39,52.36,0,0,0]
[null,394,"F1132","WAFFLE MAPLE BULK","MAPLE WHOLE GRAIN EACH 1.4OZ WAFFLE PROVIDES 1 GRAIN EQUIVALENT.  51% WHOLE GRAIN","BAKE CRAFTERS OR APPROVED EQUIVALENT",1556,"CS",1,"144ct",600,32.021276595744688,19212.765957446813,32.021276595744688,7002737,"BAKCRFT","144/1.4 oz","N",null,"Sysco",0,34.909999999999997,35.15,32.020000000000003,0,0,0]
[null,395,"F1133","WAFFLE MAPLE IW","WAFFLE MINI MAPLE MADNESS IW MUST MEET 2 WG EQUIVILENT","PILLSBURY OR APPROVED EQUIVALENT",132265000,"CS",72,"2.47 OZ",1000,33.448349999999998,33448.35,0.46456041666666664,3351381,"PILLS","72/2.47/OZ","N","Lowest missing info","Shamrock",49.84,36.06,33.450000000000003,33.200000000000003,0,0,0]
[null,396,"CTF7048","WALNUTS","WALNUTS CHOPPED CATERING","SPECIFY",null,"CS",3,"2 LB",135,25.148936170212767,3395.1063829787236,8.3829787234042552,4645388,"SYS CLS","3/2 LB","N",null,"Sysco",49.34,44.27,61.49,25.15,0,0,0]
[null,397,"D1144","WATER BOTTLED","BOTTLED WATER PURIFIED","NESTLE OR APPROVED EQUIVALENT",null,"CS",24,"20 0Z",4500,5.95,26775,0.24791666666666667,174035,"ESSENCE BOTTLING","24/16.9OZ","NO",null,"BEK",5.95,null,28.42,6.25,0,0,0]
[null,398,"D1145","WATER GALLON","WATER SPRING","SPECIFY",null,"CS",6,"GAL",800,7.3723404255319149,5897.8723404255315,1.2287234042553192,7006187,"SFSPRGS","6/1 GAL","N",null,"Sysco",11.13,11.16,17.36,7.37,0,0,0]
[null,399,"C1044","WHIPPED TOPPING CAN","WHIPPED TOPPING NON-DAIRY CAN LIKE REDI WHIP","SPECIFY",null,"CS",12,"13 OZ",25,27.469148936170217,686.72872340425545,2.2890957446808513,2223921,"DARISTR","12/15OZ","N",null,"Sysco",30.82,44.41,35.630000000000003,27.47,0,0,0]
[null,400,"D1146","WHIPPED TOPPING MIX","WHIPPED TOPPING NON-DAIRY DRY POWDER MIX","SPECIFY","","CS",12,"16 OZ",60,21.226595744680857,1273.5957446808513,1.7688829787234048,4204004,"SYS CLS","12/12 OZ","N",null,"Sysco",45.47,45.15,null,21.23,0,0,0]
[null,401,"CTF7008","YOGURT BULK PLAIN","NON-FAT BULK CATERING","SPECIFY",null,"CS",6,"30 OZ",55,14.659574468085106,806.27659574468078,2.4432624113475176,1373414,"DANNON","6/32 OZ","N",null,"Sysco",17.62,15.59,15.43,14.66,0,0,0]
[null,402,"C1045","YOGURT CUPS BLUEBERRY","NON-FAT INDIVIDUAL CUPS","UPSTATE FARMS OR APPROVED EQUIVALENT",9816,"CS",48,"4 OZ",500,14.515200000000002,7257.6000000000013,0.30240000000000006,3092461,"UPSTF","48/4/OZ","N",null,"Shamrock",0,19.559999999999999,14.52,19.05,0,0,0]
[null,403,"C1046","YOGURT CUPS CHERRY VANILLA","NON-FAT INDIVIDUAL CUPS","UPSTATE FARMS OR APPROVED EQUIVALENT",9819,"CS",48,"4 OZ",500,20.238400000000002,10119.200000000001,0.42163333333333336,2391931,"UPSTF","48/4/OZ","N","Lowest bid wrong item","Shamrock",0,7.26,20.239999999999998,17.489999999999998,0,0,0]
[null,404,"C1047","YOGURT CUPS RASPBERRY","NON-FAT INDIVIDUAL CUPS","UPSTATE FARMS OR APPROVED EQUIVALENT",9817,"CS",48,"4 OZ",1000,17.203200000000002,17203.2,0.35840000000000005,2391951,"UPSTF","48/4/OZ","N",null,"Shamrock",0,17.22,17.2,19.05,0,0,0]
[null,405,"C1048","YOGURT CUPS RASPBERRY/CHERRY","NON-FAT INDIVIDUAL CUPS","DANNON CREAMY OR APPROVED EQUIVALENT",1956,"CS",48,"4 OZ",1000,14.31,14310,0.29812500000000003,8170040,"DANNON","48 / 4 OZ",null,null,"Labatt",0,14.31,null,19.05,0,0,0]
[null,406,"C1049","YOGURT CUPS STRAWBERRY BANANA","NON-FAT INDIVIDUAL CUPS","UPSTATE FARMS OR APPROVED EQUIVALENT",9820,"CS",48,"4 OZ",1000,17.203200000000002,17203.2,0.35840000000000005,2391961,"UPSTF","48/4/OZ","N","Lowest wasn't brand specific","Shamrock",0,14.8,17.2,19.05,0,0,0]
[null,407,"C1050","YOGURT IN A BAG","YOGURT IN A BAG VANILLA","YOPLAIT PARFAITPRO OR APPROVED EQUIVALENT",16632000,"CS",6,"64 OZ",400,27.52,11008,4.5866666666666669,8170025,"YOPLAIT","6 / 64 OZ",null,null,"Labatt",0,27.52,33.74,29.1,0,0,0]

{"sheet":"BEK","index":1,"n_rows":412,"n_cols":19,"rows_kept":412,"cut":false,"hidden":true,"merged":[[3,23,4,23],[3,24,4,24],[3,25,4,25],[3,26,4,26],[3,15,4,15],[3,16,4,16],[3,17,4,17],[3,18,4,18],[3,21,4,21],[3,22,4,22],[3,14,4,14],[2,1,2,4],[2,8,2,10],[2,11,2,14],[3,1,4,1],[3,2,4,2],[3,3,4,3],[3,4,4,4],[3,5,4,5],[3,6,4,6],[3,7,4,7],[3,8,4,9],[3,10,4,10],[3,11,4,11],[3,12,4,12],[3,13,4,13],[0,1,0,4],[0,8,0,10],[0,11,0,14],[1,1,1,4],[1,8,1,10],[1,11,1,14]]}
[null,"ROSWELL INDEPENDENT SCHOOL DISTRICT",null,null,null,null,null,null,"Vendor Name:",null,null,"Ben E Keith "]
[null,"CAFETERIA FOOD BID 23-06 FOR SCHOOL YEAR 2023-24",null,null,null,null,null,null,"Vendor Contact",null,null,"Bill Focke"]
[null,"MUST BE RECEIVED BY MAY 4, 2023 ON CD-R OR FLASH DRIVE  \nSEALED WITH SUPPORTING DOCUMENTS",null,null,null,null,null,null,"Date",null,null,"2023-05-04"]
[null,"ITEM","STOCK ID","ITEM","DESCRIPTION","Approved Brand","Product Code or UPC","BID UNIT","CASE PACK",null,"EST USAGE","BID UNIT PRICE","Extended Total","per UNIT price","VENDOR STOCK NO","BRAND NAME","PACK SIZE","SPECIAL ORDER\nYES  NO","BIDDERS NOTES"]
[]
[null,1,"D1000","APPLESAUCE CANNED","APPLESAUCE GRADE B FANCY NATURAL COLOR UNSWEETENED MUST MEET BUY AMERICAN REQUIREMENTS","SPECIFY","","CS",6,"10 CN",400,null,{"$f":"IF(L6*K6= 0,\"\",L6*K6)","v":""},{"$f":"IF(L6/I6= 0,\"\",L6/I6)","v":""}]
[null,2,"D1001","APPLESAUCE CUPS CINNAMON","CINNAMON UNSWEETENED APPLESAUCE MUST PROVIDE 1/2 CUP FRUIT EQUIVALENT UNDER THE NSLP.  100% ALL NATURAL INGREDIENTS SHELF-STABLE FOR 18 MONTHS NO HIGH FRUCTOSE CORN SYRUP OR ADDED SUGAR FAT FREE 100% VITAMIN C","SPECIFY",null," CS",96,"4.5 OZ",600,null,"",""]
[null,3,"D1002","APPLESAUCE CUPS PEACH","PEACH UNSWEETENED APPLESAUCE MUST PROVIDE 1/2 CUP FRUIT EQUIVALENT UNDER THE NSLP.  100% ALL NATURAL INGREDIENTS SHELF-STABLE FOR 18 MONTHS NO HIGH FRUCTOSE CORN SYRUP OR ADDED SUGAR FAT FREE 100% VITAMIN C","SPECIFY",null," CS",96,"4.5 OZ",600,null,"",""]
[null,4,"D1003","APPLESAUCE CUPS PLAIN","PLAIN UNSWEETENED APPLESAUCE MUST PROVIDE 1/2 CUP FRUIT EQUIVALENT UNDER THE NSLP.  100% ALL NATURAL INGREDIENTS SHELF-STABLE FOR 18 MONTHS NO HIGH FRUCTOSE CORN SYRUP OR ADDED SUGAR FAT FREE 100% VITAMIN C","SPECIFY",null," CS",96,"4.5 OZ",600,null,"",""]
[null,5,"D1004","APPLESAUCE CUPS STRAWBERRY","PLAIN UNSWEETENED APPLESAUCE MUST PROVIDE 1/2 CUP FRUIT EQUIVALENT UNDER THE NSLP.  100% ALL NATURAL INGREDIENTS SHELF-STABLE FOR 18 MONTHS NO HIGH FRUCTOSE CORN SYRUP OR ADDED SUGAR FAT FREE 100% VITAMIN C","SPECIFY",null," CS",96,"4.5 OZ",600,null,"",""]
[null,6,"CTF7049","AVACADO PULP","AVACADO PULP FROZEN CATERING","SPECIFY",null,"CS",12,"1LBS",70,null,"",""]
[null,7,"F1000","BACON PIECES","BACON ENDS & PIECES","SPECIFY","","CS",12,"3 LB",425,116.2,49385,9.6833333333333336,121545,"Wrights","6/3lb","no"]
[null,8,"F1001","BACON PRE-COOKED","FULLY COOKED AND READY TO EAT - SIMPLY WARM & SERVE  100% REAL BACON","HORMEL OR APPROVED EQUIVALENT",3729,"CS",1,300,500,null,"","",530845,"Fastneasy","3/100 ct","no"]
[null,9,"CTF7050","BACON SLICED THICK","BACON THICK SLICED  CATERING","SPECIFY",null,"CS",15,"LB",30,117.43,3522.9,7.8286666666666669,172685,"Wrights","33 lb","no"]
[null,10,"CTF7051","BACON SLICED THIN","BACON THIN SLICED CATERNG","SPECIFY",null,"CS",15,"LB",15,50.63,759.45,3.3753333333333333,530112,"Wrights","15 lb","no"]
[null,11,"F1002","BAGEL BLUEBERRY","BAGEL WG BLUEBERRY SLICED IW MUST BE WHOLE GRAIN RICH AND PROVIDE 2.0OZ GRAIN EQUIVALENTS.  PORTION TO PROVIDE AT LEAST 115 CALORIES WITH NO MORE THAN 2 GRAMS OF FAT. ","BAKE CRAFTERS OR APPROVED EQUIVALENT",696,"CS",84,"2 OZ",450,null,"",""]
[null,12,"F1003","BAGEL PLAIN","BAGEL WG BLUEBERRY IW MUST BE WHOLE GRAIN RICH AND PROVIDE 2.0OZ GRAIN EQUIVALENTS.  PORTION TO PROVIDE AT LEAST 115 CALORIES WITH NO MORE THAN 2 GRAMS OF FAT. ","BAKE CRAFTERS OR APPROVED EQUIVALENT",982,"CS",84,"2 OZ",450,null,"",""]
[null,13,"D1005","BAKING SODA","SODIUM BICARBONATE","SPECIFY","","CS",24,"1 LBS",60,21.72,1303.1999999999998,0.90499999999999992,696130,"Hospitality","24/1lb","no"]
[null,14,"F1004","BAR BREAKFAST APPLE","BREAKFAST BAR APPLE THAT MEET 2OZ WG AND 1/2C FRUIT FOR CHILD NUTRITIONAL MEAL PATTERN","DAVE'S OR APPROVED EQUIVALENT",4014,"CS",64,"3 OZ",1000,null,"",""]
[null,15,"F1005","BAR BREAKFAST BANANA CHOCOLATE","INDIVIDUALLY WRAPPED 51% WHOLE GRAIN BANANA CHOCOLATE CHUNK","BeneFIT OR APPROVED EQUIVALENT",40402,"CS",48,"2.5 OZ",1650,20.75,34237.5,0.43229166666666669,413310,"J&J snack","48/2.5 oz","no","WILL BRING IN IF AWARED"]
[null,16,"F1006","BAR BREAKFAST BLUEBERRY","BREAKFAST BAR BLUEBERRY THAT MEET 2OZ WG AND 1/2C FRUIT FOR CHILD NUTRITIONAL MEAL PATTERN","DAVE'S OR APPROVED EQUIVALENT",4014,"CS",64,"3 OZ",1000,null,"",""]
[null,17,"F1007","BAR BREAKFAST COCOA CHIP","INDIVIDUALLY WRAPPED 51% WHOLE GRAIN COCOA CHIP","BeneFIT OR APPROVED EQUIVALENT",40406,"CS",48,"2.5 OZ",1650,21.8,35970,0.45416666666666666,413311,"J&J snack","48/2.5oz","no","WILL BRING IN IF AWARED"]
[null,18,"F1008","BAR BREAKFAST OATMEAL CHOCOLATE","INDIVIDUALLY WRAPPED 51% WHOLE GRAIN OATMEAL CHOCOLATE CHIP","BeneFIT OR APPROVED EQUIVALENT",40401,"CS",48,"2.5 oz",1650,20.75,34237.5,0.43229166666666669,null,"J&J snack","48 /2.5 opz",null,"Come back to"]
[null,19,"F1009","BAR OATMEAL BLUEBERRY","BLUEBERRY OATMEAL BARS 2.04 OZ  51% WHOLE GRAIN MEET 2 OZ GRAIN EQUIVALENT","DARLINGTON SNACKS OR APPROVED EQUIVALENT",75600,"CS",160,"2.4 OZ",1000,null,"","",181157,"Appleway","160/2.4 oz"]
[null,20,"C1000","BASE BEEF","GRADE A TO CONTAIN BEEF LOW SODIUM- PASTE NON-CAKING READY TO DISSOLVE BEEF FLAVORED NO MSG","SPECIFY","","CS",12,"1 LBS",200,null,"","",811176,"Minors","6/1 lb","no"]
[null,21,"C1001","BASE CHICKEN","GRADE A TO CONTAIN CHICKEN LOW SODIUM - PASTE NON-CAKING READY TO DISSOLVE CHICKEN FLAVORED NO MSG","SPECIFY","","CS",12,"1 LBS",200,null,"","",811080,"Minors","12/1 lb","no"]
[null,22,"CTF7009","BASE CHICKEN KNORR","CHICKEN FLAVORED BOUILLON CATERING","KNORR OR APPROVED EQUIVALENT",116300,"BTL",1,"7.9 LB",5,null,"",""]
[null,23,"C1002","BASE HAM","GRADE A TO CONTAIN HAM LOW SODIUM - PASTE NON-CAKING READY TO DISSOLVE BEEF FLAVORED NO MSG","SPECIFY","","CS",12,"1 LBS",300,null,"","",811123,"Minors","6/1 lb","no"]
[null,24,"D1006","BEANS BAKED","REDUCED SODIUM VEGETARIAN BAKED BEANS","BUSHS BEST OR APPROVED EQUIVALENT",null,"CS",6,"#10 CANS",1500,47.95,71925,7.9916666666666671,650066,"Bush BROTHERS","6 /#10","NO","WILL BRING IN IF AWARDED"]
[null,25,"D1007","BEANS GARBANZO","BRINE PACK. GARBANZO BEANS WATER SALT VINEGAR DISODIUM EDTA (TO PROMOTE COLOR AND RETENTION) AND CALCIUM CHLORIDE (A FIRMING AGENT).","SPECIFY",null,"CS",6,"10 LB",65,33.9,2203.5,5.6499999999999995,107998,"Allen","6/ #10","NO","WILL BRING IN IF AWARDED"]
[null,26,"CTF7010","BEANS KIDNEY ","CATERING",null,null,"CS",6,"#10 CAN",50,36.950000000000003,1847.5000000000002,6.1583333333333341,650110,"Allen ","6 / #10","NO ","WILL BRING IN IF AWARDED"]
[null,27,"D1008","BEANS PINTO CANNED","PINTO BEANS WHOLE STYLE SEASONED VEGETARIAN CANNED IN BRINE US GRADE B  LOW SODIUM (140 MILLIGRAMS OF SODIUM OR LESS PER SERVING)","BUSH'S OR APPROVED EQUIVALENT","","CS",6,"10 CN",1300,35.6,46280,5.9333333333333336,650080,"Allen ","6 /#10","NO","WILL BRING IN IF AWARDED "]
[null,28,"D1009","BEANS PINTO DRY","US #1 GRADE A CURRENT CROP 98% CLEAN FREE OF WEEVILS DIRT AND ROCKS.  TRIPLE CLEANED.","SPECIFY","","LB",50,"LBS",250,31.45,7862.5,0.629,652031,"KELLY BEAN","50LB","NO"]
[null,29,"D1010","BEANS RANCH","PINTO BEANS WATER TOMATO PUREE LESS THAN 2% BLEND OF VEGETABLE OILS AND ANIMAL FAT SALT CHILI PEPPERS SUGAR PAPRIKA VINEGAR SPICES ONION POWDER GARLIC POWDER NATURAL FLAVORINGS SOY LECITHIN LOW SODIUM (140 MILLIGRAMS OF SODIUM OR LESS PER SERVING)","RANCH STYLE OR APPROVED EQUIVALENT",4690000116,"CS",6,"10 CN",300,48.85,14655,8.1416666666666675,650085,"Rnachy","6/111OZ","NO"]
[null,30,"D1011","BEANS REFRIED","DEHYDRATED JUST ADD WATER TO COOK AND SERVE UNSEASONED. US GRADE A","SANTIAGO OR APPROVED EQUIVALENT",10166,"CS",6,"28.1 OZ",300,36.35,10905,6.0583333333333336,782051,"Santigo","6/29.77 oz","no"]
[null,31,"CTF7052","BEEF BRISKET","BEEF PACKER TRIM VACCUUM PACKED LARGE 14-22 LB CATERING","SPECIFY","","LB",1,"LB",2000,null,"","",161214,"JBS","5/12 lb","no"]
[null,32,"CTF7053","BEEF CHICKEN FRIED STEAK","EXCLUSIVE CUT™ WHOLE MUSCLE BEEF. BATTERED WITH A BUTTERMILK BLEND BREADED WITH A FLOUR-BASED BREADING. CATERING","ADVANCE/PIERRE OR APPROVED EQUIVALENT",4541,"CS",40,"4 OZ",25,65.75,1643.75,1.64375,508205,"Advance","40/4OZ","NO ","WILL BRING IN IF AWARDED"]
[null,33,"F1010","BEEF FAJITA STRIPS","FORMED BEEF SEASONED FULLY COOKED AND SLICED INTO 3/8-INCH STRIPS. SOY ADDED. CHAR MARKED.","ADVANCE/PIERRE OR APPROVED EQUIVALENT",56001,"CS",2,"5 LB",100,null,"","",509160,"TYSON","160/1OZ","NO "]
[null,34,"F1011","BEEF GROUND 85/15","100 % BEEF, GROUND, RAW, FROZEN, UNSEASONED FINE GRIND 85/15 LEAN/FAT RATIO, NO FILLERS, MEET NEW MEXICO GROWN REQUIREMENTS, LESS THAN 100MG SODIUM PER 3OZ SERVING, INDIVIDUALLY WRAPPED 5 PACKS/10 POUNDS","NEW MEXICO'S BEST OR APPROVED EQUIVALENT","NMB8515GB","CS",5,"10#",2000,null,"",""]
[null,35,"F1012","BEEF PATTY","FULLY COOKED BEEF PATTIES, EACH 3.00 OZ FULLY COOKED BEEF PATTY PROVIDES 2.50 OZ EQUIVALENT MEAT FOR NSL, NO FILLERS, MEET NEW MEXICO GROWN REQUIREMENTS, LESS THAN 100MG SODIUM PER 3OZ SERVING","NEW MEXICO'S BEST OR APPROVED EQUIVALENT","NMB8020BPSFC","CS",195,"3 OZ",600,null,"","",509202,"TYSON","53/3OZ","NO","Come back to"]
[null,36,"F1013","BEEF PHILLY STEAK","FULLY COOKED COOKED SLICED STEAK LESS THAN 230MG SODIUM PER SERVING","ADVANCE/PIERRE OR APPROVED EQUIVALENT",69249,"CS",170,"2.82 OZ",200,107.27,21454,0.63100000000000001,163289,"TYSON","192/2.5OZ","NO ","WILL BRING IN IF AWARDED"]
[null,37,"F1014","BEEF SHREDS","BEEF SHREDS, EACH 2.36OZ MEET 2M/MA FOR NSLP NO FILLERS, MEET NEW MEXICO GROWN REQUIREMENTS, LESS THAN 100MG SODIUM PER 3OZ SERVING","NEW MEXICO'S BEST OR APPROVED EQUIVALENT","NMBBSFC","CS",5,"10 LB",600,null,"","",null,"Asian Foods","5/7.2 lb","NO"]
[null,38,"F1015","BEEF STEAK FINGERS WG","BEEF STRIP, FULLY COOKED, BREADED, NO FILLERS, MEET NEW MEXICO GROWN REQUIREMENTS, LESS THAN 100MG SODIUM PER 3.6 OZ SERVING","NEW MEXICO'S BEST OR APPROVED EQUIVALENT","NMB8020BSSBSFC","CS",534,".9 oz",450,null,"",""]
[null,39,"F1016","BEEF STEAK PATTIE BREADED","BEEF PATTY, BREADED, FULLY COOKED, EACH 3.2 OZ PATTY PROVIDES 2OZ EQUIVALENT MEAT/MEAT ALTERNATE FOR NSLP, NO FILLERS, MEET NEW MEXICO GROWN REQUIREMENTS, LESS THAN 100MG SODIUM PER 3.2 OZ SERVING","NEW MEXICO'S BEST OR APPROVED EQUIVALENT","NMB8020BPBSFC","CS",150,"3.2 oz",400,null,"","",null,"Tyson","150 / 3.2","no"]
[null,40,"F1017","BISCUIT WG","HONEY WHOLE WHEAT HEAT & SERVE PRE-SLICED MEET 2 OZ/GR","BRIDGEFORD OR APPROVED EQUIVALENT",6270,"CS",100,"2.25 OZ",400,30.9,12360,0.309,170370,"BRIDGFORD","100/2.25OZ","NO","WILL BRING IN IF AWARDED"]
[null,41,"CTF7054","BISCUIT WHITE BUTTERMILK","BISCUIT OLD SOUTH BUTTERMILK PRE-SLICED FULLY COOOKED 2.25 OZ CATERING","BRIDGEFORD OR APPROVED EQUIVALENT",6170,"CS",100,"2.25 OZ",300,28.88,8664,0.2888,399480,"BRIDGFORD","100/2.25OZ","NO  ","WILL BRING IN IF AWARDED"]
[null,42,"F1018","BOLI STRAWBERRY","BOLI STRAWBERRY WG IW EACH 3.24 OZ PROVIDES 2.00 OZ EQ GRAINS OR NSP","TASTY BRAND OR APPROVED EQUIVALENT",53205,"CS",96,"3.24 OZ",850,null,"",""]
[null,43,"F1019","BOLI SWEET","BOLI STRAWBERRY WG IW EACH 3.24 OZ PROVIDES 2.00 OZ EQ GRAINS OR NSP","TASTY BRAND OR APPROVED EQUIVALENT",53204,"CS",96,"3.24 OZ",850,null,"",""]
[null,44,"F1020","BOLILLO CHORIZO & CHEESE","BOLLIOS, CHORIZO & CHEESE, BULK,  EACH BOLILLO MUST MEET 1.5OZ GRAIN AND 1 M/MA FOR STUDENT NUTRITION PROGRAM","ARDELLA'S  OR APPROVED EQUIVALENT",10014,"CS",72,"3.35 OZ",900,null,"",""]
[null,45,"F1021","BREAD BANANA SLICE ","3.4OZ (96G) FROZEN IW THAW & SERVE CONTAINS ZERO TRANS-FAT > 51% WHOLE WHEAT FLOUR NON-DAIRY NO ARTIFICIAL COLORS FLAVORS OR PRESERVATIVES.  MUST CONFORM TO USDA CHILD NUTRITION PROGRAM SPECIFICATIONS AND MEET 2 SERVINGS OF GRAIN.","SUPER BAKERY OR APPROVED EQUIVALENT",6071,"CS",70,"3.4 OZ",1200,47.8,57360,0.68285714285714283,183146,"SUPER BAKERY","75/3.4OZ","NO","WILL BRING IN IF AWARDED MFG 7501"]
[null,46,"F1022","BREAD LEMON","3.4OZ (96G) FROZEN IW THAW & SERVE CONTAINS ZERO TRANS-FAT > 51% WHOLE WHEAT FLOUR NON-DAIRY NO ARTIFICIAL COLORS FLAVORS OR PRESERVATIVES.  MUST CONFORM TO USDA CHILD NUTRITION PROGRAM SPECIFICATIONS AND MEET 2 SERVINGS OF GRAIN.","SUPER BAKERY  OR APPROVED EQUIVALENT",7507,"CS",70,"3.4OZ",1200,51.41,61691.999999999993,0.73442857142857143,165891,"SUPER BAKERY","70/3.45 oz","no","WILL BRING IN IF AWARDED MFG 7501"]
[null,47,"F1023","BREADSTICK","WHITE WHOLE WHEAT CHEESY GARLIC BREADSTICK DOUGH FROZEN RAW PROOF AND BAKE WHOLE GRAIN FLOUR CHEESE AND GARLIC FLAVORED.  EACH STICK MUST PROVIDE A MINUMIM OF 1GB COMPONENT FOR NSLP","BRIDGEFORD OR APPROVED EQUIVALENT",6787,"CS",320,"1.125 oz",1500,36.909999999999997,55364.999999999993,0.11534374999999999,117356,"BRIDGFORD",72,"NO ","WILL BRING IN IF AWARDED"]
[null,48,"F1024","BREADSTICK CHEESE FILLED WG","BREAKSTICK CHEESE FILLED WG EACH BREADSTICK MEETS 1M/MA FOR CHILD NUTRITION MEAL PATTERN","CLASSIC DELIGHT OR APPROVED EQUIVALENT","A33045","CS",112,"2 OZ",800,null,"","",null,"Tools for school","112./2oz","no","WILL BRING IN IF AWARDED"]
[null,49,"F1025","BREAKFAST ROUNDS","CINNAMON AND BROWN SUGAR BREAKFAST ROUND IW MUST MEET 2 GRAIN FOR SBP","UBR/RICH'S OR APPROVED EQUIVALENT",8733,"CS",126,"2.2 OZ",1000,null,"",""]
[null,50,"F1026","BURRITO","BEEF BEAN AND CHEESE BURRITO. A RED CHILI BEEF BEAN AND TEXTURED VEGETABLE PROTEIN FILLING WRAPPED IN A FLOUR TORTILLA. BURRITOS SHALL BE UNIFORMLY ROLLED WITH A UNIFORM DISTRIBUTION OF FILLING. NO EXESSIVELY FLATTENED OR IRREGULAR SHAPED PRODUCT.","BUTCHERBOY/POSADA OR APPROVED EQUIVALENT",1020001,"CS",72,"4 OZ",1000,null,"",""]
[null,51,"F1027","BURRITO BEAN & CHEESE de CHILE RELLENO","BURRITO -FROZEN BEAN & CHEESE DE CHILE RELLENO-REFRIED BEANS TOPPED WITH MEXICAN STYLE RICE WITH RED SALSA WITH POBLANO CHILE AND PEPPER JACK CHEESE ON A WHOLEWHEAT FLOUR TORTILLA. EACH 7.66 OZ. BURRITO PROVIDES 2.00 OZ MEAT ALTERNATE AND 1/8 CUP OTHER VEGETABLE AND 2.25 OZ EQV GRAIN OR 1.00 OZ MEAT ALTERNATE AND 1/8 CUPOTHER VEGETABLE AND 1/4 CUP LEGUME VEGETABLE AND 2.25 OZ EQV GRAIN TOWARDS THE NSLP, WHOLE GRAIN RICH FLOUR TORTILLA. CN LABELED. BURRITOS ARE HAND-WRAPPED INOVENABLE FOIL SHEETS. 36 COUNT. PREPARATION INSTRUCTIONS INCLUDED ON BOX. NO MORE THAN 700 MG SODIUM, LESS THAN 15% CALORIES FROM SATURATED FAT, 0 TRANS FAT. NOLESS THAN 400 KCAL. HAND HELD, FULLY COOKED. HEAT & SERVE.-VEGETARIAN. CABO PRIMO BRAND 71683","LOS CABOS OR APPROVED EQUIVALENT",71683,"CS",36,"7.66 OZ",600,null,"",""]
[null,52,"F1028","BURRITO PRE-FRIED BULK"," 4.75 OZ. CHEESE BEEF BEAN & RED CHILI BURRITO FULLY COOKED GROUND BEEF RED CHILI SAUCE AMERICAN CHEESE PINTO BEANS WRAPPED IN A WHOLE GRAIN RICH BLEND OF WHEAT AND CORN FLOUR TORTILLA 16g PROTEIN PER SERVING CN LABELED - SERVES 2 OZ. M/MA & 2 OZ. EQUIVALENT GRAINS PRE-FRIED","FERNANDO'S OR APPROVED EQUIVALENT",21072,"CS",72,"4.75 oz",1000,73.38,73380,1.0191666666666666,385021,"FOSTER FARMS","72/4.0 oz","NO","WILL BRING IN IF AWARDED"]
[null,53,"D1012","BUTTER ALTERNATIVE","PHASE® ZERO TRANS NO SODIUM LIQUID BUTTER ALTERNATIVE","PHASE OR APPROVED EQUIVALENT",13688,"CS",3,"GAL",200,42.39,8478,14.13,176311,"Ventura","1/.17.5 lb","no"]
[null,54,"C1008","BUTTERMILK BAKING 1%","BUTTERMILK BAKING 1%","SPECIFY",null,"CS",4,"GAL",100,23.28,2328,5.82,152020,"Dairy Pure","9/ .5 gal","no"]
[null,55,"D1013","CEREAL BLUEBERRY CHEX 2OZ","BLUEBERRY CHEX AND SWEETENED RICE GLUTEN-FREE CEREAL. THIS READY-TO-EAT CUP PROVIDES CONVENIENT PORTION CONTROL AND ROOM FOR MILK. WHOLE GRAIN RICE – FIRST INGREDIENT. MEETS 2 OUNCE EQUIVALENT GRAINS USDA SMART SNACK CRITERIA AND IS CACFP ELIGIBLE.","GENERAL MILLS OR APPROVED EQUIVALENT",17262000,"CS",60,"2 OZ",500,null,"","",171482,"GENERAL MILLS","60/2OZ","NO ","WILL BRING IN IF AWARDED"]
[null,56,"D1014","CEREAL CHEERIOS 1 OZ","READY TO EAT CEREALS: BOWL PACK WHOLE GRAIN OATS RINGS. MUST MEET 1G EQUIVALENCY FOR SBP","GENERAL MILLS OR APPROVED EQUIVALENT",32262000,"CS",96,"1 oz",250,null,"","",108117,"GENERAL MILLS","96/1 OZ","NO ","WILL BRING IN IF AWARDED"]
[null,57,"D1015","CEREAL CINNAMON CHEX 1 OZ","CINNAMON CHEX™ IS MADE WITH REAL CINNAMON AND SWEETENED RICE GLUTEN-FREE CEREAL. THIS READY-TO-EAT CUP PROVIDES CONVENIENT PORTION CONTROL AND ROOM FOR MILK. WHOLE GRAIN RICE – FIRST INGREDIENT. MEETS 2 OUNCE EQUIVALENT GRAINS USDA SMART SNACK CRITERIA AND IS CACFP ELIGIBLE.","GENERAL MILLS OR APPROVED EQUIVALENT",14883000,"CS",60,"2 OZ",500,null,"","",173933,"GENERAL MILLS","96/1OZ","NO ","WILL BRING IN IF AWARDED"]
[null,58,"D1016","CEREAL CINNAMON TOAST 1 OZ","READY TO EAT CEREALS: BOWL PACK WHOLE GRAIN 25% LESS SUGAR CINNAMON TOAST SQUARES. MUST MEET 1G EQUIVALENCY FOR SBP","GENERAL MILLS OR APPROVED EQUIVALENT",294440000,"CS",96,"1 OZ",250,null,"","",799303,"GENERAL MILLS","96/1OZ","NO ","WILL BRING IN IF AWARDED"]
[null,59,"D1017","CEREAL CINNAMON TOAST 2OZ","READY TO EAT CEREALS: BOWL PACK WHOLE GRAIN 25% LESS SUGAR CINNAMON TOAST SQUARES. MUST MEET 2G EQUIVALENCY FOR SBP","GENERAL MILLS OR APPROVED EQUIVALENT",148861000,"CS",60,"2 OZ",1000,null,"","",150495,"GENERAL MILLS","60/2OZ","NO ","WILL BRING IN IF AWARDED"]
[null,60,"D1018","CEREAL COCOA PUFFS 2OZ","READY TO EAT CEREALS: BOWL PACK WHOLE GRAIN COCOA PUFFS REDUCED SUGAR MUST MEET 2 GRAIN EQUIVALENCY FOR SBP","GENERAL MILLS OR APPROVED EQUIVALENT",148854000,"CS",60,"2 OZ",1000,null,"","",150494,"GENERAL MILLS","96/1.06OZ","NO ","WILL BRING IN IF AWARDED"]
[null,61,"D1019","CEREAL CREAM OF WHEAT","HOT CEREALS: ENRICHED PLAIN BULK QUICK COOK CREAM OF WHEAT WHOLE GRAIN. MUST MEET 1G EQUIVALENCY FOR SBP","SPECIFY","","CS",12,"28 OZ",10,null,"","",799229,"INT';L HOME FOODS","12/28OZ","NO"]
[null,62,"D1020","CEREAL LUCKY CHARMS 2OZ","READY TO EAT CEREALS: BOWL PACK WHOLE GRAIN WITH MARSHMALLOWS ASSORTED BERRY PUFFS REDUCED SUGAR. MUST MEET 2G EQUIVALENCY FOR SBP","GENERAL MILLS OR APPROVED EQUIVALENT",148847000,"CS",60,"2 OZ",200,null,"","",150493,"GENERAL MILLS","60/2OZ","NO ","WILL BRING IN IF AWARDED"]
[null,63,"D1021","CEREAL OATMEAL","OATS ROLLED INSTANT ENRICHED DRY","SPECIFY","","CS",12,"42 OZ",20,50.03,1000.6,4.1691666666666665,799349,"Hospitiality","12/42OZZ","NO"]
[null,64,"D1022","CEREAL RICE KRISPIES BULK","RICE BULK WHOLE GRAIN  PLAIN PUFFS. MUST MEET 1G EQUIVALENCY FOR SBP","SPECIFY",null,"CS",4,"35 OZ",900,22.87,20583,5.7175000000000002,799235,"Hospitiality","4/35OZ","NO"]
[null,65,"C1009","CHEESE AMERICAN SLICED","CHEESE AMERICAN PROCESSED SLICED 1/2 OUNCE EACH UNWRAPPED.  REDUCED FAT REDUCED SODIUM PRE-SLICED YELLOW  AMERICAN PROCESSED CHEESE.  IMITATION OR CHEESE BLENDS NOT ACCEPTED.  FAT GRAMS NOT TO EXCEED 2G PER SLICE SODIUM NOT TO EXCEED 210MG PER SLICE.  1 SLICE/.5OZ   .5OZMMA  6/5#LAND O LAKES PREFERRED - AVAILABLE FOR NET OFF INVOICE. FOR NOI PRICING","BONGARDS OR APPROVED EQUIVALENT",111371,"CS",6,"5 LB",675,57.43,{"$f":"IF(L70*K70= 0,\"\",L70*K70)","v":38765.25},{"$f":"IF(L70/I70= 0,\"\",L70/I70)","v":9.5716666666666672},735028,"Zgolden harvest","4/5 lb","no"]
[null,66,"C1010","CHEESE CHEDDAR SHREDDED","CHEESE CHEDDAR SHREDDED REDUCED FAT REDUCED SODIUM MILD NO IMITATION ENZYMES AND ARTIFICIAL COLORING MAY BE ADDED.  PASTEURIZED PLEASING ODOR AND FLAVOR SATISFACTORY MELTABILITY.  FAT GRAMS NOT TO EXCEED 4.5G SODIUM NOT TO EXCEED 90MG.  4/5# AVAILABLE FOR NET OFF INVOICE. FOR NOI PRICING","BONGARDS OR APPROVED EQUIVALENT",755191,"CS",4,"5 LB",600,70.95,42570,17.737500000000001,139445,"Schreiber","4/5 lb","no"]
[null,67,"CTF7000","CHEESE COTTAGE","COTTAGE CHEESE SMALL CURD  CATERING","SPECIFY","","CS",1,"5 LB",75,47.5,3562.5,47.5,150501,"Gldn harvest","4/5 lb","no"]
[null,68,"CTF7001","CHEESE CREAM BLOCK","CREAM CHEESE BLOCK CATERING","SPECIFY","","CS",10,"3 LB",20,75.89,1517.8,7.5890000000000004,742002,"Gldn harvest","10/3 lb","no"]
[null,69,"C1011","CHEESE CREAM PLAIN PC",".75 OZ PLAIN CREAM CHEESE PLASTIC PORTION CONTROL CUP","KRAFT OR APPROVED EQUIVALENT",61089,"CS",100,".75 OZ",900,21.34,19206,0.21340000000000001,132429,"Gldn harvest","100 /1.oz","no"]
[null,70,"C1012","CHEESE CREAM STRAWBERRY PC","1OZ STRAWBERRY CREAM CHEESE CUP.  PLASTIC PORTION CONTROL CUP.","KRAFT OR APPROVED EQUIVALENT",72683,"CS",100,"1 OZ",900,18.850000000000001,16965,0.1885,140778,"Schreiber","100 /.75 oz","no"]
[null,71,"C1013","CHEESE FETA ","FETA CHEESE CRUMBLES","SPECIFY",null,"CS",4,"2.5 LB",50,85.11,4255.5,21.2775,164209,"Stella","4/5 lb","no"]
[null,72,"C1014","CHEESE MOZZARELLA SHREDDED","CHEESE MOZZARELLA SHREDDED:  PART-SKIM 100% MOZZARELLA SHREDDED.  FAT GRAMS NOT TO EXCEED 6G  SODIUM NOT TO EXCEED 160MG. 1OZ SERVING MUST EQUAL 1OZ M/MA.  4/5#","LAND O'LAKES OR APPROVED EQUIVALENT",41698,"CS",4,"5 LB",270,60.3,16281,15.074999999999999,747146,"Great Lakes","6/5 lb","no"]
[null,73,"C1015","CHEESE PEPPER JACK SLICES","CHEESE SLICED PEPPER JACK NO IMITATION REDUCED FAT LOW SODIUM LOW FAT 160 CT","SPECIFY",null,"CS",4,"5 LB",50,43.69,2184.5,10.922499999999999,746028,"L O Lakes","8/1.5 lb","no"]
[null,74,"C1016","CHEESE PROVOLONE SLICES","CHEESE SLICED NO IMITATION REDUCED FAT & SODIUM 160 CT","SPECIFY",null,"CS",4,"5 LB",50,null,"","",null,null,"8/1.5 lb","no"]
[null,75,"F1029","CHEESE STICK BREADED","CHEESE STICKS WG BREADED INDIVIDUALLY FROZEN. 6 STICKS PROVIDE 2 OZ EQUIVALENT MEAT ALTERNATE AND 2 OZ GRAINS.","RICH'S OR APPROVED EQUIVALENT",65220,"CS",8,"3 LB",500,null,"","",173929,"RICH'S","8/3LB","NO "]
[null,76,"C1017","CHEESE STICK MARBLE IW","CHEESE REDUCED FAT & SODIUM MARBLE IW  FOR NOI PRICING","BONGARDS OR APPROVED EQUIVALENT",402931,"CS",168,"1 OZ",300,null,"",""]
[null,77,"C1018","CHEESE STRING IW","CHEESE: WHITE REDUCED FAT & SODIUM PORTION STICKS STRING PASTEURIZED LOW MOISTURE PART SKIM MOZZARELLA IW FOR NOI PRICING","BONGARDS OR APPROVED EQUIVALENT",402951,"CS",168,"1 OZ",300,null,"",""]
[null,78,"C1019","CHEESE SWISS SLICES","SWISS CHEESE SLICES REDUCED FAT PRESLICED EASY TO SEPARATE.  EACH SLICE 14G.  2 SLICES PROVIDES 1 M/MA FOR THE CHILD NUTRITION MEAL PROGRAM.","LAND O'LAKES OR APPROVED EQUIVALENT",null,"CS",8,"1.5 LB",50,null,"",""]
[null,79,"F1030","CHICKEN ASIAN CHERRY BLOOSOM","FULLY COOKED CHICKEN CHUNKS WHOLE GRAIN SWEET AND SOUR CHERRY ASIAN STYLE","ASIAN FOODS OR APPROVED EQUIVALENT",72005,"CS",6,"7.15 LB",500,null,"",""]
[null,80,"CTF7055","CHICKEN BREAST RAW","CHICKEN UNCOOKED BREAST BONELESS SKINLESS WHITE 6 OZ SIZE  CATERING","SPECIFY",null,"CS",4,"5LB",25,null,"",""]
[null,81,"D1023","CHICKEN BROTH","100% NATURAL CHICKEN BROTH LOW SODIUM THANKSGIVING ONLY","SWANSON OR APPROVED EQUIVALENT",null,"CS",12,"49 oz",50,null,"",""]
[null,82,"F1031","CHICKEN DICED","FULLY COOKED DICED NO ADDED SPICES","SPECIFY",null,"CS",2,"5 LBS",300,24.44,7332,12.22,143959,"TYSON","2/5#","NO ","WILL BRING IN IF AWARDED"]
[null,83,"F1032","CHICKEN DRUMSTICK BBQ","FULLY COOKED BBQ GLAZED DRUMSTICK MUST MEET 2.5OZ M/MA FOR NSLP NO ANTIBIOTICS","TYSON OR APPROVED EQUIVALENT",10264350928,"CS",95,"3.24 OZ",600,null,"","",487128,"TYSON","2/5LB","NO ","WILL BRING IN IF AWARDED"]
[null,84,"F1033","CHICKEN DRUMSTICK BREADED","FULLY COOKED BREADED DRUMSTICK MUST MEET 2 M/MA AND .75 OZ GRAIN FOR NSLP","TYSON OR APPROVED EQUIVALENT",16660100928,"CS",92,"3.31 OZ",700,"63.51.",{"$error":"#VALUE!"},{"$error":"#VALUE!"},108599,"TYSON","72-113","NO","WILL BRING IN IF AWARDED"]
[null,85,"F1034","CHICKEN FAJITA STRIPS","FAJITA STRIPS CHICKEN SEASONED FULLY COOKED. EACH 2.47 OZ MEETS 2OZ M/MA FOR NSLP.","PILGRIM'S OR APPROVED EQUIVALENT",1250,"CS",159,"3 OZ",800,55.14,44112,0.34679245283018867,110311,"TYSON","160/3OZ","NO","WILL BRING IN IF AWARDED"]
[null,86,"F1035","CHICKEN FILET","FULLY COOKED WHOLE MUSCLE CHICKEN FILETS-CN LABELED EACH SERVING PROVIDED 2OZ M/MA AND 1 OZ GRAIN FOR NSLP","PILGRIM'S OR APPROVED EQUIVALENT",7516,"CS",122,"3.95 OZ",100,null,"","",114470,"TYSON ","104-136/4OZ","NO"]
[null,87,"F1036","CHICKEN NUGGET","FULLY COOKED WG  BREADED CN LABELED WHOLE MUSCLE 5 NUGGETS PROVIDE 2 OZ MEAT/MEAT ALTERNATIVE AND 1 GRAIN SERVING FOR NSLP COMMERICAL BACK-UP OF COMMODITY PRODUCT OR FOR NOI PRICING","GOLK KIST FARMS OR APPROVED EQUIVALENT",7518,"CS",101,"3.9 OZ",600,null,"",""]
[null,88,"F1037","CHICKEN PATTY BREADED","FULLY COOKED WG BREADED CN LABELED EACH PATTY PROVIDES 2 OZ MEAT/MEAT ALTERNATIVE AND 1 GRAIN SERVING. ","GOLD KIST FARMS OR APPROVED EQUIVALENT",665400,"CS",158,"3.03 OZ",450,null,"",""]
[null,89,"F1038","CHICKEN PATTY BREADED SPICY","FULLY COOKED HOT N SPICY BREADED CHICKEN BREAST FILETS","TYSON OR APPROVED EQUIVALENT",10383140928,"CS",40,"3.95 OZ",300,92.95,27885,2.32375,488252,"TYSON","150/3.49OZ","NO","WILL BRING IN IF AWARDED"]
[null,90,"F1039","CHICKEN PATTY GRILLED","FULLY COOKED GRILLED CHICKEN BREASTS 4OZ PATTY NO ANTIBIOTICS","TYSON OR APPROVED EQUIVALENT",10000039685,"CS",40,"3.95 OZ",300,null,"",""]
[null,91,"F1040","CHICKEN POPCORN SMACKERS WG","WHOLE GRAIN BREADED FULLY COOKED CN LABELED POPCORN CHICKEN PRODUCED FROM USDA 100103 DARK MEAT COMMODITY CHICKEN. NO ADDED SOY PROTEIN. BATTER BREADED WITH WHOLE GRAIN AND ENRICHED WHEAT FLOUR. TEN POPCORN PIECES @ 0.43 OZ EACH GUARANTEED BY CN LABEL TO PROVIDE 2 OUNCES MEAT/MEAT ALTERNATIVE AND 1 GRAIN SERVINGS. PRODUCT TO PROVIDE ZERO GRAMS TRANS FATS. CONTAINS: MILK SOY WHEAT.  COMMERICAL BACK-UP OF COMMODITY PRODUCT OR FOR NOI PRICING","GOLD KIST FARMS OR APPROVED EQUIVALENT",110458,"CS",104,"4.23 OZ",900,null,"","",487128,"TYSON","2/5LB","NO "]
[null,92,"F1041","CHICKEN STRIP WG","WHOLE GRAIN HOMESTYLE BREADED FULLY-COOKED CN LABELED CHICKEN STRIPS PRODUCED FROM USDA 100103 NATURAL PROPORTION WHITE AND DARK MEAT COMMODITY CHICKEN WITH ISOLATED SOY PROTEIN. STRIPS ARE BATTER BREADED WITH WHOLE GRAIN WHEAT FLOUR HOMESTYLE BREADING. THREE STRIPS PROVIDE 2 OZ. MEAT/MEAT ALTERNATIVE AND 1 GRAIN SERVING. PRODUCT TO PROVIDE ZERO GRAMS TRANS FATS. COMMERICAL BACK-UP OF COMMODITY PRODUCT OR FOR NOI PRICING","GOLD KIST FARMS OR APPROVED EQUIVALENT",7527,"CS",107,"4.50 OZ",900,null,"","",null,null,"72-113","NO"]
[null,93,"D1024","CHILI HOT DOG","HOT DOG CHILI.  HEARTY CHUNKS OF LEAN BEEF AND PLUMP TENDER BEANS","LIBBY'S OR APPROVED EQUIVALENT",null,"CS",6,"#10 CANS",800,null,"","",110311,"TYSON","160/3OZ","NO"]
[null,94,"D1025","CHIPS BAKED CHEETOS CRUNCHY","CHIPS BAKED CRUNCHY CHEETOS","FRITO LAY OR APPROVED EQUIVALENT","000-28400-21642-5","CS",104,".875 OZ",472,null,"","",126577,"Frito lay","104 /.875 oz","NO"]
[null,95,"D1026","CHIPS BAKED DORITOS ","CHIPS BAKED DORITOS NACHO CHEESE","FRITO LAY OR APPROVED EQUIVALENT","000-28400-20002-8","CS",88,".75 OZ",549,null,"",""]
[null,96,"D1027","CHIPS BAKED LAYS BBQ","CRISPS BAKED LAYS BBQ FLAVOR","FRITO LAY OR APPROVED EQUIVALENT","000-28400-32078-8","CS",60,".875 OZ",100,null,"",""]
[null,97,"D1028","CHIPS BAKED LAYS SC/ONION","CRISPS BAKED LAYS SOUR CREAM & ONION","FRITO LAY OR APPROVED EQUIVALENT","00028400-04702-9","CS",60,".875 OZ",400,null,"",""]
[null,98,"D1029","CHIPS FRITOS","ENRICHED REDUCED FAT CORN CHIPS WHOLE GRAIN","FRITO LAY OR APPROVED EQUIVALENT","000-28400-57766-3","CS",8,"1 LB",1900,19.96,37924,2.4950000000000001,699399,"Frito lay","8/1 lb","NO"]
[null,99,"CTF7011","CHIPS KETTLE VARIETY","VARIETY PACK OF KETTLE CHIPS CATERING","SPECIFY",null,"CS",30,"1.5 OZ",25,null,"",""]
[null,100,"D1030","CHIPS SS CHEETO RED HOT","CHIPS IND. PKG. RED HOT FRITO LAY BAKED: ENRICHED CORNMEAL PUFF STICK FLAVORED WITH RED HOT CHEESE SEASONING. 104/.875 OZ","CHEETO'S OR APPROVED EQUIVALENT",62984,"CS",104,".875 OZ",400,null,"",""]
[null,101,"D1031","CHIPS SS DORITOS COOL RANCH","CHIPS IND. PKG. REDUCED FAT COOL RANCH FLAVORED CORN: BAKED TRIANGLE SHAPED CORN TORTILLA PIECES FLAVORED WITH RANCH SEASONING. 72/1 OZ.","DORITOS OR APPROVED EQUIVALENT",36096,"CS",72,"1 OZ",400,null,"",""]
[null,102,"D1032","CHIPS SS DORITOS NACHO CHEESE","CHIPS  REDUCED FAT NACHO CHEESE FLAVOR.  WG","DORITOS OR APPROVED EQUIVALENT",31748,"CS",72,"1 OZ",400,null,"",""]
[null,103,"D1033","CHIPS SS POTATO","CHIPS IND. PKG. BAKED REG. FLAVORED:  BAKED POTATO PIECES SALTED PLAIN.  NO MORE THAN 7.5 GRAMS OF FAT PER BAG.","LAYS OR APPROVED EQUIVALENT",33625,"CS",60,".875 OZ",300,null,"",""]
[null,104,"D1034","CHIPS SS PUFF CHEESE","CHIPS PUFFS  RF WG","CHEETO'S OR APPROVED EQUIVALENT",21910,"CS",72,".7 OZ",300,null,"",""]
[null,105,"D1035","CHIPS SS SOUR CREAM/ONION","CHIPS IND. PKG. BAKED SOUR CRM. & ONION FLAVORED: BAKED POTATO PIECES FLAVORED WITH SOUR CREAM AND ONION SEASONING. 60/.875 OZ. WG","LAYS OR APPROVED EQUIVALENT",33627,"CS",60,".875 OZ",300,null,"",""]
[null,106,"D1036","CHIPS TORTILLA ROUNDS","ROUND SHAPED TORTILLA CHIP WHOLE GRAIN PREPARED FROM ENRICHED YELLOW CORN. TRANSFAT FREE 1 OZ MUST MEET 1 GR","SPECIFY","","CS",6,"2 LB",2500,null,"",""]
[null,107,"CTF7012","CHOCOLATE ENROBER","CHOCOLATE FLAVORED ENROBER COATING IS A RICH CHOCOLATE COATING THAT HARDENS AT ROOM TEMPERATURE. THE PRODUCT IS IN A HARDENED CANDY STATE IN THE UNHEATED CAN.  CATERING","SPECIFY",null,"CS",3,"10 CN",15,null,"",""]
[null,108,"F1042","CHORIZO BULK","SAUSAGE CHORIZO BULK MILD SEASONING LIGHT COLORED BULK","SPECIFY","","CS",10,"LB",450,36.85,16582.5,3.6850000000000001,146990,"KELLEY FOODS","2/5LB","NO"]
[null,109,"CTF7013","COCOA","UNSWEETENED COCOA 22/24% BUTTER FAT  CATERING","SPECIFY","","CS",4,"2.5KG",20,null,"",""]
[null,110,"D1037","COFFEE DECAF","FOLGERS FILTER PACK COFFEE ULTRA DRY ROAST  ","FOLGERS OR APPROVED EQUIVALENT","","CS",80,".9 OZ",20,null,"",""]
[null,111,"D1038","COFFEE REGULAR","FOLGERS FILTER PACK COFFEE ULTRA DRY ROAST  ","FOLGERS OR APPROVED EQUIVALENT","","CS",160,".9 OZ",50,null,"",""]
[null,112,"F1043","COOKIE DOUGH CARNIVAL WG","COOKIE DOUGH CARNIVAL:  1.85OZ FROZEN WGR MADE WITH A MIXTURE OF CHOCOLATE CHIPS AND COLORFUL COATED CANDIES PRE-PORTIONED READY TO BAKE FAT GRAMS TO NOT EXCEED 6G SODIUM MG NOT TO EXCEED 120 MG  CASE PACK 240 1.5OZ DECA","OTIS SPUNKMEYER OR APPROVED EQUIVALENT",55688,"CS",250,"1.5 OZ",75,null,"",""]
[null,113,"CTF7056","COOKIE DOUGH CHOCOLATE CHIP","COOKIE DOUGH CHOCOLATE CHIP CATERING","BRICKFIRE OR APPROVED EQUIVALENT",2340091,"CS",170,"1.5 OZ",75,null,"","",null,"CH Guenther"]
[null,114,"CTF7057","COOKIE DOUGH OATMEAL RAISIN","COOKIE DOUGH OATMEAL RAISIN CATERING","BRICKFIRE OR APPROVED EQUIVALENT",2340101,"CS",170,"1.5 OZ",60,null,"",""]
[null,115,"F1044","COOKIE DOUGH RF CHOCOLATE BROWNIE","COOKIE DOUGH REDUCED FAT CHOCOLATE BROWNIE DECA","OTIS SPUNKMEYER OR APPROVED EQUIVALENT",55689,"CS",240,"1.5 OZ",100,null,"",""]
[null,116,"F1045","COOKIE DOUGH RF CHOCOLATE CHIP","COOKIE DOUGH REDUCED FAT CHOCOLATE CHIP DECA","OTIS SPUNKMEYER OR APPROVED EQUIVALENT",55680,"CS",240,"1.5 OZ",300,null,"",""]
[null,117,"F1046","COOKIE DOUGH RF OATMEAL RAISIN","COOKIE DOUGH REDUCED FAT OATMEAL RAISIN DECA","OTIS SPUNKMEYER OR APPROVED EQUIVALENT",55683,"CS",240,"1.5 OZ",50,null,"",""]
[null,118,"F1047","COOKIE DOUGH RF SUGAR","COOKIE DOUGH SUGAR REDUCED FAT DECA","OTIS SPUNKMEYER OR APPROVED EQUIVALENT",55684,"CS",240,"1.5 OZ",45,null,"",""]
[null,119,"CTF7058","COOKIE DOUGH SUGAR","COOKIE DOUGH SUGAR CATERING","BRICKFIRE OR APPROVED EQUIVALENT",2340111,"CS",170,"1.5 OZ",60,null,"",""]
[null,120,"CTF7059","COOKIE DOUGH WHITE MACADAMIA NUT","COOKIE DOUGH WHITE MACADAMIA NUT  CATERING","BRICKFIRE OR APPROVED EQUIVALENT",2340361,"CS",170,"1.5 OZ",60,null,"",""]
[null,121,"F1048","COOKIE GINGER BREAD","COOKIE GINGER BREAD IW MEETS 2 GRAIN REQUIREMENT FOR NSP","SPECIFY",null,"CS",140,"2 OZ",500,null,"",""]
[null,122,"F1049","CORNDOG","CORNDOG CHICKEN FRANK WHOLE GRAIN P/C 8/1 60 CT  CN LABELED TO MEET 2 OZ MEAT REQUIREMENT","FOSTER FARMS OR APPROVED EQUIVALENT",95150,"CS",72,"4 OZ",2000,44.04,88080,0.61166666666666669,370119,"FOSTER FARMS","72/4OZ","NO"]
[null,123,"D1039","CORNSTARCH","CORNSTARCH","SPECIFY","","CS",24,"1 LB",45,51.88,2334.6,2.1616666666666666,697120,"ARGO","24/1LB","NO"]
[null,124,"D1040","CRACKERS ANIMAL","CRACKERS ANIMAL SHAPED 0 TRANSFAT WHOLE GRAIN RICH","SPECIFY",null,"CS",100,"1 OZ",300,null,"","",771828,"KELLOGG'S","100/1OZ","NO"]
[null,125,"D1041","CRACKERS BUG BITES","BUG BITES CINNAMON WHOLE GRAIN RICH","KEEBLER OR APPROVED EQUIVALENT","30100-55644","CS",210,"1 OZ",1000,null,"","",771759,"KELLOGG'S","210/1OZ","NO"]
[null,126,"D1042","CRACKERS GOLDFISH CHEDDAR","CHEDDAR GOLDFISH WHOLE GRAIN: A 3/4 OUNCE SERVING CONTRIBUTES 1 SERVING OF GRAINS/BREADS TO THE USDA CHILD NUTRITION PROGRAMS WHOLE GRAIN RICH","PEPPERIDGE FARMS OR APPROVED EQUIVALENT",18105,"CS",300,"0.75 OZ",500,null,"",""]
[null,127,"D1043","CRACKERS GOLDFISH GIANT CINNAMON","CRACKERS GIANT GOLDFISH CINNAMON WHOLE GRAIN RICH","PEPPERIDGE FARMS OR APPROVED EQUIVALENT",15094,"CS",300,".9 OZ",300,null,"",""]
[null,128,"D1044","CRACKERS GOLDFISH GIANT HONEY OAT","CRACKER WHOLE GRAIN GIANT HONEY OAT GRAHAM 2 EA WHOLE GRAIN RICH","PEPPERIDGE FARMS OR APPROVED EQUIVALENT",18432,"CS",300,".9 OZ",300,62.58,18774,0.20860000000000001,146287,"Pepper farm","300/.9 oz","NO"]
[null,129,"D1045","CRACKERS GRAHAM 3-PK","GRAHAM 3-PK WHOLE GRAIN RICH","SPECIFY","","CS",150,"3 PK",2500,33.65,{"$f":"IF(L134*K134= 0,\"\",L134*K134)","v":84125},{"$f":"IF(L134/I134= 0,\"\",L134/I134)","v":0.22433333333333333},101156,"NABISCO","150/3PK","NO ","WILL BRING IN IF AWARDED"]
[null,130,"CTF7014","CRACKERS MEDLEY MIX","CRACKER MEDLEY - TOASTEDS® WHEAT SESAME AND BUTTER CRISP CLUB® TOWN HOUSE® AND KEEBLER® WHOLE GRAIN WHEAT 25 SLEEVES CATERING","KEEBLER OR APPROVED EQUIVALENT","30100 37739 ","CS",25,"SLEEVES",5,null,"","",771500,"KELLOGG'S","25/1.54OZ","YES"]
[null,131,null,"CRACKERS SALTINE IW","SALTINE CRACKERS PC WHOLE GRAIN OR ENRICHED FLOUR TO MEET BREAD REQ. FOR NSLP 500/2 CT","NABISCO OR APPROVED EQUIVALENT","","CS",500,"2 CT",500,26.46,13230,5.2920000000000002E-2,771005,"KELLOGG'S","500/2CT","NO"]
[null,132,"CTF7002","CREAMER NON-DAIRY","NON-DAIRY CREAMER  INIVIDUAL PACK LIQUID CATERING","SPECIFY","","CS",400,"EA",45,15.68,705.6,3.9199999999999999E-2,108308,"INT'L DELIGHT","384/.3OZ","NO"]
[null,133,"CTF7003","CREAMER NON-DAIRY CARAMEL MACCHIATO","NON-DAIRY CREAMER CARAMEL MACCHIATO INIVIDUAL PACK LIQUID CATERING","SPECIFY",null,"CS",288,"1ML",35,15.7,549.5,5.451388888888889E-2,639204,"INT'L DELIGHT","288/.5OZ","NO"]
[null,134,"CTF7004","CREAMER NON-DAIRY FRENCH VANILLA","NON-DAIRY CREAMER FRENCH VANILLA  INIVIDUAL PACK LIQUID CATERING","SPECIFY",null,"CS",288,"1ML",35,15.7,549.5,5.451388888888889E-2,639048,"INT'L DELIGHT","288/.5OZ","NO"]
[null,135,"CTF7005","CREAMER NON-DAIRY HAZEL NUT","NON-DAIRY CREAMER HAZEL NUT INIVIDUAL PACK LIQUID CATERING","SPECIFY",null,"CS",288,"1ML",35,15.7,549.5,5.451388888888889E-2,639047,"INT'L DELIGHT","288/.50OZ","NO"]
[null,136,"F1050","CROISSANT","CROISSANTS WG MARGARINE RF ROUND FULLY SLICED   MUST PROVIDE 2.0 OZ GRAIN EQUIVALENTS.  PORTION TO PROVIDE AT LEAST 145.0 CALORIES WITH NO MORE THAN 6 GRAMS OF FAT.","BAKE CRAFTERS OR APPROVED EQUIVALENT",3286,"CS",80,"2.2 OZ",800,null,"",""]
[null,137,"CTF7060","CROISSANT CATERING 30Z","FULLY COOKED FLAKEY BUTTERY CRUST PRESLICED ROUND SHAPED ROLL 3 OZ  CATERING","SPECIFY",null,"CS",32,"3 OZ",40,64.37,2574.8000000000002,2.0115625000000001,398023,"PILLSBURY","48/3OZ","NO"]
[null,138,"CTF7061","CROISSANT CATERING 5OZ","FULLY COOKED FLAKEY BUTTERY CRUST PRESLICED ROUND SHAPED ROLL 5 OZ  CATERING","SPECIFY",null,"CS",24,"5 OZ",25,null,"",""]
[null,139,"CTF7015","CROUTONS","CROUTONS/ HERB SEASONED ENRICHED SMALL CUBE  CATERING","SPECIFY","","CS",10,"LB",150,25.04,3756,2.504,128504,"SUGAR FOODS","10LB","NO"]
[null,140,"F1051","CRUMB SQUARE IW","CRUMB SQUARE IW WHOLE GRAIN MEETS 2 OZ WG SERVING FOR SBP ","DAVE'S OR APPROVED EQUIVALENT",360,"CS",28,"3.6 OZ",2120,null,"",""]
[null,141,"F1052","DONUT MINI CHOCOLATE","51% WG MINI DONUTS - CHOCOLATE.  72 - 3.3OZ FROZEN INDIVIDUALLY WRAPPED THAW & SERVE NICKEL STACK SIX PACKS OF 1/2 OZ CHOCOLATE ENROBED WHOLE GRAIN DONUTS.  MUST CONFORM TO USDA CHILD NUTRITION PROGRAM SPECIFICATIONS AND MEET 2OZ GRAIN EQUIVALENT.","SUPER BAKERY OR APPROVED EQUIVALENT",7786,"CS",72,"3.3 OZ",1700,70.73,120241,0.98236111111111113,126587,"SUPER BAKERY","72/3.3OZ","NO "]
[null,142,"F1053","DONUT MINI POWDERED SUGAR","51% WG MINI DONUTS - POWDERED SUGAR  72 - 3.3OZ FROZEN INDIVIDUALLY WRAPPED THAW & SERVE NICKEL STACK SIX PACKS OF 1/2 OZ CHOCOLATE ENROBED WHOLE GRAIN DONUTS.  MUST CONFORM TO USDA CHILD NUTRITION PROGRAM SPECIFICATIONS AND MEET 2OZ GRAIN EQUIVALENT.","SUPER BAKERY OR APPROVED EQUIVALENT",7787,"CS",72,"3.3 OZ",1700,62.91,106947,0.87374999999999992,126588,"SUPER BAKERY","72/3.oz","NO"]
[null,143,"F1054","DOUGH CRUST","COBBLER CRUST DOUGH SHEET FROZEN","SPECIFY","","CS",24,"1 LB",200,59.87,11974,2.4945833333333334,412059,"Richs"]
[null,144,"C1020","DRESSING GAL COLESLAW","DRESSING COLESLAW REDUCED FAT","SPECIFY",null,"CS",4,"GAL",25,44.84,1121,11.21,662132,"Golden hrvest","4/1 gal","NO"]
[null,145,"C1021","DRESSING GAL RANCH REDUCED FAT","DRESSING SALAD REDUCED FAT","KEN'S OR APPROVED EQUIVALENT","100-413350-60816","CS",4,"1 GAL",600,58.08,34848,14.52,184603,"Ken's","4/1 gal","NO"]
[null,146,"CTF7016","DRESSING ITALIAN","ITALIAN DRESSING GOLDEN CATERING","SPECIFY",null,"CS",4,"GAL",10,28.57,285.7,7.1425000000000001,119440,"Elington","4/1 gal","NO"]
[null,147,"D1046","DRESSING PC ASIAN","DRESSING ASIAN LIGHT PC","SPECIFY",null,"CS",60,"1.5 OZ",15,null,"","",null,"Kens","60/1.5 oz"]
[null,148,"D1047","DRESSING PC BALSAMIC VINAIGRETTE","DRESSING BALSAMIC VINAIGRETTE LIGHT","SPECIFY",null,"CS",60,"1.5 OZ",15,18.37,275.55,0.3061666666666667,147834,"Kens"]
[null,149,"D1048","DRESSING PC FRENCH","DRESSING SALAD REDUCED FAT FRENCH","SPECIFY",null,"CS",60,"1.5 OZ",5,23.75,118.75,0.39583333333333331,674654,"Hidden Valley","84 /1.5 oz","NO"]
[null,150,"D1049","DRESSING PC GREEK","DRESSING SALAD GREEK ","SPECIFY",null,"CS",60,"1.5 OZ",5,null,"",""]
[null,151,"D1050","DRESSING PC ITALIAN","DRESSING SALAD REDUCED FAT ITALIAN","SPECIFY",null,"CS",60,"1.5 OZ",5,13.96,69.800000000000011,0.23266666666666669,674609,"Kens","60 /1.5 oz","NO"]
[null,152,"D1051","DRESSING PC RANCH 12MG","RANCH DRESSING REDUCED FAT PC","SPECIFY",null,"CS",500,"12 MG",1000,null,"",""]
[null,153,"D1052","DRESSING PC RANCH RF 1.5OZ","DRESSING SALAD REDUCED FAT PC RANCH","SPECIFY",null,"CS",60,"1.5 OZ",100,null,"","",null,"Kens","60 /1.5 oz","no "]
[null,154,"D1053","DRESSING PC RASPBERRY VINAIGRETTE ","KRAFT RASPBERRY VINAIGRETTE FAT FREE DRESSING HAS THE SWEET TART FLAVOR OF RASPBERRIES IN A FAT FREE VINAIGRETTE.  ","KRAFT","002-10006714400","CS",60,"1.5 OZ",50,28.74,1437,0.47899999999999998,662593,"Kraft","60/1.5 oz","NO"]
[null,155,"CTF7017","DRESSING RASPBERRY VINAIGRETTE ","KRAFT RASPBERRY VINAIGRETTE FAT FREE DRESSING HAS THE SWEET TART FLAVOR OF RASPBERRIES IN A FAT FREE VINAIGRETTE.  CATERING","KRAFT OR APPROVED EQUIVALENT",21000647422,"CS",4,"1 GAL",5,71.38,356.9,17.844999999999999,662484,"Kraft","4/1 gal","NO"]
[null,156,"C1022","EGG BOIL N BAG","EGGS RAW LIQUID WHOLE EGGS BOIL N BAG PASTURIZED","SPECIFY","","CS",6,"5 LB",600,52.46,31476,8.7433333333333341,393373,"papettis","NO"]
[null,157,"C1023","EGG PREBOILED","HARD COOKED PEELED EGGS","SPECIFY",null,"CS",8,"12 CT",500,43.52,21760,5.44,393125,"papettis","12/12ct","NO"]
[null,158,"F1055","EGGSTRAGANZA","EACH 2.00 OZ. SERVING (BY WEIGHT) OF THE BLEND OF SCRAMBLED EGGS, CHEESE, AND BACON PIECES PROVIDES 1.75 OZ. EQUIVALENT MEAT ALTERNATE FOR THE CHILD NUTRITION MEAL PATTERN REQUIREMENTS.","SUNNY FRESH OR APPROVED EQUIVALENT",40828,"CS",4,"5 LB",735,null,"","",null,"Sunny Fresh","4 / 5 lb","no"]
[null,159,"CTF7018","FILLING PIE CHERRY","CHERRY CATERING","SPECIFY",null,"CS",3,"#10",15,55.75,836.25,18.583333333333332,149802,"Ellington","3 / #10"]
[null,160,"CTF7019","FILLING PIE PEACH","PEACH CATERING","SPECIFY",null,"CS",3,"#10",15,38.65,579.75,12.883333333333333,149803,"Ellington","3 / #10"]
[null,161,"D1054","FLOUR","FLOUR ALL PURPOSE ENRICHED 50# U.S. NO. 2 GRADE OR BETTER BLEACHED WHEAT FLOUR ENRICHED WITH THIAMIN RIBOFLAVIN NIACIN FOLIC ACID IRON AND MAY HAVE ADDED CALCIUM","SPECIFY","","BAG",50,"LB",30,31.39,941.7,0.62780000000000002,119163,"GH Gunther","50 lb","NO"]
[null,162,"D1055","FOOD COLOR GREEN","FOOD COLORING GREEEN","SPECIFY",null,"EA",1,"16 OZ",7,null,"",""]
[null,163,"D1056","FOOD RELEASE","RELEASE FOOD/PAN CONTAINS NO WATER ALCOHOL OR ARTIFICIAL FLAVORS HIGH SMOKE POINT >450° F","SPECIFY",null,"CS",6,"17 OZ",75,36.82,2761.5,6.1366666666666667,698004,"VEGALENE","6/21OZ","NO"]
[null,164,"F1056","FRENCH TOAST STICKS BULK","FRENCH TOAST STICKS WHOLE GRAIN CINNAMON GLAZED EACH SERVING 3 STICKS/2.90 OZ EQUALS 1 M/MA 1 GR. ","SUNNY FRESH OR APPROVED EQUIVALENT",40497,"CS",100,"2.9 oz",900,null,"","",null,"Sunny Fresh","100 / 2.9 oz"]
[null,165,"CTF7020","FRUIT CHERRY MARASCHINO HALVES","CHERRIES MARACHINO HALVES CATERING","PENNANT OR APPROVED EQUIVALENT",null,"CS",4,".5 GAL",100,null,"",""]
[null,166,"D1057","FRUIT COCKTAIL","FRUIT COCKTAIL GRADE B CHOICE EXTRA LIGHT SYRUP MUST MEET BUY AMERICAN REQUIREMENTS","SENACA, DEL MONTE, LIBBY'S, DOLE",null,"CS",6,"10 CN",1500,54.44,81660,9.0733333333333324,125647,"Keith Valley","6/ 10 cn","NO"]
[null,167,"C1024","FRUIT CRANBERRIES DRIED","SOFT AND MOIST DRIED CRANBERRIES","SPECIFY",null,"CS",10,"LB",150,28.25,4237.5,2.8250000000000002,800070,"Ocean Spray","10 lb","NO"]
[null,168,"C1025","FRUIT DRIED IW","FRUIT DRIED INDIVIDUALLY PACKAGES PEANUT FREE 16% CRANBERRYM 29% NATURAL RAISINS 24% GOLDEN RAISINS 28% PINEAPPLE 3% DRIED APPLE ","NATIONAL FOOD GROUP OR APPROVED EQUIVALENT",609271,"CS",144,"1.3 OZ",650,null,"",""]
[null,169,"F1057","FRUIT MANGO DICED","MANOS DICED IQF US GRADE A UNSWEETENED MUST MEET BUY AMERICAN REQUIREMENTS","SENACA, DEL MONTE, LIBBY'S, DOLE",null,"CS",2,"5 LB",450,null,"","",311185,"Dole","2/5 lb","NO"]
[null,170,"D1058","FRUIT ORANGE MANDARIN","MANDARIN ORANGE SLICES NATURAL JUICES NO SUGAR ADDED GRADE B CHOICE MUST MEET BUY AMERICAN REQUIREMENTS","SENACA, DEL MONTE, LIBBY'S, DOLE","","CS",6,"10 CN",850,67.45,57332.5,11.241666666666667,600117,"Dole","6/106 oz","NO"]
[null,171,"D1059","FRUIT PEACHES DICED","PEACHES YELLOW CLING GRADE B CHOICE DICED NATURAL JUICES MIN DRAIN VT 71 OZ NO IRREGULAR MUST MEET BUY AMERICAN REQUIREMENTS","SENACA, DEL MONTE, LIBBY'S, DOLE","","CS",6,"10 CN",1500,52.85,79275,8.8083333333333336,137271,"Natures Orchard","6/10 cn","NO"]
[null,172,"D1060","FRUIT PEARS DICED","PEARS DICED GRADE B CHOICE NATURAL JUICES MUST MEET BUY AMERICAN REQUIREMENTS","SENACA, DEL MONTE, LIBBY'S, DOLE","","CS",6,"10 CN",500,53.61,26805,8.9350000000000005,125640,"Keith Valley","6/10 cn","NO"]
[null,173,"D1061","FRUIT PINEAPPLE","PINEAPPLE TIDBITS IN JUICE GRADE B CHOICE SOLID PAK IN NATURAL JUICE MUST MEET BUY AMERICAN REQUIREMENTS","SENACA, DEL MONTE, LIBBY'S, DOLE","","CS",6,"10 CN",2500,51.44,128600,8.5733333333333324,600373,"Dole","6/106 oz","NO"]
[null,174,"F1058","FRUIT STRAWBERRIES SLICED","STRAWBERRYS SLICED IQF US GRADE A UNSWEETENED","SPECIFY","","CS",1,"30 LB",700,null,"",""]
[null,175,"F1059","FRUIT STRAWBERRIES WHOLE","STRAWBERRYS SLICED IQF US GRADE A WHOLE UNSWEETENED","SPECIFY",null,"BKT",1,"30 LB",100,52.67,5267,52.67,310174,"Markon ","30 lb","NO"]
[null,176,"D1062","GELATIN CHERRY","GELATIN MIX DRY","SPECIFY","","CS",12,"24 OZ",75,null,"",""]
[null,177,"D1063","GELATIN LIME","GELATIN MIX DRY","SPECIFY","","CS",12,"24 OZ",15,41.1,616.5,3.4250000000000003,767043,"Royal Fds","12 / 24 oz","NO"]
[null,178,"D1064","GELATIN ORANGE","GELATIN MIX DRY","SPECIFY","","CS",12,"24 OZ",15,null,"",""]
[null,179,"D1065","GELATIN STRAWBERRY","GELATIN MIX DRY","SPECIFY","","CS",12,"24 OZ",75,41.1,3082.5,3.4250000000000003,767033,"Royal Fds","12 / 24 oz","NO"]
[null,180,"F1060","GF BAGEL PLAIN","PLAIN BAGEL GLUTEN FREE","SPECIFY",null,"CS",6,"4 EA",200,35.520000000000003,7104.0000000000009,5.9200000000000008,104135,"Udi's"]
[null,181,"C1026","GF BREAD WHITE SLICED","WHITE BREAD SLICED GLUTEN FREE","SPECIFY",null,"CS",6,"24 OZ",300,56.88,17064,9.48,141781,"Udi's"]
[null,182,"C1027","GF BUN HAMBURGER ","HAMBURGER BUNS GLUTEN FREE","SPECIFY",null,"CS",6,"12 CT ",200,32.130000000000003,6426.0000000000009,5.3550000000000004,394634,"Udi's","24ct","NO"]
[null,183,"F1061","GF MUFFIN CHOCOLATE IW","MUFFIN CHOCOLATE GLUTEN FREE IW","SPECIFY",null,"CS",36,"3.6 EA",200,null,"",""]
[null,184,"F1062","GF MUFFIN ENGLISH","ENGLISH MUFFINS GLUTEN FREE","SPECIFY",null,"CS",24,"2 OZ",300,null,"",""]
[null,185,"D1066","GF PASTA PENNE","PASTA PENNE GLUTEN FREE","SPECIFY",null,"CS",8,"12 OZ",200,19.649999999999999,3929.9999999999995,2.4562499999999998,121306,"Barilla","8 /12 oz","NO"]
[null,186,"D1067","GF PASTA SPAGHETTI","PASTA SPAGHETTI GLUTEN FREE","SPECIFY",null,"CS",12,"12 OZ",200,29.48,5896,2.4566666666666666,null,null,"12/12 oz",null,"wiLL BRING IN IF AWARDED"]
[null,187,"CTF7021","GLAZE STAWBERRY","STRAWBERRY GLAZE  CATERING","SPECIFY",null,"CS",1,"20LB",25,null,"",""]
[null,188,"D1068","GRANOLA BULK","GRANOLA BULK","SPECIFY",null,"CS",4,"50 OZ",250,61.37,15342.5,15.342499999999999,799137,"KELLOGG'S","4 / 50 oz","NO"]
[null,189,"D1069","GRAVY BROWN","GRAVY BROWN LIGHT","PIONEER OR APPROVED EQUIVALENT",94541,"CS",6,"13 OZ",700,24.65,17255,4.1083333333333334,107942,"Pioneer","6/11.3 oz","NO"]
[null,190,"D1070","GRAVY COUNTRY","COUNTRY SKILLET CREAM GRAVY","PIONEER OR APPROVED EQUIVALENT",96115,"CS",6,"24 OZ",725,28.14,20401.5,4.6900000000000004,797059,"Pioneer","6/24 oz","NO"]
[null,191,"CTF7062","HAM BUFFET","HAM WATER ADDED CURED BONELESS AND FULLY COOKED. HAM IS 97% FAT FREE (3% FAT) AND APPROXIMATELY 4 TO 4½ INCHES IN DIAMETER. FROZEN PRODUCT. CATERING","SPECIFY","","CS",1,"LB",100,null,"","",null,"Specify"]
[null,192,"F1063","HOT DOGS BEEF","BEEF FRANKS LOWER SODIUM 8/1 6\" CN LABELED TO MEET 2 OZ MEAT REQUIREMENT","JOHN MORRELL OR APPROVED EQUIVALENT","100-701000-28560","CS",80,"2 OZ",600,null,"","",null,"John"]
[null,193,"F1064","ICE CREAM SS BAR CARAMEL","STICK BAR REDUCED FAT SALTY CARAMEL BROWNIE CRUNCH BAR","HERSHEY'S OR APPROVED EQUIVALENT",31167,"CS",36,"2.75 OZ",200,null,{"$f":"IF(L198*K198= 0,\"\",L198*K198)","v":""},{"$f":"IF(L198/I198= 0,\"\",L198/I198)","v":""},null,"Hershey's"]
[null,194,"F1065","ICE CREAM SS BAR STRAWBERRY","STICK BAR STRAWBERRY SCOOTER  ","HERSHEY'S OR APPROVED EQUIVALENT",31166,"CS",36,"2.75 OZ",300,null,"","",null,"Hershey's"]
[null,195,"F1066","ICE CREAM SS BAR VANILLA","ICE CREAM BAR VANILLA REDUCED FAT MUST BE SMART SNACK COMPLIANT <200 CALORIES < 35% FAT CALORIES < 230 MG SODIUM < 10% SATURATED FAT <35% OF WEIGHT FROM SUGARS","SPECIFY",null,"CS",96,"3.0 OZ",100,null,"","",null,"Specify"]
[null,196,"F1067","ICE CREAM SS CUP CHOCOLATE SUNDAE ","LOW FAT CHOCOLATE SUNDAE DESSERT CUP","HERSHEY'S OR APPROVED EQUIVALENT",31662,"CS",48,"3 OZ",400,null,"","",null,"Hershey's"]
[null,197,"F1068","ICE CREAM SS CUP VANILLA","LOW FAT VANILLA ICE CREAM DESSERT CUP  ","HERSHEY'S OR APPROVED EQUIVALENT",31664,"CS",48,"3 OZ",300,null,"","",null,"Hershey's"]
[null,198,"F1069","ICE CREAM SS FRUIT BAR STRAWBERRY","STRAWBERRY CHUNK FRUIT BAR","BLUE BUNNY OR APPROVED EQUIVALENT",1050495,"CS",1,"48 CT",300,null,"","",null,"Blue"]
[null,199,"F1070","ICE CREAM SS FUDGE BAR","STICK BAR FUDGE-O  GLUTEN FREE","HERSHEY'S OR APPROVED EQUIVALENT",31152,"CS",36,"2 OZ",300,null,"","",null,"Hershey's"]
[null,200,"F1071","ICE CREAM SS POP STRAWBERRY & BANANA","SMOOTHIE ON A STICK.  REAL FRUIT NOTHING ARTIFICIAL.  STRAWBERRY & BANANA","JONNY POPS OR APPROVED EQUIVALENT",1190150,"CS",1,"96 CT",300,null,"","",null,"Jonny"]
[null,201,"F1072","ICE CREAM SS POP TRIPLE BERRY","SMOOTHIE ON A STICK.  REAL FRUIT NOTHING ARTIFICIAL.  TRIPLE BERRY (STRAWBERRY BLUEBERRY AND RASPBERRY)","JONNY POPS OR APPROVED EQUIVALENT",1190240,"CS",1,"96 CT",150,null,"","",null,"Jonny"]
[null,202,"F1073","ICE CREAM SS SANDWICH","ICE CREAM SANDWICH VAN RF","HERSHEY'S OR APPROVED EQUIVALENT",31319,"CS",24,"4 OZ",300,null,"","",null,"Hershey's"]
[null,203,"D1071","JALAPEÑO SLICED","JALAPEÑO SLICED","SPECIFY","","CS",6,"10 CN",550,30.74,16907,5.1233333333333331,685028,"Indel","6/ 10 cn","NO"]
[null,204,"D1072","JELLY PC","JELLY PC ASSORTED STRAWBERRY MIXED FRUIT AND GRAPE SHELF STABLE","SPECIFY",null,"CS",200,".5 OZ",450,15.88,7146,7.9399999999999998E-2,677079,"Smuckers","200/.5 oz","no"]
[null,205,"C1028","JUICE APPLE","APPLE JUICE PURE PAK  FULL STRENGTH JUICE NO SUGAR ADDED 100% JUICE  CARTON ONLY US GRADE B","SUN CUP OR APPROVED EQUIVALENT",30301,"CS",70,"4 OZ",7800,19.82,154596,0.28314285714285714,318011,"Ard FRm","70/4 oz","no"]
[null,206,"C1029","JUICE APPLE CHERRY","APPLE-CHERRY PURE PAK FULL STRENGTH JUICE  NO SUGAR ADDED 100% JUICE US GRADE B","SUN CUP OR APPROVED EQUIVALENT",32000,"CS",70,"4 OZ",7500,null,"","",318072,"Ard FRm","70/4 oz","yes"]
[null,207,"C1030","JUICE FRUIT PUNCH","FRUIT PUNCH JUICE PURE PAK FULL STRENGTH JUICENOSUGARADDED100% JUICE  CARTON ONLY US GRADE B","SUN CUP OR APPROVED EQUIVALENT",30800,"CS",70,"4 OZ",8400,null,"","",null,"Sun"]
[null,208,"CTF7022","JUICE LEMON","LEMON JUICE PURE CATERING","SPECIFY","","CS",12,"32 OZ",20,31.23,624.6,2.6025,620671,"REALEMON","8/48OZ","NO"]
[null,209,"CTF7023","JUICE LEMON PC","LEMON JUICE PURE PC CATERING","SPECIFY",null,"CS",200,"0.4 G",5,9.84,49.2,4.9200000000000001E-2,674120,"BEK ","200 /4 gr","NO"]
[null,210,"C1031","JUICE ORANGE","ORANGE JUICE PURE PAK FULL STRENGTH JUICE NO SUGAR ADDED 100% JUICE  CARTON ONLY GRADE A","SUN CUP OR APPROVED EQUIVALENT",30100,"CS",70,"4 OZ",7900,22.7,179330,0.32428571428571429,318034,"Ard FRm"]
[null,211,"CTF7063","JUICE ORANGE CONCENTRATE","FROZEN CONCENTRATE 100% JUICE NO SUGAR ADDED GRADE A CATERING","SPECIFY",null,"CS",12,"32OZ",20,null,"",""]
[null,212,"C1032","JUICE ORANGE PINEAPPLE","ORANGE-PINEAPPLE JUICE PURE PAK  FULL STRENGTH JUICE NO SUGAR ADDED 100%JUICE  CARTON ONLY U.S. GRADE A","SUN CUP OR APPROVED EQUIVALENT",31200,"CS",70,"4 OZ",7500,21.17,158775,0.30242857142857144,318127,"Ard FRm"]
[null,213,"D1073","KETCHUP JUG","KETCHUP  NATURALLY BALANCED  MADE w/SUGAR ENHANCED LOW SODIUM JUG w/PUMP","RED GOLD OR APPROVED EQUIVALENT","REDYL9P","CS",6,"114 oz",315,37.79,11903.85,6.2983333333333329,164740,1906,"6/114 oz","No"]
[null,214,"D1074","KETCHUP PC","KETCHUP w/SUGAR ENHANCED LOW SODIUM ","RED GOLD OR APPROVED EQUIVALENT","REDYL9G","CS",1000,".9 GM",1000,20.54,20540,2.0539999999999999E-2,674024,"Red","100/.9 gm","no"]
[null,215,"CTF7024","LIQUID SMOKE","LIQUID SMOKE FLAVORING  CATERING","WRIGHTS",null,"CS",4,"1 GAL",15,44.3,664.5,11.074999999999999,660085,"WRIGHTS","4/1 GAL","NO"]
[null,216,"C1033","MARGARINE","NO TRANS FAT CONTAIN A RATIO OF 60% VEGETABLE OIL AND 40% MILKFAT\nWITH A MINIMUM TOTAL FAT CONTENT OF 80%. ","GOLD-N-SWEET OR APPROVED EQUIVALENT",16840,"CS",30,"1 LB",150,44.86,6729,1.4953333333333334,132210,"GOLDN SWEET","30/1LB","NO"]
[null,217,"C1034","MARGARINE PC","CONTAIN A RATIO OF 60% VEGETABLE OIL AND 40% MILK FAT WITH A MINIMUM TOTAL FAT CONTENT OF 80%. NO TRANS FAT  ","COUNTRY CROCK OR APPROVED EQUIVALENT","1-0040600434055","CS",900,"5 GR",40,16.920000000000002,676.80000000000007,1.8800000000000001E-2,779273,"gold n sweet","600/5 gr","no"]
[null,218,"D1075","MARSHMALLOW CRÈME","MARSHMALLOW CREAM FOR CEREAL TREATS TRANS FAT FREE","MALLOWCREME OR APPROVED EQUIVALENT",64708,"CS",8,"33.5 OZ",700,null,"","",800269,"Jet Puff","6/48 oz","no"]
[null,219,null,"MAYONNAISE  PC","MAYONNAISE INDIVIDUALLY PACKED REDUCED FAT","SPECIFY",null,"CS",500,"12 GR",800,null,"","",null,"Dimanod crystle","200 /12 gr"]
[null,220,"CTF7025","MAYONNAISE GAL ","MAYONNAISE REGULAR FAT CATERING","SPECIFY",null,"CS",4,"1 GAL",20,51.94,1038.8,12.984999999999999,662037,"Keith Home","4/1 gal","no"]
[null,221,"CTF7026","MAYONNAISE PC","MAYONNAISE REGULAR FAT INDIVIDUALLY PACKED CATERING","SPECIFY",null,"CS",200,"12 GR",100,17.96,1796,8.9800000000000005E-2,170886,"Ellington","200/12gr","no"]
[null,222,"D1076","MILK EVAPORATED","SHELF STABLE MILK IS MADE FROM GRADE A FRESH MILK WHICH HAS BEEN FORTIFIED WITH VITAMINS A AND D","SPECIFY","","CS",6,"10 CN",75,80.930000000000007,6069.7500000000009,13.488333333333335,798013,"Nestle","6/10 cn","no"]
[null,223,"C1036","MILK LACTOSE FREE","MILK LACTSE FREE AND FAT FREE","LACTAID OR APPROVED EQUIVALENT",6348,"CS",20,"8 oz",100,22.69,2269,1.1345000000000001,183551,"Lactaid","24/8oz","no"]
[null,224,"D1077","MILK SOY","SOY MILK VANILLA MUST MEET USDA REGULATIONS FOR A MILK SUBSITITUTE.","KIKKKOMAN OR APPROVED EQUIVALENT",6184,"CS",24,"8 OZ",100,20.36,2036,0.84833333333333327,112490,"Kikkkoman","24/8oz","no"]
[null,225,"CTF7027","MIX BROWNIE","MIX FUDGE BROWNIE NOT WHOLE GRAIN CATERING","CH GUENTER & SON OR APPROVED EQUIVALENT",218207,"CS",6,"5 LB",20,70.739999999999995,1414.8,11.79,169156,"Goldn Harvest","6/5 lb","no"]
[null,226,"CTF7028","MIX FRUIT PUNCH","FRUIT FLAVORED DRY CRYSTALS DRINK MIX SWEETENED CATERING","SPECIFY",null,"CS",12,"24 OZ",20,40.880000000000003,817.6,3.4066666666666667,122642,"Ellington","12/24 oz","no"]
[null,227,"CTF7029","MIX HOT CHOCOLATE","HOT CHOCOLATE MIX POWDERED INDIVIDUAL PACKS CATERING","SPECIFY",null,"CS",6,"50CT",20,62.1,1242,10.35,641102,"Nestle","6/50ct","no"]
[null,228,null,"MIX HOT CHOCOLATE SF","HOT CHOCOLATE MIX POWDERED INDIVIDUAL PACKS  SUGAR FREE COFFEE BAR","NESTLE OR APPROVED EQUIVALENT","61411-00","CS",300,"PKG",100,37.75,3775,0.12583333333333332,641077,"Nestle","6/24ct","no"]
[null,229,"CTF7030","MIX ICE TEA","MIX UNSWEETENED TEA HIGH YIELD DILUTION RATIO 1:96 CATERING","THIRS-TEA OR APPROVED EQUIVALENT",662,"CS",24,"4 OZ",20,null,"","",null,"Thirs"]
[null,230,"CTF7031","MIX LEMONAIDE PINK","PINK LEMONAIDE FLAVORED DRY CRYSTALS SWEETENED CATERING","SPECIFY",null,"CS",12,"2GAL",30,40.880000000000003,1226.4000000000001,3.4066666666666667,122647,"Ellington","12/24oz","no"]
[null,231,"CTF7032","MIX LEMONAIDE YELLOW","YELLOW LEMONAIDE FLAVORED DRY CRYSTALS DRINK MIX SWEETENED  CATERING","SPECIFY",null,"CS",12,"2GAL",30,40.880000000000003,1226.4000000000001,3.4066666666666667,122643,"Ellington","12/24 oz","no"]
[null,232,"CTF7064","MUFFIN APPLE PECAN","PRE-BAKED THAW AND SERVE APPLE CINNIMON PECAN TULIP CUP WRAPPER SUPREME  CATERING","OTIS SPUNKMEYER OR APPROVED EQUIVALENT",6245,"CS",24,"4 OZ",5,33.54,167.7,1.3975,407266,"Otis","24/4 oz","no"]
[null,233,"CTF7065","MUFFIN BANANA BREAD","PRE-BAKED THAW AND SERVE BANANA BREAD TULIP CUP WRAPPER SUPREME  CATERING","OTIS SPUNKMEYER OR APPROVED EQUIVALENT",1002,"CS",24,"4 OZ",15,32.08,481.2,1.3366666666666667,407157,"Otis","24/4 oz","no"]
[null,234,null,"MUFFIN BANANA WG","PRE-BAKED AND INDIVIDUALLY PLAIN WRAPPED APPROX 2 OZ EACH.  WHOLE GRAIN EACH MUFFIN MUST PROVIDE A MINUMIM OF 2 GB COMPONENT FOR SBP.  BANANA FLAVORED. ","DAVE'S OR APPROVED EQUIVALENT","WG828","CS",60,"3.15 OZ",1500,null,"","",null,"Dave's"]
[null,235,"CTF7066","MUFFIN BLUEBERRY CRUMB","PRE-BAKED THAW AND SERVE BLUEBERRY CRUMB CAKE TULIP CUP WRAPPER SUPREME  CATERING","OTIS SPUNKMEYER OR APPROVED EQUIVALENT",6201,"CS",24,"4 OZ",20,24.77,495.4,1.0320833333333332,407186,"Otis","24/4 oz","no"]
[null,236,"F1074","MUFFIN BLUEBRRY IW","PRE-BAKED AND INDIVIDUALLY PLAIN WRAPPED APPROX 2 OZ EACH.  WHOLE GRAIN EACH MUFFIN MUST PROVIDE A MINUMIM OF 2 GB COMPONENT FOR SBP.  BLUEBERRY FLAVORED.","DAVE'S OR APPROVED EQUIVALENT","WG829","CS",60,"3.15 OZ",1500,null,"","",null,"Dave's"]
[null,237,"F1075","MUFFIN CHERRY IW","PRE-BAKED AND INDIVIDUALLY PLAIN WRAPPED APPROX 2 OZ EACH.  WHOLE GRAIN EACH MUFFIN MUST PROVIDE A MINUMIM OF 1 GB COMPONENT FOR SBP.  CHERRY FLAVORED. ","DAVE'S OR APPROVED EQUIVALENT","WG841","CS",60,"3.15 OZ",1500,33.19,49785,0.55316666666666658,186698,"Dave's","60/3.15oz","no"]
[null,238,"CTF7067","MUFFIN DECADENT CHOCOLATE","PRE-BAKED THAW AND SERVE DECADENT CHOCOLATE CHUNK TULIP CUP WRAPPER SUPREME  CATERING","OTIS SPUNKMEYER OR APPROVED EQUIVALENT",6220,"CS",24,"4 OZ",5,31.09,155.44999999999999,1.2954166666666667,407264,"Otis","24/4 oz","no"]
[null,239,"F1076","MUFFIN DOUBLE CHOC CHIP IW","PRE-BAKED AND INDIVIDUALLY PLAIN WRAPPED APPROX 2 OZ EACH.  WHOLE GRAIN EACH MUFFIN MUST PROVIDE A MINUMIM OF 2 GB COMPONENT FOR SBP.  CHOCOLATE-CHOCOLATE CHIP FLAVORED.","DAVE'S OR APPROVED EQUIVALENT","WG 845","CS",60,"3.15 OZ",1500,null,"","",null,"Dave's"]
[null,240,"CTF7068","MUFFIN TRIPLE BERRY","PRE-BAKED THAW AND SERVE TRIPLE BERRY WHOLE GRAIN TULIP CUP WRAPPER SUPREME  CATERING","OTIS SPUNKMEYER OR APPROVED EQUIVALENT",6230,"CS",24,"4 OZ",10,26.2,262,1.0916666666666666,407265,"Otis","24/4 oz","no"]
[null,241,"D1078","MUSTARD GAL","MUSTARD/PREPARED","SPECIFY","","CS",4,"1 GAL",75,18.79,1409.25,4.6974999999999998,124165,"Ellington","4/1 gal","no"]
[null,242,"D1079","MUSTARD PC","MUSTARD PC EASY OPEN TOP","SPECIFY","","CS",500,"5.5 GM",200,6.68,1336,1.3359999999999999E-2,170887,"Ellington","200/5.5 gr","no"]
[null,243,"D1080","NATURE SEAL","NATURESEAL FRESH FRUIT PRESEVER","NATURESEAL","","CS",4,"3.3 LB",300,null,"","",null,"Natureseal"]
[null,244,"F1077","NOODLES CHOW MEIN","CHOW MEIN WITH VEGETABLES WHOLE GRAIN  A 4.8oz SERVING PROVIDES 1.0 OZ GRAIN EQUIVALENTS.","SPECIFY",null,"CS",6,"5.6 LB",500,38.86,19430,6.4766666666666666,701010,"La Choy","6/24oz","no"]
[null,245,"D1081","OIL CANOLA","CANOLA OIL FOR FRYING NO TRANS FATS","SPECIFY","","CS",35,"LB",225,40.64,9144,1.1611428571428573,779178,"Keith Home","35 lb","no"]
[null,246,"CTF7033","OIL OLIVE","OIL OLIVE EXTRA VIRGIN CATERING","SPECIFY",null,"CS",4,"3LTR",15,88.25,1323.75,22.0625,170036,"Belprimo","4/3 ltr","no"]
[null,247,"CTF7034","OLIVES BLACK","RIPE OLIVES MEDIUM PITTED WHOLE  CATERING","SPECIFY",null,"CS",6,"10 CN",100,78.760000000000005,7876.0000000000009,13.126666666666667,682212,"Pearls","6/10 cn","no"]
[null,248,"CTF7035","OLIVES GREEN","RIPE OLIVES MEDIUM PITTED WHOLE STUFFED  CATERING","SPECIFY",null,"CS",4,"1 GAL",5,74.569999999999993,372.84999999999997,18.642499999999998,682223,"Ron Son","4/1 gal","no"]
[null,249,"F1078","PANCAKE BREAKFAST SANDWICH","MAPLE SEASONED BEEF SAUSAGE AND PANCAKE SANDWICH - INDIVIDUALLY WRAPPED.  PORTION SIZE 2.61OZ CN LABEL OR PRODUCT ANALYSIS SHEET TO PROVIDE 1OZ M/MA AND 1OZ GRAIN EQ.  MUST MEET FNS REQUIREMENTS ON ALL GRAIN.  CASE PACK 100","INTEGRATED FOOD SERVICE OR APPROVED EQUIVALENT",990120,"CS",100,"2.61 OZ",900,null,"","",null,"Integrated"]
[null,250,"F1079","PANCAKE ON A STICK PLAIN BULK","SAUSAGE & PANCAKE ON A STICK WHOLE GRAIN PANCAKE BATTER AROUND A PRE-COOKED GROUND TURKEY & TEXTURED VEGETABLE PROTEIN LINK. CN LABLED EACH 2.85 OZ STICK PROVIDE 1 MEAT/MEAT ALTERNATE & 1 GRAIN EQUIVALENT BULK.","FOSTER FARMS OR APPROVED EQUIVALENT",95121,"CS",56,"2.85 OZ",1500,31.85,47775,0.56874999999999998,401332,"Foster"]
[null,251,"F1080","PANCAKES","PANCAKE WHOLE GRAIN RICH - EACH PANCAKE MUST MEET 1 GRAIN","AUNT JEMIMA OR APPROVED EQUIVALENT",43582,"CS",144,"1.14 OZ",16,null,"","",null,"Aunt"]
[null,252,"F1081","PANCAKES BLUEBERRY","PANCAKES MINI BLUEBERRY IW WHOLE GRAIN MUST MEET 2 GRAIN COMPONENT FOR SBP","EGGO OR APPROVED EQUIVALENT",3800092560,"CS",72,3.2,1000,null,"","",null,"Eggo"]
[null,253,"F1082","PANCAKES CONFETTI","PANCAKES MINI CONFETTI IW WHOLE GRAIN MUST MEET 2 GRAIN COMPONENT FOR SBP","EGGO OR APPROVED EQUIVALENT",3800018574,"CS",72,3.2,1000,null,"","",151172,"EGGO","72/3.03OZ","NO "]
[null,254,"F1083","PANCAKES MAPLE","PANCAKES MINI MAPLE BURST IW WHOLE GRAIN MUST MEET 2 GRAIN COMPONENT FOR SBP","PILLSBURY OR APPROVED EQUIVALENT",137732000,"CS",72,3.2,1000,null,"","",null,"Pillsbury"]
[null,255,null,"PANCAKES MAPLE","PANCAKES MINI MAPLE IW WHOLE GRAIN MUST MEET 2 GRAIN COMPONENT FOR SBP","EGGO OR APPROVED EQUIVALENT",3800092562,"CS",72,3.2,1000,null,"","",401331,"EGGO","72/3.03OZ","NO"]
[null,256,"F1084","PANCKAES STRAWBERRY","PANCAKES MINI STRAWBERRY BLAST IW WHOLE GRAIN MUST MEET 2 GRAIN COMPONENT FOR SBP","PILLSBURY OR APPROVED EQUIVALENT",137731000,"CS",72,3.2,1000,null,"","",126766,"GENERAL MILLS","72/3.17OZ","NO"]
[null,257,"D1082","PASTA ELBOW","ELBOW PASTA DRY REGULAR NOT WHOLE GRAIN","ZEREGA OR APPROVED EQUIVALENT",8001,"CS",2,"10 LB",300,28.86,{"$f":"IF(L262*K262= 0,\"\",L262*K262)","v":8658},{"$f":"IF(L262/I262= 0,\"\",L262/I262)","v":14.43},151772,"Bellaciba","2/10LB","NO"]
[null,258,"D1083","PASTA FETUCCINE","FETUCCINE PASTA   10\" DRY REGULAR NOT WHOLE GRAIN","ZEREGA OR APPROVED EQUIVALENT",9722,"CS",2,"10 LB",250,28.2,7050,14.1,151779,"ZEREGA'S","2/10LB","NO"]
[null,259,"CTF7036","PASTA LASAGNA","LASAGNA NOODLE WITH RIDGES ENRICHED TO MEET BREAD REQUIREMENTS NSLP MADE FROM SEMOLINA OR DURUM FLOUR ENRICHED WITH THIAMIN RIBOFLAVIN NIACIN FOLIC ACID AND IRON.  REGULAR NOT WHOLE GRAIN CATERING","SPECIFY",null,"CS",12,"1LB",15,22.12,331.8,1.8433333333333335,151784,"Bellaciba","12/16 oz","NO"]
[null,260,"D1084","PASTA PENNE","TUBULAR 51% WHOLE GRAIN ENRICHED TO MEET BREAD REQ FOR NSLP ENRICHED WITH THIAMIN RIBOFLAVIN NIACIN FOLIC ACID AND IRON REGULAR NOT WHOLE GRAIN","ZEREGA OR APPROVED EQUIVALENT",10034,"CS",2,"10 LB",45,30.86,1388.7,15.43,151786,"Bellaciba","12/16 oz","NO"]
[null,261,"D1085","PASTA SPAGHETTI","SPAGHETTI PASTA   10\" DRY REGULAR NOT WHOLE GRAIN","ZEREGA OR APPROVED EQUIVALENT",8031,"CS",2,"10 LB",500,24.55,12275,12.275,151775,"ZEREGA'S","2/10LB","NO"]
[null,262,"CTF7069","PASTRY CINNAMON TWIST","FREEZER-TO-OVEN CINNNAMON ROLL TWIST  CATERING","PILLSBURY OR APPROVED EQUIVALENT",205385000,"CS",52,"4.25 OZ",100,null,"","",null,"Pillsbury"]
[null,263,"CTF7070","PASTRY DANISH ASSORTED","DANISH ASSORTED 4OZ BULK CATERING","SPECIFY",null,"CS",6,"12CT",50,64.42,3221,10.736666666666666,418016,"Chef Pierre","48/4 oz","NO"]
[null,264,"CTF7037","PICKLE SLICED POUCH","HAMBURGER DILL PICKLE CRINKLE CUT POUCH 1/8 IN GRADE A CATERING","HEINZ",658600,"CS",6,"5.75 LB",650,47.31,30751.5,7.8850000000000007,680069,"Heinz","6/5.75 oz","no"]
[null,265,"CTF7038","PICKLE SPEARS CAN","DILL PICKLE SPEARS APPROXIMATELY 3 1/2 - 4 3/4 INCHES LONG US GRADE A CATERING","SPECIFY","","CS",6,"10 CN",400,null,"","",null,"Specify"]
[null,266,"F1085","PIE SHELLS","PIE SHELLS 9 INCH DEEP","SPECIFY",null,"CS",20,"SHELLS",10,47.31,473.1,2.3654999999999999,403805,"CHEF PIERRE","20/8OZ","NO"]
[null,267,"F1086","PIZZA BREAKFAST SAUSAGE","NARDONE BROS®WHOLE WHEAT SAUSAGE BREAKFAST MUST PROVIDE 1 OZ EQUIVALENT MEAT/MEAT ALERNATE 1.5 OZ EQUIVALENT GRAINS AND 1/8 CUP RED/ORANGE VEGETABLE FOR THE CHILD NUTRITION MEAL PATTERN REQUIREMENTS. COMMERICAL BACK-UP OF COMMODITY PRODUCT OR FOR NOI PRICING","NARDONES BROS OR APPROVED EQUIVALENT","80WS100","CS",80,"3.30 OZ",700,63.75,44625,0.796875,384029,"Tonys","128 /3.31oz"]
[null,268,"F1087","PIZZA STUFFED CRUST CHEESE","WHOLE WHEAT WEDGE STUFFED CRUST CHEESE PIZZA WGR FROZEN BULK PACK FAT GRAMS NOT TO EXCEED 17GM SODIUM NOT TO EXCEED 445MG CN LABEL OR PRODUCT ANALYSIS SHEET TO PROVIDE A MINIMUM 2 MMA AND 2 GRAIN EQ. 1/8 RO VEGETABLE  CASE PACK 70 CT. COMMERICAL BACK-UP OF COMMODITY PRODUCT OR FOR NOI PRICING","NARDONES BROS OR APPROVED EQUIVALENT","72WWSCM2","CS",70,"4.95 OZ",600,null,"","",null,"Nardones"]
[null,269,"F1088","PIZZA STUFFED CRUST PEPPERONI","WHOLE WHEAT WEDGE STUFFED CRUST COIN PEPPERONI PIZZA.  WGR FROZEN BULK PACK FAT GRAMS NOT TO EXCEED 21GM SODIUM NOT TO EXCEED 665MG CN LABEL OR PRODUCT ANALYSIS SHEET TO PROVIDE A MINIMUM 2 MMA AND 2 GRAIN EQ. 1/8 RO VEGETABLE CASE PACK 70. COMMERICAL BACK-UP OF COMMODITY PRODUCT OR FOR NOI PRICING","NARDONES BROS OR APPROVED EQUIVALENT","C72WWSCMP2","CS",70,"4.95 OZ",600,null,"","",null,"Nardones"]
[null,270,"F1089","POCKET TURKEY HAM & CHEESE IW","POCKET TURKEY HAM & CHEESE EACH 3.0 OZ MUST MEET 1 M/MA AND 1OZ GRAIN FOR STUDENT NUTRITION BREAKFAST PROGRAM, IW","ALBIE'S OR APPROVED EQUIVALENT",835,"CS",60,"3 OZ",1500,null,"","",null,"Albie's"]
[null,271,"D1086","POPTART STRAWBERRY","POP-TART MADE WITH WHOLE GRAIN FROSTED STRAWBERRY.   1.76OZ  MUST MEET 1OZ GRAIN EQUIVALENT. CALORIES SHOULD NOT EXCEED 200  SUGAR SHOULD NOT EXCEED 18G","KELLOGG’S OR APPROVED EQUIVALENT",55130,"CS",120,"1.76 OZ",1000,54.78,54780,0.45650000000000002,772546,"Kellogg","120/1.76","NO"]
[null,272,"F1090","PORK BBQ PATTY","FULLY COOKED FLAMEBROILED RIB SHAPED PORK PATTIE WITH HONEY BBQ SAUCE, 3.25OZ","TYSON OR APPROVED EQUIVALENT",3716,"CS",100,"3.25 OZ",750,null,"","",null,"Tyson"]
[null,273,"F1091","PORK CARNITAS","PORK CARNITAS LOWER SODIUM","BROOKWOOD FARMS OR APPROVED EQUIVALENT",12303,"CS",1,"20 lb",200,null,"","",null,"Asian Foods","5/6.7 lb","no "]
[null,274,"F1092","PORK DICED COOKED","BONELESS PORK STEW MEAT (1/4\" TRIM) THIS 30 LB. CASE PROVIDES 240 SERVINGS 2.00 OZ EACH. EACH 2.00 OZ SERVING (BY WEIGHT) OF COOKED DICED PORK PROVIDES 2.00 OZ EQUIVALENT MEAT FOR CHILD NUTRITION MEAL PATTERN REQUIREMENTS","SPECIFY",null,"CS",2,"5 LB",25,3.52,88,1.76,138392,"Winn"]
[null,275,"F1093","PORK LOIN ROAST","PORK LOIN BONELESS IMPS #413 FROZEN UNCOOKED USDA INSPECTED FRESH PORK LOINS BONELESS SINGLE MUSCLE. ALL SURFACE FAT IN EXCESS OF 1/4\" IN DEPTH SHALL BE REMOVED. NATURAL UNSEASONED NO ADDED SODIUM MSG OR SOLUTIONS PERMITTED SODIUM CONTENT NOT TO EXCEED 100 MG PER 4 OUNCE PORTION.  ACCEPTABLE PACK SIZE: ENCASED & COMMERCIALLY SEALED IN MOISTURE/VAPOR-PROOF POLYFILM 2 TO 6 LOINS PER CASE EACH LOIN TO WEIGH BETWEEN 8-18 LB PACKAGE","SPECIFY",null,"CS",1,"50 lb",40,2.14,85.600000000000009,2.14,175285,"Hatfield","6 ct","no"]
[null,276,"F1094","PORK SAUSAGE","SAUSAGE PORK BULK","SPECIFY",null,"CS",2,"5 lb",500,54.44,27220,27.22,539077,"Smithfield","2/6 lb","no"]
[null,277,"F1095","PORK SAUSAGE PATTY ","EACH 1.33 OZ COOKED PORK SAUSAGE PATTY PROVIDES 1.00 OZ EQUIVALENT MEAT FOR CHILD NUTRITION MEAL PATTERN REQUIREMENTS LESS THAN 200MG IN SODIUM PER SERVING","JTM OR APPROVED EQUIVALENT","CP54649","CS",360,"1.33 OZ",300,null,"","",540087,"TYSON","107/1.5OZ","NO"]
[null,278,"F1096","PORK SHREDDED","PULLED PORK BBQ W/ VINEGAR MARINADE/SEMI DRIY LESS THAN 274 MG OF SODIUM PER SERVING CN LABLED THAT EACH 4 OZ SERVING MEETS 2 OZ MEAT EQUIVALENT. COMMERICAL BACK-UP OF COMMODITY PRODUCT OR FOR NOI PRICING","BROOKWOOD FARMS OR APPROVED EQUIVALENT",12302,"CS",4,"5 LB",1010,null,"","",546496,"EDDY PACKING","2/5LB","NO"]
[null,279,"CTF7071","POTATO BABY BAKERS","BABY BAKER POTATOES WHOLE OVEN ROASTED GARLIC  CATERING","SPECIFY",null,"CS",6,"2.5LB",25,null,"","",null,"Specify"]
[null,280,"F1097","POTATO CRINKLE CUT","BAKABLE REGULAR REDUCED SODIUM CRINKLE FRIES 3/8\" l ≤ 160MG SODIUM PER SERVING CN LABLED","McCAIN OR APPROVED EQUIVALENT","MCF03761","CS",6,"5 LB",1000,42.85,42850,7.1416666666666666,114864,"Lamb","6/5LB","NO"]
[null,281,"D1087","POTATO HASHBROWN DEHYDRATED"," DEHYDRATED POTATOES ","IDAHOAN OR APPROVED EQUIVALENT","29700 00808","CS",6,"2.125 lb",1200,57.09,68508,9.5150000000000006,650328,"Idahoan"]
[null,282,"F1098","POTATO HASHBROWN PATTIES","2 OVALS PROVIDE 1/2 CUP VEGETABLE EQUIVALENT.","ORE-IDA OR APPROVED EQUIVALENT","OIF00589A","CS",6,"2.8125 lb",1345,32.950000000000003,44317.750000000007,5.4916666666666671,361069,"Ore"]
[null,283,"D1088","POTATO PEARLS","POTATO PEARLS NATURE'S OWN MASHED REDUCED SODIUM","BASIC AMERICAN FOODS OR APPROVED EQUIVALENT",10169,"CS",10,"29.3 oz",1500,null,"","",null,"Basic"]
[null,284,"F1099","POTATO SPIRAL","BAKABLE SEASONED SPIRALS ≤ 240MG PER SERVING CN LABLED","McCAIN OR APPROVED EQUIVALENT",1000004108,"CS",6,"4 LB",1500,41.1,61650,6.8500000000000005,129991,"MCCAIN","6/4LB","NO"]
[null,285,"F1100","POTATO STRAIGHT CUT","POTATOES / FRENCH FRIES FROZEN: 10071179036715 SIMPLOT SEASONEDCRISP® SAVORY REDUCED SODIUM 5/16” X 3/8” SC 6/5 LB. 52% LESS SODIUM THAN OUR REGULAR SAVORY THIN CUT FRIES (180MG VS 380MG SODIUM PER 84G REFERENCE AMOUNT). TO BE PACKED TO U.S. GRADE A STANDARDS SKIN-ON 5/16” X 3/8” STRAIGHT CUT POTATOES PROCESSED IN VEGETABLE OIL OVEN-READY PREPARATION.","SIMPLOT OR APPROVED EQUIVALENT","100-71179036715","CS",30,"LB",1000,33.53,33530,1.1176666666666668,139231,"Ellington","6/5 lb","no"]
[null,286,"F1101","POTATO TATER TOTS","TATER TOTS SHAPED POTATOES ZERO GRAMS TRANS FAT OVEN-BAKED.  71G SERVING PROVIDE 1/2 CUP STARCH VEGETABLE FOR THE CHILD NUTRITION MEAL PROGRAM.","MCCAIN FOODSERVICE OR APPROVED EQUIVALENT",1000002789,"CS",6,"5 LB",1000,53.58,53580,8.93,360811,"Ore Ida","6/4LB","NO"]
[null,287,"F1102","POTATO WAFFLE CUT","FRENCH FRIES WAFFLE CUT BAKEABLE REDUCED SODIUM ≤ 75MG PER SERVING CN LABLED","McCAIN OR APPROVED EQUIVALENT","OIF01037A","CS",6,"4.5 LB",500,37.880000000000003,18940,6.3133333333333335,363081,"MCCAIN","6/4.5LB","NO"]
[null,288,"F1103","PRETZELS IW","HEARTZELS WHOLE GRAIN WHEAT FLOUR/ENRICHED WHEAT FLOUR RED GOLD MEET 1 OZ GRAIN","ROLD GOLD OR APPROVED EQUIVALENT","000-28400-15940-1","CS",104,".7 OZ",500,null,"","",null,"Rold"]
[null,289,"D1089","PUMPKIN","100% PURE SOLID PACK U.S. GRADE A OR U.S. FANCY","LIBBY'S OR APPROVED EQUIVALENT","","CS",6,"10 CN",100,60.09,6009,10.015000000000001,125742,"Ellington","6/10cn","NO"]
[null,290,"CTF7039","RELISH PICKLE DILL","RELISH PICKLE DILL CATERING","SPECIFY",null,"CS",4,"1 GAL",10,31.01,310.10000000000002,7.7525000000000004,123286,"Ellington","4/1 gzl","No"]
[null,291,"CTF7040","RELISH PICKLE SWEET","RELISH PICKLE SWEET CATERING","SPECIFY",null,"CS",4,"1 GAL",5,33.799999999999997,169,8.4499999999999993,123288,"Keith Valley","4/1 gal","NO"]
[null,292,"F1104","RICE VEGETABLE FRIED","VEGETABLE FRIED RICE WHOLE GRAIN.  NO MSG ADDED.  5# BAGS","ASIAN FOODS OR APPROVED EQUIVALENT",78001,"CS",8,"5 lb",600,null,"","",null,"Asian foods","8 / 5lb"]
[null,293,null,"RICE WHOLE GRAIN BROWN PARBOILED","RICE LONG GRAIN PARBOILED 51% WHOLE GRAIN TO MEET NSLP BREAD REQ. LONG GRAIN RICE ENRICHED WITH THIAMIN RIBOFLAVIN NIACIN FOLIC ACID AND IRON. VITAMIN D AND CALCIUM MAY BE ADDED. NO 1 GRADE","SPECIFY",null,"BAG",25,"LB",500,28.68,14340,1.1472,177039,"Uncle Bens","25 lb","NO"]
[null,294,"CTF7072","ROLL CINNAMON ","CINNAMON ROLLS FROZEN INDIVIDUALLY BULK PACKED APPROX 3 OZ EACH FREEZER TO OVEN NO PROOFING REQUIRED.  MUST PROVIDE 2 GB IN THE SBP. PILLSBURY SUPREME™ FREEZER-TO-OVEN CINNAMON ROLL 3 OZ  CATERING","PILLSBURY OR APPROVED EQUIVALENT",105358000,"CS",100,"3 OZ",50,null,"","",null,"Pillsbury"]
[null,295,"F1105","ROLL CINNAMON IW","WHITE WHOLE WHEAT HONEY ROLL DOUGH LAYER PACKED WHOLE GRAIN MEETS 2 OZ EQUIVALENT GRAINS","BRIDGEFORD OR APPROVED EQUIVALENT",6737,"CS",180,"2 OZ",3500,24.01,84035,0.13338888888888889,108231,"BRIDGFORD","18/2OZ","NO"]
[null,296,"CTF7073","ROLL DINNER WHITE","ROLL DINNER WHITE HEAT & SERVE 1.5OZ CATERING","BRIDGEFORD OR APPROVED EQUIVALENT",6655,"CS",75,"1.5OZ",100,20,2000,0.26666666666666666,"BRIDGFORD","5/15/1.5OZ","NO","no"]
[null,297,"F1106","ROLL HONEY WHEAT","CINNAMON ROLL WHOLE GRAIN RTL IW MEETS 2 GRAINS","BAKE CRAFTERS OR APPROVED EQUIVALENT",1287,"CS",72,"2.8 OZ",2000,null,"","",null,"Bake"]
[null,298,"F1107","SANDWICH TURKEY HAM & CHEESE","TURKEY HAM & CHEESE SUB, 5\" MEETS 2 OZ M/MA AND 2 OZ WG EQ FOR NSP","CLASSIC DELIGHT OR APPROVED EQUIVALENT",311,"CS",45,"4.8 OZ",1500,null,"","",null,"Classic","45/4.8","no"]
[null,299,"CTF7041","SAUCE A-1","ORIGINAL STEAK SAUCE CATERING","KRAFT OR APPROVED EQUIVALENT","00-54400000200","CS",12,"10 OZ",10,61.88,618.80000000000007,5.1566666666666672,661042,"A-1","12/10 oz","no"]
[null,300,null,"SAUCE BBQ GAL","BARBECUE SAUCE ORIGINAL - NO STARCHES OR GUMS. HEAT-PROCESSED TO PROVIDE STABILITY AT ROOM TEMPERATURE. A REDDISH-BROWN SAUCE WITH A BBQ FLAVOR-LOW HEAT LOW SMOKE. ","SWEET BABY RAY'S OR APPROVED EQUIVALENT","SJ0440HF","CS",4,"1 GAL",100,51.75,5175,12.9375,111922,"Sweet","4/1 gal","no"]
[null,301,"CTF7042","SAUCE BRISKET MARINADE","SAUCE BRISKET MARINADE  CATERING","CLAUDES OR APPROVED EQUIVALENT",null,"CS",4,"1 GAL",15,37.03,555.45000000000005,9.2575000000000003,660015,"Claudes","4/1 gal","no"]
[null,302,"F1108","SAUCE CHEESE ALFREDO","ALFREDO SAUCE FROZEN BAGS READY TO HEAT AND SERVE.  PASTEURIZED PROCESS CHEESE.  30 POUND CASE PROVIDES 262 SERVINGS 1.83OZ EACH.   EACH 1.83OZ SERVING PROVIDES 1.00 OZ EQUIVALENT MEAT ALTERNATE FOR CHILD NUTRITION MEAL PATTERN REQUIREMENTS.","JTM OR APPROVED EQUIVALENT",5722,"CS",6,"5 LB ",400,null,"","",null,"Jtm"]
[null,303,"F1109","SAUCE CHEESE GOLDEN HATCH","GOLDEN HATCH CHEESE SAUCE PROVIDES 1.00 OZ EQUIVALENT MEAT ALTERNATE FOR CHILD NUTRITION MEAL PATTERN REQUIREMENTS","JTM OR APPROVED EQUIVALENT",5731,"CS",6,"5LB BAG",200,null,"","",null,"Jtm"]
[null,304,"F1110","SAUCE CHEESE QUESO BLANCO","CHEESE SAUCE WHITE CHEDDAR W/SALSA VERDE READY TO SERVE 3OZ = 1 MMA.  POUCHES 6/5# FAT GRAMS NOT TO EXCEED 7G.  SODIUM NOT TO EXCEED 600MG","JTM OR APPROVED EQUIVALENT",5718,"CS",6,"5 LB",500,null,"","",null,"Jtm"]
[null,305,"F1111","SAUCE CHEESE THREE","THREE CHEESE SAUCE PROVIDES 1.00 OZ EQUIVALENT MEAT ALTERNATE FOR CHILD NUTRITION MEAL PATTERN REQUIREMENTS","JTM OR APPROVED EQUIVALENT",5730,"CS",6,"5LB",500,61.57,30785,10.261666666666667,184236,"Jtm","4/5 lb","no"]
[null,306,"D1090","SAUCE CHEESE ULTIMATE CHEEDAR","CHEESE SAUCE READY TO SERVE REDUCED FAT CHEDDAR:  CANNED OR POUCHES CHEDDAR 3 OZ = 1MMA.  6/#10 OR POUCHES 6/5#  FAT GRAMS NOT TO EXCEED 10G SODIUM NOT TO EXCEED 570MG.  AVAILABLE FOR NET OFF INVOICE  LAND O LAKES PREFERRED. FOR NOI PRICING","LAND O'LAKES OR APPROVED EQUIVALENT",39940,"CS",6,"5 LB",500,85.03,42515,14.171666666666667,183286,"Land","6/106 oz","no"]
[null,307,"D1091","SAUCE CRANBERRY","CRANBERRIES JELLIED U.S. GRADE A OR U.S. FANCY RESEALABLE","OCEAN SPRAY OR APPROVED EQUIVALENT",1401,"CS",6,"101 OZ",75,null,"",""]
[null,308,"D1092","SAUCE HOT PC","SABOR BY TEXAS PETE MEXICAN HOT SAUCE PC","TEXAS PETE OR APPROVED EQUIVALENT",null,"CS",200,7,1000,12.55,12550,6.275E-2,674170,"Texas","200/7gr","no"]
[null,309,"D1093","SAUCE MANWICH SLOPPY JOE","SAUCE SLOPPY JOE MANWICH","MANWICH OR APPROVED EQUIVALENT","27000-44181","CS",6,"#10 CAN",500,35.51,17755,5.918333333333333,785065,"Manwich","4/#10","no"]
[null,310,"D1100","SAUCE ORANGE","RTU - PRONOUNCED SWEETNESS AND SOURNESS WITH ORANGE FLAVOR. THICK LIGHT BROWN GLAZE","KIKKOMAN OR APPROVED EQUIVALENT","0-1576","CS",4,".5 GAL",250,35.47,8867.5,8.8674999999999997,113278,"Kikkoman","4/.5 gal","no"]
[null,311,"D1094","SAUCE PICANTE","PICANTE SAUCE THICK AND CHUNKY","SPECIFY","","CS",4,"1 GAL",23,null,"",""]
[null,312,"D1095","SAUCE PICANTE PC","PICANTE SAUCE PC","SPECIFY","","CS",200,".5 OZ",200,17.690000000000001,3538.0000000000005,8.8450000000000001E-2,170885,"Ellington","200/.5 oz","no"]
[null,313,"D1096","SAUCE SOY PC","SOY SAUCE INDIVIDUAL PACKETS LOW SODIUM","SPECIFY","","CS",500,"9 GR",150,null,"","",null,"Specify"]
[null,314,"D1097","SAUCE TOMATO","TOMATO SAUCE FROM MATURE WHOLE AND TRIMMED TOMATOES OF GOOD COLOR ARE STRAINED AND PARTIALLY CONCENTRATED BEFORE THEY ARE BLENDED WITH ONIONS, GARLIC, AND OTHER NATURAL FLAVORING TO ACHIEVE A SMOOTH AND FREE FLOWING SAUCE. MAKING FROM CONCENTRATE ASSURES THE COLOR, QUALITY AND CONSISTENCY ARE ALWAYS JUST RIGHT. ZERO TRANS FATS. GLUTEN FREE. LOW SODIUM","RED GOLD OR APPROVED EQUIVALENT","RPKHA99","CS",6,"10 CN",400,29.19,11676,4.8650000000000002,125658,"Ellington","6/10 cn","no"]
[null,315,"D1098","SAUCE TOMATO MARINARA","NUTRITIONALLY ENHANCED MARINARA SAUCE 70% LOWER IN SODIUM ","RED GOLD OR APPROVED EQUIVALENT","RPKNA9E","CS",6,"10 CN",500,null,"","",null,"Red"]
[null,316,"D1099","SAUCE TOMATO SPAGHETTI ","SPAGHETTI SAUCE NUTRIENT ENHANCED LOW SODIUM","RED GOLD OR APPROVED EQUIVALENT","RPKMA9E","CS",6,"10 LB",750,null,"","",null,"Red"]
[null,317,"CTF7043","SAUCE WORCESTERSHIRE","WORCESTERSHIRE SAUCE BULK CATERING","SPECIFY","","CS",4,"1 GAL",5,20.25,101.25,5.0625,124162,"Ellington","4/1 gal","no"]
[null,318,"D1101","SHELL TACO","WHOLE GRAIN CORN FULLY COOKED TACO SHELL 6\"","MEX ORIG OR APPROVED EQUIVALENT","24850-621","CS",1,"200 CT",500,16.57,8285,16.57,144294,"TYSON","200CT","NO"]
[null,319,"D1102","SHELL TOSTADA","WHOLE GRAIN CORN FULLY COOKED TOSTADA SHELL 5.5\"","MEX ORIG OR APPROVED EQUIVALENT","23194-621","CS",1,"200 CT",300,16.940000000000001,5082,16.940000000000001,100947,"TYSON","4/50CT","NO "]
[null,320,"D1103","SOUP CREAM OF CHICKEN","HEALTHY REQUEST CONDENSED SOUP CREAM OF CHICKEN","CAMPBELLS OR APPROVED EQUIVALENT",4143,"CS",12,"50 OZ",200,null,"","",null,"Campbells"]
[null,321,"D1104","SOUP CREAM OF MUSHROOM","HEALTHY REQUEST CONDENSED SOUP CREAM OF MUSHROOM","CAMPBELLS OR APPROVED EQUIVALENT",4144,"CS",12,"50 OZ",175,null,{"$f":"IF(L326*K326= 0,\"\",L326*K326)","v":""},{"$f":"IF(L326/I326= 0,\"\",L326/I326)","v":""},null,"Campbells"]
[null,322,"CTF7044","SOUR CREAM LIGHT","SOUR CREAM LIGHT CATERING","SPECIFY","","CS",2,"5 LB",20,null,"","",null,"Specify"]
[null,323,"D1105","SOUR CREAM LIGHT PC","SOUR CREAM LIGHT PC","SPECIFY","","CS",100,"1 OZ",175,null,"","",null,"Specify"]
[null,324,"D1106","SPICE BASIL","BASIL LEAF WHOLE LEAF  ","SPECIFY",null,"CS",1,"1.62 LB",63,6.52,410.76,6.52,774010,"McCormick","1/5 oz","no"]
[null,325,"D1107","SPICE BAY LEAVES","BAY LEAVES","SPECIFY",null,"BTL",1,"30 OZ",10,10.78,107.8,10.78,774759,"McCormick","1/8 oz","no"]
[null,326,"D1108","SPICE CHILI","CHILI POWDER LIGHT FINE GRIND MILD  NO OTHER ADDITIVES","BUENO OR APPROVED EQUIVALENT","","BTL",1,"5 LB",150,29.63,4444.5,29.63,104928,"McCormick","5.5 lb","no"]
[null,327,"D1109","SPICE CINNAMON","CINNAMON GROUND","MCCOMICK'S OR APPROVED EQUIVALENT",null,"BTL",1,"18 OZ",50,6.17,308.5,6.17,774060,"Spice Classic","18 oz","no"]
[null,328,"D1110","SPICE CUMIN","CUMIN","SPECIFY",null,"BTL",1,"4.5 LB",10,25.75,257.5,25.75,104930,"Gransabor","4.5 lb","no"]
[null,329,"D1111","SPICE FAJITA","FAJITA SEASONING AND MARINADE SALT FREE","SPECIFY",null,"BTL",1,"30 OZ",145,null,"","",null,"Specify"]
[null,330,"D1112","SPICE GARLIC POWDER","GARLIC GRANUATED","SPECIFY",null,"BTL",1,"7.25 LB",175,34.75,6081.25,34.75,115611,"Gransabor","6.50 lb","no"]
[null,331,"D1113","SPICE ITALIAN BLEND","ITALIAN BLEND SALT FREE NO MSG","SPECIFY",null,"BTL",1,"9.5 OZ",75,4.8499999999999996,363.75,4.8499999999999996,115610,"Spice Classic","6oz","no"]
[null,332,"D1114","SPICE LEMON PEPPER","SPICE LEMON PEPPER LOW SODIUM","SPECIFY",null,"EA",1,"1 LB",100,null,"","",774087,"McCormick","24OZ","NO"]
[null,333,"D1115","SPICE MUSTARD DRY","MUSTURD DRY","COLEMAN'S OR APPROVED EQUIVALENT",null,"BTL",1,"14 OZ",60,9.65,579,9.65,774121,"Coleman's","16oz","no"]
[null,334,"D1116","SPICE ONION DEHYDRATED","ONION DEHYDRATED","SPECIFY","","BOX",15,"16 OZ",75,17.25,1293.75,1.1499999999999999,775002,"McCormick","1/3lb"]
[null,335,"D1117","SPICE ONION POWDER","ONION POWDER","SPECIFY",null,"BTL",1,"6 LB",25,20.81,520.25,20.81,166635,"Gransabor","5 lb","no"]
[null,336,"D1118","SPICE OREGANO","OREGANO GROUND COURSE","SPECIFY",null,"BTL",1,"16 OZ",15,12.71,190.65,12.71,774144,"McCormick","13 oz","no"]
[null,337,"D1119","SPICE PAPRIKA","PAPRIKA SPICE","SPECIFY",null,"BTL",1,"5.5LB",25,21.41,535.25,21.41,774707,"Spice Classic","4.5 lb","no"]
[null,338,"D1120","SPICE PARSLEY","DEHYDRATED PARSLEY FLAKES ","SPECIFY",null,"BTL",1,"11 0Z",50,7.87,393.5,7.87,774723,"Spice Classic","10 oz","no"]
[null,339,"D1121","SPICE PEPPER BLACK","BLACK PEPPER GROUND COURSE ","SPECIFY",null,"EA",1,"5 LB",40,76.709999999999994,3068.3999999999996,76.709999999999994,774175,"McCormick","5 lb","no"]
[null,340,"CTF7045","SPICE PEPPER BLACK PC","BLACK PEPPER GROUND COURSE INDIVIDUAL PACKETS CATERING","SPECIFY","","CS",3000,".5 GM",20,16.7,334,5.5666666666666668E-3,676006,"Keith","3000/.5 gr","no"]
[null,341,"D1122","SPICE PEPPER WHITE","WHITE PEPPER GROUND COURSE ","SPECIFY",null,"BTL",1,"5 lb",20,64.56,1291.2,64.56,166636,"Gransabor","5 lb","no"]
[null,342,"D1123","SPICE POULTRY","POULTRY SEASONING SALT FREE ","SPECIFY",null,"BTL",1,"10 OZ",15,null,"",""]
[null,343,"D1124","SPICE PUMPKIN PIE","PUMPKIN PIE SPICE  CINNAMON GINGER NUTMEG ALLSPICE AND SULFATING AGENTS.","MCCOMICK'S OR APPROVED EQUIVALENT",5210032310,"CS",6,"1 LB",225,17.670000000000002,3975.7500000000005,2.9450000000000003,774118,"Mccomick's","16 oz","no"]
[null,344,"D1125","SPICE SAGE","SAGE GROUND ","SPECIFY",null,"BTL",1,"18 OZ",10,null,"","",null,"Specify"]
[null,345,"D1126","SPICE SALT","SALT TABLE EVAPORATED IODIZED","SPECIFY","","BAG",25,"LB",60,4.38,262.8,0.17519999999999999,159455,"Tru Flo","25 lb","no"]
[null,346,"D1127","SPICE SALT FREE","SEASONING 100% SALT FREE ONION, SPICES (BLACK PEPPER, PARSLEY, CELERY SEED, BASIL, BAY MARJORAM, OREGANO, SAVORY, THYME, CAYENNE PEPPER, CORIANDER, CUMIN, MUSTARD, ROSEMARY), GARLIC, CARROT, ORANGE PEEL, TOMATO, LEMON JUICE POWDER, CITRIC ACID, OIL OF LEMON","MRS. DASH OR APPROVED EQUIVALENT",605021603287,"CS",1,"21 OZ",500,102.76,51380,102.76,184651,"Mrs","6/21 oz","no"]
[null,347,"D1128","SPICE SALT KOSHER","SALT KOSHER","DIAMOND CRYSTAL OR APPROVED EQUIVALENT",null,"CS",12,"LB",10,65.89,658.9,5.4908333333333337,676181,"Diamond","12/3 lb","no"]
[null,348,"CTF7046","SPICE SALT PC","SALT TABLE EVAPORATED IODIZED PC CATERING","SPECIFY","","CS",6000,".5 GM",15,10.09,151.35,1.6816666666666666E-3,676007,"Keith","3M","no"]
[null,349,"D1129","SPICE STEAK BLEND","MONTREAL STEAK SEASONING SALT FREE","SPECIFY",null,"BTL",1,"7 LB",85,45.4,3859,45.4,774493,"McCormick","7 lb","no"]
[null,350,"D1130","SPICE TACO","TACO SEASONING SALT FREE","SPECIFY","","CS",6,"6.6 OZ",150,null,"",""]
[null,351,"D1131","STUFFING","UNCLE BEN'S CLASSIC CORNBREAD STUFFING MIX BLEND OF 2 KINDS OF BREAD CRUMBS SEASONINGS AND FLAVORS.","UNCLE BEN’S OR APPROVED EQUIVALENT",13508,"CS",6,"3.5 LB",110,63.26,6958.5999999999995,10.543333333333333,117439,"Ellington","6/3.5 lb","no"]
[null,352,"D1132","SUGAR","SUGAR GRANULATED EXTRA FINE","SPECIFY","","BAG",25,"LB",80,23.96,1916.8000000000002,0.95840000000000003,780002,"Imperial","25 lb","no"]
[null,353,"D1133","SUGAR BROWN","SUGAR BROWN NED 10X","SPECIFY","","CS",24,"2 LB",15,30.95,464.25,1.2895833333333333,780009,"Imperial","12/2 lb","no"]
[null,354,"D1134","SUGAR PC","SUGAR PURE CANE PACKET","SPECIFY",null,"CS",2000,"0.1 OZ",5,null,"","",675001,"Keith","2000 ct","no"]
[null,355,"D1135","SUGAR PC ARTIFICIAL SWEETENER ","ARTIFICIAL SWEETENER INDIVIDUAL PACKETS ","SPECIFY","","CS",2500,"CT",5,17.63,88.149999999999991,7.0519999999999992E-3,675029,"Swt Delight","2M","no"]
[null,356,"CTF7047","SUGAR POWDERED","SUGAR POWDERED 6X CATERING","SPECIFY","","BAG",1,"25 LB",7,25.09,175.63,25.09,781002,"Imperial","25 lb","no"]
[null,357,"D1136","SYRUP PC","MAPLE FLAVORED. READY TO SERVE PORTION CONTROL CUP 1.4OZ TO 1.6OZ SERVING SIZE    ","SPECIFY",null,"CS",100,"1.4-1.5 OZ",2000,21.06,42120,0.21059999999999998,170890,"Ellington","100/1.5 oz","no"]
[null,358,"D1137","TAJIN PC","SEASONING TAJIN LOW SODIUM PC","TAJIN OR APPROVED EQUIVALENT",null,"CS",1000,".05 OZ",200,null,"","",null,"Tajin"]
[null,359,null,"TAMALES CHICKEN GREEN CHILE","TAMALE CHICKEN GREEN CHILE NO FILLERS 0G TRANS FAT HEAT & SERVE MEETS NEW MEXICO GROWN REQUIREMENTS","BUENO OR APPROVED EQUIVALENT","1370-3","CS",60,"3 OZ",1000,36.909999999999997,36910,0.61516666666666664,130685,"Fd of NM","60/3. oz","no"]
[null,360,null,"TAMALES PORK RED CHILE","TAMALE PORK RED CHILE NO FILLERS 0G TRANS FAT HEAT & SERVE MEETS NEW MEXICO GROWN REQUIREMENTS","BUENO OR APPROVED EQUIVALENT","1375-3","CS",60,"3 OZ",1000,36.1,36100,0.60166666666666668,385807,"Fd of NM","60/3 oz","no"]
[null,361,"D1138","TOMATO DICED","TOMATOES DICED GRADE A LOW SODIUM (140 MILLIGRAMS OF SODIUM OR LESS PER SERVING).","SPECIFY",null,"CS",6,"10 CN",600,34.04,20424,5.6733333333333329,650521,"Red Gold","6/10 cn","no"]
[null,362,"D1139","TOMATO PASTE","TOMATO PASTE 26% SOLID HEAVY CONCENTRATION NET WEIGHT 114 OZ GRADE A LOW SODIUM (140 MILLIGRAMS OF SODIUM OR LESS PER SERVING).","SPECIFY","","CS",6,"10 CN",300,40.04,12012,6.6733333333333329,148556,"Primater","6/106 oz","no"]
[null,363,"F1112","TORNADO STEAK AND CHEESE","SHREDDED RANCHERO STEAK AND CHEESE WHOLE GRAIN RUIZ  144/2.79OZ","RUIZ FOODS OR APPROVED EQUIVALENT",86585,"CS",144,"2.79 OZ",500,null,"","",null,"Ruiz"]
[null,364,"C1041","TORTILLA CORN","6” WHITE CORN MADE FROM CORN FLOUR OR MEAL - MADE FROM ENRICHED CORN MEAL.  EACH SHELL MUST BE A MINIMUM OF 25 GRAMS TO MEET 1 GB IN THE NSLP.","MISSION OR APPROVED EQUIVALENT",10630,"CS",60,"12 CT",250,41.98,10495,0.69966666666666666,408197,"Mission","12/60 ct","no"]
[null,365,null,"TORTILLA CORN STREET 4.5\"","4.5\" CORN TORTILLA","MISSION OR APPROVED EQUIVALENT",73731071519,"CS",12,"12CT",2000,20.41,40820,1.7008333333333334,408169,"Mission","6/50 ct","no"]
[null,366,"CTF7006","TORTILLA FLOUR  10\"","10\" FLOUR TORTILLA FOR BURRITOS   NOT WHOLE GRAIN CATERING","BUENO OR APPROVED EQUIVALENT",null,"CS",12,"12 CT",4000,25.55,102200,2.1291666666666669,408656,"Bueno","12 /12 ct","no"]
[null,367,"CTF7007","TORTILLA FLOUR  6\"","6\" FLOUR TORTILLA FOR SOFT TACOS/FAJITAS  NOT WHOLE GRAIN CATERING","BUENO OR APPROVED EQUIVALENT",null,"CS",12,"12CT",100,17.52,1752,1.46,408640,"Bueno","12/12 ct","no"]
[null,368,"C1042","TORTILLA FLOUR 6\" WG","6\" WHOLE WHEAT FLOUR WHOLE GRAIN - FRESH","NM FOODS OR APPROVED EQUIVALENT",3523783021,"CS",12,"12 CT",2400,null,"","",null,"Nm"]
[null,369,"C1043","TORTILLA FLOUR 9\" WG","9’ WHOLE WHEAT FLOUR MUST BE UNIFORM IN SIZE - MADE FROM ENRICHED FLOUR UNIFORM IN SIZE AND A MINIMUM OF 54 GRAMS TO MEET 2 GB IN THE NSLP WHOLE GRAIN - FRESH","NM FOODS OR APPROVED EQUIVALENT",3523783021,"CS",12,"12 CT",3800,null,"","",null,"Nm"]
[null,370,"F1113","TURKEY BREAST DELI","SLICED OVEN ROASTED REDUCED SODIUM BY 30% .5 OZ SLICE FROZEN COMMERICAL BACK-UP OF COMMODITY PRODUCT OR FOR NOI PRICING","JENNY O OR APPROVED EQUIVALENT ",2099,"CS",12,"1 LB",600,51.31,30786,4.2758333333333338,492229,"JENNIE-O","12/1LB","NO"]
[null,371,"F1114","TURKEY HAM DELI","SLICED 5% WATER ADDED NATURALLY LEAN REDUCED SODIUM BY 26% 94% FAT FREE .51 OZ SLICE FROZEN CN LABLED COMMERICAL BACK-UP OF COMMODITY PRODUCT OR FOR NOI PRICING","JENNY O OR APPROVED EQUIVALENT ",2565,"CS",12,"1 LB",700,48.88,34216,4.0733333333333333,493695,"JENNIE-O","12/1LB","NO"]
[null,372,"F1115","TURKEY ROAST","U.S. GRADE A FROZEN ROASTS PREPARED FROM BREAST MEAT THIGH MEAT AND SKIN OF YOUNG READY-TO-COOK TURKEYS WITH WATER SALT AND SODIUM PHOSPHATES ADDED. ROASTS ARE AT LEAST 47% BREAST MEAT WITH A MAXIMUM OF 34% THIGH MEAT AND 12.5% SKIN. THE ROASTS IN ONE CONTAINER WILL NOT VARY MORE THAN 2 LB PER ROAST. EACH ROAST WILL BE 9 TO 17 INCH IN LENGTH AND 4 TO 7 INCH IN DIAMETER AND WILL BE TIED OR PLACED IN COTTON NETTING. (4) 8-12 POUNDS PER CASE COMMERICAL BACK-UP OF COMMODITY PRODUCT OR FOR NOI PRICING","SPECIFY",null,"LB",4,"8-12 LBS",100,3.18,318,0.79500000000000004,171804,"Keith Valley","2/8.5-11 lb","no"]
[null,373,"F1116","TURKEY SAUSAGE PATTY","SAUSAGE PATTY FORMED FULLY COOKED REDUCED FAT TURKEY SAUSAGE PATTIES 2.5” ONE 1.5 OZ. PATTY PROVIDES 1 OZ. PROTEIN EQUIVALENT LESS THAN 320 MG OF SODIUM","JENNY O OR APPROVED EQUIVALENT ",100124,"CS",133,"1.22 OZ",150,32.39,4858.5,0.24353383458646616,492741,"Fast n Easy","10 lb","no"]
[null,374,"D1140","VANILLA","VANILLA IMITATION FLAVOR NO ALCOHOL","SPECIFY","","CS",6,"32 OZ",5,7.33,36.65,1.2216666666666667,777028,"McCormick","1/ 32oz "]
[null,375,"F1117","VEG BROCCOL FROZEN","VEGETABLEBROCCOLI CUTS FROZEN GRADE A","SPECIFY","","CS",12,"2.5 LB",350,34.270000000000003,11994.500000000002,2.8558333333333334,335213,"MARKON","12/2.5 lb","NO"]
[null,376,"F1118","VEG CALIFORNIA BLEND","CALIFORNIA BLEND/ FROZEN GRADE A CARROTS BROCCOLI CAULIFLOWER","SPECIFY","","CS",20,"LB",50,25.29,1264.5,1.2645,349245,"MARKON","20LB","NO"]
[null,377,"F1119","VEG CARROTS DICED","CARROTS FROZEN GRADE A DICED","SPECIFY",null,"CS",1,"30 LB",375,25.37,9513.75,25.37,336345,"Markon FC","20 lb","No"]
[null,378,"F1120","VEG CARROTS SLICED","CARROTS FROZEN GRADE A","SPECIFY",null,"CS",20,"LB",75,27.32,2049,1.3660000000000001,336150,"Markon FC","20 lb ","No"]
[null,379,"F1121","VEG CHILE GREEN HOT","GREEN CHILE HOT DICED FROZEN","M A SONS, BUENO OR APPROVED EQUIVALENT",null,"CS",6,"3.5 LB",600,26.6,15960,4.4333333333333336,164292,"Young gun","5/5 lb","no"]
[null,380,"F1122","VEG CHILE GREEN MILD","GREEN CHILE FROZEN DICED MILD","M A SONS, BUENO OR APPROVED EQUIVALENT","","CS",5,"5 LB",1200,29.26,35112,5.8520000000000003,125781,"Young gun","5/5 lb","no"]
[null,381,"F1123","VEG CHILE RED HOT","RED CHILE PUREE  HOT  FROZEN","M A SONS, BUENO OR APPROVED EQUIVALENT",null,"CS",6,"3.5 LB",150,38.979999999999997,5846.9999999999991,6.4966666666666661,385381,"Bueno","6/56 oz","no"]
[null,382,"F1124","VEG CHILE RED MILD","RED CHILE PUREE MILD FROZEN","M A SONS, BUENO OR APPROVED EQUIVALENT","","CS",6,"3.5 LB",250,38.979999999999997,9745,6.4966666666666661,385383,"Bueno","6/56 oz","no"]
[null,383,"D1141","VEG CORN CANNED","US GRADE B VACUUM PACKED LOW SODIUM (140 MILLIGRAMS OF SODIUM OR LESS PER SERVING).","SPECIFY","","CS",6,"10 CN",600,35.630000000000003,21378,5.9383333333333335,125734,"Ellington","6 /10cn"]
[null,384,"F1125","VEG CORN FROZEN","CORN SWEET WHOLE KERNEL: FROZEN TO MEET THE STANDARD U. S. GRADE A  YELLOW OR GOLDEN TO BE PACKED IN POLY BAG LINER IN CASES WITH POLY BAG \"TUCKED\" TO COMPLETELY COVER AND PROTECT THE PRODUCT FROM FREEZER BURN. 20#","SPECIFY",null,"CS",1,"20 LB",1000,25.22,25220,25.22,338602,"Markon FC","20 lb","no"]
[null,385,"F1126","VEG FAJITA BLEND","VEGETABLE BLEND FAJITA ONIONS GREEN & RED PEPPERS","CLASSIC OR APPROVED EQUIVALENT",74662,"CS",12,"32 OZ",500,22.37,{"$f":"IF(L390*K390= 0,\"\",L390*K390)","v":11185},{"$f":"IF(L390/I390= 0,\"\",L390/I390)","v":1.8641666666666667},349493,"Markon FC","6/2 lb","no"]
[null,386,"CTF7074","VEG GREEN BEAN WHOLE FROZEN","GREEN BEANS WHOLE FROZEN GRADE A CATERING","SPECIFY",null,"CS",6,"4 LB",15,39.44,591.59999999999991,6.5733333333333333,334618,"Markon FC","12/2 lb","no"]
[null,387,"D1142","VEG GREEN BEANS CANNED","GREEN BEANS4 SIEVE CUT 1 ¼ GRADE B LOW SODIUM (140 MILLIGRAMS OF SODIUM OR LESS PER SERVING).","SPECIFY","","CS",6,"10 CN",1800,29.3,52740,4.8833333333333337,650010,"Allen","6/10 ct","no"]
[null,388,"F1127","VEG GREEN BEANS FROZEN","GREEN BEANS FROZEN GRADE A","SPECIFY",null,"CS",1,"20 LB",1000,28.08,28080,28.08,334352,"Markon FC","20 lb","no"]
[null,389,"F1128","VEG OKRA BREADED","OKRA CUT BREADED: IF TO MEET THE STANDARD OF U. S. GRADE A. PRE-BROWNED OVEN READY. CN LABEL OR PRODUCT ANALYSIS SHEET REQUIRED. 4/5#","TASTY BRAND OR APPROVED EQUIVALENT",null,"CS",4,"5 LB",300,26.7,8010,6.6749999999999998,164468,"Ellington","4/5 lb","no"]
[null,390,"F1129","VEG ONION RINGS BREADED","ONION RINGS BREADED 6/2#: IF CHOPPED AND FORMED PRE-BROWNED OVEN READY IF. PROVIDE 1/4 CUP V/F AND 1 G/B SERVING. CN LABEL OR PRODUCT ANALYSIS SHEET REQUIRED. IDENTIFY FAT GRAMS PER 6 PIECE SERVING.","TASTY BRAND OR APPROVED EQUIVALENT",null,"CS",6,"2 LB",400,null,"","",null,"Tasty"]
[null,391,"D1143","VINEGAR","","SPECIFY","","CS",4,"1 GAL",110,10.81,1189.1000000000001,2.7025000000000001,124167,"CLEMENTS","4/1GAL","NO"]
[null,392,"F1130","WAFFLE BLUEBERRY IW","WAFFLE MINI BLUEBERRY IW MUST MEET 2 WG EQUIVILENT","PILLSBURY OR APPROVED EQUIVALENT",132264000,"CS",72,"2.2 OZ",1000,48.35,48350,0.67152777777777783,401043,"GENERAL MILLS","722.47OZ","NO"]
[null,393,"F1131","WAFFLE CHOCOLATE CHIP IW","WAFFLE CHOCOLATE CHIP IW EACH 2.40 OZ SERVING PROVIDES 2.00 EQ GRAINS FOR NSP","TASTY BRAND OR APPROVED EQUIVALENT",55702,"CS",96,"2.40 OZ",850,null,"","",null,"Tasty"]
[null,394,"F1132","WAFFLE MAPLE BULK","MAPLE WHOLE GRAIN EACH 1.4OZ WAFFLE PROVIDES 1 GRAIN EQUIVALENT.  51% WHOLE GRAIN","BAKE CRAFTERS OR APPROVED EQUIVALENT",1556,"CS",1,"144ct",600,null,"","",null,"Bake"]
[null,395,"F1133","WAFFLE MAPLE IW","WAFFLE MINI MAPLE MADNESS IW MUST MEET 2 WG EQUIVILENT","PILLSBURY OR APPROVED EQUIVALENT",132265000,"CS",72,"2.47 OZ",1000,49.84,49840,0.69222222222222229,401041,"GENERAL MILLS","72/2.47OZ","NO"]
[null,396,"CTF7048","WALNUTS","WALNUTS CHOPPED CATERING","SPECIFY",null,"CS",3,"2 LB",135,49.34,6660.9000000000005,16.446666666666669,122587,"Ellington","3/2 lb","no"]
[null,397,"D1144","WATER BOTTLED","BOTTLED WATER PURIFIED","NESTLE OR APPROVED EQUIVALENT",null,"CS",24,"20 0Z",4500,5.95,26775,0.24791666666666667,174035,"ESSENCE BOTTLING","24/16.9OZ","NO"]
[null,398,"D1145","WATER GALLON","WATER SPRING","SPECIFY",null,"CS",6,"GAL",800,11.13,8904,1.8550000000000002,630029,"NESTLE","6/1GAL","NO"]
[null,399,"C1044","WHIPPED TOPPING CAN","WHIPPED TOPPING NON-DAIRY CAN LIKE REDI WHIP","SPECIFY",null,"CS",12,"13 OZ",25,30.82,770.5,2.5683333333333334,285182,"SAPUTO","12/15OZ","NO"]
[null,400,"D1146","WHIPPED TOPPING MIX","WHIPPED TOPPING NON-DAIRY DRY POWDER MIX","SPECIFY","","CS",12,"16 OZ",60,45.47,2728.2,3.7891666666666666,122650,"DIAMOND CRYSTAL","12/1LB","NO"]
[null,401,"CTF7008","YOGURT BULK PLAIN","NON-FAT BULK CATERING","SPECIFY",null,"CS",6,"30 OZ",55,17.62,969.1,2.936666666666667,283932,"DANONE","6/30OZ","NO"]
[null,402,"C1045","YOGURT CUPS BLUEBERRY","NON-FAT INDIVIDUAL CUPS","UPSTATE FARMS OR APPROVED EQUIVALENT",9816,"CS",48,"4 OZ",500,null,"","",125263,"DANONE","12/5.3Z","NO"]
[null,403,"C1046","YOGURT CUPS CHERRY VANILLA","NON-FAT INDIVIDUAL CUPS","UPSTATE FARMS OR APPROVED EQUIVALENT",9819,"CS",48,"4 OZ",500,null,"","",126550,"DANONE","12/5.3Z","NO "]
[null,404,"C1047","YOGURT CUPS RASPBERRY","NON-FAT INDIVIDUAL CUPS","UPSTATE FARMS OR APPROVED EQUIVALENT",9817,"CS",48,"4 OZ",1000,null,"","",null,"Upstate"]
[null,405,"C1048","YOGURT CUPS RASPBERRY/CHERRY","NON-FAT INDIVIDUAL CUPS","DANNON CREAMY OR APPROVED EQUIVALENT",1956,"CS",48,"4 OZ",1000,null,"","",153846,"DANONE","48/4OZ","NO"]
[null,406,"C1049","YOGURT CUPS STRAWBERRY BANANA","NON-FAT INDIVIDUAL CUPS","UPSTATE FARMS OR APPROVED EQUIVALENT",9820,"CS",48,"4 OZ",1000,null,"","",118203,"DANONE","48/4OZ","NO"]
[null,407,"C1050","YOGURT IN A BAG","YOGURT IN A BAG VANILLA","YOPLAIT PARFAITPRO OR APPROVED EQUIVALENT",16632000,"CS",6,"64 OZ",400,null,"","",108099,"DANONE","4/6LB","NO"]

{"sheet":"Labatt","index":2,"n_rows":412,"n_cols":19,"rows_kept":412,"cut":false,"hidden":true,"merged":[[3,15,4,15],[3,16,4,16],[3,17,4,17],[3,18,4,18],[0,1,0,4],[0,8,0,10],[1,1,1,4],[1,8,1,10],[0,11,0,14],[1,11,1,14],[2,8,2,10],[3,8,4,9],[3,12,4,12],[2,11,2,14],[2,1,2,4],[3,1,4,1],[3,14,4,14],[3,2,4,2],[3,3,4,3],[3,4,4,4],[3,13,4,13],[3,10,4,10],[3,11,4,11],[3,5,4,5],[3,6,4,6],[3,7,4,7]]}
[null,"ROSWELL INDEPENDENT SCHOOL DISTRICT",null,null,null,null,null,null,"Vendor Name:",null,null,"Labatt Food Service"]
[null,"CAFETERIA FOOD BID 23-06 FOR SCHOOL YEAR 2023-24",null,null,null,null,null,null,"Vendor Contact",null,null,"Jared Darnell"]
[null,"MUST BE RECEIVED BY MAY 4, 2023 ON CD-R OR FLASH DRIVE  \nSEALED WITH SUPPORTING DOCUMENTS",null,null,null,null,null,null,"Date",null,null,"2023-05-04"]
[null,"ITEM","STOCK ID","ITEM","DESCRIPTION","Approved Brand","Product Code or UPC","BID UNIT","CASE PACK",null,"EST USAGE","BID UNIT PRICE","Extended Total","per UNIT price","VENDOR STOCK NO","BRAND NAME","PACK SIZE","SPECIAL ORDER\nYES  NO","BIDDERS NOTES"]
[]
[null,1,"D1000","APPLESAUCE CANNED","APPLESAUCE GRADE B FANCY NATURAL COLOR UNSWEETENED MUST MEET BUY AMERICAN REQUIREMENTS","SPECIFY","","CS",6,"10 CN",400,37.770000000000003,{"$f":"IF(L6*K6= 0,\"\",L6*K6)","v":15108.000000000002},{"$f":"IF(L6/I6= 0,\"\",L6/I6)","v":6.2950000000000008},2004975,"DEL MONTE","6 / #10",null,"2004975 / APPLE SAUCE UNSWEETENED"]
[null,2,"D1001","APPLESAUCE CUPS CINNAMON","CINNAMON UNSWEETENED APPLESAUCE MUST PROVIDE 1/2 CUP FRUIT EQUIVALENT UNDER THE NSLP.  100% ALL NATURAL INGREDIENTS SHELF-STABLE FOR 18 MONTHS NO HIGH FRUCTOSE CORN SYRUP OR ADDED SUGAR FAT FREE 100% VITAMIN C","SPECIFY",null," CS",96,"4.5 OZ",600,38.57,23142,0.40177083333333335,1690012,"ZEE ZEES","96 / 4.5 OZ",null,"1690012 / APPLESAUCE CINNAMON"]
[null,3,"D1002","APPLESAUCE CUPS PEACH","PEACH UNSWEETENED APPLESAUCE MUST PROVIDE 1/2 CUP FRUIT EQUIVALENT UNDER THE NSLP.  100% ALL NATURAL INGREDIENTS SHELF-STABLE FOR 18 MONTHS NO HIGH FRUCTOSE CORN SYRUP OR ADDED SUGAR FAT FREE 100% VITAMIN C","SPECIFY",null," CS",96,"4.5 OZ",600,38.590000000000003,23154.000000000004,0.40197916666666672,1690084,"ZEE ZEES","96 / 4.5 OZ",null,"1690084 / APPLESAUCE MANGO PEACH UNSW"]
[null,4,"D1003","APPLESAUCE CUPS PLAIN","PLAIN UNSWEETENED APPLESAUCE MUST PROVIDE 1/2 CUP FRUIT EQUIVALENT UNDER THE NSLP.  100% ALL NATURAL INGREDIENTS SHELF-STABLE FOR 18 MONTHS NO HIGH FRUCTOSE CORN SYRUP OR ADDED SUGAR FAT FREE 100% VITAMIN C","SPECIFY",null," CS",96,"4.5 OZ",600,39.090000000000003,23454.000000000004,0.40718750000000004,1690027,"ZEE ZEES","96 / 4.5 OZ",null,"1690027 / APPLESAUCE ORIGINAL UNSWT"]
[null,5,"D1004","APPLESAUCE CUPS STRAWBERRY","PLAIN UNSWEETENED APPLESAUCE MUST PROVIDE 1/2 CUP FRUIT EQUIVALENT UNDER THE NSLP.  100% ALL NATURAL INGREDIENTS SHELF-STABLE FOR 18 MONTHS NO HIGH FRUCTOSE CORN SYRUP OR ADDED SUGAR FAT FREE 100% VITAMIN C","SPECIFY",null," CS",96,"4.5 OZ",600,38.82,23292,0.40437499999999998,1690025,"ZEE ZEES","96 / 4.5 OZ",null,"1690025 / APPLESAUCE STRAW BAN UNSWEET"]
[null,6,"CTF7049","AVACADO PULP","AVACADO PULP FROZEN CATERING","SPECIFY",null,"CS",12,"1LBS",70,52.16,3651.2,4.3466666666666667,9084559,"HARVEST FR","6 / 3 LB",null,"9084559 / AVOCADO PULP"]
[null,7,"F1000","BACON PIECES","BACON ENDS & PIECES","SPECIFY","","CS",12,"3 LB",425,31.02,13183.5,2.585,1911338,"HERTG V","1 / 10 LB",null,"1911338 / BACON, ENDS & PIECES FZN"]
[null,8,"F1001","BACON PRE-COOKED","FULLY COOKED AND READY TO EAT - SIMPLY WARM & SERVE  100% REAL BACON","HORMEL OR APPROVED EQUIVALENT",3729,"CS",1,300,500,54.53,27265,54.53,114040,"HORMEL","1 / 300 CT",null,"114040 / BACON SDWCH STYLE FC"]
[null,9,"CTF7050","BACON SLICED THICK","BACON THICK SLICED  CATERING","SPECIFY",null,"CS",15,"LB",30,56.95,1708.5,3.7966666666666669,13925,"WRIGHT","1 / 15 LB",null,"13925 / BACON, 10/14 THK SLCD"]
[null,10,"CTF7051","BACON SLICED THIN","BACON THIN SLICED CATERNG","SPECIFY",null,"CS",15,"LB",15,48.39,725.85,3.226,8931216,"JIMMY DE","1 / 300 CT",null,"8931216 / BACON, FC THN SLCD FZN"]
[null,11,"F1002","BAGEL BLUEBERRY","BAGEL WG BLUEBERRY SLICED IW MUST BE WHOLE GRAIN RICH AND PROVIDE 2.0OZ GRAIN EQUIVALENTS.  PORTION TO PROVIDE AT LEAST 115 CALORIES WITH NO MORE THAN 2 GRAMS OF FAT. ","BAKE CRAFTERS OR APPROVED EQUIVALENT",696,"CS",84,"2 OZ",450,36.44,16398,0.43380952380952376,4031320,"BAKECRAFTE","84 / 2 OZ",null,"4031320 / BAGELS, BLUEBERRY WG SL IW"]
[null,12,"F1003","BAGEL PLAIN","BAGEL WG BLUEBERRY IW MUST BE WHOLE GRAIN RICH AND PROVIDE 2.0OZ GRAIN EQUIVALENTS.  PORTION TO PROVIDE AT LEAST 115 CALORIES WITH NO MORE THAN 2 GRAMS OF FAT. ","BAKE CRAFTERS OR APPROVED EQUIVALENT",982,"CS",84,"2 OZ",450,35.229999999999997,15853.499999999998,0.41940476190476189,4034237,"BAKE CRAFT","84 / 2 OZ",null,"4034237 / BAGELS, WG WHITE SL IW"]
[null,13,"D1005","BAKING SODA","SODIUM BICARBONATE","SPECIFY","","CS",24,"1 LBS",60,22.15,1329,0.92291666666666661,6415681,"DIAM CRYST","12 / 1 LB",null,"6415681 / BAKING SODA"]
[null,14,"F1004","BAR BREAKFAST APPLE","BREAKFAST BAR APPLE THAT MEET 2OZ WG AND 1/2C FRUIT FOR CHILD NUTRITIONAL MEAL PATTERN","DAVE'S OR APPROVED EQUIVALENT",4014,"CS",64,"3 OZ",1000,48.4,48400,0.75624999999999998,4039023,"DAVE'S","64 / 3.0 OZ",null,"4039023 / APPLE BAR, WG BREAKFAST IW"]
[null,15,"F1005","BAR BREAKFAST BANANA CHOCOLATE","INDIVIDUALLY WRAPPED 51% WHOLE GRAIN BANANA CHOCOLATE CHUNK","BeneFIT OR APPROVED EQUIVALENT",40402,"CS",48,"2.5 OZ",1650,22.11,36481.5,0.46062500000000001,9403882,"J & J","48 / 2.5 OZ",null,"9403882 / BRKFST BAR BAN CHOC CHUNK WG"]
[null,16,"F1006","BAR BREAKFAST BLUEBERRY","BREAKFAST BAR BLUEBERRY THAT MEET 2OZ WG AND 1/2C FRUIT FOR CHILD NUTRITIONAL MEAL PATTERN","DAVE'S OR APPROVED EQUIVALENT",4014,"CS",64,"3 OZ",1000,47.71,47710,0.74546875000000001,4039018,"DAVE'S","64 / 3 OZ",null,"4039018 / BLUEBERRY BAR, WG BREAKFAST"]
[null,17,"F1007","BAR BREAKFAST COCOA CHIP","INDIVIDUALLY WRAPPED 51% WHOLE GRAIN COCOA CHIP","BeneFIT OR APPROVED EQUIVALENT",40406,"CS",48,"2.5 OZ",1650,23.21,38296.5,0.4835416666666667,9409846,"READI-BAKE","48 / 2.5 OZ",null,"9409846 / COCOA CHIP BARS, WHOLE GRAIN"]
[null,18,"F1008","BAR BREAKFAST OATMEAL CHOCOLATE","INDIVIDUALLY WRAPPED 51% WHOLE GRAIN OATMEAL CHOCOLATE CHIP","BeneFIT OR APPROVED EQUIVALENT",40401,"CS",48,"2.5 oz",1650,22.11,36481.5,0.46062500000000001,9363885,"J&J","48 / 2.5 OZ",null,"9363885 / BRKFST BAR OAT CHOC CHIP WG"]
[null,19,"F1009","BAR OATMEAL BLUEBERRY","BLUEBERRY OATMEAL BARS 2.04 OZ  51% WHOLE GRAIN MEET 2 OZ GRAIN EQUIVALENT","DARLINGTON SNACKS OR APPROVED EQUIVALENT",75600,"CS",160,"2.4 OZ",1000,77.66,77660,0.485375,0,"APPLEWAYS","160 / 2.4 OZ",null,"0 / OATMEAL BAR, STRAWBERRY WG"]
[null,20,"C1000","BASE BEEF","GRADE A TO CONTAIN BEEF LOW SODIUM- PASTE NON-CAKING READY TO DISSOLVE BEEF FLAVORED NO MSG","SPECIFY","","CS",12,"1 LBS",200,49.41,9882,4.1174999999999997,2417988,"KNORR","6 / 1 LB",null,"2417988 / BASE, BEEF ULT L SOD NO MSG"]
[null,21,"C1001","BASE CHICKEN","GRADE A TO CONTAIN CHICKEN LOW SODIUM - PASTE NON-CAKING READY TO DISSOLVE CHICKEN FLAVORED NO MSG","SPECIFY","","CS",12,"1 LBS",200,80.790000000000006,16158.000000000002,6.7325000000000008,2422574,"KNORR","12 / 1 LB",null,"2422574 / BASE, CHICKEN LOW SODIUM"]
[null,22,"CTF7009","BASE CHICKEN KNORR","CHICKEN FLAVORED BOUILLON CATERING","KNORR OR APPROVED EQUIVALENT",116300,"BTL",1,"7.9 LB",5,80.53,402.65,80.53,2416783,"KNORR","4 / 7.9 LB",null,"2416783 / BASE, CALDO DE POLLO CHKN"]
[null,23,"C1002","BASE HAM","GRADE A TO CONTAIN HAM LOW SODIUM - PASTE NON-CAKING READY TO DISSOLVE BEEF FLAVORED NO MSG","SPECIFY","","CS",12,"1 LBS",300,59.32,17796,4.9433333333333334,2422988,"KNORR","6 / 1 LB",null,"2422988 / BASE, ULT HAM"]
[null,24,"D1006","BEANS BAKED","REDUCED SODIUM VEGETARIAN BAKED BEANS","BUSHS BEST OR APPROVED EQUIVALENT",null,"CS",6,"#10 CANS",1500,35.36,53040,5.8933333333333335,1554420,"ALLENS","6 / #10",null,"1554420 / BEANS, VEGETARIAN LS"]
[null,25,"D1007","BEANS GARBANZO","BRINE PACK. GARBANZO BEANS WATER SALT VINEGAR DISODIUM EDTA (TO PROMOTE COLOR AND RETENTION) AND CALCIUM CHLORIDE (A FIRMING AGENT).","SPECIFY",null,"CS",6,"10 LB",65,33.72,2191.7999999999997,5.62,1557421,"ALLENS","6 / #10",null,"1557421 / BEANS, GARBANZO"]
[null,26,"CTF7010","BEANS KIDNEY ","CATERING",null,null,"CS",6,"#10 CAN",50,33.97,1698.5,5.6616666666666662,1554123,"ALLENS","6 / #10",null,"1554123 / BEANS, DARK RED KIDNEY"]
[null,27,"D1008","BEANS PINTO CANNED","PINTO BEANS WHOLE STYLE SEASONED VEGETARIAN CANNED IN BRINE US GRADE B  LOW SODIUM (140 MILLIGRAMS OF SODIUM OR LESS PER SERVING)","BUSH'S OR APPROVED EQUIVALENT","","CS",6,"10 CN",1300,33.01,42913,5.501666666666666,1553521,"ALLENS","6 / #10",null,"1553521 / BEANS, PINTO"]
[null,28,"D1009","BEANS PINTO DRY","US #1 GRADE A CURRENT CROP 98% CLEAN FREE OF WEEVILS DIRT AND ROCKS.  TRIPLE CLEANED.","SPECIFY","","LB",50,"LBS",250,41.65,10412.5,0.83299999999999996,4356002,"JACKRABBIT","1 / 50 LB",null,"4356002 / BEANS,PINTO US #1 TRIPLE C"]
[null,29,"D1010","BEANS RANCH","PINTO BEANS WATER TOMATO PUREE LESS THAN 2% BLEND OF VEGETABLE OILS AND ANIMAL FAT SALT CHILI PEPPERS SUGAR PAPRIKA VINEGAR SPICES ONION POWDER GARLIC POWDER NATURAL FLAVORINGS SOY LECITHIN LOW SODIUM (140 MILLIGRAMS OF SODIUM OR LESS PER SERVING)","RANCH STYLE OR APPROVED EQUIVALENT",4690000116,"CS",6,"10 CN",300,34.36,10308,5.7266666666666666,1557821,"ALLENS","6 / #10",null,"1557821 / BEANS, CHILI MEXICAN STYLE"]
[null,30,"D1011","BEANS REFRIED","DEHYDRATED JUST ADD WATER TO COOK AND SERVE UNSEASONED. US GRADE A","SANTIAGO OR APPROVED EQUIVALENT",10166,"CS",6,"28.1 OZ",300,36.89,11067,6.1483333333333334,2103563,"SANTIAGO","6 / 28.1 OZ",null,"2103563 / BEANS, REFRIED SEASONED VEG"]
[null,31,"CTF7052","BEEF BRISKET","BEEF PACKER TRIM VACCUUM PACKED LARGE 14-22 LB CATERING","SPECIFY","","LB",1,"LB",2000,306,612000,306,5403872,"IBP","5 / 15 LB",null,"5403872 / 120 FR SEL BRISKET - $4.08/LB - Priced Per Pound"]
[null,32,"CTF7053","BEEF CHICKEN FRIED STEAK","EXCLUSIVE CUT™ WHOLE MUSCLE BEEF. BATTERED WITH A BUTTERMILK BLEND BREADED WITH A FLOUR-BASED BREADING. CATERING","ADVANCE/PIERRE OR APPROVED EQUIVALENT",4541,"CS",40,"4 OZ",25,60.17,1504.25,1.5042500000000001,8942849,"ADVANCE","40 / 4 OZ",null,"8942849 / CFS NATURAL RAW EXCLUSIVE"]
[null,33,"F1010","BEEF FAJITA STRIPS","FORMED BEEF SEASONED FULLY COOKED AND SLICED INTO 3/8-INCH STRIPS. SOY ADDED. CHAR MARKED.","ADVANCE/PIERRE OR APPROVED EQUIVALENT",56001,"CS",2,"5 LB",100,72.12,7212,36.06,8943556,"ADVANCE","2 / 5 LB",null,"8943556 / BF FAJITA STRIP SOY 3/8\" FC"]
[null,34,"F1011","BEEF GROUND 85/15","100 % BEEF, GROUND, RAW, FROZEN, UNSEASONED FINE GRIND 85/15 LEAN/FAT RATIO, NO FILLERS, MEET NEW MEXICO GROWN REQUIREMENTS, LESS THAN 100MG SODIUM PER 3OZ SERVING, INDIVIDUALLY WRAPPED 5 PACKS/10 POUNDS","NEW MEXICO'S BEST OR APPROVED EQUIVALENT","NMB8515GB","CS",5,"10#",2000,150.38999999999999,300780,30.077999999999996,8789257,"PACKER","8 / 5 LB",null,"8789257 / 136 FZ GRD BF 85/15 W/O LFTB"]
[null,35,"F1012","BEEF PATTY","FULLY COOKED BEEF PATTIES, EACH 3.00 OZ FULLY COOKED BEEF PATTY PROVIDES 2.50 OZ EQUIVALENT MEAT FOR NSL, NO FILLERS, MEET NEW MEXICO GROWN REQUIREMENTS, LESS THAN 100MG SODIUM PER 3OZ SERVING","NEW MEXICO'S BEST OR APPROVED EQUIVALENT","NMB8020BPSFC","CS",195,"3 OZ",600,57.66,34596,0.2956923076923077,5527832,"ADVANCE","53 / 3 OZ",null,"5527832 / BURGER CHARBROILED PUBSTEAK"]
[null,36,"F1013","BEEF PHILLY STEAK","FULLY COOKED COOKED SLICED STEAK LESS THAN 230MG SODIUM PER SERVING","ADVANCE/PIERRE OR APPROVED EQUIVALENT",69249,"CS",170,"2.82 OZ",200,78.48,15696,0.46164705882352941,8958177,"ADVANCE","4 / 2.5 LB",null,"8958177 / PHILLY BEEF SLICES FC"]
[null,37,"F1014","BEEF SHREDS","BEEF SHREDS, EACH 2.36OZ MEET 2M/MA FOR NSLP NO FILLERS, MEET NEW MEXICO GROWN REQUIREMENTS, LESS THAN 100MG SODIUM PER 3OZ SERVING","NEW MEXICO'S BEST OR APPROVED EQUIVALENT","NMBBSFC","CS",5,"10 LB",600,101.52000000000001,60912.000000000007,20.304000000000002,7040574,"DSM COOK","4 / 3 LB",null,"7040574 / FC CHIPPED STEAK - $8.46/LB - Priced Per Pound"]
[null,38,"F1015","BEEF STEAK FINGERS WG","BEEF STRIP, FULLY COOKED, BREADED, NO FILLERS, MEET NEW MEXICO GROWN REQUIREMENTS, LESS THAN 100MG SODIUM PER 3.6 OZ SERVING","NEW MEXICO'S BEST OR APPROVED EQUIVALENT","NMB8020BSSBSFC","CS",534,".9 oz",450,125.89,56650.5,0.23574906367041198,8952748,"ADVANCE","495 / .97 OZ",null,"8952748 / BF FINGER WG APLSC CN"]
[null,39,"F1016","BEEF STEAK PATTIE BREADED","BEEF PATTY, BREADED, FULLY COOKED, EACH 3.2 OZ PATTY PROVIDES 2OZ EQUIVALENT MEAT/MEAT ALTERNATE FOR NSLP, NO FILLERS, MEET NEW MEXICO GROWN REQUIREMENTS, LESS THAN 100MG SODIUM PER 3.2 OZ SERVING","NEW MEXICO'S BEST OR APPROVED EQUIVALENT","NMB8020BPBSFC","CS",150,"3.2 oz",400,72.02,28808,0.4801333333333333,8952800,"ADVANCE","150 / 3.2 OZ",null,"8952800 / BF PATTY BRD APLSC WG COMM"]
[null,40,"F1017","BISCUIT WG","HONEY WHOLE WHEAT HEAT & SERVE PRE-SLICED MEET 2 OZ/GR","BRIDGEFORD OR APPROVED EQUIVALENT",6270,"CS",100,"2.25 OZ",400,38.76,15504,0.3876,4568025,"BAKE CRAFT","144 / 2 OZ",null,"4568025 / BISCUIT, HNY WHEAT, WG SL"]
[null,41,"CTF7054","BISCUIT WHITE BUTTERMILK","BISCUIT OLD SOUTH BUTTERMILK PRE-SLICED FULLY COOOKED 2.25 OZ CATERING","BRIDGEFORD OR APPROVED EQUIVALENT",6170,"CS",100,"2.25 OZ",300,31.58,9474,0.31579999999999997,9236655,"BRIDGFORD","100 / 2.25 OZ",null,"9236655 / BISCUIT, BUTRMLK H&S SLCD 3\""]
[null,42,"F1018","BOLI STRAWBERRY","BOLI STRAWBERRY WG IW EACH 3.24 OZ PROVIDES 2.00 OZ EQ GRAINS OR NSP","TASTY BRAND OR APPROVED EQUIVALENT",53205,"CS",96,"3.24 OZ",850,61.65,52402.5,0.64218750000000002,8910071,"TASTY BRND","96 / 3.24 OZ",null,"8910071 / STRAWBERRY BOLI, WG IW"]
[null,43,"F1019","BOLI SWEET","BOLI STRAWBERRY WG IW EACH 3.24 OZ PROVIDES 2.00 OZ EQ GRAINS OR NSP","TASTY BRAND OR APPROVED EQUIVALENT",53204,"CS",96,"3.24 OZ",850,"No Bid",null,null,"No Bid","No Bid","No Bid","No Bid","No Bid"]
[null,44,"F1020","BOLILLO CHORIZO & CHEESE","BOLLIOS, CHORIZO & CHEESE, BULK,  EACH BOLILLO MUST MEET 1.5OZ GRAIN AND 1 M/MA FOR STUDENT NUTRITION PROGRAM","ARDELLA'S  OR APPROVED EQUIVALENT",10014,"CS",72,"3.35 OZ",900,"No Bid",null,null,"No Bid","No Bid","No Bid","No Bid","No Bid"]
[null,45,"F1021","BREAD BANANA SLICE ","3.4OZ (96G) FROZEN IW THAW & SERVE CONTAINS ZERO TRANS-FAT > 51% WHOLE WHEAT FLOUR NON-DAIRY NO ARTIFICIAL COLORS FLAVORS OR PRESERVATIVES.  MUST CONFORM TO USDA CHILD NUTRITION PROGRAM SPECIFICATIONS AND MEET 2 SERVINGS OF GRAIN.","SUPER BAKERY OR APPROVED EQUIVALENT",6071,"CS",70,"3.4 OZ",1200,49.88,{"$f":"IF(L50*K50= 0,\"\",L50*K50)","v":59856},{"$f":"IF(L50/I50= 0,\"\",L50/I50)","v":0.71257142857142863},8917073,"SUPER BAKE","75 / 3.4 OZ",null,"8917073 / BANANA BREAD, SLICED, WG, IW"]
[null,46,"F1022","BREAD LEMON","3.4OZ (96G) FROZEN IW THAW & SERVE CONTAINS ZERO TRANS-FAT > 51% WHOLE WHEAT FLOUR NON-DAIRY NO ARTIFICIAL COLORS FLAVORS OR PRESERVATIVES.  MUST CONFORM TO USDA CHILD NUTRITION PROGRAM SPECIFICATIONS AND MEET 2 SERVINGS OF GRAIN.","SUPER BAKERY  OR APPROVED EQUIVALENT",7507,"CS",70,"3.4OZ",1200,53.41,64091.999999999993,0.7629999999999999,8917099,"SUPER BAKE","75 / 3.4 OZ",null,"8917099 / LEMON SLCD,BREAD, RS, IW, W"]
[null,47,"F1023","BREADSTICK","WHITE WHOLE WHEAT CHEESY GARLIC BREADSTICK DOUGH FROZEN RAW PROOF AND BAKE WHOLE GRAIN FLOUR CHEESE AND GARLIC FLAVORED.  EACH STICK MUST PROVIDE A MINUMIM OF 1GB COMPONENT FOR NSLP","BRIDGEFORD OR APPROVED EQUIVALENT",6787,"CS",320,"1.125 oz",1500,38.22,57330,0.1194375,8721016,"BRIDGFORD","320 / 1.12 OZ",null,"8721016 / BREADSTICK DGH, CHS/GARL WW"]
[null,48,"F1024","BREADSTICK CHEESE FILLED WG","BREAKSTICK CHEESE FILLED WG EACH BREADSTICK MEETS 1M/MA FOR CHILD NUTRITION MEAL PATTERN","CLASSIC DELIGHT OR APPROVED EQUIVALENT","A33045","CS",112,"2 OZ",800,64.92,51936,0.57964285714285713,8880015,"GOODSOURCE","112 / 2 OZ",null,"8880015 / BREAD STICKS, WG CHEESE"]
[null,49,"F1025","BREAKFAST ROUNDS","CINNAMON AND BROWN SUGAR BREAKFAST ROUND IW MUST MEET 2 GRAIN FOR SBP","UBR/RICH'S OR APPROVED EQUIVALENT",8733,"CS",126,"2.2 OZ",1000,56.4,56400,0.44761904761904758,9378728,"RICH'S","126 / 2.2 OZ",null,"9378728 / UBR, CINN WG IW ROUND"]
[null,50,"F1026","BURRITO","BEEF BEAN AND CHEESE BURRITO. A RED CHILI BEEF BEAN AND TEXTURED VEGETABLE PROTEIN FILLING WRAPPED IN A FLOUR TORTILLA. BURRITOS SHALL BE UNIFORMLY ROLLED WITH A UNIFORM DISTRIBUTION OF FILLING. NO EXESSIVELY FLATTENED OR IRREGULAR SHAPED PRODUCT.","BUTCHERBOY/POSADA OR APPROVED EQUIVALENT",1020001,"CS",72,"4 OZ",1000,85.4,85400,1.1861111111111111,8977084,"LOS CABOS","96 / 5.2 OZ",null,"8977084 / BURRITO BF/BN/RD CHILI WG IW"]
[null,51,"F1027","BURRITO BEAN & CHEESE de CHILE RELLENO","BURRITO -FROZEN BEAN & CHEESE DE CHILE RELLENO-REFRIED BEANS TOPPED WITH MEXICAN STYLE RICE WITH RED SALSA WITH POBLANO CHILE AND PEPPER JACK CHEESE ON A WHOLEWHEAT FLOUR TORTILLA. EACH 7.66 OZ. BURRITO PROVIDES 2.00 OZ MEAT ALTERNATE AND 1/8 CUP OTHER VEGETABLE AND 2.25 OZ EQV GRAIN OR 1.00 OZ MEAT ALTERNATE AND 1/8 CUPOTHER VEGETABLE AND 1/4 CUP LEGUME VEGETABLE AND 2.25 OZ EQV GRAIN TOWARDS THE NSLP, WHOLE GRAIN RICH FLOUR TORTILLA. CN LABELED. BURRITOS ARE HAND-WRAPPED INOVENABLE FOIL SHEETS. 36 COUNT. PREPARATION INSTRUCTIONS INCLUDED ON BOX. NO MORE THAN 700 MG SODIUM, LESS THAN 15% CALORIES FROM SATURATED FAT, 0 TRANS FAT. NOLESS THAN 400 KCAL. HAND HELD, FULLY COOKED. HEAT & SERVE.-VEGETARIAN. CABO PRIMO BRAND 71683","LOS CABOS OR APPROVED EQUIVALENT",71683,"CS",36,"7.66 OZ",600,68.28,40968,1.8966666666666667,870046,"CABO PRIMO","36 / 7.66 OZ",null,"870046 / BURRITO BEAN CHEESE CHILE RE"]
[null,52,"F1028","BURRITO PRE-FRIED BULK"," 4.75 OZ. CHEESE BEEF BEAN & RED CHILI BURRITO FULLY COOKED GROUND BEEF RED CHILI SAUCE AMERICAN CHEESE PINTO BEANS WRAPPED IN A WHOLE GRAIN RICH BLEND OF WHEAT AND CORN FLOUR TORTILLA 16g PROTEIN PER SERVING CN LABELED - SERVES 2 OZ. M/MA & 2 OZ. EQUIVALENT GRAINS PRE-FRIED","FERNANDO'S OR APPROVED EQUIVALENT",21072,"CS",72,"4.75 oz",1000,74.92,74920,1.0405555555555557,8977070,"FERNANDOS","72 / 4.75 OZ",null,"8977070 / BRTO,BF/BN/CH RDCHILI PF CN"]
[null,53,"D1012","BUTTER ALTERNATIVE","PHASE® ZERO TRANS NO SODIUM LIQUID BUTTER ALTERNATIVE","PHASE OR APPROVED EQUIVALENT",13688,"CS",3,"GAL",200,48.36,9672,16.12,8080003,"BUNGE","3 / 1 GL",null,"8080003 / BUTTER ALT LIQ,GLDN AWARD NT"]
[null,54,"C1008","BUTTERMILK BAKING 1%","BUTTERMILK BAKING 1%","SPECIFY",null,"CS",4,"GAL",100,4.62,462,1.155,8205046,"BORDEN","1 / HG",null,"8205046 / BUTTERMILK, BAKING 1%"]
[null,55,"D1013","CEREAL BLUEBERRY CHEX 2OZ","BLUEBERRY CHEX AND SWEETENED RICE GLUTEN-FREE CEREAL. THIS READY-TO-EAT CUP PROVIDES CONVENIENT PORTION CONTROL AND ROOM FOR MILK. WHOLE GRAIN RICE – FIRST INGREDIENT. MEETS 2 OUNCE EQUIVALENT GRAINS USDA SMART SNACK CRITERIA AND IS CACFP ELIGIBLE.","GENERAL MILLS OR APPROVED EQUIVALENT",17262000,"CS",60,"2 OZ",500,36.94,18470,0.61566666666666658,6490031,"CHEX","60 / 2 OZ",null,"6490031 / CEREAL, BLUEBERRY CHEX"]
[null,56,"D1014","CEREAL CHEERIOS 1 OZ","READY TO EAT CEREALS: BOWL PACK WHOLE GRAIN OATS RINGS. MUST MEET 1G EQUIVALENCY FOR SBP","GENERAL MILLS OR APPROVED EQUIVALENT",32262000,"CS",96,"1 oz",250,30.27,7567.5,0.3153125,6490011,"GEN MILLS","96 / 1 OZ",null,"6490011 / CEREAL, CHEERIOS WG, BP GF"]
[null,57,"D1015","CEREAL CINNAMON CHEX 1 OZ","CINNAMON CHEX™ IS MADE WITH REAL CINNAMON AND SWEETENED RICE GLUTEN-FREE CEREAL. THIS READY-TO-EAT CUP PROVIDES CONVENIENT PORTION CONTROL AND ROOM FOR MILK. WHOLE GRAIN RICE – FIRST INGREDIENT. MEETS 2 OUNCE EQUIVALENT GRAINS USDA SMART SNACK CRITERIA AND IS CACFP ELIGIBLE.","GENERAL MILLS OR APPROVED EQUIVALENT",14883000,"CS",60,"2 OZ",500,37.020000000000003,18510,0.6170000000000001,6490027,"GEN MILLS","60 / 2 OZ",null,"6490027 / CEREAL, CINN CHEX EQ GRAIN"]
[null,58,"D1016","CEREAL CINNAMON TOAST 1 OZ","READY TO EAT CEREALS: BOWL PACK WHOLE GRAIN 25% LESS SUGAR CINNAMON TOAST SQUARES. MUST MEET 1G EQUIVALENCY FOR SBP","GENERAL MILLS OR APPROVED EQUIVALENT",294440000,"CS",96,"1 OZ",250,30.27,7567.5,0.3153125,6495114,"GEN MILLS","96 / 1 OZ",null,"6495114 / CEREAL CIN TOAST CRNCH,WG,RS"]
[null,59,"D1017","CEREAL CINNAMON TOAST 2OZ","READY TO EAT CEREALS: BOWL PACK WHOLE GRAIN 25% LESS SUGAR CINNAMON TOAST SQUARES. MUST MEET 2G EQUIVALENCY FOR SBP","GENERAL MILLS OR APPROVED EQUIVALENT",148861000,"CS",60,"2 OZ",1000,37.020000000000003,37020,0.6170000000000001,6490026,"GEN MILLS","60 / 2.0 OZ",null,"6490026 / CEREAL, CTC LS,EQ GRAIN"]
[null,60,"D1018","CEREAL COCOA PUFFS 2OZ","READY TO EAT CEREALS: BOWL PACK WHOLE GRAIN COCOA PUFFS REDUCED SUGAR MUST MEET 2 GRAIN EQUIVALENCY FOR SBP","GENERAL MILLS OR APPROVED EQUIVALENT",148854000,"CS",60,"2 OZ",1000,37.020000000000003,37020,0.6170000000000001,6490029,"GEN MILLS","60 / 2 OZ",null,"6490029 / CEREAL, COCOA PUFFS LS, EG"]
[null,61,"D1019","CEREAL CREAM OF WHEAT","HOT CEREALS: ENRICHED PLAIN BULK QUICK COOK CREAM OF WHEAT WHOLE GRAIN. MUST MEET 1G EQUIVALENCY FOR SBP","SPECIFY","","CS",12,"28 OZ",10,25.76,257.60000000000002,2.1466666666666669,6621239,"INTL HOME","12 / 28 OZ.",null,"6621239 / FARINA, MAYPO CREAM OF WHEAT"]
[null,62,"D1020","CEREAL LUCKY CHARMS 2OZ","READY TO EAT CEREALS: BOWL PACK WHOLE GRAIN WITH MARSHMALLOWS ASSORTED BERRY PUFFS REDUCED SUGAR. MUST MEET 2G EQUIVALENCY FOR SBP","GENERAL MILLS OR APPROVED EQUIVALENT",148847000,"CS",60,"2 OZ",200,37.020000000000003,7404.0000000000009,0.6170000000000001,6490030,"GEN MILLS","60 / 2 OZ",null,"6490030 / CEREAL, LUCKY CHARMS EQ GRAI"]
[null,63,"D1021","CEREAL OATMEAL","OATS ROLLED INSTANT ENRICHED DRY","SPECIFY","","CS",12,"42 OZ",20,57.42,1148.4000000000001,4.7850000000000001,6602502,"QUAKER","12 / 42 OZ",null,"6602502 / OATS QUICK WG"]
[null,64,"D1022","CEREAL RICE KRISPIES BULK","RICE BULK WHOLE GRAIN  PLAIN PUFFS. MUST MEET 1G EQUIVALENCY FOR SBP","SPECIFY",null,"CS",4,"35 OZ",900,27.08,24372,6.77,6585558,"KELLOGGS","4 / 27 OZ",null,"6585558 / CEREAL RICE KRISPIES BULK"]
[null,65,"C1009","CHEESE AMERICAN SLICED","CHEESE AMERICAN PROCESSED SLICED 1/2 OUNCE EACH UNWRAPPED.  REDUCED FAT REDUCED SODIUM PRE-SLICED YELLOW  AMERICAN PROCESSED CHEESE.  IMITATION OR CHEESE BLENDS NOT ACCEPTED.  FAT GRAMS NOT TO EXCEED 2G PER SLICE SODIUM NOT TO EXCEED 210MG PER SLICE.  1 SLICE/.5OZ   .5OZMMA  6/5#LAND O LAKES PREFERRED - AVAILABLE FOR NET OFF INVOICE. FOR NOI PRICING","BONGARDS OR APPROVED EQUIVALENT",111371,"CS",6,"5 LB",675,85.51,57719.25,14.251666666666667,8660266,"BONGARDS","6/5lb"]
[null,66,"C1010","CHEESE CHEDDAR SHREDDED","CHEESE CHEDDAR SHREDDED REDUCED FAT REDUCED SODIUM MILD NO IMITATION ENZYMES AND ARTIFICIAL COLORING MAY BE ADDED.  PASTEURIZED PLEASING ODOR AND FLAVOR SATISFACTORY MELTABILITY.  FAT GRAMS NOT TO EXCEED 4.5G SODIUM NOT TO EXCEED 90MG.  4/5# AVAILABLE FOR NET OFF INVOICE. FOR NOI PRICING","BONGARDS OR APPROVED EQUIVALENT",755191,"CS",4,"5 LB",600,62.95,37770,15.737500000000001,8662000,"BONGARDS","4/5lb"]
[null,67,"CTF7000","CHEESE COTTAGE","COTTAGE CHEESE SMALL CURD  CATERING","SPECIFY","","CS",1,"5 LB",75,11.49,861.75,11.49,8201266,"SARAH FARM","1 / 5 LB",null,"8201266 / COTTAGE CHEESE LOW FAT"]
[null,68,"CTF7001","CHEESE CREAM BLOCK","CREAM CHEESE BLOCK CATERING","SPECIFY","","CS",10,"3 LB",20,77.069999999999993,1541.3999999999999,7.706999999999999,8701990,"RASKAS","1 / 30 LB",null,"8701990 / CREAM CHEESE, BULK"]
[null,69,"C1011","CHEESE CREAM PLAIN PC",".75 OZ PLAIN CREAM CHEESE PLASTIC PORTION CONTROL CUP","KRAFT OR APPROVED EQUIVALENT",61089,"CS",100,".75 OZ",900,22.01,19809,0.22010000000000002,8701724,"RASKAS","100 / 1 OZ",null,"8701724 / CREAM CHEESE SPREAD PC"]
[null,70,"C1012","CHEESE CREAM STRAWBERRY PC","1OZ STRAWBERRY CREAM CHEESE CUP.  PLASTIC PORTION CONTROL CUP.","KRAFT OR APPROVED EQUIVALENT",72683,"CS",100,"1 OZ",900,19.07,17163,0.19070000000000001,8701799,"RASKAS","100 / .75 OZ",null,"8701799 / CREAM CHEESE, STRAWBERRY PC"]
[null,71,"C1013","CHEESE FETA ","FETA CHEESE CRUMBLES","SPECIFY",null,"CS",4,"2.5 LB",50,37.090000000000003,1854.5000000000002,9.2725000000000009,8652133,"KLONDIKE","2 / 5 LB",null,"8652133 / FETA, CRUMBLED"]
[null,72,"C1014","CHEESE MOZZARELLA SHREDDED","CHEESE MOZZARELLA SHREDDED:  PART-SKIM 100% MOZZARELLA SHREDDED.  FAT GRAMS NOT TO EXCEED 6G  SODIUM NOT TO EXCEED 160MG. 1OZ SERVING MUST EQUAL 1OZ M/MA.  4/5#","LAND O'LAKES OR APPROVED EQUIVALENT",41698,"CS",4,"5 LB",270,59.63,16100.1,14.907500000000001,8642028,"LANDOLAKES","4 / 5 LB",null,"8642028 / SHRED MOZZARELLA LMPS"]
[null,73,"C1015","CHEESE PEPPER JACK SLICES","CHEESE SLICED PEPPER JACK NO IMITATION REDUCED FAT LOW SODIUM LOW FAT 160 CT","SPECIFY",null,"CS",4,"5 LB",50,42.5,2125,10.625,8660038,"BONGARDS","8 / 1.5  LB",null,"8660038 / SLICED PEPPER JACK .75OZ 32C"]
[null,74,"C1016","CHEESE PROVOLONE SLICES","CHEESE SLICED NO IMITATION REDUCED FAT & SODIUM 160 CT","SPECIFY",null,"CS",4,"5 LB",50,58.58,2929,14.645,8660276,"BONGARDS","4 / 5  LB",null,"8660276 / SLICE PROVOLONE BLEND 160CTP"]
[null,75,"F1029","CHEESE STICK BREADED","CHEESE STICKS WG BREADED INDIVIDUALLY FROZEN. 6 STICKS PROVIDE 2 OZ EQUIVALENT MEAT ALTERNATE AND 2 OZ GRAINS.","RICH'S OR APPROVED EQUIVALENT",65220,"CS",8,"3 LB",500,73.94,36970,9.2424999999999997,9371212,"RICH'S","8 / 3 LB",null,"9371212 / CHEESE STICKS, RF, 51% WG"]
[null,76,"C1017","CHEESE STICK MARBLE IW","CHEESE REDUCED FAT & SODIUM MARBLE IW  FOR NOI PRICING","BONGARDS OR APPROVED EQUIVALENT",402931,"CS",168,"1 OZ",300,45.35,13605,0.26994047619047618,8660028,"BONGARDS","168 / 1  OZ",null,"8660028 / CHEESE STICKS MARBLE JACK IW"]
[null,77,"C1018","CHEESE STRING IW","CHEESE: WHITE REDUCED FAT & SODIUM PORTION STICKS STRING PASTEURIZED LOW MOISTURE PART SKIM MOZZARELLA IW FOR NOI PRICING","BONGARDS OR APPROVED EQUIVALENT",402951,"CS",168,"1 OZ",300,39.71,11913,0.23636904761904762,8660032,"BONGARDS","168 / 1  OZ",null,"8660032 / STRING CHEESE MOZZARELLA IW"]
[null,78,"C1019","CHEESE SWISS SLICES","SWISS CHEESE SLICES REDUCED FAT PRESLICED EASY TO SEPARATE.  EACH SLICE 14G.  2 SLICES PROVIDES 1 M/MA FOR THE CHILD NUTRITION MEAL PROGRAM.","LAND O'LAKES OR APPROVED EQUIVALENT",null,"CS",8,"1.5 LB",50,53.1,2655,6.6375000000000002,8645648,"LANDOLAKES","8 / 1.5 LB",null,"8645648 / SLICED, CHEESE SWISS RED FAT"]
[null,79,"F1030","CHICKEN ASIAN CHERRY BLOOSOM","FULLY COOKED CHICKEN CHUNKS WHOLE GRAIN SWEET AND SOUR CHERRY ASIAN STYLE","ASIAN FOODS OR APPROVED EQUIVALENT",72005,"CS",6,"7.15 LB",500,176.35,88175,29.391666666666666,9407024,"ASIAN FOOD","6 / 7.15 LB",null,"9407024 / CHICKEN, CHERRY BLOSSOM"]
[null,80,"CTF7055","CHICKEN BREAST RAW","CHICKEN UNCOOKED BREAST BONELESS SKINLESS WHITE 6 OZ SIZE  CATERING","SPECIFY",null,"CS",4,"5LB",25,100.39999999999999,2510,25.099999999999998,5450567,"DSM CHIX","4 / 5 LB",null,"5450567 / BRST FZ 6 OZ FILET NF - $5.02/LB  - Priced Per Pound"]
[null,81,"D1023","CHICKEN BROTH","100% NATURAL CHICKEN BROTH LOW SODIUM THANKSGIVING ONLY","SWANSON OR APPROVED EQUIVALENT",null,"CS",12,"49 oz",50,48.31,2415.5,4.0258333333333338,2527505,"SWANSON","12 / 49.5 OZ",null,"2527505 / BROTH, CHICKEN CLEAR"]
[null,82,"F1031","CHICKEN DICED","FULLY COOKED DICED NO ADDED SPICES","SPECIFY",null,"CS",2,"5 LBS",300,126.47,37941,63.234999999999999,8878248,"GOLD KIST","1 / 29.92 LB",null,"8878248 / FC DICED 1/2\" WH/DK CHICKEN"]
[null,83,"F1032","CHICKEN DRUMSTICK BBQ","FULLY COOKED BBQ GLAZED DRUMSTICK MUST MEET 2.5OZ M/MA FOR NSLP NO ANTIBIOTICS","TYSON OR APPROVED EQUIVALENT",10264350928,"CS",95,"3.24 OZ",600,30.25,18150,0.31842105263157894,8861125,"TYSON","2 / 5 #",null,"8861125 / CHICKEN, SLUGGERS BBQ FC"]
[null,84,"F1033","CHICKEN DRUMSTICK BREADED","FULLY COOKED BREADED DRUMSTICK MUST MEET 2 M/MA AND .75 OZ GRAIN FOR NSLP","TYSON OR APPROVED EQUIVALENT",16660100928,"CS",92,"3.31 OZ",700,101,70700,1.0978260869565217,9911023,"TYSON","1 / 30 LB",null,"9911023 / FC WG CHICK DRUMSTICK BONEIN"]
[null,85,"F1034","CHICKEN FAJITA STRIPS","FAJITA STRIPS CHICKEN SEASONED FULLY COOKED. EACH 2.47 OZ MEETS 2OZ M/MA FOR NSLP.","PILGRIM'S OR APPROVED EQUIVALENT",1250,"CS",159,"3 OZ",800,121.96,97568,0.76704402515723269,8869441,"TYSON","6 / 5 LB",null,"8869441 / CHICKEN FAJITA FC DARK STRIP"]
[null,86,"F1035","CHICKEN FILET","FULLY COOKED WHOLE MUSCLE CHICKEN FILETS-CN LABELED EACH SERVING PROVIDED 2OZ M/MA AND 1 OZ GRAIN FOR NSLP","PILGRIM'S OR APPROVED EQUIVALENT",7516,"CS",122,"3.95 OZ",100,149.85,14985,1.2282786885245902,8867507,"CHRIS P","1 / 30 LB",null,"8867507 / BRD CHICKEN BRST FILET, WG"]
[null,87,"F1036","CHICKEN NUGGET","FULLY COOKED WG  BREADED CN LABELED WHOLE MUSCLE 5 NUGGETS PROVIDE 2 OZ MEAT/MEAT ALTERNATIVE AND 1 GRAIN SERVING FOR NSLP COMMERICAL BACK-UP OF COMMODITY PRODUCT OR FOR NOI PRICING","GOLK KIST FARMS OR APPROVED EQUIVALENT",7518,"CS",101,"3.9 OZ",600,91.77,55062,0.90861386138613853,8867509,"GOLD KIST","6 / 5 LB",null,"8867509 / BRD CHICKN NUGGET WG FC"]
[null,88,"F1037","CHICKEN PATTY BREADED","FULLY COOKED WG BREADED CN LABELED EACH PATTY PROVIDES 2 OZ MEAT/MEAT ALTERNATIVE AND 1 GRAIN SERVING. ","GOLD KIST FARMS OR APPROVED EQUIVALENT",665400,"CS",158,"3.03 OZ",450,91.44,41148,0.57873417721518983,8867565,"GOLD KIST","156 / 3.05 OZ",null,"8867565 / CHICKEN PATTY, BRD, WG FC"]
[null,89,"F1038","CHICKEN PATTY BREADED SPICY","FULLY COOKED HOT N SPICY BREADED CHICKEN BREAST FILETS","TYSON OR APPROVED EQUIVALENT",10383140928,"CS",40,"3.95 OZ",300,80.84,24252,2.0209999999999999,9011076,"TYSON","173 / 3.0 OZ",null,"9011076 / CHICKEN PATTY WG H&S CN"]
[null,90,"F1039","CHICKEN PATTY GRILLED","FULLY COOKED GRILLED CHICKEN BREASTS 4OZ PATTY NO ANTIBIOTICS","TYSON OR APPROVED EQUIVALENT",10000039685,"CS",40,"3.95 OZ",300,"No Bid",null,null,"No Bid","No Bid","No Bid","No Bid","No Bid"]
[null,91,"F1040","CHICKEN POPCORN SMACKERS WG","WHOLE GRAIN BREADED FULLY COOKED CN LABELED POPCORN CHICKEN PRODUCED FROM USDA 100103 DARK MEAT COMMODITY CHICKEN. NO ADDED SOY PROTEIN. BATTER BREADED WITH WHOLE GRAIN AND ENRICHED WHEAT FLOUR. TEN POPCORN PIECES @ 0.43 OZ EACH GUARANTEED BY CN LABEL TO PROVIDE 2 OUNCES MEAT/MEAT ALTERNATIVE AND 1 GRAIN SERVINGS. PRODUCT TO PROVIDE ZERO GRAMS TRANS FATS. CONTAINS: MILK SOY WHEAT.  COMMERICAL BACK-UP OF COMMODITY PRODUCT OR FOR NOI PRICING","GOLD KIST FARMS OR APPROVED EQUIVALENT",110458,"CS",104,"4.23 OZ",900,102.77,{"$f":"IF(L96*K96= 0,\"\",L96*K96)","v":92493},{"$f":"IF(L96/I96= 0,\"\",L96/I96)","v":0.98817307692307688},8867500,"GOLD KIST","111 / 4.3 OZ",null,"8867500 / CHXN,SMACKERS DRKMT FC,WG,CN"]
[null,92,"F1041","CHICKEN STRIP WG","WHOLE GRAIN HOMESTYLE BREADED FULLY-COOKED CN LABELED CHICKEN STRIPS PRODUCED FROM USDA 100103 NATURAL PROPORTION WHITE AND DARK MEAT COMMODITY CHICKEN WITH ISOLATED SOY PROTEIN. STRIPS ARE BATTER BREADED WITH WHOLE GRAIN WHEAT FLOUR HOMESTYLE BREADING. THREE STRIPS PROVIDE 2 OZ. MEAT/MEAT ALTERNATIVE AND 1 GRAIN SERVING. PRODUCT TO PROVIDE ZERO GRAMS TRANS FATS. COMMERICAL BACK-UP OF COMMODITY PRODUCT OR FOR NOI PRICING","GOLD KIST FARMS OR APPROVED EQUIVALENT",7527,"CS",107,"4.50 OZ",900,148.37,133533,1.3866355140186917,8867004,"GOLD KIST","107 / 4.5 OZ",null,"8867004 / CHICKEN STRIPS WG FC"]
[null,93,"D1024","CHILI HOT DOG","HOT DOG CHILI.  HEARTY CHUNKS OF LEAN BEEF AND PLUMP TENDER BEANS","LIBBY'S OR APPROVED EQUIVALENT",null,"CS",6,"#10 CANS",800,66.3,53040,11.049999999999999,3221231,"LIBBY","6 / #10",null,"3221231 / SAUCE, CHILI HOT DOG"]
[null,94,"D1025","CHIPS BAKED CHEETOS CRUNCHY","CHIPS BAKED CRUNCHY CHEETOS","FRITO LAY OR APPROVED EQUIVALENT","000-28400-21642-5","CS",104,".875 OZ",472,43.88,20711.36,0.42192307692307696,3778074,"CHEETOS","104 / .875 OZ",null,"3778074 / CHIPS OVEN BAKED CRUNCHY WG"]
[null,95,"D1026","CHIPS BAKED DORITOS ","CHIPS BAKED DORITOS NACHO CHEESE","FRITO LAY OR APPROVED EQUIVALENT","000-28400-20002-8","CS",88,".75 OZ",549,32.5,17842.5,0.36931818181818182,3777915,"DORITOS","72 / 1 OZ",null,"3777915 / CHIPS NACHO CHEESE RF WG"]
[null,96,"D1027","CHIPS BAKED LAYS BBQ","CRISPS BAKED LAYS BBQ FLAVOR","FRITO LAY OR APPROVED EQUIVALENT","000-28400-32078-8","CS",60,".875 OZ",100,27.9,2790,0.46499999999999997,3778056,"LAYS","60 / 0.875 OZ",null,"3778056 / CHIPS BAKED KCM BBQ"]
[null,97,"D1028","CHIPS BAKED LAYS SC/ONION","CRISPS BAKED LAYS SOUR CREAM & ONION","FRITO LAY OR APPROVED EQUIVALENT","00028400-04702-9","CS",60,".875 OZ",400,27.9,11160,0.46499999999999997,3778139,"LAYS","60 / .875 OZ",null,"3778139 / CHIPS BAKED SOUR CRM&ONION"]
[null,98,"D1029","CHIPS FRITOS","ENRICHED REDUCED FAT CORN CHIPS WHOLE GRAIN","FRITO LAY OR APPROVED EQUIVALENT","000-28400-57766-3","CS",8,"1 LB",1900,21.73,41287,2.7162500000000001,3777018,"FRITOS","8 / 16 OZ",null,"3777018 / CHIPS CORN BULK"]
[null,99,"CTF7011","CHIPS KETTLE VARIETY","VARIETY PACK OF KETTLE CHIPS CATERING","SPECIFY",null,"CS",30,"1.5 OZ",25,43.98,1099.5,1.466,3778089,"MISSVICKIE","60 / 1.375 OZ",null,"3778089 / CHIPS VARIETY PK LSS"]
[null,100,"D1030","CHIPS SS CHEETO RED HOT","CHIPS IND. PKG. RED HOT FRITO LAY BAKED: ENRICHED CORNMEAL PUFF STICK FLAVORED WITH RED HOT CHEESE SEASONING. 104/.875 OZ","CHEETO'S OR APPROVED EQUIVALENT",62984,"CS",104,".875 OZ",400,43.88,17552,0.42192307692307696,3777906,"CHEETOS","104 / .875 OZ",null,"3777906 / CHIPS OVEN BAKED FLAM HOT WG"]
[null,101,"D1031","CHIPS SS DORITOS COOL RANCH","CHIPS IND. PKG. REDUCED FAT COOL RANCH FLAVORED CORN: BAKED TRIANGLE SHAPED CORN TORTILLA PIECES FLAVORED WITH RANCH SEASONING. 72/1 OZ.","DORITOS OR APPROVED EQUIVALENT",36096,"CS",72,"1 OZ",400,32.5,13000,0.4513888888888889,9390302,"DORITOS","72 / 1 OZ",null,"9390302 / CHIPS COOL RANCH RF WG"]
[null,102,"D1032","CHIPS SS DORITOS NACHO CHEESE","CHIPS  REDUCED FAT NACHO CHEESE FLAVOR.  WG","DORITOS OR APPROVED EQUIVALENT",31748,"CS",72,"1 OZ",400,32.5,13000,0.4513888888888889,3777915,"DORITOS","72 / 1 OZ",null,"3777915 / CHIPS NACHO CHEESE RF WG"]
[null,103,"D1033","CHIPS SS POTATO","CHIPS IND. PKG. BAKED REG. FLAVORED:  BAKED POTATO PIECES SALTED PLAIN.  NO MORE THAN 7.5 GRAMS OF FAT PER BAG.","LAYS OR APPROVED EQUIVALENT",33625,"CS",60,".875 OZ",300,27.9,8370,0.46499999999999997,6602001,"LAYS","60 / .875 OZ",null,"6602001 / CHIPS BAKED ORIGINAL"]
[null,104,"D1034","CHIPS SS PUFF CHEESE","CHIPS PUFFS  RF WG","CHEETO'S OR APPROVED EQUIVALENT",21910,"CS",72,".7 OZ",300,32.54,9762,0.45194444444444443,3777900,"CHEETOS","72 / .7 OZ",null,"3777900 / CHIPS PUFFS RF WG"]
[null,105,"D1035","CHIPS SS SOUR CREAM/ONION","CHIPS IND. PKG. BAKED SOUR CRM. & ONION FLAVORED: BAKED POTATO PIECES FLAVORED WITH SOUR CREAM AND ONION SEASONING. 60/.875 OZ. WG","LAYS OR APPROVED EQUIVALENT",33627,"CS",60,".875 OZ",300,27.9,8370,0.46499999999999997,3778139,"LAYS","60 / .875 OZ",null,"3778139 / CHIPS BAKED SOUR CRM&ONION"]
[null,106,"D1036","CHIPS TORTILLA ROUNDS","ROUND SHAPED TORTILLA CHIP WHOLE GRAIN PREPARED FROM ENRICHED YELLOW CORN. TRANSFAT FREE 1 OZ MUST MEET 1 GR","SPECIFY","","CS",6,"2 LB",2500,26.95,67375,4.4916666666666663,4172117,"RUDYS","6 / 2 LB",null,"4172117 / CHIP YELLOW ROUND WG"]
[null,107,"CTF7012","CHOCOLATE ENROBER","CHOCOLATE FLAVORED ENROBER COATING IS A RICH CHOCOLATE COATING THAT HARDENS AT ROOM TEMPERATURE. THE PRODUCT IS IN A HARDENED CANDY STATE IN THE UNHEATED CAN.  CATERING","SPECIFY",null,"CS",3,"10 CN",15,75.95,1139.25,25.316666666666666,9396539,"J.H.SMITH","3 / 123.00 OZ",null,"9396539 /CHOCOLATE ENROBER"]
[null,108,"F1042","CHORIZO BULK","SAUSAGE CHORIZO BULK MILD SEASONING LIGHT COLORED BULK","SPECIFY","","CS",10,"LB",450,68.8,30960,6.88,5450992,"DSM PORK","10 / 2 LB",null,"5450992 / FZ PORK CHORIZO - $3.44/LB - Priced Per Pound"]
[null,109,"CTF7013","COCOA","UNSWEETENED COCOA 22/24% BUTTER FAT  CATERING","SPECIFY","","CS",4,"2.5KG",20,233.7,4674,58.424999999999997,3695558,"DIAM CRYST","6 / 5 LB.",null,"3695558 / COCOA, 22/24%"]
[null,110,"D1037","COFFEE DECAF","FOLGERS FILTER PACK COFFEE ULTRA DRY ROAST  ","FOLGERS OR APPROVED EQUIVALENT","","CS",80,".9 OZ",20,60.9,1218,0.76124999999999998,8245680,"FOLGERS","80 / 0.90 OZ",null,"8245680 / COFFEE, DECAFFINATED FP"]
[null,111,"D1038","COFFEE REGULAR","FOLGERS FILTER PACK COFFEE ULTRA DRY ROAST  ","FOLGERS OR APPROVED EQUIVALENT","","CS",160,".9 OZ",50,106.81,5340.5,0.66756250000000006,8245656,"FOLGERS","160 / .9 OZ",null,"8245656 / COFFEE, REGULAR FPG"]
[null,112,"F1043","COOKIE DOUGH CARNIVAL WG","COOKIE DOUGH CARNIVAL:  1.85OZ FROZEN WGR MADE WITH A MIXTURE OF CHOCOLATE CHIPS AND COLORFUL COATED CANDIES PRE-PORTIONED READY TO BAKE FAT GRAMS TO NOT EXCEED 6G SODIUM MG NOT TO EXCEED 120 MG  CASE PACK 240 1.5OZ DECA","OTIS SPUNKMEYER OR APPROVED EQUIVALENT",55688,"CS",250,"1.5 OZ",75,57.49,4311.75,0.22996,4550018,"OTIS","240 / 1.5 OZ",null,"4550018 / COOKIE DOUGH, CARNIVAL WG DE"]
[null,113,"CTF7056","COOKIE DOUGH CHOCOLATE CHIP","COOKIE DOUGH CHOCOLATE CHIP CATERING","BRICKFIRE OR APPROVED EQUIVALENT",2340091,"CS",170,"1.5 OZ",75,54.61,4095.75,0.32123529411764706,4555555,"OTIS SPUN","240 / 1.5 OZ",null,"4555555 / COOKIE DOUGH, CHOCCHIP 51%WG"]
[null,114,"CTF7057","COOKIE DOUGH OATMEAL RAISIN","COOKIE DOUGH OATMEAL RAISIN CATERING","BRICKFIRE OR APPROVED EQUIVALENT",2340101,"CS",170,"1.5 OZ",60,54.58,3274.7999999999997,0.32105882352941173,4550019,"OTIS","240 / 1.5 OZ",null,"4550019 / COOKIE DOUGH, OAT RAIS RF WG"]
[null,115,"F1044","COOKIE DOUGH RF CHOCOLATE BROWNIE","COOKIE DOUGH REDUCED FAT CHOCOLATE BROWNIE DECA","OTIS SPUNKMEYER OR APPROVED EQUIVALENT",55689,"CS",240,"1.5 OZ",100,54.47,5447,0.22695833333333332,4550010,"OTIS","240 / 1.5 OZ",null,"4550010 / COOKIE DOUGH,CH BRWNIE RF WG"]
[null,116,"F1045","COOKIE DOUGH RF CHOCOLATE CHIP","COOKIE DOUGH REDUCED FAT CHOCOLATE CHIP DECA","OTIS SPUNKMEYER OR APPROVED EQUIVALENT",55680,"CS",240,"1.5 OZ",300,54.61,16383,0.22754166666666667,4555555,"OTIS SPUN","240 / 1.5 OZ",null,"4555555 / COOKIE DOUGH, CHOCCHIP 51%WG"]
[null,117,"F1046","COOKIE DOUGH RF OATMEAL RAISIN","COOKIE DOUGH REDUCED FAT OATMEAL RAISIN DECA","OTIS SPUNKMEYER OR APPROVED EQUIVALENT",55683,"CS",240,"1.5 OZ",50,54.58,2729,0.22741666666666666,4550019,"OTIS","240 / 1.5 OZ",null,"4550019 / COOKIE DOUGH, OAT RAIS RF WG"]
[null,118,"F1047","COOKIE DOUGH RF SUGAR","COOKIE DOUGH SUGAR REDUCED FAT DECA","OTIS SPUNKMEYER OR APPROVED EQUIVALENT",55684,"CS",240,"1.5 OZ",45,54.65,2459.25,0.22770833333333332,4550017,"OTIS","240 / 1.5 OZ",null,"4550017 / COOKIE DOUGH, SUGAR RF WG"]
[null,119,"CTF7058","COOKIE DOUGH SUGAR","COOKIE DOUGH SUGAR CATERING","BRICKFIRE OR APPROVED EQUIVALENT",2340111,"CS",170,"1.5 OZ",60,54.65,3279,0.32147058823529412,4550017,"OTIS","240 / 1.5 OZ",null,"4550017 / COOKIE DOUGH, SUGAR RF WG"]
[null,120,"CTF7059","COOKIE DOUGH WHITE MACADAMIA NUT","COOKIE DOUGH WHITE MACADAMIA NUT  CATERING","BRICKFIRE OR APPROVED EQUIVALENT",2340361,"CS",170,"1.5 OZ",60,70.73,4243.8,0.41605882352941181,4556965,"OTIS SPUNK","240 / 1.33 OZ",null,"4556965 / COOKIE DOUGH,WHTCHOC MAC(SD)"]
[null,121,"F1048","COOKIE GINGER BREAD","COOKIE GINGER BREAD IW MEETS 2 GRAIN REQUIREMENT FOR NSP","SPECIFY",null,"CS",140,"2 OZ",500,52.37,26185,0.37407142857142855,9391659,"LUX BAKE","100 / 2.25 OZ",null,"9391659 / GINGERBREAD PEOPLE WG IW"]
[null,122,"F1049","CORNDOG","CORNDOG CHICKEN FRANK WHOLE GRAIN P/C 8/1 60 CT  CN LABELED TO MEET 2 OZ MEAT REQUIREMENT","FOSTER FARMS OR APPROVED EQUIVALENT",95150,"CS",72,"4 OZ",2000,44.43,88860,0.61708333333333332,8883937,"FOSTER FRM","72 / 4 OZ",null,"8883937 / CORN DOG  CHKN LOWFAT WG CN"]
[null,123,"D1039","CORNSTARCH","CORNSTARCH","SPECIFY","","CS",24,"1 LB",45,34.67,1560.15,1.4445833333333333,6453005,"ARGO","24 / 16 OZ",null,"6453005 / STARCH, CORN/EDIBLE"]
[null,124,"D1040","CRACKERS ANIMAL","CRACKERS ANIMAL SHAPED 0 TRANSFAT WHOLE GRAIN RICH","SPECIFY",null,"CS",100,"1 OZ",300,38.97,11691,0.38969999999999999,3732153,"KEEBLER","150 / 1 OZ",null,"3732153 / ANIMAL CRACKERS WG"]
[null,125,"D1041","CRACKERS BUG BITES","BUG BITES CINNAMON WHOLE GRAIN RICH","KEEBLER OR APPROVED EQUIVALENT","30100-55644","CS",210,"1 OZ",1000,47.92,47920,0.22819047619047619,3738935,"KEEBLER","210 / 1 OZ",null,"3738935 / BUG BITES CINN GRAHAMS WG"]
[null,126,"D1042","CRACKERS GOLDFISH CHEDDAR","CHEDDAR GOLDFISH WHOLE GRAIN: A 3/4 OUNCE SERVING CONTRIBUTES 1 SERVING OF GRAINS/BREADS TO THE USDA CHILD NUTRITION PROGRAMS WHOLE GRAIN RICH","PEPPERIDGE FARMS OR APPROVED EQUIVALENT",18105,"CS",300,"0.75 OZ",500,72.66,36330,0.2422,3735110,"PEPPERIDGE","300 / .75 OZ",null,"3735110 / GOLDFISH, CHEDDAR WG"]
[null,127,"D1043","CRACKERS GOLDFISH GIANT CINNAMON","CRACKERS GIANT GOLDFISH CINNAMON WHOLE GRAIN RICH","PEPPERIDGE FARMS OR APPROVED EQUIVALENT",15094,"CS",300,".9 OZ",300,60.34,18102,0.20113333333333336,3736101,"PEPPERIDGE","300 / 0.9 OZ",null,"3736101 / GRAHAMS,XL CINN GOLDFISH, WG"]
[null,128,"D1044","CRACKERS GOLDFISH GIANT HONEY OAT","CRACKER WHOLE GRAIN GIANT HONEY OAT GRAHAM 2 EA WHOLE GRAIN RICH","PEPPERIDGE FARMS OR APPROVED EQUIVALENT",18432,"CS",300,".9 OZ",300,58.79,17637,0.19596666666666665,3730039,"PEPPERIDGE","300 / 0.9 OZ",null,"3730039 / GOLDFISH, GRAHAM VANILLA, WG"]
[null,129,"D1045","CRACKERS GRAHAM 3-PK","GRAHAM 3-PK WHOLE GRAIN RICH","SPECIFY","","CS",150,"3 PK",2500,22.52,56300,0.15013333333333334,3730052,"KEEBLER","150 / 3 CT",null,"3730052 / GRAHAM CRACKER W/CALC WG"]
[null,130,"CTF7014","CRACKERS MEDLEY MIX","CRACKER MEDLEY - TOASTEDS® WHEAT SESAME AND BUTTER CRISP CLUB® TOWN HOUSE® AND KEEBLER® WHOLE GRAIN WHEAT 25 SLEEVES CATERING","KEEBLER OR APPROVED EQUIVALENT","30100 37739 ","CS",25,"SLEEVES",5,31.71,158.55000000000001,1.2684,3765112,"KEEBLER","25 / 980 CT",null,"3765112 / CRACKER MEDLEY VARIETY PACK"]
[null,131,null,"CRACKERS SALTINE IW","SALTINE CRACKERS PC WHOLE GRAIN OR ENRICHED FLOUR TO MEET BREAD REQ. FOR NSLP 500/2 CT","NABISCO OR APPROVED EQUIVALENT","","CS",500,"2 CT",500,17.55,8775,3.5099999999999999E-2,3770086,"LANCE","500 / 2 CT",null,"3770086 / SALTINE CRACKER"]
[null,132,"CTF7002","CREAMER NON-DAIRY","NON-DAIRY CREAMER  INIVIDUAL PACK LIQUID CATERING","SPECIFY","","CS",400,"EA",45,13.03,586.35,3.2575E-2,8205000,"INSTABLEND","400 / 3",null,"8205000 / CREAMER, NON DAIRY"]
[null,133,"CTF7003","CREAMER NON-DAIRY CARAMEL MACCHIATO","NON-DAIRY CREAMER CARAMEL MACCHIATO INIVIDUAL PACK LIQUID CATERING","SPECIFY",null,"CS",288,"1ML",35,"No Bid",null,null,"No Bid","No Bid","No Bid","No Bid","No Bid"]
[null,134,"CTF7004","CREAMER NON-DAIRY FRENCH VANILLA","NON-DAIRY CREAMER FRENCH VANILLA  INIVIDUAL PACK LIQUID CATERING","SPECIFY",null,"CS",288,"1ML",35,16.559999999999999,{"$f":"IF(L139*K139= 0,\"\",L139*K139)","v":579.59999999999991},{"$f":"IF(L139/I139= 0,\"\",L139/I139)","v":5.7499999999999996E-2},71975,"INTL DEL","288 / .5 OZ",null,"71975 / CREAMER FRENCH VANILLA"]
[null,135,"CTF7005","CREAMER NON-DAIRY HAZEL NUT","NON-DAIRY CREAMER HAZEL NUT INIVIDUAL PACK LIQUID CATERING","SPECIFY",null,"CS",288,"1ML",35,16.559999999999999,579.59999999999991,5.7499999999999996E-2,71970,"INTL DEL","288 / .5 OZ",null,"71970 / CREAMER HAZELNUT"]
[null,136,"F1050","CROISSANT","CROISSANTS WG MARGARINE RF ROUND FULLY SLICED   MUST PROVIDE 2.0 OZ GRAIN EQUIVALENTS.  PORTION TO PROVIDE AT LEAST 145.0 CALORIES WITH NO MORE THAN 6 GRAMS OF FAT.","BAKE CRAFTERS OR APPROVED EQUIVALENT",3286,"CS",80,"2.2 OZ",800,59.5,47600,0.74375000000000002,9226001,"BAKE CRAFT","150 / 2.2 OZ",null,"9226001 / CROISSANT, MARG RD WG RF SL"]
[null,137,"CTF7060","CROISSANT CATERING 30Z","FULLY COOKED FLAKEY BUTTERY CRUST PRESLICED ROUND SHAPED ROLL 3 OZ  CATERING","SPECIFY",null,"CS",32,"3 OZ",40,59.5,2380,1.859375,9226001,"BAKE CRAFT","150 / 2.2 OZ",null,"9226001 / CROISSANT, MARG RD WG RF SL"]
[null,138,"CTF7061","CROISSANT CATERING 5OZ","FULLY COOKED FLAKEY BUTTERY CRUST PRESLICED ROUND SHAPED ROLL 5 OZ  CATERING","SPECIFY",null,"CS",24,"5 OZ",25,59.5,1487.5,2.4791666666666665,9226001,"BAKE CRAFT","150 / 2.2 OZ",null,"9226001 / CROISSANT, MARG RD WG RF SL"]
[null,139,"CTF7015","CROUTONS","CROUTONS/ HERB SEASONED ENRICHED SMALL CUBE  CATERING","SPECIFY","","CS",10,"LB",150,26.48,3972,2.6480000000000001,3772323,"FRESH GOUR","1 / 10 LB",null,"3772323 / CROUTONS,SEA.CUBE T/FAT FREE"]
[null,140,"F1051","CRUMB SQUARE IW","CRUMB SQUARE IW WHOLE GRAIN MEETS 2 OZ WG SERVING FOR SBP ","DAVE'S OR APPROVED EQUIVALENT",360,"CS",28,"3.6 OZ",2120,21.9,46428,0.78214285714285714,4037800,"DAVE'S","28 / 3.6 OZ",null,"4037800 / CRUMB SQUARE WG"]
[null,141,"F1052","DONUT MINI CHOCOLATE","51% WG MINI DONUTS - CHOCOLATE.  72 - 3.3OZ FROZEN INDIVIDUALLY WRAPPED THAW & SERVE NICKEL STACK SIX PACKS OF 1/2 OZ CHOCOLATE ENROBED WHOLE GRAIN DONUTS.  MUST CONFORM TO USDA CHILD NUTRITION PROGRAM SPECIFICATIONS AND MEET 2OZ GRAIN EQUIVALENT.","SUPER BAKERY OR APPROVED EQUIVALENT",7786,"CS",72,"3.3 OZ",1700,72.61,123437,1.0084722222222222,1306645,"SUPER BAKE","72 / 3 OZ",null,"1306645 / MINI DONUT, CHOCOLATE, WG IW"]
[null,142,"F1053","DONUT MINI POWDERED SUGAR","51% WG MINI DONUTS - POWDERED SUGAR  72 - 3.3OZ FROZEN INDIVIDUALLY WRAPPED THAW & SERVE NICKEL STACK SIX PACKS OF 1/2 OZ CHOCOLATE ENROBED WHOLE GRAIN DONUTS.  MUST CONFORM TO USDA CHILD NUTRITION PROGRAM SPECIFICATIONS AND MEET 2OZ GRAIN EQUIVALENT.","SUPER BAKERY OR APPROVED EQUIVALENT",7787,"CS",72,"3.3 OZ",1700,65.010000000000005,110517.00000000001,0.9029166666666667,1306646,"SUPER BAKE","72 / 3 OZ",null,"1306646 / MINI DONUT, PWDRD, WG"]
[null,143,"F1054","DOUGH CRUST","COBBLER CRUST DOUGH SHEET FROZEN","SPECIFY","","CS",24,"1 LB",200,64.42,12884,2.6841666666666666,9231242,"RICH'S","24 / 1 LB",null,"9231242 / COBBLER CRUST DOUGH SHEET"]
[null,144,"C1020","DRESSING GAL COLESLAW","DRESSING COLESLAW REDUCED FAT","SPECIFY",null,"CS",4,"GAL",25,65.31,1632.75,16.327500000000001,3458973,"KEN'S","4 / 1 GL",null,"3458973 / DRESSING, COLE SLAW SPEC BLN"]
[null,145,"C1021","DRESSING GAL RANCH REDUCED FAT","DRESSING SALAD REDUCED FAT","KEN'S OR APPROVED EQUIVALENT","100-413350-60816","CS",4,"1 GAL",600,56.79,34074,14.1975,3329679,"KEN'S","4 / 1 GAL.",null,"3329679 / DRESSING, RANCH FAT FREE"]
[null,146,"CTF7016","DRESSING ITALIAN","ITALIAN DRESSING GOLDEN CATERING","SPECIFY",null,"CS",4,"GAL",10,49.03,490.3,12.2575,3432297,"KRAFT","4 / 1 GAL",null,"3432297 / DRESSING, ITALIAN GOLDEN"]
[null,147,"D1046","DRESSING PC ASIAN","DRESSING ASIAN LIGHT PC","SPECIFY",null,"CS",60,"1.5 OZ",15,21.37,320.55,0.35616666666666669,9404040,"KEN'S","60 / 1.5 OZ",null,"9404040 / PAN ASIAN ORIENTAL DRESSING"]
[null,148,"D1047","DRESSING PC BALSAMIC VINAIGRETTE","DRESSING BALSAMIC VINAIGRETTE LIGHT","SPECIFY",null,"CS",60,"1.5 OZ",15,18.93,283.95,0.3155,6503090,"KEN'S","60 / 1.5 OZ",null,"6503090 / DRESSING, METRO BALSAMIC VIN"]
[null,149,"D1048","DRESSING PC FRENCH","DRESSING SALAD REDUCED FAT FRENCH","SPECIFY",null,"CS",60,"1.5 OZ",5,18.239999999999998,91.199999999999989,0.30399999999999999,3478906,"KEN'S","60 / 1.5 OZ",null,"3478906 / DRESSING, CALIF FRENCH FF"]
[null,150,"D1049","DRESSING PC GREEK","DRESSING SALAD GREEK ","SPECIFY",null,"CS",60,"1.5 OZ",5,19.78,98.9,0.32966666666666666,6503086,"KENS","60 / 1.5 OZ",null,"6503086 / DRESSING, GREEK PC"]
[null,151,"D1050","DRESSING PC ITALIAN","DRESSING SALAD REDUCED FAT ITALIAN","SPECIFY",null,"CS",60,"1.5 OZ",5,15.7,78.5,0.26166666666666666,3478905,"KEN'S","60 / 1.5 OZ",null,"3478905 / DRESSING, ITALIAN FF PC"]
[null,152,"D1051","DRESSING PC RANCH 12MG","RANCH DRESSING REDUCED FAT PC","SPECIFY",null,"CS",500,"12 MG",1000,12.14,12140,2.4279999999999999E-2,3474186,"PPI","200 / 12 GM",null,"3474186 / DRESSING, BM RANCH FFREE 12G"]
[null,153,"D1052","DRESSING PC RANCH RF 1.5OZ","DRESSING SALAD REDUCED FAT PC RANCH","SPECIFY",null,"CS",60,"1.5 OZ",100,12.14,1214,0.20233333333333334,3474186,"PPI","200 / 12 GM",null,"3474186 / DRESSING, BM RANCH FFREE 12G"]
[null,154,"D1053","DRESSING PC RASPBERRY VINAIGRETTE ","KRAFT RASPBERRY VINAIGRETTE FAT FREE DRESSING HAS THE SWEET TART FLAVOR OF RASPBERRIES IN A FAT FREE VINAIGRETTE.  ","KRAFT","002-10006714400","CS",60,"1.5 OZ",50,22.2,1110,0.37,3471005,"KRAFT","60 / 1.5 OZ",null,"3471005 / DRESSING, RASPBERRY VING FF"]
[null,155,"CTF7017","DRESSING RASPBERRY VINAIGRETTE ","KRAFT RASPBERRY VINAIGRETTE FAT FREE DRESSING HAS THE SWEET TART FLAVOR OF RASPBERRIES IN A FAT FREE VINAIGRETTE.  CATERING","KRAFT OR APPROVED EQUIVALENT",21000647422,"CS",4,"1 GAL",5,60.92,304.60000000000002,15.23,3471127,"KRAFT","4 / 1 GAL",null,"3471127 / DRESSING, RASPBERRY VING FF"]
[null,156,"C1022","EGG BOIL N BAG","EGGS RAW LIQUID WHOLE EGGS BOIL N BAG PASTURIZED","SPECIFY","","CS",6,"5 LB",600,49.56,29736,8.26,8858059,"SUNNYFRESH","6 / 5 LB",null,"8858059 / EGGS SCRAMBLED MIX FRZN"]
[null,157,"C1023","EGG PREBOILED","HARD COOKED PEELED EGGS","SPECIFY",null,"CS",8,"12 CT",500,38.270000000000003,19135,4.7837500000000004,4560030,"DEB EL","12 / 12 CT",null,"4560030 / EGGS, HARD COOKED PEELED"]
[null,158,"F1055","EGGSTRAGANZA","EACH 2.00 OZ. SERVING (BY WEIGHT) OF THE BLEND OF SCRAMBLED EGGS, CHEESE, AND BACON PIECES PROVIDES 1.75 OZ. EQUIVALENT MEAT ALTERNATE FOR THE CHILD NUTRITION MEAL PATTERN REQUIREMENTS.","SUNNY FRESH OR APPROVED EQUIVALENT",40828,"CS",4,"5 LB",735,98.75,72581.25,24.6875,8850055,"SUNNYFRESH","4 / 5 LB",null,"8850055 / EGGSTRAVAGANZA, BACON & CHS"]
[null,159,"CTF7018","FILLING PIE CHERRY","CHERRY CATERING","SPECIFY",null,"CS",3,"#10",15,59.18,887.7,19.726666666666667,589525,"LUCKY LF","3 / #10",null,"589525 / PIE FILLING CHERRY CANE SWT"]
[null,160,"CTF7019","FILLING PIE PEACH","PEACH CATERING","SPECIFY",null,"CS",3,"#10",15,45.8,687,15.266666666666666,589540,"LUCKY LF","3 / #10",null,"589540 / PIE FILLING PEACH CLEAN LABL"]
[null,161,"D1054","FLOUR","FLOUR ALL PURPOSE ENRICHED 50# U.S. NO. 2 GRADE OR BETTER BLEACHED WHEAT FLOUR ENRICHED WITH THIAMIN RIBOFLAVIN NIACIN FOLIC ACID IRON AND MAY HAVE ADDED CALCIUM","SPECIFY","","BAG",50,"LB",30,23.06,691.8,0.4612,3823372,"CLIMAX","1 / 50 LB",null,"3823372 / FLOUR, H & R  ALL PURPOSE"]
[null,162,"D1055","FOOD COLOR GREEN","FOOD COLORING GREEEN","SPECIFY",null,"EA",1,"16 OZ",7,5.75,40.25,5.75,6186076,"DURKEE","1 / 16 OZ",null,"6186076 / FOOD COLOR, LIQUID GREEN"]
[null,163,"D1056","FOOD RELEASE","RELEASE FOOD/PAN CONTAINS NO WATER ALCOHOL OR ARTIFICIAL FLAVORS HIGH SMOKE POINT >450° F","SPECIFY",null,"CS",6,"17 OZ",75,21.19,1589.25,3.5316666666666667,8034167,"PAM","6 / 17 OZ",null,"8034167 / SAUTE & GRILL SPRAY"]
[null,164,"F1056","FRENCH TOAST STICKS BULK","FRENCH TOAST STICKS WHOLE GRAIN CINNAMON GLAZED EACH SERVING 3 STICKS/2.90 OZ EQUALS 1 M/MA 1 GR. ","SUNNY FRESH OR APPROVED EQUIVALENT",40497,"CS",100,"2.9 oz",900,63.13,56817,0.63129999999999997,8850074,"SUNNYFRESH","100 / 2.9 OZ",null,"8850074 / FRENCH TOAST STK WG CIN GLZ"]
[null,165,"CTF7020","FRUIT CHERRY MARASCHINO HALVES","CHERRIES MARACHINO HALVES CATERING","PENNANT OR APPROVED EQUIVALENT",null,"CS",4,".5 GAL",100,67.48,6748,16.87,20119,"PENNANT","6 / 1",null,"20119 / CHERRIES, MARA HALVES"]
[null,166,"D1057","FRUIT COCKTAIL","FRUIT COCKTAIL GRADE B CHOICE EXTRA LIGHT SYRUP MUST MEET BUY AMERICAN REQUIREMENTS","SENACA, DEL MONTE, LIBBY'S, DOLE",null,"CS",6,"10 CN",1500,44.9,67350,7.4833333333333334,566860,"GFT OF NAT","6 / #10",null,"566860 / TROPICAL FRUIT SALAD"]
[null,167,"C1024","FRUIT CRANBERRIES DRIED","SOFT AND MOIST DRIED CRANBERRIES","SPECIFY",null,"CS",10,"LB",150,27.54,4131,2.754,790667,"OCEANSPRAY","1 / 10 LB",null,"790667 / CRAISINS"]
[null,168,"C1025","FRUIT DRIED IW","FRUIT DRIED INDIVIDUALLY PACKAGES PEANUT FREE 16% CRANBERRYM 29% NATURAL RAISINS 24% GOLDEN RAISINS 28% PINEAPPLE 3% DRIED APPLE ","NATIONAL FOOD GROUP OR APPROVED EQUIVALENT",609271,"CS",144,"1.3 OZ",650,50.5,32825,0.35069444444444442,1690158,"ZEE ZEES","120 / 1.33 OZ",null,"1690158 / DRIED FRUIT, MIXED BLEND IW"]
[null,169,"F1057","FRUIT MANGO DICED","MANOS DICED IQF US GRADE A UNSWEETENED MUST MEET BUY AMERICAN REQUIREMENTS","SENACA, DEL MONTE, LIBBY'S, DOLE",null,"CS",2,"5 LB",450,26.76,12042,13.38,5426520,"DOLE","2 / 5  LB",null,"5426520 / MANGO CHUNKS, IQF"]
[null,170,"D1058","FRUIT ORANGE MANDARIN","MANDARIN ORANGE SLICES NATURAL JUICES NO SUGAR ADDED GRADE B CHOICE MUST MEET BUY AMERICAN REQUIREMENTS","SENACA, DEL MONTE, LIBBY'S, DOLE","","CS",6,"10 CN",850,48.13,40910.5,8.0216666666666665,22510,"GFT OF NAT","6 / #10",null,"22510 / MANDARIN ORANGES, WH SEC LS"]
[null,171,"D1059","FRUIT PEACHES DICED","PEACHES YELLOW CLING GRADE B CHOICE DICED NATURAL JUICES MIN DRAIN VT 71 OZ NO IRREGULAR MUST MEET BUY AMERICAN REQUIREMENTS","SENACA, DEL MONTE, LIBBY'S, DOLE","","CS",6,"10 CN",1500,51.47,77205,8.5783333333333331,23045,"DEL MONTE","6 / #10",null,"23045 / PEACHES, SL CLING N PEAR JCE"]
[null,172,"D1060","FRUIT PEARS DICED","PEARS DICED GRADE B CHOICE NATURAL JUICES MUST MEET BUY AMERICAN REQUIREMENTS","SENACA, DEL MONTE, LIBBY'S, DOLE","","CS",6,"10 CN",500,50.8,25400,8.4666666666666668,482202,"DEL MONTE","6 / #10",null,"482202 / DICED PEARS IN PEAR JUICE"]
[null,173,"D1061","FRUIT PINEAPPLE","PINEAPPLE TIDBITS IN JUICE GRADE B CHOICE SOLID PAK IN NATURAL JUICE MUST MEET BUY AMERICAN REQUIREMENTS","SENACA, DEL MONTE, LIBBY'S, DOLE","","CS",6,"10 CN",2500,44.82,112050,7.47,566844,"GFT OF NAT","6 / #10",null,"566844 / PINEAPPLE, TIDBITS NAT JUICE"]
[null,174,"F1058","FRUIT STRAWBERRIES SLICED","STRAWBERRYS SLICED IQF US GRADE A UNSWEETENED","SPECIFY","","CS",1,"30 LB",700,52.91,37037,52.91,9077835,"ANACAPA","1 / 30 LB",null,"9077835 / STRAWBERRIES, SLICED 4+1"]
[null,175,"F1059","FRUIT STRAWBERRIES WHOLE","STRAWBERRYS SLICED IQF US GRADE A WHOLE UNSWEETENED","SPECIFY",null,"BKT",1,"30 LB",100,54.16,5416,54.16,9097827,"ANACAPA","1 / 30 LB",null,"9097827 / STRAWBERRIES, WHOLE IQF"]
[null,176,"D1062","GELATIN CHERRY","GELATIN MIX DRY","SPECIFY","","CS",12,"24 OZ",75,41.88,3141,3.49,4161005,"ROYAL","12 / 24 OZ",null,"4161005 / GELATIN, CHERRY"]
[null,177,"D1063","GELATIN LIME","GELATIN MIX DRY","SPECIFY","","CS",12,"24 OZ",15,41.88,628.20000000000005,3.49,4161007,"ROYAL","12 / 24 OZ",null,"4161007 / GELATIN, LIME"]
[null,178,"D1064","GELATIN ORANGE","GELATIN MIX DRY","SPECIFY","","CS",12,"24 OZ",15,41.88,628.20000000000005,3.49,4161008,"ROYAL","12 / 24 OZ",null,"4161008 / GELATIN, ORANGE"]
[null,179,"D1065","GELATIN STRAWBERRY","GELATIN MIX DRY","SPECIFY","","CS",12,"24 OZ",75,41.88,3141,3.49,4161010,"ROYAL","12 / 24 OZ",null,"4161010 / GELATIN, STRAWBERRY"]
[null,180,"F1060","GF BAGEL PLAIN","PLAIN BAGEL GLUTEN FREE","SPECIFY",null,"CS",6,"4 EA",200,"No Bid",null,null,"No Bid","No Bid","No Bid","No Bid","No Bid"]
[null,181,"C1026","GF BREAD WHITE SLICED","WHITE BREAD SLICED GLUTEN FREE","SPECIFY",null,"CS",6,"24 OZ",300,"No Bid",null,null,"No Bid","No Bid","No Bid","No Bid","No Bid"]
[null,182,"C1027","GF BUN HAMBURGER ","HAMBURGER BUNS GLUTEN FREE","SPECIFY",null,"CS",6,"12 CT ",200,"No Bid",null,null,"No Bid","No Bid","No Bid","No Bid","No Bid"]
[null,183,"F1061","GF MUFFIN CHOCOLATE IW","MUFFIN CHOCOLATE GLUTEN FREE IW","SPECIFY",null,"CS",36,"3.6 EA",200,"No Bid",null,null,"No Bid","No Bid","No Bid","No Bid","No Bid"]
[null,184,"F1062","GF MUFFIN ENGLISH","ENGLISH MUFFINS GLUTEN FREE","SPECIFY",null,"CS",24,"2 OZ",300,"No Bid",null,null,"No Bid","No Bid","No Bid","No Bid","No Bid"]
[null,185,"D1066","GF PASTA PENNE","PASTA PENNE GLUTEN FREE","SPECIFY",null,"CS",8,"12 OZ",200,21.07,{"$f":"IF(L190*K190= 0,\"\",L190*K190)","v":4214},{"$f":"IF(L190/I190= 0,\"\",L190/I190)","v":2.63375},4305769,"BARILLA","8 / 12 OZ",null,"4305769 / PENNE, GLUTEN FREE"]
[null,186,"D1067","GF PASTA SPAGHETTI","PASTA SPAGHETTI GLUTEN FREE","SPECIFY",null,"CS",12,"12 OZ",200,30.21,6042,2.5175000000000001,9408914,"BARILLA","12 / 12 OZ",null,"9408914 / SPAGHETTI, GLUTEN FREE"]
[null,187,"CTF7021","GLAZE STAWBERRY","STRAWBERRY GLAZE  CATERING","SPECIFY",null,"CS",1,"20LB",25,26.63,665.75,26.63,4097565,"LAWRENCE","1 / 20 LB",null,"4097565 / GLAZE, STRAWBERRY"]
[null,188,"D1068","GRANOLA BULK","GRANOLA BULK","SPECIFY",null,"CS",4,"50 OZ",250,41.97,10492.5,10.4925,3730027,"KELLOGG'S","4 / 50 OZ",null,"3730027 / CEREAL, LF GRANOLA NO RAISIN"]
[null,189,"D1069","GRAVY BROWN","GRAVY BROWN LIGHT","PIONEER OR APPROVED EQUIVALENT",94541,"CS",6,"13 OZ",700,15.83,11081,2.6383333333333332,3445692,"SHAWNEE","6 / 13 OZ",null,"3445692 / GRAVY, FF BROWN"]
[null,190,"D1070","GRAVY COUNTRY","COUNTRY SKILLET CREAM GRAVY","PIONEER OR APPROVED EQUIVALENT",96115,"CS",6,"24 OZ",725,27.79,20147.75,4.6316666666666668,3550029,"PIONEER","6 / 24 OZ",null,"3550029 / GRAVY MIX, CNTRY SKLLT CREAM"]
[null,191,"CTF7062","HAM BUFFET","HAM WATER ADDED CURED BONELESS AND FULLY COOKED. HAM IS 97% FAT FREE (3% FAT) AND APPROXIMATELY 4 TO 4½ INCHES IN DIAMETER. FROZEN PRODUCT. CATERING","SPECIFY","","CS",1,"LB",100,91.92,9192,91.92,8923033,"WRIGHT","2 / 12 LB",null,"8923033 / HAM, BUFFET EXTRA LN, WA R - $3.83/LB - Priced Per Pound"]
[null,192,"F1063","HOT DOGS BEEF","BEEF FRANKS LOWER SODIUM 8/1 6\" CN LABELED TO MEET 2 OZ MEAT REQUIREMENT","JOHN MORRELL OR APPROVED EQUIVALENT","100-701000-28560","CS",80,"2 OZ",600,33.86,20316,0.42325000000000002,8778001,"BALL PARK","2 / 5 LB",null,"8778001 / FRANK ALL MEAT 8/1 CN 6\""]
[null,193,"F1064","ICE CREAM SS BAR CARAMEL","STICK BAR REDUCED FAT SALTY CARAMEL BROWNIE CRUNCH BAR","HERSHEY'S OR APPROVED EQUIVALENT",31167,"CS",36,"2.75 OZ",200,"No Bid",null,null,"No Bid","No Bid","No Bid","No Bid","No Bid"]
[null,194,"F1065","ICE CREAM SS BAR STRAWBERRY","STICK BAR STRAWBERRY SCOOTER  ","HERSHEY'S OR APPROVED EQUIVALENT",31166,"CS",36,"2.75 OZ",300,19.47,{"$f":"IF(L199*K199= 0,\"\",L199*K199)","v":5841},{"$f":"IF(L199/I199= 0,\"\",L199/I199)","v":0.54083333333333328},4221008,"HERSHEY'S","36 / 2.75 OZ",null,"4221008 / STICK BAR STRAWBERRY SCOOTER"]
[null,195,"F1066","ICE CREAM SS BAR VANILLA","ICE CREAM BAR VANILLA REDUCED FAT MUST BE SMART SNACK COMPLIANT <200 CALORIES < 35% FAT CALORIES < 230 MG SODIUM < 10% SATURATED FAT <35% OF WEIGHT FROM SUGARS","SPECIFY",null,"CS",96,"3.0 OZ",100,46.08,4608,0.48,779838,"BLUE BUNNY","4 / 2 DZ",null,"779838 / ICE CREAM SANDWICH LOFAT"]
[null,196,"F1067","ICE CREAM SS CUP CHOCOLATE SUNDAE ","LOW FAT CHOCOLATE SUNDAE DESSERT CUP","HERSHEY'S OR APPROVED EQUIVALENT",31662,"CS",48,"3 OZ",400,24.27,9708,0.50562499999999999,4221052,"HERSHEYS","48 / 3 OZ",null,"4221052 / DESSERT CUPS, CHOCOLAT SNDAE"]
[null,197,"F1068","ICE CREAM SS CUP VANILLA","LOW FAT VANILLA ICE CREAM DESSERT CUP  ","HERSHEY'S OR APPROVED EQUIVALENT",31664,"CS",48,"3 OZ",300,24.27,7281,0.50562499999999999,4221042,"HERSHEYS","48 / 3 OZ",null,"4221042 / DESSERT CUPS, VANILLA PLSTIC"]
[null,198,"F1069","ICE CREAM SS FRUIT BAR STRAWBERRY","STRAWBERRY CHUNK FRUIT BAR","BLUE BUNNY OR APPROVED EQUIVALENT",1050495,"CS",1,"48 CT",300,21.53,6459,21.53,9405930,"BLUE BUNNY","1 / 2 DOZ",null,"9405930 / STRAWBERRY CHUNK FRUIT BAR"]
[null,199,"F1070","ICE CREAM SS FUDGE BAR","STICK BAR FUDGE-O  GLUTEN FREE","HERSHEY'S OR APPROVED EQUIVALENT",31152,"CS",36,"2 OZ",300,18.48,5544,0.51333333333333331,4221014,"HERSHEY'S","36 / 2.0 OZ",null,"4221014 / STICK BAR FUDGE-O"]
[null,200,"F1071","ICE CREAM SS POP STRAWBERRY & BANANA","SMOOTHIE ON A STICK.  REAL FRUIT NOTHING ARTIFICIAL.  STRAWBERRY & BANANA","JONNY POPS OR APPROVED EQUIVALENT",1190150,"CS",1,"96 CT",300,"No Bid",null,null,"No Bid","No Bid","No Bid","No Bid","No Bid"]
[null,201,"F1072","ICE CREAM SS POP TRIPLE BERRY","SMOOTHIE ON A STICK.  REAL FRUIT NOTHING ARTIFICIAL.  TRIPLE BERRY (STRAWBERRY BLUEBERRY AND RASPBERRY)","JONNY POPS OR APPROVED EQUIVALENT",1190240,"CS",1,"96 CT",150,"No Bid",null,null,"No Bid","No Bid","No Bid","No Bid","No Bid"]
[null,202,"F1073","ICE CREAM SS SANDWICH","ICE CREAM SANDWICH VAN RF","HERSHEY'S OR APPROVED EQUIVALENT",31319,"CS",24,"4 OZ",300,18.600000000000001,{"$f":"IF(L207*K207= 0,\"\",L207*K207)","v":5580},{"$f":"IF(L207/I207= 0,\"\",L207/I207)","v":0.77500000000000002},4221026,"HERSHEY'S","24 / 4 OZ",null,"4221026 / ICE CREAM SANDWICH VAN RF"]
[null,203,"D1071","JALAPEÑO SLICED","JALAPEÑO SLICED","SPECIFY","","CS",6,"10 CN",550,31.23,17176.5,5.2050000000000001,1983141,"LACOMADRE","6 / #10",null,"1983141 / JALAPENOS, NACHO SLICED"]
[null,204,"D1072","JELLY PC","JELLY PC ASSORTED STRAWBERRY MIXED FRUIT AND GRAPE SHELF STABLE","SPECIFY",null,"CS",200,".5 OZ",450,14.52,6534,7.2599999999999998E-2,4590021,"PPI","200 / .5 OZ",null,"4590021 / JELLY/JAM RTCUP, ASSORTED 12"]
[null,205,"C1028","JUICE APPLE","APPLE JUICE PURE PAK  FULL STRENGTH JUICE NO SUGAR ADDED 100% JUICE  CARTON ONLY US GRADE B","SUN CUP OR APPROVED EQUIVALENT",30301,"CS",70,"4 OZ",7800,13.86,108108,0.19799999999999998,60303,"SUNCUP","70 / 4 OZ",null,"60303 / APPLE JUICE CRTN 100% 4OZ"]
[null,206,"C1029","JUICE APPLE CHERRY","APPLE-CHERRY PURE PAK FULL STRENGTH JUICE  NO SUGAR ADDED 100% JUICE US GRADE B","SUN CUP OR APPROVED EQUIVALENT",32000,"CS",70,"4 OZ",7500,14.11,105825,0.20157142857142857,60313,"SUNCUP","70 / 4 OZ",null,"60313 / APPLE CHERRY  CRTN 100% 4OZ"]
[null,207,"C1030","JUICE FRUIT PUNCH","FRUIT PUNCH JUICE PURE PAK FULL STRENGTH JUICENOSUGARADDED100% JUICE  CARTON ONLY US GRADE B","SUN CUP OR APPROVED EQUIVALENT",30800,"CS",70,"4 OZ",8400,14.76,123984,0.21085714285714285,60308,"SUNCUP","70 / 4 OZ",null,"60308 / FRUIT PUNCH CRTN 100% 4OZ"]
[null,208,"CTF7022","JUICE LEMON","LEMON JUICE PURE CATERING","SPECIFY","","CS",12,"32 OZ",20,32.26,645.19999999999993,2.688333333333333,9480023,"REAL LEMON","8 / 48 OZ",null,"9480023 / LEMON JUICE 48 OZ"]
[null,209,"CTF7023","JUICE LEMON PC","LEMON JUICE PURE PC CATERING","SPECIFY",null,"CS",200,"0.4 G",5,8.73,43.650000000000006,4.3650000000000001E-2,949602,"PPI","200 / 4 GM",null,"949602 / JUICE, LEMON 4 GM"]
[null,210,"C1031","JUICE ORANGE","ORANGE JUICE PURE PAK FULL STRENGTH JUICE NO SUGAR ADDED 100% JUICE  CARTON ONLY GRADE A","SUN CUP OR APPROVED EQUIVALENT",30100,"CS",70,"4 OZ",7900,17.899999999999999,141410,0.25571428571428567,60301,"SUNCUP","70 / 4 OZ",null,"60301 / ORANGE JUICE CRTN 100% 4OZ"]
[null,211,"CTF7063","JUICE ORANGE CONCENTRATE","FROZEN CONCENTRATE 100% JUICE NO SUGAR ADDED GRADE A CATERING","SPECIFY",null,"CS",12,"32OZ",20,53.28,1065.5999999999999,4.4400000000000004,9000050,"ARDMORE","12 / 32 OZ.",null,"9000050 / JUICE, ORANGE 3:1 CNCTR"]
[null,212,"C1032","JUICE ORANGE PINEAPPLE","ORANGE-PINEAPPLE JUICE PURE PAK  FULL STRENGTH JUICE NO SUGAR ADDED 100%JUICE  CARTON ONLY U.S. GRADE A","SUN CUP OR APPROVED EQUIVALENT",31200,"CS",70,"4 OZ",7500,16.37,122775.00000000001,0.23385714285714287,60312,"SUNCUP","70 / 4 OZ",null,"60312 / OJ PNAPPL CRTN 100% 4OZ"]
[null,213,"D1073","KETCHUP JUG","KETCHUP  NATURALLY BALANCED  MADE w/SUGAR ENHANCED LOW SODIUM JUG w/PUMP","RED GOLD OR APPROVED EQUIVALENT","REDYL9P","CS",6,"114 oz",315,51.72,16291.8,8.6199999999999992,3256504,"HEINZ","6 / 114 OZ",null,"3256504 / KETCHUP, JUG-POUR,STORE,PUMP"]
[null,214,"D1074","KETCHUP PC","KETCHUP w/SUGAR ENHANCED LOW SODIUM ","RED GOLD OR APPROVED EQUIVALENT","REDYL9G","CS",1000,".9 GM",1000,27.4,27400,2.7399999999999997E-2,2310000,"RED GOLD","1000 / 9 GM",null,"2310000 / KETCHUP, NATURAL, LOW SODIUM"]
[null,215,"CTF7024","LIQUID SMOKE","LIQUID SMOKE FLAVORING  CATERING","WRIGHTS",null,"CS",4,"1 GAL",15,41.6,624,10.4,3655504,"WRIGHT'S","4 / 1 GL",null,"3655504 / LIQUID SMOKE"]
[null,216,"C1033","MARGARINE","NO TRANS FAT CONTAIN A RATIO OF 60% VEGETABLE OIL AND 40% MILKFAT\nWITH A MINIMUM TOTAL FAT CONTENT OF 80%. ","GOLD-N-SWEET OR APPROVED EQUIVALENT",16840,"CS",30,"1 LB",150,30.58,4587,1.0193333333333332,8143959,"OLD WORLD","30 / 1 LB",null,"8143959 / MARGARINE, PRINT SALTED"]
[null,217,"C1034","MARGARINE PC","CONTAIN A RATIO OF 60% VEGETABLE OIL AND 40% MILK FAT WITH A MINIMUM TOTAL FAT CONTENT OF 80%. NO TRANS FAT  ","COUNTRY CROCK OR APPROVED EQUIVALENT","1-0040600434055","CS",900,"5 GR",40,"No Bid",null,null,"No Bid","No Bid","No Bid","No Bid","No Bid"]
[null,218,"D1075","MARSHMALLOW CRÈME","MARSHMALLOW CREAM FOR CEREAL TREATS TRANS FAT FREE","MALLOWCREME OR APPROVED EQUIVALENT",64708,"CS",8,"33.5 OZ",700,38.18,{"$f":"IF(L223*K223= 0,\"\",L223*K223)","v":26726},{"$f":"IF(L223/I223= 0,\"\",L223/I223)","v":4.7725},4784211,"J.H.SMITH","6 / #5 CAN",null,"4784211 / TOPPING, MARSHMALLOW"]
[null,219,null,"MAYONNAISE  PC","MAYONNAISE INDIVIDUALLY PACKED REDUCED FAT","SPECIFY",null,"CS",500,"12 GR",800,16.38,13104,3.2759999999999997E-2,5468465,"KRAFT","200 / .437 OZ",null,"5468465 / MAYO LIGHT SNGL SRV PACKET"]
[null,220,"CTF7025","MAYONNAISE GAL ","MAYONNAISE REGULAR FAT CATERING","SPECIFY",null,"CS",4,"1 GAL",20,49.51,990.19999999999993,12.3775,3328978,"KEN'S","4 / 1 GAL.",null,"3328978 / MAYONNAISE, LITE"]
[null,221,"CTF7026","MAYONNAISE PC","MAYONNAISE REGULAR FAT INDIVIDUALLY PACKED CATERING","SPECIFY",null,"CS",200,"12 GR",100,19.010000000000002,1901.0000000000002,9.5050000000000009E-2,3321150,"FLVR FRESH","200 / 12 GM",null,"3321150 / MAYONNAISE PC"]
[null,222,"D1076","MILK EVAPORATED","SHELF STABLE MILK IS MADE FROM GRADE A FRESH MILK WHICH HAS BEEN FORTIFIED WITH VITAMINS A AND D","SPECIFY","","CS",6,"10 CN",75,83.94,6295.5,13.99,8185506,"CARNATION","6 / #10",null,"8185506 / MILK, EVAPORATED"]
[null,223,"C1036","MILK LACTOSE FREE","MILK LACTSE FREE AND FAT FREE","LACTAID OR APPROVED EQUIVALENT",6348,"CS",20,"8 oz",100,23.73,2373,1.1865000000000001,1500999,"DAIRY STAR","24 / 8 OZ",null,"1500999 / MILK, LACTOSE FREE FAT FREE"]
[null,224,"D1077","MILK SOY","SOY MILK VANILLA MUST MEET USDA REGULATIONS FOR A MILK SUBSITITUTE.","KIKKKOMAN OR APPROVED EQUIVALENT",6184,"CS",24,"8 OZ",100,21.11,2111,0.87958333333333327,9850537,"KIKKOMAN","24 / 8.00 OZ",null,"9850537 / SOY MILK, VANILLA"]
[null,225,"CTF7027","MIX BROWNIE","MIX FUDGE BROWNIE NOT WHOLE GRAIN CATERING","CH GUENTER & SON OR APPROVED EQUIVALENT",218207,"CS",6,"5 LB",20,40.92,818.40000000000009,6.82,4071112,"CMI","6 / 5 LB",null,"4071112 / MIX, BROWNIE"]
[null,226,"CTF7028","MIX FRUIT PUNCH","FRUIT FLAVORED DRY CRYSTALS DRINK MIX SWEETENED CATERING","SPECIFY",null,"CS",12,"24 OZ",20,16.850000000000001,337,1.4041666666666668,1267545,"TWIST","12 / 2 GL",null,"1267545 / DRINK MIX, FRUIT PUNCH"]
[null,227,"CTF7029","MIX HOT CHOCOLATE","HOT CHOCOLATE MIX POWDERED INDIVIDUAL PACKS CATERING","SPECIFY",null,"CS",6,"50CT",20,68.680000000000007,1373.6000000000001,11.446666666666667,3691508,"CARNATION","6 / 50 CT",null,"3691508 / COCOA INSTANT ENVELOPE 25485"]
[null,228,null,"MIX HOT CHOCOLATE SF","HOT CHOCOLATE MIX POWDERED INDIVIDUAL PACKS  SUGAR FREE COFFEE BAR","NESTLE OR APPROVED EQUIVALENT","61411-00","CS",300,"PKG",100,64.94,6494,0.21646666666666667,3690004,"NESTLE","6 / 30 CT",null,"3690004 / HOT COCOA SUGARFREE"]
[null,229,"CTF7030","MIX ICE TEA","MIX UNSWEETENED TEA HIGH YIELD DILUTION RATIO 1:96 CATERING","THIRS-TEA OR APPROVED EQUIVALENT",662,"CS",24,"4 OZ",20,53.18,1063.5999999999999,2.2158333333333333,8332520,"THIRS-TEA","24 / 4 OZ.",null,"8332520 / TEA,  UNSWT CONC. DECAF"]
[null,230,"CTF7031","MIX LEMONAIDE PINK","PINK LEMONAIDE FLAVORED DRY CRYSTALS SWEETENED CATERING","SPECIFY",null,"CS",12,"2GAL",30,15.9,477,1.325,1281100,"TWIST","12 / 2 GAL",null,"1281100 / DRINK MIX, ORANGE"]
[null,231,"CTF7032","MIX LEMONAIDE YELLOW","YELLOW LEMONAIDE FLAVORED DRY CRYSTALS DRINK MIX SWEETENED  CATERING","SPECIFY",null,"CS",12,"2GAL",30,17.75,532.5,1.4791666666666667,1284578,"TWIST","12 / 2 GAL",null,"1284578 / DRINK MIX, LEMONADE"]
[null,232,"CTF7064","MUFFIN APPLE PECAN","PRE-BAKED THAW AND SERVE APPLE CINNIMON PECAN TULIP CUP WRAPPER SUPREME  CATERING","OTIS SPUNKMEYER OR APPROVED EQUIVALENT",6245,"CS",24,"4 OZ",5,30.17,150.85000000000002,1.2570833333333333,4558261,"OTIS","24 / 4 OZ",null,"4558261 / MUFFIN, APPLE CINN PECAN TS"]
[null,233,"CTF7065","MUFFIN BANANA BREAD","PRE-BAKED THAW AND SERVE BANANA BREAD TULIP CUP WRAPPER SUPREME  CATERING","OTIS SPUNKMEYER OR APPROVED EQUIVALENT",1002,"CS",24,"4 OZ",15,28.35,425.25,1.1812500000000001,4558650,"OTIS","24 / 4 OZ",null,"4558650 / MUFFIN, BANANA BREAD"]
[null,234,null,"MUFFIN BANANA WG","PRE-BAKED AND INDIVIDUALLY PLAIN WRAPPED APPROX 2 OZ EACH.  WHOLE GRAIN EACH MUFFIN MUST PROVIDE A MINUMIM OF 2 GB COMPONENT FOR SBP.  BANANA FLAVORED. ","DAVE'S OR APPROVED EQUIVALENT","WG828","CS",60,"3.15 OZ",1500,65.5,98250,1.0916666666666666,5520038,"BUENA V.","120 / 3.0 OZ",null,"5520038 / MUFFIN, WG BANANA IW"]
[null,235,"CTF7066","MUFFIN BLUEBERRY CRUMB","PRE-BAKED THAW AND SERVE BLUEBERRY CRUMB CAKE TULIP CUP WRAPPER SUPREME  CATERING","OTIS SPUNKMEYER OR APPROVED EQUIVALENT",6201,"CS",24,"4 OZ",20,28.85,577,1.2020833333333334,4558643,"OTIS","24 / 4 OZ",null,"4558643 / MUFFIN, BLUEBERRY CRUMB CAKE"]
[null,236,"F1074","MUFFIN BLUEBRRY IW","PRE-BAKED AND INDIVIDUALLY PLAIN WRAPPED APPROX 2 OZ EACH.  WHOLE GRAIN EACH MUFFIN MUST PROVIDE A MINUMIM OF 2 GB COMPONENT FOR SBP.  BLUEBERRY FLAVORED.","DAVE'S OR APPROVED EQUIVALENT","WG829","CS",60,"3.15 OZ",1500,35.74,53610,0.59566666666666668,4039039,"DAVE'S BAK","60 / 3.15 OZ",null,"4039039 / MUFFIN, WG BLUEBERRY IW"]
[null,237,"F1075","MUFFIN CHERRY IW","PRE-BAKED AND INDIVIDUALLY PLAIN WRAPPED APPROX 2 OZ EACH.  WHOLE GRAIN EACH MUFFIN MUST PROVIDE A MINUMIM OF 1 GB COMPONENT FOR SBP.  CHERRY FLAVORED. ","DAVE'S OR APPROVED EQUIVALENT","WG841","CS",60,"3.15 OZ",1500,35.33,52995,0.58883333333333332,4060841,"DAVE'S","60 / 3.15 OZ",null,"4060841 / MUFFIN, WG CHERRY , IW"]
[null,238,"CTF7067","MUFFIN DECADENT CHOCOLATE","PRE-BAKED THAW AND SERVE DECADENT CHOCOLATE CHUNK TULIP CUP WRAPPER SUPREME  CATERING","OTIS SPUNKMEYER OR APPROVED EQUIVALENT",6220,"CS",24,"4 OZ",5,28.66,143.30000000000001,1.1941666666666666,4551697,"OTIS","24 / 4 OZ",null,"4551697 / MUFFIN, DECADENT CHOC CHUNK"]
[null,239,"F1076","MUFFIN DOUBLE CHOC CHIP IW","PRE-BAKED AND INDIVIDUALLY PLAIN WRAPPED APPROX 2 OZ EACH.  WHOLE GRAIN EACH MUFFIN MUST PROVIDE A MINUMIM OF 2 GB COMPONENT FOR SBP.  CHOCOLATE-CHOCOLATE CHIP FLAVORED.","DAVE'S OR APPROVED EQUIVALENT","WG 845","CS",60,"3.15 OZ",1500,35.67,53505,0.59450000000000003,4039021,"DAVE'S","60 / 3.15 OZ",null,"4039021 / MUFFIN, WG DOUBLE CHOC. IW"]
[null,240,"CTF7068","MUFFIN TRIPLE BERRY","PRE-BAKED THAW AND SERVE TRIPLE BERRY WHOLE GRAIN TULIP CUP WRAPPER SUPREME  CATERING","OTIS SPUNKMEYER OR APPROVED EQUIVALENT",6230,"CS",24,"4 OZ",10,28.39,283.89999999999998,1.1829166666666666,4557986,"OTIS","24 / 4 OZ",null,"4557986 / MUFFIN, 3X BERRY WG TS"]
[null,241,"D1078","MUSTARD GAL","MUSTARD/PREPARED","SPECIFY","","CS",4,"1 GAL",75,21.08,1580.9999999999998,5.27,4575031,"REDBOY","4 / 1 GAL.",null,"4575031 / MUSTARD, YELLOW"]
[null,242,"D1079","MUSTARD PC","MUSTARD PC EASY OPEN TOP","SPECIFY","","CS",500,"5.5 GM",200,12.8,2560,2.5600000000000001E-2,3372224,"PPI","500 / 5.5 GM",null,"3372224 / MUSTARD, 5.5 GM POLY"]
[null,243,"D1080","NATURE SEAL","NATURESEAL FRESH FRUIT PRESEVER","NATURESEAL","","CS",4,"3.3 LB",300,"No Bid",null,null,"No Bid","No Bid","No Bid","No Bid","No Bid"]
[null,244,"F1077","NOODLES CHOW MEIN","CHOW MEIN WITH VEGETABLES WHOLE GRAIN  A 4.8oz SERVING PROVIDES 1.0 OZ GRAIN EQUIVALENTS.","SPECIFY",null,"CS",6,"5.6 LB",500,21.04,{"$f":"IF(L249*K249= 0,\"\",L249*K249)","v":10520},{"$f":"IF(L249/I249= 0,\"\",L249/I249)","v":3.5066666666666664},4171815,"ZEREGA'S","1 / 10 LB",null,"4171815 / PASTA, EGG NOODLES 1/4\" MED"]
[null,245,"D1081","OIL CANOLA","CANOLA OIL FOR FRYING NO TRANS FATS","SPECIFY","","CS",35,"LB",225,50.25,11306.25,1.4357142857142857,7996698,"BUNGE","1 / 35 LB",null,"7996698 / OIL, CANOLA CLEAR FRY"]
[null,246,"CTF7033","OIL OLIVE","OIL OLIVE EXTRA VIRGIN CATERING","SPECIFY",null,"CS",4,"3LTR",15,101.21,1518.1499999999999,25.302499999999998,3822056,"MARIO","4 / 3 LT",null,"3822056 / OLIVE OIL EXTRA VIRGIN"]
[null,247,"CTF7034","OLIVES BLACK","RIPE OLIVES MEDIUM PITTED WHOLE  CATERING","SPECIFY",null,"CS",6,"10 CN",100,"No Bid",null,null,"No Bid","No Bid","No Bid","No Bid","No Bid"]
[null,248,"CTF7035","OLIVES GREEN","RIPE OLIVES MEDIUM PITTED WHOLE STUFFED  CATERING","SPECIFY",null,"CS",4,"1 GAL",5,102.26,{"$f":"IF(L253*K253= 0,\"\",L253*K253)","v":511.3},{"$f":"IF(L253/I253= 0,\"\",L253/I253)","v":25.565000000000001},3822050,"MARIO","4 / 1 GL",null,"3822050 / OLIVES,QUEEN PITTED100/110GL"]
[null,249,"F1078","PANCAKE BREAKFAST SANDWICH","MAPLE SEASONED BEEF SAUSAGE AND PANCAKE SANDWICH - INDIVIDUALLY WRAPPED.  PORTION SIZE 2.61OZ CN LABEL OR PRODUCT ANALYSIS SHEET TO PROVIDE 1OZ M/MA AND 1OZ GRAIN EQ.  MUST MEET FNS REQUIREMENTS ON ALL GRAIN.  CASE PACK 100","INTEGRATED FOOD SERVICE OR APPROVED EQUIVALENT",990120,"CS",100,"2.61 OZ",900,103.55,93195,1.0354999999999999,8710051,"HOTOFFGRIL","100 / 2.61 OZ",null,"8710051 / SNDWCH, MAPL BF SAUS PANCAKE"]
[null,250,"F1079","PANCAKE ON A STICK PLAIN BULK","SAUSAGE & PANCAKE ON A STICK WHOLE GRAIN PANCAKE BATTER AROUND A PRE-COOKED GROUND TURKEY & TEXTURED VEGETABLE PROTEIN LINK. CN LABLED EACH 2.85 OZ STICK PROVIDE 1 MEAT/MEAT ALTERNATE & 1 GRAIN EQUIVALENT BULK.","FOSTER FARMS OR APPROVED EQUIVALENT",95121,"CS",56,"2.85 OZ",1500,30.58,45870,0.54607142857142854,9330018,"FOSTER FRM","56 / 2.85 OZ",null,"9330018 / PANCAKE WRP TRK W/STCK WG CN"]
[null,251,"F1080","PANCAKES","PANCAKE WHOLE GRAIN RICH - EACH PANCAKE MUST MEET 1 GRAIN","AUNT JEMIMA OR APPROVED EQUIVALENT",43582,"CS",144,"1.14 OZ",16,26.92,430.72,0.18694444444444447,9407684,"BAKECRAFTE","144 / 1.3 OZ",null,"9407684 / PANCAKE, BUTTERMILK WG"]
[null,252,"F1081","PANCAKES BLUEBERRY","PANCAKES MINI BLUEBERRY IW WHOLE GRAIN MUST MEET 2 GRAIN COMPONENT FOR SBP","EGGO OR APPROVED EQUIVALENT",3800092560,"CS",72,3.2,1000,47.66,47660,0.66194444444444445,6544545,"THE MAX","80 / 3 OZ",null,"6544545 / PANCAKE BLUBRRY GLAZED WG IW"]
[null,253,"F1082","PANCAKES CONFETTI","PANCAKES MINI CONFETTI IW WHOLE GRAIN MUST MEET 2 GRAIN COMPONENT FOR SBP","EGGO OR APPROVED EQUIVALENT",3800018574,"CS",72,3.2,1000,30.15,30150,0.41874999999999996,9180037,"EGGO BITES","72 / 3.03 OZ",null,"9180037 / PANCAKES, MINI CONFETTI"]
[null,254,"F1083","PANCAKES MAPLE","PANCAKES MINI MAPLE BURST IW WHOLE GRAIN MUST MEET 2 GRAIN COMPONENT FOR SBP","PILLSBURY OR APPROVED EQUIVALENT",137732000,"CS",72,3.2,1000,30.13,30130,0.41847222222222219,9180009,"EGGO","72 / 3.03 OZ",null,"9180009 / PANCAKES MINI MAPLE WG IW"]
[null,255,null,"PANCAKES MAPLE","PANCAKES MINI MAPLE IW WHOLE GRAIN MUST MEET 2 GRAIN COMPONENT FOR SBP","EGGO OR APPROVED EQUIVALENT",3800092562,"CS",72,3.2,1000,30.13,30130,0.41847222222222219,9180009,"EGGO","72 / 3.03 OZ",null,"9180009 / PANCAKES MINI MAPLE WG IW"]
[null,256,"F1084","PANCKAES STRAWBERRY","PANCAKES MINI STRAWBERRY BLAST IW WHOLE GRAIN MUST MEET 2 GRAIN COMPONENT FOR SBP","PILLSBURY OR APPROVED EQUIVALENT",137731000,"CS",72,3.2,1000,"No Bid",null,null,"No Bid","No Bid","No Bid","No Bid","No Bid"]
[null,257,"D1082","PASTA ELBOW","ELBOW PASTA DRY REGULAR NOT WHOLE GRAIN","ZEREGA OR APPROVED EQUIVALENT",8001,"CS",2,"10 LB",300,22.83,{"$f":"IF(L262*K262= 0,\"\",L262*K262)","v":6848.9999999999991},{"$f":"IF(L262/I262= 0,\"\",L262/I262)","v":11.414999999999999},4152089,"PATRIA","2 / 10 LB",null,"4152089 / PASTA, ELBOW MACARONI"]
[null,258,"D1083","PASTA FETUCCINE","FETUCCINE PASTA   10\" DRY REGULAR NOT WHOLE GRAIN","ZEREGA OR APPROVED EQUIVALENT",9722,"CS",2,"10 LB",250,24.51,6127.5,12.255000000000001,4152099,"ZEREGAS","2 / 10 LB",null,"4152099 / PASTA, FETTUCCINE 10 X 3/16"]
[null,259,"CTF7036","PASTA LASAGNA","LASAGNA NOODLE WITH RIDGES ENRICHED TO MEET BREAD REQUIREMENTS NSLP MADE FROM SEMOLINA OR DURUM FLOUR ENRICHED WITH THIAMIN RIBOFLAVIN NIACIN FOLIC ACID AND IRON.  REGULAR NOT WHOLE GRAIN CATERING","SPECIFY",null,"CS",12,"1LB",15,18.670000000000002,280.05,1.5558333333333334,4189511,"ZEREGA'S","12 / 16 OZ",null,"4189511 / PASTA, LASAGNA RIBBED 10\""]
[null,260,"D1084","PASTA PENNE","TUBULAR 51% WHOLE GRAIN ENRICHED TO MEET BREAD REQ FOR NSLP ENRICHED WITH THIAMIN RIBOFLAVIN NIACIN FOLIC ACID AND IRON REGULAR NOT WHOLE GRAIN","ZEREGA OR APPROVED EQUIVALENT",10034,"CS",2,"10 LB",45,24.21,1089.45,12.105,4150025,"PATRIA","2 / 10 LB",null,"4150025 / PENNE RIGATE WG"]
[null,261,"D1085","PASTA SPAGHETTI","SPAGHETTI PASTA   10\" DRY REGULAR NOT WHOLE GRAIN","ZEREGA OR APPROVED EQUIVALENT",8031,"CS",2,"10 LB",500,22.22,11110,11.11,4152106,"PATRIA","2 / 10 LB",null,"4152106 / PASTA, SPAGHETTI 10\""]
[null,262,"CTF7069","PASTRY CINNAMON TWIST","FREEZER-TO-OVEN CINNNAMON ROLL TWIST  CATERING","PILLSBURY OR APPROVED EQUIVALENT",205385000,"CS",52,"4.25 OZ",100,37.799999999999997,3779.9999999999995,0.72692307692307689,9406901,"PILLSBURY","52 / 4.25 OZ",null,"9406901 / CINNAMON ROLL, F-T-O TWIST"]
[null,263,"CTF7070","PASTRY DANISH ASSORTED","DANISH ASSORTED 4OZ BULK CATERING","SPECIFY",null,"CS",6,"12CT",50,64.36,3218,10.726666666666667,4038521,"OTIS SPUNK","84 / 2.25 OZ",null,"4038521 / DANISH, VARCHERY,CH,APL"]
[null,264,"CTF7037","PICKLE SLICED POUCH","HAMBURGER DILL PICKLE CRINKLE CUT POUCH 1/8 IN GRADE A CATERING","HEINZ",658600,"CS",6,"5.75 LB",650,41.55,27007.499999999996,6.9249999999999998,5155429,"HEINZ","6 / 5.75 LB",null,"5155429 / PICKLE, CHIP DILL CC POUCH"]
[null,265,"CTF7038","PICKLE SPEARS CAN","DILL PICKLE SPEARS APPROXIMATELY 3 1/2 - 4 3/4 INCHES LONG US GRADE A CATERING","SPECIFY","","CS",6,"10 CN",400,44.93,17972,7.4883333333333333,5154000,"HEINZ","6 / #10",null,"5154000 / PICKLE, SPEAR KOSHER DILL"]
[null,266,"F1085","PIE SHELLS","PIE SHELLS 9 INCH DEEP","SPECIFY",null,"CS",20,"SHELLS",10,25.95,259.5,1.2974999999999999,9288754,"CHF PIERE","20 / 8 OZ.",null,"9288754 / PIE SHELL, 9\" DEEP UNBKED LD"]
[null,267,"F1086","PIZZA BREAKFAST SAUSAGE","NARDONE BROS®WHOLE WHEAT SAUSAGE BREAKFAST MUST PROVIDE 1 OZ EQUIVALENT MEAT/MEAT ALERNATE 1.5 OZ EQUIVALENT GRAINS AND 1/8 CUP RED/ORANGE VEGETABLE FOR THE CHILD NUTRITION MEAL PATTERN REQUIREMENTS. COMMERICAL BACK-UP OF COMMODITY PRODUCT OR FOR NOI PRICING","NARDONES BROS OR APPROVED EQUIVALENT","80WS100","CS",80,"3.30 OZ",700,42.3,29609.999999999996,0.52874999999999994,8902171,"NARDONES","80 / 3.2 OZ",null,"8902171 / PIZZA BREAKFAST SAUSAGE WG"]
[null,268,"F1087","PIZZA STUFFED CRUST CHEESE","WHOLE WHEAT WEDGE STUFFED CRUST CHEESE PIZZA WGR FROZEN BULK PACK FAT GRAMS NOT TO EXCEED 17GM SODIUM NOT TO EXCEED 445MG CN LABEL OR PRODUCT ANALYSIS SHEET TO PROVIDE A MINIMUM 2 MMA AND 2 GRAIN EQ. 1/8 RO VEGETABLE  CASE PACK 70 CT. COMMERICAL BACK-UP OF COMMODITY PRODUCT OR FOR NOI PRICING","NARDONES BROS OR APPROVED EQUIVALENT","72WWSCM2","CS",70,"4.95 OZ",600,"No Bid",null,null,"No Bid","No Bid","No Bid","No Bid","No Bid"]
[null,269,"F1088","PIZZA STUFFED CRUST PEPPERONI","WHOLE WHEAT WEDGE STUFFED CRUST COIN PEPPERONI PIZZA.  WGR FROZEN BULK PACK FAT GRAMS NOT TO EXCEED 21GM SODIUM NOT TO EXCEED 665MG CN LABEL OR PRODUCT ANALYSIS SHEET TO PROVIDE A MINIMUM 2 MMA AND 2 GRAIN EQ. 1/8 RO VEGETABLE CASE PACK 70. COMMERICAL BACK-UP OF COMMODITY PRODUCT OR FOR NOI PRICING","NARDONES BROS OR APPROVED EQUIVALENT","C72WWSCMP2","CS",70,"4.95 OZ",600,"No Bid",null,null,"No Bid","No Bid","No Bid","No Bid","No Bid"]
[null,270,"F1089","POCKET TURKEY HAM & CHEESE IW","POCKET TURKEY HAM & CHEESE EACH 3.0 OZ MUST MEET 1 M/MA AND 1OZ GRAIN FOR STUDENT NUTRITION BREAKFAST PROGRAM, IW","ALBIE'S OR APPROVED EQUIVALENT",835,"CS",60,"3 OZ",1500,"No Bid",null,null,"No Bid","No Bid","No Bid","No Bid","No Bid"]
[null,271,"D1086","POPTART STRAWBERRY","POP-TART MADE WITH WHOLE GRAIN FROSTED STRAWBERRY.   1.76OZ  MUST MEET 1OZ GRAIN EQUIVALENT. CALORIES SHOULD NOT EXCEED 200  SUGAR SHOULD NOT EXCEED 18G","KELLOGG’S OR APPROVED EQUIVALENT",55130,"CS",120,"1.76 OZ",1000,41.01,{"$f":"IF(L276*K276= 0,\"\",L276*K276)","v":41010},{"$f":"IF(L276/I276= 0,\"\",L276/I276)","v":0.34175},9993579,"KELLOGGS","120 / 1.76 OZ",null,"9993579 / POPTART STRAW W/SPRINKLE WG"]
[null,272,"F1090","PORK BBQ PATTY","FULLY COOKED FLAMEBROILED RIB SHAPED PORK PATTIE WITH HONEY BBQ SAUCE, 3.25OZ","TYSON OR APPROVED EQUIVALENT",3716,"CS",100,"3.25 OZ",750,63.81,47857.5,0.6381,8945545,"ADVANCE","100 / 2.5 OZ",null,"8945545 / PORK RIB PATTY BBQ FC CN"]
[null,273,"F1091","PORK CARNITAS","PORK CARNITAS LOWER SODIUM","BROOKWOOD FARMS OR APPROVED EQUIVALENT",12303,"CS",1,"20 lb",200,45.6,9120,45.6,9880004,"BROOKWOOD","4 / 5 LB",null,"9880004 / PORK CARNITA, CHOPPED, MARIN"]
[null,274,"F1092","PORK DICED COOKED","BONELESS PORK STEW MEAT (1/4\" TRIM) THIS 30 LB. CASE PROVIDES 240 SERVINGS 2.00 OZ EACH. EACH 2.00 OZ SERVING (BY WEIGHT) OF COOKED DICED PORK PROVIDES 2.00 OZ EQUIVALENT MEAT FOR CHILD NUTRITION MEAL PATTERN REQUIREMENTS","SPECIFY",null,"CS",2,"5 LB",25,44.25,1106.25,22.125,8911435,"DSM PORK","3 / 5 LB",null,"8911435 / 435 FZ DICED PORK 1X1 - $2.95/LB -  Priced Per Pound"]
[null,275,"F1093","PORK LOIN ROAST","PORK LOIN BONELESS IMPS #413 FROZEN UNCOOKED USDA INSPECTED FRESH PORK LOINS BONELESS SINGLE MUSCLE. ALL SURFACE FAT IN EXCESS OF 1/4\" IN DEPTH SHALL BE REMOVED. NATURAL UNSEASONED NO ADDED SODIUM MSG OR SOLUTIONS PERMITTED SODIUM CONTENT NOT TO EXCEED 100 MG PER 4 OUNCE PORTION.  ACCEPTABLE PACK SIZE: ENCASED & COMMERCIALLY SEALED IN MOISTURE/VAPOR-PROOF POLYFILM 2 TO 6 LOINS PER CASE EACH LOIN TO WEIGH BETWEEN 8-18 LB PACKAGE","SPECIFY",null,"CS",1,"50 lb",40,"No Bid",null,null,"No Bid","No Bid","No Bid","No Bid","No Bid"]
[null,276,"F1094","PORK SAUSAGE","SAUSAGE PORK BULK","SPECIFY",null,"CS",2,"5 lb",500,26.9,{"$f":"IF(L281*K281= 0,\"\",L281*K281)","v":13450},{"$f":"IF(L281/I281= 0,\"\",L281/I281)","v":13.45},8669036,"JIMMY DEAN","80 / 2 OZ",null,"8669036 / PATTY, MILD FC CN 3.75\" - $2.69/LB - Priced Per Pound"]
[null,277,"F1095","PORK SAUSAGE PATTY ","EACH 1.33 OZ COOKED PORK SAUSAGE PATTY PROVIDES 1.00 OZ EQUIVALENT MEAT FOR CHILD NUTRITION MEAL PATTERN REQUIREMENTS LESS THAN 200MG IN SODIUM PER SERVING","JTM OR APPROVED EQUIVALENT","CP54649","CS",360,"1.33 OZ",300,37.75,11325,0.10486111111111111,8925451,"ADVANCE","250 / 1.2 OZ",null,"8925451 / SAUSAGE PATTY PORK FC COMM"]
[null,278,"F1096","PORK SHREDDED","PULLED PORK BBQ W/ VINEGAR MARINADE/SEMI DRIY LESS THAN 274 MG OF SODIUM PER SERVING CN LABLED THAT EACH 4 OZ SERVING MEETS 2 OZ MEAT EQUIVALENT. COMMERICAL BACK-UP OF COMMODITY PRODUCT OR FOR NOI PRICING","BROOKWOOD FARMS OR APPROVED EQUIVALENT",12302,"CS",4,"5 LB",1010,90.29,91192.900000000009,22.572500000000002,9880000,"BROOKWOOD","8 / 5 LB",null,"9880000 / PORK BBQ, CHOPPED  CAR VIN"]
[null,279,"CTF7071","POTATO BABY BAKERS","BABY BAKER POTATOES WHOLE OVEN ROASTED GARLIC  CATERING","SPECIFY",null,"CS",6,"2.5LB",25,30.54,763.5,5.09,9071385,"ROASTWORKS","6 / 2.5 LB",null,"9071385 / BABY BAKERS"]
[null,280,"F1097","POTATO CRINKLE CUT","BAKABLE REGULAR REDUCED SODIUM CRINKLE FRIES 3/8\" l ≤ 160MG SODIUM PER SERVING CN LABLED","McCAIN OR APPROVED EQUIVALENT","MCF03761","CS",6,"5 LB",1000,48.67,48670,8.1116666666666664,9021009,"OVATIONS","6 / 5 LB",null,"9021009 / FRIES, CC 3/8\" ZGTF OVEN"]
[null,281,"D1087","POTATO HASHBROWN DEHYDRATED"," DEHYDRATED POTATOES ","IDAHOAN OR APPROVED EQUIVALENT","29700 00808","CS",6,"2.125 lb",1200,49.17,59004,8.1950000000000003,2090007,"IDAHOAN","6 / 2.125 LB",null,"2090007 / POTATOES, HASHBROWN REAL"]
[null,282,"F1098","POTATO HASHBROWN PATTIES","2 OVALS PROVIDE 1/2 CUP VEGETABLE EQUIVALENT.","ORE-IDA OR APPROVED EQUIVALENT","OIF00589A","CS",6,"2.8125 lb",1345,44.58,59960.1,7.43,9020074,"TRADITIONA","6 / 5 LB",null,"9020074 / HASHBROWN, 101 PATTY"]
[null,283,"D1088","POTATO PEARLS","POTATO PEARLS NATURE'S OWN MASHED REDUCED SODIUM","BASIC AMERICAN FOODS OR APPROVED EQUIVALENT",10169,"CS",10,"29.3 oz",1500,58.08,87120,5.8079999999999998,2106397,"BASIC AMR","10 / 29.3 OZ",null,"2106397 / POTATO PEARLS, NATURE'S OWN"]
[null,284,"F1099","POTATO SPIRAL","BAKABLE SEASONED SPIRALS ≤ 240MG PER SERVING CN LABLED","McCAIN OR APPROVED EQUIVALENT",1000004108,"CS",6,"4 LB",1500,44.88,67320,7.48,9020007,"MCCAIN","6 / 4 LB",null,"9020007 / FRIES, SEASONED SPIRALS"]
[null,285,"F1100","POTATO STRAIGHT CUT","POTATOES / FRENCH FRIES FROZEN: 10071179036715 SIMPLOT SEASONEDCRISP® SAVORY REDUCED SODIUM 5/16” X 3/8” SC 6/5 LB. 52% LESS SODIUM THAN OUR REGULAR SAVORY THIN CUT FRIES (180MG VS 380MG SODIUM PER 84G REFERENCE AMOUNT). TO BE PACKED TO U.S. GRADE A STANDARDS SKIN-ON 5/16” X 3/8” STRAIGHT CUT POTATOES PROCESSED IN VEGETABLE OIL OVEN-READY PREPARATION.","SIMPLOT OR APPROVED EQUIVALENT","100-71179036715","CS",30,"LB",1000,38.85,38850,1.2950000000000002,8970048,"SEASONEDCR","6 / 5  LB",null,"8970048 / FRIES, SAVORY STRAIGHT, LS"]
[null,286,"F1101","POTATO TATER TOTS","TATER TOTS SHAPED POTATOES ZERO GRAMS TRANS FAT OVEN-BAKED.  71G SERVING PROVIDE 1/2 CUP STARCH VEGETABLE FOR THE CHILD NUTRITION MEAL PROGRAM.","MCCAIN FOODSERVICE OR APPROVED EQUIVALENT",1000002789,"CS",6,"5 LB",1000,51.62,51620,8.6033333333333335,9020006,"ORE IDA","6 / 5 LB",null,"9020006 / TATER TOTS, REDUCED SODIUM"]
[null,287,"F1102","POTATO WAFFLE CUT","FRENCH FRIES WAFFLE CUT BAKEABLE REDUCED SODIUM ≤ 75MG PER SERVING CN LABLED","McCAIN OR APPROVED EQUIVALENT","OIF01037A","CS",6,"4.5 LB",500,43.95,21975,7.3250000000000002,10182,"ORE IDA","6 / 4.5 LB",null,"10182 / FRIES, WAFFLE CUT"]
[null,288,"F1103","PRETZELS IW","HEARTZELS WHOLE GRAIN WHEAT FLOUR/ENRICHED WHEAT FLOUR RED GOLD MEET 1 OZ GRAIN","ROLD GOLD OR APPROVED EQUIVALENT","000-28400-15940-1","CS",104,".7 OZ",500,40.9,20450,0.39326923076923076,3779010,"ROLD GOLD","104 / .7 OZ",null,"3779010 / HEARTZEL WG"]
[null,289,"D1089","PUMPKIN","100% PURE SOLID PACK U.S. GRADE A OR U.S. FANCY","LIBBY'S OR APPROVED EQUIVALENT","","CS",6,"10 CN",100,55.01,5501,9.168333333333333,2171239,"SENECA","6 / #10",null,"2171239 / PUMPKIN, FINEST FANCY"]
[null,290,"CTF7039","RELISH PICKLE DILL","RELISH PICKLE DILL CATERING","SPECIFY",null,"CS",4,"1 GAL",10,26.72,267.2,6.68,5162356,"BEST MAID","4 / 1 GAL",null,"5162356 / RELISH, DILL / 260 TBLSPN"]
[null,291,"CTF7040","RELISH PICKLE SWEET","RELISH PICKLE SWEET CATERING","SPECIFY",null,"CS",4,"1 GAL",5,32.81,164.05,8.2025000000000006,5162360,"BEST MAID","4 / 1 GAL",null,"5162360 / RELISH, SWEET / 290 TBLSPN"]
[null,292,"F1104","RICE VEGETABLE FRIED","VEGETABLE FRIED RICE WHOLE GRAIN.  NO MSG ADDED.  5# BAGS","ASIAN FOODS OR APPROVED EQUIVALENT",78001,"CS",8,"5 lb",600,87.58,52548,10.9475,8832010,"ASIAN FOOD","8 / 5 LB",null,"8832010 / RICE VEGETABLE FRIED WG"]
[null,293,null,"RICE WHOLE GRAIN BROWN PARBOILED","RICE LONG GRAIN PARBOILED 51% WHOLE GRAIN TO MEET NSLP BREAD REQ. LONG GRAIN RICE ENRICHED WITH THIAMIN RIBOFLAVIN NIACIN FOLIC ACID AND IRON. VITAMIN D AND CALCIUM MAY BE ADDED. NO 1 GRADE","SPECIFY",null,"BAG",25,"LB",500,23.64,11820,0.9456,34661,"RICELAND","1 / 25  LB",null,"34661 / WHOLE GRAIN BROWN RICE"]
[null,294,"CTF7072","ROLL CINNAMON ","CINNAMON ROLLS FROZEN INDIVIDUALLY BULK PACKED APPROX 3 OZ EACH FREEZER TO OVEN NO PROOFING REQUIRED.  MUST PROVIDE 2 GB IN THE SBP. PILLSBURY SUPREME™ FREEZER-TO-OVEN CINNAMON ROLL 3 OZ  CATERING","PILLSBURY OR APPROVED EQUIVALENT",105358000,"CS",100,"3 OZ",50,45.27,2263.5,0.45270000000000005,8725129,"PILLSBURY","100 / 3.0 OZ",null,"8725129 / CINNAMON ROLL SUPREM FTO,TFF"]
[null,295,"F1105","ROLL CINNAMON IW","WHITE WHOLE WHEAT HONEY ROLL DOUGH LAYER PACKED WHOLE GRAIN MEETS 2 OZ EQUIVALENT GRAINS","BRIDGEFORD OR APPROVED EQUIVALENT",6737,"CS",180,"2 OZ",3500,26.72,93520,0.14844444444444443,9231146,"BRIDGFORD","180 / 2 OZ",null,"9231146 / ROLL DOUGH WHITE WHEAT WG"]
[null,296,"CTF7073","ROLL DINNER WHITE","ROLL DINNER WHITE HEAT & SERVE 1.5OZ CATERING","BRIDGEFORD OR APPROVED EQUIVALENT",6655,"CS",75,"1.5OZ",100,22.73,2273,0.30306666666666665,9231266,"BRIDGFORD","75 / 2 OZ",null,"9231266 / HEAT & SERVE WHITE FULLY BAK"]
[null,297,"F1106","ROLL HONEY WHEAT","CINNAMON ROLL WHOLE GRAIN RTL IW MEETS 2 GRAINS","BAKE CRAFTERS OR APPROVED EQUIVALENT",1287,"CS",72,"2.8 OZ",2000,51.89,103780,0.72069444444444442,9231045,"BAKECRAFTE","72 / 2.8 OZ",null,"9231045 / CINNAMON ROLL WG IW"]
[null,298,"F1107","SANDWICH TURKEY HAM & CHEESE","TURKEY HAM & CHEESE SUB, 5\" MEETS 2 OZ M/MA AND 2 OZ WG EQ FOR NSP","CLASSIC DELIGHT OR APPROVED EQUIVALENT",311,"CS",45,"4.8 OZ",1500,"No Bid",null,null,"No Bid","No Bid","No Bid","No Bid","No Bid"]
[null,299,"CTF7041","SAUCE A-1","ORIGINAL STEAK SAUCE CATERING","KRAFT OR APPROVED EQUIVALENT","00-54400000200","CS",12,"10 OZ",10,63.12,{"$f":"IF(L304*K304= 0,\"\",L304*K304)","v":631.19999999999993},{"$f":"IF(L304/I304= 0,\"\",L304/I304)","v":5.26},3613551,"A-1","12 / 10 OZ",null,"3613551 / STEAK SAUCE"]
[null,300,null,"SAUCE BBQ GAL","BARBECUE SAUCE ORIGINAL - NO STARCHES OR GUMS. HEAT-PROCESSED TO PROVIDE STABILITY AT ROOM TEMPERATURE. A REDDISH-BROWN SAUCE WITH A BBQ FLAVOR-LOW HEAT LOW SMOKE. ","SWEET BABY RAY'S OR APPROVED EQUIVALENT","SJ0440HF","CS",4,"1 GAL",100,50.81,5081,12.702500000000001,3203358,"SBR'S","4 / 1 GL",null,"3203358 / SAUCE, BBQ ORIGINAL"]
[null,301,"CTF7042","SAUCE BRISKET MARINADE","SAUCE BRISKET MARINADE  CATERING","CLAUDES OR APPROVED EQUIVALENT",null,"CS",4,"1 GAL",15,40.31,604.65000000000009,10.077500000000001,3201233,"KC","4 / 1 GAL",null,"3201233 / SAUCE, BBQ MASTERPIECE"]
[null,302,"F1108","SAUCE CHEESE ALFREDO","ALFREDO SAUCE FROZEN BAGS READY TO HEAT AND SERVE.  PASTEURIZED PROCESS CHEESE.  30 POUND CASE PROVIDES 262 SERVINGS 1.83OZ EACH.   EACH 1.83OZ SERVING PROVIDES 1.00 OZ EQUIVALENT MEAT ALTERNATE FOR CHILD NUTRITION MEAL PATTERN REQUIREMENTS.","JTM OR APPROVED EQUIVALENT",5722,"CS",6,"5 LB ",400,76.099999999999994,30439.999999999996,12.683333333333332,3511875,"JTM","6 / 5 LB",null,"3511875 / SAUCE, ALFREDO CN"]
[null,303,"F1109","SAUCE CHEESE GOLDEN HATCH","GOLDEN HATCH CHEESE SAUCE PROVIDES 1.00 OZ EQUIVALENT MEAT ALTERNATE FOR CHILD NUTRITION MEAL PATTERN REQUIREMENTS","JTM OR APPROVED EQUIVALENT",5731,"CS",6,"5LB BAG",200,86.76,17352,14.46,8931199,"JTM","6 / 5 LB",null,"8931199 / QUESO SAUCE, PREM GOLD HATCH"]
[null,304,"F1110","SAUCE CHEESE QUESO BLANCO","CHEESE SAUCE WHITE CHEDDAR W/SALSA VERDE READY TO SERVE 3OZ = 1 MMA.  POUCHES 6/5# FAT GRAMS NOT TO EXCEED 7G.  SODIUM NOT TO EXCEED 600MG","JTM OR APPROVED EQUIVALENT",5718,"CS",6,"5 LB",500,86.35,43175,14.391666666666666,8931202,"JTM","6 / 5 LB",null,"8931202 / SAUCE, QUESO BLANCO"]
[null,305,"F1111","SAUCE CHEESE THREE","THREE CHEESE SAUCE PROVIDES 1.00 OZ EQUIVALENT MEAT ALTERNATE FOR CHILD NUTRITION MEAL PATTERN REQUIREMENTS","JTM OR APPROVED EQUIVALENT",5730,"CS",6,"5LB",500,86.15,43075,14.358333333333334,8935696,"JTM","6 / 5 LB",null,"8935696 / SAUCE, THREE CHEESE"]
[null,306,"D1090","SAUCE CHEESE ULTIMATE CHEEDAR","CHEESE SAUCE READY TO SERVE REDUCED FAT CHEDDAR:  CANNED OR POUCHES CHEDDAR 3 OZ = 1MMA.  6/#10 OR POUCHES 6/5#  FAT GRAMS NOT TO EXCEED 10G SODIUM NOT TO EXCEED 570MG.  AVAILABLE FOR NET OFF INVOICE  LAND O LAKES PREFERRED. FOR NOI PRICING","LAND O'LAKES OR APPROVED EQUIVALENT",39940,"CS",6,"5 LB",500,74.45,37225,12.408333333333333,8664512,"LAND O LAK","6 / 106 OZ",null,"8664512 / CHEESE SAUCE, ULTIMATE YELLO"]
[null,307,"D1091","SAUCE CRANBERRY","CRANBERRIES JELLIED U.S. GRADE A OR U.S. FANCY RESEALABLE","OCEAN SPRAY OR APPROVED EQUIVALENT",1401,"CS",6,"101 OZ",75,53.23,3992.2499999999995,8.8716666666666661,268508,"OCEAN SPR","6 / #10",null,"268508 / CRANBERRY SAUCE, JELLIED"]
[null,308,"D1092","SAUCE HOT PC","SABOR BY TEXAS PETE MEXICAN HOT SAUCE PC","TEXAS PETE OR APPROVED EQUIVALENT",null,"CS",200,7,1000,8.94,8940,4.4699999999999997E-2,5012042,"POCO","200 / 7 GM",null,"5012042 / HOT SAUCE POUCH"]
[null,309,"D1093","SAUCE MANWICH SLOPPY JOE","SAUCE SLOPPY JOE MANWICH","MANWICH OR APPROVED EQUIVALENT","27000-44181","CS",6,"#10 CAN",500,42.45,21225,7.0750000000000002,2280018,"RED PACK","6 / #10",null,"2280018 / SAUCE, SLOPPY JOE"]
[null,310,"D1100","SAUCE ORANGE","RTU - PRONOUNCED SWEETNESS AND SOURNESS WITH ORANGE FLAVOR. THICK LIGHT BROWN GLAZE","KIKKOMAN OR APPROVED EQUIVALENT","0-1576","CS",4,".5 GAL",250,50.95,12737.5,12.737500000000001,3064533,"L J MINOR","4 / .5 GL",null,"3064533 / SAUCE, ZESTY ORANGE RTU"]
[null,311,"D1094","SAUCE PICANTE","PICANTE SAUCE THICK AND CHUNKY","SPECIFY","","CS",4,"1 GAL",23,46.09,1060.0700000000002,11.522500000000001,3295516,"SA FARMS","4 / 135 OZ",null,"3295516 / SAUCE, PICANTE MEDIUM"]
[null,312,"D1095","SAUCE PICANTE PC","PICANTE SAUCE PC","SPECIFY","","CS",200,".5 OZ",200,12.62,2524,6.3099999999999989E-2,3295748,"SALSA DEL","200 / 0.5 OZ",null,"3295748 / SAUCE, PICANTE 1/2 OZ"]
[null,313,"D1096","SAUCE SOY PC","SOY SAUCE INDIVIDUAL PACKETS LOW SODIUM","SPECIFY","","CS",500,"9 GR",150,14.46,2169,2.8920000000000001E-2,3072002,"KIKKOMAN","500 / 6 ML",null,"3072002 / SOY SAUCE PACKETS"]
[null,314,"D1097","SAUCE TOMATO","TOMATO SAUCE FROM MATURE WHOLE AND TRIMMED TOMATOES OF GOOD COLOR ARE STRAINED AND PARTIALLY CONCENTRATED BEFORE THEY ARE BLENDED WITH ONIONS, GARLIC, AND OTHER NATURAL FLAVORING TO ACHIEVE A SMOOTH AND FREE FLOWING SAUCE. MAKING FROM CONCENTRATE ASSURES THE COLOR, QUALITY AND CONSISTENCY ARE ALWAYS JUST RIGHT. ZERO TRANS FATS. GLUTEN FREE. LOW SODIUM","RED GOLD OR APPROVED EQUIVALENT","RPKHA99","CS",6,"10 CN",400,35,14000,5.833333333333333,2280007,"REDPACK","6 / #10",null,"2280007 / SAUCE, TOMATO"]
[null,315,"D1098","SAUCE TOMATO MARINARA","NUTRITIONALLY ENHANCED MARINARA SAUCE 70% LOWER IN SODIUM ","RED GOLD OR APPROVED EQUIVALENT","RPKNA9E","CS",6,"10 CN",500,42.72,21360,7.12,2280017,"RED PACK","6 / #10",null,"2280017 / SAUCE, SPAGHETTI NUTRI ENHAN"]
[null,316,"D1099","SAUCE TOMATO SPAGHETTI ","SPAGHETTI SAUCE NUTRIENT ENHANCED LOW SODIUM","RED GOLD OR APPROVED EQUIVALENT","RPKMA9E","CS",6,"10 LB",750,42.72,32040,7.12,2280017,"RED PACK","6 / #10",null,"2280017 / SAUCE, SPAGHETTI NUTRI ENHAN"]
[null,317,"CTF7043","SAUCE WORCESTERSHIRE","WORCESTERSHIRE SAUCE BULK CATERING","SPECIFY","","CS",4,"1 GAL",5,32.979999999999997,164.89999999999998,8.2449999999999992,3595501,"FRENCH'S","4 / 1 GAL",null,"3595501 / WORCESTERSHIRE SAUCE"]
[null,318,"D1101","SHELL TACO","WHOLE GRAIN CORN FULLY COOKED TACO SHELL 6\"","MEX ORIG OR APPROVED EQUIVALENT","24850-621","CS",1,"200 CT",500,20.260000000000002,10130,20.260000000000002,3113355,"MEX ORIG","1 / 200 CT",null,"3113355 / TACO SHELL, 6\" WG"]
[null,319,"D1102","SHELL TOSTADA","WHOLE GRAIN CORN FULLY COOKED TOSTADA SHELL 5.5\"","MEX ORIG OR APPROVED EQUIVALENT","23194-621","CS",1,"200 CT",300,18.170000000000002,5451.0000000000009,18.170000000000002,4335632,"MEX ORIGNL","1 / 200 CT",null,"4335632 / TOSTADA SHELL 5.5\" WG"]
[null,320,"D1103","SOUP CREAM OF CHICKEN","HEALTHY REQUEST CONDENSED SOUP CREAM OF CHICKEN","CAMPBELLS OR APPROVED EQUIVALENT",4143,"CS",12,"50 OZ",200,60.57,12114,5.0475000000000003,2554143,"CAMPBELL","12 / 50 OZ",null,"2554143 / SOUP, HLTHRQST CRMCHKN,LS RF"]
[null,321,"D1104","SOUP CREAM OF MUSHROOM","HEALTHY REQUEST CONDENSED SOUP CREAM OF MUSHROOM","CAMPBELLS OR APPROVED EQUIVALENT",4144,"CS",12,"50 OZ",175,53.83,9420.25,4.4858333333333329,9407380,"CAMPBELLS","12 / 50 OZ",null,"9407380 / SOUP, CREAM OF MUSH HLTHY RQ"]
[null,322,"CTF7044","SOUR CREAM LIGHT","SOUR CREAM LIGHT CATERING","SPECIFY","","CS",2,"5 LB",20,32.72,654.4,16.36,3529724,"DAISY","4 / 5 LB",null,"3529724 / SOUR CREAM, LIGHT"]
[null,323,"D1105","SOUR CREAM LIGHT PC","SOUR CREAM LIGHT PC","SPECIFY","","CS",100,"1 OZ",175,14.95,2616.25,0.14949999999999999,3529923,"DAISY","100 / 1 OZ",null,"3529923 / SOUR CREAM, 100% PURE PACKET"]
[null,324,"D1106","SPICE BASIL","BASIL LEAF WHOLE LEAF  ","SPECIFY",null,"CS",1,"1.62 LB",63,27.75,1748.25,27.75,6181002,"DURKEE","1 / 1.62 LB",null,"6181002 / BASIL LEAVES, WHOLE"]
[null,325,"D1107","SPICE BAY LEAVES","BAY LEAVES","SPECIFY",null,"BTL",1,"30 OZ",10,"No Bid",null,null,"No Bid","No Bid","No Bid","No Bid","No Bid"]
[null,326,"D1108","SPICE CHILI","CHILI POWDER LIGHT FINE GRIND MILD  NO OTHER ADDITIVES","BUENO OR APPROVED EQUIVALENT","","BTL",1,"5 LB",150,35.85,{"$f":"IF(L331*K331= 0,\"\",L331*K331)","v":5377.5},{"$f":"IF(L331/I331= 0,\"\",L331/I331)","v":35.85},37615,"BUENO","1 / 5 LB",null,"37615 / CHILE POWDER RED MILD DRIED"]
[null,327,"D1109","SPICE CINNAMON","CINNAMON GROUND","MCCOMICK'S OR APPROVED EQUIVALENT",null,"BTL",1,"18 OZ",50,7,350,7,6181176,"TEX SPICE","1 / 16 OZ",null,"6181176 / CINNAMON, GROUND"]
[null,328,"D1110","SPICE CUMIN","CUMIN","SPECIFY",null,"BTL",1,"4.5 LB",10,8.3699999999999992,83.699999999999989,8.3699999999999992,4441986,"TEX SPICE","1 / 16 OZ",null,"4441986 / CUMIN, GROUND"]
[null,329,"D1111","SPICE FAJITA","FAJITA SEASONING AND MARINADE SALT FREE","SPECIFY",null,"BTL",1,"30 OZ",145,19.54,2833.2999999999997,19.54,9409302,"FOOTHILL F","6 / 8.9 OZ",null,"9409302 / FAJITA SEASONING MIX"]
[null,330,"D1112","SPICE GARLIC POWDER","GARLIC GRANUATED","SPECIFY",null,"BTL",1,"7.25 LB",175,57.68,10094,57.68,6184204,"DURKEE","1 / 7.25 LB",null,"6184204 / GARLIC, GRANULATED"]
[null,331,"D1113","SPICE ITALIAN BLEND","ITALIAN BLEND SALT FREE NO MSG","SPECIFY",null,"BTL",1,"9.5 OZ",75,6.76,507,6.76,6184220,"DURKEE","1 / 6 OZ",null,"6184220 / ITALIAN SEASONING"]
[null,332,"D1114","SPICE LEMON PEPPER","SPICE LEMON PEPPER LOW SODIUM","SPECIFY",null,"EA",1,"1 LB",100,11.2,1120,11.2,6184303,"DURKEE","1 / 28 OZ",null,"6184303 / LEMON PEPPER SEASONING"]
[null,333,"D1115","SPICE MUSTARD DRY","MUSTURD DRY","COLEMAN'S OR APPROVED EQUIVALENT",null,"BTL",1,"14 OZ",60,5.45,327,5.45,6184444,"DURKEE","1 / 14 OZ",null,"6184444 / MUSTARD, GROUND"]
[null,334,"D1116","SPICE ONION DEHYDRATED","ONION DEHYDRATED","SPECIFY","","BOX",15,"16 OZ",75,68.8,5160,4.5866666666666669,6184641,"DURKEE","1 / 15 LB",null,"6184641 / ONIONS, CHOPPED - BOX DEHY"]
[null,335,"D1117","SPICE ONION POWDER","ONION POWDER","SPECIFY",null,"BTL",1,"6 LB",25,6.84,171,6.84,6184618,"DURKEE","1 / 20 OZ",null,"6184618 / ONION POWDER"]
[null,336,"D1118","SPICE OREGANO","OREGANO GROUND COURSE","SPECIFY",null,"BTL",1,"16 OZ",15,7.53,112.95,7.53,6181226,"TEX SPICE","1 / 12 OZ",null,"6181226 / OREGANO, GROUND"]
[null,337,"D1119","SPICE PAPRIKA","PAPRIKA SPICE","SPECIFY",null,"BTL",1,"5.5LB",25,39.25,981.25,39.25,6184790,"DURKEE","1 / 5.5 LB",null,"6184790 / PAPRIKA, DOMESTIC"]
[null,338,"D1120","SPICE PARSLEY","DEHYDRATED PARSLEY FLAKES ","SPECIFY",null,"BTL",1,"11 0Z",50,4.16,208,4.16,6184733,"DURKEE","1 / 2 OZ",null,"6184733 / PARSLEY FLAKES, DEHYDRATED"]
[null,339,"D1121","SPICE PEPPER BLACK","BLACK PEPPER GROUND COURSE ","SPECIFY",null,"EA",1,"5 LB",40,44.81,1792.4,44.81,6184881,"TRADERS CH","1 / 4.5 LB",null,"6184881 / PEPPER, BLACK GROUND"]
[null,340,"CTF7045","SPICE PEPPER BLACK PC","BLACK PEPPER GROUND COURSE INDIVIDUAL PACKETS CATERING","SPECIFY","","CS",3000,".5 GM",20,11.9,238,3.966666666666667E-3,6331243,"DIAM CRYST","1 / 1 CT",null,"6331243 / PEPPER, PACKET 1/3000CT"]
[null,341,"D1122","SPICE PEPPER WHITE","WHITE PEPPER GROUND COURSE ","SPECIFY",null,"BTL",1,"5 lb",20,14.39,287.8,14.39,2210001,"UNISTEL","1 / 18 OZ",null,"2210001 / PEPPER, GROUND WHITE"]
[null,342,"D1123","SPICE POULTRY","POULTRY SEASONING SALT FREE ","SPECIFY",null,"BTL",1,"10 OZ",15,6.52,97.8,6.52,6181275,"TEX SPICE","1 / 10 OZ",null,"6181275 / POULTRY SEASONING"]
[null,343,"D1124","SPICE PUMPKIN PIE","PUMPKIN PIE SPICE  CINNAMON GINGER NUTMEG ALLSPICE AND SULFATING AGENTS.","MCCOMICK'S OR APPROVED EQUIVALENT",5210032310,"CS",6,"1 LB",225,11.81,2657.25,1.9683333333333335,9392865,"DURKEE","1 / 16 OZ",null,"9392865 / PUMPKIN PIE SPICE"]
[null,344,"D1125","SPICE SAGE","SAGE GROUND ","SPECIFY",null,"BTL",1,"18 OZ",10,8.8000000000000007,88,8.8000000000000007,6185409,"DURKEE","1 / 6 OZ",null,"6185409 / SAGE, RUBBED"]
[null,345,"D1126","SPICE SALT","SALT TABLE EVAPORATED IODIZED","SPECIFY","","BAG",25,"LB",60,7.69,461.40000000000003,0.30760000000000004,6313043,"UNITEDSALT","1 / 25 LB",null,"6313043 / SALT, EVAPORATED IODIZED"]
[null,346,"D1127","SPICE SALT FREE","SEASONING 100% SALT FREE ONION, SPICES (BLACK PEPPER, PARSLEY, CELERY SEED, BASIL, BAY MARJORAM, OREGANO, SAVORY, THYME, CAYENNE PEPPER, CORIANDER, CUMIN, MUSTARD, ROSEMARY), GARLIC, CARROT, ORANGE PEEL, TOMATO, LEMON JUICE POWDER, CITRIC ACID, OIL OF LEMON","MRS. DASH OR APPROVED EQUIVALENT",605021603287,"CS",1,"21 OZ",500,94.55,47275,94.55,6293040,"LAWRY'S","6 / 20 OZ",null,"6293040 / SEASONING, SALT-FREE 17"]
[null,347,"D1128","SPICE SALT KOSHER","SALT KOSHER","DIAMOND CRYSTAL OR APPROVED EQUIVALENT",null,"CS",12,"LB",10,"No Bid",null,null,"No Bid","No Bid","No Bid","No Bid","No Bid"]
[null,348,"CTF7046","SPICE SALT PC","SALT TABLE EVAPORATED IODIZED PC CATERING","SPECIFY","","CS",6000,".5 GM",15,16.22,{"$f":"IF(L353*K353= 0,\"\",L353*K353)","v":243.29999999999998},{"$f":"IF(L353/I353= 0,\"\",L353/I353)","v":2.7033333333333332E-3},6331112,"NJOY","6000 / .75 GM",null,"6331112 / SALT, SINGLE SERVE .75GM"]
[null,349,"D1129","SPICE STEAK BLEND","MONTREAL STEAK SEASONING SALT FREE","SPECIFY",null,"BTL",1,"7 LB",85,9.1999999999999993,781.99999999999989,9.1999999999999993,8164428,"DURKEE","1 / 26 OZ",null,"8164428 / SEASONING, STEAK"]
[null,350,"D1130","SPICE TACO","TACO SEASONING SALT FREE","SPECIFY","","CS",6,"6.6 OZ",150,15.11,2266.5,2.5183333333333331,5997007,"FOOTHILL","6 / 6.6 OZ",null,"5997007 / SEASONING MIX, TACO SELECT"]
[null,351,"D1131","STUFFING","UNCLE BEN'S CLASSIC CORNBREAD STUFFING MIX BLEND OF 2 KINDS OF BREAD CRUMBS SEASONINGS AND FLAVORS.","UNCLE BEN’S OR APPROVED EQUIVALENT",13508,"CS",6,"3.5 LB",110,74.31,8174.1,12.385,3861009,"BENS ORIGI","6 / 56 OZ",null,"3861009 / STUFFING MIX, CORNBREAD"]
[null,352,"D1132","SUGAR","SUGAR GRANULATED EXTRA FINE","SPECIFY","","BAG",25,"LB",80,27.23,2178.4,1.0891999999999999,8520009,"IMPERIAL","1 / 25 LB.",null,"8520009 / SUGAR, GRANULATED EFG"]
[null,353,"D1133","SUGAR BROWN","SUGAR BROWN NED 10X","SPECIFY","","CS",24,"2 LB",15,30.12,451.8,1.2550000000000001,8524506,"IMPERIAL","1 / 25 LB.",null,"8524506 / SUGAR, LIGHT BROWN"]
[null,354,"D1134","SUGAR PC","SUGAR PURE CANE PACKET","SPECIFY",null,"CS",2000,"0.1 OZ",5,20.81,104.05,1.0404999999999999E-2,8510953,"IMPERIAL","1 / 2000 CT",null,"8510953 / SUGAR PACKET, 1/10 OZ"]
[null,355,"D1135","SUGAR PC ARTIFICIAL SWEETENER ","ARTIFICIAL SWEETENER INDIVIDUAL PACKETS ","SPECIFY","","CS",2500,"CT",5,23.28,116.4,9.3120000000000008E-3,3770082,"LABATT","1 / 2000 EA",null,"3770082 / PACKETS, SUGAR LABATT 2M"]
[null,356,"CTF7047","SUGAR POWDERED","SUGAR POWDERED 6X CATERING","SPECIFY","","BAG",1,"25 LB",7,29.9,209.29999999999998,29.9,8521502,"PACKER","1 / 25 LB.",null,"8521502 / SUGAR, POWDERED 6X"]
[null,357,"D1136","SYRUP PC","MAPLE FLAVORED. READY TO SERVE PORTION CONTROL CUP 1.4OZ TO 1.6OZ SERVING SIZE    ","SPECIFY",null,"CS",100,"1.4-1.5 OZ",2000,15.34,30680,0.15340000000000001,4655551,"MAD FARMS","100 / 1.5 OZ.",null,"4655551 / SYRUP, MAPLE 1.5OZ CUP"]
[null,358,"D1137","TAJIN PC","SEASONING TAJIN LOW SODIUM PC","TAJIN OR APPROVED EQUIVALENT",null,"CS",1000,".05 OZ",200,48.26,9652,4.8259999999999997E-2,1440451,"TAJIN","1000 / 1 GM",null,"1440451 / SEASONING, FRUIT LS"]
[null,359,null,"TAMALES CHICKEN GREEN CHILE","TAMALE CHICKEN GREEN CHILE NO FILLERS 0G TRANS FAT HEAT & SERVE MEETS NEW MEXICO GROWN REQUIREMENTS","BUENO OR APPROVED EQUIVALENT","1370-3","CS",60,"3 OZ",1000,75.34,75340,1.2556666666666667,7040130,"DSM COOK","6 / 24 CT",null,"7040130 / TAMALES,CHKN/CHZ,WG,2OZ"]
[null,360,null,"TAMALES PORK RED CHILE","TAMALE PORK RED CHILE NO FILLERS 0G TRANS FAT HEAT & SERVE MEETS NEW MEXICO GROWN REQUIREMENTS","BUENO OR APPROVED EQUIVALENT","1375-3","CS",60,"3 OZ",1000,77.510000000000005,77510,1.2918333333333334,7040085,"DSM COOK","6 / 24 CT",null,"7040085 / TAMALES, PORK, 2OZ, FC, WG"]
[null,361,"D1138","TOMATO DICED","TOMATOES DICED GRADE A LOW SODIUM (140 MILLIGRAMS OF SODIUM OR LESS PER SERVING).","SPECIFY",null,"CS",6,"10 CN",600,32.9,19740,5.4833333333333334,2280990,"RED GOLD","6 / #10",null,"2280990 / TOMATOES, DICED NSA"]
[null,362,"D1139","TOMATO PASTE","TOMATO PASTE 26% SOLID HEAVY CONCENTRATION NET WEIGHT 114 OZ GRADE A LOW SODIUM (140 MILLIGRAMS OF SODIUM OR LESS PER SERVING).","SPECIFY","","CS",6,"10 CN",300,47.12,14136,7.8533333333333326,2001796,"CONTADINA","6 / #10",null,"2001796 / TOMATO PASTE"]
[null,363,"F1112","TORNADO STEAK AND CHEESE","SHREDDED RANCHERO STEAK AND CHEESE WHOLE GRAIN RUIZ  144/2.79OZ","RUIZ FOODS OR APPROVED EQUIVALENT",86585,"CS",144,"2.79 OZ",500,21.11,10555,0.14659722222222221,8858108,"RUIZ","24 / 3 OZ",null,"8858108 / TORNADO RANCHERO BF STK CHE"]
[null,364,"C1041","TORTILLA CORN","6” WHITE CORN MADE FROM CORN FLOUR OR MEAL - MADE FROM ENRICHED CORN MEAL.  EACH SHELL MUST BE A MINIMUM OF 25 GRAMS TO MEET 1 GB IN THE NSLP.","MISSION OR APPROVED EQUIVALENT",10630,"CS",60,"12 CT",250,38.950000000000003,9737.5,0.64916666666666667,8971757,"MISSION","6 / 60 CT",null,"8971757 / TORTILLA, CORN WHT 6\" TABLE"]
[null,365,null,"TORTILLA CORN STREET 4.5\"","4.5\" CORN TORTILLA","MISSION OR APPROVED EQUIVALENT",73731071519,"CS",12,"12CT",2000,19.45,38900,1.6208333333333333,8971759,"MISSION","6 / 50 CT",null,"8971759 / TORTILLA MINI CORN WG WT 4.5"]
[null,366,"CTF7006","TORTILLA FLOUR  10\"","10\" FLOUR TORTILLA FOR BURRITOS   NOT WHOLE GRAIN CATERING","BUENO OR APPROVED EQUIVALENT",null,"CS",12,"12 CT",4000,42.51,170040,3.5425,8991690,"MISSION","12 / 12 CT",null,"8991690 / TORTILLA, FLOUR PRESSED 10\""]
[null,367,"CTF7007","TORTILLA FLOUR  6\"","6\" FLOUR TORTILLA FOR SOFT TACOS/FAJITAS  NOT WHOLE GRAIN CATERING","BUENO OR APPROVED EQUIVALENT",null,"CS",12,"12CT",100,40.17,4017,3.3475000000000001,8971699,"MISSION","24 / 12 CT",null,"8971699 / TORTILLA, FLOUR PRESS 6\" FRZ"]
[null,368,"C1042","TORTILLA FLOUR 6\" WG","6\" WHOLE WHEAT FLOUR WHOLE GRAIN - FRESH","NM FOODS OR APPROVED EQUIVALENT",3523783021,"CS",12,"12 CT",2400,38.43,92232,3.2025000000000001,8979191,"RUDYS","12 / 24 CT",null,"8979191 / TORTILLA FLOUR 6\" WG"]
[null,369,"C1043","TORTILLA FLOUR 9\" WG","9’ WHOLE WHEAT FLOUR MUST BE UNIFORM IN SIZE - MADE FROM ENRICHED FLOUR UNIFORM IN SIZE AND A MINIMUM OF 54 GRAMS TO MEET 2 GB IN THE NSLP WHOLE GRAIN - FRESH","NM FOODS OR APPROVED EQUIVALENT",3523783021,"CS",12,"12 CT",3800,41.61,158118,3.4674999999999998,9564546,"AZTECA","16 / 12 CT",null,"9564546 / TORTILLA, ULTRAGRAIN 9\" LS"]
[null,370,"F1113","TURKEY BREAST DELI","SLICED OVEN ROASTED REDUCED SODIUM BY 30% .5 OZ SLICE FROZEN COMMERICAL BACK-UP OF COMMODITY PRODUCT OR FOR NOI PRICING","JENNY O OR APPROVED EQUIVALENT ",2099,"CS",12,"1 LB",600,52.86,31716,4.4050000000000002,5474008,"JENNIE-O","12 / 1 LB",null,"5474008 / TKY BRST SLCD .5OZ CN"]
[null,371,"F1114","TURKEY HAM DELI","SLICED 5% WATER ADDED NATURALLY LEAN REDUCED SODIUM BY 26% 94% FAT FREE .51 OZ SLICE FROZEN CN LABLED COMMERICAL BACK-UP OF COMMODITY PRODUCT OR FOR NOI PRICING","JENNY O OR APPROVED EQUIVALENT ",2565,"CS",12,"1 LB",700,52.34,36638,4.3616666666666672,5474010,"JENNIE-O","12 / 1 LB",null,"5474010 / TKY HAM SLCD .5OZ LEAN CN "]
[null,372,"F1115","TURKEY ROAST","U.S. GRADE A FROZEN ROASTS PREPARED FROM BREAST MEAT THIGH MEAT AND SKIN OF YOUNG READY-TO-COOK TURKEYS WITH WATER SALT AND SODIUM PHOSPHATES ADDED. ROASTS ARE AT LEAST 47% BREAST MEAT WITH A MAXIMUM OF 34% THIGH MEAT AND 12.5% SKIN. THE ROASTS IN ONE CONTAINER WILL NOT VARY MORE THAN 2 LB PER ROAST. EACH ROAST WILL BE 9 TO 17 INCH IN LENGTH AND 4 TO 7 INCH IN DIAMETER AND WILL BE TIED OR PLACED IN COTTON NETTING. (4) 8-12 POUNDS PER CASE COMMERICAL BACK-UP OF COMMODITY PRODUCT OR FOR NOI PRICING","SPECIFY",null,"LB",4,"8-12 LBS",100,4.32,432,1.08,8883028,"JENNIE-O","4 / 8-10 LB",null,"8883028 / TKY RST BRST/THIGH FC S/O - Priced Per Pound"]
[null,373,"F1116","TURKEY SAUSAGE PATTY","SAUSAGE PATTY FORMED FULLY COOKED REDUCED FAT TURKEY SAUSAGE PATTIES 2.5” ONE 1.5 OZ. PATTY PROVIDES 1 OZ. PROTEIN EQUIVALENT LESS THAN 320 MG OF SODIUM","JENNY O OR APPROVED EQUIVALENT ",100124,"CS",133,"1.22 OZ",150,48.87,7330.5,0.36744360902255635,8922447,"JENNIE-O","160 / 1.025 OZ",null,"8922447 / TKY SAUSAGE PATTY FC"]
[null,374,"D1140","VANILLA","VANILLA IMITATION FLAVOR NO ALCOHOL","SPECIFY","","CS",6,"32 OZ",5,4.5199999999999996,22.599999999999998,0.7533333333333333,6185813,"DURKEE","1 / 32 OZ",null,"6185813 / VANILLA FLAVORING, IMITATION"]
[null,375,"F1117","VEG BROCCOL FROZEN","VEGETABLEBROCCOLI CUTS FROZEN GRADE A","SPECIFY","","CS",12,"2.5 LB",350,29.27,10244.5,2.4391666666666665,9090334,"GARDEN FRE","12 / 2.5 LB",null,"9090334 / BROCCOLI, CUTS"]
[null,376,"F1118","VEG CALIFORNIA BLEND","CALIFORNIA BLEND/ FROZEN GRADE A CARROTS BROCCOLI CAULIFLOWER","SPECIFY","","CS",20,"LB",50,21.4,1070,1.0699999999999998,9092348,"GARDEN FRE","1 / 20 LB",null,"9092348 / BLEND, BROCCOLI NORMANDY/CAL"]
[null,377,"F1119","VEG CARROTS DICED","CARROTS FROZEN GRADE A DICED","SPECIFY",null,"CS",1,"30 LB",375,25.13,9423.75,25.13,4541034,"STOKELY","12 / 2 LB",null,"4541034 / CARROTS DICED FZ"]
[null,378,"F1120","VEG CARROTS SLICED","CARROTS FROZEN GRADE A","SPECIFY",null,"CS",20,"LB",75,21.8,1635,1.0900000000000001,4541003,"STOKELY","1 / 20 LB",null,"4541003 / CARROTS KK FZ"]
[null,379,"F1121","VEG CHILE GREEN HOT","GREEN CHILE HOT DICED FROZEN","M A SONS, BUENO OR APPROVED EQUIVALENT",null,"CS",6,"3.5 LB",600,37.08,22248,6.18,37678,"BUENO","5 / 5 LB",null,"37678 / GREEN CHILE, HOT CHPD 3/8\""]
[null,380,"F1122","VEG CHILE GREEN MILD","GREEN CHILE FROZEN DICED MILD","M A SONS, BUENO OR APPROVED EQUIVALENT","","CS",5,"5 LB",1200,37.33,44796,7.4659999999999993,8653552,"BUENO","5 / 5 LB",null,"8653552 / GREEN CHILE, MILD 3/8\" CHPD"]
[null,381,"F1123","VEG CHILE RED HOT","RED CHILE PUREE  HOT  FROZEN","M A SONS, BUENO OR APPROVED EQUIVALENT",null,"CS",6,"3.5 LB",150,46.21,6931.5,7.7016666666666671,37625,"BUENO","6 / 56 OZ",null,"37625 / RED CHILE, HOT PUREE FRZ"]
[null,382,"F1124","VEG CHILE RED MILD","RED CHILE PUREE MILD FROZEN","M A SONS, BUENO OR APPROVED EQUIVALENT","","CS",6,"3.5 LB",250,42.47,10617.5,7.0783333333333331,8653578,"BUENO","6 / 56 OZ",null,"8653578 / RED CHILE, MILD PUREE"]
[null,383,"D1141","VEG CORN CANNED","US GRADE B VACUUM PACKED LOW SODIUM (140 MILLIGRAMS OF SODIUM OR LESS PER SERVING).","SPECIFY","","CS",6,"10 CN",600,33.369999999999997,20022,5.5616666666666665,1695022,"STOKELY","6 / #10",null,"1695022 / CORN, WHOLE KERNEL,FANCY"]
[null,384,"F1125","VEG CORN FROZEN","CORN SWEET WHOLE KERNEL: FROZEN TO MEET THE STANDARD U. S. GRADE A  YELLOW OR GOLDEN TO BE PACKED IN POLY BAG LINER IN CASES WITH POLY BAG \"TUCKED\" TO COMPLETELY COVER AND PROTECT THE PRODUCT FROM FREEZER BURN. 20#","SPECIFY",null,"CS",1,"20 LB",1000,24.9,24900,24.9,4541016,"STOKELY","1 / 20 LB",null,"4541016 / CORN CUT SSWT YLW FZ"]
[null,385,"F1126","VEG FAJITA BLEND","VEGETABLE BLEND FAJITA ONIONS GREEN & RED PEPPERS","CLASSIC OR APPROVED EQUIVALENT",74662,"CS",12,"32 OZ",500,42.59,21295,3.5491666666666668,9080350,"CLASSIC","12 / 32 OZ",null,"9080350 / BLEND PEPPER & ONION FAJITA"]
[null,386,"CTF7074","VEG GREEN BEAN WHOLE FROZEN","GREEN BEANS WHOLE FROZEN GRADE A CATERING","SPECIFY",null,"CS",6,"4 LB",15,31.55,473.25,5.2583333333333337,4541005,"STOKELY","12 / 2 LB",null,"4541005 / BEANS GREEN CUT FZ"]
[null,387,"D1142","VEG GREEN BEANS CANNED","GREEN BEANS4 SIEVE CUT 1 ¼ GRADE B LOW SODIUM (140 MILLIGRAMS OF SODIUM OR LESS PER SERVING).","SPECIFY","","CS",6,"10 CN",1800,32.6,58680,5.4333333333333336,1447580,"STOKELY","6 / #10",null,"1447580 / BEANS, GREEN, CUT 4 SV FANCY"]
[null,388,"F1127","VEG GREEN BEANS FROZEN","GREEN BEANS FROZEN GRADE A","SPECIFY",null,"CS",1,"20 LB",1000,24.2,24200,24.2,4541001,"STOKELY","1 / 20 LB",null,"4541001 / BEANS GREEN CUT FZ"]
[null,389,"F1128","VEG OKRA BREADED","OKRA CUT BREADED: IF TO MEET THE STANDARD OF U. S. GRADE A. PRE-BROWNED OVEN READY. CN LABEL OR PRODUCT ANALYSIS SHEET REQUIRED. 4/5#","TASTY BRAND OR APPROVED EQUIVALENT",null,"CS",4,"5 LB",300,75.67,22701,18.9175,9080931,"TASTY BRAN","6 / 5 LB",null,"9080931 / BREADED OKRA OVEN READY WG"]
[null,390,"F1129","VEG ONION RINGS BREADED","ONION RINGS BREADED 6/2#: IF CHOPPED AND FORMED PRE-BROWNED OVEN READY IF. PROVIDE 1/4 CUP V/F AND 1 G/B SERVING. CN LABEL OR PRODUCT ANALYSIS SHEET REQUIRED. IDENTIFY FAT GRAMS PER 6 PIECE SERVING.","TASTY BRAND OR APPROVED EQUIVALENT",null,"CS",6,"2 LB",400,83.78,33512,13.963333333333333,8914021,"TASTY BRAN","178 / 2.69 OZ",null,"8914021 / ONION RINGS, WG BREADED"]
[null,391,"D1143","VINEGAR","","SPECIFY","","CS",4,"1 GAL",110,21.49,2363.8999999999996,5.3724999999999996,5254552,"GARDENCLUB","6 / 1 GL",null,"5254552 / VINEGAR, WHITE"]
[null,392,"F1130","WAFFLE BLUEBERRY IW","WAFFLE MINI BLUEBERRY IW MUST MEET 2 WG EQUIVILENT","PILLSBURY OR APPROVED EQUIVALENT",132264000,"CS",72,"2.2 OZ",1000,36.119999999999997,36120,0.50166666666666659,9330004,"GEN MILLS","72 / 2.47 OZ",null,"9330004 / WAFFLES, MINI B/BERRY, WG"]
[null,393,"F1131","WAFFLE CHOCOLATE CHIP IW","WAFFLE CHOCOLATE CHIP IW EACH 2.40 OZ SERVING PROVIDES 2.00 EQ GRAINS FOR NSP","TASTY BRAND OR APPROVED EQUIVALENT",55702,"CS",96,"2.40 OZ",850,56.52,48042,0.58875,0,"TASTY BRAN","96 / 2.4 OZ",null,"0 / WAFFLE,WG,CHOCCHIP,IW"]
[null,394,"F1132","WAFFLE MAPLE BULK","MAPLE WHOLE GRAIN EACH 1.4OZ WAFFLE PROVIDES 1 GRAIN EQUIVALENT.  51% WHOLE GRAIN","BAKE CRAFTERS OR APPROVED EQUIVALENT",1556,"CS",1,"144ct",600,34.909999999999997,20945.999999999996,34.909999999999997,4035125,"BAKECRAFTE","144 / 1.4 OZ",null,"4035125 / WAFFLES, MAPLE WG"]
[null,395,"F1133","WAFFLE MAPLE IW","WAFFLE MINI MAPLE MADNESS IW MUST MEET 2 WG EQUIVILENT","PILLSBURY OR APPROVED EQUIVALENT",132265000,"CS",72,"2.47 OZ",1000,36.06,36060,0.50083333333333335,9330005,"GEN MILLS","72 / 2.47 OZ",null,"9330005 / WAFFLES, MINI MAPLE, WG"]
[null,396,"CTF7048","WALNUTS","WALNUTS CHOPPED CATERING","SPECIFY",null,"CS",3,"2 LB",135,44.27,5976.4500000000007,14.756666666666668,4420071,"AZAR","3 / 2 LB",null,"4420071 / WALNUT, HALVES & PIECES"]
[null,397,"D1144","WATER BOTTLED","BOTTLED WATER PURIFIED","NESTLE OR APPROVED EQUIVALENT",null,"CS",24,"20 0Z",4500,"No Bid",null,null,"No Bid","No Bid","No Bid","No Bid","No Bid"]
[null,398,"D1145","WATER GALLON","WATER SPRING","SPECIFY",null,"CS",6,"GAL",800,11.16,{"$f":"IF(L403*K403= 0,\"\",L403*K403)","v":8928},{"$f":"IF(L403/I403= 0,\"\",L403/I403)","v":1.86},1550014,"NIAGARA","6 / 1  GL",null,"1550014 / WATER, PURIFIED"]
[null,399,"C1044","WHIPPED TOPPING CAN","WHIPPED TOPPING NON-DAIRY CAN LIKE REDI WHIP","SPECIFY",null,"CS",12,"13 OZ",25,44.41,1110.25,3.7008333333333332,32109,"REDDI-WIP","12 / 15 OZ",null,"32109 / TOPPING, WHIPPED CREAM AERO"]
[null,400,"D1146","WHIPPED TOPPING MIX","WHIPPED TOPPING NON-DAIRY DRY POWDER MIX","SPECIFY","","CS",12,"16 OZ",60,45.15,2709,3.7624999999999997,9310533,"RICH'S","12 / 16 OZ",null,"9310533 / TOPPING,N/D PRE-WHIP W/BAG"]
[null,401,"CTF7008","YOGURT BULK PLAIN","NON-FAT BULK CATERING","SPECIFY",null,"CS",6,"30 OZ",55,15.59,857.45,2.5983333333333332,8171159,"DANNON","6 / 32 OZ",null,"8171159 / YOGURT, NONFAT"]
[null,402,"C1045","YOGURT CUPS BLUEBERRY","NON-FAT INDIVIDUAL CUPS","UPSTATE FARMS OR APPROVED EQUIVALENT",9816,"CS",48,"4 OZ",500,19.559999999999999,9780,0.40749999999999997,8170052,"YOPLAIT","48 / 4 OZ",null,"8170052 / YOGURT, LIGHT BLUE/VAN"]
[null,403,"C1046","YOGURT CUPS CHERRY VANILLA","NON-FAT INDIVIDUAL CUPS","UPSTATE FARMS OR APPROVED EQUIVALENT",9819,"CS",48,"4 OZ",500,7.26,3630,0.15125,8171144,"DANNON","12 / 5.3 OZ",null,"8171144 / YOGURT, CHERRY/VAN LIGHT&FIT"]
[null,404,"C1047","YOGURT CUPS RASPBERRY","NON-FAT INDIVIDUAL CUPS","UPSTATE FARMS OR APPROVED EQUIVALENT",9817,"CS",48,"4 OZ",1000,17.22,17220,0.35874999999999996,8170014,"TRIX","48 / 4 OZ",null,"8170014 / YOGURT, RASPBERRY RAINBOW"]
[null,405,"C1048","YOGURT CUPS RASPBERRY/CHERRY","NON-FAT INDIVIDUAL CUPS","DANNON CREAMY OR APPROVED EQUIVALENT",1956,"CS",48,"4 OZ",1000,14.31,14310,0.29812500000000003,8170040,"DANNON","48 / 4 OZ",null,"8170040 / YOGURT CREAMY RASP/CHERRY"]
[null,406,"C1049","YOGURT CUPS STRAWBERRY BANANA","NON-FAT INDIVIDUAL CUPS","UPSTATE FARMS OR APPROVED EQUIVALENT",9820,"CS",48,"4 OZ",1000,14.8,14800,0.30833333333333335,8172732,"DANIMALS","48 / 4 OZ",null,"8172732 / YOGURT STRAWBRY/BANANA CUP"]
[null,407,"C1050","YOGURT IN A BAG","YOGURT IN A BAG VANILLA","YOPLAIT PARFAITPRO OR APPROVED EQUIVALENT",16632000,"CS",6,"64 OZ",400,27.52,11008,4.5866666666666669,8170025,"YOPLAIT","6 / 64 OZ",null,"8170025 / YOGURT, LF VANILLA POUCH"]

{"sheet":"Shamrock","index":3,"n_rows":412,"n_cols":19,"rows_kept":412,"cut":false,"hidden":true,"merged":[[3,23,4,23],[3,24,4,24],[3,25,4,25],[3,26,4,26],[3,15,4,15],[3,16,4,16],[3,17,4,17],[3,18,4,18],[3,21,4,21],[3,22,4,22],[3,14,4,14],[2,1,2,4],[2,8,2,10],[2,11,2,14],[3,1,4,1],[3,2,4,2],[3,3,4,3],[3,4,4,4],[3,5,4,5],[3,6,4,6],[3,7,4,7],[3,8,4,9],[3,10,4,10],[3,11,4,11],[3,12,4,12],[3,13,4,13],[0,1,0,4],[0,8,0,10],[0,11,0,14],[1,1,1,4],[1,8,1,10],[1,11,1,14]]}
[null,"ROSWELL INDEPENDENT SCHOOL DISTRICT",null,null,null,null,null,null,"Vendor Name:",null,null,"Shamrock Foods Company"]
[null,"CAFETERIA FOOD BID 23-06 FOR SCHOOL YEAR 2023-24",null,null,null,null,null,null,"Vendor Contact",null,null,"Jessa Zuck (Bid) & Chimene Quillen (Sales)"]
[null,"MUST BE RECEIVED BY MAY 4, 2023 ON CD-R OR FLASH DRIVE  \nSEALED WITH SUPPORTING DOCUMENTS",null,null,null,null,null,null,"Date",null,null,"2023-05-01"]
[null,"ITEM","STOCK ID","ITEM","DESCRIPTION","Approved Brand","Product Code or UPC","BID UNIT","CASE PACK",null,"EST USAGE","BID UNIT PRICE","Extended Total","per UNIT price","VENDOR STOCK NO","BRAND NAME","PACK SIZE","SPECIAL ORDER\nYES  NO","BIDDERS NOTES"]
[]
[null,1,"D1000","APPLESAUCE CANNED","APPLESAUCE GRADE B FANCY NATURAL COLOR UNSWEETENED MUST MEET BUY AMERICAN REQUIREMENTS","SPECIFY","","CS",6,"10 CN",400,42.3765,{"$f":"IF(L6*K6= 0,\"\",L6*K6)","v":16950.599999999999},{"$f":"IF(L6/I6= 0,\"\",L6/I6)","v":7.0627500000000003},4647841,"BHVSD","6/10/CN","N","APPLESAUCE, UNSWTND FCY"]
[null,2,"D1001","APPLESAUCE CUPS CINNAMON","CINNAMON UNSWEETENED APPLESAUCE MUST PROVIDE 1/2 CUP FRUIT EQUIVALENT UNDER THE NSLP.  100% ALL NATURAL INGREDIENTS SHELF-STABLE FOR 18 MONTHS NO HIGH FRUCTOSE CORN SYRUP OR ADDED SUGAR FAT FREE 100% VITAMIN C","SPECIFY",null," CS",96,"4.5 OZ",600,37.32855,22397.13,0.3888390625,4017971,"MUSLM","96/4.5/OZ","N","APPLESAUCE, CINN UNSWTND CUP"]
[null,3,"D1002","APPLESAUCE CUPS PEACH","PEACH UNSWEETENED APPLESAUCE MUST PROVIDE 1/2 CUP FRUIT EQUIVALENT UNDER THE NSLP.  100% ALL NATURAL INGREDIENTS SHELF-STABLE FOR 18 MONTHS NO HIGH FRUCTOSE CORN SYRUP OR ADDED SUGAR FAT FREE 100% VITAMIN C","SPECIFY",null," CS",96,"4.5 OZ",600,"No Bid",{"$error":"#VALUE!"},{"$error":"#VALUE!"},"NO BID","NO BID","NO BID","NO BID","NO BID"]
[null,4,"D1003","APPLESAUCE CUPS PLAIN","PLAIN UNSWEETENED APPLESAUCE MUST PROVIDE 1/2 CUP FRUIT EQUIVALENT UNDER THE NSLP.  100% ALL NATURAL INGREDIENTS SHELF-STABLE FOR 18 MONTHS NO HIGH FRUCTOSE CORN SYRUP OR ADDED SUGAR FAT FREE 100% VITAMIN C","SPECIFY",null," CS",96,"4.5 OZ",600,37.32855,22397.13,0.3888390625,4017941,"MUSLM","1/96/PK","N","APPLESAUCE, CUP UNSWTND 4.5Z"]
[null,5,"D1004","APPLESAUCE CUPS STRAWBERRY","PLAIN UNSWEETENED APPLESAUCE MUST PROVIDE 1/2 CUP FRUIT EQUIVALENT UNDER THE NSLP.  100% ALL NATURAL INGREDIENTS SHELF-STABLE FOR 18 MONTHS NO HIGH FRUCTOSE CORN SYRUP OR ADDED SUGAR FAT FREE 100% VITAMIN C","SPECIFY",null," CS",96,"4.5 OZ",600,"No Bid",{"$error":"#VALUE!"},{"$error":"#VALUE!"},"NO BID","NO BID","NO BID","NO BID","NO BID"]
[null,6,"CTF7049","AVACADO PULP","AVACADO PULP FROZEN CATERING","SPECIFY",null,"CS",12,"1LBS",70,50.896300000000004,3562.7410000000004,4.2413583333333333,3927541,"HVTFA","12/1/LB","N","AVOCADO, PULP"]
[null,7,"F1000","BACON PIECES","BACON ENDS & PIECES","SPECIFY","","CS",12,"3 LB",425,37.017499999999998,15732.4375,3.0847916666666664,3050981,"SMITH","2/5/LB","N","BACON, ENDS & PCS DICED APPROX .5\""]
[null,8,"F1001","BACON PRE-COOKED","FULLY COOKED AND READY TO EAT - SIMPLY WARM & SERVE  100% REAL BACON","HORMEL OR APPROVED EQUIVALENT",3729,"CS",1,300,500,34.995350000000002,17497.674999999999,34.995350000000002,4630091,"PRCRO","2/150/PK","N","BACON, CKD 300 SLI"]
[null,9,"CTF7050","BACON SLICED THICK","BACON THICK SLICED  CATERING","SPECIFY",null,"CS",15,"LB",30,48.454250000000002,1453.6275000000001,3.2302833333333334,4914511,"PRCRD","1/15/LB","N","BACON,  SGL APPLWD SMKD 10-12 SLI"]
[null,10,"CTF7051","BACON SLICED THIN","BACON THIN SLICED CATERNG","SPECIFY",null,"CS",15,"LB",15,42.984499999999997,644.76749999999993,2.8656333333333333,4433951,"PRCRF","1/15/LB","N","BACON, SLAB HKRY SMKD 18-22 SLI"]
[null,11,"F1002","BAGEL BLUEBERRY","BAGEL WG BLUEBERRY SLICED IW MUST BE WHOLE GRAIN RICH AND PROVIDE 2.0OZ GRAIN EQUIVALENTS.  PORTION TO PROVIDE AT LEAST 115 CALORIES WITH NO MORE THAN 2 GRAMS OF FAT. ","BAKE CRAFTERS OR APPROVED EQUIVALENT",696,"CS",84,"2 OZ",450,35.724649999999997,16076.092499999999,0.42529345238095234,4700071,"BKCRF","84/2/OZ","Y","BAGEL, BLUEBRY SLI IW WG"]
[null,12,"F1003","BAGEL PLAIN","BAGEL WG BLUEBERRY IW MUST BE WHOLE GRAIN RICH AND PROVIDE 2.0OZ GRAIN EQUIVALENTS.  PORTION TO PROVIDE AT LEAST 115 CALORIES WITH NO MORE THAN 2 GRAMS OF FAT. ","BAKE CRAFTERS OR APPROVED EQUIVALENT",982,"CS",84,"2 OZ",450,30.177549999999997,13579.897499999999,0.35925654761904757,3162701,"LENDR","72/2/OZ","N","BAGEL, WHITE WHEAT WG SLI IW"]
[null,13,"D1005","BAKING SODA","SODIUM BICARBONATE","SPECIFY","","CS",24,"1 LBS",60,26.472999999999999,1588.3799999999999,1.1030416666666667,3077601,"KATYO","24/1/LB","N","BAKING SODA, 1LB GLUTEN FREE"]
[null,14,"F1004","BAR BREAKFAST APPLE","BREAKFAST BAR APPLE THAT MEET 2OZ WG AND 1/2C FRUIT FOR CHILD NUTRITIONAL MEAL PATTERN","DAVE'S OR APPROVED EQUIVALENT",4014,"CS",64,"3 OZ",1000,44.752499999999998,44752.5,0.69925781249999996,3453251,"DVBKY","64/3/OZ","Y","BREAKFAST BAR, APPLE WG"]
[null,15,"F1005","BAR BREAKFAST BANANA CHOCOLATE","INDIVIDUALLY WRAPPED 51% WHOLE GRAIN BANANA CHOCOLATE CHUNK","BeneFIT OR APPROVED EQUIVALENT",40402,"CS",48,"2.5 OZ",1650,21.547499999999999,35553.375,0.44890625000000001,2883711,"READI","1/48/PK","N","BREAKFAST BAR, BANANA CHOC CHUNK"]
[null,16,"F1006","BAR BREAKFAST BLUEBERRY","BREAKFAST BAR BLUEBERRY THAT MEET 2OZ WG AND 1/2C FRUIT FOR CHILD NUTRITIONAL MEAL PATTERN","DAVE'S OR APPROVED EQUIVALENT",4014,"CS",64,"3 OZ",1000,44.752499999999998,44752.5,0.69925781249999996,4986291,"DVBKY","64/3/OZ","Y","BREAKFAST BAR, BLUEBRY WG IW"]
[null,17,"F1007","BAR BREAKFAST COCOA CHIP","INDIVIDUALLY WRAPPED 51% WHOLE GRAIN COCOA CHIP","BeneFIT OR APPROVED EQUIVALENT",40406,"CS",48,"2.5 OZ",1650,22.6525,37376.625,0.47192708333333333,4012001,"READI","48/2.5/OZ","Y","BREAKFAST BAR, COCOA CHIP WG 2.5Z IW"]
[null,18,"F1008","BAR BREAKFAST OATMEAL CHOCOLATE","INDIVIDUALLY WRAPPED 51% WHOLE GRAIN OATMEAL CHOCOLATE CHIP","BeneFIT OR APPROVED EQUIVALENT",40401,"CS",48,"2.5 oz",1650,21.547499999999999,35553.375,0.44890625000000001,2883731,"READI","48/2.5/OZ","N","BREAKFAST BAR, OATMEAL CHOC CHIP"]
[null,19,"F1009","BAR OATMEAL BLUEBERRY","BLUEBERRY OATMEAL BARS 2.04 OZ  51% WHOLE GRAIN MEET 2 OZ GRAIN EQUIVALENT","DARLINGTON SNACKS OR APPROVED EQUIVALENT",75600,"CS",160,"2.4 OZ",1000,"No Bid",{"$error":"#VALUE!"},{"$error":"#VALUE!"},"NO BID","NO BID","NO BID","NO BID","NO BID"]
[null,20,"C1000","BASE BEEF","GRADE A TO CONTAIN BEEF LOW SODIUM- PASTE NON-CAKING READY TO DISSOLVE BEEF FLAVORED NO MSG","SPECIFY","","CS",12,"1 LBS",200,63.296000000000006,12659.2,5.2746666666666675,2746761,"CCLGL","6/1/LB","N","SOUP BASE, BEEF LS NO MSG"]
[null,21,"C1001","BASE CHICKEN","GRADE A TO CONTAIN CHICKEN LOW SODIUM - PASTE NON-CAKING READY TO DISSOLVE CHICKEN FLAVORED NO MSG","SPECIFY","","CS",12,"1 LBS",200,65.721600000000009,13144.320000000002,5.4768000000000008,1962281,"MINOR","6/1/LB","N","SOUP BASE, CHICKEN NO MSG LS"]
[null,22,"CTF7009","BASE CHICKEN KNORR","CHICKEN FLAVORED BOUILLON CATERING","KNORR OR APPROVED EQUIVALENT",116300,"BTL",1,"7.9 LB",5,27.675200000000004,138.37600000000003,27.675200000000004,1962213,"KNORR","1/7.9/LB","N","SOUP BASE, CHICKEN CALDO DE POLLO"]
[null,23,"C1002","BASE HAM","GRADE A TO CONTAIN HAM LOW SODIUM - PASTE NON-CAKING READY TO DISSOLVE BEEF FLAVORED NO MSG","SPECIFY","","CS",12,"1 LBS",300,73.667200000000008,22100.160000000003,6.138933333333334,1978201,"CCLGL","6/1/LB","N","SOUP BASE, HAM NO MSG GOLD LABEL"]
[null,24,"D1006","BEANS BAKED","REDUCED SODIUM VEGETARIAN BAKED BEANS","BUSHS BEST OR APPROVED EQUIVALENT",null,"CS",6,"#10 CANS",1500,45.124000000000009,67686.000000000015,7.5206666666666679,4074831,"BUSH","6/115/OZ","Y","BEAN, BAKED VEGETARIAN RS"]
[null,25,"D1007","BEANS GARBANZO","BRINE PACK. GARBANZO BEANS WATER SALT VINEGAR DISODIUM EDTA (TO PROMOTE COLOR AND RETENTION) AND CALCIUM CHLORIDE (A FIRMING AGENT).","SPECIFY",null,"CS",6,"10 LB",65,34.781999999999996,2260.83,5.7969999999999997,1909921,"BHVSD","6/10/CN","N","BEAN, GARBANZO FCY GRD A"]
[null,26,"CTF7010","BEANS KIDNEY ","CATERING",null,null,"CS",6,"#10 CAN",50,36.872000000000007,1843.6000000000004,6.1453333333333342,4921141,"BHVSD","6/10/CN","N","BEAN, KIDNEY DRK RED HVY PK IN SCE W-SGR"]
[null,27,"D1008","BEANS PINTO CANNED","PINTO BEANS WHOLE STYLE SEASONED VEGETARIAN CANNED IN BRINE US GRADE B  LOW SODIUM (140 MILLIGRAMS OF SODIUM OR LESS PER SERVING)","BUSH'S OR APPROVED EQUIVALENT","","CS",6,"10 CN",1300,34.199000000000005,44458.700000000004,5.6998333333333342,4241401,"BHVSD","6/10/CN","N","BEAN, PINTO FCY LS"]
[null,28,"D1009","BEANS PINTO DRY","US #1 GRADE A CURRENT CROP 98% CLEAN FREE OF WEEVILS DIRT AND ROCKS.  TRIPLE CLEANED.","SPECIFY","","LB",50,"LBS",250,40.414000000000009,10103.500000000002,0.80828000000000022,2460591,"BHVST","1/50/LB","N","BEAN, PINTO PREWASHED"]
[null,29,"D1010","BEANS RANCH","PINTO BEANS WATER TOMATO PUREE LESS THAN 2% BLEND OF VEGETABLE OILS AND ANIMAL FAT SALT CHILI PEPPERS SUGAR PAPRIKA VINEGAR SPICES ONION POWDER GARLIC POWDER NATURAL FLAVORINGS SOY LECITHIN LOW SODIUM (140 MILLIGRAMS OF SODIUM OR LESS PER SERVING)","RANCH STYLE OR APPROVED EQUIVALENT",4690000116,"CS",6,"10 CN",300,48.114000000000004,14434.2,8.0190000000000001,1113281,"RSTYL","6/10/CN","N","BEAN, ORIG RANCH STYL"]
[null,30,"D1011","BEANS REFRIED","DEHYDRATED JUST ADD WATER TO COOK AND SERVE UNSEASONED. US GRADE A","SANTIAGO OR APPROVED EQUIVALENT",10166,"CS",6,"28.1 OZ",300,"No Bid",{"$error":"#VALUE!"},{"$error":"#VALUE!"},"NO BID","NO BID","NO BID","NO BID","NO BID"]
[null,31,"CTF7052","BEEF BRISKET","BEEF PACKER TRIM VACCUUM PACKED LARGE 14-22 LB CATERING","SPECIFY","","LB",1,"LB",2000,6.5664000000000007,13132.800000000001,6.5664000000000007,946981,"JITEV","2/15/LBAV","N","BEEF, BRISKET BNLS 2PC"]
[null,32,"CTF7053","BEEF CHICKEN FRIED STEAK","EXCLUSIVE CUT™ WHOLE MUSCLE BEEF. BATTERED WITH A BUTTERMILK BLEND BREADED WITH A FLOUR-BASED BREADING. CATERING","ADVANCE/PIERRE OR APPROVED EQUIVALENT",4541,"CS",40,"4 OZ",25,63.625899999999994,1590.6474999999998,1.5906474999999998,2575701,"ADVNC","40/4/OZ","N","BEEF, FRITTER WHL MSCL NATRL 4X1"]
[null,33,"F1010","BEEF FAJITA STRIPS","FORMED BEEF SEASONED FULLY COOKED AND SLICED INTO 3/8-INCH STRIPS. SOY ADDED. CHAR MARKED.","ADVANCE/PIERRE OR APPROVED EQUIVALENT",56001,"CS",2,"5 LB",100,"No Bid",{"$error":"#VALUE!"},{"$error":"#VALUE!"},"NO BID","NO BID","NO BID","NO BID","NO BID"]
[null,34,"F1011","BEEF GROUND 85/15","100 % BEEF, GROUND, RAW, FROZEN, UNSEASONED FINE GRIND 85/15 LEAN/FAT RATIO, NO FILLERS, MEET NEW MEXICO GROWN REQUIREMENTS, LESS THAN 100MG SODIUM PER 3OZ SERVING, INDIVIDUALLY WRAPPED 5 PACKS/10 POUNDS","NEW MEXICO'S BEST OR APPROVED EQUIVALENT","NMB8515GB","CS",5,"10#",2000,65.199600000000004,130399.20000000001,13.03992,601521,"GCSIG","2/5/LB","N","BEEF, GRND BULK 85/15 FZN"]
[null,35,"F1012","BEEF PATTY","FULLY COOKED BEEF PATTIES, EACH 3.00 OZ FULLY COOKED BEEF PATTY PROVIDES 2.50 OZ EQUIVALENT MEAT FOR NSL, NO FILLERS, MEET NEW MEXICO GROWN REQUIREMENTS, LESS THAN 100MG SODIUM PER 3OZ SERVING","NEW MEXICO'S BEST OR APPROVED EQUIVALENT","NMB8020BPSFC","CS",195,"3 OZ",600,202.06,121236,1.0362051282051281,3416501,"ADVPI","1/200/PK","N","BEEF, PTY STK FLBRLD 2.4Z FFSD"]
[null,36,"F1013","BEEF PHILLY STEAK","FULLY COOKED COOKED SLICED STEAK LESS THAN 230MG SODIUM PER SERVING","ADVANCE/PIERRE OR APPROVED EQUIVALENT",69249,"CS",170,"2.82 OZ",200,"No Bid",{"$error":"#VALUE!"},{"$error":"#VALUE!"},"NO BID","NO BID","NO BID","NO BID","NO BID"]
[null,37,"F1014","BEEF SHREDS","BEEF SHREDS, EACH 2.36OZ MEET 2M/MA FOR NSLP NO FILLERS, MEET NEW MEXICO GROWN REQUIREMENTS, LESS THAN 100MG SODIUM PER 3OZ SERVING","NEW MEXICO'S BEST OR APPROVED EQUIVALENT","NMBBSFC","CS",5,"10 LB",600,"No Bid",{"$error":"#VALUE!"},{"$error":"#VALUE!"},"NO BID","NO BID","NO BID","NO BID","NO BID"]
[null,38,"F1015","BEEF STEAK FINGERS WG","BEEF STRIP, FULLY COOKED, BREADED, NO FILLERS, MEET NEW MEXICO GROWN REQUIREMENTS, LESS THAN 100MG SODIUM PER 3.6 OZ SERVING","NEW MEXICO'S BEST OR APPROVED EQUIVALENT","NMB8020BSSBSFC","CS",534,".9 oz",450,108,48600,0.20224719101123595,4084601,"ADVPI","500/.97/OZ","N","BEEF, FINGER BRD WG FFSD"]
[null,39,"F1016","BEEF STEAK PATTIE BREADED","BEEF PATTY, BREADED, FULLY COOKED, EACH 3.2 OZ PATTY PROVIDES 2OZ EQUIVALENT MEAT/MEAT ALTERNATE FOR NSLP, NO FILLERS, MEET NEW MEXICO GROWN REQUIREMENTS, LESS THAN 100MG SODIUM PER 3.2 OZ SERVING","NEW MEXICO'S BEST OR APPROVED EQUIVALENT","NMB8020BPBSFC","CS",150,"3.2 oz",400,114.06,45624,0.76039999999999996,3548321,"ADVPI","150/3.2/OZ","N","BEEF, PTY BRD 3.2Z WG FFSD"]
[null,40,"F1017","BISCUIT WG","HONEY WHOLE WHEAT HEAT & SERVE PRE-SLICED MEET 2 OZ/GR","BRIDGEFORD OR APPROVED EQUIVALENT",6270,"CS",100,"2.25 OZ",400,32.100250000000003,12840.1,0.32100250000000002,4062181,"BRGFD","1/100/PK","Y","BISCUIT, HNY WHL WHEAT SLI"]
[null,41,"CTF7054","BISCUIT WHITE BUTTERMILK","BISCUIT OLD SOUTH BUTTERMILK PRE-SLICED FULLY COOOKED 2.25 OZ CATERING","BRIDGEFORD OR APPROVED EQUIVALENT",6170,"CS",100,"2.25 OZ",300,30.000749999999996,9000.2249999999985,0.30000749999999998,3139191,"BRGFD","100/2.25/Z","N","BISCUIT, BTRMLK OLD SOUTH SLI 3\" RND"]
[null,42,"F1018","BOLI STRAWBERRY","BOLI STRAWBERRY WG IW EACH 3.24 OZ PROVIDES 2.00 OZ EQ GRAINS OR NSP","TASTY BRAND OR APPROVED EQUIVALENT",53205,"CS",96,"3.24 OZ",850,62.178350000000002,52851.597500000003,0.64769114583333331,4736861,"TSTYB","96/3.24/OZ","N","ENTRE, STRAWBERRYBOLI WG IW"]
[null,43,"F1019","BOLI SWEET","BOLI STRAWBERRY WG IW EACH 3.24 OZ PROVIDES 2.00 OZ EQ GRAINS OR NSP","TASTY BRAND OR APPROVED EQUIVALENT",53204,"CS",96,"3.24 OZ",850,62.178350000000002,52851.597500000003,0.64769114583333331,4736861,"TSTYB","96/3.24/OZ","N","ENTRE, STRAWBERRYBOLI WG IW"]
[null,44,"F1020","BOLILLO CHORIZO & CHEESE","BOLLIOS, CHORIZO & CHEESE, BULK,  EACH BOLILLO MUST MEET 1.5OZ GRAIN AND 1 M/MA FOR STUDENT NUTRITION PROGRAM","ARDELLA'S  OR APPROVED EQUIVALENT",10014,"CS",72,"3.35 OZ",900,"No Bid",{"$error":"#VALUE!"},{"$error":"#VALUE!"},"NO BID","NO BID","NO BID","NO BID","NO BID"]
[null,45,"F1021","BREAD BANANA SLICE ","3.4OZ (96G) FROZEN IW THAW & SERVE CONTAINS ZERO TRANS-FAT > 51% WHOLE WHEAT FLOUR NON-DAIRY NO ARTIFICIAL COLORS FLAVORS OR PRESERVATIVES.  MUST CONFORM TO USDA CHILD NUTRITION PROGRAM SPECIFICATIONS AND MEET 2 SERVINGS OF GRAIN.","SUPER BAKERY OR APPROVED EQUIVALENT",6071,"CS",70,"3.4 OZ",1200,49.658699999999996,59590.439999999995,0.70940999999999999,4895961,"SBAKR","75/3.4/OZ","N","BREAD, BANANA SLI 3.4Z WG IW"]
[null,46,"F1022","BREAD LEMON","3.4OZ (96G) FROZEN IW THAW & SERVE CONTAINS ZERO TRANS-FAT > 51% WHOLE WHEAT FLOUR NON-DAIRY NO ARTIFICIAL COLORS FLAVORS OR PRESERVATIVES.  MUST CONFORM TO USDA CHILD NUTRITION PROGRAM SPECIFICATIONS AND MEET 2 SERVINGS OF GRAIN.","SUPER BAKERY  OR APPROVED EQUIVALENT",7507,"CS",70,"3.4OZ",1200,53.404649999999997,64085.579999999994,0.76292357142857137,4896011,"SBAKR","75/3.4/OZ","Y","BREAD, LEMON SLI 3.4Z WG IW"]
[null,47,"F1023","BREADSTICK","WHITE WHOLE WHEAT CHEESY GARLIC BREADSTICK DOUGH FROZEN RAW PROOF AND BAKE WHOLE GRAIN FLOUR CHEESE AND GARLIC FLAVORED.  EACH STICK MUST PROVIDE A MINUMIM OF 1GB COMPONENT FOR NSLP","BRIDGEFORD OR APPROVED EQUIVALENT",6787,"CS",320,"1.125 oz",1500,38.343500000000006,57515.250000000007,0.11982343750000002,3518271,"BRGFD","320/1.13/Z","N","DOUGH, BREADSTICK WG CHSY GARLC"]
[null,48,"F1024","BREADSTICK CHEESE FILLED WG","BREAKSTICK CHEESE FILLED WG EACH BREADSTICK MEETS 1M/MA FOR CHILD NUTRITION MEAL PATTERN","CLASSIC DELIGHT OR APPROVED EQUIVALENT","A33045","CS",112,"2 OZ",800,68.88,55104,0.61499999999999999,3376321,"BEACO","1/200/PK","N","BREADSTICK, CHSE STFD 51% WG"]
[null,49,"F1025","BREAKFAST ROUNDS","CINNAMON AND BROWN SUGAR BREAKFAST ROUND IW MUST MEET 2 GRAIN FOR SBP","UBR/RICH'S OR APPROVED EQUIVALENT",8733,"CS",126,"2.2 OZ",1000,58.5871,58587.1,0.46497698412698413,3041351,"UBR","126/2.2/OZ","N","BREAKFAST BAR, CINN ULTIMATE RND"]
[null,50,"F1026","BURRITO","BEEF BEAN AND CHEESE BURRITO. A RED CHILI BEEF BEAN AND TEXTURED VEGETABLE PROTEIN FILLING WRAPPED IN A FLOUR TORTILLA. BURRITOS SHALL BE UNIFORMLY ROLLED WITH A UNIFORM DISTRIBUTION OF FILLING. NO EXESSIVELY FLATTENED OR IRREGULAR SHAPED PRODUCT.","BUTCHERBOY/POSADA OR APPROVED EQUIVALENT",1020001,"CS",72,"4 OZ",1000,"No Bid",{"$error":"#VALUE!"},{"$error":"#VALUE!"},"NO BID","NO BID","NO BID","NO BID","NO BID"]
[null,51,"F1027","BURRITO BEAN & CHEESE de CHILE RELLENO","BURRITO -FROZEN BEAN & CHEESE DE CHILE RELLENO-REFRIED BEANS TOPPED WITH MEXICAN STYLE RICE WITH RED SALSA WITH POBLANO CHILE AND PEPPER JACK CHEESE ON A WHOLEWHEAT FLOUR TORTILLA. EACH 7.66 OZ. BURRITO PROVIDES 2.00 OZ MEAT ALTERNATE AND 1/8 CUP OTHER VEGETABLE AND 2.25 OZ EQV GRAIN OR 1.00 OZ MEAT ALTERNATE AND 1/8 CUPOTHER VEGETABLE AND 1/4 CUP LEGUME VEGETABLE AND 2.25 OZ EQV GRAIN TOWARDS THE NSLP, WHOLE GRAIN RICH FLOUR TORTILLA. CN LABELED. BURRITOS ARE HAND-WRAPPED INOVENABLE FOIL SHEETS. 36 COUNT. PREPARATION INSTRUCTIONS INCLUDED ON BOX. NO MORE THAN 700 MG SODIUM, LESS THAN 15% CALORIES FROM SATURATED FAT, 0 TRANS FAT. NOLESS THAN 400 KCAL. HAND HELD, FULLY COOKED. HEAT & SERVE.-VEGETARIAN. CABO PRIMO BRAND 71683","LOS CABOS OR APPROVED EQUIVALENT",71683,"CS",36,"7.66 OZ",600,73.780850000000001,44268.51,2.0494680555555558,4373531,"CABO","36/7.66/OZ","N","BURRITO, BEAN & CHSE GRN CHILE SHRD IW"]
[null,52,"F1028","BURRITO PRE-FRIED BULK"," 4.75 OZ. CHEESE BEEF BEAN & RED CHILI BURRITO FULLY COOKED GROUND BEEF RED CHILI SAUCE AMERICAN CHEESE PINTO BEANS WRAPPED IN A WHOLE GRAIN RICH BLEND OF WHEAT AND CORN FLOUR TORTILLA 16g PROTEIN PER SERVING CN LABELED - SERVES 2 OZ. M/MA & 2 OZ. EQUIVALENT GRAINS PRE-FRIED","FERNANDO'S OR APPROVED EQUIVALENT",21072,"CS",72,"4.75 oz",1000,77.3279,77327.899999999994,1.0739986111111111,2318741,"FRNDO","72/4.75/OZ","N","BURRITO, BEEF BEAN CHSE RED"]
[null,53,"D1012","BUTTER ALTERNATIVE","PHASE® ZERO TRANS NO SODIUM LIQUID BUTTER ALTERNATIVE","PHASE OR APPROVED EQUIVALENT",13688,"CS",3,"GAL",200,"No Bid",{"$error":"#VALUE!"},{"$error":"#VALUE!"},"NO BID","NO BID","NO BID","NO BID","NO BID"]
[null,54,"C1008","BUTTERMILK BAKING 1%","BUTTERMILK BAKING 1%","SPECIFY",null,"CS",4,"GAL",100,19.409600000000005,1940.9600000000005,4.8524000000000012,4783481,"SHAMF","6/.5/GL","N","BUTTERMILK, 1% LF"]
[null,55,"D1013","CEREAL BLUEBERRY CHEX 2OZ","BLUEBERRY CHEX AND SWEETENED RICE GLUTEN-FREE CEREAL. THIS READY-TO-EAT CUP PROVIDES CONVENIENT PORTION CONTROL AND ROOM FOR MILK. WHOLE GRAIN RICE – FIRST INGREDIENT. MEETS 2 OUNCE EQUIVALENT GRAINS USDA SMART SNACK CRITERIA AND IS CACFP ELIGIBLE.","GENERAL MILLS OR APPROVED EQUIVALENT",17262000,"CS",60,"2 OZ",500,36.092400000000012,18046.200000000004,0.60154000000000019,4729731,"GNRLM","60/2/OZ","Y","CEREAL, CHEX BLUEBRY 2Z WG"]
[null,56,"D1014","CEREAL CHEERIOS 1 OZ","READY TO EAT CEREALS: BOWL PACK WHOLE GRAIN OATS RINGS. MUST MEET 1G EQUIVALENCY FOR SBP","GENERAL MILLS OR APPROVED EQUIVALENT",32262000,"CS",96,"1 oz",250,27.540000000000003,6885.0000000000009,0.28687500000000005,3349041,"GNRLM","96/1.0/OZ","N","CEREAL, CHEERIOS TALL WG BOWLPAK"]
[null,57,"D1015","CEREAL CINNAMON CHEX 1 OZ","CINNAMON CHEX™ IS MADE WITH REAL CINNAMON AND SWEETENED RICE GLUTEN-FREE CEREAL. THIS READY-TO-EAT CUP PROVIDES CONVENIENT PORTION CONTROL AND ROOM FOR MILK. WHOLE GRAIN RICE – FIRST INGREDIENT. MEETS 2 OUNCE EQUIVALENT GRAINS USDA SMART SNACK CRITERIA AND IS CACFP ELIGIBLE.","GENERAL MILLS OR APPROVED EQUIVALENT",14883000,"CS",60,"2 OZ",500,34.117200000000004,17058.600000000002,0.56862000000000001,4462231,"GNRLM","60/2/OZ","N","CEREAL, CINN CHEX SSRV"]
[null,58,"D1016","CEREAL CINNAMON TOAST 1 OZ","READY TO EAT CEREALS: BOWL PACK WHOLE GRAIN 25% LESS SUGAR CINNAMON TOAST SQUARES. MUST MEET 1G EQUIVALENCY FOR SBP","GENERAL MILLS OR APPROVED EQUIVALENT",294440000,"CS",96,"1 OZ",250,27.540000000000003,6885.0000000000009,0.28687500000000005,2225631,"GNRLM","1/96/PK","N","CEREAL, CINN TOAST REDUCED SGR"]
[null,59,"D1017","CEREAL CINNAMON TOAST 2OZ","READY TO EAT CEREALS: BOWL PACK WHOLE GRAIN 25% LESS SUGAR CINNAMON TOAST SQUARES. MUST MEET 2G EQUIVALENCY FOR SBP","GENERAL MILLS OR APPROVED EQUIVALENT",148861000,"CS",60,"2 OZ",1000,27.540000000000003,27540.000000000004,0.45900000000000002,4011581,"GNRLM","96/1/OZ","N","CEREAL, CINN TOAST BWL"]
[null,60,"D1018","CEREAL COCOA PUFFS 2OZ","READY TO EAT CEREALS: BOWL PACK WHOLE GRAIN COCOA PUFFS REDUCED SUGAR MUST MEET 2 GRAIN EQUIVALENCY FOR SBP","GENERAL MILLS OR APPROVED EQUIVALENT",148854000,"CS",60,"2 OZ",1000,34.117200000000004,34117.200000000004,0.56862000000000001,2664721,"GNRLM","1/60/PK","Y","CEREAL, CINN TOAST CRUNCH CUP"]
[null,61,"D1019","CEREAL CREAM OF WHEAT","HOT CEREALS: ENRICHED PLAIN BULK QUICK COOK CREAM OF WHEAT WHOLE GRAIN. MUST MEET 1G EQUIVALENCY FOR SBP","SPECIFY","","CS",12,"28 OZ",10,59.928000000000004,599.28000000000009,4.9940000000000007,1919081,"CRMWT","12/28/OZ","N","CEREAL, CRM OF WHEAT QUICK"]
[null,62,"D1020","CEREAL LUCKY CHARMS 2OZ","READY TO EAT CEREALS: BOWL PACK WHOLE GRAIN WITH MARSHMALLOWS ASSORTED BERRY PUFFS REDUCED SUGAR. MUST MEET 2G EQUIVALENCY FOR SBP","GENERAL MILLS OR APPROVED EQUIVALENT",148847000,"CS",60,"2 OZ",200,34.117200000000004,6823.4400000000005,0.56862000000000001,4461851,"GNRLM","60/2/OZ","N","CEREAL, LUCKY CHARMS SSRV"]
[null,63,"D1021","CEREAL OATMEAL","OATS ROLLED INSTANT ENRICHED DRY","SPECIFY","","CS",12,"42 OZ",20,44.660000000000004,893.2,3.7216666666666671,4022711,"HSPTL","12/42/OZ","N","CEREAL, QUICK OATS"]
[null,64,"D1022","CEREAL RICE KRISPIES BULK","RICE BULK WHOLE GRAIN  PLAIN PUFFS. MUST MEET 1G EQUIVALENCY FOR SBP","SPECIFY",null,"CS",4,"35 OZ",900,28.987200000000001,26088.48,7.2468000000000004,1919851,"RKRSP","4/27/OZ","N","CEREAL, RICE KRISPIES"]
[null,65,"C1009","CHEESE AMERICAN SLICED","CHEESE AMERICAN PROCESSED SLICED 1/2 OUNCE EACH UNWRAPPED.  REDUCED FAT REDUCED SODIUM PRE-SLICED YELLOW  AMERICAN PROCESSED CHEESE.  IMITATION OR CHEESE BLENDS NOT ACCEPTED.  FAT GRAMS NOT TO EXCEED 2G PER SLICE SODIUM NOT TO EXCEED 210MG PER SLICE.  1 SLICE/.5OZ   .5OZMMA  6/5#LAND O LAKES PREFERRED - AVAILABLE FOR NET OFF INVOICE. FOR NOI PRICING","BONGARDS OR APPROVED EQUIVALENT",111371,"CS",6,"5 LB",675,53.47,{"$f":"IF(L70*K70= 0,\"\",L70*K70)","v":36092.25},{"$f":"IF(L70/I70= 0,\"\",L70/I70)","v":8.9116666666666671},3550991,"BNGRD","4/5/LB","N","CHEESE, AMER PROC RF 160CT"]
[null,66,"C1010","CHEESE CHEDDAR SHREDDED","CHEESE CHEDDAR SHREDDED REDUCED FAT REDUCED SODIUM MILD NO IMITATION ENZYMES AND ARTIFICIAL COLORING MAY BE ADDED.  PASTEURIZED PLEASING ODOR AND FLAVOR SATISFACTORY MELTABILITY.  FAT GRAMS NOT TO EXCEED 4.5G SODIUM NOT TO EXCEED 90MG.  4/5# AVAILABLE FOR NET OFF INVOICE. FOR NOI PRICING","BONGARDS OR APPROVED EQUIVALENT",755191,"CS",4,"5 LB",600,60.65,36390,15.1625,3550481,"BNGRD","4/5/LB","N","CHEESE, CHDR SHRD FTHR RF"]
[null,67,"CTF7000","CHEESE COTTAGE","COTTAGE CHEESE SMALL CURD  CATERING","SPECIFY","","CS",1,"5 LB",75,25.883200000000002,1941.2400000000002,25.883200000000002,1951401,"SHAMF","2/5/LB","N","COTTAGE CHEESE, LF 2% PLS TUB"]
[null,68,"CTF7001","CHEESE CREAM BLOCK","CREAM CHEESE BLOCK CATERING","SPECIFY","","CS",10,"3 LB",20,87.371200000000016,1747.4240000000004,8.7371200000000009,3574471,"SHAMF","10/3/LB","N","CHEESE, CREAM LOAF RBST FREE"]
[null,69,"C1011","CHEESE CREAM PLAIN PC",".75 OZ PLAIN CREAM CHEESE PLASTIC PORTION CONTROL CUP","KRAFT OR APPROVED EQUIVALENT",61089,"CS",100,".75 OZ",900,26.432000000000006,23788.800000000007,0.26432000000000005,3574441,"SHAMF","100/1/OZ","N","CHEESE, CREAM CUP 1Z RBST FREE"]
[null,70,"C1012","CHEESE CREAM STRAWBERRY PC","1OZ STRAWBERRY CREAM CHEESE CUP.  PLASTIC PORTION CONTROL CUP.","KRAFT OR APPROVED EQUIVALENT",72683,"CS",100,"1 OZ",900,38.8048,34924.32,0.388048,9525491,"KRAFT","100/1/OZ","N","CHEESE, CREAM STRAWBRY PC CUP"]
[null,71,"C1013","CHEESE FETA ","FETA CHEESE CRUMBLES","SPECIFY",null,"CS",4,"2.5 LB",50,38.080000000000005,1904.0000000000002,9.5200000000000014,4709761,"VLAFO","4/2.5/LB","N","CHEESE, FETA CRMBL 2.5LB"]
[null,72,"C1014","CHEESE MOZZARELLA SHREDDED","CHEESE MOZZARELLA SHREDDED:  PART-SKIM 100% MOZZARELLA SHREDDED.  FAT GRAMS NOT TO EXCEED 6G  SODIUM NOT TO EXCEED 160MG. 1OZ SERVING MUST EQUAL 1OZ M/MA.  4/5#","LAND O'LAKES OR APPROVED EQUIVALENT",41698,"CS",4,"5 LB",270,70.760000000000005,19105.2,17.690000000000001,2987331,"LOL","4/5/LB","N","CHEESE, MOZZ SHRD LMPS"]
[null,73,"C1015","CHEESE PEPPER JACK SLICES","CHEESE SLICED PEPPER JACK NO IMITATION REDUCED FAT LOW SODIUM LOW FAT 160 CT","SPECIFY",null,"CS",4,"5 LB",50,67.30080000000001,3365.0400000000004,16.825200000000002,4863561,"CBLSO","4/5/LB","N","CHEESE, PEPR JACK RED & JALP 120 SLICES"]
[null,74,"C1016","CHEESE PROVOLONE SLICES","CHEESE SLICED NO IMITATION REDUCED FAT & SODIUM 160 CT","SPECIFY",null,"CS",4,"5 LB",50,40.118400000000001,2005.92,10.0296,4470811,"CBLSO","4/2.5/LB","N","CHEESE, PROV NATRL SLI .75Z"]
[null,75,"F1029","CHEESE STICK BREADED","CHEESE STICKS WG BREADED INDIVIDUALLY FROZEN. 6 STICKS PROVIDE 2 OZ EQUIVALENT MEAT ALTERNATE AND 2 OZ GRAINS.","RICH'S OR APPROVED EQUIVALENT",65220,"CS",8,"3 LB",500,76.797499999999999,38398.75,9.5996874999999999,2561181,"FMRCH","8/3/LB","N","APPTZR, CHSE STICK BRD WG RF"]
[null,76,"C1017","CHEESE STICK MARBLE IW","CHEESE REDUCED FAT & SODIUM MARBLE IW  FOR NOI PRICING","BONGARDS OR APPROVED EQUIVALENT",402931,"CS",168,"1 OZ",300,43.81,13143,0.26077380952380952,3550471,"BNGRD","168/1/OZ","Y","CHEESE, MARBLE JACK STICK"]
[null,77,"C1018","CHEESE STRING IW","CHEESE: WHITE REDUCED FAT & SODIUM PORTION STICKS STRING PASTEURIZED LOW MOISTURE PART SKIM MOZZARELLA IW FOR NOI PRICING","BONGARDS OR APPROVED EQUIVALENT",402951,"CS",168,"1 OZ",300,38.51,11553,0.22922619047619047,3527261,"BNGRD","168/1/OZ","N","CHEESE, MOZZ STRING IW"]
[null,78,"C1019","CHEESE SWISS SLICES","SWISS CHEESE SLICES REDUCED FAT PRESLICED EASY TO SEPARATE.  EACH SLICE 14G.  2 SLICES PROVIDES 1 M/MA FOR THE CHILD NUTRITION MEAL PROGRAM.","LAND O'LAKES OR APPROVED EQUIVALENT",null,"CS",8,"1.5 LB",50,41.003200000000007,2050.1600000000003,5.1254000000000008,4470831,"CBLSO","6/1.5/LB","N","CHEESE, SWISS NATRL SLI .75Z"]
[null,79,"F1030","CHICKEN ASIAN CHERRY BLOOSOM","FULLY COOKED CHICKEN CHUNKS WHOLE GRAIN SWEET AND SOUR CHERRY ASIAN STYLE","ASIAN FOODS OR APPROVED EQUIVALENT",72005,"CS",6,"7.15 LB",500,172.81,86405,28.801666666666666,3301761,"GRDRG","176/3.9/OZ","Y","CHICKEN, JAPANESE CHERRY BLOSSOM WG"]
[null,80,"CTF7055","CHICKEN BREAST RAW","CHICKEN UNCOOKED BREAST BONELESS SKINLESS WHITE 6 OZ SIZE  CATERING","SPECIFY",null,"CS",4,"5LB",25,73.670349999999999,1841.75875,18.4175875,4801921,"RCSIG","48/6/OZ","N","CHICKEN, BRST B&S IF ALL NATRL"]
[null,81,"D1023","CHICKEN BROTH","100% NATURAL CHICKEN BROTH LOW SODIUM THANKSGIVING ONLY","SWANSON OR APPROVED EQUIVALENT",null,"CS",12,"49 oz",50,35.508000000000003,1775.4,2.9590000000000001,4472551,"SWNSN","12/32/OZ","N","BROTH, CHICK"]
[null,82,"F1031","CHICKEN DICED","FULLY COOKED DICED NO ADDED SPICES","SPECIFY",null,"CS",2,"5 LBS",300,43.660000000000004,13098.000000000002,21.830000000000002,4363071,"TYSON","2/5/LB","N","CHICKEN, DICED 1/2\" LS ALL NATRL FC"]
[null,83,"F1032","CHICKEN DRUMSTICK BBQ","FULLY COOKED BBQ GLAZED DRUMSTICK MUST MEET 2.5OZ M/MA FOR NSLP NO ANTIBIOTICS","TYSON OR APPROVED EQUIVALENT",10264350928,"CS",95,"3.24 OZ",600,90.1,54060,0.94842105263157894,3913271,"TYSON","1/30/LB","N","CHICKEN, DRUMSTICK GLZED FC"]
[null,84,"F1033","CHICKEN DRUMSTICK BREADED","FULLY COOKED BREADED DRUMSTICK MUST MEET 2 M/MA AND .75 OZ GRAIN FOR NSLP","TYSON OR APPROVED EQUIVALENT",16660100928,"CS",92,"3.31 OZ",700,93.66,65562,1.0180434782608696,3552991,"TYSON","1/29/LB","Y","CHICKEN, DRUMSTICK BI BRD WG FC"]
[null,85,"F1034","CHICKEN FAJITA STRIPS","FAJITA STRIPS CHICKEN SEASONED FULLY COOKED. EACH 2.47 OZ MEETS 2OZ M/MA FOR NSLP.","PILGRIM'S OR APPROVED EQUIVALENT",1250,"CS",159,"3 OZ",800,118.88,95104,0.74767295597484273,4361021,"GLDKF","1/30/LB","N","CHICKEN, FAJITA STRIP DARK WHT FC CN"]
[null,86,"F1035","CHICKEN FILET","FULLY COOKED WHOLE MUSCLE CHICKEN FILETS-CN LABELED EACH SERVING PROVIDED 2OZ M/MA AND 1 OZ GRAIN FOR NSLP","PILGRIM'S OR APPROVED EQUIVALENT",7516,"CS",122,"3.95 OZ",100,141.25,14125,1.1577868852459017,3550681,"PIERC","1/30/LB","N","CHICKEN, BRST BRD WG FLT NOI"]
[null,87,"F1036","CHICKEN NUGGET","FULLY COOKED WG  BREADED CN LABELED WHOLE MUSCLE 5 NUGGETS PROVIDE 2 OZ MEAT/MEAT ALTERNATIVE AND 1 GRAIN SERVING FOR NSLP COMMERICAL BACK-UP OF COMMODITY PRODUCT OR FOR NOI PRICING","GOLK KIST FARMS OR APPROVED EQUIVALENT",7518,"CS",101,"3.9 OZ",600,120.01,72006,1.1882178217821782,3550751,"GLDKF","1/30/LB","N","CHICKEN, NUGGET BITE BRD WG NOI"]
[null,88,"F1037","CHICKEN PATTY BREADED","FULLY COOKED WG BREADED CN LABELED EACH PATTY PROVIDES 2 OZ MEAT/MEAT ALTERNATIVE AND 1 GRAIN SERVING. ","GOLD KIST FARMS OR APPROVED EQUIVALENT",665400,"CS",158,"3.03 OZ",450,85.41,38434.5,0.54056962025316457,3807031,"GLDKF","1/156/PK","N","CHICKEN, PTY BRD WG HMSTYL FC"]
[null,89,"F1038","CHICKEN PATTY BREADED SPICY","FULLY COOKED HOT N SPICY BREADED CHICKEN BREAST FILETS","TYSON OR APPROVED EQUIVALENT",10383140928,"CS",40,"3.95 OZ",300,45.75,13725,1.14375,2634181,"TYSRD","2/5/LB","N","CHICKEN, BRST BRD FLT SPCY FC"]
[null,90,"F1039","CHICKEN PATTY GRILLED","FULLY COOKED GRILLED CHICKEN BREASTS 4OZ PATTY NO ANTIBIOTICS","TYSON OR APPROVED EQUIVALENT",10000039685,"CS",40,"3.95 OZ",300,43.636450000000004,13090.935000000001,1.09091125,1907491,"TYSON","40/4/OZ","N","CHICKEN, BRST B&S TNDR PRSSD SAVORY"]
[null,91,"F1040","CHICKEN POPCORN SMACKERS WG","WHOLE GRAIN BREADED FULLY COOKED CN LABELED POPCORN CHICKEN PRODUCED FROM USDA 100103 DARK MEAT COMMODITY CHICKEN. NO ADDED SOY PROTEIN. BATTER BREADED WITH WHOLE GRAIN AND ENRICHED WHEAT FLOUR. TEN POPCORN PIECES @ 0.43 OZ EACH GUARANTEED BY CN LABEL TO PROVIDE 2 OUNCES MEAT/MEAT ALTERNATIVE AND 1 GRAIN SERVINGS. PRODUCT TO PROVIDE ZERO GRAMS TRANS FATS. CONTAINS: MILK SOY WHEAT.  COMMERICAL BACK-UP OF COMMODITY PRODUCT OR FOR NOI PRICING","GOLD KIST FARMS OR APPROVED EQUIVALENT",110458,"CS",104,"4.23 OZ",900,96.1,86490,0.92403846153846148,3911851,"GLDKF","108/4.3/OZ","N","CHICKEN, POPCORN WG DRK MEAT NOI CN"]
[null,92,"F1041","CHICKEN STRIP WG","WHOLE GRAIN HOMESTYLE BREADED FULLY-COOKED CN LABELED CHICKEN STRIPS PRODUCED FROM USDA 100103 NATURAL PROPORTION WHITE AND DARK MEAT COMMODITY CHICKEN WITH ISOLATED SOY PROTEIN. STRIPS ARE BATTER BREADED WITH WHOLE GRAIN WHEAT FLOUR HOMESTYLE BREADING. THREE STRIPS PROVIDE 2 OZ. MEAT/MEAT ALTERNATIVE AND 1 GRAIN SERVING. PRODUCT TO PROVIDE ZERO GRAMS TRANS FATS. COMMERICAL BACK-UP OF COMMODITY PRODUCT OR FOR NOI PRICING","GOLD KIST FARMS OR APPROVED EQUIVALENT",7527,"CS",107,"4.50 OZ",900,113.26,101934,1.0585046728971963,3627191,"TYSON","4/7.5/LB","N","CHICKEN, TNDRLOIN GLDN CRISPY WG 1.41Z"]
[null,93,"D1024","CHILI HOT DOG","HOT DOG CHILI.  HEARTY CHUNKS OF LEAN BEEF AND PLUMP TENDER BEANS","LIBBY'S OR APPROVED EQUIVALENT",null,"CS",6,"#10 CANS",800,94.908000000000015,75926.400000000009,15.818000000000003,4402481,"CHEFM","6/10/CN","N","CHILI, HOT DOG"]
[null,94,"D1025","CHIPS BAKED CHEETOS CRUNCHY","CHIPS BAKED CRUNCHY CHEETOS","FRITO LAY OR APPROVED EQUIVALENT","000-28400-21642-5","CS",104,".875 OZ",472,"No Bid",{"$error":"#VALUE!"},{"$error":"#VALUE!"},"NO BID","NO BID","NO BID","NO BID","NO BID"]
[null,95,"D1026","CHIPS BAKED DORITOS ","CHIPS BAKED DORITOS NACHO CHEESE","FRITO LAY OR APPROVED EQUIVALENT","000-28400-20002-8","CS",88,".75 OZ",549,"No Bid",{"$error":"#VALUE!"},{"$error":"#VALUE!"},"NO BID","NO BID","NO BID","NO BID","NO BID"]
[null,96,"D1027","CHIPS BAKED LAYS BBQ","CRISPS BAKED LAYS BBQ FLAVOR","FRITO LAY OR APPROVED EQUIVALENT","000-28400-32078-8","CS",60,".875 OZ",100,22.858000000000004,2285.8000000000002,0.38096666666666673,2435681,"LAYS","60/0.88/OZ","N","CHIP, BAKED POTATO BBQ CRISPS"]
[null,97,"D1028","CHIPS BAKED LAYS SC/ONION","CRISPS BAKED LAYS SOUR CREAM & ONION","FRITO LAY OR APPROVED EQUIVALENT","00028400-04702-9","CS",60,".875 OZ",400,36.234000000000002,14493.6,0.60389999999999999,2859971,"LAYS","64/1.12/OZ","N","CHIP, BAKED POTATO SRCRM ONION"]
[null,98,"D1029","CHIPS FRITOS","ENRICHED REDUCED FAT CORN CHIPS WHOLE GRAIN","FRITO LAY OR APPROVED EQUIVALENT","000-28400-57766-3","CS",8,"1 LB",1900,"No Bid",{"$error":"#VALUE!"},{"$error":"#VALUE!"},"NO BID","NO BID","NO BID","NO BID","NO BID"]
[null,99,"CTF7011","CHIPS KETTLE VARIETY","VARIETY PACK OF KETTLE CHIPS CATERING","SPECIFY",null,"CS",30,"1.5 OZ",25,40.788000000000004,1019.7,1.3596000000000001,4751731,"MISVI","2/30/PK","N","CHIP, POTATO VRTYPK MISS VICKIES 2/30CT"]
[null,100,"D1030","CHIPS SS CHEETO RED HOT","CHIPS IND. PKG. RED HOT FRITO LAY BAKED: ENRICHED CORNMEAL PUFF STICK FLAVORED WITH RED HOT CHEESE SEASONING. 104/.875 OZ","CHEETO'S OR APPROVED EQUIVALENT",62984,"CS",104,".875 OZ",400,44.814000000000007,17925.600000000002,0.43090384615384625,4051041,"CHETO","104/0.9/OZ","N","SNACK, CHEETOS CRUNCHY FLAMIN HOT BKD WG"]
[null,101,"D1031","CHIPS SS DORITOS COOL RANCH","CHIPS IND. PKG. REDUCED FAT COOL RANCH FLAVORED CORN: BAKED TRIANGLE SHAPED CORN TORTILLA PIECES FLAVORED WITH RANCH SEASONING. 72/1 OZ.","DORITOS OR APPROVED EQUIVALENT",36096,"CS",72,"1 OZ",400,29.216000000000001,11686.4,0.40577777777777779,3366971,"DORTO","72/1/OZ","N","CHIP, TORTILLA RF COOL RANCH"]
[null,102,"D1032","CHIPS SS DORITOS NACHO CHEESE","CHIPS  REDUCED FAT NACHO CHEESE FLAVOR.  WG","DORITOS OR APPROVED EQUIVALENT",31748,"CS",72,"1 OZ",400,31.757000000000005,12702.800000000003,0.44106944444444451,2448781,"DORTO","72/1/OZ","N","CHIP, TORTILLA NACHO CHSE RF WG"]
[null,103,"D1033","CHIPS SS POTATO","CHIPS IND. PKG. BAKED REG. FLAVORED:  BAKED POTATO PIECES SALTED PLAIN.  NO MORE THAN 7.5 GRAMS OF FAT PER BAG.","LAYS OR APPROVED EQUIVALENT",33625,"CS",60,".875 OZ",300,"No Bid",{"$error":"#VALUE!"},{"$error":"#VALUE!"},"NO BID","NO BID","NO BID","NO BID","NO BID"]
[null,104,"D1034","CHIPS SS PUFF CHEESE","CHIPS PUFFS  RF WG","CHEETO'S OR APPROVED EQUIVALENT",21910,"CS",72,".7 OZ",300,24.189,7256.7,0.33595833333333336,3366951,"CHETO","72/0.7/OZ","Y","SNACK, CHEETOS PUFFS RF"]
[null,105,"D1035","CHIPS SS SOUR CREAM/ONION","CHIPS IND. PKG. BAKED SOUR CRM. & ONION FLAVORED: BAKED POTATO PIECES FLAVORED WITH SOUR CREAM AND ONION SEASONING. 60/.875 OZ. WG","LAYS OR APPROVED EQUIVALENT",33627,"CS",60,".875 OZ",300,"No Bid",{"$error":"#VALUE!"},{"$error":"#VALUE!"},"NO BID","NO BID","NO BID","NO BID","NO BID"]
[null,106,"D1036","CHIPS TORTILLA ROUNDS","ROUND SHAPED TORTILLA CHIP WHOLE GRAIN PREPARED FROM ENRICHED YELLOW CORN. TRANSFAT FREE 1 OZ MUST MEET 1 GR","SPECIFY","","CS",6,"2 LB",2500,20.317,50792.5,3.3861666666666665,4004141,"TOSTO","8/16/OZ","N","CHIP, TORTILLA RND BULK WG"]
[null,107,"CTF7012","CHOCOLATE ENROBER","CHOCOLATE FLAVORED ENROBER COATING IS A RICH CHOCOLATE COATING THAT HARDENS AT ROOM TEMPERATURE. THE PRODUCT IS IN A HARDENED CANDY STATE IN THE UNHEATED CAN.  CATERING","SPECIFY",null,"CS",3,"10 CN",15,"No Bid",{"$error":"#VALUE!"},{"$error":"#VALUE!"},"NO BID","NO BID","NO BID","NO BID","NO BID"]
[null,108,"F1042","CHORIZO BULK","SAUSAGE CHORIZO BULK MILD SEASONING LIGHT COLORED BULK","SPECIFY","","CS",10,"LB",450,45.161349999999999,20322.607499999998,4.5161350000000002,3095341,"GCSIG","2/5/LB","N","CHORIZO, PORK BULK MILD"]
[null,109,"CTF7013","COCOA","UNSWEETENED COCOA 22/24% BUTTER FAT  CATERING","SPECIFY","","CS",4,"2.5KG",20,30.129999999999995,602.59999999999991,7.5324999999999989,4960381,"TRRSS","1/2.2/LB","N","COCOA, PWDR UNSWTND DUTCH 22-24%"]
[null,110,"D1037","COFFEE DECAF","FOLGERS FILTER PACK COFFEE ULTRA DRY ROAST  ","FOLGERS OR APPROVED EQUIVALENT","","CS",80,".9 OZ",20,61.969600000000007,1239.3920000000001,0.77462000000000009,1261171,"FOLGR","80/.9/OZ","N","COFFEE, DECAF FLAV  FILTER PK"]
[null,111,"D1038","COFFEE REGULAR","FOLGERS FILTER PACK COFFEE ULTRA DRY ROAST  ","FOLGERS OR APPROVED EQUIVALENT","","CS",160,".9 OZ",50,104.20480000000002,5210.2400000000007,0.65128000000000008,1262201,"FOLGR","160/.9/OZ","N","COFFEE, SPEC RST FILTER PK"]
[null,112,"F1043","COOKIE DOUGH CARNIVAL WG","COOKIE DOUGH CARNIVAL:  1.85OZ FROZEN WGR MADE WITH A MIXTURE OF CHOCOLATE CHIPS AND COLORFUL COATED CANDIES PRE-PORTIONED READY TO BAKE FAT GRAMS TO NOT EXCEED 6G SODIUM MG NOT TO EXCEED 120 MG  CASE PACK 240 1.5OZ DECA","OTIS SPUNKMEYER OR APPROVED EQUIVALENT",55688,"CS",250,"1.5 OZ",75,60.355099999999993,4526.6324999999997,0.24142039999999998,3007451,"DELES","240/1.5/OZ","Y","DOUGH, COOKIE CARNIVAL 51% WG 1.5Z"]
[null,113,"CTF7056","COOKIE DOUGH CHOCOLATE CHIP","COOKIE DOUGH CHOCOLATE CHIP CATERING","BRICKFIRE OR APPROVED EQUIVALENT",2340091,"CS",170,"1.5 OZ",75,36.221899999999998,2716.6424999999999,0.21306999999999998,2340091,"BRCKO","170/1.5/OZ","N","DOUGH, COOKIE CHOC CHIP 1.5Z"]
[null,114,"CTF7057","COOKIE DOUGH OATMEAL RAISIN","COOKIE DOUGH OATMEAL RAISIN CATERING","BRICKFIRE OR APPROVED EQUIVALENT",2340101,"CS",170,"1.5 OZ",60,34.763300000000001,2085.7980000000002,0.20449000000000001,2340101,"BRCKO","170/1.5/OZ","N","DOUGH, COOKIE OATMEAL RASN 1.5Z"]
[null,115,"F1044","COOKIE DOUGH RF CHOCOLATE BROWNIE","COOKIE DOUGH REDUCED FAT CHOCOLATE BROWNIE DECA","OTIS SPUNKMEYER OR APPROVED EQUIVALENT",55689,"CS",240,"1.5 OZ",100,57.172699999999999,5717.2699999999995,0.23821958333333332,3007441,"DELES","240/1.5/OZ","N","DOUGH, COOKIE CHOC BROWNIE 51% WG 1.5Z"]
[null,116,"F1045","COOKIE DOUGH RF CHOCOLATE CHIP","COOKIE DOUGH REDUCED FAT CHOCOLATE CHIP DECA","OTIS SPUNKMEYER OR APPROVED EQUIVALENT",55680,"CS",240,"1.5 OZ",300,57.172699999999999,17151.810000000001,0.23821958333333332,3007481,"DELES","240/1.5/OZ","Y","DOUGH, COOKIE CHOC CHIP 51% WG 1.5Z"]
[null,117,"F1046","COOKIE DOUGH RF OATMEAL RAISIN","COOKIE DOUGH REDUCED FAT OATMEAL RAISIN DECA","OTIS SPUNKMEYER OR APPROVED EQUIVALENT",55683,"CS",240,"1.5 OZ",50,57.172699999999999,2858.6349999999998,0.23821958333333332,3007471,"DELES","240/1.5/OZ","Y","DOUGH, COOKIE OATMEAL RASN 51% WG 1.5Z"]
[null,118,"F1047","COOKIE DOUGH RF SUGAR","COOKIE DOUGH SUGAR REDUCED FAT DECA","OTIS SPUNKMEYER OR APPROVED EQUIVALENT",55684,"CS",240,"1.5 OZ",45,57.172699999999999,2572.7714999999998,0.23821958333333332,3007461,"DELES","240/1.5/OZ","Y","DOUGH, COOKIE SGR 51% WG 1.5Z"]
[null,119,"CTF7058","COOKIE DOUGH SUGAR","COOKIE DOUGH SUGAR CATERING","BRICKFIRE OR APPROVED EQUIVALENT",2340111,"CS",170,"1.5 OZ",60,34.674900000000001,2080.4940000000001,0.20397000000000001,2340111,"BRCKO","170/1.5/OZ","N","DOUGH, COOKIE SGR 1.5Z"]
[null,120,"CTF7059","COOKIE DOUGH WHITE MACADAMIA NUT","COOKIE DOUGH WHITE MACADAMIA NUT  CATERING","BRICKFIRE OR APPROVED EQUIVALENT",2340361,"CS",170,"1.5 OZ",60,43.868500000000004,2632.11,0.25805,2340361,"BRCKO","170/1.5/OZ","N","DOUGH, COOKIE WHT CHOC MACNUT 1.5Z"]
[null,121,"F1048","COOKIE GINGER BREAD","COOKIE GINGER BREAD IW MEETS 2 GRAIN REQUIREMENT FOR NSP","SPECIFY",null,"CS",140,"2 OZ",500,"No Bid",{"$error":"#VALUE!"},{"$error":"#VALUE!"},"NO BID","NO BID","NO BID","NO BID","NO BID"]
[null,122,"F1049","CORNDOG","CORNDOG CHICKEN FRANK WHOLE GRAIN P/C 8/1 60 CT  CN LABELED TO MEET 2 OZ MEAT REQUIREMENT","FOSTER FARMS OR APPROVED EQUIVALENT",95150,"CS",72,"4 OZ",2000,45.349199999999996,90698.4,0.62984999999999991,2345531,"FFARM","72/4/OZ","N","CORN DOG, CHICK LF WG CN"]
[null,123,"D1039","CORNSTARCH","CORNSTARCH","SPECIFY","","CS",24,"1 LB",45,39.054400000000001,1757.4480000000001,1.6272666666666666,3203311,"KATYO","24/1/LB","N","STARCH, CORN 1LB"]
[null,124,"D1040","CRACKERS ANIMAL","CRACKERS ANIMAL SHAPED 0 TRANSFAT WHOLE GRAIN RICH","SPECIFY",null,"CS",100,"1 OZ",300,"No Bid",{"$error":"#VALUE!"},{"$error":"#VALUE!"},"NO BID","NO BID","NO BID","NO BID","NO BID"]
[null,125,"D1041","CRACKERS BUG BITES","BUG BITES CINNAMON WHOLE GRAIN RICH","KEEBLER OR APPROVED EQUIVALENT","30100-55644","CS",210,"1 OZ",1000,52.31600000000001,52316.000000000007,0.24912380952380958,3065831,"GRHMK","210/1.1/OZ","Y","CRACKER, CINN GRAHAM WG BUG BITE 1.1Z"]
[null,126,"D1042","CRACKERS GOLDFISH CHEDDAR","CHEDDAR GOLDFISH WHOLE GRAIN: A 3/4 OUNCE SERVING CONTRIBUTES 1 SERVING OF GRAINS/BREADS TO THE USDA CHILD NUTRITION PROGRAMS WHOLE GRAIN RICH","PEPPERIDGE FARMS OR APPROVED EQUIVALENT",18105,"CS",300,"0.75 OZ",500,65.274000000000015,32637.000000000007,0.21758000000000005,2904951,"PFARM","300/.75/OZ","N","CRACKER, GOLDFISH WG"]
[null,127,"D1043","CRACKERS GOLDFISH GIANT CINNAMON","CRACKERS GIANT GOLDFISH CINNAMON WHOLE GRAIN RICH","PEPPERIDGE FARMS OR APPROVED EQUIVALENT",15094,"CS",300,".9 OZ",300,56.045000000000009,16813.500000000004,0.18681666666666669,4384141,"PFARM","300/.9/OZ","Y","CRACKER, GOLDFISH CINN GRAHAM GIANT WG"]
[null,128,"D1044","CRACKERS GOLDFISH GIANT HONEY OAT","CRACKER WHOLE GRAIN GIANT HONEY OAT GRAHAM 2 EA WHOLE GRAIN RICH","PEPPERIDGE FARMS OR APPROVED EQUIVALENT",18432,"CS",300,".9 OZ",300,53.383000000000003,16014.900000000001,0.17794333333333334,4368621,"PFARM","300/9/OZ","Y","CRACKER, GOLDFISH VANILLA GIANT"]
[null,129,"D1045","CRACKERS GRAHAM 3-PK","GRAHAM 3-PK WHOLE GRAIN RICH","SPECIFY","","CS",150,"3 PK",2500,27.192,{"$f":"IF(L134*K134= 0,\"\",L134*K134)","v":67980},{"$f":"IF(L134/I134= 0,\"\",L134/I134)","v":0.18128},3343541,"GRHMK","150/3/PK","N","CRACKER, GRAHAM HNY W-CALCIUM 3PK IW"]
[null,130,"CTF7014","CRACKERS MEDLEY MIX","CRACKER MEDLEY - TOASTEDS® WHEAT SESAME AND BUTTER CRISP CLUB® TOWN HOUSE® AND KEEBLER® WHOLE GRAIN WHEAT 25 SLEEVES CATERING","KEEBLER OR APPROVED EQUIVALENT","30100 37739 ","CS",25,"SLEEVES",5,34.716000000000001,173.58,1.3886400000000001,1924391,"KELLG","1/7.5/LB","N","CRACKER, ASSORT MEDLEY BULK"]
[null,131,null,"CRACKERS SALTINE IW","SALTINE CRACKERS PC WHOLE GRAIN OR ENRICHED FLOUR TO MEET BREAD REQ. FOR NSLP 500/2 CT","NABISCO OR APPROVED EQUIVALENT","","CS",500,"2 CT",500,20.350000000000001,10175,4.07E-2,2546151,"BRCKO","1/500/PK","N","CRACKER, SALTINE 2PK"]
[null,132,"CTF7002","CREAMER NON-DAIRY","NON-DAIRY CREAMER  INIVIDUAL PACK LIQUID CATERING","SPECIFY","","CS",400,"EA",45,12.764999999999999,574.42499999999995,3.1912499999999996E-2,2955431,"CMATE","1/180/PK","N","CREAMER, ORIG ND LIQ .38Z"]
[null,133,"CTF7003","CREAMER NON-DAIRY CARAMEL MACCHIATO","NON-DAIRY CREAMER CARAMEL MACCHIATO INIVIDUAL PACK LIQUID CATERING","SPECIFY",null,"CS",288,"1ML",35,16.974,594.09,5.8937500000000004E-2,2529371,"INTDE","1/288/PK","N","CREAMER, CARAMEL MACCHIATTO ASEPTIC PC"]
[null,134,"CTF7004","CREAMER NON-DAIRY FRENCH VANILLA","NON-DAIRY CREAMER FRENCH VANILLA  INIVIDUAL PACK LIQUID CATERING","SPECIFY",null,"CS",288,"1ML",35,16.974,594.09,5.8937500000000004E-2,1250891,"INTDE","1/288/PK","N","CREAMER, FRENCH VANILLA ASEPTIC PC"]
[null,135,"CTF7005","CREAMER NON-DAIRY HAZEL NUT","NON-DAIRY CREAMER HAZEL NUT INIVIDUAL PACK LIQUID CATERING","SPECIFY",null,"CS",288,"1ML",35,16.974,594.09,5.8937500000000004E-2,1853171,"INTDE","1/288/PK","N","CREAMER, HAZELNUT ASEPTIC PC"]
[null,136,"F1050","CROISSANT","CROISSANTS WG MARGARINE RF ROUND FULLY SLICED   MUST PROVIDE 2.0 OZ GRAIN EQUIVALENTS.  PORTION TO PROVIDE AT LEAST 145.0 CALORIES WITH NO MORE THAN 6 GRAMS OF FAT.","BAKE CRAFTERS OR APPROVED EQUIVALENT",3286,"CS",80,"2.2 OZ",800,"No Bid",{"$error":"#VALUE!"},{"$error":"#VALUE!"},"NO BID","NO BID","NO BID","NO BID","NO BID"]
[null,137,"CTF7060","CROISSANT CATERING 30Z","FULLY COOKED FLAKEY BUTTERY CRUST PRESLICED ROUND SHAPED ROLL 3 OZ  CATERING","SPECIFY",null,"CS",32,"3 OZ",40,34.741199999999999,1389.6479999999999,1.0856625,4623351,"BRCKD","1/32/PK","N","CROISSANT, BUTTER SLI CLOSED 3Z"]
[null,138,"CTF7061","CROISSANT CATERING 5OZ","FULLY COOKED FLAKEY BUTTERY CRUST PRESLICED ROUND SHAPED ROLL 5 OZ  CATERING","SPECIFY",null,"CS",24,"5 OZ",25,"No Bid",{"$error":"#VALUE!"},{"$error":"#VALUE!"},"NO BID","NO BID","NO BID","NO BID","NO BID"]
[null,139,"CTF7015","CROUTONS","CROUTONS/ HERB SEASONED ENRICHED SMALL CUBE  CATERING","SPECIFY","","CS",10,"LB",150,24.332100000000001,3649.8150000000001,2.4332099999999999,3182001,"KATYO","4/2.5/LB","N","CROUTON, HMSTYL SEASN"]
[null,140,"F1051","CRUMB SQUARE IW","CRUMB SQUARE IW WHOLE GRAIN MEETS 2 OZ WG SERVING FOR SBP ","DAVE'S OR APPROVED EQUIVALENT",360,"CS",28,"3.6 OZ",2120,20.884500000000003,44275.140000000007,0.74587500000000007,4066401,"DVBKY","28/3.6/OZ","N","SNACK, CRUMB SQ WG"]
[null,141,"F1052","DONUT MINI CHOCOLATE","51% WG MINI DONUTS - CHOCOLATE.  72 - 3.3OZ FROZEN INDIVIDUALLY WRAPPED THAW & SERVE NICKEL STACK SIX PACKS OF 1/2 OZ CHOCOLATE ENROBED WHOLE GRAIN DONUTS.  MUST CONFORM TO USDA CHILD NUTRITION PROGRAM SPECIFICATIONS AND MEET 2OZ GRAIN EQUIVALENT.","SUPER BAKERY OR APPROVED EQUIVALENT",7786,"CS",72,"3.3 OZ",1700,73.47144999999999,124901.46499999998,1.0204368055555555,4051581,"SBAKR","72/3.3/OZ","N","DONUT, CHOC MINI ENROBED 51% WG"]
[null,142,"F1053","DONUT MINI POWDERED SUGAR","51% WG MINI DONUTS - POWDERED SUGAR  72 - 3.3OZ FROZEN INDIVIDUALLY WRAPPED THAW & SERVE NICKEL STACK SIX PACKS OF 1/2 OZ CHOCOLATE ENROBED WHOLE GRAIN DONUTS.  MUST CONFORM TO USDA CHILD NUTRITION PROGRAM SPECIFICATIONS AND MEET 2OZ GRAIN EQUIVALENT.","SUPER BAKERY OR APPROVED EQUIVALENT",7787,"CS",72,"3.3 OZ",1700,65.349699999999999,111094.48999999999,0.90763472222222219,4051591,"SBAKR","72/3/OZ","Y","DONUT, PWDRED SGR MINI 51%WG"]
[null,143,"F1054","DOUGH CRUST","COBBLER CRUST DOUGH SHEET FROZEN","SPECIFY","","CS",24,"1 LB",200,51.393549999999998,10278.709999999999,2.1413979166666666,2624521,"PILLS","12/14/OZ","N","CRUST, PIE 9\" 2CT"]
[null,144,"C1020","DRESSING GAL COLESLAW","DRESSING COLESLAW REDUCED FAT","SPECIFY",null,"CS",4,"GAL",25,59.2592,1481.48,14.8148,2566941,"KATYO","4/1/GL","N","DRESSING, COLESLAW"]
[null,145,"C1021","DRESSING GAL RANCH REDUCED FAT","DRESSING SALAD REDUCED FAT","KEN'S OR APPROVED EQUIVALENT","100-413350-60816","CS",4,"1 GAL",600,61.006400000000006,36603.840000000004,15.251600000000002,3368771,"KENFD","4/1/GL","N","DRESSING, RANCH LT"]
[null,146,"CTF7016","DRESSING ITALIAN","ITALIAN DRESSING GOLDEN CATERING","SPECIFY",null,"CS",4,"GAL",10,52.270400000000009,522.70400000000006,13.067600000000002,1550511,"KRAFT","4/1/GL","N","DRESSING, ITAL GLDN"]
[null,147,"D1046","DRESSING PC ASIAN","DRESSING ASIAN LIGHT PC","SPECIFY",null,"CS",60,"1.5 OZ",15,22.142400000000002,332.13600000000002,0.36904000000000003,2565711,"KENFD","60/1.5/OZ","Y","DRESSING, ASIAN ORIENTAL 1.5Z"]
[null,148,"D1047","DRESSING PC BALSAMIC VINAIGRETTE","DRESSING BALSAMIC VINAIGRETTE LIGHT","SPECIFY",null,"CS",60,"1.5 OZ",15,19.342400000000001,290.13600000000002,0.32237333333333335,2077881,"KENFD","60/1.5/OZ","N","DRESSING, VINGRT BALSAMIC"]
[null,149,"D1048","DRESSING PC FRENCH","DRESSING SALAD REDUCED FAT FRENCH","SPECIFY",null,"CS",60,"1.5 OZ",5,17.270400000000002,86.352000000000004,0.28784000000000004,2274081,"KENFD","60/1.5/OZ","Y","DRESSING, FRENCH CALIF FF"]
[null,150,"D1049","DRESSING PC GREEK","DRESSING SALAD GREEK ","SPECIFY",null,"CS",60,"1.5 OZ",5,20.036800000000003,100.18400000000001,0.33394666666666672,2735491,"MARZT","60/1.5/OZ","N","DRESSING, VINGRT GREEK 1.5Z"]
[null,151,"D1050","DRESSING PC ITALIAN","DRESSING SALAD REDUCED FAT ITALIAN","SPECIFY",null,"CS",60,"1.5 OZ",5,16.990400000000005,84.952000000000027,0.28317333333333339,4329611,"KATYO","60/1.5/OZ","N","DRESSING, ITAL GLDN PC 1.5Z"]
[null,152,"D1051","DRESSING PC RANCH 12MG","RANCH DRESSING REDUCED FAT PC","SPECIFY",null,"CS",500,"12 MG",1000,24.628800000000002,24628.800000000003,4.9257600000000006E-2,4317091,"FLAVF","200/12/GM","N","DRESSING, RANCH FF 12GM"]
[null,153,"D1052","DRESSING PC RANCH RF 1.5OZ","DRESSING SALAD REDUCED FAT PC RANCH","SPECIFY",null,"CS",60,"1.5 OZ",100,19.510400000000004,1951.0400000000004,0.32517333333333343,1386171,"KENFD","60/1.5/OZ","N","DRESSING, RANCH BTRMLK"]
[null,154,"D1053","DRESSING PC RASPBERRY VINAIGRETTE ","KRAFT RASPBERRY VINAIGRETTE FAT FREE DRESSING HAS THE SWEET TART FLAVOR OF RASPBERRIES IN A FAT FREE VINAIGRETTE.  ","KRAFT","002-10006714400","CS",60,"1.5 OZ",50,23.576000000000004,1178.8000000000002,0.39293333333333341,1574221,"KRAFT","60/1.5/OZ","N","DRESSING, VINGRT RASPBRY FF 1.5Z"]
[null,155,"CTF7017","DRESSING RASPBERRY VINAIGRETTE ","KRAFT RASPBERRY VINAIGRETTE FAT FREE DRESSING HAS THE SWEET TART FLAVOR OF RASPBERRIES IN A FAT FREE VINAIGRETTE.  CATERING","KRAFT OR APPROVED EQUIVALENT",21000647422,"CS",4,"1 GAL",5,67.580800000000011,337.90400000000005,16.895200000000003,2398211,"KENFD","4/1/GL","N","DRESSING, VINGRT RASPBRY FF"]
[null,156,"C1022","EGG BOIL N BAG","EGGS RAW LIQUID WHOLE EGGS BOIL N BAG PASTURIZED","SPECIFY","","CS",6,"5 LB",600,60.907599999999995,36544.559999999998,10.151266666666666,2553291,"FRMDO","6/5/LB","N","EGG, LIQ SCRAMBLE MIX BAG"]
[null,157,"C1023","EGG PREBOILED","HARD COOKED PEELED EGGS","SPECIFY",null,"CS",8,"12 CT",500,40.139600000000002,20069.8,5.0174500000000002,2553191,"FRMDO","12/12/PK","N","EGG, CKD HARD WHL PLD BAG"]
[null,158,"F1055","EGGSTRAGANZA","EACH 2.00 OZ. SERVING (BY WEIGHT) OF THE BLEND OF SCRAMBLED EGGS, CHEESE, AND BACON PIECES PROVIDES 1.75 OZ. EQUIVALENT MEAT ALTERNATE FOR THE CHILD NUTRITION MEAL PATTERN REQUIREMENTS.","SUNNY FRESH OR APPROVED EQUIVALENT",40828,"CS",4,"5 LB",735,97.91,71963.849999999991,24.477499999999999,4340181,"SUNFR","4/5/LB","Y","EGG, SCRAMBLE CKD BACON CHSE"]
[null,159,"CTF7018","FILLING PIE CHERRY","CHERRY CATERING","SPECIFY",null,"CS",3,"#10",15,92.494500000000002,1387.4175,30.831500000000002,3660431,"KATYS","6/10/CN","N","FILLING, PIE CHERRY"]
[null,160,"CTF7019","FILLING PIE PEACH","PEACH CATERING","SPECIFY",null,"CS",3,"#10",15,79.499499999999983,1192.4924999999998,26.499833333333328,3660441,"KATYO","6/10/CN","N","FILLING, PIE PEACH"]
[null,161,"D1054","FLOUR","FLOUR ALL PURPOSE ENRICHED 50# U.S. NO. 2 GRADE OR BETTER BLEACHED WHEAT FLOUR ENRICHED WITH THIAMIN RIBOFLAVIN NIACIN FOLIC ACID IRON AND MAY HAVE ADDED CALCIUM","SPECIFY","","BAG",50,"LB",30,22.792000000000002,683.76,0.45584000000000002,4831591,"KATYO","1/50/LB","N","FLOUR, AP ENR BLEACHED MALTED 50LB"]
[null,162,"D1055","FOOD COLOR GREEN","FOOD COLORING GREEEN","SPECIFY",null,"EA",1,"16 OZ",7,7.1645000000000003,50.151499999999999,7.1645000000000003,3992831,"DURKE","1/16/OZ","N","FOOD COLOR, GREEN"]
[null,163,"D1056","FOOD RELEASE","RELEASE FOOD/PAN CONTAINS NO WATER ALCOHOL OR ARTIFICIAL FLAVORS HIGH SMOKE POINT >450° F","SPECIFY",null,"CS",6,"17 OZ",75,22.948800000000002,1721.16,3.8248000000000002,4799501,"EVRLD","6/17/OZ","N","COATING, PAN SPRAY CANOLA ULTRA"]
[null,164,"F1056","FRENCH TOAST STICKS BULK","FRENCH TOAST STICKS WHOLE GRAIN CINNAMON GLAZED EACH SERVING 3 STICKS/2.90 OZ EQUALS 1 M/MA 1 GR. ","SUNNY FRESH OR APPROVED EQUIVALENT",40497,"CS",100,"2.9 oz",900,48.571150000000003,43714.035000000003,0.48571150000000002,3631851,"PAPET","85/2.9/OZ","N","FRENCH TOAST, STICK CINN GLZD CN"]
[null,165,"CTF7020","FRUIT CHERRY MARASCHINO HALVES","CHERRIES MARACHINO HALVES CATERING","PENNANT OR APPROVED EQUIVALENT",null,"CS",4,".5 GAL",100,60.524499999999996,6052.45,15.131124999999999,2622451,"BHVSO","4/.5/GL","N","CHERRY, MARA LG HLVS"]
[null,166,"D1057","FRUIT COCKTAIL","FRUIT COCKTAIL GRADE B CHOICE EXTRA LIGHT SYRUP MUST MEET BUY AMERICAN REQUIREMENTS","SENACA, DEL MONTE, LIBBY'S, DOLE",null,"CS",6,"10 CN",1500,57.684000000000005,86526,9.6140000000000008,3530581,"BHVSO","6/10/CN","N","FRUIT COCKTAIL, XLS DMST CHO"]
[null,167,"C1024","FRUIT CRANBERRIES DRIED","SOFT AND MOIST DRIED CRANBERRIES","SPECIFY",null,"CS",10,"LB",150,26.455000000000002,3968.2500000000005,2.6455000000000002,1959091,"OCSPY","1/10/LB","N","CRANBERRY, DRIED SWT CRAISINS"]
[null,168,"C1025","FRUIT DRIED IW","FRUIT DRIED INDIVIDUALLY PACKAGES PEANUT FREE 16% CRANBERRYM 29% NATURAL RAISINS 24% GOLDEN RAISINS 28% PINEAPPLE 3% DRIED APPLE ","NATIONAL FOOD GROUP OR APPROVED EQUIVALENT",609271,"CS",144,"1.3 OZ",650,"No Bid",{"$error":"#VALUE!"},{"$error":"#VALUE!"},"NO BID","NO BID","NO BID","NO BID","NO BID"]
[null,169,"F1057","FRUIT MANGO DICED","MANOS DICED IQF US GRADE A UNSWEETENED MUST MEET BUY AMERICAN REQUIREMENTS","SENACA, DEL MONTE, LIBBY'S, DOLE",null,"CS",2,"5 LB",450,30.837000000000003,13876.650000000001,15.418500000000002,2893441,"DOLE","2/5/LB","N","MANGO, DICED 3/8\" IQF"]
[null,170,"D1058","FRUIT ORANGE MANDARIN","MANDARIN ORANGE SLICES NATURAL JUICES NO SUGAR ADDED GRADE B CHOICE MUST MEET BUY AMERICAN REQUIREMENTS","SENACA, DEL MONTE, LIBBY'S, DOLE","","CS",6,"10 CN",850,45.716000000000008,38858.600000000006,7.6193333333333344,2246851,"BHVSD","6/10/CN","N","ORANGE, MANDARIN WHL SEG LS IMP"]
[null,171,"D1059","FRUIT PEACHES DICED","PEACHES YELLOW CLING GRADE B CHOICE DICED NATURAL JUICES MIN DRAIN VT 71 OZ NO IRREGULAR MUST MEET BUY AMERICAN REQUIREMENTS","SENACA, DEL MONTE, LIBBY'S, DOLE","","CS",6,"10 CN",1500,56.331000000000003,84496.5,9.3885000000000005,3530541,"BHVSO","6/10/CN","N","PEACH, DICED YLW CLING XLS CHO DMST"]
[null,172,"D1060","FRUIT PEARS DICED","PEARS DICED GRADE B CHOICE NATURAL JUICES MUST MEET BUY AMERICAN REQUIREMENTS","SENACA, DEL MONTE, LIBBY'S, DOLE","","CS",6,"10 CN",500,71.995000000000005,35997.5,11.999166666666667,4508401,"BHVSO","6/10/CN","N","PEAR, DICED IN JCE DMST CHO"]
[null,173,"D1061","FRUIT PINEAPPLE","PINEAPPLE TIDBITS IN JUICE GRADE B CHOICE SOLID PAK IN NATURAL JUICE MUST MEET BUY AMERICAN REQUIREMENTS","SENACA, DEL MONTE, LIBBY'S, DOLE","","CS",6,"10 CN",2500,40.161000000000001,100402.5,6.6935000000000002,2755981,"BHVSF","6/10/CN","N","PINEAPPLE, TIDBIT IN JCE STND IMP"]
[null,174,"F1058","FRUIT STRAWBERRIES SLICED","STRAWBERRYS SLICED IQF US GRADE A UNSWEETENED","SPECIFY","","CS",1,"30 LB",700,65.824849999999998,46077.394999999997,65.824849999999998,4785591,"BHVSO","1/30/LB","N","STRAWBERRY, SLI BULK IQF"]
[null,175,"F1059","FRUIT STRAWBERRIES WHOLE","STRAWBERRYS SLICED IQF US GRADE A WHOLE UNSWEETENED","SPECIFY",null,"BKT",1,"30 LB",100,72.167550000000006,7216.755000000001,72.167550000000006,4491221,"BHVSO","1/30/LB","N","STRAWBERRY, WHL BULK GRD A IQF USA"]
[null,176,"D1062","GELATIN CHERRY","GELATIN MIX DRY","SPECIFY","","CS",12,"24 OZ",75,40.190349999999995,3014.2762499999994,3.3491958333333329,2204281,"KATYO","12/24/OZ","N","GELATIN, CHERRY"]
[null,177,"D1063","GELATIN LIME","GELATIN MIX DRY","SPECIFY","","CS",12,"24 OZ",15,42.664650000000002,639.96974999999998,3.5553875000000001,2204311,"KATYO","12/24/OZ","N","GELATIN, LIME"]
[null,178,"D1064","GELATIN ORANGE","GELATIN MIX DRY","SPECIFY","","CS",12,"24 OZ",15,39.838500000000003,597.5775000000001,3.3198750000000001,2204321,"KATYO","12/24/OZ","N","GELATIN, ORANGE"]
[null,179,"D1065","GELATIN STRAWBERRY","GELATIN MIX DRY","SPECIFY","","CS",12,"24 OZ",75,39.838500000000003,2987.8875000000003,3.3198750000000001,2204241,"KATYO","12/24/OZ","N","GELATIN, STRAWBRY"]
[null,180,"F1060","GF BAGEL PLAIN","PLAIN BAGEL GLUTEN FREE","SPECIFY",null,"CS",6,"4 EA",200,28.575299999999999,5715.0599999999995,4.7625500000000001,4270401,"CANBA","6/4/PK","N","BAGEL, PLAIN GF"]
[null,181,"C1026","GF BREAD WHITE SLICED","WHITE BREAD SLICED GLUTEN FREE","SPECIFY",null,"CS",6,"24 OZ",300,59.084350000000001,17725.305,9.8473916666666668,4312551,"UDIS","6/24/OZ","N","BREAD, SNDWCH MULTIGRAIN GF"]
[null,182,"C1027","GF BUN HAMBURGER ","HAMBURGER BUNS GLUTEN FREE","SPECIFY",null,"CS",6,"12 CT ",200,33.38205,6676.41,5.5636749999999999,3114851,"UDIS","1/24/PK","N","BUN, HAMBURGER CLASC 4\" IW GF"]
[null,183,"F1061","GF MUFFIN CHOCOLATE IW","MUFFIN CHOCOLATE GLUTEN FREE IW","SPECIFY",null,"CS",36,"3.6 EA",200,51.830499999999994,10366.099999999999,1.4397361111111109,3171971,"UDIS","36/3.6/OZ","N","MUFFIN, DBL CHOC GLUTEN FREE 3.6Z IW"]
[null,184,"F1062","GF MUFFIN ENGLISH","ENGLISH MUFFINS GLUTEN FREE","SPECIFY",null,"CS",24,"2 OZ",300,"No Bid",{"$error":"#VALUE!"},{"$error":"#VALUE!"},"NO BID","NO BID","NO BID","NO BID","NO BID"]
[null,185,"D1066","GF PASTA PENNE","PASTA PENNE GLUTEN FREE","SPECIFY",null,"CS",8,"12 OZ",200,17.996000000000002,3599.2000000000003,2.2495000000000003,2755411,"HARTL","6/12/OZ","N","PASTA, PENNE GLUTEN FREE"]
[null,186,"D1067","GF PASTA SPAGHETTI","PASTA SPAGHETTI GLUTEN FREE","SPECIFY",null,"CS",12,"12 OZ",200,26.246000000000002,5249.2000000000007,2.1871666666666667,4940731,"GAROF","12/12/OZ","N","PASTA, SPAGHETTI GF"]
[null,187,"CTF7021","GLAZE STAWBERRY","STRAWBERRY GLAZE  CATERING","SPECIFY",null,"CS",1,"20LB",25,50.655050000000003,1266.37625,50.655050000000003,3257921,"LUCKY","6/120/OZ","N","GLAZE, STRAWBRY"]
[null,188,"D1068","GRANOLA BULK","GRANOLA BULK","SPECIFY",null,"CS",4,"50 OZ",250,57.013000000000005,14253.250000000002,14.253250000000001,2863041,"NATVL","4/50/OZ","N","CEREAL, GRANOLA TSTD OATS"]
[null,189,"D1069","GRAVY BROWN","GRAVY BROWN LIGHT","PIONEER OR APPROVED EQUIVALENT",94541,"CS",6,"13 OZ",700,25.487000000000005,17840.900000000005,4.2478333333333342,4332921,"PIONR","6/11.3/OZ","N","GRAVY MIX, BROWN LT PWDR"]
[null,190,"D1070","GRAVY COUNTRY","COUNTRY SKILLET CREAM GRAVY","PIONEER OR APPROVED EQUIVALENT",96115,"CS",6,"24 OZ",725,5.6465500000000004,4093.7487500000002,0.94109166666666677,3196151,"CBLSF","2/7/LBAV","N","CORNED BEEF, BTM RND SPLIT CKD F2F"]
[null,191,"CTF7062","HAM BUFFET","HAM WATER ADDED CURED BONELESS AND FULLY COOKED. HAM IS 97% FAT FREE (3% FAT) AND APPROXIMATELY 4 TO 4½ INCHES IN DIAMETER. FROZEN PRODUCT. CATERING","SPECIFY","","CS",1,"LB",100,2.4752000000000001,247.52,2.4752000000000001,2324041,"CBLSO","2/12/LBAV","N","HAM, BUFFET SMKD BNLS WA"]
[null,192,"F1063","HOT DOGS BEEF","BEEF FRANKS LOWER SODIUM 8/1 6\" CN LABELED TO MEET 2 OZ MEAT REQUIREMENT","JOHN MORRELL OR APPROVED EQUIVALENT","100-701000-28560","CS",80,"2 OZ",600,33.702500000000001,20221.5,0.42128125,2449031,"PRCRD","1/10/LB","N","FRANKS, ALL BEEF 6\" 8X1 ROLLER GRILL"]
[null,193,"F1064","ICE CREAM SS BAR CARAMEL","STICK BAR REDUCED FAT SALTY CARAMEL BROWNIE CRUNCH BAR","HERSHEY'S OR APPROVED EQUIVALENT",31167,"CS",36,"2.75 OZ",200,"No Bid",{"$f":"IF(L198*K198= 0,\"\",L198*K198)","v":{"$error":"#VALUE!"}},{"$f":"IF(L198/I198= 0,\"\",L198/I198)","v":{"$error":"#VALUE!"}},"NO BID","NO BID","NO BID","NO BID","NO BID"]
[null,194,"F1065","ICE CREAM SS BAR STRAWBERRY","STICK BAR STRAWBERRY SCOOTER  ","HERSHEY'S OR APPROVED EQUIVALENT",31166,"CS",36,"2.75 OZ",300,"No Bid",{"$error":"#VALUE!"},{"$error":"#VALUE!"},"NO BID","NO BID","NO BID","NO BID","NO BID"]
[null,195,"F1066","ICE CREAM SS BAR VANILLA","ICE CREAM BAR VANILLA REDUCED FAT MUST BE SMART SNACK COMPLIANT <200 CALORIES < 35% FAT CALORIES < 230 MG SODIUM < 10% SATURATED FAT <35% OF WEIGHT FROM SUGARS","SPECIFY",null,"CS",96,"3.0 OZ",100,"No Bid",{"$error":"#VALUE!"},{"$error":"#VALUE!"},"NO BID","NO BID","NO BID","NO BID","NO BID"]
[null,196,"F1067","ICE CREAM SS CUP CHOCOLATE SUNDAE ","LOW FAT CHOCOLATE SUNDAE DESSERT CUP","HERSHEY'S OR APPROVED EQUIVALENT",31662,"CS",48,"3 OZ",400,"No Bid",{"$error":"#VALUE!"},{"$error":"#VALUE!"},"NO BID","NO BID","NO BID","NO BID","NO BID"]
[null,197,"F1068","ICE CREAM SS CUP VANILLA","LOW FAT VANILLA ICE CREAM DESSERT CUP  ","HERSHEY'S OR APPROVED EQUIVALENT",31664,"CS",48,"3 OZ",300,"No Bid",{"$error":"#VALUE!"},{"$error":"#VALUE!"},"NO BID","NO BID","NO BID","NO BID","NO BID"]
[null,198,"F1069","ICE CREAM SS FRUIT BAR STRAWBERRY","STRAWBERRY CHUNK FRUIT BAR","BLUE BUNNY OR APPROVED EQUIVALENT",1050495,"CS",1,"48 CT",300,"No Bid",{"$error":"#VALUE!"},{"$error":"#VALUE!"},"NO BID","NO BID","NO BID","NO BID","NO BID"]
[null,199,"F1070","ICE CREAM SS FUDGE BAR","STICK BAR FUDGE-O  GLUTEN FREE","HERSHEY'S OR APPROVED EQUIVALENT",31152,"CS",36,"2 OZ",300,"No Bid",{"$error":"#VALUE!"},{"$error":"#VALUE!"},"NO BID","NO BID","NO BID","NO BID","NO BID"]
[null,200,"F1071","ICE CREAM SS POP STRAWBERRY & BANANA","SMOOTHIE ON A STICK.  REAL FRUIT NOTHING ARTIFICIAL.  STRAWBERRY & BANANA","JONNY POPS OR APPROVED EQUIVALENT",1190150,"CS",1,"96 CT",300,"No Bid",{"$error":"#VALUE!"},{"$error":"#VALUE!"},"NO BID","NO BID","NO BID","NO BID","NO BID"]
[null,201,"F1072","ICE CREAM SS POP TRIPLE BERRY","SMOOTHIE ON A STICK.  REAL FRUIT NOTHING ARTIFICIAL.  TRIPLE BERRY (STRAWBERRY BLUEBERRY AND RASPBERRY)","JONNY POPS OR APPROVED EQUIVALENT",1190240,"CS",1,"96 CT",150,"No Bid",{"$error":"#VALUE!"},{"$error":"#VALUE!"},"NO BID","NO BID","NO BID","NO BID","NO BID"]
[null,202,"F1073","ICE CREAM SS SANDWICH","ICE CREAM SANDWICH VAN RF","HERSHEY'S OR APPROVED EQUIVALENT",31319,"CS",24,"4 OZ",300,"No Bid",{"$error":"#VALUE!"},{"$error":"#VALUE!"},"NO BID","NO BID","NO BID","NO BID","NO BID"]
[null,203,"D1071","JALAPEÑO SLICED","JALAPEÑO SLICED","SPECIFY","","CS",6,"10 CN",550,42.504000000000005,23377.200000000004,7.0840000000000005,2097871,"VSTVO","6/10/CN","N","PEPPER, JALAPENO NACHO SLI"]
[null,204,"D1072","JELLY PC","JELLY PC ASSORTED STRAWBERRY MIXED FRUIT AND GRAPE SHELF STABLE","SPECIFY",null,"CS",200,".5 OZ",450,17.446000000000002,7850.7000000000007,8.7230000000000002E-2,4753401,"KATYO","200/.5/OZ","N","JELLY, ASSORT #4 PC CUP .5Z"]
[null,205,"C1028","JUICE APPLE","APPLE JUICE PURE PAK  FULL STRENGTH JUICE NO SUGAR ADDED 100% JUICE  CARTON ONLY US GRADE B","SUN CUP OR APPROVED EQUIVALENT",30301,"CS",70,"4 OZ",7800,11.554200000000002,90122.760000000009,0.16506000000000001,2280961,"SUNCP","70/4/OZ","N","JUICE, APPLE CRTN W-VIT C 100%"]
[null,206,"C1029","JUICE APPLE CHERRY","APPLE-CHERRY PURE PAK FULL STRENGTH JUICE  NO SUGAR ADDED 100% JUICE US GRADE B","SUN CUP OR APPROVED EQUIVALENT",32000,"CS",70,"4 OZ",7500,11.6424,87318,0.16632,2298171,"SUNCP","70/4/OZ","N","JUICE, APPLE CHERRY CRTN 100%"]
[null,207,"C1030","JUICE FRUIT PUNCH","FRUIT PUNCH JUICE PURE PAK FULL STRENGTH JUICENOSUGARADDED100% JUICE  CARTON ONLY US GRADE B","SUN CUP OR APPROVED EQUIVALENT",30800,"CS",70,"4 OZ",8400,12.325950000000001,103537.98000000001,0.17608500000000002,2281241,"SUNCP","70/4/OZ","N","JUICE, FRUIT PUNCH 100% PAPER CRTN"]
[null,208,"CTF7022","JUICE LEMON","LEMON JUICE PURE CATERING","SPECIFY","","CS",12,"32 OZ",20,42.894999999999996,857.89999999999986,3.574583333333333,2242321,"KATYO","12/32/OZ","N","JUICE, LEMON 100% PET"]
[null,209,"CTF7023","JUICE LEMON PC","LEMON JUICE PURE PC CATERING","SPECIFY",null,"CS",200,"0.4 G",5,11.833499999999997,59.16749999999999,5.9167499999999984E-2,4753451,"KATYO","200/4/GM","N","JUICE, LEMON PC PKT"]
[null,210,"C1031","JUICE ORANGE","ORANGE JUICE PURE PAK FULL STRENGTH JUICE NO SUGAR ADDED 100% JUICE  CARTON ONLY GRADE A","SUN CUP OR APPROVED EQUIVALENT",30100,"CS",70,"4 OZ",7900,15.379875,121501.0125,0.21971250000000001,2280981,"SUNCP","70/4/OZ","N","JUICE, ORANGE CRTN 100%"]
[null,211,"CTF7063","JUICE ORANGE CONCENTRATE","FROZEN CONCENTRATE 100% JUICE NO SUGAR ADDED GRADE A CATERING","SPECIFY",null,"CS",12,"32OZ",20,51.371450000000003,1027.4290000000001,4.2809541666666666,2735251,"REJUO","12/32/OZ","N","JUICE, ORANGE 100% 3X1 CONC FZN"]
[null,212,"C1032","JUICE ORANGE PINEAPPLE","ORANGE-PINEAPPLE JUICE PURE PAK  FULL STRENGTH JUICE NO SUGAR ADDED 100%JUICE  CARTON ONLY U.S. GRADE A","SUN CUP OR APPROVED EQUIVALENT",31200,"CS",70,"4 OZ",7500,14.034825000000001,105261.18750000001,0.20049750000000002,2281231,"SUNCP","70/4/OZ","N","JUICE, ORANGE PINEAPPLE 100% PAPER CRTN"]
[null,213,"D1073","KETCHUP JUG","KETCHUP  NATURALLY BALANCED  MADE w/SUGAR ENHANCED LOW SODIUM JUG w/PUMP","RED GOLD OR APPROVED EQUIVALENT","REDYL9P","CS",6,"114 oz",315,45.991000000000007,14487.165000000003,7.6651666666666678,4384601,"RDGLD","6/112.5/OZ","N","KETCHUP, SWTND W-SGR LS RED JUG"]
[null,214,"D1074","KETCHUP PC","KETCHUP w/SUGAR ENHANCED LOW SODIUM ","RED GOLD OR APPROVED EQUIVALENT","REDYL9G","CS",1000,".9 GM",1000,27.973000000000003,27973.000000000004,2.7973000000000001E-2,3159101,"RDGLD","1000/9/GM","N","KETCHUP, 100% NATRL"]
[null,215,"CTF7024","LIQUID SMOKE","LIQUID SMOKE FLAVORING  CATERING","WRIGHTS",null,"CS",4,"1 GAL",15,49.357999999999997,740.37,12.339499999999999,3146331,"WRGHT","4/1/GL","N","SEASONING, LIQUID SMOKE HKRY"]
[null,216,"C1033","MARGARINE","NO TRANS FAT CONTAIN A RATIO OF 60% VEGETABLE OIL AND 40% MILKFAT\nWITH A MINIMUM TOTAL FAT CONTENT OF 80%. ","GOLD-N-SWEET OR APPROVED EQUIVALENT",16840,"CS",30,"1 LB",150,39.950400000000009,5992.5600000000013,1.3316800000000002,4172651,"FRMDO","30/1/LB","N","MARGARINE, SOLID ZTF"]
[null,217,"C1034","MARGARINE PC","CONTAIN A RATIO OF 60% VEGETABLE OIL AND 40% MILK FAT WITH A MINIMUM TOTAL FAT CONTENT OF 80%. NO TRANS FAT  ","COUNTRY CROCK OR APPROVED EQUIVALENT","1-0040600434055","CS",900,"5 GR",40,30.396800000000002,1215.8720000000001,3.3774222222222226E-2,4421251,"LOL","1/912/PK","N","MARGARINE, BLND CLASC 5GM CUP"]
[null,218,"D1075","MARSHMALLOW CRÈME","MARSHMALLOW CREAM FOR CEREAL TREATS TRANS FAT FREE","MALLOWCREME OR APPROVED EQUIVALENT",64708,"CS",8,"33.5 OZ",700,26.633999999999997,18643.8,3.3292499999999996,2792271,"KRFJP","12/13/OZ","N","TOPPING, MARSHMALLOW CRM"]
[null,219,null,"MAYONNAISE  PC","MAYONNAISE INDIVIDUALLY PACKED REDUCED FAT","SPECIFY",null,"CS",500,"12 GR",800,43.593000000000004,34874.400000000001,8.7186000000000013E-2,4750581,"KATYO","500/12/GM","N","MAYONNAISE, PCH PC"]
[null,220,"CTF7025","MAYONNAISE GAL ","MAYONNAISE REGULAR FAT CATERING","SPECIFY",null,"CS",4,"1 GAL",20,49.093000000000004,981.86000000000013,12.273250000000001,2566901,"KATYF","4/1/GL","N","MAYONNAISE, HVY DTY"]
[null,221,"CTF7026","MAYONNAISE PC","MAYONNAISE REGULAR FAT INDIVIDUALLY PACKED CATERING","SPECIFY",null,"CS",200,"12 GR",100,17.611000000000004,1761.1000000000004,8.8055000000000022E-2,4750571,"KATYO","200/12/GM","N","MAYONNAISE, PCH PC"]
[null,222,"D1076","MILK EVAPORATED","SHELF STABLE MILK IS MADE FROM GRADE A FRESH MILK WHICH HAS BEEN FORTIFIED WITH VITAMINS A AND D","SPECIFY","","CS",6,"10 CN",75,75.790000000000006,5684.2500000000009,12.631666666666668,2928631,"BDNMG","6/10/CN","N","MILK, EVAPORATED"]
[null,223,"C1036","MILK LACTOSE FREE","MILK LACTSE FREE AND FAT FREE","LACTAID OR APPROVED EQUIVALENT",6348,"CS",20,"8 oz",100,25.201000000000001,2520.1,1.2600500000000001,4913921,"SPTDR","24/8/OZ","N","MILK, FF LACTOSE FREE 8Z"]
[null,224,"D1077","MILK SOY","SOY MILK VANILLA MUST MEET USDA REGULATIONS FOR A MILK SUBSITITUTE.","KIKKKOMAN OR APPROVED EQUIVALENT",6184,"CS",24,"8 OZ",100,25.012499999999999,2501.25,1.0421875,3541221,"KIKMN","24/8/OZ","N","MILK, SOY PEARL VANILLA"]
[null,225,"CTF7027","MIX BROWNIE","MIX FUDGE BROWNIE NOT WHOLE GRAIN CATERING","CH GUENTER & SON OR APPROVED EQUIVALENT",218207,"CS",6,"5 LB",20,92.565849999999998,1851.317,15.427641666666666,1970301,"KRUST","6/7/LB","N","BROWNIE MIX, FUDGE"]
[null,226,"CTF7028","MIX FRUIT PUNCH","FRUIT FLAVORED DRY CRYSTALS DRINK MIX SWEETENED CATERING","SPECIFY",null,"CS",12,"24 OZ",20,37.912000000000006,758.24000000000012,3.159333333333334,2204421,"REJUO","12/24/OZ","N","DRINK MIX, FRUIT PUNCH"]
[null,227,"CTF7029","MIX HOT CHOCOLATE","HOT CHOCOLATE MIX POWDERED INDIVIDUAL PACKS CATERING","SPECIFY",null,"CS",6,"50CT",20,68.566400000000002,1371.328,11.427733333333334,4350051,"RIDGL","6/50/PK","N","COCOA MIX, HOT DUTCH SSRV 1Z PKT"]
[null,228,null,"MIX HOT CHOCOLATE SF","HOT CHOCOLATE MIX POWDERED INDIVIDUAL PACKS  SUGAR FREE COFFEE BAR","NESTLE OR APPROVED EQUIVALENT","61411-00","CS",300,"PKG",100,46.05749999999999,4605.7499999999991,0.15352499999999997,4350071,"RIDGL","3/50/PK","N","COCOA MIX, HOT NSA SSRV .5Z"]
[null,229,"CTF7030","MIX ICE TEA","MIX UNSWEETENED TEA HIGH YIELD DILUTION RATIO 1:96 CATERING","THIRS-TEA OR APPROVED EQUIVALENT",662,"CS",24,"4 OZ",20,"No Bid",{"$error":"#VALUE!"},{"$error":"#VALUE!"},"NO BID","NO BID","NO BID","NO BID","NO BID"]
[null,230,"CTF7031","MIX LEMONAIDE PINK","PINK LEMONAIDE FLAVORED DRY CRYSTALS SWEETENED CATERING","SPECIFY",null,"CS",12,"2GAL",30,37.912000000000006,1137.3600000000001,3.159333333333334,2204441,"REJUO","12/24/OZ","N","DRINK MIX, LEMONADE PINK"]
[null,231,"CTF7032","MIX LEMONAIDE YELLOW","YELLOW LEMONAIDE FLAVORED DRY CRYSTALS DRINK MIX SWEETENED  CATERING","SPECIFY",null,"CS",12,"2GAL",30,37.912000000000006,1137.3600000000001,3.159333333333334,2204431,"REJUO","12/24/OZ","N","DRINK MIX, LEMONADE"]
[null,232,"CTF7064","MUFFIN APPLE PECAN","PRE-BAKED THAW AND SERVE APPLE CINNIMON PECAN TULIP CUP WRAPPER SUPREME  CATERING","OTIS SPUNKMEYER OR APPROVED EQUIVALENT",6245,"CS",24,"4 OZ",5,33.177500000000002,165.88750000000002,1.3823958333333335,2638711,"OTISS","24/4/OZ","N","MUFFIN, APPLE CINN PECAN"]
[null,233,"CTF7065","MUFFIN BANANA BREAD","PRE-BAKED THAW AND SERVE BANANA BREAD TULIP CUP WRAPPER SUPREME  CATERING","OTIS SPUNKMEYER OR APPROVED EQUIVALENT",1002,"CS",24,"4 OZ",15,30.164499999999997,452.46749999999997,1.2568541666666666,3162601,"OTISS","24/4/OZ","Y","MUFFIN, BANANA BREAD SUPREME"]
[null,234,null,"MUFFIN BANANA WG","PRE-BAKED AND INDIVIDUALLY PLAIN WRAPPED APPROX 2 OZ EACH.  WHOLE GRAIN EACH MUFFIN MUST PROVIDE A MINUMIM OF 2 GB COMPONENT FOR SBP.  BANANA FLAVORED. ","DAVE'S OR APPROVED EQUIVALENT","WG828","CS",60,"3.15 OZ",1500,34.475999999999999,51714,0.5746,3915721,"DVBKY","60/3/OZ","N","MUFFIN, BANANA WG"]
[null,235,"CTF7066","MUFFIN BLUEBERRY CRUMB","PRE-BAKED THAW AND SERVE BLUEBERRY CRUMB CAKE TULIP CUP WRAPPER SUPREME  CATERING","OTIS SPUNKMEYER OR APPROVED EQUIVALENT",6201,"CS",24,"4 OZ",20,30.015000000000001,600.29999999999995,1.2506250000000001,2638691,"OTISS","24/4/OZ","N","MUFFIN, BLUEBRY CRUMB CAKE"]
[null,236,"F1074","MUFFIN BLUEBRRY IW","PRE-BAKED AND INDIVIDUALLY PLAIN WRAPPED APPROX 2 OZ EACH.  WHOLE GRAIN EACH MUFFIN MUST PROVIDE A MINUMIM OF 2 GB COMPONENT FOR SBP.  BLUEBERRY FLAVORED.","DAVE'S OR APPROVED EQUIVALENT","WG829","CS",60,"3.15 OZ",1500,34.475999999999999,51714,0.5746,3916961,"DVBKY","60/3/OZ","N","MUFFIN, BLUEBRY WG"]
[null,237,"F1075","MUFFIN CHERRY IW","PRE-BAKED AND INDIVIDUALLY PLAIN WRAPPED APPROX 2 OZ EACH.  WHOLE GRAIN EACH MUFFIN MUST PROVIDE A MINUMIM OF 1 GB COMPONENT FOR SBP.  CHERRY FLAVORED. ","DAVE'S OR APPROVED EQUIVALENT","WG841","CS",60,"3.15 OZ",1500,34.32,51480,0.57199999999999995,4982301,"DVBKY","60/3.15/OZ","Y","MUFFIN, CHERRY WG 3.15Z IW"]
[null,238,"CTF7067","MUFFIN DECADENT CHOCOLATE","PRE-BAKED THAW AND SERVE DECADENT CHOCOLATE CHUNK TULIP CUP WRAPPER SUPREME  CATERING","OTIS SPUNKMEYER OR APPROVED EQUIVALENT",6220,"CS",24,"4 OZ",5,29.750499999999999,148.7525,1.2396041666666666,2638721,"OTISS","24/4/OZ","N","MUFFIN, CHOC CHNK DECADENT"]
[null,239,"F1076","MUFFIN DOUBLE CHOC CHIP IW","PRE-BAKED AND INDIVIDUALLY PLAIN WRAPPED APPROX 2 OZ EACH.  WHOLE GRAIN EACH MUFFIN MUST PROVIDE A MINUMIM OF 2 GB COMPONENT FOR SBP.  CHOCOLATE-CHOCOLATE CHIP FLAVORED.","DAVE'S OR APPROVED EQUIVALENT","WG 845","CS",60,"3.15 OZ",1500,34.32,51480,0.57199999999999995,4278791,"DVBKY","60/3.15/OZ","N","MUFFIN, DBL CHOC WG IW"]
[null,240,"CTF7068","MUFFIN TRIPLE BERRY","PRE-BAKED THAW AND SERVE TRIPLE BERRY WHOLE GRAIN TULIP CUP WRAPPER SUPREME  CATERING","OTIS SPUNKMEYER OR APPROVED EQUIVALENT",6230,"CS",24,"4 OZ",10,30.164499999999997,301.64499999999998,1.2568541666666666,2622521,"OTISS","24/4/OZ","Y","MUFFIN, TRIPLE BRY WG SUPREME"]
[null,241,"D1078","MUSTARD GAL","MUSTARD/PREPARED","SPECIFY","","CS",4,"1 GAL",75,48.444000000000003,3633.3,12.111000000000001,3784221,"CFSER","4/1/GL","N","MUSTARD, YLW PREPARED"]
[null,242,"D1079","MUSTARD PC","MUSTARD PC EASY OPEN TOP","SPECIFY","","CS",500,"5.5 GM",200,15.158000000000001,3031.6000000000004,3.0316000000000003E-2,4750631,"KATYO","500/5.5/GM","N","MUSTARD, PCH PC"]
[null,243,"D1080","NATURE SEAL","NATURESEAL FRESH FRUIT PRESEVER","NATURESEAL","","CS",4,"3.3 LB",300,"No Bid",{"$error":"#VALUE!"},{"$error":"#VALUE!"},"NO BID","NO BID","NO BID","NO BID","NO BID"]
[null,244,"F1077","NOODLES CHOW MEIN","CHOW MEIN WITH VEGETABLES WHOLE GRAIN  A 4.8oz SERVING PROVIDES 1.0 OZ GRAIN EQUIVALENTS.","SPECIFY",null,"CS",6,"5.6 LB",500,29.282499999999999,14641.25,4.8804166666666662,3266481,"LINGS","1/14/LB","N","ENTREE, CHOW MEIN WG FC"]
[null,245,"D1081","OIL CANOLA","CANOLA OIL FOR FRYING NO TRANS FATS","SPECIFY","","CS",35,"LB",225,47.410000000000004,10667.25,1.3545714285714288,1950621,"CPRVL","1/35/LB","N","OIL, CANOLA CLR FRY ZTF"]
[null,246,"CTF7033","OIL OLIVE","OIL OLIVE EXTRA VIRGIN CATERING","SPECIFY",null,"CS",4,"3LTR",15,220.96099999999996,3314.4149999999995,55.240249999999989,4615621,"TRIFS","6/1/GL","N","OIL, OLIVE XVRGN IMP"]
[null,247,"CTF7034","OLIVES BLACK","RIPE OLIVES MEDIUM PITTED WHOLE  CATERING","SPECIFY",null,"CS",6,"10 CN",100,63.998000000000005,6399.8,10.666333333333334,2246931,"BHVSO","6/10/CN","N","OLIVE, BLK RIPE PITD MED IMP"]
[null,248,"CTF7035","OLIVES GREEN","RIPE OLIVES MEDIUM PITTED WHOLE STUFFED  CATERING","SPECIFY",null,"CS",4,"1 GAL",5,104.17000000000002,520.85000000000014,26.042500000000004,2305551,"VLAFO","4/1/GL","N","OLIVE, GRN STFD QUEEN IMP 100-110CT"]
[null,249,"F1078","PANCAKE BREAKFAST SANDWICH","MAPLE SEASONED BEEF SAUSAGE AND PANCAKE SANDWICH - INDIVIDUALLY WRAPPED.  PORTION SIZE 2.61OZ CN LABEL OR PRODUCT ANALYSIS SHEET TO PROVIDE 1OZ M/MA AND 1OZ GRAIN EQ.  MUST MEET FNS REQUIREMENTS ON ALL GRAIN.  CASE PACK 100","INTEGRATED FOOD SERVICE OR APPROVED EQUIVALENT",990120,"CS",100,"2.61 OZ",900,144.20249999999999,129782.24999999999,1.4420249999999999,3475641,"BKCRF","1/168/PK","N","SANDWICH, PANCAKE CHICK SAUSG IW WG"]
[null,250,"F1079","PANCAKE ON A STICK PLAIN BULK","SAUSAGE & PANCAKE ON A STICK WHOLE GRAIN PANCAKE BATTER AROUND A PRE-COOKED GROUND TURKEY & TEXTURED VEGETABLE PROTEIN LINK. CN LABLED EACH 2.85 OZ STICK PROVIDE 1 MEAT/MEAT ALTERNATE & 1 GRAIN EQUIVALENT BULK.","FOSTER FARMS OR APPROVED EQUIVALENT",95121,"CS",56,"2.85 OZ",1500,30.44275,45664.125,0.5436205357142857,3098411,"FFARM","56/2.85/OZ","N","PANCAKE WRAP, TRKY WG BULK CN"]
[null,251,"F1080","PANCAKES","PANCAKE WHOLE GRAIN RICH - EACH PANCAKE MUST MEET 1 GRAIN","AUNT JEMIMA OR APPROVED EQUIVALENT",43582,"CS",144,"1.14 OZ",16,27.028300000000002,432.45280000000002,0.18769652777777779,4060611,"BKCRF","144/1.3/OZ","N","PANCAKE, BTRMLK BULK WG 1.3Z"]
[null,252,"F1081","PANCAKES BLUEBERRY","PANCAKES MINI BLUEBERRY IW WHOLE GRAIN MUST MEET 2 GRAIN COMPONENT FOR SBP","EGGO OR APPROVED EQUIVALENT",3800092560,"CS",72,3.2,1000,"No Bid",{"$error":"#VALUE!"},{"$error":"#VALUE!"},"NO BID","NO BID","NO BID","NO BID","NO BID"]
[null,253,"F1082","PANCAKES CONFETTI","PANCAKES MINI CONFETTI IW WHOLE GRAIN MUST MEET 2 GRAIN COMPONENT FOR SBP","EGGO OR APPROVED EQUIVALENT",3800018574,"CS",72,3.2,1000,34.210799999999999,34210.799999999996,0.47514999999999996,4368031,"EGGO","72/3.03/OZ","N","PANCAKE, CONFETTI MINI WG 3.03Z"]
[null,254,"F1083","PANCAKES MAPLE","PANCAKES MINI MAPLE BURST IW WHOLE GRAIN MUST MEET 2 GRAIN COMPONENT FOR SBP","PILLSBURY OR APPROVED EQUIVALENT",137732000,"CS",72,3.2,1000,34.210799999999999,34210.799999999996,0.47514999999999996,3343921,"EGGO","72/3.03/OZ","N","PANCAKE, MAPLE MINI WG IW"]
[null,255,null,"PANCAKES MAPLE","PANCAKES MINI MAPLE IW WHOLE GRAIN MUST MEET 2 GRAIN COMPONENT FOR SBP","EGGO OR APPROVED EQUIVALENT",3800092562,"CS",72,3.2,1000,34.210799999999999,34210.799999999996,0.47514999999999996,3343921,"EGGO","72/3.03/OZ","N","PANCAKE, MAPLE MINI WG IW"]
[null,256,"F1084","PANCKAES STRAWBERRY","PANCAKES MINI STRAWBERRY BLAST IW WHOLE GRAIN MUST MEET 2 GRAIN COMPONENT FOR SBP","PILLSBURY OR APPROVED EQUIVALENT",137731000,"CS",72,3.2,1000,"No Bid",{"$error":"#VALUE!"},{"$error":"#VALUE!"},"NO BID","NO BID","NO BID","NO BID","NO BID"]
[null,257,"D1082","PASTA ELBOW","ELBOW PASTA DRY REGULAR NOT WHOLE GRAIN","ZEREGA OR APPROVED EQUIVALENT",8001,"CS",2,"10 LB",300,26.686000000000003,{"$f":"IF(L262*K262= 0,\"\",L262*K262)","v":8005.8000000000011},{"$f":"IF(L262/I262= 0,\"\",L262/I262)","v":13.343000000000002},4417631,"VLAFO","2/10/LB","N","PASTA, ELBOW MACARONI TWISTED BULK"]
[null,258,"D1083","PASTA FETUCCINE","FETUCCINE PASTA   10\" DRY REGULAR NOT WHOLE GRAIN","ZEREGA OR APPROVED EQUIVALENT",9722,"CS",2,"10 LB",250,23.760000000000005,5940.0000000000009,11.880000000000003,3108281,"VLAFO","2/10/LB","N","PASTA, FETTUCCINE BULK"]
[null,259,"CTF7036","PASTA LASAGNA","LASAGNA NOODLE WITH RIDGES ENRICHED TO MEET BREAD REQUIREMENTS NSLP MADE FROM SEMOLINA OR DURUM FLOUR ENRICHED WITH THIAMIN RIBOFLAVIN NIACIN FOLIC ACID AND IRON.  REGULAR NOT WHOLE GRAIN CATERING","SPECIFY",null,"CS",12,"1LB",15,18.216000000000001,273.24,1.518,2380251,"VLAFO","12/1/LB","N","PASTA, LASAGNA RIBBED"]
[null,260,"D1084","PASTA PENNE","TUBULAR 51% WHOLE GRAIN ENRICHED TO MEET BREAD REQ FOR NSLP ENRICHED WITH THIAMIN RIBOFLAVIN NIACIN FOLIC ACID AND IRON REGULAR NOT WHOLE GRAIN","ZEREGA OR APPROVED EQUIVALENT",10034,"CS",2,"10 LB",45,24.266000000000002,1091.97,12.133000000000001,2078221,"VLAFO","2/10/LB","N","PASTA, PENNE RIGATE BULK"]
[null,261,"D1085","PASTA SPAGHETTI","SPAGHETTI PASTA   10\" DRY REGULAR NOT WHOLE GRAIN","ZEREGA OR APPROVED EQUIVALENT",8031,"CS",2,"10 LB",500,24.277000000000001,12138.5,12.138500000000001,2078111,"VLAFO","2/10/LB","N","PASTA, SPAGHETTI BULK"]
[null,262,"CTF7069","PASTRY CINNAMON TWIST","FREEZER-TO-OVEN CINNNAMON ROLL TWIST  CATERING","PILLSBURY OR APPROVED EQUIVALENT",205385000,"CS",52,"4.25 OZ",100,76.974299999999999,7697.43,1.480275,3386431,"RICHS","1/90/PK","N","DOUGH, CINN ROLL 4Z EFFORTLESS"]
[null,263,"CTF7070","PASTRY DANISH ASSORTED","DANISH ASSORTED 4OZ BULK CATERING","SPECIFY",null,"CS",6,"12CT",50,52.752700000000004,2637.6350000000002,8.7921166666666668,4248141,"BRCKO","6/12/PK","N","DANISH, TRAY ASSORT 1.25Z"]
[null,264,"CTF7037","PICKLE SLICED POUCH","HAMBURGER DILL PICKLE CRINKLE CUT POUCH 1/8 IN GRADE A CATERING","HEINZ",658600,"CS",6,"5.75 LB",650,26.388999999999999,17152.849999999999,4.3981666666666666,2300331,"KATYO","4/1/GL","N","PICKLE, DILL HAMBURGER SLI 1/8\" CC"]
[null,265,"CTF7038","PICKLE SPEARS CAN","DILL PICKLE SPEARS APPROXIMATELY 3 1/2 - 4 3/4 INCHES LONG US GRADE A CATERING","SPECIFY","","CS",6,"10 CN",400,34.474000000000004,13789.600000000002,5.7456666666666676,2288711,"CBLSO","1/5/GL","N","PICKLE, DILL SPEAR 215-265 CT"]
[null,266,"F1085","PIE SHELLS","PIE SHELLS 9 INCH DEEP","SPECIFY",null,"CS",20,"SHELLS",10,26.840449999999997,268.40449999999998,1.3420224999999999,1919631,"CPIER","20/8/OZ","N","PIE SHELL, 9\" DEEP"]
[null,267,"F1086","PIZZA BREAKFAST SAUSAGE","NARDONE BROS®WHOLE WHEAT SAUSAGE BREAKFAST MUST PROVIDE 1 OZ EQUIVALENT MEAT/MEAT ALERNATE 1.5 OZ EQUIVALENT GRAINS AND 1/8 CUP RED/ORANGE VEGETABLE FOR THE CHILD NUTRITION MEAL PATTERN REQUIREMENTS. COMMERICAL BACK-UP OF COMMODITY PRODUCT OR FOR NOI PRICING","NARDONES BROS OR APPROVED EQUIVALENT","80WS100","CS",80,"3.30 OZ",700,"No Bid",{"$error":"#VALUE!"},{"$error":"#VALUE!"},"NO BID","NO BID","NO BID","NO BID","NO BID"]
[null,268,"F1087","PIZZA STUFFED CRUST CHEESE","WHOLE WHEAT WEDGE STUFFED CRUST CHEESE PIZZA WGR FROZEN BULK PACK FAT GRAMS NOT TO EXCEED 17GM SODIUM NOT TO EXCEED 445MG CN LABEL OR PRODUCT ANALYSIS SHEET TO PROVIDE A MINIMUM 2 MMA AND 2 GRAIN EQ. 1/8 RO VEGETABLE  CASE PACK 70 CT. COMMERICAL BACK-UP OF COMMODITY PRODUCT OR FOR NOI PRICING","NARDONES BROS OR APPROVED EQUIVALENT","72WWSCM2","CS",70,"4.95 OZ",600,"No Bid",{"$error":"#VALUE!"},{"$error":"#VALUE!"},"NO BID","NO BID","NO BID","NO BID","NO BID"]
[null,269,"F1088","PIZZA STUFFED CRUST PEPPERONI","WHOLE WHEAT WEDGE STUFFED CRUST COIN PEPPERONI PIZZA.  WGR FROZEN BULK PACK FAT GRAMS NOT TO EXCEED 21GM SODIUM NOT TO EXCEED 665MG CN LABEL OR PRODUCT ANALYSIS SHEET TO PROVIDE A MINIMUM 2 MMA AND 2 GRAIN EQ. 1/8 RO VEGETABLE CASE PACK 70. COMMERICAL BACK-UP OF COMMODITY PRODUCT OR FOR NOI PRICING","NARDONES BROS OR APPROVED EQUIVALENT","C72WWSCMP2","CS",70,"4.95 OZ",600,60.299849999999999,36179.909999999996,0.86142642857142859,4806191,"NRDNB","70/4.95/OZ","N","PIZZA, PEPPERONI STFD CRUST WDG WG FZN"]
[null,270,"F1089","POCKET TURKEY HAM & CHEESE IW","POCKET TURKEY HAM & CHEESE EACH 3.0 OZ MUST MEET 1 M/MA AND 1OZ GRAIN FOR STUDENT NUTRITION BREAKFAST PROGRAM, IW","ALBIE'S OR APPROVED EQUIVALENT",835,"CS",60,"3 OZ",1500,"No Bid",{"$error":"#VALUE!"},{"$error":"#VALUE!"},"NO BID","NO BID","NO BID","NO BID","NO BID"]
[null,271,"D1086","POPTART STRAWBERRY","POP-TART MADE WITH WHOLE GRAIN FROSTED STRAWBERRY.   1.76OZ  MUST MEET 1OZ GRAIN EQUIVALENT. CALORIES SHOULD NOT EXCEED 200  SUGAR SHOULD NOT EXCEED 18G","KELLOGG’S OR APPROVED EQUIVALENT",55130,"CS",120,"1.76 OZ",1000,47.410000000000004,47410.000000000007,0.39508333333333334,3056521,"PPTRT","12/10/PK","N","POP-TART, STRAWBRY FRSTD WG IW 1CT"]
[null,272,"F1090","PORK BBQ PATTY","FULLY COOKED FLAMEBROILED RIB SHAPED PORK PATTIE WITH HONEY BBQ SAUCE, 3.25OZ","TYSON OR APPROVED EQUIVALENT",3716,"CS",100,"3.25 OZ",750,72.84,54630,0.72840000000000005,2492051,"PIERR","100/3.25/Z","N","BEEF, RIB SWT HNY BBQ FFSD"]
[null,273,"F1091","PORK CARNITAS","PORK CARNITAS LOWER SODIUM","BROOKWOOD FARMS OR APPROVED EQUIVALENT",12303,"CS",1,"20 lb",200,"No Bid",{"$error":"#VALUE!"},{"$error":"#VALUE!"},"NO BID","NO BID","NO BID","NO BID","NO BID"]
[null,274,"F1092","PORK DICED COOKED","BONELESS PORK STEW MEAT (1/4\" TRIM) THIS 30 LB. CASE PROVIDES 240 SERVINGS 2.00 OZ EACH. EACH 2.00 OZ SERVING (BY WEIGHT) OF COOKED DICED PORK PROVIDES 2.00 OZ EQUIVALENT MEAT FOR CHILD NUTRITION MEAL PATTERN REQUIREMENTS","SPECIFY",null,"CS",2,"5 LB",25,4.1105999999999998,102.765,2.0552999999999999,1809511,"JITSG","2/5/LB/CWT","N","PORK, STEW 1/2\""]
[null,275,"F1093","PORK LOIN ROAST","PORK LOIN BONELESS IMPS #413 FROZEN UNCOOKED USDA INSPECTED FRESH PORK LOINS BONELESS SINGLE MUSCLE. ALL SURFACE FAT IN EXCESS OF 1/4\" IN DEPTH SHALL BE REMOVED. NATURAL UNSEASONED NO ADDED SODIUM MSG OR SOLUTIONS PERMITTED SODIUM CONTENT NOT TO EXCEED 100 MG PER 4 OUNCE PORTION.  ACCEPTABLE PACK SIZE: ENCASED & COMMERCIALLY SEALED IN MOISTURE/VAPOR-PROOF POLYFILM 2 TO 6 LOINS PER CASE EACH LOIN TO WEIGH BETWEEN 8-18 LB PACKAGE","SPECIFY",null,"CS",1,"50 lb",40,2.2542,90.168000000000006,2.2542,3923101,"PRCRF","2/1/PC","N","PORK, LOIN BNLS BRT 10% MARNTD"]
[null,276,"F1094","PORK SAUSAGE","SAUSAGE PORK BULK","SPECIFY",null,"CS",2,"5 lb",500,25.989599999999999,12994.8,12.9948,4433541,"PRCRO","2/6/LB","N","SAUSAGE, BULK ROLL RAW"]
[null,277,"F1095","PORK SAUSAGE PATTY ","EACH 1.33 OZ COOKED PORK SAUSAGE PATTY PROVIDES 1.00 OZ EQUIVALENT MEAT FOR CHILD NUTRITION MEAL PATTERN REQUIREMENTS LESS THAN 200MG IN SODIUM PER SERVING","JTM OR APPROVED EQUIVALENT","CP54649","CS",360,"1.33 OZ",300,32.774299999999997,9832.2899999999991,9.1039722222222216E-2,3567101,"JDEAN","1/10/LB","N","SAUSAGE, PORK PTY 1.5Z CKD W-SAGE"]
[null,278,"F1096","PORK SHREDDED","PULLED PORK BBQ W/ VINEGAR MARINADE/SEMI DRIY LESS THAN 274 MG OF SODIUM PER SERVING CN LABLED THAT EACH 4 OZ SERVING MEETS 2 OZ MEAT EQUIVALENT. COMMERICAL BACK-UP OF COMMODITY PRODUCT OR FOR NOI PRICING","BROOKWOOD FARMS OR APPROVED EQUIVALENT",12302,"CS",4,"5 LB",1010,43.316000000000003,43749.16,10.829000000000001,3176711,"PRCRO","2/5/LB","N","PORK, PULLED SMKD FC"]
[null,279,"CTF7071","POTATO BABY BAKERS","BABY BAKER POTATOES WHOLE OVEN ROASTED GARLIC  CATERING","SPECIFY",null,"CS",6,"2.5LB",25,31.614049999999999,790.35124999999994,5.2690083333333328,2341831,"RSTWK","6/2.5/LB","N","POTATO, 1-2\" BABY BAKERS SEASN"]
[null,280,"F1097","POTATO CRINKLE CUT","BAKABLE REGULAR REDUCED SODIUM CRINKLE FRIES 3/8\" l ≤ 160MG SODIUM PER SERVING CN LABLED","McCAIN OR APPROVED EQUIVALENT","MCF03761","CS",6,"5 LB",1000,50.907350000000001,50907.35,8.4845583333333341,2311401,"MCCAN","6/5/LB","N","FRIES, 3/8\" CC ZERO TRANS FAT"]
[null,281,"D1087","POTATO HASHBROWN DEHYDRATED"," DEHYDRATED POTATOES ","IDAHOAN OR APPROVED EQUIVALENT","29700 00808","CS",6,"2.125 lb",1200,51.051000000000002,61261.200000000004,8.5084999999999997,3753791,"IDAHO","6/2.125/LB","N","HASHBROWN, DEHYD"]
[null,282,"F1098","POTATO HASHBROWN PATTIES","2 OVALS PROVIDE 1/2 CUP VEGETABLE EQUIVALENT.","ORE-IDA OR APPROVED EQUIVALENT","OIF00589A","CS",6,"2.8125 lb",1345,"No Bid",{"$error":"#VALUE!"},{"$error":"#VALUE!"},"NO BID","NO BID","NO BID","NO BID","NO BID"]
[null,283,"D1088","POTATO PEARLS","POTATO PEARLS NATURE'S OWN MASHED REDUCED SODIUM","BASIC AMERICAN FOODS OR APPROVED EQUIVALENT",10169,"CS",10,"29.3 oz",1500,"No Bid",{"$error":"#VALUE!"},{"$error":"#VALUE!"},"NO BID","NO BID","NO BID","NO BID","NO BID"]
[null,284,"F1099","POTATO SPIRAL","BAKABLE SEASONED SPIRALS ≤ 240MG PER SERVING CN LABLED","McCAIN OR APPROVED EQUIVALENT",1000004108,"CS",6,"4 LB",1500,48.43215,72648.225000000006,8.072025,4044291,"MCCAN","6/4/LB","N","FRIES, SPIRAL CUT CRISPY SEASN"]
[null,285,"F1100","POTATO STRAIGHT CUT","POTATOES / FRENCH FRIES FROZEN: 10071179036715 SIMPLOT SEASONEDCRISP® SAVORY REDUCED SODIUM 5/16” X 3/8” SC 6/5 LB. 52% LESS SODIUM THAN OUR REGULAR SAVORY THIN CUT FRIES (180MG VS 380MG SODIUM PER 84G REFERENCE AMOUNT). TO BE PACKED TO U.S. GRADE A STANDARDS SKIN-ON 5/16” X 3/8” STRAIGHT CUT POTATOES PROCESSED IN VEGETABLE OIL OVEN-READY PREPARATION.","SIMPLOT OR APPROVED EQUIVALENT","100-71179036715","CS",30,"LB",1000,63.791649999999997,63791.649999999994,2.1263883333333333,1977531,"SCRSP","6/5/LB","N","FRIES, 5/16 THIN FCY SEASN BTRD"]
[null,286,"F1101","POTATO TATER TOTS","TATER TOTS SHAPED POTATOES ZERO GRAMS TRANS FAT OVEN-BAKED.  71G SERVING PROVIDE 1/2 CUP STARCH VEGETABLE FOR THE CHILD NUTRITION MEAL PROGRAM.","MCCAIN FOODSERVICE OR APPROVED EQUIVALENT",1000002789,"CS",6,"5 LB",1000,41.514850000000003,41514.850000000006,6.9191416666666674,2731191,"STRAD","6/5/LB","N","POTATO, TATER GEM"]
[null,287,"F1102","POTATO WAFFLE CUT","FRENCH FRIES WAFFLE CUT BAKEABLE REDUCED SODIUM ≤ 75MG PER SERVING CN LABLED","McCAIN OR APPROVED EQUIVALENT","OIF01037A","CS",6,"4.5 LB",500,54.465449999999997,27232.724999999999,9.0775749999999995,1935041,"LAMBS","6/4.5/LB","N","FRIES, CRISS CUT NATRL"]
[null,288,"F1103","PRETZELS IW","HEARTZELS WHOLE GRAIN WHEAT FLOUR/ENRICHED WHEAT FLOUR RED GOLD MEET 1 OZ GRAIN","ROLD GOLD OR APPROVED EQUIVALENT","000-28400-15940-1","CS",104,".7 OZ",500,45.870000000000005,22935.000000000004,0.44105769230769237,3263851,"RGOLD","104/0.7/OZ","N","PRETZEL, SNACK HEARTZELS"]
[null,289,"D1089","PUMPKIN","100% PURE SOLID PACK U.S. GRADE A OR U.S. FANCY","LIBBY'S OR APPROVED EQUIVALENT","","CS",6,"10 CN",100,66.021499999999989,6602.1499999999987,11.003583333333331,1928321,"BHVSD","6/10/CN","N","PUMPKIN, SOLID PK FCY DMST"]
[null,290,"CTF7039","RELISH PICKLE DILL","RELISH PICKLE DILL CATERING","SPECIFY",null,"CS",4,"1 GAL",10,35.258999999999993,352.58999999999992,8.8147499999999983,2300361,"KATYO","4/1/GL","N","RELISH, DILL"]
[null,291,"CTF7040","RELISH PICKLE SWEET","RELISH PICKLE SWEET CATERING","SPECIFY",null,"CS",4,"1 GAL",5,38.444499999999998,192.2225,9.6111249999999995,2300351,"KATYO","4/1/GL","N","RELISH, PICKLE SWT MILD"]
[null,292,"F1104","RICE VEGETABLE FRIED","VEGETABLE FRIED RICE WHOLE GRAIN.  NO MSG ADDED.  5# BAGS","ASIAN FOODS OR APPROVED EQUIVALENT",78001,"CS",8,"5 lb",600,"No Bid",{"$error":"#VALUE!"},{"$error":"#VALUE!"},"NO BID","NO BID","NO BID","NO BID","NO BID"]
[null,293,null,"RICE WHOLE GRAIN BROWN PARBOILED","RICE LONG GRAIN PARBOILED 51% WHOLE GRAIN TO MEET NSLP BREAD REQ. LONG GRAIN RICE ENRICHED WITH THIAMIN RIBOFLAVIN NIACIN FOLIC ACID AND IRON. VITAMIN D AND CALCIUM MAY BE ADDED. NO 1 GRADE","SPECIFY",null,"BAG",25,"LB",500,33.792000000000002,16896,1.35168,4861201,"BNSRG","1/25/LB","N","RICE, BRN WG 25LB"]
[null,294,"CTF7072","ROLL CINNAMON ","CINNAMON ROLLS FROZEN INDIVIDUALLY BULK PACKED APPROX 3 OZ EACH FREEZER TO OVEN NO PROOFING REQUIRED.  MUST PROVIDE 2 GB IN THE SBP. PILLSBURY SUPREME™ FREEZER-TO-OVEN CINNAMON ROLL 3 OZ  CATERING","PILLSBURY OR APPROVED EQUIVALENT",105358000,"CS",100,"3 OZ",50,49.481900000000003,2474.0950000000003,0.49481900000000001,"Needs Set-up","PILLS","100/3 OZ","Y","ROLL CINNAMON "]
[null,295,"F1105","ROLL CINNAMON IW","WHITE WHOLE WHEAT HONEY ROLL DOUGH LAYER PACKED WHOLE GRAIN MEETS 2 OZ EQUIVALENT GRAINS","BRIDGEFORD OR APPROVED EQUIVALENT",6737,"CS",180,"2 OZ",3500,24.93985,87289.475000000006,0.13855472222222223,3113831,"BRGFD","180/2/OZ","Y","ROLL, WHEAT WHL WHT DOUGH"]
[null,296,"CTF7073","ROLL DINNER WHITE","ROLL DINNER WHITE HEAT & SERVE 1.5OZ CATERING","BRIDGEFORD OR APPROVED EQUIVALENT",6655,"CS",75,"1.5OZ",100,21.056000000000004,2105.6000000000004,0.2807466666666667,3113841,"BRGFD","75/2/OZ","N","ROLL, WHT HEAT & SRV"]
[null,297,"F1106","ROLL HONEY WHEAT","CINNAMON ROLL WHOLE GRAIN RTL IW MEETS 2 GRAINS","BAKE CRAFTERS OR APPROVED EQUIVALENT",1287,"CS",72,"2.8 OZ",2000,53.249949999999998,106499.9,0.73958263888888887,3613061,"BKCRF","72/2.5/OZ","N","ROLL, CINN 3.75X2\" 2.5Z WG IW"]
[null,298,"F1107","SANDWICH TURKEY HAM & CHEESE","TURKEY HAM & CHEESE SUB, 5\" MEETS 2 OZ M/MA AND 2 OZ WG EQ FOR NSP","CLASSIC DELIGHT OR APPROVED EQUIVALENT",311,"CS",45,"4.8 OZ",1500,74.366500000000002,111549.75,1.6525888888888889,4737251,"CLSCD","1/45/PK","Y","SANDWICH, SUB TRKY HAM & CHSE IW"]
[null,299,"CTF7041","SAUCE A-1","ORIGINAL STEAK SAUCE CATERING","KRAFT OR APPROVED EQUIVALENT","00-54400000200","CS",12,"10 OZ",10,63.987000000000009,639.87000000000012,5.332250000000001,1915801,"A-1","12/10/OZ","N","SAUCE, STEAK A1"]
[null,300,null,"SAUCE BBQ GAL","BARBECUE SAUCE ORIGINAL - NO STARCHES OR GUMS. HEAT-PROCESSED TO PROVIDE STABILITY AT ROOM TEMPERATURE. A REDDISH-BROWN SAUCE WITH A BBQ FLAVOR-LOW HEAT LOW SMOKE. ","SWEET BABY RAY'S OR APPROVED EQUIVALENT","SJ0440HF","CS",4,"1 GAL",100,52.58,5258,13.145,3619181,"SWRAY","4/1/GL","N","SAUCE, BBQ ORIG"]
[null,301,"CTF7042","SAUCE BRISKET MARINADE","SAUCE BRISKET MARINADE  CATERING","CLAUDES OR APPROVED EQUIVALENT",null,"CS",4,"1 GAL",15,59.305499999999995,889.58249999999998,14.826374999999999,2438591,"CLAUD","4/1/GL","N","MARINADE, BRISKET"]
[null,302,"F1108","SAUCE CHEESE ALFREDO","ALFREDO SAUCE FROZEN BAGS READY TO HEAT AND SERVE.  PASTEURIZED PROCESS CHEESE.  30 POUND CASE PROVIDES 262 SERVINGS 1.83OZ EACH.   EACH 1.83OZ SERVING PROVIDES 1.00 OZ EQUIVALENT MEAT ALTERNATE FOR CHILD NUTRITION MEAL PATTERN REQUIREMENTS.","JTM OR APPROVED EQUIVALENT",5722,"CS",6,"5 LB ",400,69.650000000000006,27860.000000000004,11.608333333333334,3175071,"JTM","6/5/LB","N","SAUCE, ALFREDO RS"]
[null,303,"F1109","SAUCE CHEESE GOLDEN HATCH","GOLDEN HATCH CHEESE SAUCE PROVIDES 1.00 OZ EQUIVALENT MEAT ALTERNATE FOR CHILD NUTRITION MEAL PATTERN REQUIREMENTS","JTM OR APPROVED EQUIVALENT",5731,"CS",6,"5LB BAG",200,82.78,16556,13.796666666666667,4492231,"JTM","6/5/LB","N","SAUCE, QUESO HATCH CHILE"]
[null,304,"F1110","SAUCE CHEESE QUESO BLANCO","CHEESE SAUCE WHITE CHEDDAR W/SALSA VERDE READY TO SERVE 3OZ = 1 MMA.  POUCHES 6/5# FAT GRAMS NOT TO EXCEED 7G.  SODIUM NOT TO EXCEED 600MG","JTM OR APPROVED EQUIVALENT",5718,"CS",6,"5 LB",500,80.83,40415,13.471666666666666,2429551,"JTM","6/5/LB","N","SAUCE, CHSE QUESO BLANCO NOI"]
[null,305,"F1111","SAUCE CHEESE THREE","THREE CHEESE SAUCE PROVIDES 1.00 OZ EQUIVALENT MEAT ALTERNATE FOR CHILD NUTRITION MEAL PATTERN REQUIREMENTS","JTM OR APPROVED EQUIVALENT",5730,"CS",6,"5LB",500,82.09,41045,13.681666666666667,4363091,"JTM","6/5/LB","Y","SAUCE, CHSE 3-CHSE"]
[null,306,"D1090","SAUCE CHEESE ULTIMATE CHEEDAR","CHEESE SAUCE READY TO SERVE REDUCED FAT CHEDDAR:  CANNED OR POUCHES CHEDDAR 3 OZ = 1MMA.  6/#10 OR POUCHES 6/5#  FAT GRAMS NOT TO EXCEED 10G SODIUM NOT TO EXCEED 570MG.  AVAILABLE FOR NET OFF INVOICE  LAND O LAKES PREFERRED. FOR NOI PRICING","LAND O'LAKES OR APPROVED EQUIVALENT",39940,"CS",6,"5 LB",500,71.930000000000007,35965,11.988333333333335,4890581,"LOL","6/106/OZ","N","SAUCE, CHSE ULTIMATE YLW PCH"]
[null,307,"D1091","SAUCE CRANBERRY","CRANBERRIES JELLIED U.S. GRADE A OR U.S. FANCY RESEALABLE","OCEAN SPRAY OR APPROVED EQUIVALENT",1401,"CS",6,"101 OZ",75,"NO Bid",{"$error":"#VALUE!"},{"$error":"#VALUE!"},"NO BID","NO BID","NO BID","NO BID","NO BID"]
[null,308,"D1092","SAUCE HOT PC","SABOR BY TEXAS PETE MEXICAN HOT SAUCE PC","TEXAS PETE OR APPROVED EQUIVALENT",null,"CS",200,7,1000,12.089,12089,6.0444999999999999E-2,1910231,"CHOLU","200/7/GM","N","SAUCE, HOT MEX PC"]
[null,309,"D1093","SAUCE MANWICH SLOPPY JOE","SAUCE SLOPPY JOE MANWICH","MANWICH OR APPROVED EQUIVALENT","27000-44181","CS",6,"#10 CAN",500,36.498000000000005,18249.000000000004,6.0830000000000011,1320991,"HUNT","4/10/CN","N","SAUCE, SLOPPY JOE"]
[null,310,"D1100","SAUCE ORANGE","RTU - PRONOUNCED SWEETNESS AND SOURNESS WITH ORANGE FLAVOR. THICK LIGHT BROWN GLAZE","KIKKOMAN OR APPROVED EQUIVALENT","0-1576","CS",4,".5 GAL",250,38.434000000000005,9608.5000000000018,9.6085000000000012,3753801,"KIKMN","4/5/LB","N","SAUCE, ORNG GLUTEN FREE"]
[null,311,"D1094","SAUCE PICANTE","PICANTE SAUCE THICK AND CHUNKY","SPECIFY","","CS",4,"1 GAL",23,49.940000000000005,1148.6200000000001,12.485000000000001,4035751,"VSTVO","4/135/OZ","N","SALSA, PICANTE MED"]
[null,312,"D1095","SAUCE PICANTE PC","PICANTE SAUCE PC","SPECIFY","","CS",200,".5 OZ",200,14.135000000000002,2827.0000000000005,7.0675000000000002E-2,1905121,"LAVIC","1/200/PK","N","SALSA, PICANTE MED .5Z PC"]
[null,313,"D1096","SAUCE SOY PC","SOY SAUCE INDIVIDUAL PACKETS LOW SODIUM","SPECIFY","","CS",500,"9 GR",150,12.111000000000001,1816.65,2.4222E-2,4292491,"MIKAM","1/500/PK","N","SAUCE, SOY PC"]
[null,314,"D1097","SAUCE TOMATO","TOMATO SAUCE FROM MATURE WHOLE AND TRIMMED TOMATOES OF GOOD COLOR ARE STRAINED AND PARTIALLY CONCENTRATED BEFORE THEY ARE BLENDED WITH ONIONS, GARLIC, AND OTHER NATURAL FLAVORING TO ACHIEVE A SMOOTH AND FREE FLOWING SAUCE. MAKING FROM CONCENTRATE ASSURES THE COLOR, QUALITY AND CONSISTENCY ARE ALWAYS JUST RIGHT. ZERO TRANS FATS. GLUTEN FREE. LOW SODIUM","RED GOLD OR APPROVED EQUIVALENT","RPKHA99","CS",6,"10 CN",400,"No Bid",{"$error":"#VALUE!"},{"$error":"#VALUE!"},"NO BID","NO BID","NO BID","NO BID","NO BID"]
[null,315,"D1098","SAUCE TOMATO MARINARA","NUTRITIONALLY ENHANCED MARINARA SAUCE 70% LOWER IN SODIUM ","RED GOLD OR APPROVED EQUIVALENT","RPKNA9E","CS",6,"10 CN",500,"No Bid",{"$error":"#VALUE!"},{"$error":"#VALUE!"},"NO BID","NO BID","NO BID","NO BID","NO BID"]
[null,316,"D1099","SAUCE TOMATO SPAGHETTI ","SPAGHETTI SAUCE NUTRIENT ENHANCED LOW SODIUM","RED GOLD OR APPROVED EQUIVALENT","RPKMA9E","CS",6,"10 LB",750,41.580000000000005,31185.000000000004,6.9300000000000006,2967551,"REDPK","6/10/CN","N","SAUCE, SPAGHETTI NOI"]
[null,317,"CTF7043","SAUCE WORCESTERSHIRE","WORCESTERSHIRE SAUCE BULK CATERING","SPECIFY","","CS",4,"1 GAL",5,33.948,169.74,8.4870000000000001,1902801,"FRNCH","4/1/GL","N","SAUCE, WORCESTERSHIRE"]
[null,318,"D1101","SHELL TACO","WHOLE GRAIN CORN FULLY COOKED TACO SHELL 6\"","MEX ORIG OR APPROVED EQUIVALENT","24850-621","CS",1,"200 CT",500,18.304000000000002,9152.0000000000018,18.304000000000002,4226041,"TYSON","1/200/PK","N","TACO SHELL, CORN WG 6\""]
[null,319,"D1102","SHELL TOSTADA","WHOLE GRAIN CORN FULLY COOKED TOSTADA SHELL 5.5\"","MEX ORIG OR APPROVED EQUIVALENT","23194-621","CS",1,"200 CT",300,16.698,5009.4000000000005,16.698,4149691,"TYSON","1/200/PK","N","TOSTADA SHELL, CORN WG"]
[null,320,"D1103","SOUP CREAM OF CHICKEN","HEALTHY REQUEST CONDENSED SOUP CREAM OF CHICKEN","CAMPBELLS OR APPROVED EQUIVALENT",4143,"CS",12,"50 OZ",200,55.88,11176,4.6566666666666672,9859521,"CMPBL","12/50/OZ","N","SOUP, CREAM OF CHICK HEALTHY REQUEST"]
[null,321,"D1104","SOUP CREAM OF MUSHROOM","HEALTHY REQUEST CONDENSED SOUP CREAM OF MUSHROOM","CAMPBELLS OR APPROVED EQUIVALENT",4144,"CS",12,"50 OZ",175,55.352000000000004,{"$f":"IF(L326*K326= 0,\"\",L326*K326)","v":9686.6},{"$f":"IF(L326/I326= 0,\"\",L326/I326)","v":4.6126666666666667},1694771,"CMPBL","12/50/OZ","N","SOUP, CREAM OF MSHRM HEALTHY"]
[null,322,"CTF7044","SOUR CREAM LIGHT","SOUR CREAM LIGHT CATERING","SPECIFY","","CS",2,"5 LB",20,22.366400000000002,447.32800000000003,11.183200000000001,1926561,"SHAMF","2/5/LB","N","SOUR CREAM, EXTRA HOLD"]
[null,323,"D1105","SOUR CREAM LIGHT PC","SOUR CREAM LIGHT PC","SPECIFY","","CS",100,"1 OZ",175,18.491200000000003,3235.9600000000005,0.18491200000000002,4186341,"FRMDO","100/1/OZ","N","SOUR CREAM, TETRA PK 1Z"]
[null,324,"D1106","SPICE BASIL","BASIL LEAF WHOLE LEAF  ","SPECIFY",null,"CS",1,"1.62 LB",63,20.538999999999998,1293.9569999999999,20.538999999999998,4603921,"KATYS","1/.75/LB","N","SPICE, BAY LEAF WHL BULK"]
[null,325,"D1107","SPICE BAY LEAVES","BAY LEAVES","SPECIFY",null,"BTL",1,"30 OZ",10,18.995550000000001,189.95550000000003,18.995550000000001,4603911,"KATYS","1/26/OZ","N","SPICE, BASIL LEAF WHL BULK"]
[null,326,"D1108","SPICE CHILI","CHILI POWDER LIGHT FINE GRIND MILD  NO OTHER ADDITIVES","BUENO OR APPROVED EQUIVALENT","","BTL",1,"5 LB",150,36.880499999999998,5532.0749999999998,36.880499999999998,4603941,"KATYS","1/5.25/LB","N","SPICE, CHILI PWDR LT BULK"]
[null,327,"D1109","SPICE CINNAMON","CINNAMON GROUND","MCCOMICK'S OR APPROVED EQUIVALENT",null,"BTL",1,"18 OZ",50,7.716499999999999,385.82499999999993,7.716499999999999,4607801,"KATYS","1/15/OZ","N","SPICE, CINN GRND"]
[null,328,"D1110","SPICE CUMIN","CUMIN","SPECIFY",null,"BTL",1,"4.5 LB",10,44.872999999999998,448.72999999999996,44.872999999999998,4608121,"KATYS","1/5/LB","N","SPICE, CUMIN SEED GRND BULK"]
[null,329,"D1111","SPICE FAJITA","FAJITA SEASONING AND MARINADE SALT FREE","SPECIFY",null,"BTL",1,"30 OZ",145,11.539000000000001,1673.1550000000002,11.539000000000001,4606251,"KATYS","1/25/OZ","N","SEASONING, FAJITA MARINADE"]
[null,330,"D1112","SPICE GARLIC POWDER","GARLIC GRANUATED","SPECIFY",null,"BTL",1,"7.25 LB",175,53.693499999999993,9396.3624999999993,53.693499999999993,4608711,"KATYS","1/7.25/LB","N","SPICE, GARLIC GRANLTD BULK"]
[null,331,"D1113","SPICE ITALIAN BLEND","ITALIAN BLEND SALT FREE NO MSG","SPECIFY",null,"BTL",1,"9.5 OZ",75,6.4399999999999995,482.99999999999994,6.4399999999999995,4612821,"KATYS","1/6/OZ","N","SEASONING, ITAL"]
[null,332,"D1114","SPICE LEMON PEPPER","SPICE LEMON PEPPER LOW SODIUM","SPECIFY",null,"EA",1,"1 LB",100,"No Bid",{"$error":"#VALUE!"},{"$error":"#VALUE!"},"NO BID","NO BID","NO BID","NO BID","NO BID"]
[null,333,"D1115","SPICE MUSTARD DRY","MUSTURD DRY","COLEMAN'S OR APPROVED EQUIVALENT",null,"BTL",1,"14 OZ",60,5.8879999999999999,353.28,5.8879999999999999,4604161,"KATYS","1/14/OZ","N","SPICE, MUSTARD SEED GRND"]
[null,334,"D1116","SPICE ONION DEHYDRATED","ONION DEHYDRATED","SPECIFY","","BOX",15,"16 OZ",75,53.658999999999992,4024.4249999999993,3.5772666666666662,1968851,"GLRYF","1/15/LB","N","ONION, DEHYD CHPD"]
[null,335,"D1117","SPICE ONION POWDER","ONION POWDER","SPECIFY",null,"BTL",1,"6 LB",25,34.971499999999992,874.2874999999998,34.971499999999992,4612381,"KATYS","1/6/LB","N","SPICE, ONION PWDR BULK"]
[null,336,"D1118","SPICE OREGANO","OREGANO GROUND COURSE","SPECIFY",null,"BTL",1,"16 OZ",15,7.4634999999999998,111.9525,7.4634999999999998,4612391,"KATYS","1/12/OZ","N","SPICE, OREGANO GRND"]
[null,337,"D1119","SPICE PAPRIKA","PAPRIKA SPICE","SPECIFY",null,"BTL",1,"5.5LB",25,46.18399999999999,1154.5999999999997,46.18399999999999,4612431,"KATYS","1/5/LB","N","SPICE, PAPRIKA SPANISH BULK"]
[null,338,"D1120","SPICE PARSLEY","DEHYDRATED PARSLEY FLAKES ","SPECIFY",null,"BTL",1,"11 0Z",50,13.546999999999999,677.34999999999991,13.546999999999999,4612441,"KATYS","1/0.68/LB","N","SPICE, PARSLEY FLAKE BULK"]
[null,339,"D1121","SPICE PEPPER BLACK","BLACK PEPPER GROUND COURSE ","SPECIFY",null,"EA",1,"5 LB",40,53.520999999999994,2140.8399999999997,53.520999999999994,4604611,"KATYS","1/5/LB","N","SPICE, PEPPER BLK CRSE GRND BULK"]
[null,340,"CTF7045","SPICE PEPPER BLACK PC","BLACK PEPPER GROUND COURSE INDIVIDUAL PACKETS CATERING","SPECIFY","","CS",3000,".5 GM",20,28.634999999999994,572.69999999999993,9.5449999999999979E-3,4394351,"KATYO","6/1000/PK","N","SPICE, PEPPER PC"]
[null,341,"D1122","SPICE PEPPER WHITE","WHITE PEPPER GROUND COURSE ","SPECIFY",null,"BTL",1,"5 lb",20,82.707999999999998,1654.1599999999999,82.707999999999998,4612571,"KATYS","1/5/LB","N","SPICE, PEPPER WHT GRND BULK"]
[null,342,"D1123","SPICE POULTRY","POULTRY SEASONING SALT FREE ","SPECIFY",null,"BTL",1,"10 OZ",15,"No Bid",{"$error":"#VALUE!"},{"$error":"#VALUE!"},"NO BID","NO BID","NO BID","NO BID","NO BID"]
[null,343,"D1124","SPICE PUMPKIN PIE","PUMPKIN PIE SPICE  CINNAMON GINGER NUTMEG ALLSPICE AND SULFATING AGENTS.","MCCOMICK'S OR APPROVED EQUIVALENT",5210032310,"CS",6,"1 LB",225,14.489999999999998,3260.2499999999995,2.4149999999999996,4141181,"DURKE","1/16/OZ","Y","SPICE, PUMPKIN PIE"]
[null,344,"D1125","SPICE SAGE","SAGE GROUND ","SPECIFY",null,"BTL",1,"18 OZ",10,21.953499999999998,219.53499999999997,21.953499999999998,1925491,"MCCOR","1/11/OZ","N","SPICE, SAGE GRND"]
[null,345,"D1126","SPICE SALT","SALT TABLE EVAPORATED IODIZED","SPECIFY","","BAG",25,"LB",60,8.9124999999999996,534.75,0.35649999999999998,4085761,"DMCRY","1/25/LB","N","SALT, GRANLTD"]
[null,346,"D1127","SPICE SALT FREE","SEASONING 100% SALT FREE ONION, SPICES (BLACK PEPPER, PARSLEY, CELERY SEED, BASIL, BAY MARJORAM, OREGANO, SAVORY, THYME, CAYENNE PEPPER, CORIANDER, CUMIN, MUSTARD, ROSEMARY), GARLIC, CARROT, ORANGE PEEL, TOMATO, LEMON JUICE POWDER, CITRIC ACID, OIL OF LEMON","MRS. DASH OR APPROVED EQUIVALENT",605021603287,"CS",1,"21 OZ",500,105.53549999999998,52767.749999999993,105.53549999999998,4755111,"MDASH","6/21/OZ","N","SEASONING, NO SALT ORIG BLND"]
[null,347,"D1128","SPICE SALT KOSHER","SALT KOSHER","DIAMOND CRYSTAL OR APPROVED EQUIVALENT",null,"CS",12,"LB",10,53.279499999999992,532.79499999999996,4.4399583333333323,4906061,"DMCRY","9/3/LB","N","SALT, KOSHER"]
[null,348,"CTF7046","SPICE SALT PC","SALT TABLE EVAPORATED IODIZED PC CATERING","SPECIFY","","CS",6000,".5 GM",15,16.226499999999998,243.39749999999998,2.7044166666666662E-3,4394361,"KATYO","6/1000/PK","N","SALT, PC"]
[null,349,"D1129","SPICE STEAK BLEND","MONTREAL STEAK SEASONING SALT FREE","SPECIFY",null,"BTL",1,"7 LB",85,14.628,1243.3800000000001,14.628,1942711,"MCCOR","1/29/OZ","N","SEASONING, STEAK MONTREAL 29Z"]
[null,350,"D1130","SPICE TACO","TACO SEASONING SALT FREE","SPECIFY","","CS",6,"6.6 OZ",150,8.7449999999999992,1311.7499999999998,1.4574999999999998,4612901,"KATYS","1/21/OZ","N","SEASONING MIX, TACO"]
[null,351,"D1131","STUFFING","UNCLE BEN'S CLASSIC CORNBREAD STUFFING MIX BLEND OF 2 KINDS OF BREAD CRUMBS SEASONINGS AND FLAVORS.","UNCLE BEN’S OR APPROVED EQUIVALENT",13508,"CS",6,"3.5 LB",110,74.91,8240.1,12.484999999999999,4861231,"BNSRG","6/56/OZ","N","STUFFING MIX, CORNBREAD CLASC 56Z"]
[null,352,"D1132","SUGAR","SUGAR GRANULATED EXTRA FINE","SPECIFY","","BAG",25,"LB",80,29.513000000000002,2361.04,1.18052,2729191,"DOMNO","1/25/LB","N","SUGAR, GRANLTD CANE"]
[null,353,"D1133","SUGAR BROWN","SUGAR BROWN NED 10X","SPECIFY","","CS",24,"2 LB",15,39.974000000000004,599.61,1.6655833333333334,2728721,"DOMNO","24/1/LB","N","SUGAR, BROWN LT CANE"]
[null,354,"D1134","SUGAR PC","SUGAR PURE CANE PACKET","SPECIFY",null,"CS",2000,"0.1 OZ",5,17.611000000000004,88.055000000000021,8.8055000000000026E-3,1919101,"SHAMG","1/2000/PK","N","SUGAR, PKT SHAMROCK"]
[null,355,"D1135","SUGAR PC ARTIFICIAL SWEETENER ","ARTIFICIAL SWEETENER INDIVIDUAL PACKETS ","SPECIFY","","CS",2500,"CT",5,22.275000000000002,111.37500000000001,8.9100000000000013E-3,3381421,"SHAMG","2000/1/GM","N","SWEETENER, ASPARTAME BLUE PC"]
[null,356,"CTF7047","SUGAR POWDERED","SUGAR POWDERED 6X CATERING","SPECIFY","","BAG",1,"25 LB",7,39.721000000000004,278.04700000000003,39.721000000000004,3733991,"CHSUG","24/1/LB","N","SUGAR, PWDRED CANE"]
[null,357,"D1136","SYRUP PC","MAPLE FLAVORED. READY TO SERVE PORTION CONTROL CUP 1.4OZ TO 1.6OZ SERVING SIZE    ","SPECIFY",null,"CS",100,"1.4-1.5 OZ",2000,18.667000000000002,37334,0.18667,4750771,"KATYO","100/1.5/OZ","N","SYRUP, MAPLE FLVR CUP PC"]
[null,358,"D1137","TAJIN PC","SEASONING TAJIN LOW SODIUM PC","TAJIN OR APPROVED EQUIVALENT",null,"CS",1000,".05 OZ",200,57.603499999999997,11520.699999999999,5.7603499999999995E-2,4063771,"TAJIN","1000/1/GM","N","SEASONING, TAJIN LS PKT"]
[null,359,null,"TAMALES CHICKEN GREEN CHILE","TAMALE CHICKEN GREEN CHILE NO FILLERS 0G TRANS FAT HEAT & SERVE MEETS NEW MEXICO GROWN REQUIREMENTS","BUENO OR APPROVED EQUIVALENT","1370-3","CS",60,"3 OZ",1000,50.474199999999996,50474.2,0.84123666666666663,2028971,"BUENO","60/3/OZ","N","TAMALE, CHICK GRN CHILE MILD"]
[null,360,null,"TAMALES PORK RED CHILE","TAMALE PORK RED CHILE NO FILLERS 0G TRANS FAT HEAT & SERVE MEETS NEW MEXICO GROWN REQUIREMENTS","BUENO OR APPROVED EQUIVALENT","1375-3","CS",60,"3 OZ",1000,49.943800000000003,49943.8,0.83239666666666667,1911881,"BUENO","60/3/OZ","N","TAMALE, PORK HOT"]
[null,361,"D1138","TOMATO DICED","TOMATOES DICED GRADE A LOW SODIUM (140 MILLIGRAMS OF SODIUM OR LESS PER SERVING).","SPECIFY",null,"CS",6,"10 CN",600,33.132000000000005,19879.200000000004,5.5220000000000011,1932751,"RDGLD","6/10/CN","N","TOMATO, DICED 3/4\" IN JCE"]
[null,362,"D1139","TOMATO PASTE","TOMATO PASTE 26% SOLID HEAVY CONCENTRATION NET WEIGHT 114 OZ GRADE A LOW SODIUM (140 MILLIGRAMS OF SODIUM OR LESS PER SERVING).","SPECIFY","","CS",6,"10 CN",300,43.714000000000006,13114.200000000003,7.2856666666666676,1946591,"BHVSD","6/10/CN","N","TOMATO, PASTE FCY CA CAN"]
[null,363,"F1112","TORNADO STEAK AND CHEESE","SHREDDED RANCHERO STEAK AND CHEESE WHOLE GRAIN RUIZ  144/2.79OZ","RUIZ FOODS OR APPROVED EQUIVALENT",86585,"CS",144,"2.79 OZ",500,"No Bid",{"$error":"#VALUE!"},{"$error":"#VALUE!"},"NO BID","NO BID","NO BID","NO BID","NO BID"]
[null,364,"C1041","TORTILLA CORN","6” WHITE CORN MADE FROM CORN FLOUR OR MEAL - MADE FROM ENRICHED CORN MEAL.  EACH SHELL MUST BE A MINIMUM OF 25 GRAMS TO MEET 1 GB IN THE NSLP.","MISSION OR APPROVED EQUIVALENT",10630,"CS",60,"12 CT",250,39.702649999999998,9925.6625000000004,0.66171083333333336,4210061,"VSTVO","12/60/PK","N","TORTILLA, CORN 6\" WHT"]
[null,365,null,"TORTILLA CORN STREET 4.5\"","4.5\" CORN TORTILLA","MISSION OR APPROVED EQUIVALENT",73731071519,"CS",12,"12CT",2000,19.917649999999998,39835.299999999996,1.6598041666666665,2411481,"MISSN","6/50/PK","N","TORTILLA, CORN 4.5\" WHT"]
[null,366,"CTF7006","TORTILLA FLOUR  10\"","10\" FLOUR TORTILLA FOR BURRITOS   NOT WHOLE GRAIN CATERING","BUENO OR APPROVED EQUIVALENT",null,"CS",12,"12 CT",4000,"No Bid",{"$error":"#VALUE!"},{"$error":"#VALUE!"},"NO BID","NO BID","NO BID","NO BID","NO BID"]
[null,367,"CTF7007","TORTILLA FLOUR  6\"","6\" FLOUR TORTILLA FOR SOFT TACOS/FAJITAS  NOT WHOLE GRAIN CATERING","BUENO OR APPROVED EQUIVALENT",null,"CS",12,"12CT",100,20.75975,2075.9749999999999,1.7299791666666666,2583751,"BUENO","12/1/DZ","N","TORTILLA, FLOUR 6\" SNACK"]
[null,368,"C1042","TORTILLA FLOUR 6\" WG","6\" WHOLE WHEAT FLOUR WHOLE GRAIN - FRESH","NM FOODS OR APPROVED EQUIVALENT",3523783021,"CS",12,"12 CT",2400,"No Bid",{"$error":"#VALUE!"},{"$error":"#VALUE!"},"NO BID","NO BID","NO BID","NO BID","NO BID"]
[null,369,"C1043","TORTILLA FLOUR 9\" WG","9’ WHOLE WHEAT FLOUR MUST BE UNIFORM IN SIZE - MADE FROM ENRICHED FLOUR UNIFORM IN SIZE AND A MINIMUM OF 54 GRAMS TO MEET 2 GB IN THE NSLP WHOLE GRAIN - FRESH","NM FOODS OR APPROVED EQUIVALENT",3523783021,"CS",12,"12 CT",3800,23.337600000000002,88682.880000000005,1.9448000000000001,3414021,"LACAN","6/24/PK","N","TORTILLA, FLOUR 8\" WHITE WHEAT WG RS FZN"]
[null,370,"F1113","TURKEY BREAST DELI","SLICED OVEN ROASTED REDUCED SODIUM BY 30% .5 OZ SLICE FROZEN COMMERICAL BACK-UP OF COMMODITY PRODUCT OR FOR NOI PRICING","JENNY O OR APPROVED EQUIVALENT ",2099,"CS",12,"1 LB",600,51.49,30894,4.2908333333333335,2663521,"JENIO","12/1/LB","N","TURKEY, BRST SLI O-RSTD .5Z"]
[null,371,"F1114","TURKEY HAM DELI","SLICED 5% WATER ADDED NATURALLY LEAN REDUCED SODIUM BY 26% 94% FAT FREE .51 OZ SLICE FROZEN CN LABLED COMMERICAL BACK-UP OF COMMODITY PRODUCT OR FOR NOI PRICING","JENNY O OR APPROVED EQUIVALENT ",2565,"CS",12,"1 LB",700,50.89,35623,4.2408333333333337,446441,"JENIO","12/1/LB","N","TURKEY, HAM SLI 1/2Z"]
[null,372,"F1115","TURKEY ROAST","U.S. GRADE A FROZEN ROASTS PREPARED FROM BREAST MEAT THIGH MEAT AND SKIN OF YOUNG READY-TO-COOK TURKEYS WITH WATER SALT AND SODIUM PHOSPHATES ADDED. ROASTS ARE AT LEAST 47% BREAST MEAT WITH A MAXIMUM OF 34% THIGH MEAT AND 12.5% SKIN. THE ROASTS IN ONE CONTAINER WILL NOT VARY MORE THAN 2 LB PER ROAST. EACH ROAST WILL BE 9 TO 17 INCH IN LENGTH AND 4 TO 7 INCH IN DIAMETER AND WILL BE TIED OR PLACED IN COTTON NETTING. (4) 8-12 POUNDS PER CASE COMMERICAL BACK-UP OF COMMODITY PRODUCT OR FOR NOI PRICING","SPECIFY",null,"LB",4,"8-12 LBS",100,4.2984499999999999,429.84499999999997,1.0746125,2306501,"CBLSF","2/10LB/AV","N","TURKEY, ROAST RAW WHT DARK NAE"]
[null,373,"F1116","TURKEY SAUSAGE PATTY","SAUSAGE PATTY FORMED FULLY COOKED REDUCED FAT TURKEY SAUSAGE PATTIES 2.5” ONE 1.5 OZ. PATTY PROVIDES 1 OZ. PROTEIN EQUIVALENT LESS THAN 320 MG OF SODIUM","JENNY O OR APPROVED EQUIVALENT ",100124,"CS",133,"1.22 OZ",150,47.12,7068,0.35428571428571426,2101311,"JENIO","160/1/OZ","N","SAUSAGE, TURKEY PTY CKD"]
[null,374,"D1140","VANILLA","VANILLA IMITATION FLAVOR NO ALCOHOL","SPECIFY","","CS",6,"32 OZ",5,18.250499999999999,91.252499999999998,3.04175,4608201,"KATYS","1/128/OZ","N","FLAVORING, VANILLA IMT"]
[null,375,"F1117","VEG BROCCOL FROZEN","VEGETABLEBROCCOLI CUTS FROZEN GRADE A","SPECIFY","","CS",12,"2.5 LB",350,36.1556,12654.46,3.0129666666666668,2420431,"BHVSO","12/2/LB","N","BROCCOLI, FLORET GRD A IQF"]
[null,376,"F1118","VEG CALIFORNIA BLEND","CALIFORNIA BLEND/ FROZEN GRADE A CARROTS BROCCOLI CAULIFLOWER","SPECIFY","","CS",20,"LB",50,34.033999999999999,1701.7,1.7017,2256131,"BHVSO","12/2/LB","N","VEGETABLE BLEND, CALIFORNIA IQF"]
[null,377,"F1119","VEG CARROTS DICED","CARROTS FROZEN GRADE A DICED","SPECIFY",null,"CS",1,"30 LB",375,40.531399999999998,15199.275,40.531399999999998,2420531,"BHVSO","1/30/LB","N","CARROT, DICED IQF GRD A"]
[null,378,"F1120","VEG CARROTS SLICED","CARROTS FROZEN GRADE A","SPECIFY",null,"CS",20,"LB",75,43.293900000000001,3247.0425,2.164695,2420501,"BHVSO","1/30/LB","N","CARROT, SLICED CC IQF GRD A"]
[null,379,"F1121","VEG CHILE GREEN HOT","GREEN CHILE HOT DICED FROZEN","M A SONS, BUENO OR APPROVED EQUIVALENT",null,"CS",6,"3.5 LB",600,32.232849999999999,19339.71,5.3721416666666668,3447711,"YGUNS","5/5/LB","N","PEPPER, CHILE HATCH 1/2\" GRN HOT DICED"]
[null,380,"F1122","VEG CHILE GREEN MILD","GREEN CHILE FROZEN DICED MILD","M A SONS, BUENO OR APPROVED EQUIVALENT","","CS",5,"5 LB",1200,32.232849999999999,38679.42,6.4465699999999995,3447731,"YGUNS","5/5/LB","N","PEPPER, CHILE HATCH 1/2\" GRN MILD DICED"]
[null,381,"F1123","VEG CHILE RED HOT","RED CHILE PUREE  HOT  FROZEN","M A SONS, BUENO OR APPROVED EQUIVALENT",null,"CS",6,"3.5 LB",150,27.691299999999998,4153.6949999999997,4.6152166666666661,3107931,"P. L.","6/56/OZ","N","PEPPER, CHILE RED PUREE HOT FZN"]
[null,382,"F1124","VEG CHILE RED MILD","RED CHILE PUREE MILD FROZEN","M A SONS, BUENO OR APPROVED EQUIVALENT","","CS",6,"3.5 LB",250,27.691299999999998,6922.8249999999998,4.6152166666666661,3107921,"P. L.","6/56/OZ","N","PEPPER, CHILE RED PUREE MILD FZN"]
[null,383,"D1141","VEG CORN CANNED","US GRADE B VACUUM PACKED LOW SODIUM (140 MILLIGRAMS OF SODIUM OR LESS PER SERVING).","SPECIFY","","CS",6,"10 CN",600,42.966000000000008,25779.600000000006,7.1610000000000014,4365491,"BHVSO","6/10/CN","N","CORN, WHL KERNEL X-STND LS"]
[null,384,"F1125","VEG CORN FROZEN","CORN SWEET WHOLE KERNEL: FROZEN TO MEET THE STANDARD U. S. GRADE A  YELLOW OR GOLDEN TO BE PACKED IN POLY BAG LINER IN CASES WITH POLY BAG \"TUCKED\" TO COMPLETELY COVER AND PROTECT THE PRODUCT FROM FREEZER BURN. 20#","SPECIFY",null,"CS",1,"20 LB",1000,46.166899999999998,46166.9,46.166899999999998,2230851,"BHVSO","1/30/LB","N","CORN, CUT SPR SWT IQF GRD A"]
[null,385,"F1126","VEG FAJITA BLEND","VEGETABLE BLEND FAJITA ONIONS GREEN & RED PEPPERS","CLASSIC OR APPROVED EQUIVALENT",74662,"CS",12,"32 OZ",500,43.735900000000001,{"$f":"IF(L390*K390= 0,\"\",L390*K390)","v":21867.95},{"$f":"IF(L390/I390= 0,\"\",L390/I390)","v":3.6446583333333336},2256311,"BHVSD","6/4/LB","N","VEGETABLE BLEND, FAJITA MIX IQF"]
[null,386,"CTF7074","VEG GREEN BEAN WHOLE FROZEN","GREEN BEANS WHOLE FROZEN GRADE A CATERING","SPECIFY",null,"CS",6,"4 LB",15,43.437550000000002,651.56325000000004,7.2395916666666666,2229891,"BHVSO","12/2/LB","N","BEAN, GRN WHL IQF GRD A"]
[null,387,"D1142","VEG GREEN BEANS CANNED","GREEN BEANS4 SIEVE CUT 1 ¼ GRADE B LOW SODIUM (140 MILLIGRAMS OF SODIUM OR LESS PER SERVING).","SPECIFY","","CS",6,"10 CN",1800,44.187000000000005,79536.600000000006,7.3645000000000005,4365411,"BHVSD","6/10/CN","N","BEAN, GRN CUT 4 SIEVE FCY LS"]
[null,388,"F1127","VEG GREEN BEANS FROZEN","GREEN BEANS FROZEN GRADE A","SPECIFY",null,"CS",1,"20 LB",1000,48.354799999999997,48354.799999999996,48.354799999999997,2229871,"BHVSO","1/30/LB","N","BEAN, GRN REG CUT IQF GRD A"]
[null,389,"F1128","VEG OKRA BREADED","OKRA CUT BREADED: IF TO MEET THE STANDARD OF U. S. GRADE A. PRE-BROWNED OVEN READY. CN LABEL OR PRODUCT ANALYSIS SHEET REQUIRED. 4/5#","TASTY BRAND OR APPROVED EQUIVALENT",null,"CS",4,"5 LB",300,36.4208,10926.24,9.1052,3046971,"STILW","4/5/LB","N","APPTZR, OKRA LIGHTLY BRD"]
[null,390,"F1129","VEG ONION RINGS BREADED","ONION RINGS BREADED 6/2#: IF CHOPPED AND FORMED PRE-BROWNED OVEN READY IF. PROVIDE 1/4 CUP V/F AND 1 G/B SERVING. CN LABEL OR PRODUCT ANALYSIS SHEET REQUIRED. IDENTIFY FAT GRAMS PER 6 PIECE SERVING.","TASTY BRAND OR APPROVED EQUIVALENT",null,"CS",6,"2 LB",400,84.201000000000008,33680.400000000001,14.033500000000002,3514371,"TSTYB","178/2.69/Z","N","APPTZR, ONION RING BRD WG"]
[null,391,"D1143","VINEGAR","","SPECIFY","","CS",4,"1 GAL",110,33.6145,3697.5949999999998,8.4036249999999999,4196631,"FOURM","4/1/GL","N","VINEGAR, 10% WHITE DISTILLED"]
[null,392,"F1130","WAFFLE BLUEBERRY IW","WAFFLE MINI BLUEBERRY IW MUST MEET 2 WG EQUIVILENT","PILLSBURY OR APPROVED EQUIVALENT",132264000,"CS",72,"2.2 OZ",1000,33.448349999999998,33448.35,0.46456041666666664,3348911,"PILLS","72/2.47/OZ","N","WAFFLE, BLUEBRY WG MINI IW"]
[null,393,"F1131","WAFFLE CHOCOLATE CHIP IW","WAFFLE CHOCOLATE CHIP IW EACH 2.40 OZ SERVING PROVIDES 2.00 EQ GRAINS FOR NSP","TASTY BRAND OR APPROVED EQUIVALENT",55702,"CS",96,"2.40 OZ",850,54.388099999999994,46229.884999999995,0.56654270833333331,4796241,"TSTYB","96/2.40/OZ","N","WAFFLE, CHOC CHIP WG IW FZN"]
[null,394,"F1132","WAFFLE MAPLE BULK","MAPLE WHOLE GRAIN EACH 1.4OZ WAFFLE PROVIDES 1 GRAIN EQUIVALENT.  51% WHOLE GRAIN","BAKE CRAFTERS OR APPROVED EQUIVALENT",1556,"CS",1,"144ct",600,35.15005,21090.03,35.15005,4311111,"BKCRF","144/1.4/OZ","N","WAFFLE, MAPLE WG TFF"]
[null,395,"F1133","WAFFLE MAPLE IW","WAFFLE MINI MAPLE MADNESS IW MUST MEET 2 WG EQUIVILENT","PILLSBURY OR APPROVED EQUIVALENT",132265000,"CS",72,"2.47 OZ",1000,33.448349999999998,33448.35,0.46456041666666664,3351381,"PILLS","72/2.47/OZ","N","WAFFLE, MAPLE WG MINI IW"]
[null,396,"CTF7048","WALNUTS","WALNUTS CHOPPED CATERING","SPECIFY",null,"CS",3,"2 LB",135,61.490499999999997,8301.2174999999988,20.496833333333331,2598301,"AZAR","3/2/LB","N","NUTS, WALNUT PCS"]
[null,397,"D1144","WATER BOTTLED","BOTTLED WATER PURIFIED","NESTLE OR APPROVED EQUIVALENT",null,"CS",24,"20 0Z",4500,28.416,127872,1.1839999999999999,2969331,"DASAN","24/20/OZ","N","WATER, PLAIN DASANI 20Z"]
[null,398,"D1145","WATER GALLON","WATER SPRING","SPECIFY",null,"CS",6,"GAL",800,17.364000000000001,13891.2,2.8940000000000001,3350701,"CGYSR","6/1/GL","N","WATER, SPRING ALPINE FLAT CAP 1GAL"]
[null,399,"C1044","WHIPPED TOPPING CAN","WHIPPED TOPPING NON-DAIRY CAN LIKE REDI WHIP","SPECIFY",null,"CS",12,"13 OZ",25,35.627200000000002,890.68000000000006,2.9689333333333336,1918531,"SHMCH","12/14/OZ","N","WHIP TOPPING, NON DAIRY 14Z AEROSOL"]
[null,400,"D1146","WHIPPED TOPPING MIX","WHIPPED TOPPING NON-DAIRY DRY POWDER MIX","SPECIFY","","CS",12,"16 OZ",60,"No Bid",{"$error":"#VALUE!"},{"$error":"#VALUE!"},"NO BID","NO BID","NO BID","NO BID","NO BID"]
[null,401,"CTF7008","YOGURT BULK PLAIN","NON-FAT BULK CATERING","SPECIFY",null,"CS",6,"30 OZ",55,15.4336,848.84799999999996,2.5722666666666667,766521,"DANON","6/32/OZ","N","YOGURT, PLAIN NF"]
[null,402,"C1045","YOGURT CUPS BLUEBERRY","NON-FAT INDIVIDUAL CUPS","UPSTATE FARMS OR APPROVED EQUIVALENT",9816,"CS",48,"4 OZ",500,14.515200000000002,7257.6000000000013,0.30240000000000006,3092461,"UPSTF","48/4/OZ","N","YOGURT, BLUEBRY"]
[null,403,"C1046","YOGURT CUPS CHERRY VANILLA","NON-FAT INDIVIDUAL CUPS","UPSTATE FARMS OR APPROVED EQUIVALENT",9819,"CS",48,"4 OZ",500,20.238400000000002,10119.200000000001,0.42163333333333336,2391931,"UPSTF","48/4/OZ","N","YOGURT, CHERRY VANILLA"]
[null,404,"C1047","YOGURT CUPS RASPBERRY","NON-FAT INDIVIDUAL CUPS","UPSTATE FARMS OR APPROVED EQUIVALENT",9817,"CS",48,"4 OZ",1000,17.203200000000002,17203.2,0.35840000000000005,2391951,"UPSTF","48/4/OZ","N","YOGURT, RASPBRY"]
[null,405,"C1048","YOGURT CUPS RASPBERRY/CHERRY","NON-FAT INDIVIDUAL CUPS","DANNON CREAMY OR APPROVED EQUIVALENT",1956,"CS",48,"4 OZ",1000,"No Bid",{"$error":"#VALUE!"},{"$error":"#VALUE!"},"NO BID","NO BID","NO BID","NO BID","NO BID"]
[null,406,"C1049","YOGURT CUPS STRAWBERRY BANANA","NON-FAT INDIVIDUAL CUPS","UPSTATE FARMS OR APPROVED EQUIVALENT",9820,"CS",48,"4 OZ",1000,17.203200000000002,17203.2,0.35840000000000005,2391961,"UPSTF","48/4/OZ","N","YOGURT, STRAWBRY BANANA"]
[null,407,"C1050","YOGURT IN A BAG","YOGURT IN A BAG VANILLA","YOPLAIT PARFAITPRO OR APPROVED EQUIVALENT",16632000,"CS",6,"64 OZ",400,33.744000000000007,13497.600000000002,5.6240000000000014,2432041,"YOPLA","6/4/LB","N","YOGURT, VANILLA LF BULK PCH"]

{"sheet":"Sysco","index":4,"n_rows":412,"n_cols":19,"rows_kept":412,"cut":false,"hidden":true,"merged":[[3,23,4,23],[3,24,4,24],[3,25,4,25],[3,26,4,26],[3,15,4,15],[3,16,4,16],[3,17,4,17],[3,18,4,18],[3,21,4,21],[3,22,4,22],[3,14,4,14],[2,1,2,4],[2,8,2,10],[2,11,2,14],[3,1,4,1],[3,2,4,2],[3,3,4,3],[3,4,4,4],[3,5,4,5],[3,6,4,6],[3,7,4,7],[3,8,4,9],[3,10,4,10],[3,11,4,11],[3,12,4,12],[3,13,4,13],[0,1,0,4],[0,8,0,10],[0,11,0,14],[1,1,1,4],[1,8,1,10],[1,11,1,14]]}
[null,"ROSWELL INDEPENDENT SCHOOL DISTRICT",null,null,null,null,null,null,"Vendor Name:",null,null,"Sysco New Mexico"]
[null,"CAFETERIA FOOD BID 23-06 FOR SCHOOL YEAR 2023-24",null,null,null,null,null,null,"Vendor Contact",null,null,"Tony Campos"]
[null,"MUST BE RECEIVED BY MAY 4, 2023 ON CD-R OR FLASH DRIVE  \nSEALED WITH SUPPORTING DOCUMENTS",null,null,null,null,null,null,"Date",null,null,"2023-05-03"]
[null,"ITEM","STOCK ID","ITEM","DESCRIPTION","Approved Brand","Product Code or UPC","BID UNIT","CASE PACK",null,"EST USAGE","BID UNIT PRICE","Extended Total","per UNIT price","VENDOR STOCK NO","BRAND NAME","PACK SIZE","SPECIAL ORDER\nYES  NO","BIDDERS NOTES"]
[]
[null,1,"D1000","APPLESAUCE CANNED","APPLESAUCE GRADE B FANCY NATURAL COLOR UNSWEETENED MUST MEET BUY AMERICAN REQUIREMENTS","SPECIFY","","CS",6,"10 CN",400,45.470212765957449,{"$f":"IF(L6*K6= 0,\"\",L6*K6)","v":18188.08510638298},{"$f":"IF(L6/I6= 0,\"\",L6/I6)","v":7.5783687943262414},4536983,"MUSSLMN","6/#10","N"]
[null,2,"D1001","APPLESAUCE CUPS CINNAMON","CINNAMON UNSWEETENED APPLESAUCE MUST PROVIDE 1/2 CUP FRUIT EQUIVALENT UNDER THE NSLP.  100% ALL NATURAL INGREDIENTS SHELF-STABLE FOR 18 MONTHS NO HIGH FRUCTOSE CORN SYRUP OR ADDED SUGAR FAT FREE 100% VITAMIN C","SPECIFY",null," CS",96,"4.5 OZ",600,null,"","","No Bid"]
[null,3,"D1002","APPLESAUCE CUPS PEACH","PEACH UNSWEETENED APPLESAUCE MUST PROVIDE 1/2 CUP FRUIT EQUIVALENT UNDER THE NSLP.  100% ALL NATURAL INGREDIENTS SHELF-STABLE FOR 18 MONTHS NO HIGH FRUCTOSE CORN SYRUP OR ADDED SUGAR FAT FREE 100% VITAMIN C","SPECIFY",null," CS",96,"4.5 OZ",600,null,"","","No Bid"]
[null,4,"D1003","APPLESAUCE CUPS PLAIN","PLAIN UNSWEETENED APPLESAUCE MUST PROVIDE 1/2 CUP FRUIT EQUIVALENT UNDER THE NSLP.  100% ALL NATURAL INGREDIENTS SHELF-STABLE FOR 18 MONTHS NO HIGH FRUCTOSE CORN SYRUP OR ADDED SUGAR FAT FREE 100% VITAMIN C","SPECIFY",null," CS",96,"4.5 OZ",600,46.723404255319146,28034.042553191488,0.48670212765957444,"4161475","MUSSLMN","72/4.5 OZ","N"]
[null,5,"D1004","APPLESAUCE CUPS STRAWBERRY","PLAIN UNSWEETENED APPLESAUCE MUST PROVIDE 1/2 CUP FRUIT EQUIVALENT UNDER THE NSLP.  100% ALL NATURAL INGREDIENTS SHELF-STABLE FOR 18 MONTHS NO HIGH FRUCTOSE CORN SYRUP OR ADDED SUGAR FAT FREE 100% VITAMIN C","SPECIFY",null," CS",96,"4.5 OZ",600,44.808510638297875,26885.106382978724,0.4667553191489362,"7469570","MUSSLMN","72/4.5 OZ","N"]
[null,6,"CTF7049","AVACADO PULP","AVACADO PULP FROZEN CATERING","SPECIFY",null,"CS",12,"1LBS",70,45.911702127659574,3213.8191489361702,3.8259751773049646,8337503,"CASAIMP","8/2#TRAY","N"]
[null,7,"F1000","BACON PIECES","BACON ENDS & PIECES","SPECIFY","","CS",12,"3 LB",425,42.539361702127664,18079.228723404256,3.5449468085106388,7010588,"WRIGHT","6/3 LB","N"]
[null,8,"F1001","BACON PRE-COOKED","FULLY COOKED AND READY TO EAT - SIMPLY WARM & SERVE  100% REAL BACON","HORMEL OR APPROVED EQUIVALENT",3729,"CS",1,300,500,56.074468085106389,28037.234042553195,56.074468085106389,90811,"SMTHFLD","2/150SLI","N"]
[null,9,"CTF7050","BACON SLICED THICK","BACON THICK SLICED  CATERING","SPECIFY",null,"CS",15,"LB",30,57.897127659574465,1736.9138297872339,3.8598085106382976,61770,"HORMEL","1/15 LB","N"]
[null,10,"CTF7051","BACON SLICED THIN","BACON THIN SLICED CATERNG","SPECIFY",null,"CS",15,"LB",15,52.62765957446809,789.41489361702133,3.5085106382978726,5543233,"SMTHFLD","1/15 LB","N"]
[null,11,"F1002","BAGEL BLUEBERRY","BAGEL WG BLUEBERRY SLICED IW MUST BE WHOLE GRAIN RICH AND PROVIDE 2.0OZ GRAIN EQUIVALENTS.  PORTION TO PROVIDE AT LEAST 115 CALORIES WITH NO MORE THAN 2 GRAMS OF FAT. ","BAKE CRAFTERS OR APPROVED EQUIVALENT",696,"CS",84,"2 OZ",450,23.595744680851066,10618.08510638298,0.28090172239108413,1717440,"MUFNTWN","84/2 OZ","N"]
[null,12,"F1003","BAGEL PLAIN","BAGEL WG BLUEBERRY IW MUST BE WHOLE GRAIN RICH AND PROVIDE 2.0OZ GRAIN EQUIVALENTS.  PORTION TO PROVIDE AT LEAST 115 CALORIES WITH NO MORE THAN 2 GRAMS OF FAT. ","BAKE CRAFTERS OR APPROVED EQUIVALENT",982,"CS",84,"2 OZ",450,33.702127659574472,15165.957446808512,0.40121580547112468,4391930,"BAKCRFT","84/2 OZ","N"]
[null,13,"D1005","BAKING SODA","SODIUM BICARBONATE","SPECIFY","","CS",24,"1 LBS",60,14.369148936170212,862.14893617021278,0.59871453900709215,4950598,"SYS CLS","12/24 OZ","N"]
[null,14,"F1004","BAR BREAKFAST APPLE","BREAKFAST BAR APPLE THAT MEET 2OZ WG AND 1/2C FRUIT FOR CHILD NUTRITIONAL MEAL PATTERN","DAVE'S OR APPROVED EQUIVALENT",4014,"CS",64,"3 OZ",1000,33.927659574468088,33927.659574468089,0.53011968085106387,8610067,"READIBK","48/2.5 OZ","N"]
[null,15,"F1005","BAR BREAKFAST BANANA CHOCOLATE","INDIVIDUALLY WRAPPED 51% WHOLE GRAIN BANANA CHOCOLATE CHUNK","BeneFIT OR APPROVED EQUIVALENT",40402,"CS",48,"2.5 OZ",1650,20.74468085106383,34228.723404255317,0.43218085106382981,8610051,"READIBK","48/2.5 OZ","N"]
[null,16,"F1006","BAR BREAKFAST BLUEBERRY","BREAKFAST BAR BLUEBERRY THAT MEET 2OZ WG AND 1/2C FRUIT FOR CHILD NUTRITIONAL MEAL PATTERN","DAVE'S OR APPROVED EQUIVALENT",4014,"CS",64,"3 OZ",1000,42.925531914893618,42925.531914893618,0.67071143617021278,2837577,"DAVE'S","64/3 OZ","N"]
[null,17,"F1007","BAR BREAKFAST COCOA CHIP","INDIVIDUALLY WRAPPED 51% WHOLE GRAIN COCOA CHIP","BeneFIT OR APPROVED EQUIVALENT",40406,"CS",48,"2.5 OZ",1650,21.808510638297875,35984.042553191495,0.45434397163120571,4260523,"J&J SNK","48/2.5OZ","N"]
[null,18,"F1008","BAR BREAKFAST OATMEAL CHOCOLATE","INDIVIDUALLY WRAPPED 51% WHOLE GRAIN OATMEAL CHOCOLATE CHIP","BeneFIT OR APPROVED EQUIVALENT",40401,"CS",48,"2.5 oz",1650,20.74468085106383,34228.723404255317,0.43218085106382981,"8559417","READIBK","48/2.5 OZ","N"]
[null,19,"F1009","BAR OATMEAL BLUEBERRY","BLUEBERRY OATMEAL BARS 2.04 OZ  51% WHOLE GRAIN MEET 2 OZ GRAIN EQUIVALENT","DARLINGTON SNACKS OR APPROVED EQUIVALENT",75600,"CS",160,"2.4 OZ",1000,77.234042553191486,77234.042553191481,0.48271276595744678,7154596,"APPLWAY","160/2.4 OZ","N"]
[null,20,"C1000","BASE BEEF","GRADE A TO CONTAIN BEEF LOW SODIUM- PASTE NON-CAKING READY TO DISSOLVE BEEF FLAVORED NO MSG","SPECIFY","","CS",12,"1 LBS",200,35.159574468085104,7031.9148936170204,2.9299645390070919,7193534,"CSTMCUL","6/1 LB","N"]
[null,21,"C1001","BASE CHICKEN","GRADE A TO CONTAIN CHICKEN LOW SODIUM - PASTE NON-CAKING READY TO DISSOLVE CHICKEN FLAVORED NO MSG","SPECIFY","","CS",12,"1 LBS",200,31.659574468085111,6331.9148936170222,2.6382978723404258,7193578,"CSTMCUL","6/1 LB","N"]
[null,22,"CTF7009","BASE CHICKEN KNORR","CHICKEN FLAVORED BOUILLON CATERING","KNORR OR APPROVED EQUIVALENT",116300,"BTL",1,"7.9 LB",5,2.0649999999999999,10.324999999999999,2.0649999999999999,4714467,"KNORR","1/7.9 OZ","N"]
[null,23,"C1002","BASE HAM","GRADE A TO CONTAIN HAM LOW SODIUM - PASTE NON-CAKING READY TO DISSOLVE BEEF FLAVORED NO MSG","SPECIFY","","CS",12,"1 LBS",300,46.170212765957444,13851.063829787234,3.8475177304964538,"5154752","CSTMCUL","6/1 LB","N"]
[null,24,"D1006","BEANS BAKED","REDUCED SODIUM VEGETARIAN BAKED BEANS","BUSHS BEST OR APPROVED EQUIVALENT",null,"CS",6,"#10 CANS",1500,46.734042553191493,70101.063829787236,7.7890070921985819,3560143,"BUSHBST","6/#10","N"]
[null,25,"D1007","BEANS GARBANZO","BRINE PACK. GARBANZO BEANS WATER SALT VINEGAR DISODIUM EDTA (TO PROMOTE COLOR AND RETENTION) AND CALCIUM CHLORIDE (A FIRMING AGENT).","SPECIFY",null,"CS",6,"10 LB",65,29.819148936170215,1938.244680851064,4.9698581560283692,75048,"BUSH","6/#10","N"]
[null,26,"CTF7010","BEANS KIDNEY ","CATERING",null,null,"CS",6,"#10 CAN",50,29.819148936170215,1490.9574468085107,4.9698581560283692,"0075079","BUSH","6/#10","N"]
[null,27,"D1008","BEANS PINTO CANNED","PINTO BEANS WHOLE STYLE SEASONED VEGETARIAN CANNED IN BRINE US GRADE B  LOW SODIUM (140 MILLIGRAMS OF SODIUM OR LESS PER SERVING)","BUSH'S OR APPROVED EQUIVALENT","","CS",6,"10 CN",1300,29.819148936170215,38764.893617021276,4.9698581560283692,79584,"BUSH","6/#10","N"]
[null,28,"D1009","BEANS PINTO DRY","US #1 GRADE A CURRENT CROP 98% CLEAN FREE OF WEEVILS DIRT AND ROCKS.  TRIPLE CLEANED.","SPECIFY","","LB",50,"LBS",250,0.83,207.5,1.66E-2,4183968,"SYS CLS","1/50 LB","N"]
[null,29,"D1010","BEANS RANCH","PINTO BEANS WATER TOMATO PUREE LESS THAN 2% BLEND OF VEGETABLE OILS AND ANIMAL FAT SALT CHILI PEPPERS SUGAR PAPRIKA VINEGAR SPICES ONION POWDER GARLIC POWDER NATURAL FLAVORINGS SOY LECITHIN LOW SODIUM (140 MILLIGRAMS OF SODIUM OR LESS PER SERVING)","RANCH STYLE OR APPROVED EQUIVALENT",4690000116,"CS",6,"10 CN",300,38.305319148936171,11491.595744680852,6.3842198581560288,5975123,"CASACLS","6/#10","N"]
[null,30,"D1011","BEANS REFRIED","DEHYDRATED JUST ADD WATER TO COOK AND SERVE UNSEASONED. US GRADE A","SANTIAGO OR APPROVED EQUIVALENT",10166,"CS",6,"28.1 OZ",300,36.436170212765958,10930.851063829787,6.0726950354609928,8649127,"SANTAGO","6/26.25Z","N"]
[null,31,"CTF7052","BEEF BRISKET","BEEF PACKER TRIM VACCUUM PACKED LARGE 14-22 LB CATERING","SPECIFY","","LB",1,"LB",2000,3.7553191489361706,7510.6382978723414,3.7553191489361706,1044056,"PACKER","5/10#UP","N"]
[null,32,"CTF7053","BEEF CHICKEN FRIED STEAK","EXCLUSIVE CUT™ WHOLE MUSCLE BEEF. BATTERED WITH A BUTTERMILK BLEND BREADED WITH A FLOUR-BASED BREADING. CATERING","ADVANCE/PIERRE OR APPROVED EQUIVALENT",4541,"CS",40,"4 OZ",25,36.190957446808504,904.77393617021255,0.90477393617021262,2454221,"ADVANCE","40/4 OZ","N"]
[null,33,"F1010","BEEF FAJITA STRIPS","FORMED BEEF SEASONED FULLY COOKED AND SLICED INTO 3/8-INCH STRIPS. SOY ADDED. CHAR MARKED.","ADVANCE/PIERRE OR APPROVED EQUIVALENT",56001,"CS",2,"5 LB",100,50.716276595744688,5071.6276595744685,25.358138297872344,8578809,"SMRTSRV","2/5 LB","N"]
[null,34,"F1011","BEEF GROUND 85/15","100 % BEEF, GROUND, RAW, FROZEN, UNSEASONED FINE GRIND 85/15 LEAN/FAT RATIO, NO FILLERS, MEET NEW MEXICO GROWN REQUIREMENTS, LESS THAN 100MG SODIUM PER 3OZ SERVING, INDIVIDUALLY WRAPPED 5 PACKS/10 POUNDS","NEW MEXICO'S BEST OR APPROVED EQUIVALENT","NMB8515GB","CS",5,"10#",2000,null,"","","???","Invalid Item"]
[null,35,"F1012","BEEF PATTY","FULLY COOKED BEEF PATTIES, EACH 3.00 OZ FULLY COOKED BEEF PATTY PROVIDES 2.50 OZ EQUIVALENT MEAT FOR NSL, NO FILLERS, MEET NEW MEXICO GROWN REQUIREMENTS, LESS THAN 100MG SODIUM PER 3OZ SERVING","NEW MEXICO'S BEST OR APPROVED EQUIVALENT","NMB8020BPSFC","CS",195,"3 OZ",600,null,"","","???","Invalid Item"]
[null,36,"F1013","BEEF PHILLY STEAK","FULLY COOKED COOKED SLICED STEAK LESS THAN 230MG SODIUM PER SERVING","ADVANCE/PIERRE OR APPROVED EQUIVALENT",69249,"CS",170,"2.82 OZ",200,null,"","","???","Invalid Item"]
[null,37,"F1014","BEEF SHREDS","BEEF SHREDS, EACH 2.36OZ MEET 2M/MA FOR NSLP NO FILLERS, MEET NEW MEXICO GROWN REQUIREMENTS, LESS THAN 100MG SODIUM PER 3OZ SERVING","NEW MEXICO'S BEST OR APPROVED EQUIVALENT","NMBBSFC","CS",5,"10 LB",600,null,"","","???","Invalid Item"]
[null,38,"F1015","BEEF STEAK FINGERS WG","BEEF STRIP, FULLY COOKED, BREADED, NO FILLERS, MEET NEW MEXICO GROWN REQUIREMENTS, LESS THAN 100MG SODIUM PER 3.6 OZ SERVING","NEW MEXICO'S BEST OR APPROVED EQUIVALENT","NMB8020BSSBSFC","CS",534,".9 oz",450,null,"","","???","Invalid Item"]
[null,39,"F1016","BEEF STEAK PATTIE BREADED","BEEF PATTY, BREADED, FULLY COOKED, EACH 3.2 OZ PATTY PROVIDES 2OZ EQUIVALENT MEAT/MEAT ALTERNATE FOR NSLP, NO FILLERS, MEET NEW MEXICO GROWN REQUIREMENTS, LESS THAN 100MG SODIUM PER 3.2 OZ SERVING","NEW MEXICO'S BEST OR APPROVED EQUIVALENT","NMB8020BPBSFC","CS",150,"3.2 oz",400,null,"","","???","Invalid Item"]
[null,40,"F1017","BISCUIT WG","HONEY WHOLE WHEAT HEAT & SERVE PRE-SLICED MEET 2 OZ/GR","BRIDGEFORD OR APPROVED EQUIVALENT",6270,"CS",100,"2.25 OZ",400,30.904255319148938,12361.702127659575,0.30904255319148938,7007484,"BRDGFRD","100/2.25OZ","N"]
[null,41,"CTF7054","BISCUIT WHITE BUTTERMILK","BISCUIT OLD SOUTH BUTTERMILK PRE-SLICED FULLY COOOKED 2.25 OZ CATERING","BRIDGEFORD OR APPROVED EQUIVALENT",6170,"CS",100,"2.25 OZ",300,34.659574468085104,10397.872340425531,0.34659574468085103,7692751,"PILLSBY","120/2.25OZ","N"]
[null,42,"F1018","BOLI STRAWBERRY","BOLI STRAWBERRY WG IW EACH 3.24 OZ PROVIDES 2.00 OZ EQ GRAINS OR NSP","TASTY BRAND OR APPROVED EQUIVALENT",53205,"CS",96,"3.24 OZ",850,59.861702127659584,50882.446808510649,0.6235593971631207,"7159341C","TASTY B","96/3.24 oz","N"]
[null,43,"F1019","BOLI SWEET","BOLI STRAWBERRY WG IW EACH 3.24 OZ PROVIDES 2.00 OZ EQ GRAINS OR NSP","TASTY BRAND OR APPROVED EQUIVALENT",53204,"CS",96,"3.24 OZ",850,null,"","","No Bid"]
[null,44,"F1020","BOLILLO CHORIZO & CHEESE","BOLLIOS, CHORIZO & CHEESE, BULK,  EACH BOLILLO MUST MEET 1.5OZ GRAIN AND 1 M/MA FOR STUDENT NUTRITION PROGRAM","ARDELLA'S  OR APPROVED EQUIVALENT",10014,"CS",72,"3.35 OZ",900,null,"","","No Bid"]
[null,45,"F1021","BREAD BANANA SLICE ","3.4OZ (96G) FROZEN IW THAW & SERVE CONTAINS ZERO TRANS-FAT > 51% WHOLE WHEAT FLOUR NON-DAIRY NO ARTIFICIAL COLORS FLAVORS OR PRESERVATIVES.  MUST CONFORM TO USDA CHILD NUTRITION PROGRAM SPECIFICATIONS AND MEET 2 SERVINGS OF GRAIN.","SUPER BAKERY OR APPROVED EQUIVALENT",6071,"CS",70,"3.4 OZ",1200,47.808510638297875,57370.212765957447,0.68297872340425536,7201550,"SUPBKRY","75/3.4 OZ","N"]
[null,46,"F1022","BREAD LEMON","3.4OZ (96G) FROZEN IW THAW & SERVE CONTAINS ZERO TRANS-FAT > 51% WHOLE WHEAT FLOUR NON-DAIRY NO ARTIFICIAL COLORS FLAVORS OR PRESERVATIVES.  MUST CONFORM TO USDA CHILD NUTRITION PROGRAM SPECIFICATIONS AND MEET 2 SERVINGS OF GRAIN.","SUPER BAKERY  OR APPROVED EQUIVALENT",7507,"CS",70,"3.4OZ",1200,51.414893617021278,61697.872340425536,0.73449848024316111,"7202763c","SUPBKRY","75/3.4 OZ","N"]
[null,47,"F1023","BREADSTICK","WHITE WHOLE WHEAT CHEESY GARLIC BREADSTICK DOUGH FROZEN RAW PROOF AND BAKE WHOLE GRAIN FLOUR CHEESE AND GARLIC FLAVORED.  EACH STICK MUST PROVIDE A MINUMIM OF 1GB COMPONENT FOR NSLP","BRIDGEFORD OR APPROVED EQUIVALENT",6787,"CS",320,"1.125 oz",1500,36.914893617021285,55372.340425531926,0.11535904255319152,7002454,"BRDGFRD","320/1 OZ","N"]
[null,48,"F1024","BREADSTICK CHEESE FILLED WG","BREAKSTICK CHEESE FILLED WG EACH BREADSTICK MEETS 1M/MA FOR CHILD NUTRITION MEAL PATTERN","CLASSIC DELIGHT OR APPROVED EQUIVALENT","A33045","CS",112,"2 OZ",800,62.287234042553195,49829.787234042553,0.55613601823708214,"7018979C","TOOLSCH","112/2 OZ","N"]
[null,49,"F1025","BREAKFAST ROUNDS","CINNAMON AND BROWN SUGAR BREAKFAST ROUND IW MUST MEET 2 GRAIN FOR SBP","UBR/RICH'S OR APPROVED EQUIVALENT",8733,"CS",126,"2.2 OZ",1000,56.404255319148945,56404.255319148942,0.44765281999324558,"8845168","RICHS","126/2.5 OZ","N"]
[null,50,"F1026","BURRITO","BEEF BEAN AND CHEESE BURRITO. A RED CHILI BEEF BEAN AND TEXTURED VEGETABLE PROTEIN FILLING WRAPPED IN A FLOUR TORTILLA. BURRITOS SHALL BE UNIFORMLY ROLLED WITH A UNIFORM DISTRIBUTION OF FILLING. NO EXESSIVELY FLATTENED OR IRREGULAR SHAPED PRODUCT.","BUTCHERBOY/POSADA OR APPROVED EQUIVALENT",1020001,"CS",72,"4 OZ",1000,48.851063829787236,48851.063829787236,0.67848699763593379,1654466,"B/BOY","72/4 OZ","N"]
[null,51,"F1027","BURRITO BEAN & CHEESE de CHILE RELLENO","BURRITO -FROZEN BEAN & CHEESE DE CHILE RELLENO-REFRIED BEANS TOPPED WITH MEXICAN STYLE RICE WITH RED SALSA WITH POBLANO CHILE AND PEPPER JACK CHEESE ON A WHOLEWHEAT FLOUR TORTILLA. EACH 7.66 OZ. BURRITO PROVIDES 2.00 OZ MEAT ALTERNATE AND 1/8 CUP OTHER VEGETABLE AND 2.25 OZ EQV GRAIN OR 1.00 OZ MEAT ALTERNATE AND 1/8 CUPOTHER VEGETABLE AND 1/4 CUP LEGUME VEGETABLE AND 2.25 OZ EQV GRAIN TOWARDS THE NSLP, WHOLE GRAIN RICH FLOUR TORTILLA. CN LABELED. BURRITOS ARE HAND-WRAPPED INOVENABLE FOIL SHEETS. 36 COUNT. PREPARATION INSTRUCTIONS INCLUDED ON BOX. NO MORE THAN 700 MG SODIUM, LESS THAN 15% CALORIES FROM SATURATED FAT, 0 TRANS FAT. NOLESS THAN 400 KCAL. HAND HELD, FULLY COOKED. HEAT & SERVE.-VEGETARIAN. CABO PRIMO BRAND 71683","LOS CABOS OR APPROVED EQUIVALENT",71683,"CS",36,"7.66 OZ",600,71.031914893617028,42619.148936170219,1.9731087470449173,7058263,"CABOPRM","36/7.66OZ","N"]
[null,52,"F1028","BURRITO PRE-FRIED BULK"," 4.75 OZ. CHEESE BEEF BEAN & RED CHILI BURRITO FULLY COOKED GROUND BEEF RED CHILI SAUCE AMERICAN CHEESE PINTO BEANS WRAPPED IN A WHOLE GRAIN RICH BLEND OF WHEAT AND CORN FLOUR TORTILLA 16g PROTEIN PER SERVING CN LABELED - SERVES 2 OZ. M/MA & 2 OZ. EQUIVALENT GRAINS PRE-FRIED","FERNANDO'S OR APPROVED EQUIVALENT",21072,"CS",72,"4.75 oz",1000,54.840425531914896,54840.425531914894,0.76167257683215128,2115735,"FRNANDO","60/5 OZ","N"]
[null,53,"D1012","BUTTER ALTERNATIVE","PHASE® ZERO TRANS NO SODIUM LIQUID BUTTER ALTERNATIVE","PHASE OR APPROVED EQUIVALENT",13688,"CS",3,"GAL",200,56.397659574468086,11279.531914893618,18.799219858156029,9607268,"PHASE","3/1 GAL","N"]
[null,54,"C1008","BUTTERMILK BAKING 1%","BUTTERMILK BAKING 1%","SPECIFY",null,"CS",4,"GAL",100,20.043085106382978,2004.3085106382978,5.0107712765957446,2241347,"WHLFCLS","9/.5 GAL","N"]
[null,55,"D1013","CEREAL BLUEBERRY CHEX 2OZ","BLUEBERRY CHEX AND SWEETENED RICE GLUTEN-FREE CEREAL. THIS READY-TO-EAT CUP PROVIDES CONVENIENT PORTION CONTROL AND ROOM FOR MILK. WHOLE GRAIN RICE – FIRST INGREDIENT. MEETS 2 OUNCE EQUIVALENT GRAINS USDA SMART SNACK CRITERIA AND IS CACFP ELIGIBLE.","GENERAL MILLS OR APPROVED EQUIVALENT",17262000,"CS",60,"2 OZ",500,33.606382978723403,16803.191489361703,0.56010638297872339,7143888,"GM","60/2 OZ","N"]
[null,56,"D1014","CEREAL CHEERIOS 1 OZ","READY TO EAT CEREALS: BOWL PACK WHOLE GRAIN OATS RINGS. MUST MEET 1G EQUIVALENCY FOR SBP","GENERAL MILLS OR APPROVED EQUIVALENT",32262000,"CS",96,"1 oz",250,27.12765957446809,6781.9148936170222,0.28257978723404259,2177584,"GM","96/1 OZ","N"]
[null,57,"D1015","CEREAL CINNAMON CHEX 1 OZ","CINNAMON CHEX™ IS MADE WITH REAL CINNAMON AND SWEETENED RICE GLUTEN-FREE CEREAL. THIS READY-TO-EAT CUP PROVIDES CONVENIENT PORTION CONTROL AND ROOM FOR MILK. WHOLE GRAIN RICE – FIRST INGREDIENT. MEETS 2 OUNCE EQUIVALENT GRAINS USDA SMART SNACK CRITERIA AND IS CACFP ELIGIBLE.","GENERAL MILLS OR APPROVED EQUIVALENT",14883000,"CS",60,"2 OZ",500,33.606382978723403,16803.191489361703,0.56010638297872339,7072203,"GM","60/2 OZ","N"]
[null,58,"D1016","CEREAL CINNAMON TOAST 1 OZ","READY TO EAT CEREALS: BOWL PACK WHOLE GRAIN 25% LESS SUGAR CINNAMON TOAST SQUARES. MUST MEET 1G EQUIVALENCY FOR SBP","GENERAL MILLS OR APPROVED EQUIVALENT",294440000,"CS",96,"1 OZ",250,27.12765957446809,6781.9148936170222,0.28257978723404259,6055800,"GM","96/1 OZ","N"]
[null,59,"D1017","CEREAL CINNAMON TOAST 2OZ","READY TO EAT CEREALS: BOWL PACK WHOLE GRAIN 25% LESS SUGAR CINNAMON TOAST SQUARES. MUST MEET 2G EQUIVALENCY FOR SBP","GENERAL MILLS OR APPROVED EQUIVALENT",148861000,"CS",60,"2 OZ",1000,33.606382978723403,33606.382978723406,0.56010638297872339,7072170,"GM","60/2 OZ","N"]
[null,60,"D1018","CEREAL COCOA PUFFS 2OZ","READY TO EAT CEREALS: BOWL PACK WHOLE GRAIN COCOA PUFFS REDUCED SUGAR MUST MEET 2 GRAIN EQUIVALENCY FOR SBP","GENERAL MILLS OR APPROVED EQUIVALENT",148854000,"CS",60,"2 OZ",1000,33.606382978723403,33606.382978723406,0.56010638297872339,7072182,"GM","60/2 OZ","N"]
[null,61,"D1019","CEREAL CREAM OF WHEAT","HOT CEREALS: ENRICHED PLAIN BULK QUICK COOK CREAM OF WHEAT WHOLE GRAIN. MUST MEET 1G EQUIVALENCY FOR SBP","SPECIFY","","CS",12,"28 OZ",10,26.629787234042556,266.29787234042556,2.219148936170213,4528972,"QUAKER","12/28 OZ","N"]
[null,62,"D1020","CEREAL LUCKY CHARMS 2OZ","READY TO EAT CEREALS: BOWL PACK WHOLE GRAIN WITH MARSHMALLOWS ASSORTED BERRY PUFFS REDUCED SUGAR. MUST MEET 2G EQUIVALENCY FOR SBP","GENERAL MILLS OR APPROVED EQUIVALENT",148847000,"CS",60,"2 OZ",200,33.606382978723403,6721.2765957446809,0.56010638297872339,7072180,"GM","60/2 OZ","N"]
[null,63,"D1021","CEREAL OATMEAL","OATS ROLLED INSTANT ENRICHED DRY","SPECIFY","","CS",12,"42 OZ",20,48.129787234042553,962.59574468085111,4.0108156028368791,8562621,"HSRCCLS","12/42OZ","N"]
[null,64,"D1022","CEREAL RICE KRISPIES BULK","RICE BULK WHOLE GRAIN  PLAIN PUFFS. MUST MEET 1G EQUIVALENCY FOR SBP","SPECIFY",null,"CS",4,"35 OZ",900,22.355319148936172,20119.787234042553,5.5888297872340429,6709455,"HOSPTLY","4/35 OZ","N"]
[null,65,"C1009","CHEESE AMERICAN SLICED","CHEESE AMERICAN PROCESSED SLICED 1/2 OUNCE EACH UNWRAPPED.  REDUCED FAT REDUCED SODIUM PRE-SLICED YELLOW  AMERICAN PROCESSED CHEESE.  IMITATION OR CHEESE BLENDS NOT ACCEPTED.  FAT GRAMS NOT TO EXCEED 2G PER SLICE SODIUM NOT TO EXCEED 210MG PER SLICE.  1 SLICE/.5OZ   .5OZMMA  6/5#LAND O LAKES PREFERRED - AVAILABLE FOR NET OFF INVOICE. FOR NOI PRICING","BONGARDS OR APPROVED EQUIVALENT",111371,"CS",6,"5 LB",675,45.9531914893617,{"$f":"IF(L70*K70= 0,\"\",L70*K70)","v":31018.404255319147},{"$f":"IF(L70/I70= 0,\"\",L70/I70)","v":7.6588652482269497},5131069,"BBRLCLS","4/5 LB","N"]
[null,66,"C1010","CHEESE CHEDDAR SHREDDED","CHEESE CHEDDAR SHREDDED REDUCED FAT REDUCED SODIUM MILD NO IMITATION ENZYMES AND ARTIFICIAL COLORING MAY BE ADDED.  PASTEURIZED PLEASING ODOR AND FLAVOR SATISFACTORY MELTABILITY.  FAT GRAMS NOT TO EXCEED 4.5G SODIUM NOT TO EXCEED 90MG.  4/5# AVAILABLE FOR NET OFF INVOICE. FOR NOI PRICING","BONGARDS OR APPROVED EQUIVALENT",755191,"CS",4,"5 LB",600,57.074468085106382,34244.680851063829,14.268617021276595,557074,"LOL","4/5LB","N"]
[null,67,"CTF7000","CHEESE COTTAGE","COTTAGE CHEESE SMALL CURD  CATERING","SPECIFY","","CS",1,"5 LB",75,14.41276595744681,1080.9574468085107,14.41276595744681,5020169,"WHLFCLS","2/5 LB","N"]
[null,68,"CTF7001","CHEESE CREAM BLOCK","CREAM CHEESE BLOCK CATERING","SPECIFY","","CS",10,"3 LB",20,62.178723404255315,1243.5744680851062,6.2178723404255312,1012566,"WHLFIMP","10/3 LB","N"]
[null,69,"C1011","CHEESE CREAM PLAIN PC",".75 OZ PLAIN CREAM CHEESE PLASTIC PORTION CONTROL CUP","KRAFT OR APPROVED EQUIVALENT",61089,"CS",100,".75 OZ",900,18.844680851063828,16960.212765957443,0.18844680851063828,5156284,"RASKAS","100/1 OZ","N"]
[null,70,"C1012","CHEESE CREAM STRAWBERRY PC","1OZ STRAWBERRY CREAM CHEESE CUP.  PLASTIC PORTION CONTROL CUP.","KRAFT OR APPROVED EQUIVALENT",72683,"CS",100,"1 OZ",900,13.37872340425532,12040.851063829788,0.13378723404255319,6262000,"BBRLIMP","100/.75 OZ","N"]
[null,71,"C1013","CHEESE FETA ","FETA CHEESE CRUMBLES","SPECIFY",null,"CS",4,"2.5 LB",50,36.548404255319149,1827.4202127659573,9.1371010638297872,135632,"SYS IMP","2/5 LB","N"]
[null,72,"C1014","CHEESE MOZZARELLA SHREDDED","CHEESE MOZZARELLA SHREDDED:  PART-SKIM 100% MOZZARELLA SHREDDED.  FAT GRAMS NOT TO EXCEED 6G  SODIUM NOT TO EXCEED 160MG. 1OZ SERVING MUST EQUAL 1OZ M/MA.  4/5#","LAND O'LAKES OR APPROVED EQUIVALENT",41698,"CS",4,"5 LB",270,52.356170212765967,14136.16595744681,13.089042553191492,2329413,"AREZIMP","4/5LB","N"]
[null,73,"C1015","CHEESE PEPPER JACK SLICES","CHEESE SLICED PEPPER JACK NO IMITATION REDUCED FAT LOW SODIUM LOW FAT 160 CT","SPECIFY",null,"CS",4,"5 LB",50,28.542553191489361,1427.127659574468,7.1356382978723403,8315453,"GR LAKE","8/20 OZ","N"]
[null,74,"C1016","CHEESE PROVOLONE SLICES","CHEESE SLICED NO IMITATION REDUCED FAT & SODIUM 160 CT","SPECIFY",null,"CS",4,"5 LB",50,39.357446808510637,1967.8723404255318,9.8393617021276594,4605525,"SCHRBER","10/1 LB","N"]
[null,75,"F1029","CHEESE STICK BREADED","CHEESE STICKS WG BREADED INDIVIDUALLY FROZEN. 6 STICKS PROVIDE 2 OZ EQUIVALENT MEAT ALTERNATE AND 2 OZ GRAINS.","RICH'S OR APPROVED EQUIVALENT",65220,"CS",8,"3 LB",500,73.936170212765958,36968.085106382976,9.2420212765957448,6364861,"FARMRIC","8/3 LB","N"]
[null,76,"C1017","CHEESE STICK MARBLE IW","CHEESE REDUCED FAT & SODIUM MARBLE IW  FOR NOI PRICING","BONGARDS OR APPROVED EQUIVALENT",402931,"CS",168,"1 OZ",300,null,"","","No Bid"]
[null,77,"C1018","CHEESE STRING IW","CHEESE: WHITE REDUCED FAT & SODIUM PORTION STICKS STRING PASTEURIZED LOW MOISTURE PART SKIM MOZZARELLA IW FOR NOI PRICING","BONGARDS OR APPROVED EQUIVALENT",402951,"CS",168,"1 OZ",300,37.59574468085107,11278.723404255321,0.22378419452887541,"5274891","LOL","168/1OZ","N"]
[null,78,"C1019","CHEESE SWISS SLICES","SWISS CHEESE SLICES REDUCED FAT PRESLICED EASY TO SEPARATE.  EACH SLICE 14G.  2 SLICES PROVIDES 1 M/MA FOR THE CHILD NUTRITION MEAL PROGRAM.","LAND O'LAKES OR APPROVED EQUIVALENT",null,"CS",8,"1.5 LB",50,45.798297872340427,2289.9148936170213,5.7247872340425534,3554569,"BBRLIMP","8/1.5 LB","N"]
[null,79,"F1030","CHICKEN ASIAN CHERRY BLOOSOM","FULLY COOKED CHICKEN CHUNKS WHOLE GRAIN SWEET AND SOUR CHERRY ASIAN STYLE","ASIAN FOODS OR APPROVED EQUIVALENT",72005,"CS",6,"7.15 LB",500,180.38297872340428,90191.489361702144,30.063829787234045,2344410,"ASNFDSL","6/5 LBS","N"]
[null,80,"CTF7055","CHICKEN BREAST RAW","CHICKEN UNCOOKED BREAST BONELESS SKINLESS WHITE 6 OZ SIZE  CATERING","SPECIFY",null,"CS",4,"5LB",25,53.638191489361702,1340.9547872340427,13.409547872340426,6631477,"SYS CLS","48/6 OZ","N"]
[null,81,"D1023","CHICKEN BROTH","100% NATURAL CHICKEN BROTH LOW SODIUM THANKSGIVING ONLY","SWANSON OR APPROVED EQUIVALENT",null,"CS",12,"49 oz",50,41.37765957446809,2068.8829787234044,3.4481382978723407,4212791,"SWANSON","12/49.5OZ","N"]
[null,82,"F1031","CHICKEN DICED","FULLY COOKED DICED NO ADDED SPICES","SPECIFY",null,"CS",2,"5 LBS",300,43.61702127659575,13085.106382978725,21.808510638297875,2976528,"TYSON","2/5LB","N"]
[null,83,"F1032","CHICKEN DRUMSTICK BBQ","FULLY COOKED BBQ GLAZED DRUMSTICK MUST MEET 2.5OZ M/MA FOR NSLP NO ANTIBIOTICS","TYSON OR APPROVED EQUIVALENT",10264350928,"CS",95,"3.24 OZ",600,30.501063829787235,18300.638297872341,0.32106382978723402,3476488,"TYSON","2/5 LB","N"]
[null,84,"F1033","CHICKEN DRUMSTICK BREADED","FULLY COOKED BREADED DRUMSTICK MUST MEET 2 M/MA AND .75 OZ GRAIN FOR NSLP","TYSON OR APPROVED EQUIVALENT",16660100928,"CS",92,"3.31 OZ",700,98.209468085106394,68746.627659574471,1.0674942183163738,2746405,"TYSON","1/30 LB","N"]
[null,85,"F1034","CHICKEN FAJITA STRIPS","FAJITA STRIPS CHICKEN SEASONED FULLY COOKED. EACH 2.47 OZ MEETS 2OZ M/MA FOR NSLP.","PILGRIM'S OR APPROVED EQUIVALENT",1250,"CS",159,"3 OZ",800,31.128723404255322,24902.978723404256,0.19577813461795801,1647353,"SYS CLS","2/5 LB","N"]
[null,86,"F1035","CHICKEN FILET","FULLY COOKED WHOLE MUSCLE CHICKEN FILETS-CN LABELED EACH SERVING PROVIDED 2OZ M/MA AND 1 OZ GRAIN FOR NSLP","PILGRIM'S OR APPROVED EQUIVALENT",7516,"CS",122,"3.95 OZ",100,76.95,7695,0.63073770491803283,3652963,"KOCH","48/4 OZ","N"]
[null,87,"F1036","CHICKEN NUGGET","FULLY COOKED WG  BREADED CN LABELED WHOLE MUSCLE 5 NUGGETS PROVIDE 2 OZ MEAT/MEAT ALTERNATIVE AND 1 GRAIN SERVING FOR NSLP COMMERICAL BACK-UP OF COMMODITY PRODUCT OR FOR NOI PRICING","GOLK KIST FARMS OR APPROVED EQUIVALENT",7518,"CS",101,"3.9 OZ",600,24.446808510638299,14668.08510638298,0.24204760901622077,3764927,"ADVANCE","250/.64OZ","N"]
[null,88,"F1037","CHICKEN PATTY BREADED","FULLY COOKED WG BREADED CN LABELED EACH PATTY PROVIDES 2 OZ MEAT/MEAT ALTERNATIVE AND 1 GRAIN SERVING. ","GOLD KIST FARMS OR APPROVED EQUIVALENT",665400,"CS",158,"3.03 OZ",450,55.228297872340427,24852.734042553191,0.34954618906544577,3151463,"ADVANCE","90/3 OZ","N"]
[null,89,"F1038","CHICKEN PATTY BREADED SPICY","FULLY COOKED HOT N SPICY BREADED CHICKEN BREAST FILETS","TYSON OR APPROVED EQUIVALENT",10383140928,"CS",40,"3.95 OZ",300,75.063829787234056,22519.148936170215,1.8765957446808514,2155881,"TYSON","173/3 OZ","N"]
[null,90,"F1039","CHICKEN PATTY GRILLED","FULLY COOKED GRILLED CHICKEN BREASTS 4OZ PATTY NO ANTIBIOTICS","TYSON OR APPROVED EQUIVALENT",10000039685,"CS",40,"3.95 OZ",300,76.95,23085,1.9237500000000001,3652963,"KOCH","48/4 OZ","N"]
[null,91,"F1040","CHICKEN POPCORN SMACKERS WG","WHOLE GRAIN BREADED FULLY COOKED CN LABELED POPCORN CHICKEN PRODUCED FROM USDA 100103 DARK MEAT COMMODITY CHICKEN. NO ADDED SOY PROTEIN. BATTER BREADED WITH WHOLE GRAIN AND ENRICHED WHEAT FLOUR. TEN POPCORN PIECES @ 0.43 OZ EACH GUARANTEED BY CN LABEL TO PROVIDE 2 OUNCES MEAT/MEAT ALTERNATIVE AND 1 GRAIN SERVINGS. PRODUCT TO PROVIDE ZERO GRAMS TRANS FATS. CONTAINS: MILK SOY WHEAT.  COMMERICAL BACK-UP OF COMMODITY PRODUCT OR FOR NOI PRICING","GOLD KIST FARMS OR APPROVED EQUIVALENT",110458,"CS",104,"4.23 OZ",900,91.068191489361695,81961.372340425529,0.8756556873977086,2155830,"TYSON","1/32.79L","N"]
[null,92,"F1041","CHICKEN STRIP WG","WHOLE GRAIN HOMESTYLE BREADED FULLY-COOKED CN LABELED CHICKEN STRIPS PRODUCED FROM USDA 100103 NATURAL PROPORTION WHITE AND DARK MEAT COMMODITY CHICKEN WITH ISOLATED SOY PROTEIN. STRIPS ARE BATTER BREADED WITH WHOLE GRAIN WHEAT FLOUR HOMESTYLE BREADING. THREE STRIPS PROVIDE 2 OZ. MEAT/MEAT ALTERNATIVE AND 1 GRAIN SERVING. PRODUCT TO PROVIDE ZERO GRAMS TRANS FATS. COMMERICAL BACK-UP OF COMMODITY PRODUCT OR FOR NOI PRICING","GOLD KIST FARMS OR APPROVED EQUIVALENT",7527,"CS",107,"4.50 OZ",900,80.098297872340424,72088.468085106375,0.74858222310598532,2155846,"TYSON","4/BAGS","N"]
[null,93,"D1024","CHILI HOT DOG","HOT DOG CHILI.  HEARTY CHUNKS OF LEAN BEEF AND PLUMP TENDER BEANS","LIBBY'S OR APPROVED EQUIVALENT",null,"CS",6,"#10 CANS",800,31.872340425531917,25497.872340425532,5.3120567375886525,"4277620","BUSH","6/#10","N"]
[null,94,"D1025","CHIPS BAKED CHEETOS CRUNCHY","CHIPS BAKED CRUNCHY CHEETOS","FRITO LAY OR APPROVED EQUIVALENT","000-28400-21642-5","CS",104,".875 OZ",472,30.627659574468087,14456.255319148937,0.29449672667757776,9978982,"CHEETOS","104/.875OZ","N"]
[null,95,"D1026","CHIPS BAKED DORITOS ","CHIPS BAKED DORITOS NACHO CHEESE","FRITO LAY OR APPROVED EQUIVALENT","000-28400-20002-8","CS",88,".75 OZ",549,42.114893617021281,23121.076595744682,0.47857833655706,5511928,"DORITOS","104/1 OZ","N"]
[null,96,"D1027","CHIPS BAKED LAYS BBQ","CRISPS BAKED LAYS BBQ FLAVOR","FRITO LAY OR APPROVED EQUIVALENT","000-28400-32078-8","CS",60,".875 OZ",100,37.385106382978726,3738.5106382978724,0.62308510638297876,6725335,"BKDLAYS","64/1.125Z","N"]
[null,97,"D1028","CHIPS BAKED LAYS SC/ONION","CRISPS BAKED LAYS SOUR CREAM & ONION","FRITO LAY OR APPROVED EQUIVALENT","00028400-04702-9","CS",60,".875 OZ",400,29.277659574468089,11711.063829787236,0.48796099290780148,6743120,"BKDLAYS","64/1.125Z","N"]
[null,98,"D1029","CHIPS FRITOS","ENRICHED REDUCED FAT CORN CHIPS WHOLE GRAIN","FRITO LAY OR APPROVED EQUIVALENT","000-28400-57766-3","CS",8,"1 LB",1900,18.561702127659572,35267.234042553187,2.3202127659574465,4073847,"FRITOS","8/16 OZ","N"]
[null,99,"CTF7011","CHIPS KETTLE VARIETY","VARIETY PACK OF KETTLE CHIPS CATERING","SPECIFY",null,"CS",30,"1.5 OZ",25,37.363829787234046,934.09574468085111,1.2454609929078015,7157248,"MSVICKI","2/30 CT","N"]
[null,100,"D1030","CHIPS SS CHEETO RED HOT","CHIPS IND. PKG. RED HOT FRITO LAY BAKED: ENRICHED CORNMEAL PUFF STICK FLAVORED WITH RED HOT CHEESE SEASONING. 104/.875 OZ","CHEETO'S OR APPROVED EQUIVALENT",62984,"CS",104,".875 OZ",400,42.21063829787235,16884.255319148939,0.40587152209492644,4360776,"CHEETOS","104/.875OZ","N"]
[null,101,"D1031","CHIPS SS DORITOS COOL RANCH","CHIPS IND. PKG. REDUCED FAT COOL RANCH FLAVORED CORN: BAKED TRIANGLE SHAPED CORN TORTILLA PIECES FLAVORED WITH RANCH SEASONING. 72/1 OZ.","DORITOS OR APPROVED EQUIVALENT",36096,"CS",72,"1 OZ",400,26.23191489361702,10492.765957446809,0.36433215130023638,5073130,"DORITOS","72/1 OZ","N"]
[null,102,"D1032","CHIPS SS DORITOS NACHO CHEESE","CHIPS  REDUCED FAT NACHO CHEESE FLAVOR.  WG","DORITOS OR APPROVED EQUIVALENT",31748,"CS",72,"1 OZ",400,28.937234042553193,11574.893617021276,0.40190602836879435,6626774,"DORITOS","72/1 OZ","N"]
[null,103,"D1033","CHIPS SS POTATO","CHIPS IND. PKG. BAKED REG. FLAVORED:  BAKED POTATO PIECES SALTED PLAIN.  NO MORE THAN 7.5 GRAMS OF FAT PER BAG.","LAYS OR APPROVED EQUIVALENT",33625,"CS",60,".875 OZ",300,25,7500,0.41666666666666669,3232527,"BKDLAYS","60/.875OZ","N"]
[null,104,"D1034","CHIPS SS PUFF CHEESE","CHIPS PUFFS  RF WG","CHEETO'S OR APPROVED EQUIVALENT",21910,"CS",72,".7 OZ",300,30,9000,0.41666666666666669,2255848,"CHEETOS","72/.7 oz","N"]
[null,105,"D1035","CHIPS SS SOUR CREAM/ONION","CHIPS IND. PKG. BAKED SOUR CRM. & ONION FLAVORED: BAKED POTATO PIECES FLAVORED WITH SOUR CREAM AND ONION SEASONING. 60/.875 OZ. WG","LAYS OR APPROVED EQUIVALENT",33627,"CS",60,".875 OZ",300,25,7500,0.41666666666666669,3232725,"BKDLAYS","60/.875OZ","N"]
[null,106,"D1036","CHIPS TORTILLA ROUNDS","ROUND SHAPED TORTILLA CHIP WHOLE GRAIN PREPARED FROM ENRICHED YELLOW CORN. TRANSFAT FREE 1 OZ MUST MEET 1 GR","SPECIFY","","CS",6,"2 LB",2500,18.71063829787234,46776.595744680846,3.1184397163120567,7346071,"TOSTITO","8/16 OZ","N"]
[null,107,"CTF7012","CHOCOLATE ENROBER","CHOCOLATE FLAVORED ENROBER COATING IS A RICH CHOCOLATE COATING THAT HARDENS AT ROOM TEMPERATURE. THE PRODUCT IS IN A HARDENED CANDY STATE IN THE UNHEATED CAN.  CATERING","SPECIFY",null,"CS",3,"10 CN",15,108.86170212765958,1632.9255319148938,36.287234042553195,4236675,"SYS CLS","6/#10","N"]
[null,108,"F1042","CHORIZO BULK","SAUSAGE CHORIZO BULK MILD SEASONING LIGHT COLORED BULK","SPECIFY","","CS",10,"LB",450,24.638297872340427,11087.234042553193,2.4638297872340429,2046118,"NMFOODS","1/10 LB","N"]
[null,109,"CTF7013","COCOA","UNSWEETENED COCOA 22/24% BUTTER FAT  CATERING","SPECIFY","","CS",4,"2.5KG",20,194.35957446808513,3887.1914893617027,48.589893617021282,4324232,"HERSHEY","6/5 LB","N"]
[null,110,"D1037","COFFEE DECAF","FOLGERS FILTER PACK COFFEE ULTRA DRY ROAST  ","FOLGERS OR APPROVED EQUIVALENT","","CS",80,".9 OZ",20,58.335106382978729,1166.7021276595747,0.72918882978723409,1151570,"FOLGERS","80/.9 OZ","N"]
[null,111,"D1038","COFFEE REGULAR","FOLGERS FILTER PACK COFFEE ULTRA DRY ROAST  ","FOLGERS OR APPROVED EQUIVALENT","","CS",160,".9 OZ",50,101.3468085106383,5067.3404255319147,0.6334175531914894,1151679,"FOLGERS","160/.9 OZ","N"]
[null,112,"F1043","COOKIE DOUGH CARNIVAL WG","COOKIE DOUGH CARNIVAL:  1.85OZ FROZEN WGR MADE WITH A MIXTURE OF CHOCOLATE CHIPS AND COLORFUL COATED CANDIES PRE-PORTIONED READY TO BAKE FAT GRAMS TO NOT EXCEED 6G SODIUM MG NOT TO EXCEED 120 MG  CASE PACK 240 1.5OZ DECA","OTIS SPUNKMEYER OR APPROVED EQUIVALENT",55688,"CS",250,"1.5 OZ",75,58.106382978723403,4357.9787234042551,0.23242553191489362,7733464,"OTSPKMY","240/1.5 OZ","N"]
[null,113,"CTF7056","COOKIE DOUGH CHOCOLATE CHIP","COOKIE DOUGH CHOCOLATE CHIP CATERING","BRICKFIRE OR APPROVED EQUIVALENT",2340091,"CS",170,"1.5 OZ",75,55.042553191489368,4128.1914893617022,0.32377972465581983,7728403,"OTSPKMY","240/1.5 OZ","N"]
[null,114,"CTF7057","COOKIE DOUGH OATMEAL RAISIN","COOKIE DOUGH OATMEAL RAISIN CATERING","BRICKFIRE OR APPROVED EQUIVALENT",2340101,"CS",170,"1.5 OZ",60,51.59574468085107,3095.744680851064,0.30350438047559453,7728466,"OTSPKMY","240/1.5 OZ","N"]
[null,115,"F1044","COOKIE DOUGH RF CHOCOLATE BROWNIE","COOKIE DOUGH REDUCED FAT CHOCOLATE BROWNIE DECA","OTIS SPUNKMEYER OR APPROVED EQUIVALENT",55689,"CS",240,"1.5 OZ",100,54.872340425531917,5487.234042553192,0.22863475177304965,7733340,"OTSPKMY","240/1.5 OZ","N"]
[null,116,"F1045","COOKIE DOUGH RF CHOCOLATE CHIP","COOKIE DOUGH REDUCED FAT CHOCOLATE CHIP DECA","OTIS SPUNKMEYER OR APPROVED EQUIVALENT",55680,"CS",240,"1.5 OZ",300,55.042553191489368,16512.765957446809,0.22934397163120571,7728403,"OTSPKMY","240/1.5 OZ","N"]
[null,117,"F1046","COOKIE DOUGH RF OATMEAL RAISIN","COOKIE DOUGH REDUCED FAT OATMEAL RAISIN DECA","OTIS SPUNKMEYER OR APPROVED EQUIVALENT",55683,"CS",240,"1.5 OZ",50,51.59574468085107,2579.7872340425533,0.21498226950354613,7728466,"OTSPKMY","240/1.5 OZ","N"]
[null,118,"F1047","COOKIE DOUGH RF SUGAR","COOKIE DOUGH SUGAR REDUCED FAT DECA","OTIS SPUNKMEYER OR APPROVED EQUIVALENT",55684,"CS",240,"1.5 OZ",45,55.042553191489368,2476.9148936170218,0.22934397163120571,7728480,"OTSPKMY","240/1.5 OZ","N"]
[null,119,"CTF7058","COOKIE DOUGH SUGAR","COOKIE DOUGH SUGAR CATERING","BRICKFIRE OR APPROVED EQUIVALENT",2340111,"CS",170,"1.5 OZ",60,69.35319148936172,4161.1914893617031,0.40795994993742191,1454479,"OTSPKMY","240/1.33OZ","N"]
[null,120,"CTF7059","COOKIE DOUGH WHITE MACADAMIA NUT","COOKIE DOUGH WHITE MACADAMIA NUT  CATERING","BRICKFIRE OR APPROVED EQUIVALENT",2340361,"CS",170,"1.5 OZ",60,82.739361702127653,4964.3617021276596,0.48670212765957444,2094498,"OTSPKMY","240/1.33OZ","N"]
[null,121,"F1048","COOKIE GINGER BREAD","COOKIE GINGER BREAD IW MEETS 2 GRAIN REQUIREMENT FOR NSP","SPECIFY",null,"CS",140,"2 OZ",500,20.308510638297875,10154.255319148937,0.14506079027355626,848933,"FIELDST","128/.74 OZ","N"]
[null,122,"F1049","CORNDOG","CORNDOG CHICKEN FRANK WHOLE GRAIN P/C 8/1 60 CT  CN LABELED TO MEET 2 OZ MEAT REQUIREMENT","FOSTER FARMS OR APPROVED EQUIVALENT",95150,"CS",72,"4 OZ",2000,61.609148936170222,123218.29787234044,0.85568262411347529,5275597,"ST FAIR","72/4 OZ","N"]
[null,123,"D1039","CORNSTARCH","CORNSTARCH","SPECIFY","","CS",24,"1 LB",45,32.680851063829785,1470.6382978723402,1.3617021276595744,4032991,"ARGO","24/1LB","N"]
[null,124,"D1040","CRACKERS ANIMAL","CRACKERS ANIMAL SHAPED 0 TRANSFAT WHOLE GRAIN RICH","SPECIFY",null,"CS",100,"1 OZ",300,35.382978723404257,10614.893617021276,0.35382978723404257,5640214,"KEEBLER","150/1 OZ","N"]
[null,125,"D1041","CRACKERS BUG BITES","BUG BITES CINNAMON WHOLE GRAIN RICH","KEEBLER OR APPROVED EQUIVALENT","30100-55644","CS",210,"1 OZ",1000,45.074468085106389,45074.468085106389,0.21464032421479232,444598,"KELLOGG","210/1 OZ","N"]
[null,126,"D1042","CRACKERS GOLDFISH CHEDDAR","CHEDDAR GOLDFISH WHOLE GRAIN: A 3/4 OUNCE SERVING CONTRIBUTES 1 SERVING OF GRAINS/BREADS TO THE USDA CHILD NUTRITION PROGRAMS WHOLE GRAIN RICH","PEPPERIDGE FARMS OR APPROVED EQUIVALENT",18105,"CS",300,"0.75 OZ",500,60.80744680851064,30403.723404255321,0.20269148936170214,6599405,"PEPFARM","300/.75 OZ","N"]
[null,127,"D1043","CRACKERS GOLDFISH GIANT CINNAMON","CRACKERS GIANT GOLDFISH CINNAMON WHOLE GRAIN RICH","PEPPERIDGE FARMS OR APPROVED EQUIVALENT",15094,"CS",300,".9 OZ",300,53.624468085106379,16087.340425531913,0.17874822695035461,5228774,"PEPFARM","300/0.9 OZ","N"]
[null,128,"D1044","CRACKERS GOLDFISH GIANT HONEY OAT","CRACKER WHOLE GRAIN GIANT HONEY OAT GRAHAM 2 EA WHOLE GRAIN RICH","PEPPERIDGE FARMS OR APPROVED EQUIVALENT",18432,"CS",300,".9 OZ",300,43.329787234042556,12998.936170212766,0.14443262411347518,7492197,"PEPFARM","300/2 PK","N"]
[null,129,"D1045","CRACKERS GRAHAM 3-PK","GRAHAM 3-PK WHOLE GRAIN RICH","SPECIFY","","CS",150,"3 PK",2500,26.297872340425531,{"$f":"IF(L134*K134= 0,\"\",L134*K134)","v":65744.680851063822},{"$f":"IF(L134/I134= 0,\"\",L134/I134)","v":0.1753191489361702},2093213,"KELLOGG","150/3 CT","N"]
[null,130,"CTF7014","CRACKERS MEDLEY MIX","CRACKER MEDLEY - TOASTEDS® WHEAT SESAME AND BUTTER CRISP CLUB® TOWN HOUSE® AND KEEBLER® WHOLE GRAIN WHEAT 25 SLEEVES CATERING","KEEBLER OR APPROVED EQUIVALENT","30100 37739 ","CS",25,"SLEEVES",5,35.361702127659576,176.80851063829789,1.4144680851063831,4730883,"KELLOGG","25/4.64OZ","N"]
[null,131,null,"CRACKERS SALTINE IW","SALTINE CRACKERS PC WHOLE GRAIN OR ENRICHED FLOUR TO MEET BREAD REQ. FOR NSLP 500/2 CT","NABISCO OR APPROVED EQUIVALENT","","CS",500,"2 CT",500,17.882978723404253,8941.4893617021262,3.5765957446808508E-2,3608045,"NABISCO","500/2 PK","N"]
[null,132,"CTF7002","CREAMER NON-DAIRY","NON-DAIRY CREAMER  INIVIDUAL PACK LIQUID CATERING","SPECIFY","","CS",400,"EA",45,8.4191489361702132,378.86170212765961,2.1047872340425534E-2,6420608,"WHLFCLS","400/3/8 OZ","N"]
[null,133,"CTF7003","CREAMER NON-DAIRY CARAMEL MACCHIATO","NON-DAIRY CREAMER CARAMEL MACCHIATO INIVIDUAL PACK LIQUID CATERING","SPECIFY",null,"CS",288,"1ML",35,15.702127659574469,549.57446808510645,5.4521276595744683E-2,7940998,"INT DEL","288/13 ML","N"]
[null,134,"CTF7004","CREAMER NON-DAIRY FRENCH VANILLA","NON-DAIRY CREAMER FRENCH VANILLA  INIVIDUAL PACK LIQUID CATERING","SPECIFY",null,"CS",288,"1ML",35,15.702127659574469,549.57446808510645,5.4521276595744683E-2,7440837,"INT DEL","288/13 ML","N"]
[null,135,"CTF7005","CREAMER NON-DAIRY HAZEL NUT","NON-DAIRY CREAMER HAZEL NUT INIVIDUAL PACK LIQUID CATERING","SPECIFY",null,"CS",288,"1ML",35,15.702127659574469,549.57446808510645,5.4521276595744683E-2,7441314,"INT DEL","288/13 ML","N"]
[null,136,"F1050","CROISSANT","CROISSANTS WG MARGARINE RF ROUND FULLY SLICED   MUST PROVIDE 2.0 OZ GRAIN EQUIVALENTS.  PORTION TO PROVIDE AT LEAST 145.0 CALORIES WITH NO MORE THAN 6 GRAMS OF FAT.","BAKE CRAFTERS OR APPROVED EQUIVALENT",3286,"CS",80,"2.2 OZ",800,58.202127659574472,46561.702127659577,0.72752659574468093,6423044,"HADLEY","144/2.2 OZ","N"]
[null,137,"CTF7060","CROISSANT CATERING 30Z","FULLY COOKED FLAKEY BUTTERY CRUST PRESLICED ROUND SHAPED ROLL 3 OZ  CATERING","SPECIFY",null,"CS",32,"3 OZ",40,59.808510638297875,2392.3404255319151,1.8690159574468086,"7189582c","BAKCRFT","80/3 OZ","N"]
[null,138,"CTF7061","CROISSANT CATERING 5OZ","FULLY COOKED FLAKEY BUTTERY CRUST PRESLICED ROUND SHAPED ROLL 5 OZ  CATERING","SPECIFY",null,"CS",24,"5 OZ",25,null,"","","No Bid"]
[null,139,"CTF7015","CROUTONS","CROUTONS/ HERB SEASONED ENRICHED SMALL CUBE  CATERING","SPECIFY","","CS",10,"LB",150,43.415212765957449,6512.2819148936178,4.3415212765957447,7762329,"SYS CLS","8/2.5 LB","N"]
[null,140,"F1051","CRUMB SQUARE IW","CRUMB SQUARE IW WHOLE GRAIN MEETS 2 OZ WG SERVING FOR SBP ","DAVE'S OR APPROVED EQUIVALENT",360,"CS",28,"3.6 OZ",2120,20.191489361702128,42805.957446808512,0.72112462006079026,8850172,"DAVE'S","28/3.6 OZ","N"]
[null,141,"F1052","DONUT MINI CHOCOLATE","51% WG MINI DONUTS - CHOCOLATE.  72 - 3.3OZ FROZEN INDIVIDUALLY WRAPPED THAW & SERVE NICKEL STACK SIX PACKS OF 1/2 OZ CHOCOLATE ENROBED WHOLE GRAIN DONUTS.  MUST CONFORM TO USDA CHILD NUTRITION PROGRAM SPECIFICATIONS AND MEET 2OZ GRAIN EQUIVALENT.","SUPER BAKERY OR APPROVED EQUIVALENT",7786,"CS",72,"3.3 OZ",1700,70.734042553191486,120247.87234042553,0.98241725768321508,7014005,"SUPBKRY","72/3.3 OZ","N"]
[null,142,"F1053","DONUT MINI POWDERED SUGAR","51% WG MINI DONUTS - POWDERED SUGAR  72 - 3.3OZ FROZEN INDIVIDUALLY WRAPPED THAW & SERVE NICKEL STACK SIX PACKS OF 1/2 OZ CHOCOLATE ENROBED WHOLE GRAIN DONUTS.  MUST CONFORM TO USDA CHILD NUTRITION PROGRAM SPECIFICATIONS AND MEET 2OZ GRAIN EQUIVALENT.","SUPER BAKERY OR APPROVED EQUIVALENT",7787,"CS",72,"3.3 OZ",1700,62.914893617021278,106955.31914893618,0.87381796690307334,4384741,"SUPBKRY","72/3 OZ","N"]
[null,143,"F1054","DOUGH CRUST","COBBLER CRUST DOUGH SHEET FROZEN","SPECIFY","","CS",24,"1 LB",200,62.51063829787234,12502.127659574468,2.604609929078014,1865088,"RICHS","24/1 LB","N"]
[null,144,"C1020","DRESSING GAL COLESLAW","DRESSING COLESLAW REDUCED FAT","SPECIFY",null,"CS",4,"GAL",25,51.110638297872342,1277.7659574468084,12.777659574468085,4002499,"SYS CLS","4/1 GAL","N"]
[null,145,"C1021","DRESSING GAL RANCH REDUCED FAT","DRESSING SALAD REDUCED FAT","KEN'S OR APPROVED EQUIVALENT","100-413350-60816","CS",4,"1 GAL",600,34.312765957446807,20587.659574468085,8.5781914893617017,6246631,"SYS CLS","4/1 GAL","N"]
[null,146,"CTF7016","DRESSING ITALIAN","ITALIAN DRESSING GOLDEN CATERING","SPECIFY",null,"CS",4,"GAL",10,24.753191489361704,247.53191489361706,6.1882978723404261,5465695,"SYS REL","4/1 GAL","N"]
[null,147,"D1046","DRESSING PC ASIAN","DRESSING ASIAN LIGHT PC","SPECIFY",null,"CS",60,"1.5 OZ",15,16.617021276595743,249.25531914893614,0.27695035460992906,9640376,"MARZETI","60/1.5 OZ","N"]
[null,148,"D1047","DRESSING PC BALSAMIC VINAIGRETTE","DRESSING BALSAMIC VINAIGRETTE LIGHT","SPECIFY",null,"CS",60,"1.5 OZ",15,15.121276595744684,226.81914893617025,0.25202127659574475,4593224,"NWMNOWN","100/1.5 OZ","N"]
[null,149,"D1048","DRESSING PC FRENCH","DRESSING SALAD REDUCED FAT FRENCH","SPECIFY",null,"CS",60,"1.5 OZ",5,18.468085106382979,92.340425531914889,0.30780141843971631,5520929,"MENUMGC","200/12 GR","N"]
[null,150,"D1049","DRESSING PC GREEK","DRESSING SALAD GREEK ","SPECIFY",null,"CS",60,"1.5 OZ",5,18.819148936170215,94.095744680851084,0.3136524822695036,5183876,"KENS","60/1.5 OZ","N"]
[null,151,"D1050","DRESSING PC ITALIAN","DRESSING SALAD REDUCED FAT ITALIAN","SPECIFY",null,"CS",60,"1.5 OZ",5,14.914893617021278,74.574468085106389,0.24858156028368797,5954250,"KENS","60/1.5 OZ","N"]
[null,152,"D1051","DRESSING PC RANCH 12MG","RANCH DRESSING REDUCED FAT PC","SPECIFY",null,"CS",500,"12 MG",1000,11.713829787234042,11713.829787234043,2.3427659574468084E-2,5112735,"SYS CLS","200/12 GM","N"]
[null,153,"D1052","DRESSING PC RANCH RF 1.5OZ","DRESSING SALAD REDUCED FAT PC RANCH","SPECIFY",null,"CS",60,"1.5 OZ",100,22.308510638297872,2230.8510638297871,0.37180851063829784,3716594,"KRAFT","60/1.5 OZ","N"]
[null,154,"D1053","DRESSING PC RASPBERRY VINAIGRETTE ","KRAFT RASPBERRY VINAIGRETTE FAT FREE DRESSING HAS THE SWEET TART FLAVOR OF RASPBERRIES IN A FAT FREE VINAIGRETTE.  ","KRAFT","002-10006714400","CS",60,"1.5 OZ",50,13.319148936170214,665.95744680851067,0.22198581560283689,8919045,"MARZETI","60/1.5 OZ","N"]
[null,155,"CTF7017","DRESSING RASPBERRY VINAIGRETTE ","KRAFT RASPBERRY VINAIGRETTE FAT FREE DRESSING HAS THE SWEET TART FLAVOR OF RASPBERRIES IN A FAT FREE VINAIGRETTE.  CATERING","KRAFT OR APPROVED EQUIVALENT",21000647422,"CS",4,"1 GAL",5,19.620212765957447,98.101063829787236,4.9050531914893618,6475321,"SYS IMP","2/1 GAL","N"]
[null,156,"C1022","EGG BOIL N BAG","EGGS RAW LIQUID WHOLE EGGS BOIL N BAG PASTURIZED","SPECIFY","","CS",6,"5 LB",600,42.636170212765961,25581.702127659577,7.1060283687943269,2366607,"WHLFCLS","15/2 LB","N"]
[null,157,"C1023","EGG PREBOILED","HARD COOKED PEELED EGGS","SPECIFY",null,"CS",8,"12 CT",500,22.142553191489363,11071.276595744681,2.7678191489361703,3115532,"WHLFCLS","8/12 CT","N"]
[null,158,"F1055","EGGSTRAGANZA","EACH 2.00 OZ. SERVING (BY WEIGHT) OF THE BLEND OF SCRAMBLED EGGS, CHEESE, AND BACON PIECES PROVIDES 1.75 OZ. EQUIVALENT MEAT ALTERNATE FOR THE CHILD NUTRITION MEAL PATTERN REQUIREMENTS.","SUNNY FRESH OR APPROVED EQUIVALENT",40828,"CS",4,"5 LB",735,100.70212765957447,74016.063829787236,25.175531914893618,7037422,"SUNFRSH","4/5LB","N"]
[null,159,"CTF7018","FILLING PIE CHERRY","CHERRY CATERING","SPECIFY",null,"CS",3,"#10",15,77.581914893617011,1163.7287234042551,25.860638297872338,2637387,"SYS REL","6/#10","N"]
[null,160,"CTF7019","FILLING PIE PEACH","PEACH CATERING","SPECIFY",null,"CS",3,"#10",15,67.765957446808514,1016.4893617021277,22.588652482269506,2641900,"SYS REL","6/#10","N"]
[null,161,"D1054","FLOUR","FLOUR ALL PURPOSE ENRICHED 50# U.S. NO. 2 GRADE OR BETTER BLEACHED WHEAT FLOUR ENRICHED WITH THIAMIN RIBOFLAVIN NIACIN FOLIC ACID IRON AND MAY HAVE ADDED CALCIUM","SPECIFY","","BAG",50,"LB",30,17.232978723404255,516.98936170212767,0.34465957446808509,8378111,"SYS CLS","1/50 LB","N"]
[null,162,"D1055","FOOD COLOR GREEN","FOOD COLORING GREEEN","SPECIFY",null,"EA",1,"16 OZ",7,3.69,25.83,3.69,6117202,"DEAN","1/16 OZ.","N"]
[null,163,"D1056","FOOD RELEASE","RELEASE FOOD/PAN CONTAINS NO WATER ALCOHOL OR ARTIFICIAL FLAVORS HIGH SMOKE POINT >450° F","SPECIFY",null,"CS",6,"17 OZ",75,22.095744680851066,1657.18085106383,3.6826241134751778,4583290,"PAM","6/17 OZ","N"]
[null,164,"F1056","FRENCH TOAST STICKS BULK","FRENCH TOAST STICKS WHOLE GRAIN CINNAMON GLAZED EACH SERVING 3 STICKS/2.90 OZ EQUALS 1 M/MA 1 GR. ","SUNNY FRESH OR APPROVED EQUIVALENT",40497,"CS",100,"2.9 oz",900,23.680851063829792,21312.765957446813,0.23680851063829791,"7025423c","BAKCRFT","5/2 LBS","N"]
[null,165,"CTF7020","FRUIT CHERRY MARASCHINO HALVES","CHERRIES MARACHINO HALVES CATERING","PENNANT OR APPROVED EQUIVALENT",null,"CS",4,".5 GAL",100,70.838297872340434,7083.8297872340436,17.709574468085108,5083936,"SYS IMP","6/.5 GAL","N"]
[null,166,"D1057","FRUIT COCKTAIL","FRUIT COCKTAIL GRADE B CHOICE EXTRA LIGHT SYRUP MUST MEET BUY AMERICAN REQUIREMENTS","SENACA, DEL MONTE, LIBBY'S, DOLE",null,"CS",6,"10 CN",1500,43.680851063829792,65521.27659574469,7.2801418439716317,4989604,"DOLE","6/#10","N"]
[null,167,"C1024","FRUIT CRANBERRIES DRIED","SOFT AND MOIST DRIED CRANBERRIES","SPECIFY",null,"CS",10,"LB",150,19.196808510638302,2879.5212765957453,1.9196808510638301,7102403,"SYS IMP","1/5 LB","N"]
[null,168,"C1025","FRUIT DRIED IW","FRUIT DRIED INDIVIDUALLY PACKAGES PEANUT FREE 16% CRANBERRYM 29% NATURAL RAISINS 24% GOLDEN RAISINS 28% PINEAPPLE 3% DRIED APPLE ","NATIONAL FOOD GROUP OR APPROVED EQUIVALENT",609271,"CS",144,"1.3 OZ",650,41.398936170212771,26909.308510638301,0.28749261229314427,3386581,"SYS IMP","144/1.5","N"]
[null,169,"F1057","FRUIT MANGO DICED","MANOS DICED IQF US GRADE A UNSWEETENED MUST MEET BUY AMERICAN REQUIREMENTS","SENACA, DEL MONTE, LIBBY'S, DOLE",null,"CS",2,"5 LB",450,28.563829787234045,12853.723404255321,14.281914893617023,2466068,"DOLE","2/5 LB","N"]
[null,170,"D1058","FRUIT ORANGE MANDARIN","MANDARIN ORANGE SLICES NATURAL JUICES NO SUGAR ADDED GRADE B CHOICE MUST MEET BUY AMERICAN REQUIREMENTS","SENACA, DEL MONTE, LIBBY'S, DOLE","","CS",6,"10 CN",850,30.059574468085113,25550.638297872345,5.0099290780141859,3548393,"SYS REL","6/#10","N"]
[null,171,"D1059","FRUIT PEACHES DICED","PEACHES YELLOW CLING GRADE B CHOICE DICED NATURAL JUICES MIN DRAIN VT 71 OZ NO IRREGULAR MUST MEET BUY AMERICAN REQUIREMENTS","SENACA, DEL MONTE, LIBBY'S, DOLE","","CS",6,"10 CN",1500,52.640425531914893,78960.638297872341,8.7734042553191482,2181705,"SYS CLS","6/#10","N"]
[null,172,"D1060","FRUIT PEARS DICED","PEARS DICED GRADE B CHOICE NATURAL JUICES MUST MEET BUY AMERICAN REQUIREMENTS","SENACA, DEL MONTE, LIBBY'S, DOLE","","CS",6,"10 CN",500,63.206382978723418,31603.19148936171,10.53439716312057,4891883,"SYS CLS","6/#10","N"]
[null,173,"D1061","FRUIT PINEAPPLE","PINEAPPLE TIDBITS IN JUICE GRADE B CHOICE SOLID PAK IN NATURAL JUICE MUST MEET BUY AMERICAN REQUIREMENTS","SENACA, DEL MONTE, LIBBY'S, DOLE","","CS",6,"10 CN",2500,28.978723404255319,72446.808510638293,4.8297872340425529,4281689,"PACKER","6/#10","N"]
[null,174,"F1058","FRUIT STRAWBERRIES SLICED","STRAWBERRYS SLICED IQF US GRADE A UNSWEETENED","SPECIFY","","CS",1,"30 LB",700,81.562553191489371,57093.78723404256,81.562553191489371,1024363,"SYS CLS","6/6.5 LB","N"]
[null,175,"F1059","FRUIT STRAWBERRIES WHOLE","STRAWBERRYS SLICED IQF US GRADE A WHOLE UNSWEETENED","SPECIFY",null,"BKT",1,"30 LB",100,54.48936170212766,5448.9361702127662,54.48936170212766,1683978,"PATAGON","1/30 LB","N"]
[null,176,"D1062","GELATIN CHERRY","GELATIN MIX DRY","SPECIFY","","CS",12,"24 OZ",75,37.653191489361703,2823.9893617021276,3.1377659574468084,4010351,"SYS CLS","12/24 OZ","N"]
[null,177,"D1063","GELATIN LIME","GELATIN MIX DRY","SPECIFY","","CS",12,"24 OZ",15,37.653191489361703,564.79787234042556,3.1377659574468084,4010419,"SYS CLS","12/24 OZ","N"]
[null,178,"D1064","GELATIN ORANGE","GELATIN MIX DRY","SPECIFY","","CS",12,"24 OZ",15,37.653191489361703,564.79787234042556,3.1377659574468084,4010443,"SYS CLS","12/24 OZ","N"]
[null,179,"D1065","GELATIN STRAWBERRY","GELATIN MIX DRY","SPECIFY","","CS",12,"24 OZ",75,36.475531914893622,2735.6648936170218,3.0396276595744687,4010476,"SYS CLS","12/24 OZ","N"]
[null,180,"F1060","GF BAGEL PLAIN","PLAIN BAGEL GLUTEN FREE","SPECIFY",null,"CS",6,"4 EA",200,33.287234042553195,6657.4468085106391,5.5478723404255321,1249727,"UDISHFD","24/3.5 OZ","N"]
[null,181,"C1026","GF BREAD WHITE SLICED","WHITE BREAD SLICED GLUTEN FREE","SPECIFY",null,"CS",6,"24 OZ",300,null,"","","No Bid"]
[null,182,"C1027","GF BUN HAMBURGER ","HAMBURGER BUNS GLUTEN FREE","SPECIFY",null,"CS",6,"12 CT ",200,null,"","","No Bid"]
[null,183,"F1061","GF MUFFIN CHOCOLATE IW","MUFFIN CHOCOLATE GLUTEN FREE IW","SPECIFY",null,"CS",36,"3.6 EA",200,52.294680851063831,10458.936170212766,1.452630023640662,760043,"UDISHFD","36/3 OZ","N"]
[null,184,"F1062","GF MUFFIN ENGLISH","ENGLISH MUFFINS GLUTEN FREE","SPECIFY",null,"CS",24,"2 OZ",300,null,"","","No Bid"]
[null,185,"D1066","GF PASTA PENNE","PASTA PENNE GLUTEN FREE","SPECIFY",null,"CS",8,"12 OZ",200,19.659574468085108,3931.9148936170213,2.4574468085106385,4069926,"BARILLA","8/12 OZ","N"]
[null,186,"D1067","GF PASTA SPAGHETTI","PASTA SPAGHETTI GLUTEN FREE","SPECIFY",null,"CS",12,"12 OZ",200,29.48936170212766,5897.8723404255315,2.4574468085106385,"2538082","BARILLA","12/12 OZ","N"]
[null,187,"CTF7021","GLAZE STAWBERRY","STRAWBERRY GLAZE  CATERING","SPECIFY",null,"CS",1,"20LB",25,29.021276595744684,725.53191489361711,29.021276595744684,480491,"BRILL","1/20LB","N"]
[null,188,"D1068","GRANOLA BULK","GRANOLA BULK","SPECIFY",null,"CS",4,"50 OZ",250,47.170212765957451,11792.553191489364,11.792553191489363,323824,"KELLOGG","4/50 OZ","N"]
[null,189,"D1069","GRAVY BROWN","GRAVY BROWN LIGHT","PIONEER OR APPROVED EQUIVALENT",94541,"CS",6,"13 OZ",700,24.648936170212767,17254.255319148939,4.1081560283687946,5487699,"PIONEER","6/11.3OZ","N"]
[null,190,"D1070","GRAVY COUNTRY","COUNTRY SKILLET CREAM GRAVY","PIONEER OR APPROVED EQUIVALENT",96115,"CS",6,"24 OZ",725,28.138297872340427,20400.265957446809,4.6897163120567376,722209,"PIONEER","6/24 OZ","N"]
[null,191,"CTF7062","HAM BUFFET","HAM WATER ADDED CURED BONELESS AND FULLY COOKED. HAM IS 97% FAT FREE (3% FAT) AND APPROXIMATELY 4 TO 4½ INCHES IN DIAMETER. FROZEN PRODUCT. CATERING","SPECIFY","","CS",1,"LB",100,2.8085106382978728,280.85106382978728,2.8085106382978728,1592336,"HORMEL","2/9-10#","N"]
[null,192,"F1063","HOT DOGS BEEF","BEEF FRANKS LOWER SODIUM 8/1 6\" CN LABELED TO MEET 2 OZ MEAT REQUIREMENT","JOHN MORRELL OR APPROVED EQUIVALENT","100-701000-28560","CS",80,"2 OZ",600,45.829787234042556,27497.872340425532,0.57287234042553192,1787425,"SMTHFLD","2/5 LB","N"]
[null,193,"F1064","ICE CREAM SS BAR CARAMEL","STICK BAR REDUCED FAT SALTY CARAMEL BROWNIE CRUNCH BAR","HERSHEY'S OR APPROVED EQUIVALENT",31167,"CS",36,"2.75 OZ",200,null,{"$f":"IF(L198*K198= 0,\"\",L198*K198)","v":""},{"$f":"IF(L198/I198= 0,\"\",L198/I198)","v":""},"No Bid"]
[null,194,"F1065","ICE CREAM SS BAR STRAWBERRY","STICK BAR STRAWBERRY SCOOTER  ","HERSHEY'S OR APPROVED EQUIVALENT",31166,"CS",36,"2.75 OZ",300,null,"","","No Bid"]
[null,195,"F1066","ICE CREAM SS BAR VANILLA","ICE CREAM BAR VANILLA REDUCED FAT MUST BE SMART SNACK COMPLIANT <200 CALORIES < 35% FAT CALORIES < 230 MG SODIUM < 10% SATURATED FAT <35% OF WEIGHT FROM SUGARS","SPECIFY",null,"CS",96,"3.0 OZ",100,null,"","","No Bid"]
[null,196,"F1067","ICE CREAM SS CUP CHOCOLATE SUNDAE ","LOW FAT CHOCOLATE SUNDAE DESSERT CUP","HERSHEY'S OR APPROVED EQUIVALENT",31662,"CS",48,"3 OZ",400,null,"","","No Bid"]
[null,197,"F1068","ICE CREAM SS CUP VANILLA","LOW FAT VANILLA ICE CREAM DESSERT CUP  ","HERSHEY'S OR APPROVED EQUIVALENT",31664,"CS",48,"3 OZ",300,null,"","","No Bid"]
[null,198,"F1069","ICE CREAM SS FRUIT BAR STRAWBERRY","STRAWBERRY CHUNK FRUIT BAR","BLUE BUNNY OR APPROVED EQUIVALENT",1050495,"CS",1,"48 CT",300,null,"","","No Bid"]
[null,199,"F1070","ICE CREAM SS FUDGE BAR","STICK BAR FUDGE-O  GLUTEN FREE","HERSHEY'S OR APPROVED EQUIVALENT",31152,"CS",36,"2 OZ",300,null,"","","No Bid"]
[null,200,"F1071","ICE CREAM SS POP STRAWBERRY & BANANA","SMOOTHIE ON A STICK.  REAL FRUIT NOTHING ARTIFICIAL.  STRAWBERRY & BANANA","JONNY POPS OR APPROVED EQUIVALENT",1190150,"CS",1,"96 CT",300,39.12765957446809,11738.297872340427,39.12765957446809,3872100,"JONNY P","96/45 ML","N"]
[null,201,"F1072","ICE CREAM SS POP TRIPLE BERRY","SMOOTHIE ON A STICK.  REAL FRUIT NOTHING ARTIFICIAL.  TRIPLE BERRY (STRAWBERRY BLUEBERRY AND RASPBERRY)","JONNY POPS OR APPROVED EQUIVALENT",1190240,"CS",1,"96 CT",150,37.51063829787234,5626.5957446808507,37.51063829787234,7117846,"JONNY P","1/96 CT","N"]
[null,202,"F1073","ICE CREAM SS SANDWICH","ICE CREAM SANDWICH VAN RF","HERSHEY'S OR APPROVED EQUIVALENT",31319,"CS",24,"4 OZ",300,null,"","","No Bid"]
[null,203,"D1071","JALAPEÑO SLICED","JALAPEÑO SLICED","SPECIFY","","CS",6,"10 CN",550,31.925531914893622,17559.042553191492,5.3209219858156036,4968566,"SYS REL","6/#10","N"]
[null,204,"D1072","JELLY PC","JELLY PC ASSORTED STRAWBERRY MIXED FRUIT AND GRAPE SHELF STABLE","SPECIFY",null,"CS",200,".5 OZ",450,46.83085106382979,21073.882978723406,0.23415425531914896,4214110,"HSRCCLS","400/.5 OZ","N"]
[null,205,"C1028","JUICE APPLE","APPLE JUICE PURE PAK  FULL STRENGTH JUICE NO SUGAR ADDED 100% JUICE  CARTON ONLY US GRADE B","SUN CUP OR APPROVED EQUIVALENT",30301,"CS",70,"4 OZ",7800,14.340425531914894,111855.31914893618,0.20486322188449849,1210863,"SUNCUP","70/4 OZ","N"]
[null,206,"C1029","JUICE APPLE CHERRY","APPLE-CHERRY PURE PAK FULL STRENGTH JUICE  NO SUGAR ADDED 100% JUICE US GRADE B","SUN CUP OR APPROVED EQUIVALENT",32000,"CS",70,"4 OZ",7500,14.425531914893618,108191.48936170213,0.20607902735562311,8224208,"SUNCUP","70/4 OZ","N"]
[null,207,"C1030","JUICE FRUIT PUNCH","FRUIT PUNCH JUICE PURE PAK FULL STRENGTH JUICENOSUGARADDED100% JUICE  CARTON ONLY US GRADE B","SUN CUP OR APPROVED EQUIVALENT",30800,"CS",70,"4 OZ",8400,15.085106382978724,126714.89361702128,0.21550151975683893,1622422,"SUNCUP","70/4OZ","N"]
[null,208,"CTF7022","JUICE LEMON","LEMON JUICE PURE CATERING","SPECIFY","","CS",12,"32 OZ",20,32.823404255319154,656.46808510638311,2.7352836879432627,475394,"SAHAR B","12/32 OZ","N"]
[null,209,"CTF7023","JUICE LEMON PC","LEMON JUICE PURE PC CATERING","SPECIFY",null,"CS",200,"0.4 G",5,14.224468085106386,71.122340425531931,7.1122340425531935E-2,4460804,"HSRCCLS","500/4 GM","N"]
[null,210,"C1031","JUICE ORANGE","ORANGE JUICE PURE PAK FULL STRENGTH JUICE NO SUGAR ADDED 100% JUICE  CARTON ONLY GRADE A","SUN CUP OR APPROVED EQUIVALENT",30100,"CS",70,"4 OZ",7900,16.5,130350,0.23571428571428571,1211440,"SUNCUP","70/4 OZ","N"]
[null,211,"CTF7063","JUICE ORANGE CONCENTRATE","FROZEN CONCENTRATE 100% JUICE NO SUGAR ADDED GRADE A CATERING","SPECIFY",null,"CS",12,"32OZ",20,64.011702127659589,1280.2340425531918,5.3343085106382988,2072536,"SYS CLS","12/32 OZ","N"]
[null,212,"C1032","JUICE ORANGE PINEAPPLE","ORANGE-PINEAPPLE JUICE PURE PAK  FULL STRENGTH JUICE NO SUGAR ADDED 100%JUICE  CARTON ONLY U.S. GRADE A","SUN CUP OR APPROVED EQUIVALENT",31200,"CS",70,"4 OZ",7500,15.425531914893618,115691.48936170213,0.2203647416413374,1908193,"SUNCUP","70/4 OZ","N"]
[null,213,"D1073","KETCHUP JUG","KETCHUP  NATURALLY BALANCED  MADE w/SUGAR ENHANCED LOW SODIUM JUG w/PUMP","RED GOLD OR APPROVED EQUIVALENT","REDYL9P","CS",6,"114 oz",315,27.659574468085108,8712.7659574468089,4.6099290780141846,6133639,"REDGOLD","6/114OZ","N"]
[null,214,"D1074","KETCHUP PC","KETCHUP w/SUGAR ENHANCED LOW SODIUM ","RED GOLD OR APPROVED EQUIVALENT","REDYL9G","CS",1000,".9 GM",1000,27.478723404255319,27478.723404255321,2.747872340425532E-2,431504,"REDGOLD","1000/9 GM","N"]
[null,215,"CTF7024","LIQUID SMOKE","LIQUID SMOKE FLAVORING  CATERING","WRIGHTS",null,"CS",4,"1 GAL",15,41.670212765957451,625.05319148936178,10.417553191489363,4006565,"WRGHLIQ","4/1 GAL","N"]
[null,216,"C1033","MARGARINE","NO TRANS FAT CONTAIN A RATIO OF 60% VEGETABLE OIL AND 40% MILKFAT\nWITH A MINIMUM TOTAL FAT CONTENT OF 80%. ","GOLD-N-SWEET OR APPROVED EQUIVALENT",16840,"CS",30,"1 LB",150,48.695851063829785,7304.3776595744675,1.6231950354609928,4546923,"SYS IMP","36/1 LB","N"]
[null,217,"C1034","MARGARINE PC","CONTAIN A RATIO OF 60% VEGETABLE OIL AND 40% MILK FAT WITH A MINIMUM TOTAL FAT CONTENT OF 80%. NO TRANS FAT  ","COUNTRY CROCK OR APPROVED EQUIVALENT","1-0040600434055","CS",900,"5 GR",40,24.804361702127661,992.17446808510647,2.7560401891252955E-2,4546949,"HSRCCLS","900/5 GM","N"]
[null,218,"D1075","MARSHMALLOW CRÈME","MARSHMALLOW CREAM FOR CEREAL TREATS TRANS FAT FREE","MALLOWCREME OR APPROVED EQUIVALENT",64708,"CS",8,"33.5 OZ",700,36.872340425531917,25810.638297872341,4.6090425531914896,"4146205","JHS","6/#5","N"]
[null,219,null,"MAYONNAISE  PC","MAYONNAISE INDIVIDUALLY PACKED REDUCED FAT","SPECIFY",null,"CS",500,"12 GR",800,28.372340425531917,22697.872340425532,5.6744680851063836E-2,3718533,"KRAFT","200/7/16OZ","N"]
[null,220,"CTF7025","MAYONNAISE GAL ","MAYONNAISE REGULAR FAT CATERING","SPECIFY",null,"CS",4,"1 GAL",20,56.351063829787236,1127.0212765957447,14.087765957446809,4983920,"SYS CLS","4/1 GAL","N"]
[null,221,"CTF7026","MAYONNAISE PC","MAYONNAISE REGULAR FAT INDIVIDUALLY PACKED CATERING","SPECIFY",null,"CS",200,"12 GR",100,39.844680851063842,3984.468085106384,0.1992234042553192,4219218,"SYS CLS","500/12 GM","N"]
[null,222,"D1076","MILK EVAPORATED","SHELF STABLE MILK IS MADE FROM GRADE A FRESH MILK WHICH HAS BEEN FORTIFIED WITH VITAMINS A AND D","SPECIFY","","CS",6,"10 CN",75,59.170212765957444,4437.765957446808,9.8617021276595747,626986,"MAGNOLA","6/#10","N"]
[null,223,"C1036","MILK LACTOSE FREE","MILK LACTSE FREE AND FAT FREE","LACTAID OR APPROVED EQUIVALENT",6348,"CS",20,"8 oz",100,8.8340425531914875,883.40425531914877,0.4417021276595744,2140040,"DARISTR","12/8OZ","N"]
[null,224,"D1077","MILK SOY","SOY MILK VANILLA MUST MEET USDA REGULATIONS FOR A MILK SUBSITITUTE.","KIKKKOMAN OR APPROVED EQUIVALENT",6184,"CS",24,"8 OZ",100,13.542553191489363,1354.2553191489362,0.56427304964539016,"0177347","SILK","18/8 oz","N"]
[null,225,"CTF7027","MIX BROWNIE","MIX FUDGE BROWNIE NOT WHOLE GRAIN CATERING","CH GUENTER & SON OR APPROVED EQUIVALENT",218207,"CS",6,"5 LB",20,73.363829787234053,1467.2765957446811,12.227304964539009,5913058,"BKRSCLS","6/6LB","N"]
[null,226,"CTF7028","MIX FRUIT PUNCH","FRUIT FLAVORED DRY CRYSTALS DRINK MIX SWEETENED CATERING","SPECIFY",null,"CS",12,"24 OZ",20,35.204255319148935,704.08510638297867,2.9336879432624112,4138590,"SAHAR B","12/24 OZ","N"]
[null,227,"CTF7029","MIX HOT CHOCOLATE","HOT CHOCOLATE MIX POWDERED INDIVIDUAL PACKS CATERING","SPECIFY",null,"CS",6,"50CT",20,61.287234042553195,1225.744680851064,10.214539007092199,1271475,"SWSMISS","6/50 CT","N"]
[null,228,null,"MIX HOT CHOCOLATE SF","HOT CHOCOLATE MIX POWDERED INDIVIDUAL PACKS  SUGAR FREE COFFEE BAR","NESTLE OR APPROVED EQUIVALENT","61411-00","CS",300,"PKG",100,31.232978723404255,3123.2978723404253,0.10410992907801418,4250775,"SWSMISS","6/24 CT","N"]
[null,229,"CTF7030","MIX ICE TEA","MIX UNSWEETENED TEA HIGH YIELD DILUTION RATIO 1:96 CATERING","THIRS-TEA OR APPROVED EQUIVALENT",662,"CS",24,"4 OZ",20,53.776595744680861,1075.5319148936173,2.2406914893617027,4203287,"THRSTEA","24/4 OZ","N"]
[null,230,"CTF7031","MIX LEMONAIDE PINK","PINK LEMONAIDE FLAVORED DRY CRYSTALS SWEETENED CATERING","SPECIFY",null,"CS",12,"2GAL",30,35.385106382978726,1061.5531914893618,2.9487588652482271,4138640,"SAHAR B","12/24 OZ","N"]
[null,231,"CTF7032","MIX LEMONAIDE YELLOW","YELLOW LEMONAIDE FLAVORED DRY CRYSTALS DRINK MIX SWEETENED  CATERING","SPECIFY",null,"CS",12,"2GAL",30,35.204255319148935,1056.127659574468,2.9336879432624112,4138632,"SYS CLS","12/24 OZ","N"]
[null,232,"CTF7064","MUFFIN APPLE PECAN","PRE-BAKED THAW AND SERVE APPLE CINNIMON PECAN TULIP CUP WRAPPER SUPREME  CATERING","OTIS SPUNKMEYER OR APPROVED EQUIVALENT",6245,"CS",24,"4 OZ",5,30.069148936170215,150.34574468085108,1.252881205673759,8068163,"OTSPKMY","24/4 OZ","N"]
[null,233,"CTF7065","MUFFIN BANANA BREAD","PRE-BAKED THAW AND SERVE BANANA BREAD TULIP CUP WRAPPER SUPREME  CATERING","OTIS SPUNKMEYER OR APPROVED EQUIVALENT",1002,"CS",24,"4 OZ",15,26.702127659574472,400.53191489361711,1.1125886524822697,33815,"OTSPKMY","24/4 OZ","N"]
[null,234,null,"MUFFIN BANANA WG","PRE-BAKED AND INDIVIDUALLY PLAIN WRAPPED APPROX 2 OZ EACH.  WHOLE GRAIN EACH MUFFIN MUST PROVIDE A MINUMIM OF 2 GB COMPONENT FOR SBP.  BANANA FLAVORED. ","DAVE'S OR APPROVED EQUIVALENT","WG828","CS",60,"3.15 OZ",1500,31.276595744680851,46914.893617021276,0.52127659574468088,2384240,"DAVE'S","60/3.15OZ","N"]
[null,235,"CTF7066","MUFFIN BLUEBERRY CRUMB","PRE-BAKED THAW AND SERVE BLUEBERRY CRUMB CAKE TULIP CUP WRAPPER SUPREME  CATERING","OTIS SPUNKMEYER OR APPROVED EQUIVALENT",6201,"CS",24,"4 OZ",20,27.765957446808514,555.31914893617022,1.1569148936170215,8068159,"OTSPKMY","24/4 OZ","N"]
[null,236,"F1074","MUFFIN BLUEBRRY IW","PRE-BAKED AND INDIVIDUALLY PLAIN WRAPPED APPROX 2 OZ EACH.  WHOLE GRAIN EACH MUFFIN MUST PROVIDE A MINUMIM OF 2 GB COMPONENT FOR SBP.  BLUEBERRY FLAVORED.","DAVE'S OR APPROVED EQUIVALENT","WG829","CS",60,"3.15 OZ",1500,31.276595744680851,46914.893617021276,0.52127659574468088,2832887,"DAVE'S","60/3.15OZ","N"]
[null,237,"F1075","MUFFIN CHERRY IW","PRE-BAKED AND INDIVIDUALLY PLAIN WRAPPED APPROX 2 OZ EACH.  WHOLE GRAIN EACH MUFFIN MUST PROVIDE A MINUMIM OF 1 GB COMPONENT FOR SBP.  CHERRY FLAVORED. ","DAVE'S OR APPROVED EQUIVALENT","WG841","CS",60,"3.15 OZ",1500,63.829787234042556,95744.680851063837,1.0638297872340425,7059170,"BUENVST","120/3 OZ","N"]
[null,238,"CTF7067","MUFFIN DECADENT CHOCOLATE","PRE-BAKED THAW AND SERVE DECADENT CHOCOLATE CHUNK TULIP CUP WRAPPER SUPREME  CATERING","OTIS SPUNKMEYER OR APPROVED EQUIVALENT",6220,"CS",24,"4 OZ",5,27.521276595744684,137.60638297872342,1.1467198581560285,8068690,"OTSPKMY","24/4 OZ","N"]
[null,239,"F1076","MUFFIN DOUBLE CHOC CHIP IW","PRE-BAKED AND INDIVIDUALLY PLAIN WRAPPED APPROX 2 OZ EACH.  WHOLE GRAIN EACH MUFFIN MUST PROVIDE A MINUMIM OF 2 GB COMPONENT FOR SBP.  CHOCOLATE-CHOCOLATE CHIP FLAVORED.","DAVE'S OR APPROVED EQUIVALENT","WG 845","CS",60,"3.15 OZ",1500,31.276595744680851,46914.893617021276,0.52127659574468088,2384222,"DAVE'S","60/3.15OZ","N"]
[null,240,"CTF7068","MUFFIN TRIPLE BERRY","PRE-BAKED THAW AND SERVE TRIPLE BERRY WHOLE GRAIN TULIP CUP WRAPPER SUPREME  CATERING","OTIS SPUNKMEYER OR APPROVED EQUIVALENT",6230,"CS",24,"4 OZ",10,27.904255319148938,279.04255319148939,1.1626773049645391,8068179,"OTSPKMY","24/4 oz","N"]
[null,241,"D1078","MUSTARD GAL","MUSTARD/PREPARED","SPECIFY","","CS",4,"1 GAL",75,29.819148936170215,2236.4361702127662,7.4547872340425538,6571228,"RED BOY","4/1 GAL","N"]
[null,242,"D1079","MUSTARD PC","MUSTARD PC EASY OPEN TOP","SPECIFY","","CS",500,"5.5 GM",200,12.191489361702128,2438.2978723404258,2.4382978723404256E-2,4394417,"PPI","500/5.5 GM","N"]
[null,243,"D1080","NATURE SEAL","NATURESEAL FRESH FRUIT PRESEVER","NATURESEAL","","CS",4,"3.3 LB",300,338.29787234042556,101489.36170212767,84.574468085106389,1815208,"NATSEAL","4/3.3 LB","N"]
[null,244,"F1077","NOODLES CHOW MEIN","CHOW MEIN WITH VEGETABLES WHOLE GRAIN  A 4.8oz SERVING PROVIDES 1.0 OZ GRAIN EQUIVALENTS.","SPECIFY",null,"CS",6,"5.6 LB",500,25.829787234042556,12914.893617021278,4.3049645390070923,1754607,"YANGS","4/3.5","N"]
[null,245,"D1081","OIL CANOLA","CANOLA OIL FOR FRYING NO TRANS FATS","SPECIFY","","CS",35,"LB",225,39.859361702127657,8968.3563829787236,1.1388389057750758,5061643,"SYS CLS","1/35 LB","N"]
[null,246,"CTF7033","OIL OLIVE","OIL OLIVE EXTRA VIRGIN CATERING","SPECIFY",null,"CS",4,"3LTR",15,163.34042553191489,2450.1063829787236,40.835106382978722,115370,"MARCONI","6/1 GAL","N"]
[null,247,"CTF7034","OLIVES BLACK","RIPE OLIVES MEDIUM PITTED WHOLE  CATERING","SPECIFY",null,"CS",6,"10 CN",100,59.014893617021286,5901.4893617021289,9.8358156028368811,3590999,"AREZCLS","6/#10","N"]
[null,248,"CTF7035","OLIVES GREEN","RIPE OLIVES MEDIUM PITTED WHOLE STUFFED  CATERING","SPECIFY",null,"CS",4,"1 GAL",5,61.325531914893617,306.62765957446811,15.331382978723404,5876075,"SYS IMP","4/1 GAL","N"]
[null,249,"F1078","PANCAKE BREAKFAST SANDWICH","MAPLE SEASONED BEEF SAUSAGE AND PANCAKE SANDWICH - INDIVIDUALLY WRAPPED.  PORTION SIZE 2.61OZ CN LABEL OR PRODUCT ANALYSIS SHEET TO PROVIDE 1OZ M/MA AND 1OZ GRAIN EQ.  MUST MEET FNS REQUIREMENTS ON ALL GRAIN.  CASE PACK 100","INTEGRATED FOOD SERVICE OR APPROVED EQUIVALENT",990120,"CS",100,"2.61 OZ",900,100,90000,1,7078583,"INTEGRA","100/2.61OZ","N"]
[null,250,"F1079","PANCAKE ON A STICK PLAIN BULK","SAUSAGE & PANCAKE ON A STICK WHOLE GRAIN PANCAKE BATTER AROUND A PRE-COOKED GROUND TURKEY & TEXTURED VEGETABLE PROTEIN LINK. CN LABLED EACH 2.85 OZ STICK PROVIDE 1 MEAT/MEAT ALTERNATE & 1 GRAIN EQUIVALENT BULK.","FOSTER FARMS OR APPROVED EQUIVALENT",95121,"CS",56,"2.85 OZ",1500,34.48117021276596,51721.755319148942,0.6157351823708207,4408755,"J DEAN","60/2.51OZ","N"]
[null,251,"F1080","PANCAKES","PANCAKE WHOLE GRAIN RICH - EACH PANCAKE MUST MEET 1 GRAIN","AUNT JEMIMA OR APPROVED EQUIVALENT",43582,"CS",144,"1.14 OZ",16,30.48936170212766,487.82978723404256,0.21173167848699764,"8617575","CMI","144/1.2 OZ","N"]
[null,252,"F1081","PANCAKES BLUEBERRY","PANCAKES MINI BLUEBERRY IW WHOLE GRAIN MUST MEET 2 GRAIN COMPONENT FOR SBP","EGGO OR APPROVED EQUIVALENT",3800092560,"CS",72,3.2,1000,40.01063829787234,40010.638297872341,0.55570330969267134,"2093682","EGGO","72/3.03 OZ","N"]
[null,253,"F1082","PANCAKES CONFETTI","PANCAKES MINI CONFETTI IW WHOLE GRAIN MUST MEET 2 GRAIN COMPONENT FOR SBP","EGGO OR APPROVED EQUIVALENT",3800018574,"CS",72,3.2,1000,32.936170212765958,32936.170212765959,0.45744680851063829,7041945,"EGGO","72/3.03OZ","N"]
[null,254,"F1083","PANCAKES MAPLE","PANCAKES MINI MAPLE BURST IW WHOLE GRAIN MUST MEET 2 GRAIN COMPONENT FOR SBP","PILLSBURY OR APPROVED EQUIVALENT",137732000,"CS",72,3.2,1000,32.936170212765958,32936.170212765959,0.45744680851063829,2098071,"EGGO","72/3.03OZ","N"]
[null,255,null,"PANCAKES MAPLE","PANCAKES MINI MAPLE IW WHOLE GRAIN MUST MEET 2 GRAIN COMPONENT FOR SBP","EGGO OR APPROVED EQUIVALENT",3800092562,"CS",72,3.2,1000,32.936170212765958,32936.170212765959,0.45744680851063829,2098071,"EGGO","72/3.03OZ","N"]
[null,256,"F1084","PANCKAES STRAWBERRY","PANCAKES MINI STRAWBERRY BLAST IW WHOLE GRAIN MUST MEET 2 GRAIN COMPONENT FOR SBP","PILLSBURY OR APPROVED EQUIVALENT",137731000,"CS",72,3.2,1000,32.936170212765958,32936.170212765959,0.45744680851063829,"2098071","EGGO","72/3.03 OZ","N"]
[null,257,"D1082","PASTA ELBOW","ELBOW PASTA DRY REGULAR NOT WHOLE GRAIN","ZEREGA OR APPROVED EQUIVALENT",8001,"CS",2,"10 LB",300,24.553191489361701,{"$f":"IF(L262*K262= 0,\"\",L262*K262)","v":7365.9574468085102},{"$f":"IF(L262/I262= 0,\"\",L262/I262)","v":12.276595744680851},9688367,"BARILLA","2/10 LB","N"]
[null,258,"D1083","PASTA FETUCCINE","FETUCCINE PASTA   10\" DRY REGULAR NOT WHOLE GRAIN","ZEREGA OR APPROVED EQUIVALENT",9722,"CS",2,"10 LB",250,24.553191489361701,6138.2978723404258,12.276595744680851,1627900,"BARILLA","2/10 LB","N"]
[null,259,"CTF7036","PASTA LASAGNA","LASAGNA NOODLE WITH RIDGES ENRICHED TO MEET BREAD REQUIREMENTS NSLP MADE FROM SEMOLINA OR DURUM FLOUR ENRICHED WITH THIAMIN RIBOFLAVIN NIACIN FOLIC ACID AND IRON.  REGULAR NOT WHOLE GRAIN CATERING","SPECIFY",null,"CS",12,"1LB",15,26.404255319148938,396.06382978723406,2.2003546099290783,4278206,"LABELLA","12/1 LB","N"]
[null,260,"D1084","PASTA PENNE","TUBULAR 51% WHOLE GRAIN ENRICHED TO MEET BREAD REQ FOR NSLP ENRICHED WITH THIAMIN RIBOFLAVIN NIACIN FOLIC ACID AND IRON REGULAR NOT WHOLE GRAIN","ZEREGA OR APPROVED EQUIVALENT",10034,"CS",2,"10 LB",45,37.446808510638306,1685.1063829787238,18.723404255319153,1935883,"HRTLND","2/10 LB","N"]
[null,261,"D1085","PASTA SPAGHETTI","SPAGHETTI PASTA   10\" DRY REGULAR NOT WHOLE GRAIN","ZEREGA OR APPROVED EQUIVALENT",8031,"CS",2,"10 LB",500,24.553191489361701,12276.595744680852,12.276595744680851,7967144,"BARILLA","2/10 LB","N"]
[null,262,"CTF7069","PASTRY CINNAMON TWIST","FREEZER-TO-OVEN CINNNAMON ROLL TWIST  CATERING","PILLSBURY OR APPROVED EQUIVALENT",205385000,"CS",52,"4.25 OZ",100,32.372340425531917,3237.2340425531916,0.62254500818330605,2270536,"PILLSBY","52/4.25OZ","N"]
[null,263,"CTF7070","PASTRY DANISH ASSORTED","DANISH ASSORTED 4OZ BULK CATERING","SPECIFY",null,"CS",6,"12CT",50,61.400000000000006,3070.0000000000005,10.233333333333334,1173673,"CHFPIER","6/8 CT","N"]
[null,264,"CTF7037","PICKLE SLICED POUCH","HAMBURGER DILL PICKLE CRINKLE CUT POUCH 1/8 IN GRADE A CATERING","HEINZ",658600,"CS",6,"5.75 LB",650,40.414893617021278,26269.680851063829,6.7358156028368796,7333503,"HEINZ","6/5.75LB","N"]
[null,265,"CTF7038","PICKLE SPEARS CAN","DILL PICKLE SPEARS APPROXIMATELY 3 1/2 - 4 3/4 INCHES LONG US GRADE A CATERING","SPECIFY","","CS",6,"10 CN",400,43.425531914893618,17370.212765957447,7.2375886524822697,4075610,"HEINZ","6/#10","N"]
[null,266,"F1085","PIE SHELLS","PIE SHELLS 9 INCH DEEP","SPECIFY",null,"CS",20,"SHELLS",10,26.542340425531915,265.42340425531916,1.3271170212765957,9792938,"SYS CLS","20/8 OZ","N"]
[null,267,"F1086","PIZZA BREAKFAST SAUSAGE","NARDONE BROS®WHOLE WHEAT SAUSAGE BREAKFAST MUST PROVIDE 1 OZ EQUIVALENT MEAT/MEAT ALERNATE 1.5 OZ EQUIVALENT GRAINS AND 1/8 CUP RED/ORANGE VEGETABLE FOR THE CHILD NUTRITION MEAL PATTERN REQUIREMENTS. COMMERICAL BACK-UP OF COMMODITY PRODUCT OR FOR NOI PRICING","NARDONES BROS OR APPROVED EQUIVALENT","80WS100","CS",80,"3.30 OZ",700,35.106382978723403,24574.468085106382,0.43882978723404253,7025391,"NARDONE","80/3OZ","N"]
[null,268,"F1087","PIZZA STUFFED CRUST CHEESE","WHOLE WHEAT WEDGE STUFFED CRUST CHEESE PIZZA WGR FROZEN BULK PACK FAT GRAMS NOT TO EXCEED 17GM SODIUM NOT TO EXCEED 445MG CN LABEL OR PRODUCT ANALYSIS SHEET TO PROVIDE A MINIMUM 2 MMA AND 2 GRAIN EQ. 1/8 RO VEGETABLE  CASE PACK 70 CT. COMMERICAL BACK-UP OF COMMODITY PRODUCT OR FOR NOI PRICING","NARDONES BROS OR APPROVED EQUIVALENT","72WWSCM2","CS",70,"4.95 OZ",600,56.914893617021278,34148.936170212764,0.81306990881458974,3130912,"NARDONE","70/4.95OZ","N"]
[null,269,"F1088","PIZZA STUFFED CRUST PEPPERONI","WHOLE WHEAT WEDGE STUFFED CRUST COIN PEPPERONI PIZZA.  WGR FROZEN BULK PACK FAT GRAMS NOT TO EXCEED 21GM SODIUM NOT TO EXCEED 665MG CN LABEL OR PRODUCT ANALYSIS SHEET TO PROVIDE A MINIMUM 2 MMA AND 2 GRAIN EQ. 1/8 RO VEGETABLE CASE PACK 70. COMMERICAL BACK-UP OF COMMODITY PRODUCT OR FOR NOI PRICING","NARDONES BROS OR APPROVED EQUIVALENT","C72WWSCMP2","CS",70,"4.95 OZ",600,58.053191489361708,34831.914893617024,0.82933130699088153,1777006,"NARDONE","70/4.95OZ","N"]
[null,270,"F1089","POCKET TURKEY HAM & CHEESE IW","POCKET TURKEY HAM & CHEESE EACH 3.0 OZ MUST MEET 1 M/MA AND 1OZ GRAIN FOR STUDENT NUTRITION BREAKFAST PROGRAM, IW","ALBIE'S OR APPROVED EQUIVALENT",835,"CS",60,"3 OZ",1500,47.585106382978722,71377.659574468082,0.79308510638297869,"835mpc","ALBIES","60/3 OZ.","N"]
[null,271,"D1086","POPTART STRAWBERRY","POP-TART MADE WITH WHOLE GRAIN FROSTED STRAWBERRY.   1.76OZ  MUST MEET 1OZ GRAIN EQUIVALENT. CALORIES SHOULD NOT EXCEED 200  SUGAR SHOULD NOT EXCEED 18G","KELLOGG’S OR APPROVED EQUIVALENT",55130,"CS",120,"1.76 OZ",1000,45.851063829787236,45851.063829787236,0.38209219858156029,445062,"KELLOGG","120/1.69OZ","N"]
[null,272,"F1090","PORK BBQ PATTY","FULLY COOKED FLAMEBROILED RIB SHAPED PORK PATTIE WITH HONEY BBQ SAUCE, 3.25OZ","TYSON OR APPROVED EQUIVALENT",3716,"CS",100,"3.25 OZ",750,73.808510638297875,55356.382978723406,0.73808510638297875,7178415,"ADVPRFD","100/3.25","N"]
[null,273,"F1091","PORK CARNITAS","PORK CARNITAS LOWER SODIUM","BROOKWOOD FARMS OR APPROVED EQUIVALENT",12303,"CS",1,"20 lb",200,55.425531914893625,11085.106382978725,55.425531914893625,"2963992","BROOKWD","2/5 LB","N"]
[null,274,"F1092","PORK DICED COOKED","BONELESS PORK STEW MEAT (1/4\" TRIM) THIS 30 LB. CASE PROVIDES 240 SERVINGS 2.00 OZ EACH. EACH 2.00 OZ SERVING (BY WEIGHT) OF COOKED DICED PORK PROVIDES 2.00 OZ EQUIVALENT MEAT FOR CHILD NUTRITION MEAL PATTERN REQUIREMENTS","SPECIFY",null,"CS",2,"5 LB",25,22.893617021276597,572.34042553191489,11.446808510638299,1664994,"FARMLND","2/5 LB","N"]
[null,275,"F1093","PORK LOIN ROAST","PORK LOIN BONELESS IMPS #413 FROZEN UNCOOKED USDA INSPECTED FRESH PORK LOINS BONELESS SINGLE MUSCLE. ALL SURFACE FAT IN EXCESS OF 1/4\" IN DEPTH SHALL BE REMOVED. NATURAL UNSEASONED NO ADDED SODIUM MSG OR SOLUTIONS PERMITTED SODIUM CONTENT NOT TO EXCEED 100 MG PER 4 OUNCE PORTION.  ACCEPTABLE PACK SIZE: ENCASED & COMMERCIALLY SEALED IN MOISTURE/VAPOR-PROOF POLYFILM 2 TO 6 LOINS PER CASE EACH LOIN TO WEIGH BETWEEN 8-18 LB PACKAGE","SPECIFY",null,"CS",1,"50 lb",40,50.4,2016,50.4,5812427,"BCH BLK","2/11-15#","N","Sysco per pound price is 1.68."]
[null,276,"F1094","PORK SAUSAGE","SAUSAGE PORK BULK","SPECIFY",null,"CS",2,"5 lb",500,20.147553191489362,10073.776595744681,10.073776595744681,1604107,"SYS CLS","2/5 LB","N"]
[null,277,"F1095","PORK SAUSAGE PATTY ","EACH 1.33 OZ COOKED PORK SAUSAGE PATTY PROVIDES 1.00 OZ EQUIVALENT MEAT FOR CHILD NUTRITION MEAL PATTERN REQUIREMENTS LESS THAN 200MG IN SODIUM PER SERVING","JTM OR APPROVED EQUIVALENT","CP54649","CS",360,"1.33 OZ",300,37.712765957446813,11313.829787234044,0.10475768321513003,7925787,"J DEAN","107/1.5 OZ","N"]
[null,278,"F1096","PORK SHREDDED","PULLED PORK BBQ W/ VINEGAR MARINADE/SEMI DRIY LESS THAN 274 MG OF SODIUM PER SERVING CN LABLED THAT EACH 4 OZ SERVING MEETS 2 OZ MEAT EQUIVALENT. COMMERICAL BACK-UP OF COMMODITY PRODUCT OR FOR NOI PRICING","BROOKWOOD FARMS OR APPROVED EQUIVALENT",12302,"CS",4,"5 LB",1010,85.531914893617028,86387.234042553202,21.382978723404257,"7057127C","BROOKWD","8/5 LB","N"]
[null,279,"CTF7071","POTATO BABY BAKERS","BABY BAKER POTATOES WHOLE OVEN ROASTED GARLIC  CATERING","SPECIFY",null,"CS",6,"2.5LB",25,36.156382978723407,903.90957446808522,6.0260638297872342,8461089,"SIMPRST","6/2.5 LB","N"]
[null,280,"F1097","POTATO CRINKLE CUT","BAKABLE REGULAR REDUCED SODIUM CRINKLE FRIES 3/8\" l ≤ 160MG SODIUM PER SERVING CN LABLED","McCAIN OR APPROVED EQUIVALENT","MCF03761","CS",6,"5 LB",1000,46.265957446808514,46265.957446808512,7.710992907801419,6662019,"MCCAIN","6/5LB","N"]
[null,281,"D1087","POTATO HASHBROWN DEHYDRATED"," DEHYDRATED POTATOES ","IDAHOAN OR APPROVED EQUIVALENT","29700 00808","CS",6,"2.125 lb",1200,46.021276595744681,55225.531914893618,7.6702127659574471,143356,"SYS CLS","6/37.5OZ","N"]
[null,282,"F1098","POTATO HASHBROWN PATTIES","2 OVALS PROVIDE 1/2 CUP VEGETABLE EQUIVALENT.","ORE-IDA OR APPROVED EQUIVALENT","OIF00589A","CS",6,"2.8125 lb",1345,22.987234042553194,30917.829787234044,3.8312056737588658,17354,"ORE IDA","120/2.25OZ","N"]
[null,283,"D1088","POTATO PEARLS","POTATO PEARLS NATURE'S OWN MASHED REDUCED SODIUM","BASIC AMERICAN FOODS OR APPROVED EQUIVALENT",10169,"CS",10,"29.3 oz",1500,58.138297872340431,87207.446808510649,5.8138297872340434,"0117341","BASICAM","10/29.3 oz","N"]
[null,284,"F1099","POTATO SPIRAL","BAKABLE SEASONED SPIRALS ≤ 240MG PER SERVING CN LABLED","McCAIN OR APPROVED EQUIVALENT",1000004108,"CS",6,"4 LB",1500,43.170212765957444,64755.319148936163,7.1950354609929077,4295669,"MCCAIN","6/4 LB","N"]
[null,285,"F1100","POTATO STRAIGHT CUT","POTATOES / FRENCH FRIES FROZEN: 10071179036715 SIMPLOT SEASONEDCRISP® SAVORY REDUCED SODIUM 5/16” X 3/8” SC 6/5 LB. 52% LESS SODIUM THAN OUR REGULAR SAVORY THIN CUT FRIES (180MG VS 380MG SODIUM PER 84G REFERENCE AMOUNT). TO BE PACKED TO U.S. GRADE A STANDARDS SKIN-ON 5/16” X 3/8” STRAIGHT CUT POTATOES PROCESSED IN VEGETABLE OIL OVEN-READY PREPARATION.","SIMPLOT OR APPROVED EQUIVALENT","100-71179036715","CS",30,"LB",1000,61.808510638297875,61808.510638297877,2.0602836879432624,7025871,"SIMPLOT","6/5LB","N"]
[null,286,"F1101","POTATO TATER TOTS","TATER TOTS SHAPED POTATOES ZERO GRAMS TRANS FAT OVEN-BAKED.  71G SERVING PROVIDE 1/2 CUP STARCH VEGETABLE FOR THE CHILD NUTRITION MEAL PROGRAM.","MCCAIN FOODSERVICE OR APPROVED EQUIVALENT",1000002789,"CS",6,"5 LB",1000,50.744680851063833,50744.680851063837,8.4574468085106389,"7007549","MCCAIN","6/5LB","N"]
[null,287,"F1102","POTATO WAFFLE CUT","FRENCH FRIES WAFFLE CUT BAKEABLE REDUCED SODIUM ≤ 75MG PER SERVING CN LABLED","McCAIN OR APPROVED EQUIVALENT","OIF01037A","CS",6,"4.5 LB",500,35.110106382978721,17555.053191489362,5.8516843971631198,6291926,"SYS IMP","6/4.5 LB","N"]
[null,288,"F1103","PRETZELS IW","HEARTZELS WHOLE GRAIN WHEAT FLOUR/ENRICHED WHEAT FLOUR RED GOLD MEET 1 OZ GRAIN","ROLD GOLD OR APPROVED EQUIVALENT","000-28400-15940-1","CS",104,".7 OZ",500,34.668085106382982,17334.042553191492,0.33334697217675946,1746093,"ROLGOLD","104/.7 OZ","N"]
[null,289,"D1089","PUMPKIN","100% PURE SOLID PACK U.S. GRADE A OR U.S. FANCY","LIBBY'S OR APPROVED EQUIVALENT","","CS",6,"10 CN",100,68.629787234042553,6862.9787234042551,11.438297872340426,4111498,"SYS IMP","6/10 CT","N"]
[null,290,"CTF7039","RELISH PICKLE DILL","RELISH PICKLE DILL CATERING","SPECIFY",null,"CS",4,"1 GAL",10,33.939361702127663,339.39361702127661,8.4848404255319156,4521456,"BBRLCLS","4/1 GAL","N"]
[null,291,"CTF7040","RELISH PICKLE SWEET","RELISH PICKLE SWEET CATERING","SPECIFY",null,"CS",4,"1 GAL",5,39.775531914893612,198.87765957446805,9.9438829787234031,4041125,"SYS REL","4/1 GAL","N"]
[null,292,"F1104","RICE VEGETABLE FRIED","VEGETABLE FRIED RICE WHOLE GRAIN.  NO MSG ADDED.  5# BAGS","ASIAN FOODS OR APPROVED EQUIVALENT",78001,"CS",8,"5 lb",600,66.159574468085111,39695.744680851065,8.2699468085106389,2351797,"MINH","6/5 LB","N"]
[null,293,null,"RICE WHOLE GRAIN BROWN PARBOILED","RICE LONG GRAIN PARBOILED 51% WHOLE GRAIN TO MEET NSLP BREAD REQ. LONG GRAIN RICE ENRICHED WITH THIAMIN RIBOFLAVIN NIACIN FOLIC ACID AND IRON. VITAMIN D AND CALCIUM MAY BE ADDED. NO 1 GRADE","SPECIFY",null,"BAG",25,"LB",500,15.206382978723404,7603.1914893617022,0.60825531914893616,3939380,"SYS IMP","1/25 LB","N"]
[null,294,"CTF7072","ROLL CINNAMON ","CINNAMON ROLLS FROZEN INDIVIDUALLY BULK PACKED APPROX 3 OZ EACH FREEZER TO OVEN NO PROOFING REQUIRED.  MUST PROVIDE 2 GB IN THE SBP. PILLSBURY SUPREME™ FREEZER-TO-OVEN CINNAMON ROLL 3 OZ  CATERING","PILLSBURY OR APPROVED EQUIVALENT",105358000,"CS",100,"3 OZ",50,40.531914893617028,2026.5957446808513,0.40531914893617027,1826601,"PILLSBY","100/3 OZ","N"]
[null,295,"F1105","ROLL CINNAMON IW","WHITE WHOLE WHEAT HONEY ROLL DOUGH LAYER PACKED WHOLE GRAIN MEETS 2 OZ EQUIVALENT GRAINS","BRIDGEFORD OR APPROVED EQUIVALENT",6737,"CS",180,"2 OZ",3500,24.010638297872344,84037.234042553202,0.13339243498817968,722056,"BRDGFRD","180/2 OZ","N"]
[null,296,"CTF7073","ROLL DINNER WHITE","ROLL DINNER WHITE HEAT & SERVE 1.5OZ CATERING","BRIDGEFORD OR APPROVED EQUIVALENT",6655,"CS",75,"1.5OZ",100,20.000000000000004,2000.0000000000005,0.26666666666666672,"8570210","BRDGFRD","75/2 OZ","N"]
[null,297,"F1106","ROLL HONEY WHEAT","CINNAMON ROLL WHOLE GRAIN RTL IW MEETS 2 GRAINS","BAKE CRAFTERS OR APPROVED EQUIVALENT",1287,"CS",72,"2.8 OZ",2000,24.010638297872344,48021.27659574469,0.33348108747044924,722056,"BRDGFRD","180/2 OZ","N"]
[null,298,"F1107","SANDWICH TURKEY HAM & CHEESE","TURKEY HAM & CHEESE SUB, 5\" MEETS 2 OZ M/MA AND 2 OZ WG EQ FOR NSP","CLASSIC DELIGHT OR APPROVED EQUIVALENT",311,"CS",45,"4.8 OZ",1500,71.59574468085107,107393.6170212766,1.5910165484633572,7059514,"CLSDLGH","45/4.35OZ","N"]
[null,299,"CTF7041","SAUCE A-1","ORIGINAL STEAK SAUCE CATERING","KRAFT OR APPROVED EQUIVALENT","00-54400000200","CS",12,"10 OZ",10,58.253191489361704,582.531914893617,4.8544326241134756,4007522,"A.1.","12/10OZ","N"]
[null,300,null,"SAUCE BBQ GAL","BARBECUE SAUCE ORIGINAL - NO STARCHES OR GUMS. HEAT-PROCESSED TO PROVIDE STABILITY AT ROOM TEMPERATURE. A REDDISH-BROWN SAUCE WITH A BBQ FLAVOR-LOW HEAT LOW SMOKE. ","SWEET BABY RAY'S OR APPROVED EQUIVALENT","SJ0440HF","CS",4,"1 GAL",100,50.851063829787236,5085.1063829787236,12.712765957446809,3369388,"SWTBABY","4/1 GAL","N"]
[null,301,"CTF7042","SAUCE BRISKET MARINADE","SAUCE BRISKET MARINADE  CATERING","CLAUDES OR APPROVED EQUIVALENT",null,"CS",4,"1 GAL",15,90.191489361702139,1352.872340425532,22.547872340425535,7132653,"JINYARB","6/4.6 LB","N"]
[null,302,"F1108","SAUCE CHEESE ALFREDO","ALFREDO SAUCE FROZEN BAGS READY TO HEAT AND SERVE.  PASTEURIZED PROCESS CHEESE.  30 POUND CASE PROVIDES 262 SERVINGS 1.83OZ EACH.   EACH 1.83OZ SERVING PROVIDES 1.00 OZ EQUIVALENT MEAT ALTERNATE FOR CHILD NUTRITION MEAL PATTERN REQUIREMENTS.","JTM OR APPROVED EQUIVALENT",5722,"CS",6,"5 LB ",400,77.276595744680861,30910.638297872345,12.879432624113477,"0748762","JTM","6/5 LB","N"]
[null,303,"F1109","SAUCE CHEESE GOLDEN HATCH","GOLDEN HATCH CHEESE SAUCE PROVIDES 1.00 OZ EQUIVALENT MEAT ALTERNATE FOR CHILD NUTRITION MEAL PATTERN REQUIREMENTS","JTM OR APPROVED EQUIVALENT",5731,"CS",6,"5LB BAG",200,88.031914893617028,17606.382978723406,14.671985815602838,7075451,"JTM","6/5 LB","N"]
[null,304,"F1110","SAUCE CHEESE QUESO BLANCO","CHEESE SAUCE WHITE CHEDDAR W/SALSA VERDE READY TO SERVE 3OZ = 1 MMA.  POUCHES 6/5# FAT GRAMS NOT TO EXCEED 7G.  SODIUM NOT TO EXCEED 600MG","JTM OR APPROVED EQUIVALENT",5718,"CS",6,"5 LB",500,87.553191489361708,43776.595744680853,14.592198581560284,7094442,"JTM","6/5#","N"]
[null,305,"F1111","SAUCE CHEESE THREE","THREE CHEESE SAUCE PROVIDES 1.00 OZ EQUIVALENT MEAT ALTERNATE FOR CHILD NUTRITION MEAL PATTERN REQUIREMENTS","JTM OR APPROVED EQUIVALENT",5730,"CS",6,"5LB",500,87.40425531914893,43702.127659574464,14.567375886524822,7034479,"JTM","6/5 LB","N"]
[null,306,"D1090","SAUCE CHEESE ULTIMATE CHEEDAR","CHEESE SAUCE READY TO SERVE REDUCED FAT CHEDDAR:  CANNED OR POUCHES CHEDDAR 3 OZ = 1MMA.  6/#10 OR POUCHES 6/5#  FAT GRAMS NOT TO EXCEED 10G SODIUM NOT TO EXCEED 570MG.  AVAILABLE FOR NET OFF INVOICE  LAND O LAKES PREFERRED. FOR NOI PRICING","LAND O'LAKES OR APPROVED EQUIVALENT",39940,"CS",6,"5 LB",500,73.063829787234056,36531.914893617031,12.17730496453901,"7196024","LOL","6/106OZ","N"]
[null,307,"D1091","SAUCE CRANBERRY","CRANBERRIES JELLIED U.S. GRADE A OR U.S. FANCY RESEALABLE","OCEAN SPRAY OR APPROVED EQUIVALENT",1401,"CS",6,"101 OZ",75,42.364893617021274,3177.3670212765956,7.0608156028368789,5729967,"SYS IMP","6/#10","N"]
[null,308,"D1092","SAUCE HOT PC","SABOR BY TEXAS PETE MEXICAN HOT SAUCE PC","TEXAS PETE OR APPROVED EQUIVALENT",null,"CS",200,7,1000,57.680851063829792,57680.851063829788,0.28840425531914898,6334603,"TEXPETE","1000/7 GRM","N"]
[null,309,"D1093","SAUCE MANWICH SLOPPY JOE","SAUCE SLOPPY JOE MANWICH","MANWICH OR APPROVED EQUIVALENT","27000-44181","CS",6,"#10 CAN",500,35.297872340425535,17648.936170212768,5.8829787234042561,8459547,"MANWICH","4/#10","N"]
[null,310,"D1100","SAUCE ORANGE","RTU - PRONOUNCED SWEETNESS AND SOURNESS WITH ORANGE FLAVOR. THICK LIGHT BROWN GLAZE","KIKKOMAN OR APPROVED EQUIVALENT","0-1576","CS",4,".5 GAL",250,50.063829787234049,12515.957446808512,12.515957446808512,7063860,"MINOR","4/.5 GAL","N"]
[null,311,"D1094","SAUCE PICANTE","PICANTE SAUCE THICK AND CHUNKY","SPECIFY","","CS",4,"1 GAL",23,38.810638297872345,892.64468085106387,9.7026595744680861,7779814,"CASACLS","4/135 OZ","N"]
[null,312,"D1095","SAUCE PICANTE PC","PICANTE SAUCE PC","SPECIFY","","CS",200,".5 OZ",200,47.957446808510639,9591.489361702128,0.2397872340425532,4897641,"KIKOMAN","6/.5 GAL","N"]
[null,313,"D1096","SAUCE SOY PC","SOY SAUCE INDIVIDUAL PACKETS LOW SODIUM","SPECIFY","","CS",500,"9 GR",150,9.8404255319148941,1476.0638297872342,1.9680851063829788E-2,4960829,"KIKOMAN","200/.3 OZ","N"]
[null,314,"D1097","SAUCE TOMATO","TOMATO SAUCE FROM MATURE WHOLE AND TRIMMED TOMATOES OF GOOD COLOR ARE STRAINED AND PARTIALLY CONCENTRATED BEFORE THEY ARE BLENDED WITH ONIONS, GARLIC, AND OTHER NATURAL FLAVORING TO ACHIEVE A SMOOTH AND FREE FLOWING SAUCE. MAKING FROM CONCENTRATE ASSURES THE COLOR, QUALITY AND CONSISTENCY ARE ALWAYS JUST RIGHT. ZERO TRANS FATS. GLUTEN FREE. LOW SODIUM","RED GOLD OR APPROVED EQUIVALENT","RPKHA99","CS",6,"10 CN",400,31.212765957446809,12485.106382978724,5.2021276595744679,964791,"REDPACK","6/10#","N"]
[null,315,"D1098","SAUCE TOMATO MARINARA","NUTRITIONALLY ENHANCED MARINARA SAUCE 70% LOWER IN SODIUM ","RED GOLD OR APPROVED EQUIVALENT","RPKNA9E","CS",6,"10 CN",500,42.787234042553195,21393.617021276597,7.131205673758866,1362868,"REDPACK","6/# 10","N"]
[null,316,"D1099","SAUCE TOMATO SPAGHETTI ","SPAGHETTI SAUCE NUTRIENT ENHANCED LOW SODIUM","RED GOLD OR APPROVED EQUIVALENT","RPKMA9E","CS",6,"10 LB",750,40.648936170212771,30486.702127659577,6.7748226950354615,6220533,"REDPACK","6/10#","N"]
[null,317,"CTF7043","SAUCE WORCESTERSHIRE","WORCESTERSHIRE SAUCE BULK CATERING","SPECIFY","","CS",4,"1 GAL",5,35.765957446808507,178.82978723404253,8.9414893617021267,4007910,"FRENCHS","4/1 GAL","N"]
[null,318,"D1101","SHELL TACO","WHOLE GRAIN CORN FULLY COOKED TACO SHELL 6\"","MEX ORIG OR APPROVED EQUIVALENT","24850-621","CS",1,"200 CT",500,16.722340425531915,8361.1702127659573,16.722340425531915,6798698,"CASACLS","200/EA","N"]
[null,319,"D1102","SHELL TOSTADA","WHOLE GRAIN CORN FULLY COOKED TOSTADA SHELL 5.5\"","MEX ORIG OR APPROVED EQUIVALENT","23194-621","CS",1,"200 CT",300,16.106382978723406,4831.9148936170222,16.106382978723406,22146015,"MEXORIG","4/50CNT","N"]
[null,320,"D1103","SOUP CREAM OF CHICKEN","HEALTHY REQUEST CONDENSED SOUP CREAM OF CHICKEN","CAMPBELLS OR APPROVED EQUIVALENT",4143,"CS",12,"50 OZ",200,63.574468085106382,12714.893617021276,5.2978723404255321,5044987,"CAMPBEL","12/50 OZ","N"]
[null,321,"D1104","SOUP CREAM OF MUSHROOM","HEALTHY REQUEST CONDENSED SOUP CREAM OF MUSHROOM","CAMPBELLS OR APPROVED EQUIVALENT",4144,"CS",12,"50 OZ",175,39.686170212765951,{"$f":"IF(L326*K326= 0,\"\",L326*K326)","v":6945.0797872340418},{"$f":"IF(L326/I326= 0,\"\",L326/I326)","v":3.3071808510638294},4040382,"CAMPBEL","12/50 OZ","N"]
[null,322,"CTF7044","SOUR CREAM LIGHT","SOUR CREAM LIGHT CATERING","SPECIFY","","CS",2,"5 LB",20,14.431914893617023,288.63829787234044,7.2159574468085115,9094301,"WHLFCLS","2/5 LB","N"]
[null,323,"D1105","SOUR CREAM LIGHT PC","SOUR CREAM LIGHT PC","SPECIFY","","CS",100,"1 OZ",175,null,"","","No Bid",null,null,"N"]
[null,324,"D1106","SPICE BASIL","BASIL LEAF WHOLE LEAF  ","SPECIFY",null,"CS",1,"1.62 LB",63,17.95,1130.8499999999999,17.95,8173397,"IMP/MCC","22 OZ.","N"]
[null,325,"D1107","SPICE BAY LEAVES","BAY LEAVES","SPECIFY",null,"BTL",1,"30 OZ",10,17.244680851063833,172.44680851063833,17.244680851063833,5158502,"IMP/MCC","3/8 OZ.","N"]
[null,326,"D1108","SPICE CHILI","CHILI POWDER LIGHT FINE GRIND MILD  NO OTHER ADDITIVES","BUENO OR APPROVED EQUIVALENT","","BTL",1,"5 LB",150,33.851063829787236,5077.6595744680853,33.851063829787236,4992657,"BUENO","1/5 LB","N"]
[null,327,"D1109","SPICE CINNAMON","CINNAMON GROUND","MCCOMICK'S OR APPROVED EQUIVALENT",null,"BTL",1,"18 OZ",50,5.6,280,5.6,5265451,"SYS CLS","18 OZ","N"]
[null,328,"D1110","SPICE CUMIN","CUMIN","SPECIFY",null,"BTL",1,"4.5 LB",10,21.8,218,21.8,5239561,"SYS CLS","4.5 LB","N"]
[null,329,"D1111","SPICE FAJITA","FAJITA SEASONING AND MARINADE SALT FREE","SPECIFY",null,"BTL",1,"30 OZ",145,10.76,1560.2,10.76,5228788,"IMP/MCC","30 OZ","N"]
[null,330,"D1112","SPICE GARLIC POWDER","GARLIC GRANUATED","SPECIFY",null,"BTL",1,"7.25 LB",175,48.07,8412.25,48.07,5228820,"IMP/MCC","7.25LB","N"]
[null,331,"D1113","SPICE ITALIAN BLEND","ITALIAN BLEND SALT FREE NO MSG","SPECIFY",null,"BTL",1,"9.5 OZ",75,7.7,577.5,7.7,9806472,"IMP/MCC","6.25 Z","N"]
[null,332,"D1114","SPICE LEMON PEPPER","SPICE LEMON PEPPER LOW SODIUM","SPECIFY",null,"EA",1,"1 LB",100,18.100000000000001,1810.0000000000002,18.100000000000001,9904421,"IMP/MCC","19 OZ","N"]
[null,333,"D1115","SPICE MUSTARD DRY","MUSTURD DRY","COLEMAN'S OR APPROVED EQUIVALENT",null,"BTL",1,"14 OZ",60,6.62,397.2,6.62,5229026,"IMP/MCC","1 LB","N"]
[null,334,"D1116","SPICE ONION DEHYDRATED","ONION DEHYDRATED","SPECIFY","","BOX",15,"16 OZ",75,42.031914893617021,3152.3936170212764,2.802127659574468,7356639,"CONAGRA","1/15 LB","N"]
[null,335,"D1117","SPICE ONION POWDER","ONION POWDER","SPECIFY",null,"BTL",1,"6 LB",25,28.79,719.75,28.79,5229117,"IMP/MCC","5.5 LB","N"]
[null,336,"D1118","SPICE OREGANO","OREGANO GROUND COURSE","SPECIFY",null,"BTL",1,"16 OZ",15,9.6199999999999992,144.29999999999998,9.6199999999999992,5229158,"IMP/MCC","13 OZ","N"]
[null,337,"D1119","SPICE PAPRIKA","PAPRIKA SPICE","SPECIFY",null,"BTL",1,"5.5LB",25,16.739999999999998,418.49999999999994,16.739999999999998,5236690,"SYS CLS","4.5 LB","N"]
[null,338,"D1120","SPICE PARSLEY","DEHYDRATED PARSLEY FLAKES ","SPECIFY",null,"BTL",1,"11 0Z",50,10.96,548,10.96,5229265,"IMP/MCC","10 OZ","N"]
[null,339,"D1121","SPICE PEPPER BLACK","BLACK PEPPER GROUND COURSE ","SPECIFY",null,"EA",1,"5 LB",40,71.310638297872345,2852.4255319148938,71.310638297872345,5229273,"IMP/MCC","6/1 LB","N"]
[null,340,"CTF7045","SPICE PEPPER BLACK PC","BLACK PEPPER GROUND COURSE INDIVIDUAL PACKETS CATERING","SPECIFY","","CS",3000,".5 GM",20,26.510638297872344,530.21276595744689,8.8368794326241142E-3,4043295,"SYS CLS","6/1000CT","N"]
[null,341,"D1122","SPICE PEPPER WHITE","WHITE PEPPER GROUND COURSE ","SPECIFY",null,"BTL",1,"5 lb",20,6.57872340425532,131.57446808510639,6.57872340425532,5327459,"SYS CLS","6/18 OZ.","N"]
[null,342,"D1123","SPICE POULTRY","POULTRY SEASONING SALT FREE ","SPECIFY",null,"BTL",1,"10 OZ",15,34.925531914893618,523.88297872340422,34.925531914893618,4242673,"MAGIC","4/24 OZ","N"]
[null,343,"D1124","SPICE PUMPKIN PIE","PUMPKIN PIE SPICE  CINNAMON GINGER NUTMEG ALLSPICE AND SULFATING AGENTS.","MCCOMICK'S OR APPROVED EQUIVALENT",5210032310,"CS",6,"1 LB",225,98.351063829787236,22128.98936170213,16.391843971631207,4069316,"MC CORM","6/16 OZ","N"]
[null,344,"D1125","SPICE SAGE","SAGE GROUND ","SPECIFY",null,"BTL",1,"18 OZ",10,0.32,3.2,0.32,5229638,"IMP/MCC","11 OZ","N"]
[null,345,"D1126","SPICE SALT","SALT TABLE EVAPORATED IODIZED","SPECIFY","","BAG",25,"LB",60,6.103191489361703,366.19148936170217,0.24412765957446811,4540373,"SYS CLS","1/25 LB","N"]
[null,346,"D1127","SPICE SALT FREE","SEASONING 100% SALT FREE ONION, SPICES (BLACK PEPPER, PARSLEY, CELERY SEED, BASIL, BAY MARJORAM, OREGANO, SAVORY, THYME, CAYENNE PEPPER, CORIANDER, CUMIN, MUSTARD, ROSEMARY), GARLIC, CARROT, ORANGE PEEL, TOMATO, LEMON JUICE POWDER, CITRIC ACID, OIL OF LEMON","MRS. DASH OR APPROVED EQUIVALENT",605021603287,"CS",1,"21 OZ",500,15.67,7835,15.67,9904268,"IMP/MCC","20 OZ","N"]
[null,347,"D1128","SPICE SALT KOSHER","SALT KOSHER","DIAMOND CRYSTAL OR APPROVED EQUIVALENT",null,"CS",12,"LB",10,34.212765957446805,342.12765957446805,2.8510638297872339,1995125,"MORTON","12/3 LB","N"]
[null,348,"CTF7046","SPICE SALT PC","SALT TABLE EVAPORATED IODIZED PC CATERING","SPECIFY","","CS",6000,".5 GM",15,12.741489361702129,191.12234042553195,2.1235815602836882E-3,4123196,"SYS CLS","6/1000CT","N"]
[null,349,"D1129","SPICE STEAK BLEND","MONTREAL STEAK SEASONING SALT FREE","SPECIFY",null,"BTL",1,"7 LB",85,59.077659574468093,5021.6010638297876,59.077659574468093,6639553,"IMP/MCC","6/29 Z","N"]
[null,350,"D1130","SPICE TACO","TACO SEASONING SALT FREE","SPECIFY","","CS",6,"6.6 OZ",150,8.8699999999999992,1330.4999999999998,1.4783333333333333,5229752,"IMP/MCC","24 OZ","N"]
[null,351,"D1131","STUFFING","UNCLE BEN'S CLASSIC CORNBREAD STUFFING MIX BLEND OF 2 KINDS OF BREAD CRUMBS SEASONINGS AND FLAVORS.","UNCLE BEN’S OR APPROVED EQUIVALENT",13508,"CS",6,"3.5 LB",110,69.40425531914893,7634.4680851063822,11.567375886524822,"7191123","UNC BEN","6/56OZ","N"]
[null,352,"D1132","SUGAR","SUGAR GRANULATED EXTRA FINE","SPECIFY","","BAG",25,"LB",80,20.267021276595749,1621.36170212766,0.81068085106382992,5087572,"SYS CLS","1/25 LB","N"]
[null,353,"D1133","SUGAR BROWN","SUGAR BROWN NED 10X","SPECIFY","","CS",24,"2 LB",15,29.878723404255318,448.18085106382978,1.2449468085106383,5123054,"DOMINO","12/2 LB","N"]
[null,354,"D1134","SUGAR PC","SUGAR PURE CANE PACKET","SPECIFY",null,"CS",2000,"0.1 OZ",5,12.49255319148936,62.462765957446805,6.2462765957446804E-3,4000899,"SYS CLS","2000/1/10OZ","N"]
[null,355,"D1135","SUGAR PC ARTIFICIAL SWEETENER ","ARTIFICIAL SWEETENER INDIVIDUAL PACKETS ","SPECIFY","","CS",2500,"CT",5,11.947872340425535,59.739361702127674,4.7791489361702138E-3,6115315,"SWTPLUS","2000/1 GM","N"]
[null,356,"CTF7047","SUGAR POWDERED","SUGAR POWDERED 6X CATERING","SPECIFY","","BAG",1,"25 LB",7,22.902127659574468,160.31489361702128,22.902127659574468,1854678,"SYS CLS","1/25 LB","N"]
[null,357,"D1136","SYRUP PC","MAPLE FLAVORED. READY TO SERVE PORTION CONTROL CUP 1.4OZ TO 1.6OZ SERVING SIZE    ","SPECIFY",null,"CS",100,"1.4-1.5 OZ",2000,13.477659574468086,26955.319148936174,0.13477659574468087,4908299,"SMUCKER","100/1.4 OZ","N"]
[null,358,"D1137","TAJIN PC","SEASONING TAJIN LOW SODIUM PC","TAJIN OR APPROVED EQUIVALENT",null,"CS",1000,".05 OZ",200,53.276595744680854,10655.319148936171,5.3276595744680855E-2,7011742,"TAJIN","1000/1 GRAM","N"]
[null,359,null,"TAMALES CHICKEN GREEN CHILE","TAMALE CHICKEN GREEN CHILE NO FILLERS 0G TRANS FAT HEAT & SERVE MEETS NEW MEXICO GROWN REQUIREMENTS","BUENO OR APPROVED EQUIVALENT","1370-3","CS",60,"3 OZ",1000,38.904255319148938,38904.255319148935,0.64840425531914891,2198224,"BUENO","60/3 OZ.","N"]
[null,360,null,"TAMALES PORK RED CHILE","TAMALE PORK RED CHILE NO FILLERS 0G TRANS FAT HEAT & SERVE MEETS NEW MEXICO GROWN REQUIREMENTS","BUENO OR APPROVED EQUIVALENT","1375-3","CS",60,"3 OZ",1000,46.180851063829785,46180.851063829781,0.76968085106382977,8797425,"BUENO","1/5 DZ","N"]
[null,361,"D1138","TOMATO DICED","TOMATOES DICED GRADE A LOW SODIUM (140 MILLIGRAMS OF SODIUM OR LESS PER SERVING).","SPECIFY",null,"CS",6,"10 CN",600,33.606382978723403,20163.829787234041,5.6010638297872335,"3896446","ANG MIA","6/10#","N"]
[null,362,"D1139","TOMATO PASTE","TOMATO PASTE 26% SOLID HEAVY CONCENTRATION NET WEIGHT 114 OZ GRADE A LOW SODIUM (140 MILLIGRAMS OF SODIUM OR LESS PER SERVING).","SPECIFY","","CS",6,"10 CN",300,47.914893617021278,14374.468085106384,7.9858156028368796,4072666,"FULLRED","6/111 OZ","N"]
[null,363,"F1112","TORNADO STEAK AND CHEESE","SHREDDED RANCHERO STEAK AND CHEESE WHOLE GRAIN RUIZ  144/2.79OZ","RUIZ FOODS OR APPROVED EQUIVALENT",86585,"CS",144,"2.79 OZ",500,19.446808510638299,9723.4042553191484,0.13504728132387708,"0869172","ELMNTRY","24/3 oz","N"]
[null,364,"C1041","TORTILLA CORN","6” WHITE CORN MADE FROM CORN FLOUR OR MEAL - MADE FROM ENRICHED CORN MEAL.  EACH SHELL MUST BE A MINIMUM OF 25 GRAMS TO MEET 1 GB IN THE NSLP.","MISSION OR APPROVED EQUIVALENT",10630,"CS",60,"12 CT",250,16.372340425531917,4093.0851063829791,0.27287234042553193,7437724,"NMFOODS","4/10 DZ","N"]
[null,365,null,"TORTILLA CORN STREET 4.5\"","4.5\" CORN TORTILLA","MISSION OR APPROVED EQUIVALENT",73731071519,"CS",12,"12CT",2000,21,42000,1.75,8815086,"LA BAND","6/80 CT","N"]
[null,366,"CTF7006","TORTILLA FLOUR  10\"","10\" FLOUR TORTILLA FOR BURRITOS   NOT WHOLE GRAIN CATERING","BUENO OR APPROVED EQUIVALENT",null,"CS",12,"12 CT",4000,21.074468085106382,84297.872340425529,1.7562056737588652,961193,"NMFOODS","12/12 CT","N"]
[null,367,"CTF7007","TORTILLA FLOUR  6\"","6\" FLOUR TORTILLA FOR SOFT TACOS/FAJITAS  NOT WHOLE GRAIN CATERING","BUENO OR APPROVED EQUIVALENT",null,"CS",12,"12CT",100,12.776595744680851,1277.6595744680851,1.0647163120567376,961219,"NMFOODS","12/12 CT","N"]
[null,368,"C1042","TORTILLA FLOUR 6\" WG","6\" WHOLE WHEAT FLOUR WHOLE GRAIN - FRESH","NM FOODS OR APPROVED EQUIVALENT",3523783021,"CS",12,"12 CT",2400,12.031914893617023,28876.595744680853,1.0026595744680853,2992085,"NMFOODS","1/12 DOZ","N"]
[null,369,"C1043","TORTILLA FLOUR 9\" WG","9’ WHOLE WHEAT FLOUR MUST BE UNIFORM IN SIZE - MADE FROM ENRICHED FLOUR UNIFORM IN SIZE AND A MINIMUM OF 54 GRAMS TO MEET 2 GB IN THE NSLP WHOLE GRAIN - FRESH","NM FOODS OR APPROVED EQUIVALENT",3523783021,"CS",12,"12 CT",3800,17.819148936170215,67712.765957446813,1.4849290780141846,2992107,"NMFOODS","12/1DOZ","N"]
[null,370,"F1113","TURKEY BREAST DELI","SLICED OVEN ROASTED REDUCED SODIUM BY 30% .5 OZ SLICE FROZEN COMMERICAL BACK-UP OF COMMODITY PRODUCT OR FOR NOI PRICING","JENNY O OR APPROVED EQUIVALENT ",2099,"CS",12,"1 LB",600,49.404255319148938,29642.553191489362,4.1170212765957448,2528636,"JENNIEO","12/1 LB","N"]
[null,371,"F1114","TURKEY HAM DELI","SLICED 5% WATER ADDED NATURALLY LEAN REDUCED SODIUM BY 26% 94% FAT FREE .51 OZ SLICE FROZEN CN LABLED COMMERICAL BACK-UP OF COMMODITY PRODUCT OR FOR NOI PRICING","JENNY O OR APPROVED EQUIVALENT ",2565,"CS",12,"1 LB",700,48.765957446808514,34136.170212765959,4.0638297872340425,1126184,"JENNIEO","12/1 LB","N"]
[null,372,"F1115","TURKEY ROAST","U.S. GRADE A FROZEN ROASTS PREPARED FROM BREAST MEAT THIGH MEAT AND SKIN OF YOUNG READY-TO-COOK TURKEYS WITH WATER SALT AND SODIUM PHOSPHATES ADDED. ROASTS ARE AT LEAST 47% BREAST MEAT WITH A MAXIMUM OF 34% THIGH MEAT AND 12.5% SKIN. THE ROASTS IN ONE CONTAINER WILL NOT VARY MORE THAN 2 LB PER ROAST. EACH ROAST WILL BE 9 TO 17 INCH IN LENGTH AND 4 TO 7 INCH IN DIAMETER AND WILL BE TIED OR PLACED IN COTTON NETTING. (4) 8-12 POUNDS PER CASE COMMERICAL BACK-UP OF COMMODITY PRODUCT OR FOR NOI PRICING","SPECIFY",null,"LB",4,"8-12 LBS",100,3.3627659574468081,336.27659574468083,0.84069148936170202,1141332,"SYS CLS","2/9-12#","N"]
[null,373,"F1116","TURKEY SAUSAGE PATTY","SAUSAGE PATTY FORMED FULLY COOKED REDUCED FAT TURKEY SAUSAGE PATTIES 2.5” ONE 1.5 OZ. PATTY PROVIDES 1 OZ. PROTEIN EQUIVALENT LESS THAN 320 MG OF SODIUM","JENNY O OR APPROVED EQUIVALENT ",100124,"CS",133,"1.22 OZ",150,35.234042553191486,5285.1063829787226,0.26491761318189089,4819039,"J DEAN","106/1.5 OZ","N"]
[null,374,"D1140","VANILLA","VANILLA IMITATION FLAVOR NO ALCOHOL","SPECIFY","","CS",6,"32 OZ",5,27.998936170212765,139.99468085106383,4.6664893617021272,5239389,"SYS CLS","6/32 OZ","N"]
[null,375,"F1117","VEG BROCCOL FROZEN","VEGETABLEBROCCOLI CUTS FROZEN GRADE A","SPECIFY","","CS",12,"2.5 LB",350,42.697340425531912,14944.069148936169,3.5581117021276594,6988265,"SYS REL","12/2.5 LB","N"]
[null,376,"F1118","VEG CALIFORNIA BLEND","CALIFORNIA BLEND/ FROZEN GRADE A CARROTS BROCCOLI CAULIFLOWER","SPECIFY","","CS",20,"LB",50,30.012446808510642,1500.622340425532,1.5006223404255321,3831542,"SYS CLS","1/30 LB","N"]
[null,377,"F1119","VEG CARROTS DICED","CARROTS FROZEN GRADE A DICED","SPECIFY",null,"CS",1,"30 LB",375,31.427234042553195,11785.212765957449,31.427234042553195,3960358,"SYS REL","1/30 LB","N"]
[null,378,"F1120","VEG CARROTS SLICED","CARROTS FROZEN GRADE A","SPECIFY",null,"CS",20,"LB",75,33.744680851063833,2530.8510638297876,1.6872340425531918,3959335,"SYS CLS","1/30 LB","N"]
[null,379,"F1121","VEG CHILE GREEN HOT","GREEN CHILE HOT DICED FROZEN","M A SONS, BUENO OR APPROVED EQUIVALENT",null,"CS",6,"3.5 LB",600,27.308510638297875,16385.106382978724,4.5514184397163122,7867692,"BUENO","5/5 LB","N"]
[null,380,"F1122","VEG CHILE GREEN MILD","GREEN CHILE FROZEN DICED MILD","M A SONS, BUENO OR APPROVED EQUIVALENT","","CS",5,"5 LB",1200,28.76595744680851,34519.148936170212,5.7531914893617024,7161342,"YOUNGUN","5/5 LB","N"]
[null,381,"F1123","VEG CHILE RED HOT","RED CHILE PUREE  HOT  FROZEN","M A SONS, BUENO OR APPROVED EQUIVALENT",null,"CS",6,"3.5 LB",150,35.521276595744681,5328.1914893617022,5.9202127659574471,7006520,"YOUNGUN","5/5 LB","N"]
[null,382,"F1124","VEG CHILE RED MILD","RED CHILE PUREE MILD FROZEN","M A SONS, BUENO OR APPROVED EQUIVALENT","","CS",6,"3.5 LB",250,38.797872340425535,9699.468085106384,6.4663120567375891,2601250,"BUENO","6/56 OZ","N"]
[null,383,"D1141","VEG CORN CANNED","US GRADE B VACUUM PACKED LOW SODIUM (140 MILLIGRAMS OF SODIUM OR LESS PER SERVING).","SPECIFY","","CS",6,"10 CN",600,40.081914893617025,24049.148936170215,6.6803191489361708,4015665,"SYS REL","6/#10","N"]
[null,384,"F1125","VEG CORN FROZEN","CORN SWEET WHOLE KERNEL: FROZEN TO MEET THE STANDARD U. S. GRADE A  YELLOW OR GOLDEN TO BE PACKED IN POLY BAG LINER IN CASES WITH POLY BAG \"TUCKED\" TO COMPLETELY COVER AND PROTECT THE PRODUCT FROM FREEZER BURN. 20#","SPECIFY",null,"CS",1,"20 LB",1000,24.811702127659572,24811.702127659573,24.811702127659572,3533486,"SYS CLS","1/30 LB","N"]
[null,385,"F1126","VEG FAJITA BLEND","VEGETABLE BLEND FAJITA ONIONS GREEN & RED PEPPERS","CLASSIC OR APPROVED EQUIVALENT",74662,"CS",12,"32 OZ",500,37.336489361702128,{"$f":"IF(L390*K390= 0,\"\",L390*K390)","v":18668.244680851065},{"$f":"IF(L390/I390= 0,\"\",L390/I390)","v":3.1113741134751773},2183960,"SYS CLS","12/2 LB","N"]
[null,386,"CTF7074","VEG GREEN BEAN WHOLE FROZEN","GREEN BEANS WHOLE FROZEN GRADE A CATERING","SPECIFY",null,"CS",6,"4 LB",15,41.82,627.29999999999995,6.97,1259530,"SYS CLS","12/2.5 LB","N"]
[null,387,"D1142","VEG GREEN BEANS CANNED","GREEN BEANS4 SIEVE CUT 1 ¼ GRADE B LOW SODIUM (140 MILLIGRAMS OF SODIUM OR LESS PER SERVING).","SPECIFY","","CS",6,"10 CN",1800,33.561702127659572,60411.063829787228,5.5936170212765957,4062394,"SYS CLS","6/#10","N"]
[null,388,"F1127","VEG GREEN BEANS FROZEN","GREEN BEANS FROZEN GRADE A","SPECIFY",null,"CS",1,"20 LB",1000,38.608723404255322,38608.723404255325,38.608723404255322,3533064,"SYS REL","1/30 LB","N"]
[null,389,"F1128","VEG OKRA BREADED","OKRA CUT BREADED: IF TO MEET THE STANDARD OF U. S. GRADE A. PRE-BROWNED OVEN READY. CN LABEL OR PRODUCT ANALYSIS SHEET REQUIRED. 4/5#","TASTY BRAND OR APPROVED EQUIVALENT",null,"CS",4,"5 LB",300,31.679787234042553,9503.9361702127662,7.9199468085106384,6648190,"STILWEL","4/5 LB","N"]
[null,390,"F1129","VEG ONION RINGS BREADED","ONION RINGS BREADED 6/2#: IF CHOPPED AND FORMED PRE-BROWNED OVEN READY IF. PROVIDE 1/4 CUP V/F AND 1 G/B SERVING. CN LABEL OR PRODUCT ANALYSIS SHEET REQUIRED. IDENTIFY FAT GRAMS PER 6 PIECE SERVING.","TASTY BRAND OR APPROVED EQUIVALENT",null,"CS",6,"2 LB",400,81.063829787234056,32425.531914893621,13.510638297872342,1580834,"TASTY B","6/5 LB","N"]
[null,391,"D1143","VINEGAR","","SPECIFY","","CS",4,"1 GAL",110,16.480851063829789,1812.8936170212769,4.1202127659574472,5321468,"SYS REL","6/1 GAL","N"]
[null,392,"F1130","WAFFLE BLUEBERRY IW","WAFFLE MINI BLUEBERRY IW MUST MEET 2 WG EQUIVILENT","PILLSBURY OR APPROVED EQUIVALENT",132264000,"CS",72,"2.2 OZ",1000,32.202127659574465,32202.127659574464,0.44725177304964536,2173379,"PILLSBY","72/2.47OZ","N"]
[null,393,"F1131","WAFFLE CHOCOLATE CHIP IW","WAFFLE CHOCOLATE CHIP IW EACH 2.40 OZ SERVING PROVIDES 2.00 EQ GRAINS FOR NSP","TASTY BRAND OR APPROVED EQUIVALENT",55702,"CS",96,"2.40 OZ",850,52.361702127659576,44507.446808510642,0.54543439716312059,7222836,"TASTY B","96 ea","N"]
[null,394,"F1132","WAFFLE MAPLE BULK","MAPLE WHOLE GRAIN EACH 1.4OZ WAFFLE PROVIDES 1 GRAIN EQUIVALENT.  51% WHOLE GRAIN","BAKE CRAFTERS OR APPROVED EQUIVALENT",1556,"CS",1,"144ct",600,32.021276595744688,19212.765957446813,32.021276595744688,7002737,"BAKCRFT","144/1.4 oz","N"]
[null,395,"F1133","WAFFLE MAPLE IW","WAFFLE MINI MAPLE MADNESS IW MUST MEET 2 WG EQUIVILENT","PILLSBURY OR APPROVED EQUIVALENT",132265000,"CS",72,"2.47 OZ",1000,33.202127659574472,33202.127659574471,0.46114066193853431,2173365,"PILLSBY","72/2.47OZ","N"]
[null,396,"CTF7048","WALNUTS","WALNUTS CHOPPED CATERING","SPECIFY",null,"CS",3,"2 LB",135,25.148936170212767,3395.1063829787236,8.3829787234042552,4645388,"SYS CLS","3/2 LB","N"]
[null,397,"D1144","WATER BOTTLED","BOTTLED WATER PURIFIED","NESTLE OR APPROVED EQUIVALENT",null,"CS",24,"20 0Z",4500,6.2478723404255305,28115.425531914887,0.26032801418439711,9901031,"NIAGARA","40/16.9OZ","N"]
[null,398,"D1145","WATER GALLON","WATER SPRING","SPECIFY",null,"CS",6,"GAL",800,7.3723404255319149,5897.8723404255315,1.2287234042553192,7006187,"SFSPRGS","6/1 GAL","N"]
[null,399,"C1044","WHIPPED TOPPING CAN","WHIPPED TOPPING NON-DAIRY CAN LIKE REDI WHIP","SPECIFY",null,"CS",12,"13 OZ",25,27.469148936170217,686.72872340425545,2.2890957446808513,2223921,"DARISTR","12/15OZ","N"]
[null,400,"D1146","WHIPPED TOPPING MIX","WHIPPED TOPPING NON-DAIRY DRY POWDER MIX","SPECIFY","","CS",12,"16 OZ",60,21.226595744680857,1273.5957446808513,1.7688829787234048,4204004,"SYS CLS","12/12 OZ","N"]
[null,401,"CTF7008","YOGURT BULK PLAIN","NON-FAT BULK CATERING","SPECIFY",null,"CS",6,"30 OZ",55,14.659574468085106,806.27659574468078,2.4432624113475176,1373414,"DANNON","6/32 OZ","N"]
[null,402,"C1045","YOGURT CUPS BLUEBERRY","NON-FAT INDIVIDUAL CUPS","UPSTATE FARMS OR APPROVED EQUIVALENT",9816,"CS",48,"4 OZ",500,19.053191489361705,9526.5957446808516,0.3969414893617022,4409975,"UPSTATE","48/4 OZ","N"]
[null,403,"C1046","YOGURT CUPS CHERRY VANILLA","NON-FAT INDIVIDUAL CUPS","UPSTATE FARMS OR APPROVED EQUIVALENT",9819,"CS",48,"4 OZ",500,17.489361702127663,8744.6808510638311,0.36436170212765967,2328391,"DANNON","6/32 OZ","N"]
[null,404,"C1047","YOGURT CUPS RASPBERRY","NON-FAT INDIVIDUAL CUPS","UPSTATE FARMS OR APPROVED EQUIVALENT",9817,"CS",48,"4 OZ",1000,19.053191489361705,19053.191489361703,0.3969414893617022,4420055,"UPSTATE","48/4 OZ","N"]
[null,405,"C1048","YOGURT CUPS RASPBERRY/CHERRY","NON-FAT INDIVIDUAL CUPS","DANNON CREAMY OR APPROVED EQUIVALENT",1956,"CS",48,"4 OZ",1000,19.053191489361705,19053.191489361703,0.3969414893617022,4420055,"UPSTATE","48/4 OZ","N"]
[null,406,"C1049","YOGURT CUPS STRAWBERRY BANANA","NON-FAT INDIVIDUAL CUPS","UPSTATE FARMS OR APPROVED EQUIVALENT",9820,"CS",48,"4 OZ",1000,19.053191489361705,19053.191489361703,0.3969414893617022,4420204,"UPSTATE","48/4 OZ","N"]
[null,407,"C1050","YOGURT IN A BAG","YOGURT IN A BAG VANILLA","YOPLAIT PARFAITPRO OR APPROVED EQUIVALENT",16632000,"CS",6,"64 OZ",400,29.095744680851066,11638.297872340427,4.8492907801418443,6472502,"YOPLAIT","6/4 LB","N"]

{"sheet":"El Charro","index":5,"n_rows":412,"n_cols":19,"rows_kept":412,"cut":false,"hidden":true,"merged":[[3,23,4,23],[3,24,4,24],[3,25,4,25],[3,26,4,26],[3,15,4,15],[3,16,4,16],[3,17,4,17],[3,18,4,18],[3,21,4,21],[3,22,4,22],[3,14,4,14],[2,1,2,4],[2,8,2,10],[2,11,2,14],[3,1,4,1],[3,2,4,2],[3,3,4,3],[3,4,4,4],[3,5,4,5],[3,6,4,6],[3,7,4,7],[3,8,4,9],[3,10,4,10],[3,11,4,11],[3,12,4,12],[3,13,4,13],[0,1,0,4],[0,8,0,10],[0,11,0,14],[1,1,1,4],[1,8,1,10],[1,11,1,14]]}
[null,"ROSWELL INDEPENDENT SCHOOL DISTRICT",null,null,null,null,null,null,"Vendor Name:",null,null," El Charro Mexican Food Industries"]
[null,"CAFETERIA FOOD BID 23-06 FOR SCHOOL YEAR 2023-24",null,null,null,null,null,null,"Vendor Contact",null,null,"Susie Snyder"]
[null,"MUST BE RECEIVED BY MAY 4, 2023 ON CD-R OR FLASH DRIVE  \nSEALED WITH SUPPORTING DOCUMENTS",null,null,null,null,null,null,"Date",null,null,"2023-05-01"]
[null,"ITEM","STOCK ID","ITEM","DESCRIPTION","Approved Brand","Product Code or UPC","BID UNIT","CASE PACK",null,"EST USAGE","BID UNIT PRICE","Extended Total","per UNIT price","VENDOR STOCK NO","BRAND NAME","PACK SIZE","SPECIAL ORDER\nYES  NO","BIDDERS NOTES"]
[]
[null,1,"D1000","APPLESAUCE CANNED","APPLESAUCE GRADE B FANCY NATURAL COLOR UNSWEETENED MUST MEET BUY AMERICAN REQUIREMENTS","SPECIFY","","CS",6,"10 CN",400," ",{"$f":"IF(L6*K6= 0,\"\",L6*K6)","v":{"$error":"#VALUE!"}},{"$f":"IF(L6/I6= 0,\"\",L6/I6)","v":{"$error":"#VALUE!"}}]
[null,2,"D1001","APPLESAUCE CUPS CINNAMON","CINNAMON UNSWEETENED APPLESAUCE MUST PROVIDE 1/2 CUP FRUIT EQUIVALENT UNDER THE NSLP.  100% ALL NATURAL INGREDIENTS SHELF-STABLE FOR 18 MONTHS NO HIGH FRUCTOSE CORN SYRUP OR ADDED SUGAR FAT FREE 100% VITAMIN C","SPECIFY",null," CS",96,"4.5 OZ",600,null,"",""]
[null,3,"D1002","APPLESAUCE CUPS PEACH","PEACH UNSWEETENED APPLESAUCE MUST PROVIDE 1/2 CUP FRUIT EQUIVALENT UNDER THE NSLP.  100% ALL NATURAL INGREDIENTS SHELF-STABLE FOR 18 MONTHS NO HIGH FRUCTOSE CORN SYRUP OR ADDED SUGAR FAT FREE 100% VITAMIN C","SPECIFY",null," CS",96,"4.5 OZ",600,null,"",""]
[null,4,"D1003","APPLESAUCE CUPS PLAIN","PLAIN UNSWEETENED APPLESAUCE MUST PROVIDE 1/2 CUP FRUIT EQUIVALENT UNDER THE NSLP.  100% ALL NATURAL INGREDIENTS SHELF-STABLE FOR 18 MONTHS NO HIGH FRUCTOSE CORN SYRUP OR ADDED SUGAR FAT FREE 100% VITAMIN C","SPECIFY",null," CS",96,"4.5 OZ",600,null,"",""]
[null,5,"D1004","APPLESAUCE CUPS STRAWBERRY","PLAIN UNSWEETENED APPLESAUCE MUST PROVIDE 1/2 CUP FRUIT EQUIVALENT UNDER THE NSLP.  100% ALL NATURAL INGREDIENTS SHELF-STABLE FOR 18 MONTHS NO HIGH FRUCTOSE CORN SYRUP OR ADDED SUGAR FAT FREE 100% VITAMIN C","SPECIFY",null," CS",96,"4.5 OZ",600,null,"",""]
[null,6,"CTF7049","AVACADO PULP","AVACADO PULP FROZEN CATERING","SPECIFY",null,"CS",12,"1LBS",70,null,"",""]
[null,7,"F1000","BACON PIECES","BACON ENDS & PIECES","SPECIFY","","CS",12,"3 LB",425,null,"",""]
[null,8,"F1001","BACON PRE-COOKED","FULLY COOKED AND READY TO EAT - SIMPLY WARM & SERVE  100% REAL BACON","HORMEL OR APPROVED EQUIVALENT",3729,"CS",1,300,500,null,"",""]
[null,9,"CTF7050","BACON SLICED THICK","BACON THICK SLICED  CATERING","SPECIFY",null,"CS",15,"LB",30,null,"",""]
[null,10,"CTF7051","BACON SLICED THIN","BACON THIN SLICED CATERNG","SPECIFY",null,"CS",15,"LB",15,null,"",""]
[null,11,"F1002","BAGEL BLUEBERRY","BAGEL WG BLUEBERRY SLICED IW MUST BE WHOLE GRAIN RICH AND PROVIDE 2.0OZ GRAIN EQUIVALENTS.  PORTION TO PROVIDE AT LEAST 115 CALORIES WITH NO MORE THAN 2 GRAMS OF FAT. ","BAKE CRAFTERS OR APPROVED EQUIVALENT",696,"CS",84,"2 OZ",450,null,"",""]
[null,12,"F1003","BAGEL PLAIN","BAGEL WG BLUEBERRY IW MUST BE WHOLE GRAIN RICH AND PROVIDE 2.0OZ GRAIN EQUIVALENTS.  PORTION TO PROVIDE AT LEAST 115 CALORIES WITH NO MORE THAN 2 GRAMS OF FAT. ","BAKE CRAFTERS OR APPROVED EQUIVALENT",982,"CS",84,"2 OZ",450,null,"",""]
[null,13,"D1005","BAKING SODA","SODIUM BICARBONATE","SPECIFY","","CS",24,"1 LBS",60,null,"",""]
[null,14,"F1004","BAR BREAKFAST APPLE","BREAKFAST BAR APPLE THAT MEET 2OZ WG AND 1/2C FRUIT FOR CHILD NUTRITIONAL MEAL PATTERN","DAVE'S OR APPROVED EQUIVALENT",4014,"CS",64,"3 OZ",1000,null,"",""]
[null,15,"F1005","BAR BREAKFAST BANANA CHOCOLATE","INDIVIDUALLY WRAPPED 51% WHOLE GRAIN BANANA CHOCOLATE CHUNK","BeneFIT OR APPROVED EQUIVALENT",40402,"CS",48,"2.5 OZ",1650,null,"",""]
[null,16,"F1006","BAR BREAKFAST BLUEBERRY","BREAKFAST BAR BLUEBERRY THAT MEET 2OZ WG AND 1/2C FRUIT FOR CHILD NUTRITIONAL MEAL PATTERN","DAVE'S OR APPROVED EQUIVALENT",4014,"CS",64,"3 OZ",1000,null,"",""]
[null,17,"F1007","BAR BREAKFAST COCOA CHIP","INDIVIDUALLY WRAPPED 51% WHOLE GRAIN COCOA CHIP","BeneFIT OR APPROVED EQUIVALENT",40406,"CS",48,"2.5 OZ",1650,null,"",""]
[null,18,"F1008","BAR BREAKFAST OATMEAL CHOCOLATE","INDIVIDUALLY WRAPPED 51% WHOLE GRAIN OATMEAL CHOCOLATE CHIP","BeneFIT OR APPROVED EQUIVALENT",40401,"CS",48,"2.5 oz",1650,null,"",""]
[null,19,"F1009","BAR OATMEAL BLUEBERRY","BLUEBERRY OATMEAL BARS 2.04 OZ  51% WHOLE GRAIN MEET 2 OZ GRAIN EQUIVALENT","DARLINGTON SNACKS OR APPROVED EQUIVALENT",75600,"CS",160,"2.4 OZ",1000,null,"",""]
[null,20,"C1000","BASE BEEF","GRADE A TO CONTAIN BEEF LOW SODIUM- PASTE NON-CAKING READY TO DISSOLVE BEEF FLAVORED NO MSG","SPECIFY","","CS",12,"1 LBS",200,null,"",""]
[null,21,"C1001","BASE CHICKEN","GRADE A TO CONTAIN CHICKEN LOW SODIUM - PASTE NON-CAKING READY TO DISSOLVE CHICKEN FLAVORED NO MSG","SPECIFY","","CS",12,"1 LBS",200,null,"",""]
[null,22,"CTF7009","BASE CHICKEN KNORR","CHICKEN FLAVORED BOUILLON CATERING","KNORR OR APPROVED EQUIVALENT",116300,"BTL",1,"7.9 LB",5,null,"",""]
[null,23,"C1002","BASE HAM","GRADE A TO CONTAIN HAM LOW SODIUM - PASTE NON-CAKING READY TO DISSOLVE BEEF FLAVORED NO MSG","SPECIFY","","CS",12,"1 LBS",300,null,"",""]
[null,24,"D1006","BEANS BAKED","REDUCED SODIUM VEGETARIAN BAKED BEANS","BUSHS BEST OR APPROVED EQUIVALENT",null,"CS",6,"#10 CANS",1500,null,"",""]
[null,25,"D1007","BEANS GARBANZO","BRINE PACK. GARBANZO BEANS WATER SALT VINEGAR DISODIUM EDTA (TO PROMOTE COLOR AND RETENTION) AND CALCIUM CHLORIDE (A FIRMING AGENT).","SPECIFY",null,"CS",6,"10 LB",65,null,"",""]
[null,26,"CTF7010","BEANS KIDNEY ","CATERING",null,null,"CS",6,"#10 CAN",50,null,"",""]
[null,27,"D1008","BEANS PINTO CANNED","PINTO BEANS WHOLE STYLE SEASONED VEGETARIAN CANNED IN BRINE US GRADE B  LOW SODIUM (140 MILLIGRAMS OF SODIUM OR LESS PER SERVING)","BUSH'S OR APPROVED EQUIVALENT","","CS",6,"10 CN",1300,null,"",""]
[null,28,"D1009","BEANS PINTO DRY","US #1 GRADE A CURRENT CROP 98% CLEAN FREE OF WEEVILS DIRT AND ROCKS.  TRIPLE CLEANED.","SPECIFY","","LB",50,"LBS",250,null,"",""]
[null,29,"D1010","BEANS RANCH","PINTO BEANS WATER TOMATO PUREE LESS THAN 2% BLEND OF VEGETABLE OILS AND ANIMAL FAT SALT CHILI PEPPERS SUGAR PAPRIKA VINEGAR SPICES ONION POWDER GARLIC POWDER NATURAL FLAVORINGS SOY LECITHIN LOW SODIUM (140 MILLIGRAMS OF SODIUM OR LESS PER SERVING)","RANCH STYLE OR APPROVED EQUIVALENT",4690000116,"CS",6,"10 CN",300,null,"",""]
[null,30,"D1011","BEANS REFRIED","DEHYDRATED JUST ADD WATER TO COOK AND SERVE UNSEASONED. US GRADE A","SANTIAGO OR APPROVED EQUIVALENT",10166,"CS",6,"28.1 OZ",300,null,"",""]
[null,31,"CTF7052","BEEF BRISKET","BEEF PACKER TRIM VACCUUM PACKED LARGE 14-22 LB CATERING","SPECIFY","","LB",1,"LB",2000,null,"",""]
[null,32,"CTF7053","BEEF CHICKEN FRIED STEAK","EXCLUSIVE CUT™ WHOLE MUSCLE BEEF. BATTERED WITH A BUTTERMILK BLEND BREADED WITH A FLOUR-BASED BREADING. CATERING","ADVANCE/PIERRE OR APPROVED EQUIVALENT",4541,"CS",40,"4 OZ",25,null,"",""]
[null,33,"F1010","BEEF FAJITA STRIPS","FORMED BEEF SEASONED FULLY COOKED AND SLICED INTO 3/8-INCH STRIPS. SOY ADDED. CHAR MARKED.","ADVANCE/PIERRE OR APPROVED EQUIVALENT",56001,"CS",2,"5 LB",100,null,"",""]
[null,34,"F1011","BEEF GROUND 85/15","100 % BEEF, GROUND, RAW, FROZEN, UNSEASONED FINE GRIND 85/15 LEAN/FAT RATIO, NO FILLERS, MEET NEW MEXICO GROWN REQUIREMENTS, LESS THAN 100MG SODIUM PER 3OZ SERVING, INDIVIDUALLY WRAPPED 5 PACKS/10 POUNDS","NEW MEXICO'S BEST OR APPROVED EQUIVALENT","NMB8515GB","CS",5,"10#",2000,null,"",""]
[null,35,"F1012","BEEF PATTY","FULLY COOKED BEEF PATTIES, EACH 3.00 OZ FULLY COOKED BEEF PATTY PROVIDES 2.50 OZ EQUIVALENT MEAT FOR NSL, NO FILLERS, MEET NEW MEXICO GROWN REQUIREMENTS, LESS THAN 100MG SODIUM PER 3OZ SERVING","NEW MEXICO'S BEST OR APPROVED EQUIVALENT","NMB8020BPSFC","CS",195,"3 OZ",600,null,"",""]
[null,36,"F1013","BEEF PHILLY STEAK","FULLY COOKED COOKED SLICED STEAK LESS THAN 230MG SODIUM PER SERVING","ADVANCE/PIERRE OR APPROVED EQUIVALENT",69249,"CS",170,"2.82 OZ",200,null,"",""]
[null,37,"F1014","BEEF SHREDS","BEEF SHREDS, EACH 2.36OZ MEET 2M/MA FOR NSLP NO FILLERS, MEET NEW MEXICO GROWN REQUIREMENTS, LESS THAN 100MG SODIUM PER 3OZ SERVING","NEW MEXICO'S BEST OR APPROVED EQUIVALENT","NMBBSFC","CS",5,"10 LB",600,null,"",""]
[null,38,"F1015","BEEF STEAK FINGERS WG","BEEF STRIP, FULLY COOKED, BREADED, NO FILLERS, MEET NEW MEXICO GROWN REQUIREMENTS, LESS THAN 100MG SODIUM PER 3.6 OZ SERVING","NEW MEXICO'S BEST OR APPROVED EQUIVALENT","NMB8020BSSBSFC","CS",534,".9 oz",450,null,"",""]
[null,39,"F1016","BEEF STEAK PATTIE BREADED","BEEF PATTY, BREADED, FULLY COOKED, EACH 3.2 OZ PATTY PROVIDES 2OZ EQUIVALENT MEAT/MEAT ALTERNATE FOR NSLP, NO FILLERS, MEET NEW MEXICO GROWN REQUIREMENTS, LESS THAN 100MG SODIUM PER 3.2 OZ SERVING","NEW MEXICO'S BEST OR APPROVED EQUIVALENT","NMB8020BPBSFC","CS",150,"3.2 oz",400,null,"",""]
[null,40,"F1017","BISCUIT WG","HONEY WHOLE WHEAT HEAT & SERVE PRE-SLICED MEET 2 OZ/GR","BRIDGEFORD OR APPROVED EQUIVALENT",6270,"CS",100,"2.25 OZ",400,null,"",""]
[null,41,"CTF7054","BISCUIT WHITE BUTTERMILK","BISCUIT OLD SOUTH BUTTERMILK PRE-SLICED FULLY COOOKED 2.25 OZ CATERING","BRIDGEFORD OR APPROVED EQUIVALENT",6170,"CS",100,"2.25 OZ",300,null,"",""]
[null,42,"F1018","BOLI STRAWBERRY","BOLI STRAWBERRY WG IW EACH 3.24 OZ PROVIDES 2.00 OZ EQ GRAINS OR NSP","TASTY BRAND OR APPROVED EQUIVALENT",53205,"CS",96,"3.24 OZ",850,null,"",""]
[null,43,"F1019","BOLI SWEET","BOLI STRAWBERRY WG IW EACH 3.24 OZ PROVIDES 2.00 OZ EQ GRAINS OR NSP","TASTY BRAND OR APPROVED EQUIVALENT",53204,"CS",96,"3.24 OZ",850,null,"",""]
[null,44,"F1020","BOLILLO CHORIZO & CHEESE","BOLLIOS, CHORIZO & CHEESE, BULK,  EACH BOLILLO MUST MEET 1.5OZ GRAIN AND 1 M/MA FOR STUDENT NUTRITION PROGRAM","ARDELLA'S  OR APPROVED EQUIVALENT",10014,"CS",72,"3.35 OZ",900,null,"",""]
[null,45,"F1021","BREAD BANANA SLICE ","3.4OZ (96G) FROZEN IW THAW & SERVE CONTAINS ZERO TRANS-FAT > 51% WHOLE WHEAT FLOUR NON-DAIRY NO ARTIFICIAL COLORS FLAVORS OR PRESERVATIVES.  MUST CONFORM TO USDA CHILD NUTRITION PROGRAM SPECIFICATIONS AND MEET 2 SERVINGS OF GRAIN.","SUPER BAKERY OR APPROVED EQUIVALENT",6071,"CS",70,"3.4 OZ",1200,null,"",""]
[null,46,"F1022","BREAD LEMON","3.4OZ (96G) FROZEN IW THAW & SERVE CONTAINS ZERO TRANS-FAT > 51% WHOLE WHEAT FLOUR NON-DAIRY NO ARTIFICIAL COLORS FLAVORS OR PRESERVATIVES.  MUST CONFORM TO USDA CHILD NUTRITION PROGRAM SPECIFICATIONS AND MEET 2 SERVINGS OF GRAIN.","SUPER BAKERY  OR APPROVED EQUIVALENT",7507,"CS",70,"3.4OZ",1200,null,"",""]
[null,47,"F1023","BREADSTICK","WHITE WHOLE WHEAT CHEESY GARLIC BREADSTICK DOUGH FROZEN RAW PROOF AND BAKE WHOLE GRAIN FLOUR CHEESE AND GARLIC FLAVORED.  EACH STICK MUST PROVIDE A MINUMIM OF 1GB COMPONENT FOR NSLP","BRIDGEFORD OR APPROVED EQUIVALENT",6787,"CS",320,"1.125 oz",1500,null,"",""]
[null,48,"F1024","BREADSTICK CHEESE FILLED WG","BREAKSTICK CHEESE FILLED WG EACH BREADSTICK MEETS 1M/MA FOR CHILD NUTRITION MEAL PATTERN","CLASSIC DELIGHT OR APPROVED EQUIVALENT","A33045","CS",112,"2 OZ",800,null,"",""]
[null,49,"F1025","BREAKFAST ROUNDS","CINNAMON AND BROWN SUGAR BREAKFAST ROUND IW MUST MEET 2 GRAIN FOR SBP","UBR/RICH'S OR APPROVED EQUIVALENT",8733,"CS",126,"2.2 OZ",1000,null,"",""]
[null,50,"F1026","BURRITO","BEEF BEAN AND CHEESE BURRITO. A RED CHILI BEEF BEAN AND TEXTURED VEGETABLE PROTEIN FILLING WRAPPED IN A FLOUR TORTILLA. BURRITOS SHALL BE UNIFORMLY ROLLED WITH A UNIFORM DISTRIBUTION OF FILLING. NO EXESSIVELY FLATTENED OR IRREGULAR SHAPED PRODUCT.","BUTCHERBOY/POSADA OR APPROVED EQUIVALENT",1020001,"CS",72,"4 OZ",1000,null,"",""]
[null,51,"F1027","BURRITO BEAN & CHEESE de CHILE RELLENO","BURRITO -FROZEN BEAN & CHEESE DE CHILE RELLENO-REFRIED BEANS TOPPED WITH MEXICAN STYLE RICE WITH RED SALSA WITH POBLANO CHILE AND PEPPER JACK CHEESE ON A WHOLEWHEAT FLOUR TORTILLA. EACH 7.66 OZ. BURRITO PROVIDES 2.00 OZ MEAT ALTERNATE AND 1/8 CUP OTHER VEGETABLE AND 2.25 OZ EQV GRAIN OR 1.00 OZ MEAT ALTERNATE AND 1/8 CUPOTHER VEGETABLE AND 1/4 CUP LEGUME VEGETABLE AND 2.25 OZ EQV GRAIN TOWARDS THE NSLP, WHOLE GRAIN RICH FLOUR TORTILLA. CN LABELED. BURRITOS ARE HAND-WRAPPED INOVENABLE FOIL SHEETS. 36 COUNT. PREPARATION INSTRUCTIONS INCLUDED ON BOX. NO MORE THAN 700 MG SODIUM, LESS THAN 15% CALORIES FROM SATURATED FAT, 0 TRANS FAT. NOLESS THAN 400 KCAL. HAND HELD, FULLY COOKED. HEAT & SERVE.-VEGETARIAN. CABO PRIMO BRAND 71683","LOS CABOS OR APPROVED EQUIVALENT",71683,"CS",36,"7.66 OZ",600,null,"",""]
[null,52,"F1028","BURRITO PRE-FRIED BULK"," 4.75 OZ. CHEESE BEEF BEAN & RED CHILI BURRITO FULLY COOKED GROUND BEEF RED CHILI SAUCE AMERICAN CHEESE PINTO BEANS WRAPPED IN A WHOLE GRAIN RICH BLEND OF WHEAT AND CORN FLOUR TORTILLA 16g PROTEIN PER SERVING CN LABELED - SERVES 2 OZ. M/MA & 2 OZ. EQUIVALENT GRAINS PRE-FRIED","FERNANDO'S OR APPROVED EQUIVALENT",21072,"CS",72,"4.75 oz",1000,null,"",""]
[null,53,"D1012","BUTTER ALTERNATIVE","PHASE® ZERO TRANS NO SODIUM LIQUID BUTTER ALTERNATIVE","PHASE OR APPROVED EQUIVALENT",13688,"CS",3,"GAL",200,null,"",""]
[null,54,"C1008","BUTTERMILK BAKING 1%","BUTTERMILK BAKING 1%","SPECIFY",null,"CS",4,"GAL",100,null,"",""]
[null,55,"D1013","CEREAL BLUEBERRY CHEX 2OZ","BLUEBERRY CHEX AND SWEETENED RICE GLUTEN-FREE CEREAL. THIS READY-TO-EAT CUP PROVIDES CONVENIENT PORTION CONTROL AND ROOM FOR MILK. WHOLE GRAIN RICE – FIRST INGREDIENT. MEETS 2 OUNCE EQUIVALENT GRAINS USDA SMART SNACK CRITERIA AND IS CACFP ELIGIBLE.","GENERAL MILLS OR APPROVED EQUIVALENT",17262000,"CS",60,"2 OZ",500,null,"",""]
[null,56,"D1014","CEREAL CHEERIOS 1 OZ","READY TO EAT CEREALS: BOWL PACK WHOLE GRAIN OATS RINGS. MUST MEET 1G EQUIVALENCY FOR SBP","GENERAL MILLS OR APPROVED EQUIVALENT",32262000,"CS",96,"1 oz",250,null,"",""]
[null,57,"D1015","CEREAL CINNAMON CHEX 1 OZ","CINNAMON CHEX™ IS MADE WITH REAL CINNAMON AND SWEETENED RICE GLUTEN-FREE CEREAL. THIS READY-TO-EAT CUP PROVIDES CONVENIENT PORTION CONTROL AND ROOM FOR MILK. WHOLE GRAIN RICE – FIRST INGREDIENT. MEETS 2 OUNCE EQUIVALENT GRAINS USDA SMART SNACK CRITERIA AND IS CACFP ELIGIBLE.","GENERAL MILLS OR APPROVED EQUIVALENT",14883000,"CS",60,"2 OZ",500,null,"",""]
[null,58,"D1016","CEREAL CINNAMON TOAST 1 OZ","READY TO EAT CEREALS: BOWL PACK WHOLE GRAIN 25% LESS SUGAR CINNAMON TOAST SQUARES. MUST MEET 1G EQUIVALENCY FOR SBP","GENERAL MILLS OR APPROVED EQUIVALENT",294440000,"CS",96,"1 OZ",250,null,"",""]
[null,59,"D1017","CEREAL CINNAMON TOAST 2OZ","READY TO EAT CEREALS: BOWL PACK WHOLE GRAIN 25% LESS SUGAR CINNAMON TOAST SQUARES. MUST MEET 2G EQUIVALENCY FOR SBP","GENERAL MILLS OR APPROVED EQUIVALENT",148861000,"CS",60,"2 OZ",1000,null,"",""]
[null,60,"D1018","CEREAL COCOA PUFFS 2OZ","READY TO EAT CEREALS: BOWL PACK WHOLE GRAIN COCOA PUFFS REDUCED SUGAR MUST MEET 2 GRAIN EQUIVALENCY FOR SBP","GENERAL MILLS OR APPROVED EQUIVALENT",148854000,"CS",60,"2 OZ",1000,null,"",""]
[null,61,"D1019","CEREAL CREAM OF WHEAT","HOT CEREALS: ENRICHED PLAIN BULK QUICK COOK CREAM OF WHEAT WHOLE GRAIN. MUST MEET 1G EQUIVALENCY FOR SBP","SPECIFY","","CS",12,"28 OZ",10,null,"",""]
[null,62,"D1020","CEREAL LUCKY CHARMS 2OZ","READY TO EAT CEREALS: BOWL PACK WHOLE GRAIN WITH MARSHMALLOWS ASSORTED BERRY PUFFS REDUCED SUGAR. MUST MEET 2G EQUIVALENCY FOR SBP","GENERAL MILLS OR APPROVED EQUIVALENT",148847000,"CS",60,"2 OZ",200,null,"",""]
[null,63,"D1021","CEREAL OATMEAL","OATS ROLLED INSTANT ENRICHED DRY","SPECIFY","","CS",12,"42 OZ",20,null,"",""]
[null,64,"D1022","CEREAL RICE KRISPIES BULK","RICE BULK WHOLE GRAIN  PLAIN PUFFS. MUST MEET 1G EQUIVALENCY FOR SBP","SPECIFY",null,"CS",4,"35 OZ",900,null,"",""]
[null,65,"C1009","CHEESE AMERICAN SLICED","CHEESE AMERICAN PROCESSED SLICED 1/2 OUNCE EACH UNWRAPPED.  REDUCED FAT REDUCED SODIUM PRE-SLICED YELLOW  AMERICAN PROCESSED CHEESE.  IMITATION OR CHEESE BLENDS NOT ACCEPTED.  FAT GRAMS NOT TO EXCEED 2G PER SLICE SODIUM NOT TO EXCEED 210MG PER SLICE.  1 SLICE/.5OZ   .5OZMMA  6/5#LAND O LAKES PREFERRED - AVAILABLE FOR NET OFF INVOICE. FOR NOI PRICING","BONGARDS OR APPROVED EQUIVALENT",111371,"CS",6,"5 LB",675,null,{"$f":"IF(L70*K70= 0,\"\",L70*K70)","v":""},{"$f":"IF(L70/I70= 0,\"\",L70/I70)","v":""}]
[null,66,"C1010","CHEESE CHEDDAR SHREDDED","CHEESE CHEDDAR SHREDDED REDUCED FAT REDUCED SODIUM MILD NO IMITATION ENZYMES AND ARTIFICIAL COLORING MAY BE ADDED.  PASTEURIZED PLEASING ODOR AND FLAVOR SATISFACTORY MELTABILITY.  FAT GRAMS NOT TO EXCEED 4.5G SODIUM NOT TO EXCEED 90MG.  4/5# AVAILABLE FOR NET OFF INVOICE. FOR NOI PRICING","BONGARDS OR APPROVED EQUIVALENT",755191,"CS",4,"5 LB",600,null,"",""]
[null,67,"CTF7000","CHEESE COTTAGE","COTTAGE CHEESE SMALL CURD  CATERING","SPECIFY","","CS",1,"5 LB",75,null,"",""]
[null,68,"CTF7001","CHEESE CREAM BLOCK","CREAM CHEESE BLOCK CATERING","SPECIFY","","CS",10,"3 LB",20,null,"",""]
[null,69,"C1011","CHEESE CREAM PLAIN PC",".75 OZ PLAIN CREAM CHEESE PLASTIC PORTION CONTROL CUP","KRAFT OR APPROVED EQUIVALENT",61089,"CS",100,".75 OZ",900,null,"",""]
[null,70,"C1012","CHEESE CREAM STRAWBERRY PC","1OZ STRAWBERRY CREAM CHEESE CUP.  PLASTIC PORTION CONTROL CUP.","KRAFT OR APPROVED EQUIVALENT",72683,"CS",100,"1 OZ",900,null,"",""]
[null,71,"C1013","CHEESE FETA ","FETA CHEESE CRUMBLES","SPECIFY",null,"CS",4,"2.5 LB",50,null,"",""]
[null,72,"C1014","CHEESE MOZZARELLA SHREDDED","CHEESE MOZZARELLA SHREDDED:  PART-SKIM 100% MOZZARELLA SHREDDED.  FAT GRAMS NOT TO EXCEED 6G  SODIUM NOT TO EXCEED 160MG. 1OZ SERVING MUST EQUAL 1OZ M/MA.  4/5#","LAND O'LAKES OR APPROVED EQUIVALENT",41698,"CS",4,"5 LB",270,null,"",""]
[null,73,"C1015","CHEESE PEPPER JACK SLICES","CHEESE SLICED PEPPER JACK NO IMITATION REDUCED FAT LOW SODIUM LOW FAT 160 CT","SPECIFY",null,"CS",4,"5 LB",50,null,"",""]
[null,74,"C1016","CHEESE PROVOLONE SLICES","CHEESE SLICED NO IMITATION REDUCED FAT & SODIUM 160 CT","SPECIFY",null,"CS",4,"5 LB",50,null,"",""]
[null,75,"F1029","CHEESE STICK BREADED","CHEESE STICKS WG BREADED INDIVIDUALLY FROZEN. 6 STICKS PROVIDE 2 OZ EQUIVALENT MEAT ALTERNATE AND 2 OZ GRAINS.","RICH'S OR APPROVED EQUIVALENT",65220,"CS",8,"3 LB",500,null,"",""]
[null,76,"C1017","CHEESE STICK MARBLE IW","CHEESE REDUCED FAT & SODIUM MARBLE IW  FOR NOI PRICING","BONGARDS OR APPROVED EQUIVALENT",402931,"CS",168,"1 OZ",300,null,"",""]
[null,77,"C1018","CHEESE STRING IW","CHEESE: WHITE REDUCED FAT & SODIUM PORTION STICKS STRING PASTEURIZED LOW MOISTURE PART SKIM MOZZARELLA IW FOR NOI PRICING","BONGARDS OR APPROVED EQUIVALENT",402951,"CS",168,"1 OZ",300,null,"",""]
[null,78,"C1019","CHEESE SWISS SLICES","SWISS CHEESE SLICES REDUCED FAT PRESLICED EASY TO SEPARATE.  EACH SLICE 14G.  2 SLICES PROVIDES 1 M/MA FOR THE CHILD NUTRITION MEAL PROGRAM.","LAND O'LAKES OR APPROVED EQUIVALENT",null,"CS",8,"1.5 LB",50,null,"",""]
[null,79,"F1030","CHICKEN ASIAN CHERRY BLOOSOM","FULLY COOKED CHICKEN CHUNKS WHOLE GRAIN SWEET AND SOUR CHERRY ASIAN STYLE","ASIAN FOODS OR APPROVED EQUIVALENT",72005,"CS",6,"7.15 LB",500,null,"",""]
[null,80,"CTF7055","CHICKEN BREAST RAW","CHICKEN UNCOOKED BREAST BONELESS SKINLESS WHITE 6 OZ SIZE  CATERING","SPECIFY",null,"CS",4,"5LB",25,null,"",""]
[null,81,"D1023","CHICKEN BROTH","100% NATURAL CHICKEN BROTH LOW SODIUM THANKSGIVING ONLY","SWANSON OR APPROVED EQUIVALENT",null,"CS",12,"49 oz",50,null,"",""]
[null,82,"F1031","CHICKEN DICED","FULLY COOKED DICED NO ADDED SPICES","SPECIFY",null,"CS",2,"5 LBS",300,null,"",""]
[null,83,"F1032","CHICKEN DRUMSTICK BBQ","FULLY COOKED BBQ GLAZED DRUMSTICK MUST MEET 2.5OZ M/MA FOR NSLP NO ANTIBIOTICS","TYSON OR APPROVED EQUIVALENT",10264350928,"CS",95,"3.24 OZ",600,null,"",""]
[null,84,"F1033","CHICKEN DRUMSTICK BREADED","FULLY COOKED BREADED DRUMSTICK MUST MEET 2 M/MA AND .75 OZ GRAIN FOR NSLP","TYSON OR APPROVED EQUIVALENT",16660100928,"CS",92,"3.31 OZ",700,null,"",""]
[null,85,"F1034","CHICKEN FAJITA STRIPS","FAJITA STRIPS CHICKEN SEASONED FULLY COOKED. EACH 2.47 OZ MEETS 2OZ M/MA FOR NSLP.","PILGRIM'S OR APPROVED EQUIVALENT",1250,"CS",159,"3 OZ",800,null,"",""]
[null,86,"F1035","CHICKEN FILET","FULLY COOKED WHOLE MUSCLE CHICKEN FILETS-CN LABELED EACH SERVING PROVIDED 2OZ M/MA AND 1 OZ GRAIN FOR NSLP","PILGRIM'S OR APPROVED EQUIVALENT",7516,"CS",122,"3.95 OZ",100,null,"",""]
[null,87,"F1036","CHICKEN NUGGET","FULLY COOKED WG  BREADED CN LABELED WHOLE MUSCLE 5 NUGGETS PROVIDE 2 OZ MEAT/MEAT ALTERNATIVE AND 1 GRAIN SERVING FOR NSLP COMMERICAL BACK-UP OF COMMODITY PRODUCT OR FOR NOI PRICING","GOLK KIST FARMS OR APPROVED EQUIVALENT",7518,"CS",101,"3.9 OZ",600,null,"",""]
[null,88,"F1037","CHICKEN PATTY BREADED","FULLY COOKED WG BREADED CN LABELED EACH PATTY PROVIDES 2 OZ MEAT/MEAT ALTERNATIVE AND 1 GRAIN SERVING. ","GOLD KIST FARMS OR APPROVED EQUIVALENT",665400,"CS",158,"3.03 OZ",450,null,"",""]
[null,89,"F1038","CHICKEN PATTY BREADED SPICY","FULLY COOKED HOT N SPICY BREADED CHICKEN BREAST FILETS","TYSON OR APPROVED EQUIVALENT",10383140928,"CS",40,"3.95 OZ",300,null,"",""]
[null,90,"F1039","CHICKEN PATTY GRILLED","FULLY COOKED GRILLED CHICKEN BREASTS 4OZ PATTY NO ANTIBIOTICS","TYSON OR APPROVED EQUIVALENT",10000039685,"CS",40,"3.95 OZ",300,null,"",""]
[null,91,"F1040","CHICKEN POPCORN SMACKERS WG","WHOLE GRAIN BREADED FULLY COOKED CN LABELED POPCORN CHICKEN PRODUCED FROM USDA 100103 DARK MEAT COMMODITY CHICKEN. NO ADDED SOY PROTEIN. BATTER BREADED WITH WHOLE GRAIN AND ENRICHED WHEAT FLOUR. TEN POPCORN PIECES @ 0.43 OZ EACH GUARANTEED BY CN LABEL TO PROVIDE 2 OUNCES MEAT/MEAT ALTERNATIVE AND 1 GRAIN SERVINGS. PRODUCT TO PROVIDE ZERO GRAMS TRANS FATS. CONTAINS: MILK SOY WHEAT.  COMMERICAL BACK-UP OF COMMODITY PRODUCT OR FOR NOI PRICING","GOLD KIST FARMS OR APPROVED EQUIVALENT",110458,"CS",104,"4.23 OZ",900,null,"",""]
[null,92,"F1041","CHICKEN STRIP WG","WHOLE GRAIN HOMESTYLE BREADED FULLY-COOKED CN LABELED CHICKEN STRIPS PRODUCED FROM USDA 100103 NATURAL PROPORTION WHITE AND DARK MEAT COMMODITY CHICKEN WITH ISOLATED SOY PROTEIN. STRIPS ARE BATTER BREADED WITH WHOLE GRAIN WHEAT FLOUR HOMESTYLE BREADING. THREE STRIPS PROVIDE 2 OZ. MEAT/MEAT ALTERNATIVE AND 1 GRAIN SERVING. PRODUCT TO PROVIDE ZERO GRAMS TRANS FATS. COMMERICAL BACK-UP OF COMMODITY PRODUCT OR FOR NOI PRICING","GOLD KIST FARMS OR APPROVED EQUIVALENT",7527,"CS",107,"4.50 OZ",900,null,"",""]
[null,93,"D1024","CHILI HOT DOG","HOT DOG CHILI.  HEARTY CHUNKS OF LEAN BEEF AND PLUMP TENDER BEANS","LIBBY'S OR APPROVED EQUIVALENT",null,"CS",6,"#10 CANS",800,null,"",""]
[null,94,"D1025","CHIPS BAKED CHEETOS CRUNCHY","CHIPS BAKED CRUNCHY CHEETOS","FRITO LAY OR APPROVED EQUIVALENT","000-28400-21642-5","CS",104,".875 OZ",472,null,"",""]
[null,95,"D1026","CHIPS BAKED DORITOS ","CHIPS BAKED DORITOS NACHO CHEESE","FRITO LAY OR APPROVED EQUIVALENT","000-28400-20002-8","CS",88,".75 OZ",549,null,"",""]
[null,96,"D1027","CHIPS BAKED LAYS BBQ","CRISPS BAKED LAYS BBQ FLAVOR","FRITO LAY OR APPROVED EQUIVALENT","000-28400-32078-8","CS",60,".875 OZ",100,null,"",""]
[null,97,"D1028","CHIPS BAKED LAYS SC/ONION","CRISPS BAKED LAYS SOUR CREAM & ONION","FRITO LAY OR APPROVED EQUIVALENT","00028400-04702-9","CS",60,".875 OZ",400,null,"",""]
[null,98,"D1029","CHIPS FRITOS","ENRICHED REDUCED FAT CORN CHIPS WHOLE GRAIN","FRITO LAY OR APPROVED EQUIVALENT","000-28400-57766-3","CS",8,"1 LB",1900,null,"",""]
[null,99,"CTF7011","CHIPS KETTLE VARIETY","VARIETY PACK OF KETTLE CHIPS CATERING","SPECIFY",null,"CS",30,"1.5 OZ",25,null,"",""]
[null,100,"D1030","CHIPS SS CHEETO RED HOT","CHIPS IND. PKG. RED HOT FRITO LAY BAKED: ENRICHED CORNMEAL PUFF STICK FLAVORED WITH RED HOT CHEESE SEASONING. 104/.875 OZ","CHEETO'S OR APPROVED EQUIVALENT",62984,"CS",104,".875 OZ",400,null,"",""]
[null,101,"D1031","CHIPS SS DORITOS COOL RANCH","CHIPS IND. PKG. REDUCED FAT COOL RANCH FLAVORED CORN: BAKED TRIANGLE SHAPED CORN TORTILLA PIECES FLAVORED WITH RANCH SEASONING. 72/1 OZ.","DORITOS OR APPROVED EQUIVALENT",36096,"CS",72,"1 OZ",400,null,"",""]
[null,102,"D1032","CHIPS SS DORITOS NACHO CHEESE","CHIPS  REDUCED FAT NACHO CHEESE FLAVOR.  WG","DORITOS OR APPROVED EQUIVALENT",31748,"CS",72,"1 OZ",400,null,"",""]
[null,103,"D1033","CHIPS SS POTATO","CHIPS IND. PKG. BAKED REG. FLAVORED:  BAKED POTATO PIECES SALTED PLAIN.  NO MORE THAN 7.5 GRAMS OF FAT PER BAG.","LAYS OR APPROVED EQUIVALENT",33625,"CS",60,".875 OZ",300,null,"",""]
[null,104,"D1034","CHIPS SS PUFF CHEESE","CHIPS PUFFS  RF WG","CHEETO'S OR APPROVED EQUIVALENT",21910,"CS",72,".7 OZ",300,null,"",""]
[null,105,"D1035","CHIPS SS SOUR CREAM/ONION","CHIPS IND. PKG. BAKED SOUR CRM. & ONION FLAVORED: BAKED POTATO PIECES FLAVORED WITH SOUR CREAM AND ONION SEASONING. 60/.875 OZ. WG","LAYS OR APPROVED EQUIVALENT",33627,"CS",60,".875 OZ",300,null,"",""]
[null,106,"D1036","CHIPS TORTILLA ROUNDS","ROUND SHAPED TORTILLA CHIP WHOLE GRAIN PREPARED FROM ENRICHED YELLOW CORN. TRANSFAT FREE 1 OZ MUST MEET 1 GR","SPECIFY","","CS",6,"2 LB",2500,15.1,37750,2.5166666666666666,null,"La Poblanita","6/2lb bags","no","This product will be produced 24 hours prior to delivery to RISD. This product is certified NMTRUE. This product is produced in Roswell, NM."]
[null,107,"CTF7012","CHOCOLATE ENROBER","CHOCOLATE FLAVORED ENROBER COATING IS A RICH CHOCOLATE COATING THAT HARDENS AT ROOM TEMPERATURE. THE PRODUCT IS IN A HARDENED CANDY STATE IN THE UNHEATED CAN.  CATERING","SPECIFY",null,"CS",3,"10 CN",15,null,"",""]
[null,108,"F1042","CHORIZO BULK","SAUSAGE CHORIZO BULK MILD SEASONING LIGHT COLORED BULK","SPECIFY","","CS",10,"LB",450,null,"",""]
[null,109,"CTF7013","COCOA","UNSWEETENED COCOA 22/24% BUTTER FAT  CATERING","SPECIFY","","CS",4,"2.5KG",20,null,"",""]
[null,110,"D1037","COFFEE DECAF","FOLGERS FILTER PACK COFFEE ULTRA DRY ROAST  ","FOLGERS OR APPROVED EQUIVALENT","","CS",80,".9 OZ",20,null,"",""]
[null,111,"D1038","COFFEE REGULAR","FOLGERS FILTER PACK COFFEE ULTRA DRY ROAST  ","FOLGERS OR APPROVED EQUIVALENT","","CS",160,".9 OZ",50,null,"",""]
[null,112,"F1043","COOKIE DOUGH CARNIVAL WG","COOKIE DOUGH CARNIVAL:  1.85OZ FROZEN WGR MADE WITH A MIXTURE OF CHOCOLATE CHIPS AND COLORFUL COATED CANDIES PRE-PORTIONED READY TO BAKE FAT GRAMS TO NOT EXCEED 6G SODIUM MG NOT TO EXCEED 120 MG  CASE PACK 240 1.5OZ DECA","OTIS SPUNKMEYER OR APPROVED EQUIVALENT",55688,"CS",250,"1.5 OZ",75,null,"",""]
[null,113,"CTF7056","COOKIE DOUGH CHOCOLATE CHIP","COOKIE DOUGH CHOCOLATE CHIP CATERING","BRICKFIRE OR APPROVED EQUIVALENT",2340091,"CS",170,"1.5 OZ",75,null,"",""]
[null,114,"CTF7057","COOKIE DOUGH OATMEAL RAISIN","COOKIE DOUGH OATMEAL RAISIN CATERING","BRICKFIRE OR APPROVED EQUIVALENT",2340101,"CS",170,"1.5 OZ",60,null,"",""]
[null,115,"F1044","COOKIE DOUGH RF CHOCOLATE BROWNIE","COOKIE DOUGH REDUCED FAT CHOCOLATE BROWNIE DECA","OTIS SPUNKMEYER OR APPROVED EQUIVALENT",55689,"CS",240,"1.5 OZ",100,null,"",""]
[null,116,"F1045","COOKIE DOUGH RF CHOCOLATE CHIP","COOKIE DOUGH REDUCED FAT CHOCOLATE CHIP DECA","OTIS SPUNKMEYER OR APPROVED EQUIVALENT",55680,"CS",240,"1.5 OZ",300,null,"",""]
[null,117,"F1046","COOKIE DOUGH RF OATMEAL RAISIN","COOKIE DOUGH REDUCED FAT OATMEAL RAISIN DECA","OTIS SPUNKMEYER OR APPROVED EQUIVALENT",55683,"CS",240,"1.5 OZ",50,null,"",""]
[null,118,"F1047","COOKIE DOUGH RF SUGAR","COOKIE DOUGH SUGAR REDUCED FAT DECA","OTIS SPUNKMEYER OR APPROVED EQUIVALENT",55684,"CS",240,"1.5 OZ",45,null,"",""]
[null,119,"CTF7058","COOKIE DOUGH SUGAR","COOKIE DOUGH SUGAR CATERING","BRICKFIRE OR APPROVED EQUIVALENT",2340111,"CS",170,"1.5 OZ",60,null,"",""]
[null,120,"CTF7059","COOKIE DOUGH WHITE MACADAMIA NUT","COOKIE DOUGH WHITE MACADAMIA NUT  CATERING","BRICKFIRE OR APPROVED EQUIVALENT",2340361,"CS",170,"1.5 OZ",60,null,"",""]
[null,121,"F1048","COOKIE GINGER BREAD","COOKIE GINGER BREAD IW MEETS 2 GRAIN REQUIREMENT FOR NSP","SPECIFY",null,"CS",140,"2 OZ",500,null,"",""]
[null,122,"F1049","CORNDOG","CORNDOG CHICKEN FRANK WHOLE GRAIN P/C 8/1 60 CT  CN LABELED TO MEET 2 OZ MEAT REQUIREMENT","FOSTER FARMS OR APPROVED EQUIVALENT",95150,"CS",72,"4 OZ",2000,null,"",""]
[null,123,"D1039","CORNSTARCH","CORNSTARCH","SPECIFY","","CS",24,"1 LB",45,null,"",""]
[null,124,"D1040","CRACKERS ANIMAL","CRACKERS ANIMAL SHAPED 0 TRANSFAT WHOLE GRAIN RICH","SPECIFY",null,"CS",100,"1 OZ",300,null,"",""]
[null,125,"D1041","CRACKERS BUG BITES","BUG BITES CINNAMON WHOLE GRAIN RICH","KEEBLER OR APPROVED EQUIVALENT","30100-55644","CS",210,"1 OZ",1000,null,"",""]
[null,126,"D1042","CRACKERS GOLDFISH CHEDDAR","CHEDDAR GOLDFISH WHOLE GRAIN: A 3/4 OUNCE SERVING CONTRIBUTES 1 SERVING OF GRAINS/BREADS TO THE USDA CHILD NUTRITION PROGRAMS WHOLE GRAIN RICH","PEPPERIDGE FARMS OR APPROVED EQUIVALENT",18105,"CS",300,"0.75 OZ",500,null,"",""]
[null,127,"D1043","CRACKERS GOLDFISH GIANT CINNAMON","CRACKERS GIANT GOLDFISH CINNAMON WHOLE GRAIN RICH","PEPPERIDGE FARMS OR APPROVED EQUIVALENT",15094,"CS",300,".9 OZ",300,null,"",""]
[null,128,"D1044","CRACKERS GOLDFISH GIANT HONEY OAT","CRACKER WHOLE GRAIN GIANT HONEY OAT GRAHAM 2 EA WHOLE GRAIN RICH","PEPPERIDGE FARMS OR APPROVED EQUIVALENT",18432,"CS",300,".9 OZ",300,null,"",""]
[null,129,"D1045","CRACKERS GRAHAM 3-PK","GRAHAM 3-PK WHOLE GRAIN RICH","SPECIFY","","CS",150,"3 PK",2500,null,{"$f":"IF(L134*K134= 0,\"\",L134*K134)","v":""},{"$f":"IF(L134/I134= 0,\"\",L134/I134)","v":""}]
[null,130,"CTF7014","CRACKERS MEDLEY MIX","CRACKER MEDLEY - TOASTEDS® WHEAT SESAME AND BUTTER CRISP CLUB® TOWN HOUSE® AND KEEBLER® WHOLE GRAIN WHEAT 25 SLEEVES CATERING","KEEBLER OR APPROVED EQUIVALENT","30100 37739 ","CS",25,"SLEEVES",5,null,"",""]
[null,131,null,"CRACKERS SALTINE IW","SALTINE CRACKERS PC WHOLE GRAIN OR ENRICHED FLOUR TO MEET BREAD REQ. FOR NSLP 500/2 CT","NABISCO OR APPROVED EQUIVALENT","","CS",500,"2 CT",500,null,"",""]
[null,132,"CTF7002","CREAMER NON-DAIRY","NON-DAIRY CREAMER  INIVIDUAL PACK LIQUID CATERING","SPECIFY","","CS",400,"EA",45,null,"",""]
[null,133,"CTF7003","CREAMER NON-DAIRY CARAMEL MACCHIATO","NON-DAIRY CREAMER CARAMEL MACCHIATO INIVIDUAL PACK LIQUID CATERING","SPECIFY",null,"CS",288,"1ML",35,null,"",""]
[null,134,"CTF7004","CREAMER NON-DAIRY FRENCH VANILLA","NON-DAIRY CREAMER FRENCH VANILLA  INIVIDUAL PACK LIQUID CATERING","SPECIFY",null,"CS",288,"1ML",35,null,"",""]
[null,135,"CTF7005","CREAMER NON-DAIRY HAZEL NUT","NON-DAIRY CREAMER HAZEL NUT INIVIDUAL PACK LIQUID CATERING","SPECIFY",null,"CS",288,"1ML",35,null,"",""]
[null,136,"F1050","CROISSANT","CROISSANTS WG MARGARINE RF ROUND FULLY SLICED   MUST PROVIDE 2.0 OZ GRAIN EQUIVALENTS.  PORTION TO PROVIDE AT LEAST 145.0 CALORIES WITH NO MORE THAN 6 GRAMS OF FAT.","BAKE CRAFTERS OR APPROVED EQUIVALENT",3286,"CS",80,"2.2 OZ",800,null,"",""]
[null,137,"CTF7060","CROISSANT CATERING 30Z","FULLY COOKED FLAKEY BUTTERY CRUST PRESLICED ROUND SHAPED ROLL 3 OZ  CATERING","SPECIFY",null,"CS",32,"3 OZ",40,null,"",""]
[null,138,"CTF7061","CROISSANT CATERING 5OZ","FULLY COOKED FLAKEY BUTTERY CRUST PRESLICED ROUND SHAPED ROLL 5 OZ  CATERING","SPECIFY",null,"CS",24,"5 OZ",25,null,"",""]
[null,139,"CTF7015","CROUTONS","CROUTONS/ HERB SEASONED ENRICHED SMALL CUBE  CATERING","SPECIFY","","CS",10,"LB",150,null,"",""]
[null,140,"F1051","CRUMB SQUARE IW","CRUMB SQUARE IW WHOLE GRAIN MEETS 2 OZ WG SERVING FOR SBP ","DAVE'S OR APPROVED EQUIVALENT",360,"CS",28,"3.6 OZ",2120,null,"",""]
[null,141,"F1052","DONUT MINI CHOCOLATE","51% WG MINI DONUTS - CHOCOLATE.  72 - 3.3OZ FROZEN INDIVIDUALLY WRAPPED THAW & SERVE NICKEL STACK SIX PACKS OF 1/2 OZ CHOCOLATE ENROBED WHOLE GRAIN DONUTS.  MUST CONFORM TO USDA CHILD NUTRITION PROGRAM SPECIFICATIONS AND MEET 2OZ GRAIN EQUIVALENT.","SUPER BAKERY OR APPROVED EQUIVALENT",7786,"CS",72,"3.3 OZ",1700,null,"",""]
[null,142,"F1053","DONUT MINI POWDERED SUGAR","51% WG MINI DONUTS - POWDERED SUGAR  72 - 3.3OZ FROZEN INDIVIDUALLY WRAPPED THAW & SERVE NICKEL STACK SIX PACKS OF 1/2 OZ CHOCOLATE ENROBED WHOLE GRAIN DONUTS.  MUST CONFORM TO USDA CHILD NUTRITION PROGRAM SPECIFICATIONS AND MEET 2OZ GRAIN EQUIVALENT.","SUPER BAKERY OR APPROVED EQUIVALENT",7787,"CS",72,"3.3 OZ",1700,null,"",""]
[null,143,"F1054","DOUGH CRUST","COBBLER CRUST DOUGH SHEET FROZEN","SPECIFY","","CS",24,"1 LB",200,null,"",""]
[null,144,"C1020","DRESSING GAL COLESLAW","DRESSING COLESLAW REDUCED FAT","SPECIFY",null,"CS",4,"GAL",25,null,"",""]
[null,145,"C1021","DRESSING GAL RANCH REDUCED FAT","DRESSING SALAD REDUCED FAT","KEN'S OR APPROVED EQUIVALENT","100-413350-60816","CS",4,"1 GAL",600,null,"",""]
[null,146,"CTF7016","DRESSING ITALIAN","ITALIAN DRESSING GOLDEN CATERING","SPECIFY",null,"CS",4,"GAL",10,null,"",""]
[null,147,"D1046","DRESSING PC ASIAN","DRESSING ASIAN LIGHT PC","SPECIFY",null,"CS",60,"1.5 OZ",15,null,"",""]
[null,148,"D1047","DRESSING PC BALSAMIC VINAIGRETTE","DRESSING BALSAMIC VINAIGRETTE LIGHT","SPECIFY",null,"CS",60,"1.5 OZ",15,null,"",""]
[null,149,"D1048","DRESSING PC FRENCH","DRESSING SALAD REDUCED FAT FRENCH","SPECIFY",null,"CS",60,"1.5 OZ",5,null,"",""]
[null,150,"D1049","DRESSING PC GREEK","DRESSING SALAD GREEK ","SPECIFY",null,"CS",60,"1.5 OZ",5,null,"",""]
[null,151,"D1050","DRESSING PC ITALIAN","DRESSING SALAD REDUCED FAT ITALIAN","SPECIFY",null,"CS",60,"1.5 OZ",5,null,"",""]
[null,152,"D1051","DRESSING PC RANCH 12MG","RANCH DRESSING REDUCED FAT PC","SPECIFY",null,"CS",500,"12 MG",1000,null,"",""]
[null,153,"D1052","DRESSING PC RANCH RF 1.5OZ","DRESSING SALAD REDUCED FAT PC RANCH","SPECIFY",null,"CS",60,"1.5 OZ",100,null,"",""]
[null,154,"D1053","DRESSING PC RASPBERRY VINAIGRETTE ","KRAFT RASPBERRY VINAIGRETTE FAT FREE DRESSING HAS THE SWEET TART FLAVOR OF RASPBERRIES IN A FAT FREE VINAIGRETTE.  ","KRAFT","002-10006714400","CS",60,"1.5 OZ",50,null,"",""]
[null,155,"CTF7017","DRESSING RASPBERRY VINAIGRETTE ","KRAFT RASPBERRY VINAIGRETTE FAT FREE DRESSING HAS THE SWEET TART FLAVOR OF RASPBERRIES IN A FAT FREE VINAIGRETTE.  CATERING","KRAFT OR APPROVED EQUIVALENT",21000647422,"CS",4,"1 GAL",5,null,"",""]
[null,156,"C1022","EGG BOIL N BAG","EGGS RAW LIQUID WHOLE EGGS BOIL N BAG PASTURIZED","SPECIFY","","CS",6,"5 LB",600,null,"",""]
[null,157,"C1023","EGG PREBOILED","HARD COOKED PEELED EGGS","SPECIFY",null,"CS",8,"12 CT",500,null,"",""]
[null,158,"F1055","EGGSTRAGANZA","EACH 2.00 OZ. SERVING (BY WEIGHT) OF THE BLEND OF SCRAMBLED EGGS, CHEESE, AND BACON PIECES PROVIDES 1.75 OZ. EQUIVALENT MEAT ALTERNATE FOR THE CHILD NUTRITION MEAL PATTERN REQUIREMENTS.","SUNNY FRESH OR APPROVED EQUIVALENT",40828,"CS",4,"5 LB",735,null,"",""]
[null,159,"CTF7018","FILLING PIE CHERRY","CHERRY CATERING","SPECIFY",null,"CS",3,"#10",15,null,"",""]
[null,160,"CTF7019","FILLING PIE PEACH","PEACH CATERING","SPECIFY",null,"CS",3,"#10",15,null,"",""]
[null,161,"D1054","FLOUR","FLOUR ALL PURPOSE ENRICHED 50# U.S. NO. 2 GRADE OR BETTER BLEACHED WHEAT FLOUR ENRICHED WITH THIAMIN RIBOFLAVIN NIACIN FOLIC ACID IRON AND MAY HAVE ADDED CALCIUM","SPECIFY","","BAG",50,"LB",30,null,"",""]
[null,162,"D1055","FOOD COLOR GREEN","FOOD COLORING GREEEN","SPECIFY",null,"EA",1,"16 OZ",7,null,"",""]
[null,163,"D1056","FOOD RELEASE","RELEASE FOOD/PAN CONTAINS NO WATER ALCOHOL OR ARTIFICIAL FLAVORS HIGH SMOKE POINT >450° F","SPECIFY",null,"CS",6,"17 OZ",75,null,"",""]
[null,164,"F1056","FRENCH TOAST STICKS BULK","FRENCH TOAST STICKS WHOLE GRAIN CINNAMON GLAZED EACH SERVING 3 STICKS/2.90 OZ EQUALS 1 M/MA 1 GR. ","SUNNY FRESH OR APPROVED EQUIVALENT",40497,"CS",100,"2.9 oz",900,null,"",""]
[null,165,"CTF7020","FRUIT CHERRY MARASCHINO HALVES","CHERRIES MARACHINO HALVES CATERING","PENNANT OR APPROVED EQUIVALENT",null,"CS",4,".5 GAL",100,null,"",""]
[null,166,"D1057","FRUIT COCKTAIL","FRUIT COCKTAIL GRADE B CHOICE EXTRA LIGHT SYRUP MUST MEET BUY AMERICAN REQUIREMENTS","SENACA, DEL MONTE, LIBBY'S, DOLE",null,"CS",6,"10 CN",1500,null,"",""]
[null,167,"C1024","FRUIT CRANBERRIES DRIED","SOFT AND MOIST DRIED CRANBERRIES","SPECIFY",null,"CS",10,"LB",150,null,"",""]
[null,168,"C1025","FRUIT DRIED IW","FRUIT DRIED INDIVIDUALLY PACKAGES PEANUT FREE 16% CRANBERRYM 29% NATURAL RAISINS 24% GOLDEN RAISINS 28% PINEAPPLE 3% DRIED APPLE ","NATIONAL FOOD GROUP OR APPROVED EQUIVALENT",609271,"CS",144,"1.3 OZ",650,null,"",""]
[null,169,"F1057","FRUIT MANGO DICED","MANOS DICED IQF US GRADE A UNSWEETENED MUST MEET BUY AMERICAN REQUIREMENTS","SENACA, DEL MONTE, LIBBY'S, DOLE",null,"CS",2,"5 LB",450,null,"",""]
[null,170,"D1058","FRUIT ORANGE MANDARIN","MANDARIN ORANGE SLICES NATURAL JUICES NO SUGAR ADDED GRADE B CHOICE MUST MEET BUY AMERICAN REQUIREMENTS","SENACA, DEL MONTE, LIBBY'S, DOLE","","CS",6,"10 CN",850,null,"",""]
[null,171,"D1059","FRUIT PEACHES DICED","PEACHES YELLOW CLING GRADE B CHOICE DICED NATURAL JUICES MIN DRAIN VT 71 OZ NO IRREGULAR MUST MEET BUY AMERICAN REQUIREMENTS","SENACA, DEL MONTE, LIBBY'S, DOLE","","CS",6,"10 CN",1500,null,"",""]
[null,172,"D1060","FRUIT PEARS DICED","PEARS DICED GRADE B CHOICE NATURAL JUICES MUST MEET BUY AMERICAN REQUIREMENTS","SENACA, DEL MONTE, LIBBY'S, DOLE","","CS",6,"10 CN",500,null,"",""]
[null,173,"D1061","FRUIT PINEAPPLE","PINEAPPLE TIDBITS IN JUICE GRADE B CHOICE SOLID PAK IN NATURAL JUICE MUST MEET BUY AMERICAN REQUIREMENTS","SENACA, DEL MONTE, LIBBY'S, DOLE","","CS",6,"10 CN",2500,null,"",""]
[null,174,"F1058","FRUIT STRAWBERRIES SLICED","STRAWBERRYS SLICED IQF US GRADE A UNSWEETENED","SPECIFY","","CS",1,"30 LB",700,null,"",""]
[null,175,"F1059","FRUIT STRAWBERRIES WHOLE","STRAWBERRYS SLICED IQF US GRADE A WHOLE UNSWEETENED","SPECIFY",null,"BKT",1,"30 LB",100,null,"",""]
[null,176,"D1062","GELATIN CHERRY","GELATIN MIX DRY","SPECIFY","","CS",12,"24 OZ",75,null,"",""]
[null,177,"D1063","GELATIN LIME","GELATIN MIX DRY","SPECIFY","","CS",12,"24 OZ",15,null,"",""]
[null,178,"D1064","GELATIN ORANGE","GELATIN MIX DRY","SPECIFY","","CS",12,"24 OZ",15,null,"",""]
[null,179,"D1065","GELATIN STRAWBERRY","GELATIN MIX DRY","SPECIFY","","CS",12,"24 OZ",75,null,"",""]
[null,180,"F1060","GF BAGEL PLAIN","PLAIN BAGEL GLUTEN FREE","SPECIFY",null,"CS",6,"4 EA",200,null,"",""]
[null,181,"C1026","GF BREAD WHITE SLICED","WHITE BREAD SLICED GLUTEN FREE","SPECIFY",null,"CS",6,"24 OZ",300,null,"",""]
[null,182,"C1027","GF BUN HAMBURGER ","HAMBURGER BUNS GLUTEN FREE","SPECIFY",null,"CS",6,"12 CT ",200,null,"",""]
[null,183,"F1061","GF MUFFIN CHOCOLATE IW","MUFFIN CHOCOLATE GLUTEN FREE IW","SPECIFY",null,"CS",36,"3.6 EA",200,null,"",""]
[null,184,"F1062","GF MUFFIN ENGLISH","ENGLISH MUFFINS GLUTEN FREE","SPECIFY",null,"CS",24,"2 OZ",300,null,"",""]
[null,185,"D1066","GF PASTA PENNE","PASTA PENNE GLUTEN FREE","SPECIFY",null,"CS",8,"12 OZ",200,null,"",""]
[null,186,"D1067","GF PASTA SPAGHETTI","PASTA SPAGHETTI GLUTEN FREE","SPECIFY",null,"CS",12,"12 OZ",200,null,"",""]
[null,187,"CTF7021","GLAZE STAWBERRY","STRAWBERRY GLAZE  CATERING","SPECIFY",null,"CS",1,"20LB",25,null,"",""]
[null,188,"D1068","GRANOLA BULK","GRANOLA BULK","SPECIFY",null,"CS",4,"50 OZ",250,null,"",""]
[null,189,"D1069","GRAVY BROWN","GRAVY BROWN LIGHT","PIONEER OR APPROVED EQUIVALENT",94541,"CS",6,"13 OZ",700,null,"",""]
[null,190,"D1070","GRAVY COUNTRY","COUNTRY SKILLET CREAM GRAVY","PIONEER OR APPROVED EQUIVALENT",96115,"CS",6,"24 OZ",725,null,"",""]
[null,191,"CTF7062","HAM BUFFET","HAM WATER ADDED CURED BONELESS AND FULLY COOKED. HAM IS 97% FAT FREE (3% FAT) AND APPROXIMATELY 4 TO 4½ INCHES IN DIAMETER. FROZEN PRODUCT. CATERING","SPECIFY","","CS",1,"LB",100,null,"",""]
[null,192,"F1063","HOT DOGS BEEF","BEEF FRANKS LOWER SODIUM 8/1 6\" CN LABELED TO MEET 2 OZ MEAT REQUIREMENT","JOHN MORRELL OR APPROVED EQUIVALENT","100-701000-28560","CS",80,"2 OZ",600,null,"",""]
[null,193,"F1064","ICE CREAM SS BAR CARAMEL","STICK BAR REDUCED FAT SALTY CARAMEL BROWNIE CRUNCH BAR","HERSHEY'S OR APPROVED EQUIVALENT",31167,"CS",36,"2.75 OZ",200,null,{"$f":"IF(L198*K198= 0,\"\",L198*K198)","v":""},{"$f":"IF(L198/I198= 0,\"\",L198/I198)","v":""}]
[null,194,"F1065","ICE CREAM SS BAR STRAWBERRY","STICK BAR STRAWBERRY SCOOTER  ","HERSHEY'S OR APPROVED EQUIVALENT",31166,"CS",36,"2.75 OZ",300,null,"",""]
[null,195,"F1066","ICE CREAM SS BAR VANILLA","ICE CREAM BAR VANILLA REDUCED FAT MUST BE SMART SNACK COMPLIANT <200 CALORIES < 35% FAT CALORIES < 230 MG SODIUM < 10% SATURATED FAT <35% OF WEIGHT FROM SUGARS","SPECIFY",null,"CS",96,"3.0 OZ",100,null,"",""]
[null,196,"F1067","ICE CREAM SS CUP CHOCOLATE SUNDAE ","LOW FAT CHOCOLATE SUNDAE DESSERT CUP","HERSHEY'S OR APPROVED EQUIVALENT",31662,"CS",48,"3 OZ",400,null,"",""]
[null,197,"F1068","ICE CREAM SS CUP VANILLA","LOW FAT VANILLA ICE CREAM DESSERT CUP  ","HERSHEY'S OR APPROVED EQUIVALENT",31664,"CS",48,"3 OZ",300,null,"",""]
[null,198,"F1069","ICE CREAM SS FRUIT BAR STRAWBERRY","STRAWBERRY CHUNK FRUIT BAR","BLUE BUNNY OR APPROVED EQUIVALENT",1050495,"CS",1,"48 CT",300,null,"",""]
[null,199,"F1070","ICE CREAM SS FUDGE BAR","STICK BAR FUDGE-O  GLUTEN FREE","HERSHEY'S OR APPROVED EQUIVALENT",31152,"CS",36,"2 OZ",300,null,"",""]
[null,200,"F1071","ICE CREAM SS POP STRAWBERRY & BANANA","SMOOTHIE ON A STICK.  REAL FRUIT NOTHING ARTIFICIAL.  STRAWBERRY & BANANA","JONNY POPS OR APPROVED EQUIVALENT",1190150,"CS",1,"96 CT",300,null,"",""]
[null,201,"F1072","ICE CREAM SS POP TRIPLE BERRY","SMOOTHIE ON A STICK.  REAL FRUIT NOTHING ARTIFICIAL.  TRIPLE BERRY (STRAWBERRY BLUEBERRY AND RASPBERRY)","JONNY POPS OR APPROVED EQUIVALENT",1190240,"CS",1,"96 CT",150,null,"",""]
[null,202,"F1073","ICE CREAM SS SANDWICH","ICE CREAM SANDWICH VAN RF","HERSHEY'S OR APPROVED EQUIVALENT",31319,"CS",24,"4 OZ",300,null,"",""]
[null,203,"D1071","JALAPEÑO SLICED","JALAPEÑO SLICED","SPECIFY","","CS",6,"10 CN",550,null,"",""]
[null,204,"D1072","JELLY PC","JELLY PC ASSORTED STRAWBERRY MIXED FRUIT AND GRAPE SHELF STABLE","SPECIFY",null,"CS",200,".5 OZ",450,null,"",""]
[null,205,"C1028","JUICE APPLE","APPLE JUICE PURE PAK  FULL STRENGTH JUICE NO SUGAR ADDED 100% JUICE  CARTON ONLY US GRADE B","SUN CUP OR APPROVED EQUIVALENT",30301,"CS",70,"4 OZ",7800,null,"",""]
[null,206,"C1029","JUICE APPLE CHERRY","APPLE-CHERRY PURE PAK FULL STRENGTH JUICE  NO SUGAR ADDED 100% JUICE US GRADE B","SUN CUP OR APPROVED EQUIVALENT",32000,"CS",70,"4 OZ",7500,null,"",""]
[null,207,"C1030","JUICE FRUIT PUNCH","FRUIT PUNCH JUICE PURE PAK FULL STRENGTH JUICENOSUGARADDED100% JUICE  CARTON ONLY US GRADE B","SUN CUP OR APPROVED EQUIVALENT",30800,"CS",70,"4 OZ",8400,null,"",""]
[null,208,"CTF7022","JUICE LEMON","LEMON JUICE PURE CATERING","SPECIFY","","CS",12,"32 OZ",20,null,"",""]
[null,209,"CTF7023","JUICE LEMON PC","LEMON JUICE PURE PC CATERING","SPECIFY",null,"CS",200,"0.4 G",5,null,"",""]
[null,210,"C1031","JUICE ORANGE","ORANGE JUICE PURE PAK FULL STRENGTH JUICE NO SUGAR ADDED 100% JUICE  CARTON ONLY GRADE A","SUN CUP OR APPROVED EQUIVALENT",30100,"CS",70,"4 OZ",7900,null,"",""]
[null,211,"CTF7063","JUICE ORANGE CONCENTRATE","FROZEN CONCENTRATE 100% JUICE NO SUGAR ADDED GRADE A CATERING","SPECIFY",null,"CS",12,"32OZ",20,null,"",""]
[null,212,"C1032","JUICE ORANGE PINEAPPLE","ORANGE-PINEAPPLE JUICE PURE PAK  FULL STRENGTH JUICE NO SUGAR ADDED 100%JUICE  CARTON ONLY U.S. GRADE A","SUN CUP OR APPROVED EQUIVALENT",31200,"CS",70,"4 OZ",7500,null,"",""]
[null,213,"D1073","KETCHUP JUG","KETCHUP  NATURALLY BALANCED  MADE w/SUGAR ENHANCED LOW SODIUM JUG w/PUMP","RED GOLD OR APPROVED EQUIVALENT","REDYL9P","CS",6,"114 oz",315,null,"",""]
[null,214,"D1074","KETCHUP PC","KETCHUP w/SUGAR ENHANCED LOW SODIUM ","RED GOLD OR APPROVED EQUIVALENT","REDYL9G","CS",1000,".9 GM",1000,null,"",""]
[null,215,"CTF7024","LIQUID SMOKE","LIQUID SMOKE FLAVORING  CATERING","WRIGHTS",null,"CS",4,"1 GAL",15,null,"",""]
[null,216,"C1033","MARGARINE","NO TRANS FAT CONTAIN A RATIO OF 60% VEGETABLE OIL AND 40% MILKFAT\nWITH A MINIMUM TOTAL FAT CONTENT OF 80%. ","GOLD-N-SWEET OR APPROVED EQUIVALENT",16840,"CS",30,"1 LB",150,null,"",""]
[null,217,"C1034","MARGARINE PC","CONTAIN A RATIO OF 60% VEGETABLE OIL AND 40% MILK FAT WITH A MINIMUM TOTAL FAT CONTENT OF 80%. NO TRANS FAT  ","COUNTRY CROCK OR APPROVED EQUIVALENT","1-0040600434055","CS",900,"5 GR",40,null,"",""]
[null,218,"D1075","MARSHMALLOW CRÈME","MARSHMALLOW CREAM FOR CEREAL TREATS TRANS FAT FREE","MALLOWCREME OR APPROVED EQUIVALENT",64708,"CS",8,"33.5 OZ",700,null,"",""]
[null,219,null,"MAYONNAISE  PC","MAYONNAISE INDIVIDUALLY PACKED REDUCED FAT","SPECIFY",null,"CS",500,"12 GR",800,null,"",""]
[null,220,"CTF7025","MAYONNAISE GAL ","MAYONNAISE REGULAR FAT CATERING","SPECIFY",null,"CS",4,"1 GAL",20,null,"",""]
[null,221,"CTF7026","MAYONNAISE PC","MAYONNAISE REGULAR FAT INDIVIDUALLY PACKED CATERING","SPECIFY",null,"CS",200,"12 GR",100,null,"",""]
[null,222,"D1076","MILK EVAPORATED","SHELF STABLE MILK IS MADE FROM GRADE A FRESH MILK WHICH HAS BEEN FORTIFIED WITH VITAMINS A AND D","SPECIFY","","CS",6,"10 CN",75,null,"",""]
[null,223,"C1036","MILK LACTOSE FREE","MILK LACTSE FREE AND FAT FREE","LACTAID OR APPROVED EQUIVALENT",6348,"CS",20,"8 oz",100,null,"",""]
[null,224,"D1077","MILK SOY","SOY MILK VANILLA MUST MEET USDA REGULATIONS FOR A MILK SUBSITITUTE.","KIKKKOMAN OR APPROVED EQUIVALENT",6184,"CS",24,"8 OZ",100,null,"",""]
[null,225,"CTF7027","MIX BROWNIE","MIX FUDGE BROWNIE NOT WHOLE GRAIN CATERING","CH GUENTER & SON OR APPROVED EQUIVALENT",218207,"CS",6,"5 LB",20,null,"",""]
[null,226,"CTF7028","MIX FRUIT PUNCH","FRUIT FLAVORED DRY CRYSTALS DRINK MIX SWEETENED CATERING","SPECIFY",null,"CS",12,"24 OZ",20,null,"",""]
[null,227,"CTF7029","MIX HOT CHOCOLATE","HOT CHOCOLATE MIX POWDERED INDIVIDUAL PACKS CATERING","SPECIFY",null,"CS",6,"50CT",20,null,"",""]
[null,228,null,"MIX HOT CHOCOLATE SF","HOT CHOCOLATE MIX POWDERED INDIVIDUAL PACKS  SUGAR FREE COFFEE BAR","NESTLE OR APPROVED EQUIVALENT","61411-00","CS",300,"PKG",100,null,"",""]
[null,229,"CTF7030","MIX ICE TEA","MIX UNSWEETENED TEA HIGH YIELD DILUTION RATIO 1:96 CATERING","THIRS-TEA OR APPROVED EQUIVALENT",662,"CS",24,"4 OZ",20,null,"",""]
[null,230,"CTF7031","MIX LEMONAIDE PINK","PINK LEMONAIDE FLAVORED DRY CRYSTALS SWEETENED CATERING","SPECIFY",null,"CS",12,"2GAL",30,null,"",""]
[null,231,"CTF7032","MIX LEMONAIDE YELLOW","YELLOW LEMONAIDE FLAVORED DRY CRYSTALS DRINK MIX SWEETENED  CATERING","SPECIFY",null,"CS",12,"2GAL",30,null,"",""]
[null,232,"CTF7064","MUFFIN APPLE PECAN","PRE-BAKED THAW AND SERVE APPLE CINNIMON PECAN TULIP CUP WRAPPER SUPREME  CATERING","OTIS SPUNKMEYER OR APPROVED EQUIVALENT",6245,"CS",24,"4 OZ",5,null,"",""]
[null,233,"CTF7065","MUFFIN BANANA BREAD","PRE-BAKED THAW AND SERVE BANANA BREAD TULIP CUP WRAPPER SUPREME  CATERING","OTIS SPUNKMEYER OR APPROVED EQUIVALENT",1002,"CS",24,"4 OZ",15,null,"",""]
[null,234,null,"MUFFIN BANANA WG","PRE-BAKED AND INDIVIDUALLY PLAIN WRAPPED APPROX 2 OZ EACH.  WHOLE GRAIN EACH MUFFIN MUST PROVIDE A MINUMIM OF 2 GB COMPONENT FOR SBP.  BANANA FLAVORED. ","DAVE'S OR APPROVED EQUIVALENT","WG828","CS",60,"3.15 OZ",1500,null,"",""]
[null,235,"CTF7066","MUFFIN BLUEBERRY CRUMB","PRE-BAKED THAW AND SERVE BLUEBERRY CRUMB CAKE TULIP CUP WRAPPER SUPREME  CATERING","OTIS SPUNKMEYER OR APPROVED EQUIVALENT",6201,"CS",24,"4 OZ",20,null,"",""]
[null,236,"F1074","MUFFIN BLUEBRRY IW","PRE-BAKED AND INDIVIDUALLY PLAIN WRAPPED APPROX 2 OZ EACH.  WHOLE GRAIN EACH MUFFIN MUST PROVIDE A MINUMIM OF 2 GB COMPONENT FOR SBP.  BLUEBERRY FLAVORED.","DAVE'S OR APPROVED EQUIVALENT","WG829","CS",60,"3.15 OZ",1500,null,"",""]
[null,237,"F1075","MUFFIN CHERRY IW","PRE-BAKED AND INDIVIDUALLY PLAIN WRAPPED APPROX 2 OZ EACH.  WHOLE GRAIN EACH MUFFIN MUST PROVIDE A MINUMIM OF 1 GB COMPONENT FOR SBP.  CHERRY FLAVORED. ","DAVE'S OR APPROVED EQUIVALENT","WG841","CS",60,"3.15 OZ",1500,null,"",""]
[null,238,"CTF7067","MUFFIN DECADENT CHOCOLATE","PRE-BAKED THAW AND SERVE DECADENT CHOCOLATE CHUNK TULIP CUP WRAPPER SUPREME  CATERING","OTIS SPUNKMEYER OR APPROVED EQUIVALENT",6220,"CS",24,"4 OZ",5,null,"",""]
[null,239,"F1076","MUFFIN DOUBLE CHOC CHIP IW","PRE-BAKED AND INDIVIDUALLY PLAIN WRAPPED APPROX 2 OZ EACH.  WHOLE GRAIN EACH MUFFIN MUST PROVIDE A MINUMIM OF 2 GB COMPONENT FOR SBP.  CHOCOLATE-CHOCOLATE CHIP FLAVORED.","DAVE'S OR APPROVED EQUIVALENT","WG 845","CS",60,"3.15 OZ",1500,null,"",""]
[null,240,"CTF7068","MUFFIN TRIPLE BERRY","PRE-BAKED THAW AND SERVE TRIPLE BERRY WHOLE GRAIN TULIP CUP WRAPPER SUPREME  CATERING","OTIS SPUNKMEYER OR APPROVED EQUIVALENT",6230,"CS",24,"4 OZ",10,null,"",""]
[null,241,"D1078","MUSTARD GAL","MUSTARD/PREPARED","SPECIFY","","CS",4,"1 GAL",75,null,"",""]
[null,242,"D1079","MUSTARD PC","MUSTARD PC EASY OPEN TOP","SPECIFY","","CS",500,"5.5 GM",200,null,"",""]
[null,243,"D1080","NATURE SEAL","NATURESEAL FRESH FRUIT PRESEVER","NATURESEAL","","CS",4,"3.3 LB",300,null,"",""]
[null,244,"F1077","NOODLES CHOW MEIN","CHOW MEIN WITH VEGETABLES WHOLE GRAIN  A 4.8oz SERVING PROVIDES 1.0 OZ GRAIN EQUIVALENTS.","SPECIFY",null,"CS",6,"5.6 LB",500,null,"",""]
[null,245,"D1081","OIL CANOLA","CANOLA OIL FOR FRYING NO TRANS FATS","SPECIFY","","CS",35,"LB",225,null,"",""]
[null,246,"CTF7033","OIL OLIVE","OIL OLIVE EXTRA VIRGIN CATERING","SPECIFY",null,"CS",4,"3LTR",15,null,"",""]
[null,247,"CTF7034","OLIVES BLACK","RIPE OLIVES MEDIUM PITTED WHOLE  CATERING","SPECIFY",null,"CS",6,"10 CN",100,null,"",""]
[null,248,"CTF7035","OLIVES GREEN","RIPE OLIVES MEDIUM PITTED WHOLE STUFFED  CATERING","SPECIFY",null,"CS",4,"1 GAL",5,null,"",""]
[null,249,"F1078","PANCAKE BREAKFAST SANDWICH","MAPLE SEASONED BEEF SAUSAGE AND PANCAKE SANDWICH - INDIVIDUALLY WRAPPED.  PORTION SIZE 2.61OZ CN LABEL OR PRODUCT ANALYSIS SHEET TO PROVIDE 1OZ M/MA AND 1OZ GRAIN EQ.  MUST MEET FNS REQUIREMENTS ON ALL GRAIN.  CASE PACK 100","INTEGRATED FOOD SERVICE OR APPROVED EQUIVALENT",990120,"CS",100,"2.61 OZ",900,null,"",""]
[null,250,"F1079","PANCAKE ON A STICK PLAIN BULK","SAUSAGE & PANCAKE ON A STICK WHOLE GRAIN PANCAKE BATTER AROUND A PRE-COOKED GROUND TURKEY & TEXTURED VEGETABLE PROTEIN LINK. CN LABLED EACH 2.85 OZ STICK PROVIDE 1 MEAT/MEAT ALTERNATE & 1 GRAIN EQUIVALENT BULK.","FOSTER FARMS OR APPROVED EQUIVALENT",95121,"CS",56,"2.85 OZ",1500,null,"",""]
[null,251,"F1080","PANCAKES","PANCAKE WHOLE GRAIN RICH - EACH PANCAKE MUST MEET 1 GRAIN","AUNT JEMIMA OR APPROVED EQUIVALENT",43582,"CS",144,"1.14 OZ",16,null,"",""]
[null,252,"F1081","PANCAKES BLUEBERRY","PANCAKES MINI BLUEBERRY IW WHOLE GRAIN MUST MEET 2 GRAIN COMPONENT FOR SBP","EGGO OR APPROVED EQUIVALENT",3800092560,"CS",72,3.2,1000,null,"",""]
[null,253,"F1082","PANCAKES CONFETTI","PANCAKES MINI CONFETTI IW WHOLE GRAIN MUST MEET 2 GRAIN COMPONENT FOR SBP","EGGO OR APPROVED EQUIVALENT",3800018574,"CS",72,3.2,1000,null,"",""]
[null,254,"F1083","PANCAKES MAPLE","PANCAKES MINI MAPLE BURST IW WHOLE GRAIN MUST MEET 2 GRAIN COMPONENT FOR SBP","PILLSBURY OR APPROVED EQUIVALENT",137732000,"CS",72,3.2,1000,null,"",""]
[null,255,null,"PANCAKES MAPLE","PANCAKES MINI MAPLE IW WHOLE GRAIN MUST MEET 2 GRAIN COMPONENT FOR SBP","EGGO OR APPROVED EQUIVALENT",3800092562,"CS",72,3.2,1000,null,"",""]
[null,256,"F1084","PANCKAES STRAWBERRY","PANCAKES MINI STRAWBERRY BLAST IW WHOLE GRAIN MUST MEET 2 GRAIN COMPONENT FOR SBP","PILLSBURY OR APPROVED EQUIVALENT",137731000,"CS",72,3.2,1000,null,"",""]
[null,257,"D1082","PASTA ELBOW","ELBOW PASTA DRY REGULAR NOT WHOLE GRAIN","ZEREGA OR APPROVED EQUIVALENT",8001,"CS",2,"10 LB",300,null,{"$f":"IF(L262*K262= 0,\"\",L262*K262)","v":""},{"$f":"IF(L262/I262= 0,\"\",L262/I262)","v":""}]
[null,258,"D1083","PASTA FETUCCINE","FETUCCINE PASTA   10\" DRY REGULAR NOT WHOLE GRAIN","ZEREGA OR APPROVED EQUIVALENT",9722,"CS",2,"10 LB",250,null,"",""]
[null,259,"CTF7036","PASTA LASAGNA","LASAGNA NOODLE WITH RIDGES ENRICHED TO MEET BREAD REQUIREMENTS NSLP MADE FROM SEMOLINA OR DURUM FLOUR ENRICHED WITH THIAMIN RIBOFLAVIN NIACIN FOLIC ACID AND IRON.  REGULAR NOT WHOLE GRAIN CATERING","SPECIFY",null,"CS",12,"1LB",15,null,"",""]
[null,260,"D1084","PASTA PENNE","TUBULAR 51% WHOLE GRAIN ENRICHED TO MEET BREAD REQ FOR NSLP ENRICHED WITH THIAMIN RIBOFLAVIN NIACIN FOLIC ACID AND IRON REGULAR NOT WHOLE GRAIN","ZEREGA OR APPROVED EQUIVALENT",10034,"CS",2,"10 LB",45,null,"",""]
[null,261,"D1085","PASTA SPAGHETTI","SPAGHETTI PASTA   10\" DRY REGULAR NOT WHOLE GRAIN","ZEREGA OR APPROVED EQUIVALENT",8031,"CS",2,"10 LB",500,null,"",""]
[null,262,"CTF7069","PASTRY CINNAMON TWIST","FREEZER-TO-OVEN CINNNAMON ROLL TWIST  CATERING","PILLSBURY OR APPROVED EQUIVALENT",205385000,"CS",52,"4.25 OZ",100,null,"",""]
[null,263,"CTF7070","PASTRY DANISH ASSORTED","DANISH ASSORTED 4OZ BULK CATERING","SPECIFY",null,"CS",6,"12CT",50,null,"",""]
[null,264,"CTF7037","PICKLE SLICED POUCH","HAMBURGER DILL PICKLE CRINKLE CUT POUCH 1/8 IN GRADE A CATERING","HEINZ",658600,"CS",6,"5.75 LB",650,null,"",""]
[null,265,"CTF7038","PICKLE SPEARS CAN","DILL PICKLE SPEARS APPROXIMATELY 3 1/2 - 4 3/4 INCHES LONG US GRADE A CATERING","SPECIFY","","CS",6,"10 CN",400,null,"",""]
[null,266,"F1085","PIE SHELLS","PIE SHELLS 9 INCH DEEP","SPECIFY",null,"CS",20,"SHELLS",10,null,"",""]
[null,267,"F1086","PIZZA BREAKFAST SAUSAGE","NARDONE BROS®WHOLE WHEAT SAUSAGE BREAKFAST MUST PROVIDE 1 OZ EQUIVALENT MEAT/MEAT ALERNATE 1.5 OZ EQUIVALENT GRAINS AND 1/8 CUP RED/ORANGE VEGETABLE FOR THE CHILD NUTRITION MEAL PATTERN REQUIREMENTS. COMMERICAL BACK-UP OF COMMODITY PRODUCT OR FOR NOI PRICING","NARDONES BROS OR APPROVED EQUIVALENT","80WS100","CS",80,"3.30 OZ",700,null,"",""]
[null,268,"F1087","PIZZA STUFFED CRUST CHEESE","WHOLE WHEAT WEDGE STUFFED CRUST CHEESE PIZZA WGR FROZEN BULK PACK FAT GRAMS NOT TO EXCEED 17GM SODIUM NOT TO EXCEED 445MG CN LABEL OR PRODUCT ANALYSIS SHEET TO PROVIDE A MINIMUM 2 MMA AND 2 GRAIN EQ. 1/8 RO VEGETABLE  CASE PACK 70 CT. COMMERICAL BACK-UP OF COMMODITY PRODUCT OR FOR NOI PRICING","NARDONES BROS OR APPROVED EQUIVALENT","72WWSCM2","CS",70,"4.95 OZ",600,null,"",""]
[null,269,"F1088","PIZZA STUFFED CRUST PEPPERONI","WHOLE WHEAT WEDGE STUFFED CRUST COIN PEPPERONI PIZZA.  WGR FROZEN BULK PACK FAT GRAMS NOT TO EXCEED 21GM SODIUM NOT TO EXCEED 665MG CN LABEL OR PRODUCT ANALYSIS SHEET TO PROVIDE A MINIMUM 2 MMA AND 2 GRAIN EQ. 1/8 RO VEGETABLE CASE PACK 70. COMMERICAL BACK-UP OF COMMODITY PRODUCT OR FOR NOI PRICING","NARDONES BROS OR APPROVED EQUIVALENT","C72WWSCMP2","CS",70,"4.95 OZ",600,null,"",""]
[null,270,"F1089","POCKET TURKEY HAM & CHEESE IW","POCKET TURKEY HAM & CHEESE EACH 3.0 OZ MUST MEET 1 M/MA AND 1OZ GRAIN FOR STUDENT NUTRITION BREAKFAST PROGRAM, IW","ALBIE'S OR APPROVED EQUIVALENT",835,"CS",60,"3 OZ",1500,null,"",""]
[null,271,"D1086","POPTART STRAWBERRY","POP-TART MADE WITH WHOLE GRAIN FROSTED STRAWBERRY.   1.76OZ  MUST MEET 1OZ GRAIN EQUIVALENT. CALORIES SHOULD NOT EXCEED 200  SUGAR SHOULD NOT EXCEED 18G","KELLOGG’S OR APPROVED EQUIVALENT",55130,"CS",120,"1.76 OZ",1000,null,"",""]
[null,272,"F1090","PORK BBQ PATTY","FULLY COOKED FLAMEBROILED RIB SHAPED PORK PATTIE WITH HONEY BBQ SAUCE, 3.25OZ","TYSON OR APPROVED EQUIVALENT",3716,"CS",100,"3.25 OZ",750,null,"",""]
[null,273,"F1091","PORK CARNITAS","PORK CARNITAS LOWER SODIUM","BROOKWOOD FARMS OR APPROVED EQUIVALENT",12303,"CS",1,"20 lb",200,null,"",""]
[null,274,"F1092","PORK DICED COOKED","BONELESS PORK STEW MEAT (1/4\" TRIM) THIS 30 LB. CASE PROVIDES 240 SERVINGS 2.00 OZ EACH. EACH 2.00 OZ SERVING (BY WEIGHT) OF COOKED DICED PORK PROVIDES 2.00 OZ EQUIVALENT MEAT FOR CHILD NUTRITION MEAL PATTERN REQUIREMENTS","SPECIFY",null,"CS",2,"5 LB",25,null,"",""]
[null,275,"F1093","PORK LOIN ROAST","PORK LOIN BONELESS IMPS #413 FROZEN UNCOOKED USDA INSPECTED FRESH PORK LOINS BONELESS SINGLE MUSCLE. ALL SURFACE FAT IN EXCESS OF 1/4\" IN DEPTH SHALL BE REMOVED. NATURAL UNSEASONED NO ADDED SODIUM MSG OR SOLUTIONS PERMITTED SODIUM CONTENT NOT TO EXCEED 100 MG PER 4 OUNCE PORTION.  ACCEPTABLE PACK SIZE: ENCASED & COMMERCIALLY SEALED IN MOISTURE/VAPOR-PROOF POLYFILM 2 TO 6 LOINS PER CASE EACH LOIN TO WEIGH BETWEEN 8-18 LB PACKAGE","SPECIFY",null,"CS",1,"50 lb",40,null,"",""]
[null,276,"F1094","PORK SAUSAGE","SAUSAGE PORK BULK","SPECIFY",null,"CS",2,"5 lb",500,null,"",""]
[null,277,"F1095","PORK SAUSAGE PATTY ","EACH 1.33 OZ COOKED PORK SAUSAGE PATTY PROVIDES 1.00 OZ EQUIVALENT MEAT FOR CHILD NUTRITION MEAL PATTERN REQUIREMENTS LESS THAN 200MG IN SODIUM PER SERVING","JTM OR APPROVED EQUIVALENT","CP54649","CS",360,"1.33 OZ",300,null,"",""]
[null,278,"F1096","PORK SHREDDED","PULLED PORK BBQ W/ VINEGAR MARINADE/SEMI DRIY LESS THAN 274 MG OF SODIUM PER SERVING CN LABLED THAT EACH 4 OZ SERVING MEETS 2 OZ MEAT EQUIVALENT. COMMERICAL BACK-UP OF COMMODITY PRODUCT OR FOR NOI PRICING","BROOKWOOD FARMS OR APPROVED EQUIVALENT",12302,"CS",4,"5 LB",1010,null,"",""]
[null,279,"CTF7071","POTATO BABY BAKERS","BABY BAKER POTATOES WHOLE OVEN ROASTED GARLIC  CATERING","SPECIFY",null,"CS",6,"2.5LB",25,null,"",""]
[null,280,"F1097","POTATO CRINKLE CUT","BAKABLE REGULAR REDUCED SODIUM CRINKLE FRIES 3/8\" l ≤ 160MG SODIUM PER SERVING CN LABLED","McCAIN OR APPROVED EQUIVALENT","MCF03761","CS",6,"5 LB",1000,null,"",""]
[null,281,"D1087","POTATO HASHBROWN DEHYDRATED"," DEHYDRATED POTATOES ","IDAHOAN OR APPROVED EQUIVALENT","29700 00808","CS",6,"2.125 lb",1200,null,"",""]
[null,282,"F1098","POTATO HASHBROWN PATTIES","2 OVALS PROVIDE 1/2 CUP VEGETABLE EQUIVALENT.","ORE-IDA OR APPROVED EQUIVALENT","OIF00589A","CS",6,"2.8125 lb",1345,null,"",""]
[null,283,"D1088","POTATO PEARLS","POTATO PEARLS NATURE'S OWN MASHED REDUCED SODIUM","BASIC AMERICAN FOODS OR APPROVED EQUIVALENT",10169,"CS",10,"29.3 oz",1500,null,"",""]
[null,284,"F1099","POTATO SPIRAL","BAKABLE SEASONED SPIRALS ≤ 240MG PER SERVING CN LABLED","McCAIN OR APPROVED EQUIVALENT",1000004108,"CS",6,"4 LB",1500,null,"",""]
[null,285,"F1100","POTATO STRAIGHT CUT","POTATOES / FRENCH FRIES FROZEN: 10071179036715 SIMPLOT SEASONEDCRISP® SAVORY REDUCED SODIUM 5/16” X 3/8” SC 6/5 LB. 52% LESS SODIUM THAN OUR REGULAR SAVORY THIN CUT FRIES (180MG VS 380MG SODIUM PER 84G REFERENCE AMOUNT). TO BE PACKED TO U.S. GRADE A STANDARDS SKIN-ON 5/16” X 3/8” STRAIGHT CUT POTATOES PROCESSED IN VEGETABLE OIL OVEN-READY PREPARATION.","SIMPLOT OR APPROVED EQUIVALENT","100-71179036715","CS",30,"LB",1000,null,"",""]
[null,286,"F1101","POTATO TATER TOTS","TATER TOTS SHAPED POTATOES ZERO GRAMS TRANS FAT OVEN-BAKED.  71G SERVING PROVIDE 1/2 CUP STARCH VEGETABLE FOR THE CHILD NUTRITION MEAL PROGRAM.","MCCAIN FOODSERVICE OR APPROVED EQUIVALENT",1000002789,"CS",6,"5 LB",1000,null,"",""]
[null,287,"F1102","POTATO WAFFLE CUT","FRENCH FRIES WAFFLE CUT BAKEABLE REDUCED SODIUM ≤ 75MG PER SERVING CN LABLED","McCAIN OR APPROVED EQUIVALENT","OIF01037A","CS",6,"4.5 LB",500,null,"",""]
[null,288,"F1103","PRETZELS IW","HEARTZELS WHOLE GRAIN WHEAT FLOUR/ENRICHED WHEAT FLOUR RED GOLD MEET 1 OZ GRAIN","ROLD GOLD OR APPROVED EQUIVALENT","000-28400-15940-1","CS",104,".7 OZ",500,null,"",""]
[null,289,"D1089","PUMPKIN","100% PURE SOLID PACK U.S. GRADE A OR U.S. FANCY","LIBBY'S OR APPROVED EQUIVALENT","","CS",6,"10 CN",100,null,"",""]
[null,290,"CTF7039","RELISH PICKLE DILL","RELISH PICKLE DILL CATERING","SPECIFY",null,"CS",4,"1 GAL",10,null,"",""]
[null,291,"CTF7040","RELISH PICKLE SWEET","RELISH PICKLE SWEET CATERING","SPECIFY",null,"CS",4,"1 GAL",5,null,"",""]
[null,292,"F1104","RICE VEGETABLE FRIED","VEGETABLE FRIED RICE WHOLE GRAIN.  NO MSG ADDED.  5# BAGS","ASIAN FOODS OR APPROVED EQUIVALENT",78001,"CS",8,"5 lb",600,null,"",""]
[null,293,null,"RICE WHOLE GRAIN BROWN PARBOILED","RICE LONG GRAIN PARBOILED 51% WHOLE GRAIN TO MEET NSLP BREAD REQ. LONG GRAIN RICE ENRICHED WITH THIAMIN RIBOFLAVIN NIACIN FOLIC ACID AND IRON. VITAMIN D AND CALCIUM MAY BE ADDED. NO 1 GRADE","SPECIFY",null,"BAG",25,"LB",500,null,"",""]
[null,294,"CTF7072","ROLL CINNAMON ","CINNAMON ROLLS FROZEN INDIVIDUALLY BULK PACKED APPROX 3 OZ EACH FREEZER TO OVEN NO PROOFING REQUIRED.  MUST PROVIDE 2 GB IN THE SBP. PILLSBURY SUPREME™ FREEZER-TO-OVEN CINNAMON ROLL 3 OZ  CATERING","PILLSBURY OR APPROVED EQUIVALENT",105358000,"CS",100,"3 OZ",50,null,"",""]
[null,295,"F1105","ROLL CINNAMON IW","WHITE WHOLE WHEAT HONEY ROLL DOUGH LAYER PACKED WHOLE GRAIN MEETS 2 OZ EQUIVALENT GRAINS","BRIDGEFORD OR APPROVED EQUIVALENT",6737,"CS",180,"2 OZ",3500,null,"",""]
[null,296,"CTF7073","ROLL DINNER WHITE","ROLL DINNER WHITE HEAT & SERVE 1.5OZ CATERING","BRIDGEFORD OR APPROVED EQUIVALENT",6655,"CS",75,"1.5OZ",100,null,"",""]
[null,297,"F1106","ROLL HONEY WHEAT","CINNAMON ROLL WHOLE GRAIN RTL IW MEETS 2 GRAINS","BAKE CRAFTERS OR APPROVED EQUIVALENT",1287,"CS",72,"2.8 OZ",2000,null,"",""]
[null,298,"F1107","SANDWICH TURKEY HAM & CHEESE","TURKEY HAM & CHEESE SUB, 5\" MEETS 2 OZ M/MA AND 2 OZ WG EQ FOR NSP","CLASSIC DELIGHT OR APPROVED EQUIVALENT",311,"CS",45,"4.8 OZ",1500,null,"",""]
[null,299,"CTF7041","SAUCE A-1","ORIGINAL STEAK SAUCE CATERING","KRAFT OR APPROVED EQUIVALENT","00-54400000200","CS",12,"10 OZ",10,null,"",""]
[null,300,null,"SAUCE BBQ GAL","BARBECUE SAUCE ORIGINAL - NO STARCHES OR GUMS. HEAT-PROCESSED TO PROVIDE STABILITY AT ROOM TEMPERATURE. A REDDISH-BROWN SAUCE WITH A BBQ FLAVOR-LOW HEAT LOW SMOKE. ","SWEET BABY RAY'S OR APPROVED EQUIVALENT","SJ0440HF","CS",4,"1 GAL",100,null,"",""]
[null,301,"CTF7042","SAUCE BRISKET MARINADE","SAUCE BRISKET MARINADE  CATERING","CLAUDES OR APPROVED EQUIVALENT",null,"CS",4,"1 GAL",15,null,"",""]
[null,302,"F1108","SAUCE CHEESE ALFREDO","ALFREDO SAUCE FROZEN BAGS READY TO HEAT AND SERVE.  PASTEURIZED PROCESS CHEESE.  30 POUND CASE PROVIDES 262 SERVINGS 1.83OZ EACH.   EACH 1.83OZ SERVING PROVIDES 1.00 OZ EQUIVALENT MEAT ALTERNATE FOR CHILD NUTRITION MEAL PATTERN REQUIREMENTS.","JTM OR APPROVED EQUIVALENT",5722,"CS",6,"5 LB ",400,null,"",""]
[null,303,"F1109","SAUCE CHEESE GOLDEN HATCH","GOLDEN HATCH CHEESE SAUCE PROVIDES 1.00 OZ EQUIVALENT MEAT ALTERNATE FOR CHILD NUTRITION MEAL PATTERN REQUIREMENTS","JTM OR APPROVED EQUIVALENT",5731,"CS",6,"5LB BAG",200,null,"",""]
[null,304,"F1110","SAUCE CHEESE QUESO BLANCO","CHEESE SAUCE WHITE CHEDDAR W/SALSA VERDE READY TO SERVE 3OZ = 1 MMA.  POUCHES 6/5# FAT GRAMS NOT TO EXCEED 7G.  SODIUM NOT TO EXCEED 600MG","JTM OR APPROVED EQUIVALENT",5718,"CS",6,"5 LB",500,null,"",""]
[null,305,"F1111","SAUCE CHEESE THREE","THREE CHEESE SAUCE PROVIDES 1.00 OZ EQUIVALENT MEAT ALTERNATE FOR CHILD NUTRITION MEAL PATTERN REQUIREMENTS","JTM OR APPROVED EQUIVALENT",5730,"CS",6,"5LB",500,null,"",""]
[null,306,"D1090","SAUCE CHEESE ULTIMATE CHEEDAR","CHEESE SAUCE READY TO SERVE REDUCED FAT CHEDDAR:  CANNED OR POUCHES CHEDDAR 3 OZ = 1MMA.  6/#10 OR POUCHES 6/5#  FAT GRAMS NOT TO EXCEED 10G SODIUM NOT TO EXCEED 570MG.  AVAILABLE FOR NET OFF INVOICE  LAND O LAKES PREFERRED. FOR NOI PRICING","LAND O'LAKES OR APPROVED EQUIVALENT",39940,"CS",6,"5 LB",500,null,"",""]
[null,307,"D1091","SAUCE CRANBERRY","CRANBERRIES JELLIED U.S. GRADE A OR U.S. FANCY RESEALABLE","OCEAN SPRAY OR APPROVED EQUIVALENT",1401,"CS",6,"101 OZ",75,null,"",""]
[null,308,"D1092","SAUCE HOT PC","SABOR BY TEXAS PETE MEXICAN HOT SAUCE PC","TEXAS PETE OR APPROVED EQUIVALENT",null,"CS",200,7,1000,null,"",""]
[null,309,"D1093","SAUCE MANWICH SLOPPY JOE","SAUCE SLOPPY JOE MANWICH","MANWICH OR APPROVED EQUIVALENT","27000-44181","CS",6,"#10 CAN",500,null,"",""]
[null,310,"D1100","SAUCE ORANGE","RTU - PRONOUNCED SWEETNESS AND SOURNESS WITH ORANGE FLAVOR. THICK LIGHT BROWN GLAZE","KIKKOMAN OR APPROVED EQUIVALENT","0-1576","CS",4,".5 GAL",250,null,"",""]
[null,311,"D1094","SAUCE PICANTE","PICANTE SAUCE THICK AND CHUNKY","SPECIFY","","CS",4,"1 GAL",23,null,"",""]
[null,312,"D1095","SAUCE PICANTE PC","PICANTE SAUCE PC","SPECIFY","","CS",200,".5 OZ",200,null,"",""]
[null,313,"D1096","SAUCE SOY PC","SOY SAUCE INDIVIDUAL PACKETS LOW SODIUM","SPECIFY","","CS",500,"9 GR",150,null,"",""]
[null,314,"D1097","SAUCE TOMATO","TOMATO SAUCE FROM MATURE WHOLE AND TRIMMED TOMATOES OF GOOD COLOR ARE STRAINED AND PARTIALLY CONCENTRATED BEFORE THEY ARE BLENDED WITH ONIONS, GARLIC, AND OTHER NATURAL FLAVORING TO ACHIEVE A SMOOTH AND FREE FLOWING SAUCE. MAKING FROM CONCENTRATE ASSURES THE COLOR, QUALITY AND CONSISTENCY ARE ALWAYS JUST RIGHT. ZERO TRANS FATS. GLUTEN FREE. LOW SODIUM","RED GOLD OR APPROVED EQUIVALENT","RPKHA99","CS",6,"10 CN",400,null,"",""]
[null,315,"D1098","SAUCE TOMATO MARINARA","NUTRITIONALLY ENHANCED MARINARA SAUCE 70% LOWER IN SODIUM ","RED GOLD OR APPROVED EQUIVALENT","RPKNA9E","CS",6,"10 CN",500,null,"",""]
[null,316,"D1099","SAUCE TOMATO SPAGHETTI ","SPAGHETTI SAUCE NUTRIENT ENHANCED LOW SODIUM","RED GOLD OR APPROVED EQUIVALENT","RPKMA9E","CS",6,"10 LB",750,null,"",""]
[null,317,"CTF7043","SAUCE WORCESTERSHIRE","WORCESTERSHIRE SAUCE BULK CATERING","SPECIFY","","CS",4,"1 GAL",5,null,"",""]
[null,318,"D1101","SHELL TACO","WHOLE GRAIN CORN FULLY COOKED TACO SHELL 6\"","MEX ORIG OR APPROVED EQUIVALENT","24850-621","CS",1,"200 CT",500,13.85,6925,13.85,null,"El Charro",200,"no","This product will be produced 24 hours prior to delivery to RISD. This product is certified NMTRUE and produced in Roswell NM"]
[null,319,"D1102","SHELL TOSTADA","WHOLE GRAIN CORN FULLY COOKED TOSTADA SHELL 5.5\"","MEX ORIG OR APPROVED EQUIVALENT","23194-621","CS",1,"200 CT",300,13,3900,13,null,"El Charro",200,"no","This product will be produced 24 hours prior to delivery to RISD. This product is certified NMTRUE and produced in Roswell NM"]
[null,320,"D1103","SOUP CREAM OF CHICKEN","HEALTHY REQUEST CONDENSED SOUP CREAM OF CHICKEN","CAMPBELLS OR APPROVED EQUIVALENT",4143,"CS",12,"50 OZ",200,null,"",""]
[null,321,"D1104","SOUP CREAM OF MUSHROOM","HEALTHY REQUEST CONDENSED SOUP CREAM OF MUSHROOM","CAMPBELLS OR APPROVED EQUIVALENT",4144,"CS",12,"50 OZ",175,null,{"$f":"IF(L326*K326= 0,\"\",L326*K326)","v":""},{"$f":"IF(L326/I326= 0,\"\",L326/I326)","v":""}]
[null,322,"CTF7044","SOUR CREAM LIGHT","SOUR CREAM LIGHT CATERING","SPECIFY","","CS",2,"5 LB",20,null,"",""]
[null,323,"D1105","SOUR CREAM LIGHT PC","SOUR CREAM LIGHT PC","SPECIFY","","CS",100,"1 OZ",175,null,"",""]
[null,324,"D1106","SPICE BASIL","BASIL LEAF WHOLE LEAF  ","SPECIFY",null,"CS",1,"1.62 LB",63,null,"",""]
[null,325,"D1107","SPICE BAY LEAVES","BAY LEAVES","SPECIFY",null,"BTL",1,"30 OZ",10,null,"",""]
[null,326,"D1108","SPICE CHILI","CHILI POWDER LIGHT FINE GRIND MILD  NO OTHER ADDITIVES","BUENO OR APPROVED EQUIVALENT","","BTL",1,"5 LB",150,null,"",""]
[null,327,"D1109","SPICE CINNAMON","CINNAMON GROUND","MCCOMICK'S OR APPROVED EQUIVALENT",null,"BTL",1,"18 OZ",50,null,"",""]
[null,328,"D1110","SPICE CUMIN","CUMIN","SPECIFY",null,"BTL",1,"4.5 LB",10,null,"",""]
[null,329,"D1111","SPICE FAJITA","FAJITA SEASONING AND MARINADE SALT FREE","SPECIFY",null,"BTL",1,"30 OZ",145,null,"",""]
[null,330,"D1112","SPICE GARLIC POWDER","GARLIC GRANUATED","SPECIFY",null,"BTL",1,"7.25 LB",175,null,"",""]
[null,331,"D1113","SPICE ITALIAN BLEND","ITALIAN BLEND SALT FREE NO MSG","SPECIFY",null,"BTL",1,"9.5 OZ",75,null,"",""]
[null,332,"D1114","SPICE LEMON PEPPER","SPICE LEMON PEPPER LOW SODIUM","SPECIFY",null,"EA",1,"1 LB",100,null,"",""]
[null,333,"D1115","SPICE MUSTARD DRY","MUSTURD DRY","COLEMAN'S OR APPROVED EQUIVALENT",null,"BTL",1,"14 OZ",60,null,"",""]
[null,334,"D1116","SPICE ONION DEHYDRATED","ONION DEHYDRATED","SPECIFY","","BOX",15,"16 OZ",75,null,"",""]
[null,335,"D1117","SPICE ONION POWDER","ONION POWDER","SPECIFY",null,"BTL",1,"6 LB",25,null,"",""]
[null,336,"D1118","SPICE OREGANO","OREGANO GROUND COURSE","SPECIFY",null,"BTL",1,"16 OZ",15,null,"",""]
[null,337,"D1119","SPICE PAPRIKA","PAPRIKA SPICE","SPECIFY",null,"BTL",1,"5.5LB",25,null,"",""]
[null,338,"D1120","SPICE PARSLEY","DEHYDRATED PARSLEY FLAKES ","SPECIFY",null,"BTL",1,"11 0Z",50,null,"",""]
[null,339,"D1121","SPICE PEPPER BLACK","BLACK PEPPER GROUND COURSE ","SPECIFY",null,"EA",1,"5 LB",40,null,"",""]
[null,340,"CTF7045","SPICE PEPPER BLACK PC","BLACK PEPPER GROUND COURSE INDIVIDUAL PACKETS CATERING","SPECIFY","","CS",3000,".5 GM",20,null,"",""]
[null,341,"D1122","SPICE PEPPER WHITE","WHITE PEPPER GROUND COURSE ","SPECIFY",null,"BTL",1,"5 lb",20,null,"",""]
[null,342,"D1123","SPICE POULTRY","POULTRY SEASONING SALT FREE ","SPECIFY",null,"BTL",1,"10 OZ",15,null,"",""]
[null,343,"D1124","SPICE PUMPKIN PIE","PUMPKIN PIE SPICE  CINNAMON GINGER NUTMEG ALLSPICE AND SULFATING AGENTS.","MCCOMICK'S OR APPROVED EQUIVALENT",5210032310,"CS",6,"1 LB",225,null,"",""]
[null,344,"D1125","SPICE SAGE","SAGE GROUND ","SPECIFY",null,"BTL",1,"18 OZ",10,null,"",""]
[null,345,"D1126","SPICE SALT","SALT TABLE EVAPORATED IODIZED","SPECIFY","","BAG",25,"LB",60,null,"",""]
[null,346,"D1127","SPICE SALT FREE","SEASONING 100% SALT FREE ONION, SPICES (BLACK PEPPER, PARSLEY, CELERY SEED, BASIL, BAY MARJORAM, OREGANO, SAVORY, THYME, CAYENNE PEPPER, CORIANDER, CUMIN, MUSTARD, ROSEMARY), GARLIC, CARROT, ORANGE PEEL, TOMATO, LEMON JUICE POWDER, CITRIC ACID, OIL OF LEMON","MRS. DASH OR APPROVED EQUIVALENT",605021603287,"CS",1,"21 OZ",500,null,"",""]
[null,347,"D1128","SPICE SALT KOSHER","SALT KOSHER","DIAMOND CRYSTAL OR APPROVED EQUIVALENT",null,"CS",12,"LB",10,null,"",""]
[null,348,"CTF7046","SPICE SALT PC","SALT TABLE EVAPORATED IODIZED PC CATERING","SPECIFY","","CS",6000,".5 GM",15,null,"",""]
[null,349,"D1129","SPICE STEAK BLEND","MONTREAL STEAK SEASONING SALT FREE","SPECIFY",null,"BTL",1,"7 LB",85,null,"",""]
[null,350,"D1130","SPICE TACO","TACO SEASONING SALT FREE","SPECIFY","","CS",6,"6.6 OZ",150,null,"",""]
[null,351,"D1131","STUFFING","UNCLE BEN'S CLASSIC CORNBREAD STUFFING MIX BLEND OF 2 KINDS OF BREAD CRUMBS SEASONINGS AND FLAVORS.","UNCLE BEN’S OR APPROVED EQUIVALENT",13508,"CS",6,"3.5 LB",110,null,"",""]
[null,352,"D1132","SUGAR","SUGAR GRANULATED EXTRA FINE","SPECIFY","","BAG",25,"LB",80,null,"",""]
[null,353,"D1133","SUGAR BROWN","SUGAR BROWN NED 10X","SPECIFY","","CS",24,"2 LB",15,null,"",""]
[null,354,"D1134","SUGAR PC","SUGAR PURE CANE PACKET","SPECIFY",null,"CS",2000,"0.1 OZ",5,null,"",""]
[null,355,"D1135","SUGAR PC ARTIFICIAL SWEETENER ","ARTIFICIAL SWEETENER INDIVIDUAL PACKETS ","SPECIFY","","CS",2500,"CT",5,null,"",""]
[null,356,"CTF7047","SUGAR POWDERED","SUGAR POWDERED 6X CATERING","SPECIFY","","BAG",1,"25 LB",7,null,"",""]
[null,357,"D1136","SYRUP PC","MAPLE FLAVORED. READY TO SERVE PORTION CONTROL CUP 1.4OZ TO 1.6OZ SERVING SIZE    ","SPECIFY",null,"CS",100,"1.4-1.5 OZ",2000,null,"",""]
[null,358,"D1137","TAJIN PC","SEASONING TAJIN LOW SODIUM PC","TAJIN OR APPROVED EQUIVALENT",null,"CS",1000,".05 OZ",200,null,"",""]
[null,359,null,"TAMALES CHICKEN GREEN CHILE","TAMALE CHICKEN GREEN CHILE NO FILLERS 0G TRANS FAT HEAT & SERVE MEETS NEW MEXICO GROWN REQUIREMENTS","BUENO OR APPROVED EQUIVALENT","1370-3","CS",60,"3 OZ",1000,null,"",""]
[null,360,null,"TAMALES PORK RED CHILE","TAMALE PORK RED CHILE NO FILLERS 0G TRANS FAT HEAT & SERVE MEETS NEW MEXICO GROWN REQUIREMENTS","BUENO OR APPROVED EQUIVALENT","1375-3","CS",60,"3 OZ",1000,null,"",""]
[null,361,"D1138","TOMATO DICED","TOMATOES DICED GRADE A LOW SODIUM (140 MILLIGRAMS OF SODIUM OR LESS PER SERVING).","SPECIFY",null,"CS",6,"10 CN",600,null,"",""]
[null,362,"D1139","TOMATO PASTE","TOMATO PASTE 26% SOLID HEAVY CONCENTRATION NET WEIGHT 114 OZ GRADE A LOW SODIUM (140 MILLIGRAMS OF SODIUM OR LESS PER SERVING).","SPECIFY","","CS",6,"10 CN",300,null,"",""]
[null,363,"F1112","TORNADO STEAK AND CHEESE","SHREDDED RANCHERO STEAK AND CHEESE WHOLE GRAIN RUIZ  144/2.79OZ","RUIZ FOODS OR APPROVED EQUIVALENT",86585,"CS",144,"2.79 OZ",500,null,"",""]
[null,364,"C1041","TORTILLA CORN","6” WHITE CORN MADE FROM CORN FLOUR OR MEAL - MADE FROM ENRICHED CORN MEAL.  EACH SHELL MUST BE A MINIMUM OF 25 GRAMS TO MEET 1 GB IN THE NSLP.","MISSION OR APPROVED EQUIVALENT",10630,"CS",60,"12 CT",250,18,4500,0.3,null,"El Charro",720,"no","This product will be packed in 6/120 count packages. This product will be produced 24 hours prior to delivery to RISD. This product is certified NMTRUE, and produced in Roswell NM"]
[null,365,null,"TORTILLA CORN STREET 4.5\"","4.5\" CORN TORTILLA","MISSION OR APPROVED EQUIVALENT",73731071519,"CS",12,"12CT",2000,4.5,9000,0.375,null,"El Charro",144,"no","This product will be packed in 2/72 count packages. This product will be produced 24 hours prior to delivery to RISD. This product is certified NMTRUE and is produced in Roswell NM"]
[null,366,"CTF7006","TORTILLA FLOUR  10\"","10\" FLOUR TORTILLA FOR BURRITOS   NOT WHOLE GRAIN CATERING","BUENO OR APPROVED EQUIVALENT",null,"CS",12,"12 CT",4000,31.68,126720,2.64,null,"El Charro",144,"no","This product is certified NMTRUE"]
[null,367,"CTF7007","TORTILLA FLOUR  6\"","6\" FLOUR TORTILLA FOR SOFT TACOS/FAJITAS  NOT WHOLE GRAIN CATERING","BUENO OR APPROVED EQUIVALENT",null,"CS",12,"12CT",100,30,3000,2.5,null,"El Charro",144,"no","This product is certified NMTRUE"]
[null,368,"C1042","TORTILLA FLOUR 6\" WG","6\" WHOLE WHEAT FLOUR WHOLE GRAIN - FRESH","NM FOODS OR APPROVED EQUIVALENT",3523783021,"CS",12,"12 CT",2400,32,76800,2.6666666666666665,null,"El Charro",144,"no","This product is certified NMTRUE"]
[null,369,"C1043","TORTILLA FLOUR 9\" WG","9’ WHOLE WHEAT FLOUR MUST BE UNIFORM IN SIZE - MADE FROM ENRICHED FLOUR UNIFORM IN SIZE AND A MINIMUM OF 54 GRAMS TO MEET 2 GB IN THE NSLP WHOLE GRAIN - FRESH","NM FOODS OR APPROVED EQUIVALENT",3523783021,"CS",12,"12 CT",3800,32,121600,2.6666666666666665,null,"El Charro",144,"no","This product is certified NMTRUE"]
[null,370,"F1113","TURKEY BREAST DELI","SLICED OVEN ROASTED REDUCED SODIUM BY 30% .5 OZ SLICE FROZEN COMMERICAL BACK-UP OF COMMODITY PRODUCT OR FOR NOI PRICING","JENNY O OR APPROVED EQUIVALENT ",2099,"CS",12,"1 LB",600,null,"",""]
[null,371,"F1114","TURKEY HAM DELI","SLICED 5% WATER ADDED NATURALLY LEAN REDUCED SODIUM BY 26% 94% FAT FREE .51 OZ SLICE FROZEN CN LABLED COMMERICAL BACK-UP OF COMMODITY PRODUCT OR FOR NOI PRICING","JENNY O OR APPROVED EQUIVALENT ",2565,"CS",12,"1 LB",700,null,"",""]
[null,372,"F1115","TURKEY ROAST","U.S. GRADE A FROZEN ROASTS PREPARED FROM BREAST MEAT THIGH MEAT AND SKIN OF YOUNG READY-TO-COOK TURKEYS WITH WATER SALT AND SODIUM PHOSPHATES ADDED. ROASTS ARE AT LEAST 47% BREAST MEAT WITH A MAXIMUM OF 34% THIGH MEAT AND 12.5% SKIN. THE ROASTS IN ONE CONTAINER WILL NOT VARY MORE THAN 2 LB PER ROAST. EACH ROAST WILL BE 9 TO 17 INCH IN LENGTH AND 4 TO 7 INCH IN DIAMETER AND WILL BE TIED OR PLACED IN COTTON NETTING. (4) 8-12 POUNDS PER CASE COMMERICAL BACK-UP OF COMMODITY PRODUCT OR FOR NOI PRICING","SPECIFY",null,"LB",4,"8-12 LBS",100,null,"",""]
[null,373,"F1116","TURKEY SAUSAGE PATTY","SAUSAGE PATTY FORMED FULLY COOKED REDUCED FAT TURKEY SAUSAGE PATTIES 2.5” ONE 1.5 OZ. PATTY PROVIDES 1 OZ. PROTEIN EQUIVALENT LESS THAN 320 MG OF SODIUM","JENNY O OR APPROVED EQUIVALENT ",100124,"CS",133,"1.22 OZ",150,null,"",""]
[null,374,"D1140","VANILLA","VANILLA IMITATION FLAVOR NO ALCOHOL","SPECIFY","","CS",6,"32 OZ",5,null,"",""]
[null,375,"F1117","VEG BROCCOL FROZEN","VEGETABLEBROCCOLI CUTS FROZEN GRADE A","SPECIFY","","CS",12,"2.5 LB",350,null,"",""]
[null,376,"F1118","VEG CALIFORNIA BLEND","CALIFORNIA BLEND/ FROZEN GRADE A CARROTS BROCCOLI CAULIFLOWER","SPECIFY","","CS",20,"LB",50,null,"",""]
[null,377,"F1119","VEG CARROTS DICED","CARROTS FROZEN GRADE A DICED","SPECIFY",null,"CS",1,"30 LB",375,null,"",""]
[null,378,"F1120","VEG CARROTS SLICED","CARROTS FROZEN GRADE A","SPECIFY",null,"CS",20,"LB",75,null,"",""]
[null,379,"F1121","VEG CHILE GREEN HOT","GREEN CHILE HOT DICED FROZEN","M A SONS, BUENO OR APPROVED EQUIVALENT",null,"CS",6,"3.5 LB",600,null,"",""]
[null,380,"F1122","VEG CHILE GREEN MILD","GREEN CHILE FROZEN DICED MILD","M A SONS, BUENO OR APPROVED EQUIVALENT","","CS",5,"5 LB",1200,null,"",""]
[null,381,"F1123","VEG CHILE RED HOT","RED CHILE PUREE  HOT  FROZEN","M A SONS, BUENO OR APPROVED EQUIVALENT",null,"CS",6,"3.5 LB",150,null,"",""]
[null,382,"F1124","VEG CHILE RED MILD","RED CHILE PUREE MILD FROZEN","M A SONS, BUENO OR APPROVED EQUIVALENT","","CS",6,"3.5 LB",250,null,"",""]
[null,383,"D1141","VEG CORN CANNED","US GRADE B VACUUM PACKED LOW SODIUM (140 MILLIGRAMS OF SODIUM OR LESS PER SERVING).","SPECIFY","","CS",6,"10 CN",600,null,"",""]
[null,384,"F1125","VEG CORN FROZEN","CORN SWEET WHOLE KERNEL: FROZEN TO MEET THE STANDARD U. S. GRADE A  YELLOW OR GOLDEN TO BE PACKED IN POLY BAG LINER IN CASES WITH POLY BAG \"TUCKED\" TO COMPLETELY COVER AND PROTECT THE PRODUCT FROM FREEZER BURN. 20#","SPECIFY",null,"CS",1,"20 LB",1000,null,"",""]
[null,385,"F1126","VEG FAJITA BLEND","VEGETABLE BLEND FAJITA ONIONS GREEN & RED PEPPERS","CLASSIC OR APPROVED EQUIVALENT",74662,"CS",12,"32 OZ",500,null,{"$f":"IF(L390*K390= 0,\"\",L390*K390)","v":""},{"$f":"IF(L390/I390= 0,\"\",L390/I390)","v":""}]
[null,386,"CTF7074","VEG GREEN BEAN WHOLE FROZEN","GREEN BEANS WHOLE FROZEN GRADE A CATERING","SPECIFY",null,"CS",6,"4 LB",15,null,"",""]
[null,387,"D1142","VEG GREEN BEANS CANNED","GREEN BEANS4 SIEVE CUT 1 ¼ GRADE B LOW SODIUM (140 MILLIGRAMS OF SODIUM OR LESS PER SERVING).","SPECIFY","","CS",6,"10 CN",1800,null,"",""]
[null,388,"F1127","VEG GREEN BEANS FROZEN","GREEN BEANS FROZEN GRADE A","SPECIFY",null,"CS",1,"20 LB",1000,null,"",""]
[null,389,"F1128","VEG OKRA BREADED","OKRA CUT BREADED: IF TO MEET THE STANDARD OF U. S. GRADE A. PRE-BROWNED OVEN READY. CN LABEL OR PRODUCT ANALYSIS SHEET REQUIRED. 4/5#","TASTY BRAND OR APPROVED EQUIVALENT",null,"CS",4,"5 LB",300,null,"",""]
[null,390,"F1129","VEG ONION RINGS BREADED","ONION RINGS BREADED 6/2#: IF CHOPPED AND FORMED PRE-BROWNED OVEN READY IF. PROVIDE 1/4 CUP V/F AND 1 G/B SERVING. CN LABEL OR PRODUCT ANALYSIS SHEET REQUIRED. IDENTIFY FAT GRAMS PER 6 PIECE SERVING.","TASTY BRAND OR APPROVED EQUIVALENT",null,"CS",6,"2 LB",400,null,"",""]
[null,391,"D1143","VINEGAR","","SPECIFY","","CS",4,"1 GAL",110,null,"",""]
[null,392,"F1130","WAFFLE BLUEBERRY IW","WAFFLE MINI BLUEBERRY IW MUST MEET 2 WG EQUIVILENT","PILLSBURY OR APPROVED EQUIVALENT",132264000,"CS",72,"2.2 OZ",1000,null,"",""]
[null,393,"F1131","WAFFLE CHOCOLATE CHIP IW","WAFFLE CHOCOLATE CHIP IW EACH 2.40 OZ SERVING PROVIDES 2.00 EQ GRAINS FOR NSP","TASTY BRAND OR APPROVED EQUIVALENT",55702,"CS",96,"2.40 OZ",850,null,"",""]
[null,394,"F1132","WAFFLE MAPLE BULK","MAPLE WHOLE GRAIN EACH 1.4OZ WAFFLE PROVIDES 1 GRAIN EQUIVALENT.  51% WHOLE GRAIN","BAKE CRAFTERS OR APPROVED EQUIVALENT",1556,"CS",1,"144ct",600,null,"",""]
[null,395,"F1133","WAFFLE MAPLE IW","WAFFLE MINI MAPLE MADNESS IW MUST MEET 2 WG EQUIVILENT","PILLSBURY OR APPROVED EQUIVALENT",132265000,"CS",72,"2.47 OZ",1000,null,"",""]
[null,396,"CTF7048","WALNUTS","WALNUTS CHOPPED CATERING","SPECIFY",null,"CS",3,"2 LB",135,null,"",""]
[null,397,"D1144","WATER BOTTLED","BOTTLED WATER PURIFIED","NESTLE OR APPROVED EQUIVALENT",null,"CS",24,"20 0Z",4500,null,"",""]
[null,398,"D1145","WATER GALLON","WATER SPRING","SPECIFY",null,"CS",6,"GAL",800,null,"",""]
[null,399,"C1044","WHIPPED TOPPING CAN","WHIPPED TOPPING NON-DAIRY CAN LIKE REDI WHIP","SPECIFY",null,"CS",12,"13 OZ",25,null,"",""]
[null,400,"D1146","WHIPPED TOPPING MIX","WHIPPED TOPPING NON-DAIRY DRY POWDER MIX","SPECIFY","","CS",12,"16 OZ",60,null,"",""]
[null,401,"CTF7008","YOGURT BULK PLAIN","NON-FAT BULK CATERING","SPECIFY",null,"CS",6,"30 OZ",55,null,"",""]
[null,402,"C1045","YOGURT CUPS BLUEBERRY","NON-FAT INDIVIDUAL CUPS","UPSTATE FARMS OR APPROVED EQUIVALENT",9816,"CS",48,"4 OZ",500,null,"",""]
[null,403,"C1046","YOGURT CUPS CHERRY VANILLA","NON-FAT INDIVIDUAL CUPS","UPSTATE FARMS OR APPROVED EQUIVALENT",9819,"CS",48,"4 OZ",500,null,"",""]
[null,404,"C1047","YOGURT CUPS RASPBERRY","NON-FAT INDIVIDUAL CUPS","UPSTATE FARMS OR APPROVED EQUIVALENT",9817,"CS",48,"4 OZ",1000,null,"",""]
[null,405,"C1048","YOGURT CUPS RASPBERRY/CHERRY","NON-FAT INDIVIDUAL CUPS","DANNON CREAMY OR APPROVED EQUIVALENT",1956,"CS",48,"4 OZ",1000,null,"",""]
[null,406,"C1049","YOGURT CUPS STRAWBERRY BANANA","NON-FAT INDIVIDUAL CUPS","UPSTATE FARMS OR APPROVED EQUIVALENT",9820,"CS",48,"4 OZ",1000,null,"",""]
[null,407,"C1050","YOGURT IN A BAG","YOGURT IN A BAG VANILLA","YOPLAIT PARFAITPRO OR APPROVED EQUIVALENT",16632000,"CS",6,"64 OZ",400,null,"",""]

{"sheet":"Peterson Farms","index":6,"n_rows":412,"n_cols":19,"rows_kept":412,"cut":false,"hidden":true,"merged":[[0,1,0,4],[0,8,0,10],[0,11,0,14],[1,1,1,4],[1,8,1,10],[1,11,1,14],[3,14,4,14],[2,1,2,4],[2,8,2,10],[2,11,2,14],[3,1,4,1],[3,2,4,2],[3,3,4,3],[3,4,4,4],[3,5,4,5],[3,6,4,6],[3,7,4,7],[3,8,4,9],[3,10,4,10],[3,11,4,11],[3,12,4,12],[3,13,4,13],[3,23,4,23],[3,24,4,24],[3,25,4,25],[3,26,4,26],[3,15,4,15],[3,16,4,16],[3,17,4,17],[3,18,4,18],[3,21,4,21],[3,22,4,22]]}
[null,"ROSWELL INDEPENDENT SCHOOL DISTRICT",null,null,null,null,null,null,"Vendor Name:",null,null,"Peterson Farms Fresh, LLC"]
[null,"CAFETERIA FOOD BID 23-06 FOR SCHOOL YEAR 2023-24",null,null,null,null,null,null,"Vendor Contact",null,null,"Matt Bowles"]
[null,"MUST BE RECEIVED BY MAY 4, 2023 ON CD-R OR FLASH DRIVE  \nSEALED WITH SUPPORTING DOCUMENTS",null,null,null,null,null,null,"Date",null,null,"2023-04-14"]
[null,"ITEM","STOCK ID","ITEM","DESCRIPTION","Approved Brand","Product Code or UPC","BID UNIT","CASE PACK",null,"EST USAGE","BID UNIT PRICE","Extended Total","per UNIT price","VENDOR STOCK NO","BRAND NAME","PACK SIZE","SPECIAL ORDER\nYES  NO","BIDDERS NOTES"]
[]
[null,1,"D1000","APPLESAUCE CANNED","APPLESAUCE GRADE B FANCY NATURAL COLOR UNSWEETENED MUST MEET BUY AMERICAN REQUIREMENTS","SPECIFY","","CS",6,"10 CN",400,null,{"$f":"IF(L6*K6= 0,\"\",L6*K6)","v":""},{"$f":"IF(L6/I6= 0,\"\",L6/I6)","v":""}]
[null,2,"D1001","APPLESAUCE CUPS CINNAMON","CINNAMON UNSWEETENED APPLESAUCE MUST PROVIDE 1/2 CUP FRUIT EQUIVALENT UNDER THE NSLP.  100% ALL NATURAL INGREDIENTS SHELF-STABLE FOR 18 MONTHS NO HIGH FRUCTOSE CORN SYRUP OR ADDED SUGAR FAT FREE 100% VITAMIN C","SPECIFY",null," CS",96,"4.5 OZ",600,28.28,16968,0.29458333333333336,"ASA10013","Peterson Farms","96/4.5oz","No","Minimum order: 2 pallets (128cs) flavors can be mixed at 64 cs each  - Lead time 21 days"]
[null,3,"D1002","APPLESAUCE CUPS PEACH","PEACH UNSWEETENED APPLESAUCE MUST PROVIDE 1/2 CUP FRUIT EQUIVALENT UNDER THE NSLP.  100% ALL NATURAL INGREDIENTS SHELF-STABLE FOR 18 MONTHS NO HIGH FRUCTOSE CORN SYRUP OR ADDED SUGAR FAT FREE 100% VITAMIN C","SPECIFY",null," CS",96,"4.5 OZ",600,28.28,16968,0.29458333333333336,"ASA10017","Peterson Farms","96/4.5oz","No","Minimum order: 2 pallets (128cs) flavors can be mixed at 64 cs each  - Lead time 21 days"]
[null,4,"D1003","APPLESAUCE CUPS PLAIN","PLAIN UNSWEETENED APPLESAUCE MUST PROVIDE 1/2 CUP FRUIT EQUIVALENT UNDER THE NSLP.  100% ALL NATURAL INGREDIENTS SHELF-STABLE FOR 18 MONTHS NO HIGH FRUCTOSE CORN SYRUP OR ADDED SUGAR FAT FREE 100% VITAMIN C","SPECIFY",null," CS",96,"4.5 OZ",600,28.28,16968,0.29458333333333336,"ASA10001","Peterson Farms","96/4.5oz","No","Minimum order: 2 pallets (128cs) flavors can be mixed at 64 cs each  - Lead time 21 days"]
[null,5,"D1004","APPLESAUCE CUPS STRAWBERRY","PLAIN UNSWEETENED APPLESAUCE MUST PROVIDE 1/2 CUP FRUIT EQUIVALENT UNDER THE NSLP.  100% ALL NATURAL INGREDIENTS SHELF-STABLE FOR 18 MONTHS NO HIGH FRUCTOSE CORN SYRUP OR ADDED SUGAR FAT FREE 100% VITAMIN C","SPECIFY",null," CS",96,"4.5 OZ",600,28.28,16968,0.29458333333333336,"ASA10014","Peterson Farms","96/4.5oz","No","Minimum order: 2 pallets (128cs) flavors can be mixed at 64 cs each  - Lead time 21 days"]
[null,6,"CTF7049","AVACADO PULP","AVACADO PULP FROZEN CATERING","SPECIFY",null,"CS",12,"1LBS",70,null,"",""]
[null,7,"F1000","BACON PIECES","BACON ENDS & PIECES","SPECIFY","","CS",12,"3 LB",425,null,"",""]
[null,8,"F1001","BACON PRE-COOKED","FULLY COOKED AND READY TO EAT - SIMPLY WARM & SERVE  100% REAL BACON","HORMEL OR APPROVED EQUIVALENT",3729,"CS",1,300,500,null,"",""]
[null,9,"CTF7050","BACON SLICED THICK","BACON THICK SLICED  CATERING","SPECIFY",null,"CS",15,"LB",30,null,"",""]
[null,10,"CTF7051","BACON SLICED THIN","BACON THIN SLICED CATERNG","SPECIFY",null,"CS",15,"LB",15,null,"",""]
[null,11,"F1002","BAGEL BLUEBERRY","BAGEL WG BLUEBERRY SLICED IW MUST BE WHOLE GRAIN RICH AND PROVIDE 2.0OZ GRAIN EQUIVALENTS.  PORTION TO PROVIDE AT LEAST 115 CALORIES WITH NO MORE THAN 2 GRAMS OF FAT. ","BAKE CRAFTERS OR APPROVED EQUIVALENT",696,"CS",84,"2 OZ",450,null,"",""]
[null,12,"F1003","BAGEL PLAIN","BAGEL WG BLUEBERRY IW MUST BE WHOLE GRAIN RICH AND PROVIDE 2.0OZ GRAIN EQUIVALENTS.  PORTION TO PROVIDE AT LEAST 115 CALORIES WITH NO MORE THAN 2 GRAMS OF FAT. ","BAKE CRAFTERS OR APPROVED EQUIVALENT",982,"CS",84,"2 OZ",450,null,"",""]
[null,13,"D1005","BAKING SODA","SODIUM BICARBONATE","SPECIFY","","CS",24,"1 LBS",60,null,"",""]
[null,14,"F1004","BAR BREAKFAST APPLE","BREAKFAST BAR APPLE THAT MEET 2OZ WG AND 1/2C FRUIT FOR CHILD NUTRITIONAL MEAL PATTERN","DAVE'S OR APPROVED EQUIVALENT",4014,"CS",64,"3 OZ",1000,null,"",""]
[null,15,"F1005","BAR BREAKFAST BANANA CHOCOLATE","INDIVIDUALLY WRAPPED 51% WHOLE GRAIN BANANA CHOCOLATE CHUNK","BeneFIT OR APPROVED EQUIVALENT",40402,"CS",48,"2.5 OZ",1650,null,"",""]
[null,16,"F1006","BAR BREAKFAST BLUEBERRY","BREAKFAST BAR BLUEBERRY THAT MEET 2OZ WG AND 1/2C FRUIT FOR CHILD NUTRITIONAL MEAL PATTERN","DAVE'S OR APPROVED EQUIVALENT",4014,"CS",64,"3 OZ",1000,null,"",""]
[null,17,"F1007","BAR BREAKFAST COCOA CHIP","INDIVIDUALLY WRAPPED 51% WHOLE GRAIN COCOA CHIP","BeneFIT OR APPROVED EQUIVALENT",40406,"CS",48,"2.5 OZ",1650,null,"",""]
[null,18,"F1008","BAR BREAKFAST OATMEAL CHOCOLATE","INDIVIDUALLY WRAPPED 51% WHOLE GRAIN OATMEAL CHOCOLATE CHIP","BeneFIT OR APPROVED EQUIVALENT",40401,"CS",48,"2.5 oz",1650,null,"",""]
[null,19,"F1009","BAR OATMEAL BLUEBERRY","BLUEBERRY OATMEAL BARS 2.04 OZ  51% WHOLE GRAIN MEET 2 OZ GRAIN EQUIVALENT","DARLINGTON SNACKS OR APPROVED EQUIVALENT",75600,"CS",160,"2.4 OZ",1000,null,"",""]
[null,20,"C1000","BASE BEEF","GRADE A TO CONTAIN BEEF LOW SODIUM- PASTE NON-CAKING READY TO DISSOLVE BEEF FLAVORED NO MSG","SPECIFY","","CS",12,"1 LBS",200,null,"",""]
[null,21,"C1001","BASE CHICKEN","GRADE A TO CONTAIN CHICKEN LOW SODIUM - PASTE NON-CAKING READY TO DISSOLVE CHICKEN FLAVORED NO MSG","SPECIFY","","CS",12,"1 LBS",200,null,"",""]
[null,22,"CTF7009","BASE CHICKEN KNORR","CHICKEN FLAVORED BOUILLON CATERING","KNORR OR APPROVED EQUIVALENT",116300,"BTL",1,"7.9 LB",5,null,"",""]
[null,23,"C1002","BASE HAM","GRADE A TO CONTAIN HAM LOW SODIUM - PASTE NON-CAKING READY TO DISSOLVE BEEF FLAVORED NO MSG","SPECIFY","","CS",12,"1 LBS",300,null,"",""]
[null,24,"D1006","BEANS BAKED","REDUCED SODIUM VEGETARIAN BAKED BEANS","BUSHS BEST OR APPROVED EQUIVALENT",null,"CS",6,"#10 CANS",1500,null,"",""]
[null,25,"D1007","BEANS GARBANZO","BRINE PACK. GARBANZO BEANS WATER SALT VINEGAR DISODIUM EDTA (TO PROMOTE COLOR AND RETENTION) AND CALCIUM CHLORIDE (A FIRMING AGENT).","SPECIFY",null,"CS",6,"10 LB",65,null,"",""]
[null,26,"CTF7010","BEANS KIDNEY ","CATERING",null,null,"CS",6,"#10 CAN",50,null,"",""]
[null,27,"D1008","BEANS PINTO CANNED","PINTO BEANS WHOLE STYLE SEASONED VEGETARIAN CANNED IN BRINE US GRADE B  LOW SODIUM (140 MILLIGRAMS OF SODIUM OR LESS PER SERVING)","BUSH'S OR APPROVED EQUIVALENT","","CS",6,"10 CN",1300,null,"",""]
[null,28,"D1009","BEANS PINTO DRY","US #1 GRADE A CURRENT CROP 98% CLEAN FREE OF WEEVILS DIRT AND ROCKS.  TRIPLE CLEANED.","SPECIFY","","LB",50,"LBS",250,null,"",""]
[null,29,"D1010","BEANS RANCH","PINTO BEANS WATER TOMATO PUREE LESS THAN 2% BLEND OF VEGETABLE OILS AND ANIMAL FAT SALT CHILI PEPPERS SUGAR PAPRIKA VINEGAR SPICES ONION POWDER GARLIC POWDER NATURAL FLAVORINGS SOY LECITHIN LOW SODIUM (140 MILLIGRAMS OF SODIUM OR LESS PER SERVING)","RANCH STYLE OR APPROVED EQUIVALENT",4690000116,"CS",6,"10 CN",300,null,"",""]
[null,30,"D1011","BEANS REFRIED","DEHYDRATED JUST ADD WATER TO COOK AND SERVE UNSEASONED. US GRADE A","SANTIAGO OR APPROVED EQUIVALENT",10166,"CS",6,"28.1 OZ",300,null,"",""]
[null,31,"CTF7052","BEEF BRISKET","BEEF PACKER TRIM VACCUUM PACKED LARGE 14-22 LB CATERING","SPECIFY","","LB",1,"LB",2000,null,"",""]
[null,32,"CTF7053","BEEF CHICKEN FRIED STEAK","EXCLUSIVE CUT™ WHOLE MUSCLE BEEF. BATTERED WITH A BUTTERMILK BLEND BREADED WITH A FLOUR-BASED BREADING. CATERING","ADVANCE/PIERRE OR APPROVED EQUIVALENT",4541,"CS",40,"4 OZ",25,null,"",""]
[null,33,"F1010","BEEF FAJITA STRIPS","FORMED BEEF SEASONED FULLY COOKED AND SLICED INTO 3/8-INCH STRIPS. SOY ADDED. CHAR MARKED.","ADVANCE/PIERRE OR APPROVED EQUIVALENT",56001,"CS",2,"5 LB",100,null,"",""]
[null,34,"F1011","BEEF GROUND 85/15","100 % BEEF, GROUND, RAW, FROZEN, UNSEASONED FINE GRIND 85/15 LEAN/FAT RATIO, NO FILLERS, MEET NEW MEXICO GROWN REQUIREMENTS, LESS THAN 100MG SODIUM PER 3OZ SERVING, INDIVIDUALLY WRAPPED 5 PACKS/10 POUNDS","NEW MEXICO'S BEST OR APPROVED EQUIVALENT","NMB8515GB","CS",5,"10#",2000,null,"",""]
[null,35,"F1012","BEEF PATTY","FULLY COOKED BEEF PATTIES, EACH 3.00 OZ FULLY COOKED BEEF PATTY PROVIDES 2.50 OZ EQUIVALENT MEAT FOR NSL, NO FILLERS, MEET NEW MEXICO GROWN REQUIREMENTS, LESS THAN 100MG SODIUM PER 3OZ SERVING","NEW MEXICO'S BEST OR APPROVED EQUIVALENT","NMB8020BPSFC","CS",195,"3 OZ",600,null,"",""]
[null,36,"F1013","BEEF PHILLY STEAK","FULLY COOKED COOKED SLICED STEAK LESS THAN 230MG SODIUM PER SERVING","ADVANCE/PIERRE OR APPROVED EQUIVALENT",69249,"CS",170,"2.82 OZ",200,null,"",""]
[null,37,"F1014","BEEF SHREDS","BEEF SHREDS, EACH 2.36OZ MEET 2M/MA FOR NSLP NO FILLERS, MEET NEW MEXICO GROWN REQUIREMENTS, LESS THAN 100MG SODIUM PER 3OZ SERVING","NEW MEXICO'S BEST OR APPROVED EQUIVALENT","NMBBSFC","CS",5,"10 LB",600,null,"",""]
[null,38,"F1015","BEEF STEAK FINGERS WG","BEEF STRIP, FULLY COOKED, BREADED, NO FILLERS, MEET NEW MEXICO GROWN REQUIREMENTS, LESS THAN 100MG SODIUM PER 3.6 OZ SERVING","NEW MEXICO'S BEST OR APPROVED EQUIVALENT","NMB8020BSSBSFC","CS",534,".9 oz",450,null,"",""]
[null,39,"F1016","BEEF STEAK PATTIE BREADED","BEEF PATTY, BREADED, FULLY COOKED, EACH 3.2 OZ PATTY PROVIDES 2OZ EQUIVALENT MEAT/MEAT ALTERNATE FOR NSLP, NO FILLERS, MEET NEW MEXICO GROWN REQUIREMENTS, LESS THAN 100MG SODIUM PER 3.2 OZ SERVING","NEW MEXICO'S BEST OR APPROVED EQUIVALENT","NMB8020BPBSFC","CS",150,"3.2 oz",400,null,"",""]
[null,40,"F1017","BISCUIT WG","HONEY WHOLE WHEAT HEAT & SERVE PRE-SLICED MEET 2 OZ/GR","BRIDGEFORD OR APPROVED EQUIVALENT",6270,"CS",100,"2.25 OZ",400,null,"",""]
[null,41,"CTF7054","BISCUIT WHITE BUTTERMILK","BISCUIT OLD SOUTH BUTTERMILK PRE-SLICED FULLY COOOKED 2.25 OZ CATERING","BRIDGEFORD OR APPROVED EQUIVALENT",6170,"CS",100,"2.25 OZ",300,null,"",""]
[null,42,"F1018","BOLI STRAWBERRY","BOLI STRAWBERRY WG IW EACH 3.24 OZ PROVIDES 2.00 OZ EQ GRAINS OR NSP","TASTY BRAND OR APPROVED EQUIVALENT",53205,"CS",96,"3.24 OZ",850,null,"",""]
[null,43,"F1019","BOLI SWEET","BOLI STRAWBERRY WG IW EACH 3.24 OZ PROVIDES 2.00 OZ EQ GRAINS OR NSP","TASTY BRAND OR APPROVED EQUIVALENT",53204,"CS",96,"3.24 OZ",850,null,"",""]
[null,44,"F1020","BOLILLO CHORIZO & CHEESE","BOLLIOS, CHORIZO & CHEESE, BULK,  EACH BOLILLO MUST MEET 1.5OZ GRAIN AND 1 M/MA FOR STUDENT NUTRITION PROGRAM","ARDELLA'S  OR APPROVED EQUIVALENT",10014,"CS",72,"3.35 OZ",900,null,"",""]
[null,45,"F1021","BREAD BANANA SLICE ","3.4OZ (96G) FROZEN IW THAW & SERVE CONTAINS ZERO TRANS-FAT > 51% WHOLE WHEAT FLOUR NON-DAIRY NO ARTIFICIAL COLORS FLAVORS OR PRESERVATIVES.  MUST CONFORM TO USDA CHILD NUTRITION PROGRAM SPECIFICATIONS AND MEET 2 SERVINGS OF GRAIN.","SUPER BAKERY OR APPROVED EQUIVALENT",6071,"CS",70,"3.4 OZ",1200,null,"",""]
[null,46,"F1022","BREAD LEMON","3.4OZ (96G) FROZEN IW THAW & SERVE CONTAINS ZERO TRANS-FAT > 51% WHOLE WHEAT FLOUR NON-DAIRY NO ARTIFICIAL COLORS FLAVORS OR PRESERVATIVES.  MUST CONFORM TO USDA CHILD NUTRITION PROGRAM SPECIFICATIONS AND MEET 2 SERVINGS OF GRAIN.","SUPER BAKERY  OR APPROVED EQUIVALENT",7507,"CS",70,"3.4OZ",1200,null,"",""]
[null,47,"F1023","BREADSTICK","WHITE WHOLE WHEAT CHEESY GARLIC BREADSTICK DOUGH FROZEN RAW PROOF AND BAKE WHOLE GRAIN FLOUR CHEESE AND GARLIC FLAVORED.  EACH STICK MUST PROVIDE A MINUMIM OF 1GB COMPONENT FOR NSLP","BRIDGEFORD OR APPROVED EQUIVALENT",6787,"CS",320,"1.125 oz",1500,null,"",""]
[null,48,"F1024","BREADSTICK CHEESE FILLED WG","BREAKSTICK CHEESE FILLED WG EACH BREADSTICK MEETS 1M/MA FOR CHILD NUTRITION MEAL PATTERN","CLASSIC DELIGHT OR APPROVED EQUIVALENT","A33045","CS",112,"2 OZ",800,null,"",""]
[null,49,"F1025","BREAKFAST ROUNDS","CINNAMON AND BROWN SUGAR BREAKFAST ROUND IW MUST MEET 2 GRAIN FOR SBP","UBR/RICH'S OR APPROVED EQUIVALENT",8733,"CS",126,"2.2 OZ",1000,null,"",""]
[null,50,"F1026","BURRITO","BEEF BEAN AND CHEESE BURRITO. A RED CHILI BEEF BEAN AND TEXTURED VEGETABLE PROTEIN FILLING WRAPPED IN A FLOUR TORTILLA. BURRITOS SHALL BE UNIFORMLY ROLLED WITH A UNIFORM DISTRIBUTION OF FILLING. NO EXESSIVELY FLATTENED OR IRREGULAR SHAPED PRODUCT.","BUTCHERBOY/POSADA OR APPROVED EQUIVALENT",1020001,"CS",72,"4 OZ",1000,null,"",""]
[null,51,"F1027","BURRITO BEAN & CHEESE de CHILE RELLENO","BURRITO -FROZEN BEAN & CHEESE DE CHILE RELLENO-REFRIED BEANS TOPPED WITH MEXICAN STYLE RICE WITH RED SALSA WITH POBLANO CHILE AND PEPPER JACK CHEESE ON A WHOLEWHEAT FLOUR TORTILLA. EACH 7.66 OZ. BURRITO PROVIDES 2.00 OZ MEAT ALTERNATE AND 1/8 CUP OTHER VEGETABLE AND 2.25 OZ EQV GRAIN OR 1.00 OZ MEAT ALTERNATE AND 1/8 CUPOTHER VEGETABLE AND 1/4 CUP LEGUME VEGETABLE AND 2.25 OZ EQV GRAIN TOWARDS THE NSLP, WHOLE GRAIN RICH FLOUR TORTILLA. CN LABELED. BURRITOS ARE HAND-WRAPPED INOVENABLE FOIL SHEETS. 36 COUNT. PREPARATION INSTRUCTIONS INCLUDED ON BOX. NO MORE THAN 700 MG SODIUM, LESS THAN 15% CALORIES FROM SATURATED FAT, 0 TRANS FAT. NOLESS THAN 400 KCAL. HAND HELD, FULLY COOKED. HEAT & SERVE.-VEGETARIAN. CABO PRIMO BRAND 71683","LOS CABOS OR APPROVED EQUIVALENT",71683,"CS",36,"7.66 OZ",600,null,"",""]
[null,52,"F1028","BURRITO PRE-FRIED BULK"," 4.75 OZ. CHEESE BEEF BEAN & RED CHILI BURRITO FULLY COOKED GROUND BEEF RED CHILI SAUCE AMERICAN CHEESE PINTO BEANS WRAPPED IN A WHOLE GRAIN RICH BLEND OF WHEAT AND CORN FLOUR TORTILLA 16g PROTEIN PER SERVING CN LABELED - SERVES 2 OZ. M/MA & 2 OZ. EQUIVALENT GRAINS PRE-FRIED","FERNANDO'S OR APPROVED EQUIVALENT",21072,"CS",72,"4.75 oz",1000,null,"",""]
[null,53,"D1012","BUTTER ALTERNATIVE","PHASE® ZERO TRANS NO SODIUM LIQUID BUTTER ALTERNATIVE","PHASE OR APPROVED EQUIVALENT",13688,"CS",3,"GAL",200,null,"",""]
[null,54,"C1008","BUTTERMILK BAKING 1%","BUTTERMILK BAKING 1%","SPECIFY",null,"CS",4,"GAL",100,null,"",""]
[null,55,"D1013","CEREAL BLUEBERRY CHEX 2OZ","BLUEBERRY CHEX AND SWEETENED RICE GLUTEN-FREE CEREAL. THIS READY-TO-EAT CUP PROVIDES CONVENIENT PORTION CONTROL AND ROOM FOR MILK. WHOLE GRAIN RICE – FIRST INGREDIENT. MEETS 2 OUNCE EQUIVALENT GRAINS USDA SMART SNACK CRITERIA AND IS CACFP ELIGIBLE.","GENERAL MILLS OR APPROVED EQUIVALENT",17262000,"CS",60,"2 OZ",500,null,"",""]
[null,56,"D1014","CEREAL CHEERIOS 1 OZ","READY TO EAT CEREALS: BOWL PACK WHOLE GRAIN OATS RINGS. MUST MEET 1G EQUIVALENCY FOR SBP","GENERAL MILLS OR APPROVED EQUIVALENT",32262000,"CS",96,"1 oz",250,null,"",""]
[null,57,"D1015","CEREAL CINNAMON CHEX 1 OZ","CINNAMON CHEX™ IS MADE WITH REAL CINNAMON AND SWEETENED RICE GLUTEN-FREE CEREAL. THIS READY-TO-EAT CUP PROVIDES CONVENIENT PORTION CONTROL AND ROOM FOR MILK. WHOLE GRAIN RICE – FIRST INGREDIENT. MEETS 2 OUNCE EQUIVALENT GRAINS USDA SMART SNACK CRITERIA AND IS CACFP ELIGIBLE.","GENERAL MILLS OR APPROVED EQUIVALENT",14883000,"CS",60,"2 OZ",500,null,"",""]
[null,58,"D1016","CEREAL CINNAMON TOAST 1 OZ","READY TO EAT CEREALS: BOWL PACK WHOLE GRAIN 25% LESS SUGAR CINNAMON TOAST SQUARES. MUST MEET 1G EQUIVALENCY FOR SBP","GENERAL MILLS OR APPROVED EQUIVALENT",294440000,"CS",96,"1 OZ",250,null,"",""]
[null,59,"D1017","CEREAL CINNAMON TOAST 2OZ","READY TO EAT CEREALS: BOWL PACK WHOLE GRAIN 25% LESS SUGAR CINNAMON TOAST SQUARES. MUST MEET 2G EQUIVALENCY FOR SBP","GENERAL MILLS OR APPROVED EQUIVALENT",148861000,"CS",60,"2 OZ",1000,null,"",""]
[null,60,"D1018","CEREAL COCOA PUFFS 2OZ","READY TO EAT CEREALS: BOWL PACK WHOLE GRAIN COCOA PUFFS REDUCED SUGAR MUST MEET 2 GRAIN EQUIVALENCY FOR SBP","GENERAL MILLS OR APPROVED EQUIVALENT",148854000,"CS",60,"2 OZ",1000,null,"",""]
[null,61,"D1019","CEREAL CREAM OF WHEAT","HOT CEREALS: ENRICHED PLAIN BULK QUICK COOK CREAM OF WHEAT WHOLE GRAIN. MUST MEET 1G EQUIVALENCY FOR SBP","SPECIFY","","CS",12,"28 OZ",10,null,"",""]
[null,62,"D1020","CEREAL LUCKY CHARMS 2OZ","READY TO EAT CEREALS: BOWL PACK WHOLE GRAIN WITH MARSHMALLOWS ASSORTED BERRY PUFFS REDUCED SUGAR. MUST MEET 2G EQUIVALENCY FOR SBP","GENERAL MILLS OR APPROVED EQUIVALENT",148847000,"CS",60,"2 OZ",200,null,"",""]
[null,63,"D1021","CEREAL OATMEAL","OATS ROLLED INSTANT ENRICHED DRY","SPECIFY","","CS",12,"42 OZ",20,null,"",""]
[null,64,"D1022","CEREAL RICE KRISPIES BULK","RICE BULK WHOLE GRAIN  PLAIN PUFFS. MUST MEET 1G EQUIVALENCY FOR SBP","SPECIFY",null,"CS",4,"35 OZ",900,null,"",""]
[null,65,"C1009","CHEESE AMERICAN SLICED","CHEESE AMERICAN PROCESSED SLICED 1/2 OUNCE EACH UNWRAPPED.  REDUCED FAT REDUCED SODIUM PRE-SLICED YELLOW  AMERICAN PROCESSED CHEESE.  IMITATION OR CHEESE BLENDS NOT ACCEPTED.  FAT GRAMS NOT TO EXCEED 2G PER SLICE SODIUM NOT TO EXCEED 210MG PER SLICE.  1 SLICE/.5OZ   .5OZMMA  6/5#LAND O LAKES PREFERRED - AVAILABLE FOR NET OFF INVOICE. FOR NOI PRICING","BONGARDS OR APPROVED EQUIVALENT",111371,"CS",6,"5 LB",675,null,{"$f":"IF(L70*K70= 0,\"\",L70*K70)","v":""},{"$f":"IF(L70/I70= 0,\"\",L70/I70)","v":""}]
[null,66,"C1010","CHEESE CHEDDAR SHREDDED","CHEESE CHEDDAR SHREDDED REDUCED FAT REDUCED SODIUM MILD NO IMITATION ENZYMES AND ARTIFICIAL COLORING MAY BE ADDED.  PASTEURIZED PLEASING ODOR AND FLAVOR SATISFACTORY MELTABILITY.  FAT GRAMS NOT TO EXCEED 4.5G SODIUM NOT TO EXCEED 90MG.  4/5# AVAILABLE FOR NET OFF INVOICE. FOR NOI PRICING","BONGARDS OR APPROVED EQUIVALENT",755191,"CS",4,"5 LB",600,null,"",""]
[null,67,"CTF7000","CHEESE COTTAGE","COTTAGE CHEESE SMALL CURD  CATERING","SPECIFY","","CS",1,"5 LB",75,null,"",""]
[null,68,"CTF7001","CHEESE CREAM BLOCK","CREAM CHEESE BLOCK CATERING","SPECIFY","","CS",10,"3 LB",20,null,"",""]
[null,69,"C1011","CHEESE CREAM PLAIN PC",".75 OZ PLAIN CREAM CHEESE PLASTIC PORTION CONTROL CUP","KRAFT OR APPROVED EQUIVALENT",61089,"CS",100,".75 OZ",900,null,"",""]
[null,70,"C1012","CHEESE CREAM STRAWBERRY PC","1OZ STRAWBERRY CREAM CHEESE CUP.  PLASTIC PORTION CONTROL CUP.","KRAFT OR APPROVED EQUIVALENT",72683,"CS",100,"1 OZ",900,null,"",""]
[null,71,"C1013","CHEESE FETA ","FETA CHEESE CRUMBLES","SPECIFY",null,"CS",4,"2.5 LB",50,null,"",""]
[null,72,"C1014","CHEESE MOZZARELLA SHREDDED","CHEESE MOZZARELLA SHREDDED:  PART-SKIM 100% MOZZARELLA SHREDDED.  FAT GRAMS NOT TO EXCEED 6G  SODIUM NOT TO EXCEED 160MG. 1OZ SERVING MUST EQUAL 1OZ M/MA.  4/5#","LAND O'LAKES OR APPROVED EQUIVALENT",41698,"CS",4,"5 LB",270,null,"",""]
[null,73,"C1015","CHEESE PEPPER JACK SLICES","CHEESE SLICED PEPPER JACK NO IMITATION REDUCED FAT LOW SODIUM LOW FAT 160 CT","SPECIFY",null,"CS",4,"5 LB",50,null,"",""]
[null,74,"C1016","CHEESE PROVOLONE SLICES","CHEESE SLICED NO IMITATION REDUCED FAT & SODIUM 160 CT","SPECIFY",null,"CS",4,"5 LB",50,null,"",""]
[null,75,"F1029","CHEESE STICK BREADED","CHEESE STICKS WG BREADED INDIVIDUALLY FROZEN. 6 STICKS PROVIDE 2 OZ EQUIVALENT MEAT ALTERNATE AND 2 OZ GRAINS.","RICH'S OR APPROVED EQUIVALENT",65220,"CS",8,"3 LB",500,null,"",""]
[null,76,"C1017","CHEESE STICK MARBLE IW","CHEESE REDUCED FAT & SODIUM MARBLE IW  FOR NOI PRICING","BONGARDS OR APPROVED EQUIVALENT",402931,"CS",168,"1 OZ",300,null,"",""]
[null,77,"C1018","CHEESE STRING IW","CHEESE: WHITE REDUCED FAT & SODIUM PORTION STICKS STRING PASTEURIZED LOW MOISTURE PART SKIM MOZZARELLA IW FOR NOI PRICING","BONGARDS OR APPROVED EQUIVALENT",402951,"CS",168,"1 OZ",300,null,"",""]
[null,78,"C1019","CHEESE SWISS SLICES","SWISS CHEESE SLICES REDUCED FAT PRESLICED EASY TO SEPARATE.  EACH SLICE 14G.  2 SLICES PROVIDES 1 M/MA FOR THE CHILD NUTRITION MEAL PROGRAM.","LAND O'LAKES OR APPROVED EQUIVALENT",null,"CS",8,"1.5 LB",50,null,"",""]
[null,79,"F1030","CHICKEN ASIAN CHERRY BLOOSOM","FULLY COOKED CHICKEN CHUNKS WHOLE GRAIN SWEET AND SOUR CHERRY ASIAN STYLE","ASIAN FOODS OR APPROVED EQUIVALENT",72005,"CS",6,"7.15 LB",500,null,"",""]
[null,80,"CTF7055","CHICKEN BREAST RAW","CHICKEN UNCOOKED BREAST BONELESS SKINLESS WHITE 6 OZ SIZE  CATERING","SPECIFY",null,"CS",4,"5LB",25,null,"",""]
[null,81,"D1023","CHICKEN BROTH","100% NATURAL CHICKEN BROTH LOW SODIUM THANKSGIVING ONLY","SWANSON OR APPROVED EQUIVALENT",null,"CS",12,"49 oz",50,null,"",""]
[null,82,"F1031","CHICKEN DICED","FULLY COOKED DICED NO ADDED SPICES","SPECIFY",null,"CS",2,"5 LBS",300,null,"",""]
[null,83,"F1032","CHICKEN DRUMSTICK BBQ","FULLY COOKED BBQ GLAZED DRUMSTICK MUST MEET 2.5OZ M/MA FOR NSLP NO ANTIBIOTICS","TYSON OR APPROVED EQUIVALENT",10264350928,"CS",95,"3.24 OZ",600,null,"",""]
[null,84,"F1033","CHICKEN DRUMSTICK BREADED","FULLY COOKED BREADED DRUMSTICK MUST MEET 2 M/MA AND .75 OZ GRAIN FOR NSLP","TYSON OR APPROVED EQUIVALENT",16660100928,"CS",92,"3.31 OZ",700,null,"",""]
[null,85,"F1034","CHICKEN FAJITA STRIPS","FAJITA STRIPS CHICKEN SEASONED FULLY COOKED. EACH 2.47 OZ MEETS 2OZ M/MA FOR NSLP.","PILGRIM'S OR APPROVED EQUIVALENT",1250,"CS",159,"3 OZ",800,null,"",""]
[null,86,"F1035","CHICKEN FILET","FULLY COOKED WHOLE MUSCLE CHICKEN FILETS-CN LABELED EACH SERVING PROVIDED 2OZ M/MA AND 1 OZ GRAIN FOR NSLP","PILGRIM'S OR APPROVED EQUIVALENT",7516,"CS",122,"3.95 OZ",100,null,"",""]
[null,87,"F1036","CHICKEN NUGGET","FULLY COOKED WG  BREADED CN LABELED WHOLE MUSCLE 5 NUGGETS PROVIDE 2 OZ MEAT/MEAT ALTERNATIVE AND 1 GRAIN SERVING FOR NSLP COMMERICAL BACK-UP OF COMMODITY PRODUCT OR FOR NOI PRICING","GOLK KIST FARMS OR APPROVED EQUIVALENT",7518,"CS",101,"3.9 OZ",600,null,"",""]
[null,88,"F1037","CHICKEN PATTY BREADED","FULLY COOKED WG BREADED CN LABELED EACH PATTY PROVIDES 2 OZ MEAT/MEAT ALTERNATIVE AND 1 GRAIN SERVING. ","GOLD KIST FARMS OR APPROVED EQUIVALENT",665400,"CS",158,"3.03 OZ",450,null,"",""]
[null,89,"F1038","CHICKEN PATTY BREADED SPICY","FULLY COOKED HOT N SPICY BREADED CHICKEN BREAST FILETS","TYSON OR APPROVED EQUIVALENT",10383140928,"CS",40,"3.95 OZ",300,null,"",""]
[null,90,"F1039","CHICKEN PATTY GRILLED","FULLY COOKED GRILLED CHICKEN BREASTS 4OZ PATTY NO ANTIBIOTICS","TYSON OR APPROVED EQUIVALENT",10000039685,"CS",40,"3.95 OZ",300,null,"",""]
[null,91,"F1040","CHICKEN POPCORN SMACKERS WG","WHOLE GRAIN BREADED FULLY COOKED CN LABELED POPCORN CHICKEN PRODUCED FROM USDA 100103 DARK MEAT COMMODITY CHICKEN. NO ADDED SOY PROTEIN. BATTER BREADED WITH WHOLE GRAIN AND ENRICHED WHEAT FLOUR. TEN POPCORN PIECES @ 0.43 OZ EACH GUARANTEED BY CN LABEL TO PROVIDE 2 OUNCES MEAT/MEAT ALTERNATIVE AND 1 GRAIN SERVINGS. PRODUCT TO PROVIDE ZERO GRAMS TRANS FATS. CONTAINS: MILK SOY WHEAT.  COMMERICAL BACK-UP OF COMMODITY PRODUCT OR FOR NOI PRICING","GOLD KIST FARMS OR APPROVED EQUIVALENT",110458,"CS",104,"4.23 OZ",900,null,"",""]
[null,92,"F1041","CHICKEN STRIP WG","WHOLE GRAIN HOMESTYLE BREADED FULLY-COOKED CN LABELED CHICKEN STRIPS PRODUCED FROM USDA 100103 NATURAL PROPORTION WHITE AND DARK MEAT COMMODITY CHICKEN WITH ISOLATED SOY PROTEIN. STRIPS ARE BATTER BREADED WITH WHOLE GRAIN WHEAT FLOUR HOMESTYLE BREADING. THREE STRIPS PROVIDE 2 OZ. MEAT/MEAT ALTERNATIVE AND 1 GRAIN SERVING. PRODUCT TO PROVIDE ZERO GRAMS TRANS FATS. COMMERICAL BACK-UP OF COMMODITY PRODUCT OR FOR NOI PRICING","GOLD KIST FARMS OR APPROVED EQUIVALENT",7527,"CS",107,"4.50 OZ",900,null,"",""]
[null,93,"D1024","CHILI HOT DOG","HOT DOG CHILI.  HEARTY CHUNKS OF LEAN BEEF AND PLUMP TENDER BEANS","LIBBY'S OR APPROVED EQUIVALENT",null,"CS",6,"#10 CANS",800,null,"",""]
[null,94,"D1025","CHIPS BAKED CHEETOS CRUNCHY","CHIPS BAKED CRUNCHY CHEETOS","FRITO LAY OR APPROVED EQUIVALENT","000-28400-21642-5","CS",104,".875 OZ",472,null,"",""]
[null,95,"D1026","CHIPS BAKED DORITOS ","CHIPS BAKED DORITOS NACHO CHEESE","FRITO LAY OR APPROVED EQUIVALENT","000-28400-20002-8","CS",88,".75 OZ",549,null,"",""]
[null,96,"D1027","CHIPS BAKED LAYS BBQ","CRISPS BAKED LAYS BBQ FLAVOR","FRITO LAY OR APPROVED EQUIVALENT","000-28400-32078-8","CS",60,".875 OZ",100,null,"",""]
[null,97,"D1028","CHIPS BAKED LAYS SC/ONION","CRISPS BAKED LAYS SOUR CREAM & ONION","FRITO LAY OR APPROVED EQUIVALENT","00028400-04702-9","CS",60,".875 OZ",400,null,"",""]
[null,98,"D1029","CHIPS FRITOS","ENRICHED REDUCED FAT CORN CHIPS WHOLE GRAIN","FRITO LAY OR APPROVED EQUIVALENT","000-28400-57766-3","CS",8,"1 LB",1900,null,"",""]
[null,99,"CTF7011","CHIPS KETTLE VARIETY","VARIETY PACK OF KETTLE CHIPS CATERING","SPECIFY",null,"CS",30,"1.5 OZ",25,null,"",""]
[null,100,"D1030","CHIPS SS CHEETO RED HOT","CHIPS IND. PKG. RED HOT FRITO LAY BAKED: ENRICHED CORNMEAL PUFF STICK FLAVORED WITH RED HOT CHEESE SEASONING. 104/.875 OZ","CHEETO'S OR APPROVED EQUIVALENT",62984,"CS",104,".875 OZ",400,null,"",""]
[null,101,"D1031","CHIPS SS DORITOS COOL RANCH","CHIPS IND. PKG. REDUCED FAT COOL RANCH FLAVORED CORN: BAKED TRIANGLE SHAPED CORN TORTILLA PIECES FLAVORED WITH RANCH SEASONING. 72/1 OZ.","DORITOS OR APPROVED EQUIVALENT",36096,"CS",72,"1 OZ",400,null,"",""]
[null,102,"D1032","CHIPS SS DORITOS NACHO CHEESE","CHIPS  REDUCED FAT NACHO CHEESE FLAVOR.  WG","DORITOS OR APPROVED EQUIVALENT",31748,"CS",72,"1 OZ",400,null,"",""]
[null,103,"D1033","CHIPS SS POTATO","CHIPS IND. PKG. BAKED REG. FLAVORED:  BAKED POTATO PIECES SALTED PLAIN.  NO MORE THAN 7.5 GRAMS OF FAT PER BAG.","LAYS OR APPROVED EQUIVALENT",33625,"CS",60,".875 OZ",300,null,"",""]
[null,104,"D1034","CHIPS SS PUFF CHEESE","CHIPS PUFFS  RF WG","CHEETO'S OR APPROVED EQUIVALENT",21910,"CS",72,".7 OZ",300,null,"",""]
[null,105,"D1035","CHIPS SS SOUR CREAM/ONION","CHIPS IND. PKG. BAKED SOUR CRM. & ONION FLAVORED: BAKED POTATO PIECES FLAVORED WITH SOUR CREAM AND ONION SEASONING. 60/.875 OZ. WG","LAYS OR APPROVED EQUIVALENT",33627,"CS",60,".875 OZ",300,null,"",""]
[null,106,"D1036","CHIPS TORTILLA ROUNDS","ROUND SHAPED TORTILLA CHIP WHOLE GRAIN PREPARED FROM ENRICHED YELLOW CORN. TRANSFAT FREE 1 OZ MUST MEET 1 GR","SPECIFY","","CS",6,"2 LB",2500,null,"",""]
[null,107,"CTF7012","CHOCOLATE ENROBER","CHOCOLATE FLAVORED ENROBER COATING IS A RICH CHOCOLATE COATING THAT HARDENS AT ROOM TEMPERATURE. THE PRODUCT IS IN A HARDENED CANDY STATE IN THE UNHEATED CAN.  CATERING","SPECIFY",null,"CS",3,"10 CN",15,null,"",""]
[null,108,"F1042","CHORIZO BULK","SAUSAGE CHORIZO BULK MILD SEASONING LIGHT COLORED BULK","SPECIFY","","CS",10,"LB",450,null,"",""]
[null,109,"CTF7013","COCOA","UNSWEETENED COCOA 22/24% BUTTER FAT  CATERING","SPECIFY","","CS",4,"2.5KG",20,null,"",""]
[null,110,"D1037","COFFEE DECAF","FOLGERS FILTER PACK COFFEE ULTRA DRY ROAST  ","FOLGERS OR APPROVED EQUIVALENT","","CS",80,".9 OZ",20,null,"",""]
[null,111,"D1038","COFFEE REGULAR","FOLGERS FILTER PACK COFFEE ULTRA DRY ROAST  ","FOLGERS OR APPROVED EQUIVALENT","","CS",160,".9 OZ",50,null,"",""]
[null,112,"F1043","COOKIE DOUGH CARNIVAL WG","COOKIE DOUGH CARNIVAL:  1.85OZ FROZEN WGR MADE WITH A MIXTURE OF CHOCOLATE CHIPS AND COLORFUL COATED CANDIES PRE-PORTIONED READY TO BAKE FAT GRAMS TO NOT EXCEED 6G SODIUM MG NOT TO EXCEED 120 MG  CASE PACK 240 1.5OZ DECA","OTIS SPUNKMEYER OR APPROVED EQUIVALENT",55688,"CS",250,"1.5 OZ",75,null,"",""]
[null,113,"CTF7056","COOKIE DOUGH CHOCOLATE CHIP","COOKIE DOUGH CHOCOLATE CHIP CATERING","BRICKFIRE OR APPROVED EQUIVALENT",2340091,"CS",170,"1.5 OZ",75,null,"",""]
[null,114,"CTF7057","COOKIE DOUGH OATMEAL RAISIN","COOKIE DOUGH OATMEAL RAISIN CATERING","BRICKFIRE OR APPROVED EQUIVALENT",2340101,"CS",170,"1.5 OZ",60,null,"",""]
[null,115,"F1044","COOKIE DOUGH RF CHOCOLATE BROWNIE","COOKIE DOUGH REDUCED FAT CHOCOLATE BROWNIE DECA","OTIS SPUNKMEYER OR APPROVED EQUIVALENT",55689,"CS",240,"1.5 OZ",100,null,"",""]
[null,116,"F1045","COOKIE DOUGH RF CHOCOLATE CHIP","COOKIE DOUGH REDUCED FAT CHOCOLATE CHIP DECA","OTIS SPUNKMEYER OR APPROVED EQUIVALENT",55680,"CS",240,"1.5 OZ",300,null,"",""]
[null,117,"F1046","COOKIE DOUGH RF OATMEAL RAISIN","COOKIE DOUGH REDUCED FAT OATMEAL RAISIN DECA","OTIS SPUNKMEYER OR APPROVED EQUIVALENT",55683,"CS",240,"1.5 OZ",50,null,"",""]
[null,118,"F1047","COOKIE DOUGH RF SUGAR","COOKIE DOUGH SUGAR REDUCED FAT DECA","OTIS SPUNKMEYER OR APPROVED EQUIVALENT",55684,"CS",240,"1.5 OZ",45,null,"",""]
[null,119,"CTF7058","COOKIE DOUGH SUGAR","COOKIE DOUGH SUGAR CATERING","BRICKFIRE OR APPROVED EQUIVALENT",2340111,"CS",170,"1.5 OZ",60,null,"",""]
[null,120,"CTF7059","COOKIE DOUGH WHITE MACADAMIA NUT","COOKIE DOUGH WHITE MACADAMIA NUT  CATERING","BRICKFIRE OR APPROVED EQUIVALENT",2340361,"CS",170,"1.5 OZ",60,null,"",""]
[null,121,"F1048","COOKIE GINGER BREAD","COOKIE GINGER BREAD IW MEETS 2 GRAIN REQUIREMENT FOR NSP","SPECIFY",null,"CS",140,"2 OZ",500,null,"",""]
[null,122,"F1049","CORNDOG","CORNDOG CHICKEN FRANK WHOLE GRAIN P/C 8/1 60 CT  CN LABELED TO MEET 2 OZ MEAT REQUIREMENT","FOSTER FARMS OR APPROVED EQUIVALENT",95150,"CS",72,"4 OZ",2000,null,"",""]
[null,123,"D1039","CORNSTARCH","CORNSTARCH","SPECIFY","","CS",24,"1 LB",45,null,"",""]
[null,124,"D1040","CRACKERS ANIMAL","CRACKERS ANIMAL SHAPED 0 TRANSFAT WHOLE GRAIN RICH","SPECIFY",null,"CS",100,"1 OZ",300,null,"",""]
[null,125,"D1041","CRACKERS BUG BITES","BUG BITES CINNAMON WHOLE GRAIN RICH","KEEBLER OR APPROVED EQUIVALENT","30100-55644","CS",210,"1 OZ",1000,null,"",""]
[null,126,"D1042","CRACKERS GOLDFISH CHEDDAR","CHEDDAR GOLDFISH WHOLE GRAIN: A 3/4 OUNCE SERVING CONTRIBUTES 1 SERVING OF GRAINS/BREADS TO THE USDA CHILD NUTRITION PROGRAMS WHOLE GRAIN RICH","PEPPERIDGE FARMS OR APPROVED EQUIVALENT",18105,"CS",300,"0.75 OZ",500,null,"",""]
[null,127,"D1043","CRACKERS GOLDFISH GIANT CINNAMON","CRACKERS GIANT GOLDFISH CINNAMON WHOLE GRAIN RICH","PEPPERIDGE FARMS OR APPROVED EQUIVALENT",15094,"CS",300,".9 OZ",300,null,"",""]
[null,128,"D1044","CRACKERS GOLDFISH GIANT HONEY OAT","CRACKER WHOLE GRAIN GIANT HONEY OAT GRAHAM 2 EA WHOLE GRAIN RICH","PEPPERIDGE FARMS OR APPROVED EQUIVALENT",18432,"CS",300,".9 OZ",300,null,"",""]
[null,129,"D1045","CRACKERS GRAHAM 3-PK","GRAHAM 3-PK WHOLE GRAIN RICH","SPECIFY","","CS",150,"3 PK",2500,null,{"$f":"IF(L134*K134= 0,\"\",L134*K134)","v":""},{"$f":"IF(L134/I134= 0,\"\",L134/I134)","v":""}]
[null,130,"CTF7014","CRACKERS MEDLEY MIX","CRACKER MEDLEY - TOASTEDS® WHEAT SESAME AND BUTTER CRISP CLUB® TOWN HOUSE® AND KEEBLER® WHOLE GRAIN WHEAT 25 SLEEVES CATERING","KEEBLER OR APPROVED EQUIVALENT","30100 37739 ","CS",25,"SLEEVES",5,null,"",""]
[null,131,null,"CRACKERS SALTINE IW","SALTINE CRACKERS PC WHOLE GRAIN OR ENRICHED FLOUR TO MEET BREAD REQ. FOR NSLP 500/2 CT","NABISCO OR APPROVED EQUIVALENT","","CS",500,"2 CT",500,null,"",""]
[null,132,"CTF7002","CREAMER NON-DAIRY","NON-DAIRY CREAMER  INIVIDUAL PACK LIQUID CATERING","SPECIFY","","CS",400,"EA",45,null,"",""]
[null,133,"CTF7003","CREAMER NON-DAIRY CARAMEL MACCHIATO","NON-DAIRY CREAMER CARAMEL MACCHIATO INIVIDUAL PACK LIQUID CATERING","SPECIFY",null,"CS",288,"1ML",35,null,"",""]
[null,134,"CTF7004","CREAMER NON-DAIRY FRENCH VANILLA","NON-DAIRY CREAMER FRENCH VANILLA  INIVIDUAL PACK LIQUID CATERING","SPECIFY",null,"CS",288,"1ML",35,null,"",""]
[null,135,"CTF7005","CREAMER NON-DAIRY HAZEL NUT","NON-DAIRY CREAMER HAZEL NUT INIVIDUAL PACK LIQUID CATERING","SPECIFY",null,"CS",288,"1ML",35,null,"",""]
[null,136,"F1050","CROISSANT","CROISSANTS WG MARGARINE RF ROUND FULLY SLICED   MUST PROVIDE 2.0 OZ GRAIN EQUIVALENTS.  PORTION TO PROVIDE AT LEAST 145.0 CALORIES WITH NO MORE THAN 6 GRAMS OF FAT.","BAKE CRAFTERS OR APPROVED EQUIVALENT",3286,"CS",80,"2.2 OZ",800,null,"",""]
[null,137,"CTF7060","CROISSANT CATERING 30Z","FULLY COOKED FLAKEY BUTTERY CRUST PRESLICED ROUND SHAPED ROLL 3 OZ  CATERING","SPECIFY",null,"CS",32,"3 OZ",40,null,"",""]
[null,138,"CTF7061","CROISSANT CATERING 5OZ","FULLY COOKED FLAKEY BUTTERY CRUST PRESLICED ROUND SHAPED ROLL 5 OZ  CATERING","SPECIFY",null,"CS",24,"5 OZ",25,null,"",""]
[null,139,"CTF7015","CROUTONS","CROUTONS/ HERB SEASONED ENRICHED SMALL CUBE  CATERING","SPECIFY","","CS",10,"LB",150,null,"",""]
[null,140,"F1051","CRUMB SQUARE IW","CRUMB SQUARE IW WHOLE GRAIN MEETS 2 OZ WG SERVING FOR SBP ","DAVE'S OR APPROVED EQUIVALENT",360,"CS",28,"3.6 OZ",2120,null,"",""]
[null,141,"F1052","DONUT MINI CHOCOLATE","51% WG MINI DONUTS - CHOCOLATE.  72 - 3.3OZ FROZEN INDIVIDUALLY WRAPPED THAW & SERVE NICKEL STACK SIX PACKS OF 1/2 OZ CHOCOLATE ENROBED WHOLE GRAIN DONUTS.  MUST CONFORM TO USDA CHILD NUTRITION PROGRAM SPECIFICATIONS AND MEET 2OZ GRAIN EQUIVALENT.","SUPER BAKERY OR APPROVED EQUIVALENT",7786,"CS",72,"3.3 OZ",1700,null,"",""]
[null,142,"F1053","DONUT MINI POWDERED SUGAR","51% WG MINI DONUTS - POWDERED SUGAR  72 - 3.3OZ FROZEN INDIVIDUALLY WRAPPED THAW & SERVE NICKEL STACK SIX PACKS OF 1/2 OZ CHOCOLATE ENROBED WHOLE GRAIN DONUTS.  MUST CONFORM TO USDA CHILD NUTRITION PROGRAM SPECIFICATIONS AND MEET 2OZ GRAIN EQUIVALENT.","SUPER BAKERY OR APPROVED EQUIVALENT",7787,"CS",72,"3.3 OZ",1700,null,"",""]
[null,143,"F1054","DOUGH CRUST","COBBLER CRUST DOUGH SHEET FROZEN","SPECIFY","","CS",24,"1 LB",200,null,"",""]
[null,144,"C1020","DRESSING GAL COLESLAW","DRESSING COLESLAW REDUCED FAT","SPECIFY",null,"CS",4,"GAL",25,null,"",""]
[null,145,"C1021","DRESSING GAL RANCH REDUCED FAT","DRESSING SALAD REDUCED FAT","KEN'S OR APPROVED EQUIVALENT","100-413350-60816","CS",4,"1 GAL",600,null,"",""]
[null,146,"CTF7016","DRESSING ITALIAN","ITALIAN DRESSING GOLDEN CATERING","SPECIFY",null,"CS",4,"GAL",10,null,"",""]
[null,147,"D1046","DRESSING PC ASIAN","DRESSING ASIAN LIGHT PC","SPECIFY",null,"CS",60,"1.5 OZ",15,null,"",""]
[null,148,"D1047","DRESSING PC BALSAMIC VINAIGRETTE","DRESSING BALSAMIC VINAIGRETTE LIGHT","SPECIFY",null,"CS",60,"1.5 OZ",15,null,"",""]
[null,149,"D1048","DRESSING PC FRENCH","DRESSING SALAD REDUCED FAT FRENCH","SPECIFY",null,"CS",60,"1.5 OZ",5,null,"",""]
[null,150,"D1049","DRESSING PC GREEK","DRESSING SALAD GREEK ","SPECIFY",null,"CS",60,"1.5 OZ",5,null,"",""]
[null,151,"D1050","DRESSING PC ITALIAN","DRESSING SALAD REDUCED FAT ITALIAN","SPECIFY",null,"CS",60,"1.5 OZ",5,null,"",""]
[null,152,"D1051","DRESSING PC RANCH 12MG","RANCH DRESSING REDUCED FAT PC","SPECIFY",null,"CS",500,"12 MG",1000,null,"",""]
[null,153,"D1052","DRESSING PC RANCH RF 1.5OZ","DRESSING SALAD REDUCED FAT PC RANCH","SPECIFY",null,"CS",60,"1.5 OZ",100,null,"",""]
[null,154,"D1053","DRESSING PC RASPBERRY VINAIGRETTE ","KRAFT RASPBERRY VINAIGRETTE FAT FREE DRESSING HAS THE SWEET TART FLAVOR OF RASPBERRIES IN A FAT FREE VINAIGRETTE.  ","KRAFT","002-10006714400","CS",60,"1.5 OZ",50,null,"",""]
[null,155,"CTF7017","DRESSING RASPBERRY VINAIGRETTE ","KRAFT RASPBERRY VINAIGRETTE FAT FREE DRESSING HAS THE SWEET TART FLAVOR OF RASPBERRIES IN A FAT FREE VINAIGRETTE.  CATERING","KRAFT OR APPROVED EQUIVALENT",21000647422,"CS",4,"1 GAL",5,null,"",""]
[null,156,"C1022","EGG BOIL N BAG","EGGS RAW LIQUID WHOLE EGGS BOIL N BAG PASTURIZED","SPECIFY","","CS",6,"5 LB",600,null,"",""]
[null,157,"C1023","EGG PREBOILED","HARD COOKED PEELED EGGS","SPECIFY",null,"CS",8,"12 CT",500,null,"",""]
[null,158,"F1055","EGGSTRAGANZA","EACH 2.00 OZ. SERVING (BY WEIGHT) OF THE BLEND OF SCRAMBLED EGGS, CHEESE, AND BACON PIECES PROVIDES 1.75 OZ. EQUIVALENT MEAT ALTERNATE FOR THE CHILD NUTRITION MEAL PATTERN REQUIREMENTS.","SUNNY FRESH OR APPROVED EQUIVALENT",40828,"CS",4,"5 LB",735,null,"",""]
[null,159,"CTF7018","FILLING PIE CHERRY","CHERRY CATERING","SPECIFY",null,"CS",3,"#10",15,null,"",""]
[null,160,"CTF7019","FILLING PIE PEACH","PEACH CATERING","SPECIFY",null,"CS",3,"#10",15,null,"",""]
[null,161,"D1054","FLOUR","FLOUR ALL PURPOSE ENRICHED 50# U.S. NO. 2 GRADE OR BETTER BLEACHED WHEAT FLOUR ENRICHED WITH THIAMIN RIBOFLAVIN NIACIN FOLIC ACID IRON AND MAY HAVE ADDED CALCIUM","SPECIFY","","BAG",50,"LB",30,null,"",""]
[null,162,"D1055","FOOD COLOR GREEN","FOOD COLORING GREEEN","SPECIFY",null,"EA",1,"16 OZ",7,null,"",""]
[null,163,"D1056","FOOD RELEASE","RELEASE FOOD/PAN CONTAINS NO WATER ALCOHOL OR ARTIFICIAL FLAVORS HIGH SMOKE POINT >450° F","SPECIFY",null,"CS",6,"17 OZ",75,null,"",""]
[null,164,"F1056","FRENCH TOAST STICKS BULK","FRENCH TOAST STICKS WHOLE GRAIN CINNAMON GLAZED EACH SERVING 3 STICKS/2.90 OZ EQUALS 1 M/MA 1 GR. ","SUNNY FRESH OR APPROVED EQUIVALENT",40497,"CS",100,"2.9 oz",900,null,"",""]
[null,165,"CTF7020","FRUIT CHERRY MARASCHINO HALVES","CHERRIES MARACHINO HALVES CATERING","PENNANT OR APPROVED EQUIVALENT",null,"CS",4,".5 GAL",100,null,"",""]
[null,166,"D1057","FRUIT COCKTAIL","FRUIT COCKTAIL GRADE B CHOICE EXTRA LIGHT SYRUP MUST MEET BUY AMERICAN REQUIREMENTS","SENACA, DEL MONTE, LIBBY'S, DOLE",null,"CS",6,"10 CN",1500,null,"",""]
[null,167,"C1024","FRUIT CRANBERRIES DRIED","SOFT AND MOIST DRIED CRANBERRIES","SPECIFY",null,"CS",10,"LB",150,null,"",""]
[null,168,"C1025","FRUIT DRIED IW","FRUIT DRIED INDIVIDUALLY PACKAGES PEANUT FREE 16% CRANBERRYM 29% NATURAL RAISINS 24% GOLDEN RAISINS 28% PINEAPPLE 3% DRIED APPLE ","NATIONAL FOOD GROUP OR APPROVED EQUIVALENT",609271,"CS",144,"1.3 OZ",650,null,"",""]
[null,169,"F1057","FRUIT MANGO DICED","MANOS DICED IQF US GRADE A UNSWEETENED MUST MEET BUY AMERICAN REQUIREMENTS","SENACA, DEL MONTE, LIBBY'S, DOLE",null,"CS",2,"5 LB",450,null,"",""]
[null,170,"D1058","FRUIT ORANGE MANDARIN","MANDARIN ORANGE SLICES NATURAL JUICES NO SUGAR ADDED GRADE B CHOICE MUST MEET BUY AMERICAN REQUIREMENTS","SENACA, DEL MONTE, LIBBY'S, DOLE","","CS",6,"10 CN",850,null,"",""]
[null,171,"D1059","FRUIT PEACHES DICED","PEACHES YELLOW CLING GRADE B CHOICE DICED NATURAL JUICES MIN DRAIN VT 71 OZ NO IRREGULAR MUST MEET BUY AMERICAN REQUIREMENTS","SENACA, DEL MONTE, LIBBY'S, DOLE","","CS",6,"10 CN",1500,null,"",""]
[null,172,"D1060","FRUIT PEARS DICED","PEARS DICED GRADE B CHOICE NATURAL JUICES MUST MEET BUY AMERICAN REQUIREMENTS","SENACA, DEL MONTE, LIBBY'S, DOLE","","CS",6,"10 CN",500,null,"",""]
[null,173,"D1061","FRUIT PINEAPPLE","PINEAPPLE TIDBITS IN JUICE GRADE B CHOICE SOLID PAK IN NATURAL JUICE MUST MEET BUY AMERICAN REQUIREMENTS","SENACA, DEL MONTE, LIBBY'S, DOLE","","CS",6,"10 CN",2500,null,"",""]
[null,174,"F1058","FRUIT STRAWBERRIES SLICED","STRAWBERRYS SLICED IQF US GRADE A UNSWEETENED","SPECIFY","","CS",1,"30 LB",700,null,"",""]
[null,175,"F1059","FRUIT STRAWBERRIES WHOLE","STRAWBERRYS SLICED IQF US GRADE A WHOLE UNSWEETENED","SPECIFY",null,"BKT",1,"30 LB",100,null,"",""]
[null,176,"D1062","GELATIN CHERRY","GELATIN MIX DRY","SPECIFY","","CS",12,"24 OZ",75,null,"",""]
[null,177,"D1063","GELATIN LIME","GELATIN MIX DRY","SPECIFY","","CS",12,"24 OZ",15,null,"",""]
[null,178,"D1064","GELATIN ORANGE","GELATIN MIX DRY","SPECIFY","","CS",12,"24 OZ",15,null,"",""]
[null,179,"D1065","GELATIN STRAWBERRY","GELATIN MIX DRY","SPECIFY","","CS",12,"24 OZ",75,null,"",""]
[null,180,"F1060","GF BAGEL PLAIN","PLAIN BAGEL GLUTEN FREE","SPECIFY",null,"CS",6,"4 EA",200,null,"",""]
[null,181,"C1026","GF BREAD WHITE SLICED","WHITE BREAD SLICED GLUTEN FREE","SPECIFY",null,"CS",6,"24 OZ",300,null,"",""]
[null,182,"C1027","GF BUN HAMBURGER ","HAMBURGER BUNS GLUTEN FREE","SPECIFY",null,"CS",6,"12 CT ",200,null,"",""]
[null,183,"F1061","GF MUFFIN CHOCOLATE IW","MUFFIN CHOCOLATE GLUTEN FREE IW","SPECIFY",null,"CS",36,"3.6 EA",200,null,"",""]
[null,184,"F1062","GF MUFFIN ENGLISH","ENGLISH MUFFINS GLUTEN FREE","SPECIFY",null,"CS",24,"2 OZ",300,null,"",""]
[null,185,"D1066","GF PASTA PENNE","PASTA PENNE GLUTEN FREE","SPECIFY",null,"CS",8,"12 OZ",200,null,"",""]
[null,186,"D1067","GF PASTA SPAGHETTI","PASTA SPAGHETTI GLUTEN FREE","SPECIFY",null,"CS",12,"12 OZ",200,null,"",""]
[null,187,"CTF7021","GLAZE STAWBERRY","STRAWBERRY GLAZE  CATERING","SPECIFY",null,"CS",1,"20LB",25,null,"",""]
[null,188,"D1068","GRANOLA BULK","GRANOLA BULK","SPECIFY",null,"CS",4,"50 OZ",250,null,"",""]
[null,189,"D1069","GRAVY BROWN","GRAVY BROWN LIGHT","PIONEER OR APPROVED EQUIVALENT",94541,"CS",6,"13 OZ",700,null,"",""]
[null,190,"D1070","GRAVY COUNTRY","COUNTRY SKILLET CREAM GRAVY","PIONEER OR APPROVED EQUIVALENT",96115,"CS",6,"24 OZ",725,null,"",""]
[null,191,"CTF7062","HAM BUFFET","HAM WATER ADDED CURED BONELESS AND FULLY COOKED. HAM IS 97% FAT FREE (3% FAT) AND APPROXIMATELY 4 TO 4½ INCHES IN DIAMETER. FROZEN PRODUCT. CATERING","SPECIFY","","CS",1,"LB",100,null,"",""]
[null,192,"F1063","HOT DOGS BEEF","BEEF FRANKS LOWER SODIUM 8/1 6\" CN LABELED TO MEET 2 OZ MEAT REQUIREMENT","JOHN MORRELL OR APPROVED EQUIVALENT","100-701000-28560","CS",80,"2 OZ",600,null,"",""]
[null,193,"F1064","ICE CREAM SS BAR CARAMEL","STICK BAR REDUCED FAT SALTY CARAMEL BROWNIE CRUNCH BAR","HERSHEY'S OR APPROVED EQUIVALENT",31167,"CS",36,"2.75 OZ",200,null,{"$f":"IF(L198*K198= 0,\"\",L198*K198)","v":""},{"$f":"IF(L198/I198= 0,\"\",L198/I198)","v":""}]
[null,194,"F1065","ICE CREAM SS BAR STRAWBERRY","STICK BAR STRAWBERRY SCOOTER  ","HERSHEY'S OR APPROVED EQUIVALENT",31166,"CS",36,"2.75 OZ",300,null,"",""]
[null,195,"F1066","ICE CREAM SS BAR VANILLA","ICE CREAM BAR VANILLA REDUCED FAT MUST BE SMART SNACK COMPLIANT <200 CALORIES < 35% FAT CALORIES < 230 MG SODIUM < 10% SATURATED FAT <35% OF WEIGHT FROM SUGARS","SPECIFY",null,"CS",96,"3.0 OZ",100,null,"",""]
[null,196,"F1067","ICE CREAM SS CUP CHOCOLATE SUNDAE ","LOW FAT CHOCOLATE SUNDAE DESSERT CUP","HERSHEY'S OR APPROVED EQUIVALENT",31662,"CS",48,"3 OZ",400,null,"",""]
[null,197,"F1068","ICE CREAM SS CUP VANILLA","LOW FAT VANILLA ICE CREAM DESSERT CUP  ","HERSHEY'S OR APPROVED EQUIVALENT",31664,"CS",48,"3 OZ",300,null,"",""]
[null,198,"F1069","ICE CREAM SS FRUIT BAR STRAWBERRY","STRAWBERRY CHUNK FRUIT BAR","BLUE BUNNY OR APPROVED EQUIVALENT",1050495,"CS",1,"48 CT",300,null,"",""]
[null,199,"F1070","ICE CREAM SS FUDGE BAR","STICK BAR FUDGE-O  GLUTEN FREE","HERSHEY'S OR APPROVED EQUIVALENT",31152,"CS",36,"2 OZ",300,null,"",""]
[null,200,"F1071","ICE CREAM SS POP STRAWBERRY & BANANA","SMOOTHIE ON A STICK.  REAL FRUIT NOTHING ARTIFICIAL.  STRAWBERRY & BANANA","JONNY POPS OR APPROVED EQUIVALENT",1190150,"CS",1,"96 CT",300,null,"",""]
[null,201,"F1072","ICE CREAM SS POP TRIPLE BERRY","SMOOTHIE ON A STICK.  REAL FRUIT NOTHING ARTIFICIAL.  TRIPLE BERRY (STRAWBERRY BLUEBERRY AND RASPBERRY)","JONNY POPS OR APPROVED EQUIVALENT",1190240,"CS",1,"96 CT",150,null,"",""]
[null,202,"F1073","ICE CREAM SS SANDWICH","ICE CREAM SANDWICH VAN RF","HERSHEY'S OR APPROVED EQUIVALENT",31319,"CS",24,"4 OZ",300,null,"",""]
[null,203,"D1071","JALAPEÑO SLICED","JALAPEÑO SLICED","SPECIFY","","CS",6,"10 CN",550,null,"",""]
[null,204,"D1072","JELLY PC","JELLY PC ASSORTED STRAWBERRY MIXED FRUIT AND GRAPE SHELF STABLE","SPECIFY",null,"CS",200,".5 OZ",450,null,"",""]
[null,205,"C1028","JUICE APPLE","APPLE JUICE PURE PAK  FULL STRENGTH JUICE NO SUGAR ADDED 100% JUICE  CARTON ONLY US GRADE B","SUN CUP OR APPROVED EQUIVALENT",30301,"CS",70,"4 OZ",7800,null,"",""]
[null,206,"C1029","JUICE APPLE CHERRY","APPLE-CHERRY PURE PAK FULL STRENGTH JUICE  NO SUGAR ADDED 100% JUICE US GRADE B","SUN CUP OR APPROVED EQUIVALENT",32000,"CS",70,"4 OZ",7500,null,"",""]
[null,207,"C1030","JUICE FRUIT PUNCH","FRUIT PUNCH JUICE PURE PAK FULL STRENGTH JUICENOSUGARADDED100% JUICE  CARTON ONLY US GRADE B","SUN CUP OR APPROVED EQUIVALENT",30800,"CS",70,"4 OZ",8400,null,"",""]
[null,208,"CTF7022","JUICE LEMON","LEMON JUICE PURE CATERING","SPECIFY","","CS",12,"32 OZ",20,null,"",""]
[null,209,"CTF7023","JUICE LEMON PC","LEMON JUICE PURE PC CATERING","SPECIFY",null,"CS",200,"0.4 G",5,null,"",""]
[null,210,"C1031","JUICE ORANGE","ORANGE JUICE PURE PAK FULL STRENGTH JUICE NO SUGAR ADDED 100% JUICE  CARTON ONLY GRADE A","SUN CUP OR APPROVED EQUIVALENT",30100,"CS",70,"4 OZ",7900,null,"",""]
[null,211,"CTF7063","JUICE ORANGE CONCENTRATE","FROZEN CONCENTRATE 100% JUICE NO SUGAR ADDED GRADE A CATERING","SPECIFY",null,"CS",12,"32OZ",20,null,"",""]
[null,212,"C1032","JUICE ORANGE PINEAPPLE","ORANGE-PINEAPPLE JUICE PURE PAK  FULL STRENGTH JUICE NO SUGAR ADDED 100%JUICE  CARTON ONLY U.S. GRADE A","SUN CUP OR APPROVED EQUIVALENT",31200,"CS",70,"4 OZ",7500,null,"",""]
[null,213,"D1073","KETCHUP JUG","KETCHUP  NATURALLY BALANCED  MADE w/SUGAR ENHANCED LOW SODIUM JUG w/PUMP","RED GOLD OR APPROVED EQUIVALENT","REDYL9P","CS",6,"114 oz",315,null,"",""]
[null,214,"D1074","KETCHUP PC","KETCHUP w/SUGAR ENHANCED LOW SODIUM ","RED GOLD OR APPROVED EQUIVALENT","REDYL9G","CS",1000,".9 GM",1000,null,"",""]
[null,215,"CTF7024","LIQUID SMOKE","LIQUID SMOKE FLAVORING  CATERING","WRIGHTS",null,"CS",4,"1 GAL",15,null,"",""]
[null,216,"C1033","MARGARINE","NO TRANS FAT CONTAIN A RATIO OF 60% VEGETABLE OIL AND 40% MILKFAT\nWITH A MINIMUM TOTAL FAT CONTENT OF 80%. ","GOLD-N-SWEET OR APPROVED EQUIVALENT",16840,"CS",30,"1 LB",150,null,"",""]
[null,217,"C1034","MARGARINE PC","CONTAIN A RATIO OF 60% VEGETABLE OIL AND 40% MILK FAT WITH A MINIMUM TOTAL FAT CONTENT OF 80%. NO TRANS FAT  ","COUNTRY CROCK OR APPROVED EQUIVALENT","1-0040600434055","CS",900,"5 GR",40,null,"",""]
[null,218,"D1075","MARSHMALLOW CRÈME","MARSHMALLOW CREAM FOR CEREAL TREATS TRANS FAT FREE","MALLOWCREME OR APPROVED EQUIVALENT",64708,"CS",8,"33.5 OZ",700,null,"",""]
[null,219,null,"MAYONNAISE  PC","MAYONNAISE INDIVIDUALLY PACKED REDUCED FAT","SPECIFY",null,"CS",500,"12 GR",800,null,"",""]
[null,220,"CTF7025","MAYONNAISE GAL ","MAYONNAISE REGULAR FAT CATERING","SPECIFY",null,"CS",4,"1 GAL",20,null,"",""]
[null,221,"CTF7026","MAYONNAISE PC","MAYONNAISE REGULAR FAT INDIVIDUALLY PACKED CATERING","SPECIFY",null,"CS",200,"12 GR",100,null,"",""]
[null,222,"D1076","MILK EVAPORATED","SHELF STABLE MILK IS MADE FROM GRADE A FRESH MILK WHICH HAS BEEN FORTIFIED WITH VITAMINS A AND D","SPECIFY","","CS",6,"10 CN",75,null,"",""]
[null,223,"C1036","MILK LACTOSE FREE","MILK LACTSE FREE AND FAT FREE","LACTAID OR APPROVED EQUIVALENT",6348,"CS",20,"8 oz",100,null,"",""]
[null,224,"D1077","MILK SOY","SOY MILK VANILLA MUST MEET USDA REGULATIONS FOR A MILK SUBSITITUTE.","KIKKKOMAN OR APPROVED EQUIVALENT",6184,"CS",24,"8 OZ",100,null,"",""]
[null,225,"CTF7027","MIX BROWNIE","MIX FUDGE BROWNIE NOT WHOLE GRAIN CATERING","CH GUENTER & SON OR APPROVED EQUIVALENT",218207,"CS",6,"5 LB",20,null,"",""]
[null,226,"CTF7028","MIX FRUIT PUNCH","FRUIT FLAVORED DRY CRYSTALS DRINK MIX SWEETENED CATERING","SPECIFY",null,"CS",12,"24 OZ",20,null,"",""]
[null,227,"CTF7029","MIX HOT CHOCOLATE","HOT CHOCOLATE MIX POWDERED INDIVIDUAL PACKS CATERING","SPECIFY",null,"CS",6,"50CT",20,null,"",""]
[null,228,null,"MIX HOT CHOCOLATE SF","HOT CHOCOLATE MIX POWDERED INDIVIDUAL PACKS  SUGAR FREE COFFEE BAR","NESTLE OR APPROVED EQUIVALENT","61411-00","CS",300,"PKG",100,null,"",""]
[null,229,"CTF7030","MIX ICE TEA","MIX UNSWEETENED TEA HIGH YIELD DILUTION RATIO 1:96 CATERING","THIRS-TEA OR APPROVED EQUIVALENT",662,"CS",24,"4 OZ",20,null,"",""]
[null,230,"CTF7031","MIX LEMONAIDE PINK","PINK LEMONAIDE FLAVORED DRY CRYSTALS SWEETENED CATERING","SPECIFY",null,"CS",12,"2GAL",30,null,"",""]
[null,231,"CTF7032","MIX LEMONAIDE YELLOW","YELLOW LEMONAIDE FLAVORED DRY CRYSTALS DRINK MIX SWEETENED  CATERING","SPECIFY",null,"CS",12,"2GAL",30,null,"",""]
[null,232,"CTF7064","MUFFIN APPLE PECAN","PRE-BAKED THAW AND SERVE APPLE CINNIMON PECAN TULIP CUP WRAPPER SUPREME  CATERING","OTIS SPUNKMEYER OR APPROVED EQUIVALENT",6245,"CS",24,"4 OZ",5,null,"",""]
[null,233,"CTF7065","MUFFIN BANANA BREAD","PRE-BAKED THAW AND SERVE BANANA BREAD TULIP CUP WRAPPER SUPREME  CATERING","OTIS SPUNKMEYER OR APPROVED EQUIVALENT",1002,"CS",24,"4 OZ",15,null,"",""]
[null,234,null,"MUFFIN BANANA WG","PRE-BAKED AND INDIVIDUALLY PLAIN WRAPPED APPROX 2 OZ EACH.  WHOLE GRAIN EACH MUFFIN MUST PROVIDE A MINUMIM OF 2 GB COMPONENT FOR SBP.  BANANA FLAVORED. ","DAVE'S OR APPROVED EQUIVALENT","WG828","CS",60,"3.15 OZ",1500,null,"",""]
[null,235,"CTF7066","MUFFIN BLUEBERRY CRUMB","PRE-BAKED THAW AND SERVE BLUEBERRY CRUMB CAKE TULIP CUP WRAPPER SUPREME  CATERING","OTIS SPUNKMEYER OR APPROVED EQUIVALENT",6201,"CS",24,"4 OZ",20,null,"",""]
[null,236,"F1074","MUFFIN BLUEBRRY IW","PRE-BAKED AND INDIVIDUALLY PLAIN WRAPPED APPROX 2 OZ EACH.  WHOLE GRAIN EACH MUFFIN MUST PROVIDE A MINUMIM OF 2 GB COMPONENT FOR SBP.  BLUEBERRY FLAVORED.","DAVE'S OR APPROVED EQUIVALENT","WG829","CS",60,"3.15 OZ",1500,null,"",""]
[null,237,"F1075","MUFFIN CHERRY IW","PRE-BAKED AND INDIVIDUALLY PLAIN WRAPPED APPROX 2 OZ EACH.  WHOLE GRAIN EACH MUFFIN MUST PROVIDE A MINUMIM OF 1 GB COMPONENT FOR SBP.  CHERRY FLAVORED. ","DAVE'S OR APPROVED EQUIVALENT","WG841","CS",60,"3.15 OZ",1500,null,"",""]
[null,238,"CTF7067","MUFFIN DECADENT CHOCOLATE","PRE-BAKED THAW AND SERVE DECADENT CHOCOLATE CHUNK TULIP CUP WRAPPER SUPREME  CATERING","OTIS SPUNKMEYER OR APPROVED EQUIVALENT",6220,"CS",24,"4 OZ",5,null,"",""]
[null,239,"F1076","MUFFIN DOUBLE CHOC CHIP IW","PRE-BAKED AND INDIVIDUALLY PLAIN WRAPPED APPROX 2 OZ EACH.  WHOLE GRAIN EACH MUFFIN MUST PROVIDE A MINUMIM OF 2 GB COMPONENT FOR SBP.  CHOCOLATE-CHOCOLATE CHIP FLAVORED.","DAVE'S OR APPROVED EQUIVALENT","WG 845","CS",60,"3.15 OZ",1500,null,"",""]
[null,240,"CTF7068","MUFFIN TRIPLE BERRY","PRE-BAKED THAW AND SERVE TRIPLE BERRY WHOLE GRAIN TULIP CUP WRAPPER SUPREME  CATERING","OTIS SPUNKMEYER OR APPROVED EQUIVALENT",6230,"CS",24,"4 OZ",10,null,"",""]
[null,241,"D1078","MUSTARD GAL","MUSTARD/PREPARED","SPECIFY","","CS",4,"1 GAL",75,null,"",""]
[null,242,"D1079","MUSTARD PC","MUSTARD PC EASY OPEN TOP","SPECIFY","","CS",500,"5.5 GM",200,null,"",""]
[null,243,"D1080","NATURE SEAL","NATURESEAL FRESH FRUIT PRESEVER","NATURESEAL","","CS",4,"3.3 LB",300,null,"",""]
[null,244,"F1077","NOODLES CHOW MEIN","CHOW MEIN WITH VEGETABLES WHOLE GRAIN  A 4.8oz SERVING PROVIDES 1.0 OZ GRAIN EQUIVALENTS.","SPECIFY",null,"CS",6,"5.6 LB",500,null,"",""]
[null,245,"D1081","OIL CANOLA","CANOLA OIL FOR FRYING NO TRANS FATS","SPECIFY","","CS",35,"LB",225,null,"",""]
[null,246,"CTF7033","OIL OLIVE","OIL OLIVE EXTRA VIRGIN CATERING","SPECIFY",null,"CS",4,"3LTR",15,null,"",""]
[null,247,"CTF7034","OLIVES BLACK","RIPE OLIVES MEDIUM PITTED WHOLE  CATERING","SPECIFY",null,"CS",6,"10 CN",100,null,"",""]
[null,248,"CTF7035","OLIVES GREEN","RIPE OLIVES MEDIUM PITTED WHOLE STUFFED  CATERING","SPECIFY",null,"CS",4,"1 GAL",5,null,"",""]
[null,249,"F1078","PANCAKE BREAKFAST SANDWICH","MAPLE SEASONED BEEF SAUSAGE AND PANCAKE SANDWICH - INDIVIDUALLY WRAPPED.  PORTION SIZE 2.61OZ CN LABEL OR PRODUCT ANALYSIS SHEET TO PROVIDE 1OZ M/MA AND 1OZ GRAIN EQ.  MUST MEET FNS REQUIREMENTS ON ALL GRAIN.  CASE PACK 100","INTEGRATED FOOD SERVICE OR APPROVED EQUIVALENT",990120,"CS",100,"2.61 OZ",900,null,"",""]
[null,250,"F1079","PANCAKE ON A STICK PLAIN BULK","SAUSAGE & PANCAKE ON A STICK WHOLE GRAIN PANCAKE BATTER AROUND A PRE-COOKED GROUND TURKEY & TEXTURED VEGETABLE PROTEIN LINK. CN LABLED EACH 2.85 OZ STICK PROVIDE 1 MEAT/MEAT ALTERNATE & 1 GRAIN EQUIVALENT BULK.","FOSTER FARMS OR APPROVED EQUIVALENT",95121,"CS",56,"2.85 OZ",1500,null,"",""]
[null,251,"F1080","PANCAKES","PANCAKE WHOLE GRAIN RICH - EACH PANCAKE MUST MEET 1 GRAIN","AUNT JEMIMA OR APPROVED EQUIVALENT",43582,"CS",144,"1.14 OZ",16,null,"",""]
[null,252,"F1081","PANCAKES BLUEBERRY","PANCAKES MINI BLUEBERRY IW WHOLE GRAIN MUST MEET 2 GRAIN COMPONENT FOR SBP","EGGO OR APPROVED EQUIVALENT",3800092560,"CS",72,3.2,1000,null,"",""]
[null,253,"F1082","PANCAKES CONFETTI","PANCAKES MINI CONFETTI IW WHOLE GRAIN MUST MEET 2 GRAIN COMPONENT FOR SBP","EGGO OR APPROVED EQUIVALENT",3800018574,"CS",72,3.2,1000,null,"",""]
[null,254,"F1083","PANCAKES MAPLE","PANCAKES MINI MAPLE BURST IW WHOLE GRAIN MUST MEET 2 GRAIN COMPONENT FOR SBP","PILLSBURY OR APPROVED EQUIVALENT",137732000,"CS",72,3.2,1000,null,"",""]
[null,255,null,"PANCAKES MAPLE","PANCAKES MINI MAPLE IW WHOLE GRAIN MUST MEET 2 GRAIN COMPONENT FOR SBP","EGGO OR APPROVED EQUIVALENT",3800092562,"CS",72,3.2,1000,null,"",""]
[null,256,"F1084","PANCKAES STRAWBERRY","PANCAKES MINI STRAWBERRY BLAST IW WHOLE GRAIN MUST MEET 2 GRAIN COMPONENT FOR SBP","PILLSBURY OR APPROVED EQUIVALENT",137731000,"CS",72,3.2,1000,null,"",""]
[null,257,"D1082","PASTA ELBOW","ELBOW PASTA DRY REGULAR NOT WHOLE GRAIN","ZEREGA OR APPROVED EQUIVALENT",8001,"CS",2,"10 LB",300,null,{"$f":"IF(L262*K262= 0,\"\",L262*K262)","v":""},{"$f":"IF(L262/I262= 0,\"\",L262/I262)","v":""}]
[null,258,"D1083","PASTA FETUCCINE","FETUCCINE PASTA   10\" DRY REGULAR NOT WHOLE GRAIN","ZEREGA OR APPROVED EQUIVALENT",9722,"CS",2,"10 LB",250,null,"",""]
[null,259,"CTF7036","PASTA LASAGNA","LASAGNA NOODLE WITH RIDGES ENRICHED TO MEET BREAD REQUIREMENTS NSLP MADE FROM SEMOLINA OR DURUM FLOUR ENRICHED WITH THIAMIN RIBOFLAVIN NIACIN FOLIC ACID AND IRON.  REGULAR NOT WHOLE GRAIN CATERING","SPECIFY",null,"CS",12,"1LB",15,null,"",""]
[null,260,"D1084","PASTA PENNE","TUBULAR 51% WHOLE GRAIN ENRICHED TO MEET BREAD REQ FOR NSLP ENRICHED WITH THIAMIN RIBOFLAVIN NIACIN FOLIC ACID AND IRON REGULAR NOT WHOLE GRAIN","ZEREGA OR APPROVED EQUIVALENT",10034,"CS",2,"10 LB",45,null,"",""]
[null,261,"D1085","PASTA SPAGHETTI","SPAGHETTI PASTA   10\" DRY REGULAR NOT WHOLE GRAIN","ZEREGA OR APPROVED EQUIVALENT",8031,"CS",2,"10 LB",500,null,"",""]
[null,262,"CTF7069","PASTRY CINNAMON TWIST","FREEZER-TO-OVEN CINNNAMON ROLL TWIST  CATERING","PILLSBURY OR APPROVED EQUIVALENT",205385000,"CS",52,"4.25 OZ",100,null,"",""]
[null,263,"CTF7070","PASTRY DANISH ASSORTED","DANISH ASSORTED 4OZ BULK CATERING","SPECIFY",null,"CS",6,"12CT",50,null,"",""]
[null,264,"CTF7037","PICKLE SLICED POUCH","HAMBURGER DILL PICKLE CRINKLE CUT POUCH 1/8 IN GRADE A CATERING","HEINZ",658600,"CS",6,"5.75 LB",650,null,"",""]
[null,265,"CTF7038","PICKLE SPEARS CAN","DILL PICKLE SPEARS APPROXIMATELY 3 1/2 - 4 3/4 INCHES LONG US GRADE A CATERING","SPECIFY","","CS",6,"10 CN",400,null,"",""]
[null,266,"F1085","PIE SHELLS","PIE SHELLS 9 INCH DEEP","SPECIFY",null,"CS",20,"SHELLS",10,null,"",""]
[null,267,"F1086","PIZZA BREAKFAST SAUSAGE","NARDONE BROS®WHOLE WHEAT SAUSAGE BREAKFAST MUST PROVIDE 1 OZ EQUIVALENT MEAT/MEAT ALERNATE 1.5 OZ EQUIVALENT GRAINS AND 1/8 CUP RED/ORANGE VEGETABLE FOR THE CHILD NUTRITION MEAL PATTERN REQUIREMENTS. COMMERICAL BACK-UP OF COMMODITY PRODUCT OR FOR NOI PRICING","NARDONES BROS OR APPROVED EQUIVALENT","80WS100","CS",80,"3.30 OZ",700,null,"",""]
[null,268,"F1087","PIZZA STUFFED CRUST CHEESE","WHOLE WHEAT WEDGE STUFFED CRUST CHEESE PIZZA WGR FROZEN BULK PACK FAT GRAMS NOT TO EXCEED 17GM SODIUM NOT TO EXCEED 445MG CN LABEL OR PRODUCT ANALYSIS SHEET TO PROVIDE A MINIMUM 2 MMA AND 2 GRAIN EQ. 1/8 RO VEGETABLE  CASE PACK 70 CT. COMMERICAL BACK-UP OF COMMODITY PRODUCT OR FOR NOI PRICING","NARDONES BROS OR APPROVED EQUIVALENT","72WWSCM2","CS",70,"4.95 OZ",600,null,"",""]
[null,269,"F1088","PIZZA STUFFED CRUST PEPPERONI","WHOLE WHEAT WEDGE STUFFED CRUST COIN PEPPERONI PIZZA.  WGR FROZEN BULK PACK FAT GRAMS NOT TO EXCEED 21GM SODIUM NOT TO EXCEED 665MG CN LABEL OR PRODUCT ANALYSIS SHEET TO PROVIDE A MINIMUM 2 MMA AND 2 GRAIN EQ. 1/8 RO VEGETABLE CASE PACK 70. COMMERICAL BACK-UP OF COMMODITY PRODUCT OR FOR NOI PRICING","NARDONES BROS OR APPROVED EQUIVALENT","C72WWSCMP2","CS",70,"4.95 OZ",600,null,"",""]
[null,270,"F1089","POCKET TURKEY HAM & CHEESE IW","POCKET TURKEY HAM & CHEESE EACH 3.0 OZ MUST MEET 1 M/MA AND 1OZ GRAIN FOR STUDENT NUTRITION BREAKFAST PROGRAM, IW","ALBIE'S OR APPROVED EQUIVALENT",835,"CS",60,"3 OZ",1500,null,"",""]
[null,271,"D1086","POPTART STRAWBERRY","POP-TART MADE WITH WHOLE GRAIN FROSTED STRAWBERRY.   1.76OZ  MUST MEET 1OZ GRAIN EQUIVALENT. CALORIES SHOULD NOT EXCEED 200  SUGAR SHOULD NOT EXCEED 18G","KELLOGG’S OR APPROVED EQUIVALENT",55130,"CS",120,"1.76 OZ",1000,null,"",""]
[null,272,"F1090","PORK BBQ PATTY","FULLY COOKED FLAMEBROILED RIB SHAPED PORK PATTIE WITH HONEY BBQ SAUCE, 3.25OZ","TYSON OR APPROVED EQUIVALENT",3716,"CS",100,"3.25 OZ",750,null,"",""]
[null,273,"F1091","PORK CARNITAS","PORK CARNITAS LOWER SODIUM","BROOKWOOD FARMS OR APPROVED EQUIVALENT",12303,"CS",1,"20 lb",200,null,"",""]
[null,274,"F1092","PORK DICED COOKED","BONELESS PORK STEW MEAT (1/4\" TRIM) THIS 30 LB. CASE PROVIDES 240 SERVINGS 2.00 OZ EACH. EACH 2.00 OZ SERVING (BY WEIGHT) OF COOKED DICED PORK PROVIDES 2.00 OZ EQUIVALENT MEAT FOR CHILD NUTRITION MEAL PATTERN REQUIREMENTS","SPECIFY",null,"CS",2,"5 LB",25,null,"",""]
[null,275,"F1093","PORK LOIN ROAST","PORK LOIN BONELESS IMPS #413 FROZEN UNCOOKED USDA INSPECTED FRESH PORK LOINS BONELESS SINGLE MUSCLE. ALL SURFACE FAT IN EXCESS OF 1/4\" IN DEPTH SHALL BE REMOVED. NATURAL UNSEASONED NO ADDED SODIUM MSG OR SOLUTIONS PERMITTED SODIUM CONTENT NOT TO EXCEED 100 MG PER 4 OUNCE PORTION.  ACCEPTABLE PACK SIZE: ENCASED & COMMERCIALLY SEALED IN MOISTURE/VAPOR-PROOF POLYFILM 2 TO 6 LOINS PER CASE EACH LOIN TO WEIGH BETWEEN 8-18 LB PACKAGE","SPECIFY",null,"CS",1,"50 lb",40,null,"",""]
[null,276,"F1094","PORK SAUSAGE","SAUSAGE PORK BULK","SPECIFY",null,"CS",2,"5 lb",500,null,"",""]
[null,277,"F1095","PORK SAUSAGE PATTY ","EACH 1.33 OZ COOKED PORK SAUSAGE PATTY PROVIDES 1.00 OZ EQUIVALENT MEAT FOR CHILD NUTRITION MEAL PATTERN REQUIREMENTS LESS THAN 200MG IN SODIUM PER SERVING","JTM OR APPROVED EQUIVALENT","CP54649","CS",360,"1.33 OZ",300,null,"",""]
[null,278,"F1096","PORK SHREDDED","PULLED PORK BBQ W/ VINEGAR MARINADE/SEMI DRIY LESS THAN 274 MG OF SODIUM PER SERVING CN LABLED THAT EACH 4 OZ SERVING MEETS 2 OZ MEAT EQUIVALENT. COMMERICAL BACK-UP OF COMMODITY PRODUCT OR FOR NOI PRICING","BROOKWOOD FARMS OR APPROVED EQUIVALENT",12302,"CS",4,"5 LB",1010,null,"",""]
[null,279,"CTF7071","POTATO BABY BAKERS","BABY BAKER POTATOES WHOLE OVEN ROASTED GARLIC  CATERING","SPECIFY",null,"CS",6,"2.5LB",25,null,"",""]
[null,280,"F1097","POTATO CRINKLE CUT","BAKABLE REGULAR REDUCED SODIUM CRINKLE FRIES 3/8\" l ≤ 160MG SODIUM PER SERVING CN LABLED","McCAIN OR APPROVED EQUIVALENT","MCF03761","CS",6,"5 LB",1000,null,"",""]
[null,281,"D1087","POTATO HASHBROWN DEHYDRATED"," DEHYDRATED POTATOES ","IDAHOAN OR APPROVED EQUIVALENT","29700 00808","CS",6,"2.125 lb",1200,null,"",""]
[null,282,"F1098","POTATO HASHBROWN PATTIES","2 OVALS PROVIDE 1/2 CUP VEGETABLE EQUIVALENT.","ORE-IDA OR APPROVED EQUIVALENT","OIF00589A","CS",6,"2.8125 lb",1345,null,"",""]
[null,283,"D1088","POTATO PEARLS","POTATO PEARLS NATURE'S OWN MASHED REDUCED SODIUM","BASIC AMERICAN FOODS OR APPROVED EQUIVALENT",10169,"CS",10,"29.3 oz",1500,null,"",""]
[null,284,"F1099","POTATO SPIRAL","BAKABLE SEASONED SPIRALS ≤ 240MG PER SERVING CN LABLED","McCAIN OR APPROVED EQUIVALENT",1000004108,"CS",6,"4 LB",1500,null,"",""]
[null,285,"F1100","POTATO STRAIGHT CUT","POTATOES / FRENCH FRIES FROZEN: 10071179036715 SIMPLOT SEASONEDCRISP® SAVORY REDUCED SODIUM 5/16” X 3/8” SC 6/5 LB. 52% LESS SODIUM THAN OUR REGULAR SAVORY THIN CUT FRIES (180MG VS 380MG SODIUM PER 84G REFERENCE AMOUNT). TO BE PACKED TO U.S. GRADE A STANDARDS SKIN-ON 5/16” X 3/8” STRAIGHT CUT POTATOES PROCESSED IN VEGETABLE OIL OVEN-READY PREPARATION.","SIMPLOT OR APPROVED EQUIVALENT","100-71179036715","CS",30,"LB",1000,null,"",""]
[null,286,"F1101","POTATO TATER TOTS","TATER TOTS SHAPED POTATOES ZERO GRAMS TRANS FAT OVEN-BAKED.  71G SERVING PROVIDE 1/2 CUP STARCH VEGETABLE FOR THE CHILD NUTRITION MEAL PROGRAM.","MCCAIN FOODSERVICE OR APPROVED EQUIVALENT",1000002789,"CS",6,"5 LB",1000,null,"",""]
[null,287,"F1102","POTATO WAFFLE CUT","FRENCH FRIES WAFFLE CUT BAKEABLE REDUCED SODIUM ≤ 75MG PER SERVING CN LABLED","McCAIN OR APPROVED EQUIVALENT","OIF01037A","CS",6,"4.5 LB",500,null,"",""]
[null,288,"F1103","PRETZELS IW","HEARTZELS WHOLE GRAIN WHEAT FLOUR/ENRICHED WHEAT FLOUR RED GOLD MEET 1 OZ GRAIN","ROLD GOLD OR APPROVED EQUIVALENT","000-28400-15940-1","CS",104,".7 OZ",500,null,"",""]
[null,289,"D1089","PUMPKIN","100% PURE SOLID PACK U.S. GRADE A OR U.S. FANCY","LIBBY'S OR APPROVED EQUIVALENT","","CS",6,"10 CN",100,null,"",""]
[null,290,"CTF7039","RELISH PICKLE DILL","RELISH PICKLE DILL CATERING","SPECIFY",null,"CS",4,"1 GAL",10,null,"",""]
[null,291,"CTF7040","RELISH PICKLE SWEET","RELISH PICKLE SWEET CATERING","SPECIFY",null,"CS",4,"1 GAL",5,null,"",""]
[null,292,"F1104","RICE VEGETABLE FRIED","VEGETABLE FRIED RICE WHOLE GRAIN.  NO MSG ADDED.  5# BAGS","ASIAN FOODS OR APPROVED EQUIVALENT",78001,"CS",8,"5 lb",600,null,"",""]
[null,293,null,"RICE WHOLE GRAIN BROWN PARBOILED","RICE LONG GRAIN PARBOILED 51% WHOLE GRAIN TO MEET NSLP BREAD REQ. LONG GRAIN RICE ENRICHED WITH THIAMIN RIBOFLAVIN NIACIN FOLIC ACID AND IRON. VITAMIN D AND CALCIUM MAY BE ADDED. NO 1 GRADE","SPECIFY",null,"BAG",25,"LB",500,null,"",""]
[null,294,"CTF7072","ROLL CINNAMON ","CINNAMON ROLLS FROZEN INDIVIDUALLY BULK PACKED APPROX 3 OZ EACH FREEZER TO OVEN NO PROOFING REQUIRED.  MUST PROVIDE 2 GB IN THE SBP. PILLSBURY SUPREME™ FREEZER-TO-OVEN CINNAMON ROLL 3 OZ  CATERING","PILLSBURY OR APPROVED EQUIVALENT",105358000,"CS",100,"3 OZ",50,null,"",""]
[null,295,"F1105","ROLL CINNAMON IW","WHITE WHOLE WHEAT HONEY ROLL DOUGH LAYER PACKED WHOLE GRAIN MEETS 2 OZ EQUIVALENT GRAINS","BRIDGEFORD OR APPROVED EQUIVALENT",6737,"CS",180,"2 OZ",3500,null,"",""]
[null,296,"CTF7073","ROLL DINNER WHITE","ROLL DINNER WHITE HEAT & SERVE 1.5OZ CATERING","BRIDGEFORD OR APPROVED EQUIVALENT",6655,"CS",75,"1.5OZ",100,null,"",""]
[null,297,"F1106","ROLL HONEY WHEAT","CINNAMON ROLL WHOLE GRAIN RTL IW MEETS 2 GRAINS","BAKE CRAFTERS OR APPROVED EQUIVALENT",1287,"CS",72,"2.8 OZ",2000,null,"",""]
[null,298,"F1107","SANDWICH TURKEY HAM & CHEESE","TURKEY HAM & CHEESE SUB, 5\" MEETS 2 OZ M/MA AND 2 OZ WG EQ FOR NSP","CLASSIC DELIGHT OR APPROVED EQUIVALENT",311,"CS",45,"4.8 OZ",1500,null,"",""]
[null,299,"CTF7041","SAUCE A-1","ORIGINAL STEAK SAUCE CATERING","KRAFT OR APPROVED EQUIVALENT","00-54400000200","CS",12,"10 OZ",10,null,"",""]
[null,300,null,"SAUCE BBQ GAL","BARBECUE SAUCE ORIGINAL - NO STARCHES OR GUMS. HEAT-PROCESSED TO PROVIDE STABILITY AT ROOM TEMPERATURE. A REDDISH-BROWN SAUCE WITH A BBQ FLAVOR-LOW HEAT LOW SMOKE. ","SWEET BABY RAY'S OR APPROVED EQUIVALENT","SJ0440HF","CS",4,"1 GAL",100,null,"",""]
[null,301,"CTF7042","SAUCE BRISKET MARINADE","SAUCE BRISKET MARINADE  CATERING","CLAUDES OR APPROVED EQUIVALENT",null,"CS",4,"1 GAL",15,null,"",""]
[null,302,"F1108","SAUCE CHEESE ALFREDO","ALFREDO SAUCE FROZEN BAGS READY TO HEAT AND SERVE.  PASTEURIZED PROCESS CHEESE.  30 POUND CASE PROVIDES 262 SERVINGS 1.83OZ EACH.   EACH 1.83OZ SERVING PROVIDES 1.00 OZ EQUIVALENT MEAT ALTERNATE FOR CHILD NUTRITION MEAL PATTERN REQUIREMENTS.","JTM OR APPROVED EQUIVALENT",5722,"CS",6,"5 LB ",400,null,"",""]
[null,303,"F1109","SAUCE CHEESE GOLDEN HATCH","GOLDEN HATCH CHEESE SAUCE PROVIDES 1.00 OZ EQUIVALENT MEAT ALTERNATE FOR CHILD NUTRITION MEAL PATTERN REQUIREMENTS","JTM OR APPROVED EQUIVALENT",5731,"CS",6,"5LB BAG",200,null,"",""]
[null,304,"F1110","SAUCE CHEESE QUESO BLANCO","CHEESE SAUCE WHITE CHEDDAR W/SALSA VERDE READY TO SERVE 3OZ = 1 MMA.  POUCHES 6/5# FAT GRAMS NOT TO EXCEED 7G.  SODIUM NOT TO EXCEED 600MG","JTM OR APPROVED EQUIVALENT",5718,"CS",6,"5 LB",500,null,"",""]
[null,305,"F1111","SAUCE CHEESE THREE","THREE CHEESE SAUCE PROVIDES 1.00 OZ EQUIVALENT MEAT ALTERNATE FOR CHILD NUTRITION MEAL PATTERN REQUIREMENTS","JTM OR APPROVED EQUIVALENT",5730,"CS",6,"5LB",500,null,"",""]
[null,306,"D1090","SAUCE CHEESE ULTIMATE CHEEDAR","CHEESE SAUCE READY TO SERVE REDUCED FAT CHEDDAR:  CANNED OR POUCHES CHEDDAR 3 OZ = 1MMA.  6/#10 OR POUCHES 6/5#  FAT GRAMS NOT TO EXCEED 10G SODIUM NOT TO EXCEED 570MG.  AVAILABLE FOR NET OFF INVOICE  LAND O LAKES PREFERRED. FOR NOI PRICING","LAND O'LAKES OR APPROVED EQUIVALENT",39940,"CS",6,"5 LB",500,null,"",""]
[null,307,"D1091","SAUCE CRANBERRY","CRANBERRIES JELLIED U.S. GRADE A OR U.S. FANCY RESEALABLE","OCEAN SPRAY OR APPROVED EQUIVALENT",1401,"CS",6,"101 OZ",75,null,"",""]
[null,308,"D1092","SAUCE HOT PC","SABOR BY TEXAS PETE MEXICAN HOT SAUCE PC","TEXAS PETE OR APPROVED EQUIVALENT",null,"CS",200,7,1000,null,"",""]
[null,309,"D1093","SAUCE MANWICH SLOPPY JOE","SAUCE SLOPPY JOE MANWICH","MANWICH OR APPROVED EQUIVALENT","27000-44181","CS",6,"#10 CAN",500,null,"",""]
[null,310,"D1100","SAUCE ORANGE","RTU - PRONOUNCED SWEETNESS AND SOURNESS WITH ORANGE FLAVOR. THICK LIGHT BROWN GLAZE","KIKKOMAN OR APPROVED EQUIVALENT","0-1576","CS",4,".5 GAL",250,null,"",""]
[null,311,"D1094","SAUCE PICANTE","PICANTE SAUCE THICK AND CHUNKY","SPECIFY","","CS",4,"1 GAL",23,null,"",""]
[null,312,"D1095","SAUCE PICANTE PC","PICANTE SAUCE PC","SPECIFY","","CS",200,".5 OZ",200,null,"",""]
[null,313,"D1096","SAUCE SOY PC","SOY SAUCE INDIVIDUAL PACKETS LOW SODIUM","SPECIFY","","CS",500,"9 GR",150,null,"",""]
[null,314,"D1097","SAUCE TOMATO","TOMATO SAUCE FROM MATURE WHOLE AND TRIMMED TOMATOES OF GOOD COLOR ARE STRAINED AND PARTIALLY CONCENTRATED BEFORE THEY ARE BLENDED WITH ONIONS, GARLIC, AND OTHER NATURAL FLAVORING TO ACHIEVE A SMOOTH AND FREE FLOWING SAUCE. MAKING FROM CONCENTRATE ASSURES THE COLOR, QUALITY AND CONSISTENCY ARE ALWAYS JUST RIGHT. ZERO TRANS FATS. GLUTEN FREE. LOW SODIUM","RED GOLD OR APPROVED EQUIVALENT","RPKHA99","CS",6,"10 CN",400,null,"",""]
[null,315,"D1098","SAUCE TOMATO MARINARA","NUTRITIONALLY ENHANCED MARINARA SAUCE 70% LOWER IN SODIUM ","RED GOLD OR APPROVED EQUIVALENT","RPKNA9E","CS",6,"10 CN",500,null,"",""]
[null,316,"D1099","SAUCE TOMATO SPAGHETTI ","SPAGHETTI SAUCE NUTRIENT ENHANCED LOW SODIUM","RED GOLD OR APPROVED EQUIVALENT","RPKMA9E","CS",6,"10 LB",750,null,"",""]
[null,317,"CTF7043","SAUCE WORCESTERSHIRE","WORCESTERSHIRE SAUCE BULK CATERING","SPECIFY","","CS",4,"1 GAL",5,null,"",""]
[null,318,"D1101","SHELL TACO","WHOLE GRAIN CORN FULLY COOKED TACO SHELL 6\"","MEX ORIG OR APPROVED EQUIVALENT","24850-621","CS",1,"200 CT",500,null,"",""]
[null,319,"D1102","SHELL TOSTADA","WHOLE GRAIN CORN FULLY COOKED TOSTADA SHELL 5.5\"","MEX ORIG OR APPROVED EQUIVALENT","23194-621","CS",1,"200 CT",300,null,"",""]
[null,320,"D1103","SOUP CREAM OF CHICKEN","HEALTHY REQUEST CONDENSED SOUP CREAM OF CHICKEN","CAMPBELLS OR APPROVED EQUIVALENT",4143,"CS",12,"50 OZ",200,null,"",""]
[null,321,"D1104","SOUP CREAM OF MUSHROOM","HEALTHY REQUEST CONDENSED SOUP CREAM OF MUSHROOM","CAMPBELLS OR APPROVED EQUIVALENT",4144,"CS",12,"50 OZ",175,null,{"$f":"IF(L326*K326= 0,\"\",L326*K326)","v":""},{"$f":"IF(L326/I326= 0,\"\",L326/I326)","v":""}]
[null,322,"CTF7044","SOUR CREAM LIGHT","SOUR CREAM LIGHT CATERING","SPECIFY","","CS",2,"5 LB",20,null,"",""]
[null,323,"D1105","SOUR CREAM LIGHT PC","SOUR CREAM LIGHT PC","SPECIFY","","CS",100,"1 OZ",175,null,"",""]
[null,324,"D1106","SPICE BASIL","BASIL LEAF WHOLE LEAF  ","SPECIFY",null,"CS",1,"1.62 LB",63,null,"",""]
[null,325,"D1107","SPICE BAY LEAVES","BAY LEAVES","SPECIFY",null,"BTL",1,"30 OZ",10,null,"",""]
[null,326,"D1108","SPICE CHILI","CHILI POWDER LIGHT FINE GRIND MILD  NO OTHER ADDITIVES","BUENO OR APPROVED EQUIVALENT","","BTL",1,"5 LB",150,null,"",""]
[null,327,"D1109","SPICE CINNAMON","CINNAMON GROUND","MCCOMICK'S OR APPROVED EQUIVALENT",null,"BTL",1,"18 OZ",50,null,"",""]
[null,328,"D1110","SPICE CUMIN","CUMIN","SPECIFY",null,"BTL",1,"4.5 LB",10,null,"",""]
[null,329,"D1111","SPICE FAJITA","FAJITA SEASONING AND MARINADE SALT FREE","SPECIFY",null,"BTL",1,"30 OZ",145,null,"",""]
[null,330,"D1112","SPICE GARLIC POWDER","GARLIC GRANUATED","SPECIFY",null,"BTL",1,"7.25 LB",175,null,"",""]
[null,331,"D1113","SPICE ITALIAN BLEND","ITALIAN BLEND SALT FREE NO MSG","SPECIFY",null,"BTL",1,"9.5 OZ",75,null,"",""]
[null,332,"D1114","SPICE LEMON PEPPER","SPICE LEMON PEPPER LOW SODIUM","SPECIFY",null,"EA",1,"1 LB",100,null,"",""]
[null,333,"D1115","SPICE MUSTARD DRY","MUSTURD DRY","COLEMAN'S OR APPROVED EQUIVALENT",null,"BTL",1,"14 OZ",60,null,"",""]
[null,334,"D1116","SPICE ONION DEHYDRATED","ONION DEHYDRATED","SPECIFY","","BOX",15,"16 OZ",75,null,"",""]
[null,335,"D1117","SPICE ONION POWDER","ONION POWDER","SPECIFY",null,"BTL",1,"6 LB",25,null,"",""]
[null,336,"D1118","SPICE OREGANO","OREGANO GROUND COURSE","SPECIFY",null,"BTL",1,"16 OZ",15,null,"",""]
[null,337,"D1119","SPICE PAPRIKA","PAPRIKA SPICE","SPECIFY",null,"BTL",1,"5.5LB",25,null,"",""]
[null,338,"D1120","SPICE PARSLEY","DEHYDRATED PARSLEY FLAKES ","SPECIFY",null,"BTL",1,"11 0Z",50,null,"",""]
[null,339,"D1121","SPICE PEPPER BLACK","BLACK PEPPER GROUND COURSE ","SPECIFY",null,"EA",1,"5 LB",40,null,"",""]
[null,340,"CTF7045","SPICE PEPPER BLACK PC","BLACK PEPPER GROUND COURSE INDIVIDUAL PACKETS CATERING","SPECIFY","","CS",3000,".5 GM",20,null,"",""]
[null,341,"D1122","SPICE PEPPER WHITE","WHITE PEPPER GROUND COURSE ","SPECIFY",null,"BTL",1,"5 lb",20,null,"",""]
[null,342,"D1123","SPICE POULTRY","POULTRY SEASONING SALT FREE ","SPECIFY",null,"BTL",1,"10 OZ",15,null,"",""]
[null,343,"D1124","SPICE PUMPKIN PIE","PUMPKIN PIE SPICE  CINNAMON GINGER NUTMEG ALLSPICE AND SULFATING AGENTS.","MCCOMICK'S OR APPROVED EQUIVALENT",5210032310,"CS",6,"1 LB",225,null,"",""]
[null,344,"D1125","SPICE SAGE","SAGE GROUND ","SPECIFY",null,"BTL",1,"18 OZ",10,null,"",""]
[null,345,"D1126","SPICE SALT","SALT TABLE EVAPORATED IODIZED","SPECIFY","","BAG",25,"LB",60,null,"",""]
[null,346,"D1127","SPICE SALT FREE","SEASONING 100% SALT FREE ONION, SPICES (BLACK PEPPER, PARSLEY, CELERY SEED, BASIL, BAY MARJORAM, OREGANO, SAVORY, THYME, CAYENNE PEPPER, CORIANDER, CUMIN, MUSTARD, ROSEMARY), GARLIC, CARROT, ORANGE PEEL, TOMATO, LEMON JUICE POWDER, CITRIC ACID, OIL OF LEMON","MRS. DASH OR APPROVED EQUIVALENT",605021603287,"CS",1,"21 OZ",500,null,"",""]
[null,347,"D1128","SPICE SALT KOSHER","SALT KOSHER","DIAMOND CRYSTAL OR APPROVED EQUIVALENT",null,"CS",12,"LB",10,null,"",""]
[null,348,"CTF7046","SPICE SALT PC","SALT TABLE EVAPORATED IODIZED PC CATERING","SPECIFY","","CS",6000,".5 GM",15,null,"",""]
[null,349,"D1129","SPICE STEAK BLEND","MONTREAL STEAK SEASONING SALT FREE","SPECIFY",null,"BTL",1,"7 LB",85,null,"",""]
[null,350,"D1130","SPICE TACO","TACO SEASONING SALT FREE","SPECIFY","","CS",6,"6.6 OZ",150,null,"",""]
[null,351,"D1131","STUFFING","UNCLE BEN'S CLASSIC CORNBREAD STUFFING MIX BLEND OF 2 KINDS OF BREAD CRUMBS SEASONINGS AND FLAVORS.","UNCLE BEN’S OR APPROVED EQUIVALENT",13508,"CS",6,"3.5 LB",110,null,"",""]
[null,352,"D1132","SUGAR","SUGAR GRANULATED EXTRA FINE","SPECIFY","","BAG",25,"LB",80,null,"",""]
[null,353,"D1133","SUGAR BROWN","SUGAR BROWN NED 10X","SPECIFY","","CS",24,"2 LB",15,null,"",""]
[null,354,"D1134","SUGAR PC","SUGAR PURE CANE PACKET","SPECIFY",null,"CS",2000,"0.1 OZ",5,null,"",""]
[null,355,"D1135","SUGAR PC ARTIFICIAL SWEETENER ","ARTIFICIAL SWEETENER INDIVIDUAL PACKETS ","SPECIFY","","CS",2500,"CT",5,null,"",""]
[null,356,"CTF7047","SUGAR POWDERED","SUGAR POWDERED 6X CATERING","SPECIFY","","BAG",1,"25 LB",7,null,"",""]
[null,357,"D1136","SYRUP PC","MAPLE FLAVORED. READY TO SERVE PORTION CONTROL CUP 1.4OZ TO 1.6OZ SERVING SIZE    ","SPECIFY",null,"CS",100,"1.4-1.5 OZ",2000,null,"",""]
[null,358,"D1137","TAJIN PC","SEASONING TAJIN LOW SODIUM PC","TAJIN OR APPROVED EQUIVALENT",null,"CS",1000,".05 OZ",200,null,"",""]
[null,359,null,"TAMALES CHICKEN GREEN CHILE","TAMALE CHICKEN GREEN CHILE NO FILLERS 0G TRANS FAT HEAT & SERVE MEETS NEW MEXICO GROWN REQUIREMENTS","BUENO OR APPROVED EQUIVALENT","1370-3","CS",60,"3 OZ",1000,null,"",""]
[null,360,null,"TAMALES PORK RED CHILE","TAMALE PORK RED CHILE NO FILLERS 0G TRANS FAT HEAT & SERVE MEETS NEW MEXICO GROWN REQUIREMENTS","BUENO OR APPROVED EQUIVALENT","1375-3","CS",60,"3 OZ",1000,null,"",""]
[null,361,"D1138","TOMATO DICED","TOMATOES DICED GRADE A LOW SODIUM (140 MILLIGRAMS OF SODIUM OR LESS PER SERVING).","SPECIFY",null,"CS",6,"10 CN",600,null,"",""]
[null,362,"D1139","TOMATO PASTE","TOMATO PASTE 26% SOLID HEAVY CONCENTRATION NET WEIGHT 114 OZ GRADE A LOW SODIUM (140 MILLIGRAMS OF SODIUM OR LESS PER SERVING).","SPECIFY","","CS",6,"10 CN",300,null,"",""]
[null,363,"F1112","TORNADO STEAK AND CHEESE","SHREDDED RANCHERO STEAK AND CHEESE WHOLE GRAIN RUIZ  144/2.79OZ","RUIZ FOODS OR APPROVED EQUIVALENT",86585,"CS",144,"2.79 OZ",500,null,"",""]
[null,364,"C1041","TORTILLA CORN","6” WHITE CORN MADE FROM CORN FLOUR OR MEAL - MADE FROM ENRICHED CORN MEAL.  EACH SHELL MUST BE A MINIMUM OF 25 GRAMS TO MEET 1 GB IN THE NSLP.","MISSION OR APPROVED EQUIVALENT",10630,"CS",60,"12 CT",250,null,"",""]
[null,365,null,"TORTILLA CORN STREET 4.5\"","4.5\" CORN TORTILLA","MISSION OR APPROVED EQUIVALENT",73731071519,"CS",12,"12CT",2000,null,"",""]
[null,366,"CTF7006","TORTILLA FLOUR  10\"","10\" FLOUR TORTILLA FOR BURRITOS   NOT WHOLE GRAIN CATERING","BUENO OR APPROVED EQUIVALENT",null,"CS",12,"12 CT",4000,null,"",""]
[null,367,"CTF7007","TORTILLA FLOUR  6\"","6\" FLOUR TORTILLA FOR SOFT TACOS/FAJITAS  NOT WHOLE GRAIN CATERING","BUENO OR APPROVED EQUIVALENT",null,"CS",12,"12CT",100,null,"",""]
[null,368,"C1042","TORTILLA FLOUR 6\" WG","6\" WHOLE WHEAT FLOUR WHOLE GRAIN - FRESH","NM FOODS OR APPROVED EQUIVALENT",3523783021,"CS",12,"12 CT",2400,null,"",""]
[null,369,"C1043","TORTILLA FLOUR 9\" WG","9’ WHOLE WHEAT FLOUR MUST BE UNIFORM IN SIZE - MADE FROM ENRICHED FLOUR UNIFORM IN SIZE AND A MINIMUM OF 54 GRAMS TO MEET 2 GB IN THE NSLP WHOLE GRAIN - FRESH","NM FOODS OR APPROVED EQUIVALENT",3523783021,"CS",12,"12 CT",3800,null,"",""]
[null,370,"F1113","TURKEY BREAST DELI","SLICED OVEN ROASTED REDUCED SODIUM BY 30% .5 OZ SLICE FROZEN COMMERICAL BACK-UP OF COMMODITY PRODUCT OR FOR NOI PRICING","JENNY O OR APPROVED EQUIVALENT ",2099,"CS",12,"1 LB",600,null,"",""]
[null,371,"F1114","TURKEY HAM DELI","SLICED 5% WATER ADDED NATURALLY LEAN REDUCED SODIUM BY 26% 94% FAT FREE .51 OZ SLICE FROZEN CN LABLED COMMERICAL BACK-UP OF COMMODITY PRODUCT OR FOR NOI PRICING","JENNY O OR APPROVED EQUIVALENT ",2565,"CS",12,"1 LB",700,null,"",""]
[null,372,"F1115","TURKEY ROAST","U.S. GRADE A FROZEN ROASTS PREPARED FROM BREAST MEAT THIGH MEAT AND SKIN OF YOUNG READY-TO-COOK TURKEYS WITH WATER SALT AND SODIUM PHOSPHATES ADDED. ROASTS ARE AT LEAST 47% BREAST MEAT WITH A MAXIMUM OF 34% THIGH MEAT AND 12.5% SKIN. THE ROASTS IN ONE CONTAINER WILL NOT VARY MORE THAN 2 LB PER ROAST. EACH ROAST WILL BE 9 TO 17 INCH IN LENGTH AND 4 TO 7 INCH IN DIAMETER AND WILL BE TIED OR PLACED IN COTTON NETTING. (4) 8-12 POUNDS PER CASE COMMERICAL BACK-UP OF COMMODITY PRODUCT OR FOR NOI PRICING","SPECIFY",null,"LB",4,"8-12 LBS",100,null,"",""]
[null,373,"F1116","TURKEY SAUSAGE PATTY","SAUSAGE PATTY FORMED FULLY COOKED REDUCED FAT TURKEY SAUSAGE PATTIES 2.5” ONE 1.5 OZ. PATTY PROVIDES 1 OZ. PROTEIN EQUIVALENT LESS THAN 320 MG OF SODIUM","JENNY O OR APPROVED EQUIVALENT ",100124,"CS",133,"1.22 OZ",150,null,"",""]
[null,374,"D1140","VANILLA","VANILLA IMITATION FLAVOR NO ALCOHOL","SPECIFY","","CS",6,"32 OZ",5,null,"",""]
[null,375,"F1117","VEG BROCCOL FROZEN","VEGETABLEBROCCOLI CUTS FROZEN GRADE A","SPECIFY","","CS",12,"2.5 LB",350,null,"",""]
[null,376,"F1118","VEG CALIFORNIA BLEND","CALIFORNIA BLEND/ FROZEN GRADE A CARROTS BROCCOLI CAULIFLOWER","SPECIFY","","CS",20,"LB",50,null,"",""]
[null,377,"F1119","VEG CARROTS DICED","CARROTS FROZEN GRADE A DICED","SPECIFY",null,"CS",1,"30 LB",375,null,"",""]
[null,378,"F1120","VEG CARROTS SLICED","CARROTS FROZEN GRADE A","SPECIFY",null,"CS",20,"LB",75,null,"",""]
[null,379,"F1121","VEG CHILE GREEN HOT","GREEN CHILE HOT DICED FROZEN","M A SONS, BUENO OR APPROVED EQUIVALENT",null,"CS",6,"3.5 LB",600,null,"",""]
[null,380,"F1122","VEG CHILE GREEN MILD","GREEN CHILE FROZEN DICED MILD","M A SONS, BUENO OR APPROVED EQUIVALENT","","CS",5,"5 LB",1200,null,"",""]
[null,381,"F1123","VEG CHILE RED HOT","RED CHILE PUREE  HOT  FROZEN","M A SONS, BUENO OR APPROVED EQUIVALENT",null,"CS",6,"3.5 LB",150,null,"",""]
[null,382,"F1124","VEG CHILE RED MILD","RED CHILE PUREE MILD FROZEN","M A SONS, BUENO OR APPROVED EQUIVALENT","","CS",6,"3.5 LB",250,null,"",""]
[null,383,"D1141","VEG CORN CANNED","US GRADE B VACUUM PACKED LOW SODIUM (140 MILLIGRAMS OF SODIUM OR LESS PER SERVING).","SPECIFY","","CS",6,"10 CN",600,null,"",""]
[null,384,"F1125","VEG CORN FROZEN","CORN SWEET WHOLE KERNEL: FROZEN TO MEET THE STANDARD U. S. GRADE A  YELLOW OR GOLDEN TO BE PACKED IN POLY BAG LINER IN CASES WITH POLY BAG \"TUCKED\" TO COMPLETELY COVER AND PROTECT THE PRODUCT FROM FREEZER BURN. 20#","SPECIFY",null,"CS",1,"20 LB",1000,null,"",""]
[null,385,"F1126","VEG FAJITA BLEND","VEGETABLE BLEND FAJITA ONIONS GREEN & RED PEPPERS","CLASSIC OR APPROVED EQUIVALENT",74662,"CS",12,"32 OZ",500,null,{"$f":"IF(L390*K390= 0,\"\",L390*K390)","v":""},{"$f":"IF(L390/I390= 0,\"\",L390/I390)","v":""}]
[null,386,"CTF7074","VEG GREEN BEAN WHOLE FROZEN","GREEN BEANS WHOLE FROZEN GRADE A CATERING","SPECIFY",null,"CS",6,"4 LB",15,null,"",""]
[null,387,"D1142","VEG GREEN BEANS CANNED","GREEN BEANS4 SIEVE CUT 1 ¼ GRADE B LOW SODIUM (140 MILLIGRAMS OF SODIUM OR LESS PER SERVING).","SPECIFY","","CS",6,"10 CN",1800,null,"",""]
[null,388,"F1127","VEG GREEN BEANS FROZEN","GREEN BEANS FROZEN GRADE A","SPECIFY",null,"CS",1,"20 LB",1000,null,"",""]
[null,389,"F1128","VEG OKRA BREADED","OKRA CUT BREADED: IF TO MEET THE STANDARD OF U. S. GRADE A. PRE-BROWNED OVEN READY. CN LABEL OR PRODUCT ANALYSIS SHEET REQUIRED. 4/5#","TASTY BRAND OR APPROVED EQUIVALENT",null,"CS",4,"5 LB",300,null,"",""]
[null,390,"F1129","VEG ONION RINGS BREADED","ONION RINGS BREADED 6/2#: IF CHOPPED AND FORMED PRE-BROWNED OVEN READY IF. PROVIDE 1/4 CUP V/F AND 1 G/B SERVING. CN LABEL OR PRODUCT ANALYSIS SHEET REQUIRED. IDENTIFY FAT GRAMS PER 6 PIECE SERVING.","TASTY BRAND OR APPROVED EQUIVALENT",null,"CS",6,"2 LB",400,null,"",""]
[null,391,"D1143","VINEGAR","","SPECIFY","","CS",4,"1 GAL",110,null,"",""]
[null,392,"F1130","WAFFLE BLUEBERRY IW","WAFFLE MINI BLUEBERRY IW MUST MEET 2 WG EQUIVILENT","PILLSBURY OR APPROVED EQUIVALENT",132264000,"CS",72,"2.2 OZ",1000,null,"",""]
[null,393,"F1131","WAFFLE CHOCOLATE CHIP IW","WAFFLE CHOCOLATE CHIP IW EACH 2.40 OZ SERVING PROVIDES 2.00 EQ GRAINS FOR NSP","TASTY BRAND OR APPROVED EQUIVALENT",55702,"CS",96,"2.40 OZ",850,null,"",""]
[null,394,"F1132","WAFFLE MAPLE BULK","MAPLE WHOLE GRAIN EACH 1.4OZ WAFFLE PROVIDES 1 GRAIN EQUIVALENT.  51% WHOLE GRAIN","BAKE CRAFTERS OR APPROVED EQUIVALENT",1556,"CS",1,"144ct",600,null,"",""]
[null,395,"F1133","WAFFLE MAPLE IW","WAFFLE MINI MAPLE MADNESS IW MUST MEET 2 WG EQUIVILENT","PILLSBURY OR APPROVED EQUIVALENT",132265000,"CS",72,"2.47 OZ",1000,null,"",""]
[null,396,"CTF7048","WALNUTS","WALNUTS CHOPPED CATERING","SPECIFY",null,"CS",3,"2 LB",135,null,"",""]
[null,397,"D1144","WATER BOTTLED","BOTTLED WATER PURIFIED","NESTLE OR APPROVED EQUIVALENT",null,"CS",24,"20 0Z",4500,null,"",""]
[null,398,"D1145","WATER GALLON","WATER SPRING","SPECIFY",null,"CS",6,"GAL",800,null,"",""]
[null,399,"C1044","WHIPPED TOPPING CAN","WHIPPED TOPPING NON-DAIRY CAN LIKE REDI WHIP","SPECIFY",null,"CS",12,"13 OZ",25,null,"",""]
[null,400,"D1146","WHIPPED TOPPING MIX","WHIPPED TOPPING NON-DAIRY DRY POWDER MIX","SPECIFY","","CS",12,"16 OZ",60,null,"",""]
[null,401,"CTF7008","YOGURT BULK PLAIN","NON-FAT BULK CATERING","SPECIFY",null,"CS",6,"30 OZ",55,null,"",""]
[null,402,"C1045","YOGURT CUPS BLUEBERRY","NON-FAT INDIVIDUAL CUPS","UPSTATE FARMS OR APPROVED EQUIVALENT",9816,"CS",48,"4 OZ",500,null,"",""]
[null,403,"C1046","YOGURT CUPS CHERRY VANILLA","NON-FAT INDIVIDUAL CUPS","UPSTATE FARMS OR APPROVED EQUIVALENT",9819,"CS",48,"4 OZ",500,null,"",""]
[null,404,"C1047","YOGURT CUPS RASPBERRY","NON-FAT INDIVIDUAL CUPS","UPSTATE FARMS OR APPROVED EQUIVALENT",9817,"CS",48,"4 OZ",1000,null,"",""]
[null,405,"C1048","YOGURT CUPS RASPBERRY/CHERRY","NON-FAT INDIVIDUAL CUPS","DANNON CREAMY OR APPROVED EQUIVALENT",1956,"CS",48,"4 OZ",1000,null,"",""]
[null,406,"C1049","YOGURT CUPS STRAWBERRY BANANA","NON-FAT INDIVIDUAL CUPS","UPSTATE FARMS OR APPROVED EQUIVALENT",9820,"CS",48,"4 OZ",1000,null,"",""]
[null,407,"C1050","YOGURT IN A BAG","YOGURT IN A BAG VANILLA","YOPLAIT PARFAITPRO OR APPROVED EQUIVALENT",16632000,"CS",6,"64 OZ",400,null,"",""]

{"sheet":"USA Beef","index":7,"n_rows":412,"n_cols":19,"rows_kept":412,"cut":false,"hidden":true,"merged":[[3,23,4,23],[3,24,4,24],[3,25,4,25],[3,26,4,26],[3,15,4,15],[3,16,4,16],[3,17,4,17],[3,18,4,18],[3,21,4,21],[3,22,4,22],[3,14,4,14],[2,1,2,4],[2,8,2,10],[2,11,2,14],[3,1,4,1],[3,2,4,2],[3,3,4,3],[3,4,4,4],[3,5,4,5],[3,6,4,6],[3,7,4,7],[3,8,4,9],[3,10,4,10],[3,11,4,11],[3,12,4,12],[3,13,4,13],[0,1,0,4],[0,8,0,10],[0,11,0,14],[1,1,1,4],[1,8,1,10],[1,11,1,14]]}
[null,"ROSWELL INDEPENDENT SCHOOL DISTRICT",null,null,null,null,null,null,"Vendor Name:",null,null,"USA Beef Packing"]
[null,"CAFETERIA FOOD BID 23-06 FOR SCHOOL YEAR 2023-24",null,null,null,null,null,null,"Vendor Contact",null,null,"Nayely Madrid (915)637-0284"]
[null,"MUST BE RECEIVED BY MAY 4, 2023 ON CD-R OR FLASH DRIVE  \nSEALED WITH SUPPORTING DOCUMENTS",null,null,null,null,null,null,"Date",null,null,"2023-05-01"]
[null,"ITEM","STOCK ID","ITEM","DESCRIPTION","Approved Brand","Product Code or UPC","BID UNIT","CASE PACK",null,"EST USAGE","BID UNIT PRICE","Extended Total","per UNIT price","VENDOR STOCK NO","BRAND NAME","PACK SIZE","SPECIAL ORDER\nYES  NO","BIDDERS NOTES"]
[]
[null,1,"D1000","APPLESAUCE CANNED","APPLESAUCE GRADE B FANCY NATURAL COLOR UNSWEETENED MUST MEET BUY AMERICAN REQUIREMENTS","SPECIFY","","CS",6,"10 CN",400,null,{"$f":"IF(L6*K6= 0,\"\",L6*K6)","v":""},{"$f":"IF(L6/I6= 0,\"\",L6/I6)","v":""}]
[null,2,"D1001","APPLESAUCE CUPS CINNAMON","CINNAMON UNSWEETENED APPLESAUCE MUST PROVIDE 1/2 CUP FRUIT EQUIVALENT UNDER THE NSLP.  100% ALL NATURAL INGREDIENTS SHELF-STABLE FOR 18 MONTHS NO HIGH FRUCTOSE CORN SYRUP OR ADDED SUGAR FAT FREE 100% VITAMIN C","SPECIFY",null," CS",96,"4.5 OZ",600,null,"",""]
[null,3,"D1002","APPLESAUCE CUPS PEACH","PEACH UNSWEETENED APPLESAUCE MUST PROVIDE 1/2 CUP FRUIT EQUIVALENT UNDER THE NSLP.  100% ALL NATURAL INGREDIENTS SHELF-STABLE FOR 18 MONTHS NO HIGH FRUCTOSE CORN SYRUP OR ADDED SUGAR FAT FREE 100% VITAMIN C","SPECIFY",null," CS",96,"4.5 OZ",600,null,"",""]
[null,4,"D1003","APPLESAUCE CUPS PLAIN","PLAIN UNSWEETENED APPLESAUCE MUST PROVIDE 1/2 CUP FRUIT EQUIVALENT UNDER THE NSLP.  100% ALL NATURAL INGREDIENTS SHELF-STABLE FOR 18 MONTHS NO HIGH FRUCTOSE CORN SYRUP OR ADDED SUGAR FAT FREE 100% VITAMIN C","SPECIFY",null," CS",96,"4.5 OZ",600,null,"",""]
[null,5,"D1004","APPLESAUCE CUPS STRAWBERRY","PLAIN UNSWEETENED APPLESAUCE MUST PROVIDE 1/2 CUP FRUIT EQUIVALENT UNDER THE NSLP.  100% ALL NATURAL INGREDIENTS SHELF-STABLE FOR 18 MONTHS NO HIGH FRUCTOSE CORN SYRUP OR ADDED SUGAR FAT FREE 100% VITAMIN C","SPECIFY",null," CS",96,"4.5 OZ",600,null,"",""]
[null,6,"CTF7049","AVACADO PULP","AVACADO PULP FROZEN CATERING","SPECIFY",null,"CS",12,"1LBS",70,null,"",""]
[null,7,"F1000","BACON PIECES","BACON ENDS & PIECES","SPECIFY","","CS",12,"3 LB",425,null,"",""]
[null,8,"F1001","BACON PRE-COOKED","FULLY COOKED AND READY TO EAT - SIMPLY WARM & SERVE  100% REAL BACON","HORMEL OR APPROVED EQUIVALENT",3729,"CS",1,300,500,null,"",""]
[null,9,"CTF7050","BACON SLICED THICK","BACON THICK SLICED  CATERING","SPECIFY",null,"CS",15,"LB",30,null,"",""]
[null,10,"CTF7051","BACON SLICED THIN","BACON THIN SLICED CATERNG","SPECIFY",null,"CS",15,"LB",15,null,"",""]
[null,11,"F1002","BAGEL BLUEBERRY","BAGEL WG BLUEBERRY SLICED IW MUST BE WHOLE GRAIN RICH AND PROVIDE 2.0OZ GRAIN EQUIVALENTS.  PORTION TO PROVIDE AT LEAST 115 CALORIES WITH NO MORE THAN 2 GRAMS OF FAT. ","BAKE CRAFTERS OR APPROVED EQUIVALENT",696,"CS",84,"2 OZ",450,null,"",""]
[null,12,"F1003","BAGEL PLAIN","BAGEL WG BLUEBERRY IW MUST BE WHOLE GRAIN RICH AND PROVIDE 2.0OZ GRAIN EQUIVALENTS.  PORTION TO PROVIDE AT LEAST 115 CALORIES WITH NO MORE THAN 2 GRAMS OF FAT. ","BAKE CRAFTERS OR APPROVED EQUIVALENT",982,"CS",84,"2 OZ",450,null,"",""]
[null,13,"D1005","BAKING SODA","SODIUM BICARBONATE","SPECIFY","","CS",24,"1 LBS",60,null,"",""]
[null,14,"F1004","BAR BREAKFAST APPLE","BREAKFAST BAR APPLE THAT MEET 2OZ WG AND 1/2C FRUIT FOR CHILD NUTRITIONAL MEAL PATTERN","DAVE'S OR APPROVED EQUIVALENT",4014,"CS",64,"3 OZ",1000,null,"",""]
[null,15,"F1005","BAR BREAKFAST BANANA CHOCOLATE","INDIVIDUALLY WRAPPED 51% WHOLE GRAIN BANANA CHOCOLATE CHUNK","BeneFIT OR APPROVED EQUIVALENT",40402,"CS",48,"2.5 OZ",1650,null,"",""]
[null,16,"F1006","BAR BREAKFAST BLUEBERRY","BREAKFAST BAR BLUEBERRY THAT MEET 2OZ WG AND 1/2C FRUIT FOR CHILD NUTRITIONAL MEAL PATTERN","DAVE'S OR APPROVED EQUIVALENT",4014,"CS",64,"3 OZ",1000,null,"",""]
[null,17,"F1007","BAR BREAKFAST COCOA CHIP","INDIVIDUALLY WRAPPED 51% WHOLE GRAIN COCOA CHIP","BeneFIT OR APPROVED EQUIVALENT",40406,"CS",48,"2.5 OZ",1650,null,"",""]
[null,18,"F1008","BAR BREAKFAST OATMEAL CHOCOLATE","INDIVIDUALLY WRAPPED 51% WHOLE GRAIN OATMEAL CHOCOLATE CHIP","BeneFIT OR APPROVED EQUIVALENT",40401,"CS",48,"2.5 oz",1650,null,"",""]
[null,19,"F1009","BAR OATMEAL BLUEBERRY","BLUEBERRY OATMEAL BARS 2.04 OZ  51% WHOLE GRAIN MEET 2 OZ GRAIN EQUIVALENT","DARLINGTON SNACKS OR APPROVED EQUIVALENT",75600,"CS",160,"2.4 OZ",1000,null,"",""]
[null,20,"C1000","BASE BEEF","GRADE A TO CONTAIN BEEF LOW SODIUM- PASTE NON-CAKING READY TO DISSOLVE BEEF FLAVORED NO MSG","SPECIFY","","CS",12,"1 LBS",200,null,"",""]
[null,21,"C1001","BASE CHICKEN","GRADE A TO CONTAIN CHICKEN LOW SODIUM - PASTE NON-CAKING READY TO DISSOLVE CHICKEN FLAVORED NO MSG","SPECIFY","","CS",12,"1 LBS",200,null,"",""]
[null,22,"CTF7009","BASE CHICKEN KNORR","CHICKEN FLAVORED BOUILLON CATERING","KNORR OR APPROVED EQUIVALENT",116300,"BTL",1,"7.9 LB",5,null,"",""]
[null,23,"C1002","BASE HAM","GRADE A TO CONTAIN HAM LOW SODIUM - PASTE NON-CAKING READY TO DISSOLVE BEEF FLAVORED NO MSG","SPECIFY","","CS",12,"1 LBS",300,null,"",""]
[null,24,"D1006","BEANS BAKED","REDUCED SODIUM VEGETARIAN BAKED BEANS","BUSHS BEST OR APPROVED EQUIVALENT",null,"CS",6,"#10 CANS",1500,null,"",""]
[null,25,"D1007","BEANS GARBANZO","BRINE PACK. GARBANZO BEANS WATER SALT VINEGAR DISODIUM EDTA (TO PROMOTE COLOR AND RETENTION) AND CALCIUM CHLORIDE (A FIRMING AGENT).","SPECIFY",null,"CS",6,"10 LB",65,null,"",""]
[null,26,"CTF7010","BEANS KIDNEY ","CATERING",null,null,"CS",6,"#10 CAN",50,null,"",""]
[null,27,"D1008","BEANS PINTO CANNED","PINTO BEANS WHOLE STYLE SEASONED VEGETARIAN CANNED IN BRINE US GRADE B  LOW SODIUM (140 MILLIGRAMS OF SODIUM OR LESS PER SERVING)","BUSH'S OR APPROVED EQUIVALENT","","CS",6,"10 CN",1300,null,"",""]
[null,28,"D1009","BEANS PINTO DRY","US #1 GRADE A CURRENT CROP 98% CLEAN FREE OF WEEVILS DIRT AND ROCKS.  TRIPLE CLEANED.","SPECIFY","","LB",50,"LBS",250,null,"",""]
[null,29,"D1010","BEANS RANCH","PINTO BEANS WATER TOMATO PUREE LESS THAN 2% BLEND OF VEGETABLE OILS AND ANIMAL FAT SALT CHILI PEPPERS SUGAR PAPRIKA VINEGAR SPICES ONION POWDER GARLIC POWDER NATURAL FLAVORINGS SOY LECITHIN LOW SODIUM (140 MILLIGRAMS OF SODIUM OR LESS PER SERVING)","RANCH STYLE OR APPROVED EQUIVALENT",4690000116,"CS",6,"10 CN",300,null,"",""]
[null,30,"D1011","BEANS REFRIED","DEHYDRATED JUST ADD WATER TO COOK AND SERVE UNSEASONED. US GRADE A","SANTIAGO OR APPROVED EQUIVALENT",10166,"CS",6,"28.1 OZ",300,null,"",""]
[null,31,"CTF7052","BEEF BRISKET","BEEF PACKER TRIM VACCUUM PACKED LARGE 14-22 LB CATERING","SPECIFY","","LB",1,"LB",2000,null,"",""]
[null,32,"CTF7053","BEEF CHICKEN FRIED STEAK","EXCLUSIVE CUT™ WHOLE MUSCLE BEEF. BATTERED WITH A BUTTERMILK BLEND BREADED WITH A FLOUR-BASED BREADING. CATERING","ADVANCE/PIERRE OR APPROVED EQUIVALENT",4541,"CS",40,"4 OZ",25,null,"",""]
[null,33,"F1010","BEEF FAJITA STRIPS","FORMED BEEF SEASONED FULLY COOKED AND SLICED INTO 3/8-INCH STRIPS. SOY ADDED. CHAR MARKED.","ADVANCE/PIERRE OR APPROVED EQUIVALENT",56001,"CS",2,"5 LB",100,null,"",""]
[null,34,"F1011","BEEF GROUND 85/15","100 % BEEF, GROUND, RAW, FROZEN, UNSEASONED FINE GRIND 85/15 LEAN/FAT RATIO, NO FILLERS, MEET NEW MEXICO GROWN REQUIREMENTS, LESS THAN 100MG SODIUM PER 3OZ SERVING, INDIVIDUALLY WRAPPED 5 PACKS/10 POUNDS","NEW MEXICO'S BEST OR APPROVED EQUIVALENT","NMB8515GB","CS",5,"10#",2000,192.5,385000,38.5,1757,"New Mexico's Best","5/10#","No"]
[null,35,"F1012","BEEF PATTY","FULLY COOKED BEEF PATTIES, EACH 3.00 OZ FULLY COOKED BEEF PATTY PROVIDES 2.50 OZ EQUIVALENT MEAT FOR NSL, NO FILLERS, MEET NEW MEXICO GROWN REQUIREMENTS, LESS THAN 100MG SODIUM PER 3OZ SERVING","NEW MEXICO'S BEST OR APPROVED EQUIVALENT","NMB8020BPSFC","CS",195,"3 OZ",600,199.26,119556,1.0218461538461538,1763,"New Mexico's Best","195/3 OZ","No"]
[null,36,"F1013","BEEF PHILLY STEAK","FULLY COOKED COOKED SLICED STEAK LESS THAN 230MG SODIUM PER SERVING","ADVANCE/PIERRE OR APPROVED EQUIVALENT",69249,"CS",170,"2.82 OZ",200,null,"",""]
[null,37,"F1014","BEEF SHREDS","BEEF SHREDS, EACH 2.36OZ MEET 2M/MA FOR NSLP NO FILLERS, MEET NEW MEXICO GROWN REQUIREMENTS, LESS THAN 100MG SODIUM PER 3OZ SERVING","NEW MEXICO'S BEST OR APPROVED EQUIVALENT","NMBBSFC","CS",5,"10 LB",600,262.5,157500,{"$f":"IF(L42/I42= 0,\"\",L42/I42)","v":52.5},1764,"New Mexico's Best","5/10 LB","No"]
[null,38,"F1015","BEEF STEAK FINGERS WG","BEEF STRIP, FULLY COOKED, BREADED, NO FILLERS, MEET NEW MEXICO GROWN REQUIREMENTS, LESS THAN 100MG SODIUM PER 3.6 OZ SERVING","NEW MEXICO'S BEST OR APPROVED EQUIVALENT","NMB8020BSSBSFC","CS",534,".9 oz",450,145.68,65556,0.27280898876404497,1765,"New Mexico's Best","534/.9 oz","No"]
[null,39,"F1016","BEEF STEAK PATTIE BREADED","BEEF PATTY, BREADED, FULLY COOKED, EACH 3.2 OZ PATTY PROVIDES 2OZ EQUIVALENT MEAT/MEAT ALTERNATE FOR NSLP, NO FILLERS, MEET NEW MEXICO GROWN REQUIREMENTS, LESS THAN 100MG SODIUM PER 3.2 OZ SERVING","NEW MEXICO'S BEST OR APPROVED EQUIVALENT","NMB8020BPBSFC","CS",150,"3.2 oz",400,145.5,58200,0.97,1766,"New Mexico's Best","150/3.2 oz","No"]
[null,40,"F1017","BISCUIT WG","HONEY WHOLE WHEAT HEAT & SERVE PRE-SLICED MEET 2 OZ/GR","BRIDGEFORD OR APPROVED EQUIVALENT",6270,"CS",100,"2.25 OZ",400,null,"",""]
[null,41,"CTF7054","BISCUIT WHITE BUTTERMILK","BISCUIT OLD SOUTH BUTTERMILK PRE-SLICED FULLY COOOKED 2.25 OZ CATERING","BRIDGEFORD OR APPROVED EQUIVALENT",6170,"CS",100,"2.25 OZ",300,null,"",""]
[null,42,"F1018","BOLI STRAWBERRY","BOLI STRAWBERRY WG IW EACH 3.24 OZ PROVIDES 2.00 OZ EQ GRAINS OR NSP","TASTY BRAND OR APPROVED EQUIVALENT",53205,"CS",96,"3.24 OZ",850,null,"",""]
[null,43,"F1019","BOLI SWEET","BOLI STRAWBERRY WG IW EACH 3.24 OZ PROVIDES 2.00 OZ EQ GRAINS OR NSP","TASTY BRAND OR APPROVED EQUIVALENT",53204,"CS",96,"3.24 OZ",850,null,"",""]
[null,44,"F1020","BOLILLO CHORIZO & CHEESE","BOLLIOS, CHORIZO & CHEESE, BULK,  EACH BOLILLO MUST MEET 1.5OZ GRAIN AND 1 M/MA FOR STUDENT NUTRITION PROGRAM","ARDELLA'S  OR APPROVED EQUIVALENT",10014,"CS",72,"3.35 OZ",900,null,"",""]
[null,45,"F1021","BREAD BANANA SLICE ","3.4OZ (96G) FROZEN IW THAW & SERVE CONTAINS ZERO TRANS-FAT > 51% WHOLE WHEAT FLOUR NON-DAIRY NO ARTIFICIAL COLORS FLAVORS OR PRESERVATIVES.  MUST CONFORM TO USDA CHILD NUTRITION PROGRAM SPECIFICATIONS AND MEET 2 SERVINGS OF GRAIN.","SUPER BAKERY OR APPROVED EQUIVALENT",6071,"CS",70,"3.4 OZ",1200,null,"",""]
[null,46,"F1022","BREAD LEMON","3.4OZ (96G) FROZEN IW THAW & SERVE CONTAINS ZERO TRANS-FAT > 51% WHOLE WHEAT FLOUR NON-DAIRY NO ARTIFICIAL COLORS FLAVORS OR PRESERVATIVES.  MUST CONFORM TO USDA CHILD NUTRITION PROGRAM SPECIFICATIONS AND MEET 2 SERVINGS OF GRAIN.","SUPER BAKERY  OR APPROVED EQUIVALENT",7507,"CS",70,"3.4OZ",1200,null,"",""]
[null,47,"F1023","BREADSTICK","WHITE WHOLE WHEAT CHEESY GARLIC BREADSTICK DOUGH FROZEN RAW PROOF AND BAKE WHOLE GRAIN FLOUR CHEESE AND GARLIC FLAVORED.  EACH STICK MUST PROVIDE A MINUMIM OF 1GB COMPONENT FOR NSLP","BRIDGEFORD OR APPROVED EQUIVALENT",6787,"CS",320,"1.125 oz",1500,null,"",""]
[null,48,"F1024","BREADSTICK CHEESE FILLED WG","BREAKSTICK CHEESE FILLED WG EACH BREADSTICK MEETS 1M/MA FOR CHILD NUTRITION MEAL PATTERN","CLASSIC DELIGHT OR APPROVED EQUIVALENT","A33045","CS",112,"2 OZ",800,null,"",""]
[null,49,"F1025","BREAKFAST ROUNDS","CINNAMON AND BROWN SUGAR BREAKFAST ROUND IW MUST MEET 2 GRAIN FOR SBP","UBR/RICH'S OR APPROVED EQUIVALENT",8733,"CS",126,"2.2 OZ",1000,null,"",""]
[null,50,"F1026","BURRITO","BEEF BEAN AND CHEESE BURRITO. A RED CHILI BEEF BEAN AND TEXTURED VEGETABLE PROTEIN FILLING WRAPPED IN A FLOUR TORTILLA. BURRITOS SHALL BE UNIFORMLY ROLLED WITH A UNIFORM DISTRIBUTION OF FILLING. NO EXESSIVELY FLATTENED OR IRREGULAR SHAPED PRODUCT.","BUTCHERBOY/POSADA OR APPROVED EQUIVALENT",1020001,"CS",72,"4 OZ",1000,null,"",""]
[null,51,"F1027","BURRITO BEAN & CHEESE de CHILE RELLENO","BURRITO -FROZEN BEAN & CHEESE DE CHILE RELLENO-REFRIED BEANS TOPPED WITH MEXICAN STYLE RICE WITH RED SALSA WITH POBLANO CHILE AND PEPPER JACK CHEESE ON A WHOLEWHEAT FLOUR TORTILLA. EACH 7.66 OZ. BURRITO PROVIDES 2.00 OZ MEAT ALTERNATE AND 1/8 CUP OTHER VEGETABLE AND 2.25 OZ EQV GRAIN OR 1.00 OZ MEAT ALTERNATE AND 1/8 CUPOTHER VEGETABLE AND 1/4 CUP LEGUME VEGETABLE AND 2.25 OZ EQV GRAIN TOWARDS THE NSLP, WHOLE GRAIN RICH FLOUR TORTILLA. CN LABELED. BURRITOS ARE HAND-WRAPPED INOVENABLE FOIL SHEETS. 36 COUNT. PREPARATION INSTRUCTIONS INCLUDED ON BOX. NO MORE THAN 700 MG SODIUM, LESS THAN 15% CALORIES FROM SATURATED FAT, 0 TRANS FAT. NOLESS THAN 400 KCAL. HAND HELD, FULLY COOKED. HEAT & SERVE.-VEGETARIAN. CABO PRIMO BRAND 71683","LOS CABOS OR APPROVED EQUIVALENT",71683,"CS",36,"7.66 OZ",600,null,"",""]
[null,52,"F1028","BURRITO PRE-FRIED BULK"," 4.75 OZ. CHEESE BEEF BEAN & RED CHILI BURRITO FULLY COOKED GROUND BEEF RED CHILI SAUCE AMERICAN CHEESE PINTO BEANS WRAPPED IN A WHOLE GRAIN RICH BLEND OF WHEAT AND CORN FLOUR TORTILLA 16g PROTEIN PER SERVING CN LABELED - SERVES 2 OZ. M/MA & 2 OZ. EQUIVALENT GRAINS PRE-FRIED","FERNANDO'S OR APPROVED EQUIVALENT",21072,"CS",72,"4.75 oz",1000,null,"",""]
[null,53,"D1012","BUTTER ALTERNATIVE","PHASE® ZERO TRANS NO SODIUM LIQUID BUTTER ALTERNATIVE","PHASE OR APPROVED EQUIVALENT",13688,"CS",3,"GAL",200,null,"",""]
[null,54,"C1008","BUTTERMILK BAKING 1%","BUTTERMILK BAKING 1%","SPECIFY",null,"CS",4,"GAL",100,null,"",""]
[null,55,"D1013","CEREAL BLUEBERRY CHEX 2OZ","BLUEBERRY CHEX AND SWEETENED RICE GLUTEN-FREE CEREAL. THIS READY-TO-EAT CUP PROVIDES CONVENIENT PORTION CONTROL AND ROOM FOR MILK. WHOLE GRAIN RICE – FIRST INGREDIENT. MEETS 2 OUNCE EQUIVALENT GRAINS USDA SMART SNACK CRITERIA AND IS CACFP ELIGIBLE.","GENERAL MILLS OR APPROVED EQUIVALENT",17262000,"CS",60,"2 OZ",500,null,"",""]
[null,56,"D1014","CEREAL CHEERIOS 1 OZ","READY TO EAT CEREALS: BOWL PACK WHOLE GRAIN OATS RINGS. MUST MEET 1G EQUIVALENCY FOR SBP","GENERAL MILLS OR APPROVED EQUIVALENT",32262000,"CS",96,"1 oz",250,null,"",""]
[null,57,"D1015","CEREAL CINNAMON CHEX 1 OZ","CINNAMON CHEX™ IS MADE WITH REAL CINNAMON AND SWEETENED RICE GLUTEN-FREE CEREAL. THIS READY-TO-EAT CUP PROVIDES CONVENIENT PORTION CONTROL AND ROOM FOR MILK. WHOLE GRAIN RICE – FIRST INGREDIENT. MEETS 2 OUNCE EQUIVALENT GRAINS USDA SMART SNACK CRITERIA AND IS CACFP ELIGIBLE.","GENERAL MILLS OR APPROVED EQUIVALENT",14883000,"CS",60,"2 OZ",500,null,"",""]
[null,58,"D1016","CEREAL CINNAMON TOAST 1 OZ","READY TO EAT CEREALS: BOWL PACK WHOLE GRAIN 25% LESS SUGAR CINNAMON TOAST SQUARES. MUST MEET 1G EQUIVALENCY FOR SBP","GENERAL MILLS OR APPROVED EQUIVALENT",294440000,"CS",96,"1 OZ",250,null,"",""]
[null,59,"D1017","CEREAL CINNAMON TOAST 2OZ","READY TO EAT CEREALS: BOWL PACK WHOLE GRAIN 25% LESS SUGAR CINNAMON TOAST SQUARES. MUST MEET 2G EQUIVALENCY FOR SBP","GENERAL MILLS OR APPROVED EQUIVALENT",148861000,"CS",60,"2 OZ",1000,null,"",""]
[null,60,"D1018","CEREAL COCOA PUFFS 2OZ","READY TO EAT CEREALS: BOWL PACK WHOLE GRAIN COCOA PUFFS REDUCED SUGAR MUST MEET 2 GRAIN EQUIVALENCY FOR SBP","GENERAL MILLS OR APPROVED EQUIVALENT",148854000,"CS",60,"2 OZ",1000,null,"",""]
[null,61,"D1019","CEREAL CREAM OF WHEAT","HOT CEREALS: ENRICHED PLAIN BULK QUICK COOK CREAM OF WHEAT WHOLE GRAIN. MUST MEET 1G EQUIVALENCY FOR SBP","SPECIFY","","CS",12,"28 OZ",10,null,"",""]
[null,62,"D1020","CEREAL LUCKY CHARMS 2OZ","READY TO EAT CEREALS: BOWL PACK WHOLE GRAIN WITH MARSHMALLOWS ASSORTED BERRY PUFFS REDUCED SUGAR. MUST MEET 2G EQUIVALENCY FOR SBP","GENERAL MILLS OR APPROVED EQUIVALENT",148847000,"CS",60,"2 OZ",200,null,"",""]
[null,63,"D1021","CEREAL OATMEAL","OATS ROLLED INSTANT ENRICHED DRY","SPECIFY","","CS",12,"42 OZ",20,null,"",""]
[null,64,"D1022","CEREAL RICE KRISPIES BULK","RICE BULK WHOLE GRAIN  PLAIN PUFFS. MUST MEET 1G EQUIVALENCY FOR SBP","SPECIFY",null,"CS",4,"35 OZ",900,null,"",""]
[null,65,"C1009","CHEESE AMERICAN SLICED","CHEESE AMERICAN PROCESSED SLICED 1/2 OUNCE EACH UNWRAPPED.  REDUCED FAT REDUCED SODIUM PRE-SLICED YELLOW  AMERICAN PROCESSED CHEESE.  IMITATION OR CHEESE BLENDS NOT ACCEPTED.  FAT GRAMS NOT TO EXCEED 2G PER SLICE SODIUM NOT TO EXCEED 210MG PER SLICE.  1 SLICE/.5OZ   .5OZMMA  6/5#LAND O LAKES PREFERRED - AVAILABLE FOR NET OFF INVOICE. FOR NOI PRICING","BONGARDS OR APPROVED EQUIVALENT",111371,"CS",6,"5 LB",675,null,{"$f":"IF(L70*K70= 0,\"\",L70*K70)","v":""},{"$f":"IF(L70/I70= 0,\"\",L70/I70)","v":""}]
[null,66,"C1010","CHEESE CHEDDAR SHREDDED","CHEESE CHEDDAR SHREDDED REDUCED FAT REDUCED SODIUM MILD NO IMITATION ENZYMES AND ARTIFICIAL COLORING MAY BE ADDED.  PASTEURIZED PLEASING ODOR AND FLAVOR SATISFACTORY MELTABILITY.  FAT GRAMS NOT TO EXCEED 4.5G SODIUM NOT TO EXCEED 90MG.  4/5# AVAILABLE FOR NET OFF INVOICE. FOR NOI PRICING","BONGARDS OR APPROVED EQUIVALENT",755191,"CS",4,"5 LB",600,null,"",""]
[null,67,"CTF7000","CHEESE COTTAGE","COTTAGE CHEESE SMALL CURD  CATERING","SPECIFY","","CS",1,"5 LB",75,null,"",""]
[null,68,"CTF7001","CHEESE CREAM BLOCK","CREAM CHEESE BLOCK CATERING","SPECIFY","","CS",10,"3 LB",20,null,"",""]
[null,69,"C1011","CHEESE CREAM PLAIN PC",".75 OZ PLAIN CREAM CHEESE PLASTIC PORTION CONTROL CUP","KRAFT OR APPROVED EQUIVALENT",61089,"CS",100,".75 OZ",900,null,"",""]
[null,70,"C1012","CHEESE CREAM STRAWBERRY PC","1OZ STRAWBERRY CREAM CHEESE CUP.  PLASTIC PORTION CONTROL CUP.","KRAFT OR APPROVED EQUIVALENT",72683,"CS",100,"1 OZ",900,null,"",""]
[null,71,"C1013","CHEESE FETA ","FETA CHEESE CRUMBLES","SPECIFY",null,"CS",4,"2.5 LB",50,null,"",""]
[null,72,"C1014","CHEESE MOZZARELLA SHREDDED","CHEESE MOZZARELLA SHREDDED:  PART-SKIM 100% MOZZARELLA SHREDDED.  FAT GRAMS NOT TO EXCEED 6G  SODIUM NOT TO EXCEED 160MG. 1OZ SERVING MUST EQUAL 1OZ M/MA.  4/5#","LAND O'LAKES OR APPROVED EQUIVALENT",41698,"CS",4,"5 LB",270,null,"",""]
[null,73,"C1015","CHEESE PEPPER JACK SLICES","CHEESE SLICED PEPPER JACK NO IMITATION REDUCED FAT LOW SODIUM LOW FAT 160 CT","SPECIFY",null,"CS",4,"5 LB",50,null,"",""]
[null,74,"C1016","CHEESE PROVOLONE SLICES","CHEESE SLICED NO IMITATION REDUCED FAT & SODIUM 160 CT","SPECIFY",null,"CS",4,"5 LB",50,null,"",""]
[null,75,"F1029","CHEESE STICK BREADED","CHEESE STICKS WG BREADED INDIVIDUALLY FROZEN. 6 STICKS PROVIDE 2 OZ EQUIVALENT MEAT ALTERNATE AND 2 OZ GRAINS.","RICH'S OR APPROVED EQUIVALENT",65220,"CS",8,"3 LB",500,null,"",""]
[null,76,"C1017","CHEESE STICK MARBLE IW","CHEESE REDUCED FAT & SODIUM MARBLE IW  FOR NOI PRICING","BONGARDS OR APPROVED EQUIVALENT",402931,"CS",168,"1 OZ",300,null,"",""]
[null,77,"C1018","CHEESE STRING IW","CHEESE: WHITE REDUCED FAT & SODIUM PORTION STICKS STRING PASTEURIZED LOW MOISTURE PART SKIM MOZZARELLA IW FOR NOI PRICING","BONGARDS OR APPROVED EQUIVALENT",402951,"CS",168,"1 OZ",300,null,"",""]
[null,78,"C1019","CHEESE SWISS SLICES","SWISS CHEESE SLICES REDUCED FAT PRESLICED EASY TO SEPARATE.  EACH SLICE 14G.  2 SLICES PROVIDES 1 M/MA FOR THE CHILD NUTRITION MEAL PROGRAM.","LAND O'LAKES OR APPROVED EQUIVALENT",null,"CS",8,"1.5 LB",50,null,"",""]
[null,79,"F1030","CHICKEN ASIAN CHERRY BLOOSOM","FULLY COOKED CHICKEN CHUNKS WHOLE GRAIN SWEET AND SOUR CHERRY ASIAN STYLE","ASIAN FOODS OR APPROVED EQUIVALENT",72005,"CS",6,"7.15 LB",500,null,"",""]
[null,80,"CTF7055","CHICKEN BREAST RAW","CHICKEN UNCOOKED BREAST BONELESS SKINLESS WHITE 6 OZ SIZE  CATERING","SPECIFY",null,"CS",4,"5LB",25,null,"",""]
[null,81,"D1023","CHICKEN BROTH","100% NATURAL CHICKEN BROTH LOW SODIUM THANKSGIVING ONLY","SWANSON OR APPROVED EQUIVALENT",null,"CS",12,"49 oz",50,null,"",""]
[null,82,"F1031","CHICKEN DICED","FULLY COOKED DICED NO ADDED SPICES","SPECIFY",null,"CS",2,"5 LBS",300,null,"",""]
[null,83,"F1032","CHICKEN DRUMSTICK BBQ","FULLY COOKED BBQ GLAZED DRUMSTICK MUST MEET 2.5OZ M/MA FOR NSLP NO ANTIBIOTICS","TYSON OR APPROVED EQUIVALENT",10264350928,"CS",95,"3.24 OZ",600,null,"",""]
[null,84,"F1033","CHICKEN DRUMSTICK BREADED","FULLY COOKED BREADED DRUMSTICK MUST MEET 2 M/MA AND .75 OZ GRAIN FOR NSLP","TYSON OR APPROVED EQUIVALENT",16660100928,"CS",92,"3.31 OZ",700,null,"",""]
[null,85,"F1034","CHICKEN FAJITA STRIPS","FAJITA STRIPS CHICKEN SEASONED FULLY COOKED. EACH 2.47 OZ MEETS 2OZ M/MA FOR NSLP.","PILGRIM'S OR APPROVED EQUIVALENT",1250,"CS",159,"3 OZ",800,null,"",""]
[null,86,"F1035","CHICKEN FILET","FULLY COOKED WHOLE MUSCLE CHICKEN FILETS-CN LABELED EACH SERVING PROVIDED 2OZ M/MA AND 1 OZ GRAIN FOR NSLP","PILGRIM'S OR APPROVED EQUIVALENT",7516,"CS",122,"3.95 OZ",100,null,"",""]
[null,87,"F1036","CHICKEN NUGGET","FULLY COOKED WG  BREADED CN LABELED WHOLE MUSCLE 5 NUGGETS PROVIDE 2 OZ MEAT/MEAT ALTERNATIVE AND 1 GRAIN SERVING FOR NSLP COMMERICAL BACK-UP OF COMMODITY PRODUCT OR FOR NOI PRICING","GOLK KIST FARMS OR APPROVED EQUIVALENT",7518,"CS",101,"3.9 OZ",600,null,"",""]
[null,88,"F1037","CHICKEN PATTY BREADED","FULLY COOKED WG BREADED CN LABELED EACH PATTY PROVIDES 2 OZ MEAT/MEAT ALTERNATIVE AND 1 GRAIN SERVING. ","GOLD KIST FARMS OR APPROVED EQUIVALENT",665400,"CS",158,"3.03 OZ",450,null,"",""]
[null,89,"F1038","CHICKEN PATTY BREADED SPICY","FULLY COOKED HOT N SPICY BREADED CHICKEN BREAST FILETS","TYSON OR APPROVED EQUIVALENT",10383140928,"CS",40,"3.95 OZ",300,null,"",""]
[null,90,"F1039","CHICKEN PATTY GRILLED","FULLY COOKED GRILLED CHICKEN BREASTS 4OZ PATTY NO ANTIBIOTICS","TYSON OR APPROVED EQUIVALENT",10000039685,"CS",40,"3.95 OZ",300,null,"",""]
[null,91,"F1040","CHICKEN POPCORN SMACKERS WG","WHOLE GRAIN BREADED FULLY COOKED CN LABELED POPCORN CHICKEN PRODUCED FROM USDA 100103 DARK MEAT COMMODITY CHICKEN. NO ADDED SOY PROTEIN. BATTER BREADED WITH WHOLE GRAIN AND ENRICHED WHEAT FLOUR. TEN POPCORN PIECES @ 0.43 OZ EACH GUARANTEED BY CN LABEL TO PROVIDE 2 OUNCES MEAT/MEAT ALTERNATIVE AND 1 GRAIN SERVINGS. PRODUCT TO PROVIDE ZERO GRAMS TRANS FATS. CONTAINS: MILK SOY WHEAT.  COMMERICAL BACK-UP OF COMMODITY PRODUCT OR FOR NOI PRICING","GOLD KIST FARMS OR APPROVED EQUIVALENT",110458,"CS",104,"4.23 OZ",900,null,"",""]
[null,92,"F1041","CHICKEN STRIP WG","WHOLE GRAIN HOMESTYLE BREADED FULLY-COOKED CN LABELED CHICKEN STRIPS PRODUCED FROM USDA 100103 NATURAL PROPORTION WHITE AND DARK MEAT COMMODITY CHICKEN WITH ISOLATED SOY PROTEIN. STRIPS ARE BATTER BREADED WITH WHOLE GRAIN WHEAT FLOUR HOMESTYLE BREADING. THREE STRIPS PROVIDE 2 OZ. MEAT/MEAT ALTERNATIVE AND 1 GRAIN SERVING. PRODUCT TO PROVIDE ZERO GRAMS TRANS FATS. COMMERICAL BACK-UP OF COMMODITY PRODUCT OR FOR NOI PRICING","GOLD KIST FARMS OR APPROVED EQUIVALENT",7527,"CS",107,"4.50 OZ",900,null,"",""]
[null,93,"D1024","CHILI HOT DOG","HOT DOG CHILI.  HEARTY CHUNKS OF LEAN BEEF AND PLUMP TENDER BEANS","LIBBY'S OR APPROVED EQUIVALENT",null,"CS",6,"#10 CANS",800,null,"",""]
[null,94,"D1025","CHIPS BAKED CHEETOS CRUNCHY","CHIPS BAKED CRUNCHY CHEETOS","FRITO LAY OR APPROVED EQUIVALENT","000-28400-21642-5","CS",104,".875 OZ",472,null,"",""]
[null,95,"D1026","CHIPS BAKED DORITOS ","CHIPS BAKED DORITOS NACHO CHEESE","FRITO LAY OR APPROVED EQUIVALENT","000-28400-20002-8","CS",88,".75 OZ",549,null,"",""]
[null,96,"D1027","CHIPS BAKED LAYS BBQ","CRISPS BAKED LAYS BBQ FLAVOR","FRITO LAY OR APPROVED EQUIVALENT","000-28400-32078-8","CS",60,".875 OZ",100,null,"",""]
[null,97,"D1028","CHIPS BAKED LAYS SC/ONION","CRISPS BAKED LAYS SOUR CREAM & ONION","FRITO LAY OR APPROVED EQUIVALENT","00028400-04702-9","CS",60,".875 OZ",400,null,"",""]
[null,98,"D1029","CHIPS FRITOS","ENRICHED REDUCED FAT CORN CHIPS WHOLE GRAIN","FRITO LAY OR APPROVED EQUIVALENT","000-28400-57766-3","CS",8,"1 LB",1900,null,"",""]
[null,99,"CTF7011","CHIPS KETTLE VARIETY","VARIETY PACK OF KETTLE CHIPS CATERING","SPECIFY",null,"CS",30,"1.5 OZ",25,null,"",""]
[null,100,"D1030","CHIPS SS CHEETO RED HOT","CHIPS IND. PKG. RED HOT FRITO LAY BAKED: ENRICHED CORNMEAL PUFF STICK FLAVORED WITH RED HOT CHEESE SEASONING. 104/.875 OZ","CHEETO'S OR APPROVED EQUIVALENT",62984,"CS",104,".875 OZ",400,null,"",""]
[null,101,"D1031","CHIPS SS DORITOS COOL RANCH","CHIPS IND. PKG. REDUCED FAT COOL RANCH FLAVORED CORN: BAKED TRIANGLE SHAPED CORN TORTILLA PIECES FLAVORED WITH RANCH SEASONING. 72/1 OZ.","DORITOS OR APPROVED EQUIVALENT",36096,"CS",72,"1 OZ",400,null,"",""]
[null,102,"D1032","CHIPS SS DORITOS NACHO CHEESE","CHIPS  REDUCED FAT NACHO CHEESE FLAVOR.  WG","DORITOS OR APPROVED EQUIVALENT",31748,"CS",72,"1 OZ",400,null,"",""]
[null,103,"D1033","CHIPS SS POTATO","CHIPS IND. PKG. BAKED REG. FLAVORED:  BAKED POTATO PIECES SALTED PLAIN.  NO MORE THAN 7.5 GRAMS OF FAT PER BAG.","LAYS OR APPROVED EQUIVALENT",33625,"CS",60,".875 OZ",300,null,"",""]
[null,104,"D1034","CHIPS SS PUFF CHEESE","CHIPS PUFFS  RF WG","CHEETO'S OR APPROVED EQUIVALENT",21910,"CS",72,".7 OZ",300,null,"",""]
[null,105,"D1035","CHIPS SS SOUR CREAM/ONION","CHIPS IND. PKG. BAKED SOUR CRM. & ONION FLAVORED: BAKED POTATO PIECES FLAVORED WITH SOUR CREAM AND ONION SEASONING. 60/.875 OZ. WG","LAYS OR APPROVED EQUIVALENT",33627,"CS",60,".875 OZ",300,null,"",""]
[null,106,"D1036","CHIPS TORTILLA ROUNDS","ROUND SHAPED TORTILLA CHIP WHOLE GRAIN PREPARED FROM ENRICHED YELLOW CORN. TRANSFAT FREE 1 OZ MUST MEET 1 GR","SPECIFY","","CS",6,"2 LB",2500,null,"",""]
[null,107,"CTF7012","CHOCOLATE ENROBER","CHOCOLATE FLAVORED ENROBER COATING IS A RICH CHOCOLATE COATING THAT HARDENS AT ROOM TEMPERATURE. THE PRODUCT IS IN A HARDENED CANDY STATE IN THE UNHEATED CAN.  CATERING","SPECIFY",null,"CS",3,"10 CN",15,null,"",""]
[null,108,"F1042","CHORIZO BULK","SAUSAGE CHORIZO BULK MILD SEASONING LIGHT COLORED BULK","SPECIFY","","CS",10,"LB",450,null,"",""]
[null,109,"CTF7013","COCOA","UNSWEETENED COCOA 22/24% BUTTER FAT  CATERING","SPECIFY","","CS",4,"2.5KG",20,null,"",""]
[null,110,"D1037","COFFEE DECAF","FOLGERS FILTER PACK COFFEE ULTRA DRY ROAST  ","FOLGERS OR APPROVED EQUIVALENT","","CS",80,".9 OZ",20,null,"",""]
[null,111,"D1038","COFFEE REGULAR","FOLGERS FILTER PACK COFFEE ULTRA DRY ROAST  ","FOLGERS OR APPROVED EQUIVALENT","","CS",160,".9 OZ",50,null,"",""]
[null,112,"F1043","COOKIE DOUGH CARNIVAL WG","COOKIE DOUGH CARNIVAL:  1.85OZ FROZEN WGR MADE WITH A MIXTURE OF CHOCOLATE CHIPS AND COLORFUL COATED CANDIES PRE-PORTIONED READY TO BAKE FAT GRAMS TO NOT EXCEED 6G SODIUM MG NOT TO EXCEED 120 MG  CASE PACK 240 1.5OZ DECA","OTIS SPUNKMEYER OR APPROVED EQUIVALENT",55688,"CS",250,"1.5 OZ",75,null,"",""]
[null,113,"CTF7056","COOKIE DOUGH CHOCOLATE CHIP","COOKIE DOUGH CHOCOLATE CHIP CATERING","BRICKFIRE OR APPROVED EQUIVALENT",2340091,"CS",170,"1.5 OZ",75,null,"",""]
[null,114,"CTF7057","COOKIE DOUGH OATMEAL RAISIN","COOKIE DOUGH OATMEAL RAISIN CATERING","BRICKFIRE OR APPROVED EQUIVALENT",2340101,"CS",170,"1.5 OZ",60,null,"",""]
[null,115,"F1044","COOKIE DOUGH RF CHOCOLATE BROWNIE","COOKIE DOUGH REDUCED FAT CHOCOLATE BROWNIE DECA","OTIS SPUNKMEYER OR APPROVED EQUIVALENT",55689,"CS",240,"1.5 OZ",100,null,"",""]
[null,116,"F1045","COOKIE DOUGH RF CHOCOLATE CHIP","COOKIE DOUGH REDUCED FAT CHOCOLATE CHIP DECA","OTIS SPUNKMEYER OR APPROVED EQUIVALENT",55680,"CS",240,"1.5 OZ",300,null,"",""]
[null,117,"F1046","COOKIE DOUGH RF OATMEAL RAISIN","COOKIE DOUGH REDUCED FAT OATMEAL RAISIN DECA","OTIS SPUNKMEYER OR APPROVED EQUIVALENT",55683,"CS",240,"1.5 OZ",50,null,"",""]
[null,118,"F1047","COOKIE DOUGH RF SUGAR","COOKIE DOUGH SUGAR REDUCED FAT DECA","OTIS SPUNKMEYER OR APPROVED EQUIVALENT",55684,"CS",240,"1.5 OZ",45,null,"",""]
[null,119,"CTF7058","COOKIE DOUGH SUGAR","COOKIE DOUGH SUGAR CATERING","BRICKFIRE OR APPROVED EQUIVALENT",2340111,"CS",170,"1.5 OZ",60,null,"",""]
[null,120,"CTF7059","COOKIE DOUGH WHITE MACADAMIA NUT","COOKIE DOUGH WHITE MACADAMIA NUT  CATERING","BRICKFIRE OR APPROVED EQUIVALENT",2340361,"CS",170,"1.5 OZ",60,null,"",""]
[null,121,"F1048","COOKIE GINGER BREAD","COOKIE GINGER BREAD IW MEETS 2 GRAIN REQUIREMENT FOR NSP","SPECIFY",null,"CS",140,"2 OZ",500,null,"",""]
[null,122,"F1049","CORNDOG","CORNDOG CHICKEN FRANK WHOLE GRAIN P/C 8/1 60 CT  CN LABELED TO MEET 2 OZ MEAT REQUIREMENT","FOSTER FARMS OR APPROVED EQUIVALENT",95150,"CS",72,"4 OZ",2000,null,"",""]
[null,123,"D1039","CORNSTARCH","CORNSTARCH","SPECIFY","","CS",24,"1 LB",45,null,"",""]
[null,124,"D1040","CRACKERS ANIMAL","CRACKERS ANIMAL SHAPED 0 TRANSFAT WHOLE GRAIN RICH","SPECIFY",null,"CS",100,"1 OZ",300,null,"",""]
[null,125,"D1041","CRACKERS BUG BITES","BUG BITES CINNAMON WHOLE GRAIN RICH","KEEBLER OR APPROVED EQUIVALENT","30100-55644","CS",210,"1 OZ",1000,null,"",""]
[null,126,"D1042","CRACKERS GOLDFISH CHEDDAR","CHEDDAR GOLDFISH WHOLE GRAIN: A 3/4 OUNCE SERVING CONTRIBUTES 1 SERVING OF GRAINS/BREADS TO THE USDA CHILD NUTRITION PROGRAMS WHOLE GRAIN RICH","PEPPERIDGE FARMS OR APPROVED EQUIVALENT",18105,"CS",300,"0.75 OZ",500,null,"",""]
[null,127,"D1043","CRACKERS GOLDFISH GIANT CINNAMON","CRACKERS GIANT GOLDFISH CINNAMON WHOLE GRAIN RICH","PEPPERIDGE FARMS OR APPROVED EQUIVALENT",15094,"CS",300,".9 OZ",300,null,"",""]
[null,128,"D1044","CRACKERS GOLDFISH GIANT HONEY OAT","CRACKER WHOLE GRAIN GIANT HONEY OAT GRAHAM 2 EA WHOLE GRAIN RICH","PEPPERIDGE FARMS OR APPROVED EQUIVALENT",18432,"CS",300,".9 OZ",300,null,"",""]
[null,129,"D1045","CRACKERS GRAHAM 3-PK","GRAHAM 3-PK WHOLE GRAIN RICH","SPECIFY","","CS",150,"3 PK",2500,null,{"$f":"IF(L134*K134= 0,\"\",L134*K134)","v":""},{"$f":"IF(L134/I134= 0,\"\",L134/I134)","v":""}]
[null,130,"CTF7014","CRACKERS MEDLEY MIX","CRACKER MEDLEY - TOASTEDS® WHEAT SESAME AND BUTTER CRISP CLUB® TOWN HOUSE® AND KEEBLER® WHOLE GRAIN WHEAT 25 SLEEVES CATERING","KEEBLER OR APPROVED EQUIVALENT","30100 37739 ","CS",25,"SLEEVES",5,null,"",""]
[null,131,null,"CRACKERS SALTINE IW","SALTINE CRACKERS PC WHOLE GRAIN OR ENRICHED FLOUR TO MEET BREAD REQ. FOR NSLP 500/2 CT","NABISCO OR APPROVED EQUIVALENT","","CS",500,"2 CT",500,null,"",""]
[null,132,"CTF7002","CREAMER NON-DAIRY","NON-DAIRY CREAMER  INIVIDUAL PACK LIQUID CATERING","SPECIFY","","CS",400,"EA",45,null,"",""]
[null,133,"CTF7003","CREAMER NON-DAIRY CARAMEL MACCHIATO","NON-DAIRY CREAMER CARAMEL MACCHIATO INIVIDUAL PACK LIQUID CATERING","SPECIFY",null,"CS",288,"1ML",35,null,"",""]
[null,134,"CTF7004","CREAMER NON-DAIRY FRENCH VANILLA","NON-DAIRY CREAMER FRENCH VANILLA  INIVIDUAL PACK LIQUID CATERING","SPECIFY",null,"CS",288,"1ML",35,null,"",""]
[null,135,"CTF7005","CREAMER NON-DAIRY HAZEL NUT","NON-DAIRY CREAMER HAZEL NUT INIVIDUAL PACK LIQUID CATERING","SPECIFY",null,"CS",288,"1ML",35,null,"",""]
[null,136,"F1050","CROISSANT","CROISSANTS WG MARGARINE RF ROUND FULLY SLICED   MUST PROVIDE 2.0 OZ GRAIN EQUIVALENTS.  PORTION TO PROVIDE AT LEAST 145.0 CALORIES WITH NO MORE THAN 6 GRAMS OF FAT.","BAKE CRAFTERS OR APPROVED EQUIVALENT",3286,"CS",80,"2.2 OZ",800,null,"",""]
[null,137,"CTF7060","CROISSANT CATERING 30Z","FULLY COOKED FLAKEY BUTTERY CRUST PRESLICED ROUND SHAPED ROLL 3 OZ  CATERING","SPECIFY",null,"CS",32,"3 OZ",40,null,"",""]
[null,138,"CTF7061","CROISSANT CATERING 5OZ","FULLY COOKED FLAKEY BUTTERY CRUST PRESLICED ROUND SHAPED ROLL 5 OZ  CATERING","SPECIFY",null,"CS",24,"5 OZ",25,null,"",""]
[null,139,"CTF7015","CROUTONS","CROUTONS/ HERB SEASONED ENRICHED SMALL CUBE  CATERING","SPECIFY","","CS",10,"LB",150,null,"",""]
[null,140,"F1051","CRUMB SQUARE IW","CRUMB SQUARE IW WHOLE GRAIN MEETS 2 OZ WG SERVING FOR SBP ","DAVE'S OR APPROVED EQUIVALENT",360,"CS",28,"3.6 OZ",2120,null,"",""]
[null,141,"F1052","DONUT MINI CHOCOLATE","51% WG MINI DONUTS - CHOCOLATE.  72 - 3.3OZ FROZEN INDIVIDUALLY WRAPPED THAW & SERVE NICKEL STACK SIX PACKS OF 1/2 OZ CHOCOLATE ENROBED WHOLE GRAIN DONUTS.  MUST CONFORM TO USDA CHILD NUTRITION PROGRAM SPECIFICATIONS AND MEET 2OZ GRAIN EQUIVALENT.","SUPER BAKERY OR APPROVED EQUIVALENT",7786,"CS",72,"3.3 OZ",1700,null,"",""]
[null,142,"F1053","DONUT MINI POWDERED SUGAR","51% WG MINI DONUTS - POWDERED SUGAR  72 - 3.3OZ FROZEN INDIVIDUALLY WRAPPED THAW & SERVE NICKEL STACK SIX PACKS OF 1/2 OZ CHOCOLATE ENROBED WHOLE GRAIN DONUTS.  MUST CONFORM TO USDA CHILD NUTRITION PROGRAM SPECIFICATIONS AND MEET 2OZ GRAIN EQUIVALENT.","SUPER BAKERY OR APPROVED EQUIVALENT",7787,"CS",72,"3.3 OZ",1700,null,"",""]
[null,143,"F1054","DOUGH CRUST","COBBLER CRUST DOUGH SHEET FROZEN","SPECIFY","","CS",24,"1 LB",200,null,"",""]
[null,144,"C1020","DRESSING GAL COLESLAW","DRESSING COLESLAW REDUCED FAT","SPECIFY",null,"CS",4,"GAL",25,null,"",""]
[null,145,"C1021","DRESSING GAL RANCH REDUCED FAT","DRESSING SALAD REDUCED FAT","KEN'S OR APPROVED EQUIVALENT","100-413350-60816","CS",4,"1 GAL",600,null,"",""]
[null,146,"CTF7016","DRESSING ITALIAN","ITALIAN DRESSING GOLDEN CATERING","SPECIFY",null,"CS",4,"GAL",10,null,"",""]
[null,147,"D1046","DRESSING PC ASIAN","DRESSING ASIAN LIGHT PC","SPECIFY",null,"CS",60,"1.5 OZ",15,null,"",""]
[null,148,"D1047","DRESSING PC BALSAMIC VINAIGRETTE","DRESSING BALSAMIC VINAIGRETTE LIGHT","SPECIFY",null,"CS",60,"1.5 OZ",15,null,"",""]
[null,149,"D1048","DRESSING PC FRENCH","DRESSING SALAD REDUCED FAT FRENCH","SPECIFY",null,"CS",60,"1.5 OZ",5,null,"",""]
[null,150,"D1049","DRESSING PC GREEK","DRESSING SALAD GREEK ","SPECIFY",null,"CS",60,"1.5 OZ",5,null,"",""]
[null,151,"D1050","DRESSING PC ITALIAN","DRESSING SALAD REDUCED FAT ITALIAN","SPECIFY",null,"CS",60,"1.5 OZ",5,null,"",""]
[null,152,"D1051","DRESSING PC RANCH 12MG","RANCH DRESSING REDUCED FAT PC","SPECIFY",null,"CS",500,"12 MG",1000,null,"",""]
[null,153,"D1052","DRESSING PC RANCH RF 1.5OZ","DRESSING SALAD REDUCED FAT PC RANCH","SPECIFY",null,"CS",60,"1.5 OZ",100,null,"",""]
[null,154,"D1053","DRESSING PC RASPBERRY VINAIGRETTE ","KRAFT RASPBERRY VINAIGRETTE FAT FREE DRESSING HAS THE SWEET TART FLAVOR OF RASPBERRIES IN A FAT FREE VINAIGRETTE.  ","KRAFT","002-10006714400","CS",60,"1.5 OZ",50,null,"",""]
[null,155,"CTF7017","DRESSING RASPBERRY VINAIGRETTE ","KRAFT RASPBERRY VINAIGRETTE FAT FREE DRESSING HAS THE SWEET TART FLAVOR OF RASPBERRIES IN A FAT FREE VINAIGRETTE.  CATERING","KRAFT OR APPROVED EQUIVALENT",21000647422,"CS",4,"1 GAL",5,null,"",""]
[null,156,"C1022","EGG BOIL N BAG","EGGS RAW LIQUID WHOLE EGGS BOIL N BAG PASTURIZED","SPECIFY","","CS",6,"5 LB",600,null,"",""]
[null,157,"C1023","EGG PREBOILED","HARD COOKED PEELED EGGS","SPECIFY",null,"CS",8,"12 CT",500,null,"",""]
[null,158,"F1055","EGGSTRAGANZA","EACH 2.00 OZ. SERVING (BY WEIGHT) OF THE BLEND OF SCRAMBLED EGGS, CHEESE, AND BACON PIECES PROVIDES 1.75 OZ. EQUIVALENT MEAT ALTERNATE FOR THE CHILD NUTRITION MEAL PATTERN REQUIREMENTS.","SUNNY FRESH OR APPROVED EQUIVALENT",40828,"CS",4,"5 LB",735,null,"",""]
[null,159,"CTF7018","FILLING PIE CHERRY","CHERRY CATERING","SPECIFY",null,"CS",3,"#10",15,null,"",""]
[null,160,"CTF7019","FILLING PIE PEACH","PEACH CATERING","SPECIFY",null,"CS",3,"#10",15,null,"",""]
[null,161,"D1054","FLOUR","FLOUR ALL PURPOSE ENRICHED 50# U.S. NO. 2 GRADE OR BETTER BLEACHED WHEAT FLOUR ENRICHED WITH THIAMIN RIBOFLAVIN NIACIN FOLIC ACID IRON AND MAY HAVE ADDED CALCIUM","SPECIFY","","BAG",50,"LB",30,null,"",""]
[null,162,"D1055","FOOD COLOR GREEN","FOOD COLORING GREEEN","SPECIFY",null,"EA",1,"16 OZ",7,null,"",""]
[null,163,"D1056","FOOD RELEASE","RELEASE FOOD/PAN CONTAINS NO WATER ALCOHOL OR ARTIFICIAL FLAVORS HIGH SMOKE POINT >450° F","SPECIFY",null,"CS",6,"17 OZ",75,null,"",""]
[null,164,"F1056","FRENCH TOAST STICKS BULK","FRENCH TOAST STICKS WHOLE GRAIN CINNAMON GLAZED EACH SERVING 3 STICKS/2.90 OZ EQUALS 1 M/MA 1 GR. ","SUNNY FRESH OR APPROVED EQUIVALENT",40497,"CS",100,"2.9 oz",900,null,"",""]
[null,165,"CTF7020","FRUIT CHERRY MARASCHINO HALVES","CHERRIES MARACHINO HALVES CATERING","PENNANT OR APPROVED EQUIVALENT",null,"CS",4,".5 GAL",100,null,"",""]
[null,166,"D1057","FRUIT COCKTAIL","FRUIT COCKTAIL GRADE B CHOICE EXTRA LIGHT SYRUP MUST MEET BUY AMERICAN REQUIREMENTS","SENACA, DEL MONTE, LIBBY'S, DOLE",null,"CS",6,"10 CN",1500,null,"",""]
[null,167,"C1024","FRUIT CRANBERRIES DRIED","SOFT AND MOIST DRIED CRANBERRIES","SPECIFY",null,"CS",10,"LB",150,null,"",""]
[null,168,"C1025","FRUIT DRIED IW","FRUIT DRIED INDIVIDUALLY PACKAGES PEANUT FREE 16% CRANBERRYM 29% NATURAL RAISINS 24% GOLDEN RAISINS 28% PINEAPPLE 3% DRIED APPLE ","NATIONAL FOOD GROUP OR APPROVED EQUIVALENT",609271,"CS",144,"1.3 OZ",650,null,"",""]
[null,169,"F1057","FRUIT MANGO DICED","MANOS DICED IQF US GRADE A UNSWEETENED MUST MEET BUY AMERICAN REQUIREMENTS","SENACA, DEL MONTE, LIBBY'S, DOLE",null,"CS",2,"5 LB",450,null,"",""]
[null,170,"D1058","FRUIT ORANGE MANDARIN","MANDARIN ORANGE SLICES NATURAL JUICES NO SUGAR ADDED GRADE B CHOICE MUST MEET BUY AMERICAN REQUIREMENTS","SENACA, DEL MONTE, LIBBY'S, DOLE","","CS",6,"10 CN",850,null,"",""]
[null,171,"D1059","FRUIT PEACHES DICED","PEACHES YELLOW CLING GRADE B CHOICE DICED NATURAL JUICES MIN DRAIN VT 71 OZ NO IRREGULAR MUST MEET BUY AMERICAN REQUIREMENTS","SENACA, DEL MONTE, LIBBY'S, DOLE","","CS",6,"10 CN",1500,null,"",""]
[null,172,"D1060","FRUIT PEARS DICED","PEARS DICED GRADE B CHOICE NATURAL JUICES MUST MEET BUY AMERICAN REQUIREMENTS","SENACA, DEL MONTE, LIBBY'S, DOLE","","CS",6,"10 CN",500,null,"",""]
[null,173,"D1061","FRUIT PINEAPPLE","PINEAPPLE TIDBITS IN JUICE GRADE B CHOICE SOLID PAK IN NATURAL JUICE MUST MEET BUY AMERICAN REQUIREMENTS","SENACA, DEL MONTE, LIBBY'S, DOLE","","CS",6,"10 CN",2500,null,"",""]
[null,174,"F1058","FRUIT STRAWBERRIES SLICED","STRAWBERRYS SLICED IQF US GRADE A UNSWEETENED","SPECIFY","","CS",1,"30 LB",700,null,"",""]
[null,175,"F1059","FRUIT STRAWBERRIES WHOLE","STRAWBERRYS SLICED IQF US GRADE A WHOLE UNSWEETENED","SPECIFY",null,"BKT",1,"30 LB",100,null,"",""]
[null,176,"D1062","GELATIN CHERRY","GELATIN MIX DRY","SPECIFY","","CS",12,"24 OZ",75,null,"",""]
[null,177,"D1063","GELATIN LIME","GELATIN MIX DRY","SPECIFY","","CS",12,"24 OZ",15,null,"",""]
[null,178,"D1064","GELATIN ORANGE","GELATIN MIX DRY","SPECIFY","","CS",12,"24 OZ",15,null,"",""]
[null,179,"D1065","GELATIN STRAWBERRY","GELATIN MIX DRY","SPECIFY","","CS",12,"24 OZ",75,null,"",""]
[null,180,"F1060","GF BAGEL PLAIN","PLAIN BAGEL GLUTEN FREE","SPECIFY",null,"CS",6,"4 EA",200,null,"",""]
[null,181,"C1026","GF BREAD WHITE SLICED","WHITE BREAD SLICED GLUTEN FREE","SPECIFY",null,"CS",6,"24 OZ",300,null,"",""]
[null,182,"C1027","GF BUN HAMBURGER ","HAMBURGER BUNS GLUTEN FREE","SPECIFY",null,"CS",6,"12 CT ",200,null,"",""]
[null,183,"F1061","GF MUFFIN CHOCOLATE IW","MUFFIN CHOCOLATE GLUTEN FREE IW","SPECIFY",null,"CS",36,"3.6 EA",200,null,"",""]
[null,184,"F1062","GF MUFFIN ENGLISH","ENGLISH MUFFINS GLUTEN FREE","SPECIFY",null,"CS",24,"2 OZ",300,null,"",""]
[null,185,"D1066","GF PASTA PENNE","PASTA PENNE GLUTEN FREE","SPECIFY",null,"CS",8,"12 OZ",200,null,"",""]
[null,186,"D1067","GF PASTA SPAGHETTI","PASTA SPAGHETTI GLUTEN FREE","SPECIFY",null,"CS",12,"12 OZ",200,null,"",""]
[null,187,"CTF7021","GLAZE STAWBERRY","STRAWBERRY GLAZE  CATERING","SPECIFY",null,"CS",1,"20LB",25,null,"",""]
[null,188,"D1068","GRANOLA BULK","GRANOLA BULK","SPECIFY",null,"CS",4,"50 OZ",250,null,"",""]
[null,189,"D1069","GRAVY BROWN","GRAVY BROWN LIGHT","PIONEER OR APPROVED EQUIVALENT",94541,"CS",6,"13 OZ",700,null,"",""]
[null,190,"D1070","GRAVY COUNTRY","COUNTRY SKILLET CREAM GRAVY","PIONEER OR APPROVED EQUIVALENT",96115,"CS",6,"24 OZ",725,null,"",""]
[null,191,"CTF7062","HAM BUFFET","HAM WATER ADDED CURED BONELESS AND FULLY COOKED. HAM IS 97% FAT FREE (3% FAT) AND APPROXIMATELY 4 TO 4½ INCHES IN DIAMETER. FROZEN PRODUCT. CATERING","SPECIFY","","CS",1,"LB",100,null,"",""]
[null,192,"F1063","HOT DOGS BEEF","BEEF FRANKS LOWER SODIUM 8/1 6\" CN LABELED TO MEET 2 OZ MEAT REQUIREMENT","JOHN MORRELL OR APPROVED EQUIVALENT","100-701000-28560","CS",80,"2 OZ",600,null,"",""]
[null,193,"F1064","ICE CREAM SS BAR CARAMEL","STICK BAR REDUCED FAT SALTY CARAMEL BROWNIE CRUNCH BAR","HERSHEY'S OR APPROVED EQUIVALENT",31167,"CS",36,"2.75 OZ",200,null,{"$f":"IF(L198*K198= 0,\"\",L198*K198)","v":""},{"$f":"IF(L198/I198= 0,\"\",L198/I198)","v":""}]
[null,194,"F1065","ICE CREAM SS BAR STRAWBERRY","STICK BAR STRAWBERRY SCOOTER  ","HERSHEY'S OR APPROVED EQUIVALENT",31166,"CS",36,"2.75 OZ",300,null,"",""]
[null,195,"F1066","ICE CREAM SS BAR VANILLA","ICE CREAM BAR VANILLA REDUCED FAT MUST BE SMART SNACK COMPLIANT <200 CALORIES < 35% FAT CALORIES < 230 MG SODIUM < 10% SATURATED FAT <35% OF WEIGHT FROM SUGARS","SPECIFY",null,"CS",96,"3.0 OZ",100,null,"",""]
[null,196,"F1067","ICE CREAM SS CUP CHOCOLATE SUNDAE ","LOW FAT CHOCOLATE SUNDAE DESSERT CUP","HERSHEY'S OR APPROVED EQUIVALENT",31662,"CS",48,"3 OZ",400,null,"",""]
[null,197,"F1068","ICE CREAM SS CUP VANILLA","LOW FAT VANILLA ICE CREAM DESSERT CUP  ","HERSHEY'S OR APPROVED EQUIVALENT",31664,"CS",48,"3 OZ",300,null,"",""]
[null,198,"F1069","ICE CREAM SS FRUIT BAR STRAWBERRY","STRAWBERRY CHUNK FRUIT BAR","BLUE BUNNY OR APPROVED EQUIVALENT",1050495,"CS",1,"48 CT",300,null,"",""]
[null,199,"F1070","ICE CREAM SS FUDGE BAR","STICK BAR FUDGE-O  GLUTEN FREE","HERSHEY'S OR APPROVED EQUIVALENT",31152,"CS",36,"2 OZ",300,null,"",""]
[null,200,"F1071","ICE CREAM SS POP STRAWBERRY & BANANA","SMOOTHIE ON A STICK.  REAL FRUIT NOTHING ARTIFICIAL.  STRAWBERRY & BANANA","JONNY POPS OR APPROVED EQUIVALENT",1190150,"CS",1,"96 CT",300,null,"",""]
[null,201,"F1072","ICE CREAM SS POP TRIPLE BERRY","SMOOTHIE ON A STICK.  REAL FRUIT NOTHING ARTIFICIAL.  TRIPLE BERRY (STRAWBERRY BLUEBERRY AND RASPBERRY)","JONNY POPS OR APPROVED EQUIVALENT",1190240,"CS",1,"96 CT",150,null,"",""]
[null,202,"F1073","ICE CREAM SS SANDWICH","ICE CREAM SANDWICH VAN RF","HERSHEY'S OR APPROVED EQUIVALENT",31319,"CS",24,"4 OZ",300,null,"",""]
[null,203,"D1071","JALAPEÑO SLICED","JALAPEÑO SLICED","SPECIFY","","CS",6,"10 CN",550,null,"",""]
[null,204,"D1072","JELLY PC","JELLY PC ASSORTED STRAWBERRY MIXED FRUIT AND GRAPE SHELF STABLE","SPECIFY",null,"CS",200,".5 OZ",450,null,"",""]
[null,205,"C1028","JUICE APPLE","APPLE JUICE PURE PAK  FULL STRENGTH JUICE NO SUGAR ADDED 100% JUICE  CARTON ONLY US GRADE B","SUN CUP OR APPROVED EQUIVALENT",30301,"CS",70,"4 OZ",7800,null,"",""]
[null,206,"C1029","JUICE APPLE CHERRY","APPLE-CHERRY PURE PAK FULL STRENGTH JUICE  NO SUGAR ADDED 100% JUICE US GRADE B","SUN CUP OR APPROVED EQUIVALENT",32000,"CS",70,"4 OZ",7500,null,"",""]
[null,207,"C1030","JUICE FRUIT PUNCH","FRUIT PUNCH JUICE PURE PAK FULL STRENGTH JUICENOSUGARADDED100% JUICE  CARTON ONLY US GRADE B","SUN CUP OR APPROVED EQUIVALENT",30800,"CS",70,"4 OZ",8400,null,"",""]
[null,208,"CTF7022","JUICE LEMON","LEMON JUICE PURE CATERING","SPECIFY","","CS",12,"32 OZ",20,null,"",""]
[null,209,"CTF7023","JUICE LEMON PC","LEMON JUICE PURE PC CATERING","SPECIFY",null,"CS",200,"0.4 G",5,null,"",""]
[null,210,"C1031","JUICE ORANGE","ORANGE JUICE PURE PAK FULL STRENGTH JUICE NO SUGAR ADDED 100% JUICE  CARTON ONLY GRADE A","SUN CUP OR APPROVED EQUIVALENT",30100,"CS",70,"4 OZ",7900,null,"",""]
[null,211,"CTF7063","JUICE ORANGE CONCENTRATE","FROZEN CONCENTRATE 100% JUICE NO SUGAR ADDED GRADE A CATERING","SPECIFY",null,"CS",12,"32OZ",20,null,"",""]
[null,212,"C1032","JUICE ORANGE PINEAPPLE","ORANGE-PINEAPPLE JUICE PURE PAK  FULL STRENGTH JUICE NO SUGAR ADDED 100%JUICE  CARTON ONLY U.S. GRADE A","SUN CUP OR APPROVED EQUIVALENT",31200,"CS",70,"4 OZ",7500,null,"",""]
[null,213,"D1073","KETCHUP JUG","KETCHUP  NATURALLY BALANCED  MADE w/SUGAR ENHANCED LOW SODIUM JUG w/PUMP","RED GOLD OR APPROVED EQUIVALENT","REDYL9P","CS",6,"114 oz",315,null,"",""]
[null,214,"D1074","KETCHUP PC","KETCHUP w/SUGAR ENHANCED LOW SODIUM ","RED GOLD OR APPROVED EQUIVALENT","REDYL9G","CS",1000,".9 GM",1000,null,"",""]
[null,215,"CTF7024","LIQUID SMOKE","LIQUID SMOKE FLAVORING  CATERING","WRIGHTS",null,"CS",4,"1 GAL",15,null,"",""]
[null,216,"C1033","MARGARINE","NO TRANS FAT CONTAIN A RATIO OF 60% VEGETABLE OIL AND 40% MILKFAT\nWITH A MINIMUM TOTAL FAT CONTENT OF 80%. ","GOLD-N-SWEET OR APPROVED EQUIVALENT",16840,"CS",30,"1 LB",150,null,"",""]
[null,217,"C1034","MARGARINE PC","CONTAIN A RATIO OF 60% VEGETABLE OIL AND 40% MILK FAT WITH A MINIMUM TOTAL FAT CONTENT OF 80%. NO TRANS FAT  ","COUNTRY CROCK OR APPROVED EQUIVALENT","1-0040600434055","CS",900,"5 GR",40,null,"",""]
[null,218,"D1075","MARSHMALLOW CRÈME","MARSHMALLOW CREAM FOR CEREAL TREATS TRANS FAT FREE","MALLOWCREME OR APPROVED EQUIVALENT",64708,"CS",8,"33.5 OZ",700,null,"",""]
[null,219,null,"MAYONNAISE  PC","MAYONNAISE INDIVIDUALLY PACKED REDUCED FAT","SPECIFY",null,"CS",500,"12 GR",800,null,"",""]
[null,220,"CTF7025","MAYONNAISE GAL ","MAYONNAISE REGULAR FAT CATERING","SPECIFY",null,"CS",4,"1 GAL",20,null,"",""]
[null,221,"CTF7026","MAYONNAISE PC","MAYONNAISE REGULAR FAT INDIVIDUALLY PACKED CATERING","SPECIFY",null,"CS",200,"12 GR",100,null,"",""]
[null,222,"D1076","MILK EVAPORATED","SHELF STABLE MILK IS MADE FROM GRADE A FRESH MILK WHICH HAS BEEN FORTIFIED WITH VITAMINS A AND D","SPECIFY","","CS",6,"10 CN",75,null,"",""]
[null,223,"C1036","MILK LACTOSE FREE","MILK LACTSE FREE AND FAT FREE","LACTAID OR APPROVED EQUIVALENT",6348,"CS",20,"8 oz",100,null,"",""]
[null,224,"D1077","MILK SOY","SOY MILK VANILLA MUST MEET USDA REGULATIONS FOR A MILK SUBSITITUTE.","KIKKKOMAN OR APPROVED EQUIVALENT",6184,"CS",24,"8 OZ",100,null,"",""]
[null,225,"CTF7027","MIX BROWNIE","MIX FUDGE BROWNIE NOT WHOLE GRAIN CATERING","CH GUENTER & SON OR APPROVED EQUIVALENT",218207,"CS",6,"5 LB",20,null,"",""]
[null,226,"CTF7028","MIX FRUIT PUNCH","FRUIT FLAVORED DRY CRYSTALS DRINK MIX SWEETENED CATERING","SPECIFY",null,"CS",12,"24 OZ",20,null,"",""]
[null,227,"CTF7029","MIX HOT CHOCOLATE","HOT CHOCOLATE MIX POWDERED INDIVIDUAL PACKS CATERING","SPECIFY",null,"CS",6,"50CT",20,null,"",""]
[null,228,null,"MIX HOT CHOCOLATE SF","HOT CHOCOLATE MIX POWDERED INDIVIDUAL PACKS  SUGAR FREE COFFEE BAR","NESTLE OR APPROVED EQUIVALENT","61411-00","CS",300,"PKG",100,null,"",""]
[null,229,"CTF7030","MIX ICE TEA","MIX UNSWEETENED TEA HIGH YIELD DILUTION RATIO 1:96 CATERING","THIRS-TEA OR APPROVED EQUIVALENT",662,"CS",24,"4 OZ",20,null,"",""]
[null,230,"CTF7031","MIX LEMONAIDE PINK","PINK LEMONAIDE FLAVORED DRY CRYSTALS SWEETENED CATERING","SPECIFY",null,"CS",12,"2GAL",30,null,"",""]
[null,231,"CTF7032","MIX LEMONAIDE YELLOW","YELLOW LEMONAIDE FLAVORED DRY CRYSTALS DRINK MIX SWEETENED  CATERING","SPECIFY",null,"CS",12,"2GAL",30,null,"",""]
[null,232,"CTF7064","MUFFIN APPLE PECAN","PRE-BAKED THAW AND SERVE APPLE CINNIMON PECAN TULIP CUP WRAPPER SUPREME  CATERING","OTIS SPUNKMEYER OR APPROVED EQUIVALENT",6245,"CS",24,"4 OZ",5,null,"",""]
[null,233,"CTF7065","MUFFIN BANANA BREAD","PRE-BAKED THAW AND SERVE BANANA BREAD TULIP CUP WRAPPER SUPREME  CATERING","OTIS SPUNKMEYER OR APPROVED EQUIVALENT",1002,"CS",24,"4 OZ",15,null,"",""]
[null,234,null,"MUFFIN BANANA WG","PRE-BAKED AND INDIVIDUALLY PLAIN WRAPPED APPROX 2 OZ EACH.  WHOLE GRAIN EACH MUFFIN MUST PROVIDE A MINUMIM OF 2 GB COMPONENT FOR SBP.  BANANA FLAVORED. ","DAVE'S OR APPROVED EQUIVALENT","WG828","CS",60,"3.15 OZ",1500,null,"",""]
[null,235,"CTF7066","MUFFIN BLUEBERRY CRUMB","PRE-BAKED THAW AND SERVE BLUEBERRY CRUMB CAKE TULIP CUP WRAPPER SUPREME  CATERING","OTIS SPUNKMEYER OR APPROVED EQUIVALENT",6201,"CS",24,"4 OZ",20,null,"",""]
[null,236,"F1074","MUFFIN BLUEBRRY IW","PRE-BAKED AND INDIVIDUALLY PLAIN WRAPPED APPROX 2 OZ EACH.  WHOLE GRAIN EACH MUFFIN MUST PROVIDE A MINUMIM OF 2 GB COMPONENT FOR SBP.  BLUEBERRY FLAVORED.","DAVE'S OR APPROVED EQUIVALENT","WG829","CS",60,"3.15 OZ",1500,null,"",""]
[null,237,"F1075","MUFFIN CHERRY IW","PRE-BAKED AND INDIVIDUALLY PLAIN WRAPPED APPROX 2 OZ EACH.  WHOLE GRAIN EACH MUFFIN MUST PROVIDE A MINUMIM OF 1 GB COMPONENT FOR SBP.  CHERRY FLAVORED. ","DAVE'S OR APPROVED EQUIVALENT","WG841","CS",60,"3.15 OZ",1500,null,"",""]
[null,238,"CTF7067","MUFFIN DECADENT CHOCOLATE","PRE-BAKED THAW AND SERVE DECADENT CHOCOLATE CHUNK TULIP CUP WRAPPER SUPREME  CATERING","OTIS SPUNKMEYER OR APPROVED EQUIVALENT",6220,"CS",24,"4 OZ",5,null,"",""]
[null,239,"F1076","MUFFIN DOUBLE CHOC CHIP IW","PRE-BAKED AND INDIVIDUALLY PLAIN WRAPPED APPROX 2 OZ EACH.  WHOLE GRAIN EACH MUFFIN MUST PROVIDE A MINUMIM OF 2 GB COMPONENT FOR SBP.  CHOCOLATE-CHOCOLATE CHIP FLAVORED.","DAVE'S OR APPROVED EQUIVALENT","WG 845","CS",60,"3.15 OZ",1500,null,"",""]
[null,240,"CTF7068","MUFFIN TRIPLE BERRY","PRE-BAKED THAW AND SERVE TRIPLE BERRY WHOLE GRAIN TULIP CUP WRAPPER SUPREME  CATERING","OTIS SPUNKMEYER OR APPROVED EQUIVALENT",6230,"CS",24,"4 OZ",10,null,"",""]
[null,241,"D1078","MUSTARD GAL","MUSTARD/PREPARED","SPECIFY","","CS",4,"1 GAL",75,null,"",""]
[null,242,"D1079","MUSTARD PC","MUSTARD PC EASY OPEN TOP","SPECIFY","","CS",500,"5.5 GM",200,null,"",""]
[null,243,"D1080","NATURE SEAL","NATURESEAL FRESH FRUIT PRESEVER","NATURESEAL","","CS",4,"3.3 LB",300,null,"",""]
[null,244,"F1077","NOODLES CHOW MEIN","CHOW MEIN WITH VEGETABLES WHOLE GRAIN  A 4.8oz SERVING PROVIDES 1.0 OZ GRAIN EQUIVALENTS.","SPECIFY",null,"CS",6,"5.6 LB",500,null,"",""]
[null,245,"D1081","OIL CANOLA","CANOLA OIL FOR FRYING NO TRANS FATS","SPECIFY","","CS",35,"LB",225,null,"",""]
[null,246,"CTF7033","OIL OLIVE","OIL OLIVE EXTRA VIRGIN CATERING","SPECIFY",null,"CS",4,"3LTR",15,null,"",""]
[null,247,"CTF7034","OLIVES BLACK","RIPE OLIVES MEDIUM PITTED WHOLE  CATERING","SPECIFY",null,"CS",6,"10 CN",100,null,"",""]
[null,248,"CTF7035","OLIVES GREEN","RIPE OLIVES MEDIUM PITTED WHOLE STUFFED  CATERING","SPECIFY",null,"CS",4,"1 GAL",5,null,"",""]
[null,249,"F1078","PANCAKE BREAKFAST SANDWICH","MAPLE SEASONED BEEF SAUSAGE AND PANCAKE SANDWICH - INDIVIDUALLY WRAPPED.  PORTION SIZE 2.61OZ CN LABEL OR PRODUCT ANALYSIS SHEET TO PROVIDE 1OZ M/MA AND 1OZ GRAIN EQ.  MUST MEET FNS REQUIREMENTS ON ALL GRAIN.  CASE PACK 100","INTEGRATED FOOD SERVICE OR APPROVED EQUIVALENT",990120,"CS",100,"2.61 OZ",900,null,"",""]
[null,250,"F1079","PANCAKE ON A STICK PLAIN BULK","SAUSAGE & PANCAKE ON A STICK WHOLE GRAIN PANCAKE BATTER AROUND A PRE-COOKED GROUND TURKEY & TEXTURED VEGETABLE PROTEIN LINK. CN LABLED EACH 2.85 OZ STICK PROVIDE 1 MEAT/MEAT ALTERNATE & 1 GRAIN EQUIVALENT BULK.","FOSTER FARMS OR APPROVED EQUIVALENT",95121,"CS",56,"2.85 OZ",1500,null,"",""]
[null,251,"F1080","PANCAKES","PANCAKE WHOLE GRAIN RICH - EACH PANCAKE MUST MEET 1 GRAIN","AUNT JEMIMA OR APPROVED EQUIVALENT",43582,"CS",144,"1.14 OZ",16,null,"",""]
[null,252,"F1081","PANCAKES BLUEBERRY","PANCAKES MINI BLUEBERRY IW WHOLE GRAIN MUST MEET 2 GRAIN COMPONENT FOR SBP","EGGO OR APPROVED EQUIVALENT",3800092560,"CS",72,3.2,1000,null,"",""]
[null,253,"F1082","PANCAKES CONFETTI","PANCAKES MINI CONFETTI IW WHOLE GRAIN MUST MEET 2 GRAIN COMPONENT FOR SBP","EGGO OR APPROVED EQUIVALENT",3800018574,"CS",72,3.2,1000,null,"",""]
[null,254,"F1083","PANCAKES MAPLE","PANCAKES MINI MAPLE BURST IW WHOLE GRAIN MUST MEET 2 GRAIN COMPONENT FOR SBP","PILLSBURY OR APPROVED EQUIVALENT",137732000,"CS",72,3.2,1000,null,"",""]
[null,255,null,"PANCAKES MAPLE","PANCAKES MINI MAPLE IW WHOLE GRAIN MUST MEET 2 GRAIN COMPONENT FOR SBP","EGGO OR APPROVED EQUIVALENT",3800092562,"CS",72,3.2,1000,null,"",""]
[null,256,"F1084","PANCKAES STRAWBERRY","PANCAKES MINI STRAWBERRY BLAST IW WHOLE GRAIN MUST MEET 2 GRAIN COMPONENT FOR SBP","PILLSBURY OR APPROVED EQUIVALENT",137731000,"CS",72,3.2,1000,null,"",""]
[null,257,"D1082","PASTA ELBOW","ELBOW PASTA DRY REGULAR NOT WHOLE GRAIN","ZEREGA OR APPROVED EQUIVALENT",8001,"CS",2,"10 LB",300,null,{"$f":"IF(L262*K262= 0,\"\",L262*K262)","v":""},{"$f":"IF(L262/I262= 0,\"\",L262/I262)","v":""}]
[null,258,"D1083","PASTA FETUCCINE","FETUCCINE PASTA   10\" DRY REGULAR NOT WHOLE GRAIN","ZEREGA OR APPROVED EQUIVALENT",9722,"CS",2,"10 LB",250,null,"",""]
[null,259,"CTF7036","PASTA LASAGNA","LASAGNA NOODLE WITH RIDGES ENRICHED TO MEET BREAD REQUIREMENTS NSLP MADE FROM SEMOLINA OR DURUM FLOUR ENRICHED WITH THIAMIN RIBOFLAVIN NIACIN FOLIC ACID AND IRON.  REGULAR NOT WHOLE GRAIN CATERING","SPECIFY",null,"CS",12,"1LB",15,null,"",""]
[null,260,"D1084","PASTA PENNE","TUBULAR 51% WHOLE GRAIN ENRICHED TO MEET BREAD REQ FOR NSLP ENRICHED WITH THIAMIN RIBOFLAVIN NIACIN FOLIC ACID AND IRON REGULAR NOT WHOLE GRAIN","ZEREGA OR APPROVED EQUIVALENT",10034,"CS",2,"10 LB",45,null,"",""]
[null,261,"D1085","PASTA SPAGHETTI","SPAGHETTI PASTA   10\" DRY REGULAR NOT WHOLE GRAIN","ZEREGA OR APPROVED EQUIVALENT",8031,"CS",2,"10 LB",500,null,"",""]
[null,262,"CTF7069","PASTRY CINNAMON TWIST","FREEZER-TO-OVEN CINNNAMON ROLL TWIST  CATERING","PILLSBURY OR APPROVED EQUIVALENT",205385000,"CS",52,"4.25 OZ",100,null,"",""]
[null,263,"CTF7070","PASTRY DANISH ASSORTED","DANISH ASSORTED 4OZ BULK CATERING","SPECIFY",null,"CS",6,"12CT",50,null,"",""]
[null,264,"CTF7037","PICKLE SLICED POUCH","HAMBURGER DILL PICKLE CRINKLE CUT POUCH 1/8 IN GRADE A CATERING","HEINZ",658600,"CS",6,"5.75 LB",650,null,"",""]
[null,265,"CTF7038","PICKLE SPEARS CAN","DILL PICKLE SPEARS APPROXIMATELY 3 1/2 - 4 3/4 INCHES LONG US GRADE A CATERING","SPECIFY","","CS",6,"10 CN",400,null,"",""]
[null,266,"F1085","PIE SHELLS","PIE SHELLS 9 INCH DEEP","SPECIFY",null,"CS",20,"SHELLS",10,null,"",""]
[null,267,"F1086","PIZZA BREAKFAST SAUSAGE","NARDONE BROS®WHOLE WHEAT SAUSAGE BREAKFAST MUST PROVIDE 1 OZ EQUIVALENT MEAT/MEAT ALERNATE 1.5 OZ EQUIVALENT GRAINS AND 1/8 CUP RED/ORANGE VEGETABLE FOR THE CHILD NUTRITION MEAL PATTERN REQUIREMENTS. COMMERICAL BACK-UP OF COMMODITY PRODUCT OR FOR NOI PRICING","NARDONES BROS OR APPROVED EQUIVALENT","80WS100","CS",80,"3.30 OZ",700,null,"",""]
[null,268,"F1087","PIZZA STUFFED CRUST CHEESE","WHOLE WHEAT WEDGE STUFFED CRUST CHEESE PIZZA WGR FROZEN BULK PACK FAT GRAMS NOT TO EXCEED 17GM SODIUM NOT TO EXCEED 445MG CN LABEL OR PRODUCT ANALYSIS SHEET TO PROVIDE A MINIMUM 2 MMA AND 2 GRAIN EQ. 1/8 RO VEGETABLE  CASE PACK 70 CT. COMMERICAL BACK-UP OF COMMODITY PRODUCT OR FOR NOI PRICING","NARDONES BROS OR APPROVED EQUIVALENT","72WWSCM2","CS",70,"4.95 OZ",600,null,"",""]
[null,269,"F1088","PIZZA STUFFED CRUST PEPPERONI","WHOLE WHEAT WEDGE STUFFED CRUST COIN PEPPERONI PIZZA.  WGR FROZEN BULK PACK FAT GRAMS NOT TO EXCEED 21GM SODIUM NOT TO EXCEED 665MG CN LABEL OR PRODUCT ANALYSIS SHEET TO PROVIDE A MINIMUM 2 MMA AND 2 GRAIN EQ. 1/8 RO VEGETABLE CASE PACK 70. COMMERICAL BACK-UP OF COMMODITY PRODUCT OR FOR NOI PRICING","NARDONES BROS OR APPROVED EQUIVALENT","C72WWSCMP2","CS",70,"4.95 OZ",600,null,"",""]
[null,270,"F1089","POCKET TURKEY HAM & CHEESE IW","POCKET TURKEY HAM & CHEESE EACH 3.0 OZ MUST MEET 1 M/MA AND 1OZ GRAIN FOR STUDENT NUTRITION BREAKFAST PROGRAM, IW","ALBIE'S OR APPROVED EQUIVALENT",835,"CS",60,"3 OZ",1500,null,"",""]
[null,271,"D1086","POPTART STRAWBERRY","POP-TART MADE WITH WHOLE GRAIN FROSTED STRAWBERRY.   1.76OZ  MUST MEET 1OZ GRAIN EQUIVALENT. CALORIES SHOULD NOT EXCEED 200  SUGAR SHOULD NOT EXCEED 18G","KELLOGG’S OR APPROVED EQUIVALENT",55130,"CS",120,"1.76 OZ",1000,null,"",""]
[null,272,"F1090","PORK BBQ PATTY","FULLY COOKED FLAMEBROILED RIB SHAPED PORK PATTIE WITH HONEY BBQ SAUCE, 3.25OZ","TYSON OR APPROVED EQUIVALENT",3716,"CS",100,"3.25 OZ",750,null,"",""]
[null,273,"F1091","PORK CARNITAS","PORK CARNITAS LOWER SODIUM","BROOKWOOD FARMS OR APPROVED EQUIVALENT",12303,"CS",1,"20 lb",200,null,"",""]
[null,274,"F1092","PORK DICED COOKED","BONELESS PORK STEW MEAT (1/4\" TRIM) THIS 30 LB. CASE PROVIDES 240 SERVINGS 2.00 OZ EACH. EACH 2.00 OZ SERVING (BY WEIGHT) OF COOKED DICED PORK PROVIDES 2.00 OZ EQUIVALENT MEAT FOR CHILD NUTRITION MEAL PATTERN REQUIREMENTS","SPECIFY",null,"CS",2,"5 LB",25,null,"",""]
[null,275,"F1093","PORK LOIN ROAST","PORK LOIN BONELESS IMPS #413 FROZEN UNCOOKED USDA INSPECTED FRESH PORK LOINS BONELESS SINGLE MUSCLE. ALL SURFACE FAT IN EXCESS OF 1/4\" IN DEPTH SHALL BE REMOVED. NATURAL UNSEASONED NO ADDED SODIUM MSG OR SOLUTIONS PERMITTED SODIUM CONTENT NOT TO EXCEED 100 MG PER 4 OUNCE PORTION.  ACCEPTABLE PACK SIZE: ENCASED & COMMERCIALLY SEALED IN MOISTURE/VAPOR-PROOF POLYFILM 2 TO 6 LOINS PER CASE EACH LOIN TO WEIGH BETWEEN 8-18 LB PACKAGE","SPECIFY",null,"CS",1,"50 lb",40,null,"",""]
[null,276,"F1094","PORK SAUSAGE","SAUSAGE PORK BULK","SPECIFY",null,"CS",2,"5 lb",500,null,"",""]
[null,277,"F1095","PORK SAUSAGE PATTY ","EACH 1.33 OZ COOKED PORK SAUSAGE PATTY PROVIDES 1.00 OZ EQUIVALENT MEAT FOR CHILD NUTRITION MEAL PATTERN REQUIREMENTS LESS THAN 200MG IN SODIUM PER SERVING","JTM OR APPROVED EQUIVALENT","CP54649","CS",360,"1.33 OZ",300,null,"",""]
[null,278,"F1096","PORK SHREDDED","PULLED PORK BBQ W/ VINEGAR MARINADE/SEMI DRIY LESS THAN 274 MG OF SODIUM PER SERVING CN LABLED THAT EACH 4 OZ SERVING MEETS 2 OZ MEAT EQUIVALENT. COMMERICAL BACK-UP OF COMMODITY PRODUCT OR FOR NOI PRICING","BROOKWOOD FARMS OR APPROVED EQUIVALENT",12302,"CS",4,"5 LB",1010,null,"",""]
[null,279,"CTF7071","POTATO BABY BAKERS","BABY BAKER POTATOES WHOLE OVEN ROASTED GARLIC  CATERING","SPECIFY",null,"CS",6,"2.5LB",25,null,"",""]
[null,280,"F1097","POTATO CRINKLE CUT","BAKABLE REGULAR REDUCED SODIUM CRINKLE FRIES 3/8\" l ≤ 160MG SODIUM PER SERVING CN LABLED","McCAIN OR APPROVED EQUIVALENT","MCF03761","CS",6,"5 LB",1000,null,"",""]
[null,281,"D1087","POTATO HASHBROWN DEHYDRATED"," DEHYDRATED POTATOES ","IDAHOAN OR APPROVED EQUIVALENT","29700 00808","CS",6,"2.125 lb",1200,null,"",""]
[null,282,"F1098","POTATO HASHBROWN PATTIES","2 OVALS PROVIDE 1/2 CUP VEGETABLE EQUIVALENT.","ORE-IDA OR APPROVED EQUIVALENT","OIF00589A","CS",6,"2.8125 lb",1345,null,"",""]
[null,283,"D1088","POTATO PEARLS","POTATO PEARLS NATURE'S OWN MASHED REDUCED SODIUM","BASIC AMERICAN FOODS OR APPROVED EQUIVALENT",10169,"CS",10,"29.3 oz",1500,null,"",""]
[null,284,"F1099","POTATO SPIRAL","BAKABLE SEASONED SPIRALS ≤ 240MG PER SERVING CN LABLED","McCAIN OR APPROVED EQUIVALENT",1000004108,"CS",6,"4 LB",1500,null,"",""]
[null,285,"F1100","POTATO STRAIGHT CUT","POTATOES / FRENCH FRIES FROZEN: 10071179036715 SIMPLOT SEASONEDCRISP® SAVORY REDUCED SODIUM 5/16” X 3/8” SC 6/5 LB. 52% LESS SODIUM THAN OUR REGULAR SAVORY THIN CUT FRIES (180MG VS 380MG SODIUM PER 84G REFERENCE AMOUNT). TO BE PACKED TO U.S. GRADE A STANDARDS SKIN-ON 5/16” X 3/8” STRAIGHT CUT POTATOES PROCESSED IN VEGETABLE OIL OVEN-READY PREPARATION.","SIMPLOT OR APPROVED EQUIVALENT","100-71179036715","CS",30,"LB",1000,null,"",""]
[null,286,"F1101","POTATO TATER TOTS","TATER TOTS SHAPED POTATOES ZERO GRAMS TRANS FAT OVEN-BAKED.  71G SERVING PROVIDE 1/2 CUP STARCH VEGETABLE FOR THE CHILD NUTRITION MEAL PROGRAM.","MCCAIN FOODSERVICE OR APPROVED EQUIVALENT",1000002789,"CS",6,"5 LB",1000,null,"",""]
[null,287,"F1102","POTATO WAFFLE CUT","FRENCH FRIES WAFFLE CUT BAKEABLE REDUCED SODIUM ≤ 75MG PER SERVING CN LABLED","McCAIN OR APPROVED EQUIVALENT","OIF01037A","CS",6,"4.5 LB",500,null,"",""]
[null,288,"F1103","PRETZELS IW","HEARTZELS WHOLE GRAIN WHEAT FLOUR/ENRICHED WHEAT FLOUR RED GOLD MEET 1 OZ GRAIN","ROLD GOLD OR APPROVED EQUIVALENT","000-28400-15940-1","CS",104,".7 OZ",500,null,"",""]
[null,289,"D1089","PUMPKIN","100% PURE SOLID PACK U.S. GRADE A OR U.S. FANCY","LIBBY'S OR APPROVED EQUIVALENT","","CS",6,"10 CN",100,null,"",""]
[null,290,"CTF7039","RELISH PICKLE DILL","RELISH PICKLE DILL CATERING","SPECIFY",null,"CS",4,"1 GAL",10,null,"",""]
[null,291,"CTF7040","RELISH PICKLE SWEET","RELISH PICKLE SWEET CATERING","SPECIFY",null,"CS",4,"1 GAL",5,null,"",""]
[null,292,"F1104","RICE VEGETABLE FRIED","VEGETABLE FRIED RICE WHOLE GRAIN.  NO MSG ADDED.  5# BAGS","ASIAN FOODS OR APPROVED EQUIVALENT",78001,"CS",8,"5 lb",600,null,"",""]
[null,293,null,"RICE WHOLE GRAIN BROWN PARBOILED","RICE LONG GRAIN PARBOILED 51% WHOLE GRAIN TO MEET NSLP BREAD REQ. LONG GRAIN RICE ENRICHED WITH THIAMIN RIBOFLAVIN NIACIN FOLIC ACID AND IRON. VITAMIN D AND CALCIUM MAY BE ADDED. NO 1 GRADE","SPECIFY",null,"BAG",25,"LB",500,null,"",""]
[null,294,"CTF7072","ROLL CINNAMON ","CINNAMON ROLLS FROZEN INDIVIDUALLY BULK PACKED APPROX 3 OZ EACH FREEZER TO OVEN NO PROOFING REQUIRED.  MUST PROVIDE 2 GB IN THE SBP. PILLSBURY SUPREME™ FREEZER-TO-OVEN CINNAMON ROLL 3 OZ  CATERING","PILLSBURY OR APPROVED EQUIVALENT",105358000,"CS",100,"3 OZ",50,null,"",""]
[null,295,"F1105","ROLL CINNAMON IW","WHITE WHOLE WHEAT HONEY ROLL DOUGH LAYER PACKED WHOLE GRAIN MEETS 2 OZ EQUIVALENT GRAINS","BRIDGEFORD OR APPROVED EQUIVALENT",6737,"CS",180,"2 OZ",3500,null,"",""]
[null,296,"CTF7073","ROLL DINNER WHITE","ROLL DINNER WHITE HEAT & SERVE 1.5OZ CATERING","BRIDGEFORD OR APPROVED EQUIVALENT",6655,"CS",75,"1.5OZ",100,null,"",""]
[null,297,"F1106","ROLL HONEY WHEAT","CINNAMON ROLL WHOLE GRAIN RTL IW MEETS 2 GRAINS","BAKE CRAFTERS OR APPROVED EQUIVALENT",1287,"CS",72,"2.8 OZ",2000,null,"",""]
[null,298,"F1107","SANDWICH TURKEY HAM & CHEESE","TURKEY HAM & CHEESE SUB, 5\" MEETS 2 OZ M/MA AND 2 OZ WG EQ FOR NSP","CLASSIC DELIGHT OR APPROVED EQUIVALENT",311,"CS",45,"4.8 OZ",1500,null,"",""]
[null,299,"CTF7041","SAUCE A-1","ORIGINAL STEAK SAUCE CATERING","KRAFT OR APPROVED EQUIVALENT","00-54400000200","CS",12,"10 OZ",10,null,"",""]
[null,300,null,"SAUCE BBQ GAL","BARBECUE SAUCE ORIGINAL - NO STARCHES OR GUMS. HEAT-PROCESSED TO PROVIDE STABILITY AT ROOM TEMPERATURE. A REDDISH-BROWN SAUCE WITH A BBQ FLAVOR-LOW HEAT LOW SMOKE. ","SWEET BABY RAY'S OR APPROVED EQUIVALENT","SJ0440HF","CS",4,"1 GAL",100,null,"",""]
[null,301,"CTF7042","SAUCE BRISKET MARINADE","SAUCE BRISKET MARINADE  CATERING","CLAUDES OR APPROVED EQUIVALENT",null,"CS",4,"1 GAL",15,null,"",""]
[null,302,"F1108","SAUCE CHEESE ALFREDO","ALFREDO SAUCE FROZEN BAGS READY TO HEAT AND SERVE.  PASTEURIZED PROCESS CHEESE.  30 POUND CASE PROVIDES 262 SERVINGS 1.83OZ EACH.   EACH 1.83OZ SERVING PROVIDES 1.00 OZ EQUIVALENT MEAT ALTERNATE FOR CHILD NUTRITION MEAL PATTERN REQUIREMENTS.","JTM OR APPROVED EQUIVALENT",5722,"CS",6,"5 LB ",400,null,"",""]
[null,303,"F1109","SAUCE CHEESE GOLDEN HATCH","GOLDEN HATCH CHEESE SAUCE PROVIDES 1.00 OZ EQUIVALENT MEAT ALTERNATE FOR CHILD NUTRITION MEAL PATTERN REQUIREMENTS","JTM OR APPROVED EQUIVALENT",5731,"CS",6,"5LB BAG",200,null,"",""]
[null,304,"F1110","SAUCE CHEESE QUESO BLANCO","CHEESE SAUCE WHITE CHEDDAR W/SALSA VERDE READY TO SERVE 3OZ = 1 MMA.  POUCHES 6/5# FAT GRAMS NOT TO EXCEED 7G.  SODIUM NOT TO EXCEED 600MG","JTM OR APPROVED EQUIVALENT",5718,"CS",6,"5 LB",500,null,"",""]
[null,305,"F1111","SAUCE CHEESE THREE","THREE CHEESE SAUCE PROVIDES 1.00 OZ EQUIVALENT MEAT ALTERNATE FOR CHILD NUTRITION MEAL PATTERN REQUIREMENTS","JTM OR APPROVED EQUIVALENT",5730,"CS",6,"5LB",500,null,"",""]
[null,306,"D1090","SAUCE CHEESE ULTIMATE CHEEDAR","CHEESE SAUCE READY TO SERVE REDUCED FAT CHEDDAR:  CANNED OR POUCHES CHEDDAR 3 OZ = 1MMA.  6/#10 OR POUCHES 6/5#  FAT GRAMS NOT TO EXCEED 10G SODIUM NOT TO EXCEED 570MG.  AVAILABLE FOR NET OFF INVOICE  LAND O LAKES PREFERRED. FOR NOI PRICING","LAND O'LAKES OR APPROVED EQUIVALENT",39940,"CS",6,"5 LB",500,null,"",""]
[null,307,"D1091","SAUCE CRANBERRY","CRANBERRIES JELLIED U.S. GRADE A OR U.S. FANCY RESEALABLE","OCEAN SPRAY OR APPROVED EQUIVALENT",1401,"CS",6,"101 OZ",75,null,"",""]
[null,308,"D1092","SAUCE HOT PC","SABOR BY TEXAS PETE MEXICAN HOT SAUCE PC","TEXAS PETE OR APPROVED EQUIVALENT",null,"CS",200,7,1000,null,"",""]
[null,309,"D1093","SAUCE MANWICH SLOPPY JOE","SAUCE SLOPPY JOE MANWICH","MANWICH OR APPROVED EQUIVALENT","27000-44181","CS",6,"#10 CAN",500,null,"",""]
[null,310,"D1100","SAUCE ORANGE","RTU - PRONOUNCED SWEETNESS AND SOURNESS WITH ORANGE FLAVOR. THICK LIGHT BROWN GLAZE","KIKKOMAN OR APPROVED EQUIVALENT","0-1576","CS",4,".5 GAL",250,null,"",""]
[null,311,"D1094","SAUCE PICANTE","PICANTE SAUCE THICK AND CHUNKY","SPECIFY","","CS",4,"1 GAL",23,null,"",""]
[null,312,"D1095","SAUCE PICANTE PC","PICANTE SAUCE PC","SPECIFY","","CS",200,".5 OZ",200,null,"",""]
[null,313,"D1096","SAUCE SOY PC","SOY SAUCE INDIVIDUAL PACKETS LOW SODIUM","SPECIFY","","CS",500,"9 GR",150,null,"",""]
[null,314,"D1097","SAUCE TOMATO","TOMATO SAUCE FROM MATURE WHOLE AND TRIMMED TOMATOES OF GOOD COLOR ARE STRAINED AND PARTIALLY CONCENTRATED BEFORE THEY ARE BLENDED WITH ONIONS, GARLIC, AND OTHER NATURAL FLAVORING TO ACHIEVE A SMOOTH AND FREE FLOWING SAUCE. MAKING FROM CONCENTRATE ASSURES THE COLOR, QUALITY AND CONSISTENCY ARE ALWAYS JUST RIGHT. ZERO TRANS FATS. GLUTEN FREE. LOW SODIUM","RED GOLD OR APPROVED EQUIVALENT","RPKHA99","CS",6,"10 CN",400,null,"",""]
[null,315,"D1098","SAUCE TOMATO MARINARA","NUTRITIONALLY ENHANCED MARINARA SAUCE 70% LOWER IN SODIUM ","RED GOLD OR APPROVED EQUIVALENT","RPKNA9E","CS",6,"10 CN",500,null,"",""]
[null,316,"D1099","SAUCE TOMATO SPAGHETTI ","SPAGHETTI SAUCE NUTRIENT ENHANCED LOW SODIUM","RED GOLD OR APPROVED EQUIVALENT","RPKMA9E","CS",6,"10 LB",750,null,"",""]
[null,317,"CTF7043","SAUCE WORCESTERSHIRE","WORCESTERSHIRE SAUCE BULK CATERING","SPECIFY","","CS",4,"1 GAL",5,null,"",""]
[null,318,"D1101","SHELL TACO","WHOLE GRAIN CORN FULLY COOKED TACO SHELL 6\"","MEX ORIG OR APPROVED EQUIVALENT","24850-621","CS",1,"200 CT",500,null,"",""]
[null,319,"D1102","SHELL TOSTADA","WHOLE GRAIN CORN FULLY COOKED TOSTADA SHELL 5.5\"","MEX ORIG OR APPROVED EQUIVALENT","23194-621","CS",1,"200 CT",300,null,"",""]
[null,320,"D1103","SOUP CREAM OF CHICKEN","HEALTHY REQUEST CONDENSED SOUP CREAM OF CHICKEN","CAMPBELLS OR APPROVED EQUIVALENT",4143,"CS",12,"50 OZ",200,null,"",""]
[null,321,"D1104","SOUP CREAM OF MUSHROOM","HEALTHY REQUEST CONDENSED SOUP CREAM OF MUSHROOM","CAMPBELLS OR APPROVED EQUIVALENT",4144,"CS",12,"50 OZ",175,null,{"$f":"IF(L326*K326= 0,\"\",L326*K326)","v":""},{"$f":"IF(L326/I326= 0,\"\",L326/I326)","v":""}]
[null,322,"CTF7044","SOUR CREAM LIGHT","SOUR CREAM LIGHT CATERING","SPECIFY","","CS",2,"5 LB",20,null,"",""]
[null,323,"D1105","SOUR CREAM LIGHT PC","SOUR CREAM LIGHT PC","SPECIFY","","CS",100,"1 OZ",175,null,"",""]
[null,324,"D1106","SPICE BASIL","BASIL LEAF WHOLE LEAF  ","SPECIFY",null,"CS",1,"1.62 LB",63,null,"",""]
[null,325,"D1107","SPICE BAY LEAVES","BAY LEAVES","SPECIFY",null,"BTL",1,"30 OZ",10,null,"",""]
[null,326,"D1108","SPICE CHILI","CHILI POWDER LIGHT FINE GRIND MILD  NO OTHER ADDITIVES","BUENO OR APPROVED EQUIVALENT","","BTL",1,"5 LB",150,null,"",""]
[null,327,"D1109","SPICE CINNAMON","CINNAMON GROUND","MCCOMICK'S OR APPROVED EQUIVALENT",null,"BTL",1,"18 OZ",50,null,"",""]
[null,328,"D1110","SPICE CUMIN","CUMIN","SPECIFY",null,"BTL",1,"4.5 LB",10,null,"",""]
[null,329,"D1111","SPICE FAJITA","FAJITA SEASONING AND MARINADE SALT FREE","SPECIFY",null,"BTL",1,"30 OZ",145,null,"",""]
[null,330,"D1112","SPICE GARLIC POWDER","GARLIC GRANUATED","SPECIFY",null,"BTL",1,"7.25 LB",175,null,"",""]
[null,331,"D1113","SPICE ITALIAN BLEND","ITALIAN BLEND SALT FREE NO MSG","SPECIFY",null,"BTL",1,"9.5 OZ",75,null,"",""]
[null,332,"D1114","SPICE LEMON PEPPER","SPICE LEMON PEPPER LOW SODIUM","SPECIFY",null,"EA",1,"1 LB",100,null,"",""]
[null,333,"D1115","SPICE MUSTARD DRY","MUSTURD DRY","COLEMAN'S OR APPROVED EQUIVALENT",null,"BTL",1,"14 OZ",60,null,"",""]
[null,334,"D1116","SPICE ONION DEHYDRATED","ONION DEHYDRATED","SPECIFY","","BOX",15,"16 OZ",75,null,"",""]
[null,335,"D1117","SPICE ONION POWDER","ONION POWDER","SPECIFY",null,"BTL",1,"6 LB",25,null,"",""]
[null,336,"D1118","SPICE OREGANO","OREGANO GROUND COURSE","SPECIFY",null,"BTL",1,"16 OZ",15,null,"",""]
[null,337,"D1119","SPICE PAPRIKA","PAPRIKA SPICE","SPECIFY",null,"BTL",1,"5.5LB",25,null,"",""]
[null,338,"D1120","SPICE PARSLEY","DEHYDRATED PARSLEY FLAKES ","SPECIFY",null,"BTL",1,"11 0Z",50,null,"",""]
[null,339,"D1121","SPICE PEPPER BLACK","BLACK PEPPER GROUND COURSE ","SPECIFY",null,"EA",1,"5 LB",40,null,"",""]
[null,340,"CTF7045","SPICE PEPPER BLACK PC","BLACK PEPPER GROUND COURSE INDIVIDUAL PACKETS CATERING","SPECIFY","","CS",3000,".5 GM",20,null,"",""]
[null,341,"D1122","SPICE PEPPER WHITE","WHITE PEPPER GROUND COURSE ","SPECIFY",null,"BTL",1,"5 lb",20,null,"",""]
[null,342,"D1123","SPICE POULTRY","POULTRY SEASONING SALT FREE ","SPECIFY",null,"BTL",1,"10 OZ",15,null,"",""]
[null,343,"D1124","SPICE PUMPKIN PIE","PUMPKIN PIE SPICE  CINNAMON GINGER NUTMEG ALLSPICE AND SULFATING AGENTS.","MCCOMICK'S OR APPROVED EQUIVALENT",5210032310,"CS",6,"1 LB",225,null,"",""]
[null,344,"D1125","SPICE SAGE","SAGE GROUND ","SPECIFY",null,"BTL",1,"18 OZ",10,null,"",""]
[null,345,"D1126","SPICE SALT","SALT TABLE EVAPORATED IODIZED","SPECIFY","","BAG",25,"LB",60,null,"",""]
[null,346,"D1127","SPICE SALT FREE","SEASONING 100% SALT FREE ONION, SPICES (BLACK PEPPER, PARSLEY, CELERY SEED, BASIL, BAY MARJORAM, OREGANO, SAVORY, THYME, CAYENNE PEPPER, CORIANDER, CUMIN, MUSTARD, ROSEMARY), GARLIC, CARROT, ORANGE PEEL, TOMATO, LEMON JUICE POWDER, CITRIC ACID, OIL OF LEMON","MRS. DASH OR APPROVED EQUIVALENT",605021603287,"CS",1,"21 OZ",500,null,"",""]
[null,347,"D1128","SPICE SALT KOSHER","SALT KOSHER","DIAMOND CRYSTAL OR APPROVED EQUIVALENT",null,"CS",12,"LB",10,null,"",""]
[null,348,"CTF7046","SPICE SALT PC","SALT TABLE EVAPORATED IODIZED PC CATERING","SPECIFY","","CS",6000,".5 GM",15,null,"",""]
[null,349,"D1129","SPICE STEAK BLEND","MONTREAL STEAK SEASONING SALT FREE","SPECIFY",null,"BTL",1,"7 LB",85,null,"",""]
[null,350,"D1130","SPICE TACO","TACO SEASONING SALT FREE","SPECIFY","","CS",6,"6.6 OZ",150,null,"",""]
[null,351,"D1131","STUFFING","UNCLE BEN'S CLASSIC CORNBREAD STUFFING MIX BLEND OF 2 KINDS OF BREAD CRUMBS SEASONINGS AND FLAVORS.","UNCLE BEN’S OR APPROVED EQUIVALENT",13508,"CS",6,"3.5 LB",110,null,"",""]
[null,352,"D1132","SUGAR","SUGAR GRANULATED EXTRA FINE","SPECIFY","","BAG",25,"LB",80,null,"",""]
[null,353,"D1133","SUGAR BROWN","SUGAR BROWN NED 10X","SPECIFY","","CS",24,"2 LB",15,null,"",""]
[null,354,"D1134","SUGAR PC","SUGAR PURE CANE PACKET","SPECIFY",null,"CS",2000,"0.1 OZ",5,null,"",""]
[null,355,"D1135","SUGAR PC ARTIFICIAL SWEETENER ","ARTIFICIAL SWEETENER INDIVIDUAL PACKETS ","SPECIFY","","CS",2500,"CT",5,null,"",""]
[null,356,"CTF7047","SUGAR POWDERED","SUGAR POWDERED 6X CATERING","SPECIFY","","BAG",1,"25 LB",7,null,"",""]
[null,357,"D1136","SYRUP PC","MAPLE FLAVORED. READY TO SERVE PORTION CONTROL CUP 1.4OZ TO 1.6OZ SERVING SIZE    ","SPECIFY",null,"CS",100,"1.4-1.5 OZ",2000,null,"",""]
[null,358,"D1137","TAJIN PC","SEASONING TAJIN LOW SODIUM PC","TAJIN OR APPROVED EQUIVALENT",null,"CS",1000,".05 OZ",200,null,"",""]
[null,359,null,"TAMALES CHICKEN GREEN CHILE","TAMALE CHICKEN GREEN CHILE NO FILLERS 0G TRANS FAT HEAT & SERVE MEETS NEW MEXICO GROWN REQUIREMENTS","BUENO OR APPROVED EQUIVALENT","1370-3","CS",60,"3 OZ",1000,null,"",""]
[null,360,null,"TAMALES PORK RED CHILE","TAMALE PORK RED CHILE NO FILLERS 0G TRANS FAT HEAT & SERVE MEETS NEW MEXICO GROWN REQUIREMENTS","BUENO OR APPROVED EQUIVALENT","1375-3","CS",60,"3 OZ",1000,null,"",""]
[null,361,"D1138","TOMATO DICED","TOMATOES DICED GRADE A LOW SODIUM (140 MILLIGRAMS OF SODIUM OR LESS PER SERVING).","SPECIFY",null,"CS",6,"10 CN",600,null,"",""]
[null,362,"D1139","TOMATO PASTE","TOMATO PASTE 26% SOLID HEAVY CONCENTRATION NET WEIGHT 114 OZ GRADE A LOW SODIUM (140 MILLIGRAMS OF SODIUM OR LESS PER SERVING).","SPECIFY","","CS",6,"10 CN",300,null,"",""]
[null,363,"F1112","TORNADO STEAK AND CHEESE","SHREDDED RANCHERO STEAK AND CHEESE WHOLE GRAIN RUIZ  144/2.79OZ","RUIZ FOODS OR APPROVED EQUIVALENT",86585,"CS",144,"2.79 OZ",500,null,"",""]
[null,364,"C1041","TORTILLA CORN","6” WHITE CORN MADE FROM CORN FLOUR OR MEAL - MADE FROM ENRICHED CORN MEAL.  EACH SHELL MUST BE A MINIMUM OF 25 GRAMS TO MEET 1 GB IN THE NSLP.","MISSION OR APPROVED EQUIVALENT",10630,"CS",60,"12 CT",250,null,"",""]
[null,365,null,"TORTILLA CORN STREET 4.5\"","4.5\" CORN TORTILLA","MISSION OR APPROVED EQUIVALENT",73731071519,"CS",12,"12CT",2000,null,"",""]
[null,366,"CTF7006","TORTILLA FLOUR  10\"","10\" FLOUR TORTILLA FOR BURRITOS   NOT WHOLE GRAIN CATERING","BUENO OR APPROVED EQUIVALENT",null,"CS",12,"12 CT",4000,null,"",""]
[null,367,"CTF7007","TORTILLA FLOUR  6\"","6\" FLOUR TORTILLA FOR SOFT TACOS/FAJITAS  NOT WHOLE GRAIN CATERING","BUENO OR APPROVED EQUIVALENT",null,"CS",12,"12CT",100,null,"",""]
[null,368,"C1042","TORTILLA FLOUR 6\" WG","6\" WHOLE WHEAT FLOUR WHOLE GRAIN - FRESH","NM FOODS OR APPROVED EQUIVALENT",3523783021,"CS",12,"12 CT",2400,null,"",""]
[null,369,"C1043","TORTILLA FLOUR 9\" WG","9’ WHOLE WHEAT FLOUR MUST BE UNIFORM IN SIZE - MADE FROM ENRICHED FLOUR UNIFORM IN SIZE AND A MINIMUM OF 54 GRAMS TO MEET 2 GB IN THE NSLP WHOLE GRAIN - FRESH","NM FOODS OR APPROVED EQUIVALENT",3523783021,"CS",12,"12 CT",3800,null,"",""]
[null,370,"F1113","TURKEY BREAST DELI","SLICED OVEN ROASTED REDUCED SODIUM BY 30% .5 OZ SLICE FROZEN COMMERICAL BACK-UP OF COMMODITY PRODUCT OR FOR NOI PRICING","JENNY O OR APPROVED EQUIVALENT ",2099,"CS",12,"1 LB",600,null,"",""]
[null,371,"F1114","TURKEY HAM DELI","SLICED 5% WATER ADDED NATURALLY LEAN REDUCED SODIUM BY 26% 94% FAT FREE .51 OZ SLICE FROZEN CN LABLED COMMERICAL BACK-UP OF COMMODITY PRODUCT OR FOR NOI PRICING","JENNY O OR APPROVED EQUIVALENT ",2565,"CS",12,"1 LB",700,null,"",""]
[null,372,"F1115","TURKEY ROAST","U.S. GRADE A FROZEN ROASTS PREPARED FROM BREAST MEAT THIGH MEAT AND SKIN OF YOUNG READY-TO-COOK TURKEYS WITH WATER SALT AND SODIUM PHOSPHATES ADDED. ROASTS ARE AT LEAST 47% BREAST MEAT WITH A MAXIMUM OF 34% THIGH MEAT AND 12.5% SKIN. THE ROASTS IN ONE CONTAINER WILL NOT VARY MORE THAN 2 LB PER ROAST. EACH ROAST WILL BE 9 TO 17 INCH IN LENGTH AND 4 TO 7 INCH IN DIAMETER AND WILL BE TIED OR PLACED IN COTTON NETTING. (4) 8-12 POUNDS PER CASE COMMERICAL BACK-UP OF COMMODITY PRODUCT OR FOR NOI PRICING","SPECIFY",null,"LB",4,"8-12 LBS",100,null,"",""]
[null,373,"F1116","TURKEY SAUSAGE PATTY","SAUSAGE PATTY FORMED FULLY COOKED REDUCED FAT TURKEY SAUSAGE PATTIES 2.5” ONE 1.5 OZ. PATTY PROVIDES 1 OZ. PROTEIN EQUIVALENT LESS THAN 320 MG OF SODIUM","JENNY O OR APPROVED EQUIVALENT ",100124,"CS",133,"1.22 OZ",150,null,"",""]
[null,374,"D1140","VANILLA","VANILLA IMITATION FLAVOR NO ALCOHOL","SPECIFY","","CS",6,"32 OZ",5,null,"",""]
[null,375,"F1117","VEG BROCCOL FROZEN","VEGETABLEBROCCOLI CUTS FROZEN GRADE A","SPECIFY","","CS",12,"2.5 LB",350,null,"",""]
[null,376,"F1118","VEG CALIFORNIA BLEND","CALIFORNIA BLEND/ FROZEN GRADE A CARROTS BROCCOLI CAULIFLOWER","SPECIFY","","CS",20,"LB",50,null,"",""]
[null,377,"F1119","VEG CARROTS DICED","CARROTS FROZEN GRADE A DICED","SPECIFY",null,"CS",1,"30 LB",375,null,"",""]
[null,378,"F1120","VEG CARROTS SLICED","CARROTS FROZEN GRADE A","SPECIFY",null,"CS",20,"LB",75,null,"",""]
[null,379,"F1121","VEG CHILE GREEN HOT","GREEN CHILE HOT DICED FROZEN","M A SONS, BUENO OR APPROVED EQUIVALENT",null,"CS",6,"3.5 LB",600,null,"",""]
[null,380,"F1122","VEG CHILE GREEN MILD","GREEN CHILE FROZEN DICED MILD","M A SONS, BUENO OR APPROVED EQUIVALENT","","CS",5,"5 LB",1200,null,"",""]
[null,381,"F1123","VEG CHILE RED HOT","RED CHILE PUREE  HOT  FROZEN","M A SONS, BUENO OR APPROVED EQUIVALENT",null,"CS",6,"3.5 LB",150,null,"",""]
[null,382,"F1124","VEG CHILE RED MILD","RED CHILE PUREE MILD FROZEN","M A SONS, BUENO OR APPROVED EQUIVALENT","","CS",6,"3.5 LB",250,null,"",""]
[null,383,"D1141","VEG CORN CANNED","US GRADE B VACUUM PACKED LOW SODIUM (140 MILLIGRAMS OF SODIUM OR LESS PER SERVING).","SPECIFY","","CS",6,"10 CN",600,null,"",""]
[null,384,"F1125","VEG CORN FROZEN","CORN SWEET WHOLE KERNEL: FROZEN TO MEET THE STANDARD U. S. GRADE A  YELLOW OR GOLDEN TO BE PACKED IN POLY BAG LINER IN CASES WITH POLY BAG \"TUCKED\" TO COMPLETELY COVER AND PROTECT THE PRODUCT FROM FREEZER BURN. 20#","SPECIFY",null,"CS",1,"20 LB",1000,null,"",""]
[null,385,"F1126","VEG FAJITA BLEND","VEGETABLE BLEND FAJITA ONIONS GREEN & RED PEPPERS","CLASSIC OR APPROVED EQUIVALENT",74662,"CS",12,"32 OZ",500,null,{"$f":"IF(L390*K390= 0,\"\",L390*K390)","v":""},{"$f":"IF(L390/I390= 0,\"\",L390/I390)","v":""}]
[null,386,"CTF7074","VEG GREEN BEAN WHOLE FROZEN","GREEN BEANS WHOLE FROZEN GRADE A CATERING","SPECIFY",null,"CS",6,"4 LB",15,null,"",""]
[null,387,"D1142","VEG GREEN BEANS CANNED","GREEN BEANS4 SIEVE CUT 1 ¼ GRADE B LOW SODIUM (140 MILLIGRAMS OF SODIUM OR LESS PER SERVING).","SPECIFY","","CS",6,"10 CN",1800,null,"",""]
[null,388,"F1127","VEG GREEN BEANS FROZEN","GREEN BEANS FROZEN GRADE A","SPECIFY",null,"CS",1,"20 LB",1000,null,"",""]
[null,389,"F1128","VEG OKRA BREADED","OKRA CUT BREADED: IF TO MEET THE STANDARD OF U. S. GRADE A. PRE-BROWNED OVEN READY. CN LABEL OR PRODUCT ANALYSIS SHEET REQUIRED. 4/5#","TASTY BRAND OR APPROVED EQUIVALENT",null,"CS",4,"5 LB",300,null,"",""]
[null,390,"F1129","VEG ONION RINGS BREADED","ONION RINGS BREADED 6/2#: IF CHOPPED AND FORMED PRE-BROWNED OVEN READY IF. PROVIDE 1/4 CUP V/F AND 1 G/B SERVING. CN LABEL OR PRODUCT ANALYSIS SHEET REQUIRED. IDENTIFY FAT GRAMS PER 6 PIECE SERVING.","TASTY BRAND OR APPROVED EQUIVALENT",null,"CS",6,"2 LB",400,null,"",""]
[null,391,"D1143","VINEGAR","","SPECIFY","","CS",4,"1 GAL",110,null,"",""]
[null,392,"F1130","WAFFLE BLUEBERRY IW","WAFFLE MINI BLUEBERRY IW MUST MEET 2 WG EQUIVILENT","PILLSBURY OR APPROVED EQUIVALENT",132264000,"CS",72,"2.2 OZ",1000,null,"",""]
[null,393,"F1131","WAFFLE CHOCOLATE CHIP IW","WAFFLE CHOCOLATE CHIP IW EACH 2.40 OZ SERVING PROVIDES 2.00 EQ GRAINS FOR NSP","TASTY BRAND OR APPROVED EQUIVALENT",55702,"CS",96,"2.40 OZ",850,null,"",""]
[null,394,"F1132","WAFFLE MAPLE BULK","MAPLE WHOLE GRAIN EACH 1.4OZ WAFFLE PROVIDES 1 GRAIN EQUIVALENT.  51% WHOLE GRAIN","BAKE CRAFTERS OR APPROVED EQUIVALENT",1556,"CS",1,"144ct",600,null,"",""]
[null,395,"F1133","WAFFLE MAPLE IW","WAFFLE MINI MAPLE MADNESS IW MUST MEET 2 WG EQUIVILENT","PILLSBURY OR APPROVED EQUIVALENT",132265000,"CS",72,"2.47 OZ",1000,null,"",""]
[null,396,"CTF7048","WALNUTS","WALNUTS CHOPPED CATERING","SPECIFY",null,"CS",3,"2 LB",135,null,"",""]
[null,397,"D1144","WATER BOTTLED","BOTTLED WATER PURIFIED","NESTLE OR APPROVED EQUIVALENT",null,"CS",24,"20 0Z",4500,null,"",""]
[null,398,"D1145","WATER GALLON","WATER SPRING","SPECIFY",null,"CS",6,"GAL",800,null,"",""]
[null,399,"C1044","WHIPPED TOPPING CAN","WHIPPED TOPPING NON-DAIRY CAN LIKE REDI WHIP","SPECIFY",null,"CS",12,"13 OZ",25,null,"",""]
[null,400,"D1146","WHIPPED TOPPING MIX","WHIPPED TOPPING NON-DAIRY DRY POWDER MIX","SPECIFY","","CS",12,"16 OZ",60,null,"",""]
[null,401,"CTF7008","YOGURT BULK PLAIN","NON-FAT BULK CATERING","SPECIFY",null,"CS",6,"30 OZ",55,null,"",""]
[null,402,"C1045","YOGURT CUPS BLUEBERRY","NON-FAT INDIVIDUAL CUPS","UPSTATE FARMS OR APPROVED EQUIVALENT",9816,"CS",48,"4 OZ",500,null,"",""]
[null,403,"C1046","YOGURT CUPS CHERRY VANILLA","NON-FAT INDIVIDUAL CUPS","UPSTATE FARMS OR APPROVED EQUIVALENT",9819,"CS",48,"4 OZ",500,null,"",""]
[null,404,"C1047","YOGURT CUPS RASPBERRY","NON-FAT INDIVIDUAL CUPS","UPSTATE FARMS OR APPROVED EQUIVALENT",9817,"CS",48,"4 OZ",1000,null,"",""]
[null,405,"C1048","YOGURT CUPS RASPBERRY/CHERRY","NON-FAT INDIVIDUAL CUPS","DANNON CREAMY OR APPROVED EQUIVALENT",1956,"CS",48,"4 OZ",1000,null,"",""]
[null,406,"C1049","YOGURT CUPS STRAWBERRY BANANA","NON-FAT INDIVIDUAL CUPS","UPSTATE FARMS OR APPROVED EQUIVALENT",9820,"CS",48,"4 OZ",1000,null,"",""]
[null,407,"C1050","YOGURT IN A BAG","YOGURT IN A BAG VANILLA","YOPLAIT PARFAITPRO OR APPROVED EQUIVALENT",16632000,"CS",6,"64 OZ",400,null,"",""]

{"sheet":"Sheet2","index":8,"n_rows":75,"n_cols":13,"rows_kept":75,"cut":false,"hidden":true,"merged":[]}
[6,"CTF7049","AVACADO PULP","AVACADO PULP FROZEN CATERING","SPECIFY",null,"CS",12,"1LBS",70]
[10,"CTF7050","BACON SLICED THICK","BACON THICK SLICED  CATERING","SPECIFY",null,"CS",15,"LB",30]
[11,"CTF7051","BACON SLICED THIN","BACON THIN SLICED CATERNG","SPECIFY",null,"CS",15,"LB",15]
[20,"CTF7009","BASE CHICKEN KNORR","CHICKEN FLAVORED BOUILLON CATERING","KNORR OR APPROVED EQUIVALENT",116300,"BTL",1,"7.9 LB",5]
[null,"CTF7010","BEANS KIDNEY ","CATERING",null,null,"CS",6,"#10 CAN",50]
[29,"CTF7052","BEEF BRISKET","BEEF PACKER TRIM VACCUUM PACKED LARGE 14-22 LB CATERING","SPECIFY","","LB",1,"LB",2000]
[30,"CTF7053","BEEF CHICKEN FRIED STEAK","EXCLUSIVE CUT™ WHOLE MUSCLE BEEF. BATTERED WITH A BUTTERMILK BLEND BREADED WITH A FLOUR-BASED BREADING. CATERING","ADVANCE/PIERRE OR APPROVED EQUIVALENT",4541,"CS",40,"4 OZ",25]
[40,"CTF7054","BISCUIT WHITE BUTTERMILK","BISCUIT OLD SOUTH BUTTERMILK PRE-SLICED FULLY COOOKED 2.25 OZ CATERING","BRIDGEFORD OR APPROVED EQUIVALENT",6170,"CS",100,"2.25 OZ",300,null,{"$f":"IF(K8*J8= 0,\"\",K8*J8)","v":""},{"$f":"IF(K8/H8= 0,\"\",K8/H8)","v":""}]
[72,"CTF7000","CHEESE COTTAGE","COTTAGE CHEESE SMALL CURD  CATERING","SPECIFY","","CS",1,"5 LB",75]
[73,"CTF7001","CHEESE CREAM BLOCK","CREAM CHEESE BLOCK CATERING","SPECIFY","","CS",10,"3 LB",20]
[91,"CTF7055","CHICKEN BREAST RAW","CHICKEN UNCOOKED BREAST BONELESS SKINLESS WHITE 6 OZ SIZE  CATERING","SPECIFY",null,"CS",4,"5LB",25]
[null,"CTF7011","CHIPS KETTLE VARIETY","VARIETY PACK OF KETTLE CHIPS CATERING","SPECIFY",null,"CS",30,"1.5 OZ",25]
[123,"CTF7012","CHOCOLATE ENROBER","CHOCOLATE FLAVORED ENROBER COATING IS A RICH CHOCOLATE COATING THAT HARDENS AT ROOM TEMPERATURE. THE PRODUCT IS IN A HARDENED CANDY STATE IN THE UNHEATED CAN.  CATERING","SPECIFY",null,"CS",3,"10 CN",15]
[131,"CTF7013","COCOA","UNSWEETENED COCOA 22/24% BUTTER FAT  CATERING","SPECIFY","","CS",4,"2.5KG",20]
[136,"CTF7056","COOKIE DOUGH CHOCOLATE CHIP","COOKIE DOUGH CHOCOLATE CHIP CATERING","BRICKFIRE OR APPROVED EQUIVALENT",2340091,"CS",170,"1.5 OZ",75]
[137,"CTF7057","COOKIE DOUGH OATMEAL RAISIN","COOKIE DOUGH OATMEAL RAISIN CATERING","BRICKFIRE OR APPROVED EQUIVALENT",2340101,"CS",170,"1.5 OZ",60]
[143,"CTF7058","COOKIE DOUGH SUGAR","COOKIE DOUGH SUGAR CATERING","BRICKFIRE OR APPROVED EQUIVALENT",2340111,"CS",170,"1.5 OZ",60]
[144,"CTF7059","COOKIE DOUGH WHITE MACADAMIA NUT","COOKIE DOUGH WHITE MACADAMIA NUT  CATERING","BRICKFIRE OR APPROVED EQUIVALENT",2340361,"CS",170,"1.5 OZ",60]
[154,"CTF7014","CRACKERS MEDLEY MIX","CRACKER MEDLEY - TOASTEDS® WHEAT SESAME AND BUTTER CRISP CLUB® TOWN HOUSE® AND KEEBLER® WHOLE GRAIN WHEAT 25 SLEEVES CATERING","KEEBLER OR APPROVED EQUIVALENT","30100 37739 ","CS",25,"SLEEVES",5]
[157,"CTF7002","CREAMER NON-DAIRY","NON-DAIRY CREAMER  INIVIDUAL PACK LIQUID CATERING","SPECIFY","","CS",400,"EA",45,null,{"$f":"IF(K20*J20= 0,\"\",K20*J20)","v":""},{"$f":"IF(K20/H20= 0,\"\",K20/H20)","v":""}]
[158,"CTF7003","CREAMER NON-DAIRY CARAMEL MACCHIATO","NON-DAIRY CREAMER CARAMEL MACCHIATO INIVIDUAL PACK LIQUID CATERING","SPECIFY",null,"CS",288,"1ML",35]
[159,"CTF7004","CREAMER NON-DAIRY FRENCH VANILLA","NON-DAIRY CREAMER FRENCH VANILLA  INIVIDUAL PACK LIQUID CATERING","SPECIFY",null,"CS",288,"1ML",35,null,{"$f":"IF(K22*J22= 0,\"\",K22*J22)","v":""},{"$f":"IF(K22/H22= 0,\"\",K22/H22)","v":""}]
[160,"CTF7005","CREAMER NON-DAIRY HAZEL NUT","NON-DAIRY CREAMER HAZEL NUT INIVIDUAL PACK LIQUID CATERING","SPECIFY",null,"CS",288,"1ML",35]
[162,"CTF7060","CROISSANT CATERING 30Z","FULLY COOKED FLAKEY BUTTERY CRUST PRESLICED ROUND SHAPED ROLL 3 OZ  CATERING","SPECIFY",null,"CS",32,"3 OZ",40]
[163,"CTF7061","CROISSANT CATERING 5OZ","FULLY COOKED FLAKEY BUTTERY CRUST PRESLICED ROUND SHAPED ROLL 5 OZ  CATERING","SPECIFY",null,"CS",24,"5 OZ",25]
[165,"CTF7015","CROUTONS","CROUTONS/ HERB SEASONED ENRICHED SMALL CUBE  CATERING","SPECIFY","","CS",10,"LB",150,null,{"$f":"IF(K26*J26= 0,\"\",K26*J26)","v":""},{"$f":"IF(K26/H26= 0,\"\",K26/H26)","v":""}]
[171,"CTF7016","DRESSING ITALIAN","ITALIAN DRESSING GOLDEN CATERING","SPECIFY",null,"CS",4,"GAL",10]
[173,"CTF7017","DRESSING RASPBERRY VINAIGRETTE ","KRAFT RASPBERRY VINAIGRETTE FAT FREE DRESSING HAS THE SWEET TART FLAVOR OF RASPBERRIES IN A FAT FREE VINAIGRETTE.  CATERING","KRAFT OR APPROVED EQUIVALENT",21000647422,"CS",4,"1 GAL",5]
[187,"CTF7018","FILLING PIE CHERRY","CHERRY CATERING","SPECIFY",null,"CS",3,"#10",15]
[186,"CTF7019","FILLING PIE PEACH","PEACH CATERING","SPECIFY",null,"CS",3,"#10",15]
[196,"CTF7020","FRUIT CHERRY MARASCHINO HALVES","CHERRIES MARACHINO HALVES CATERING","PENNANT OR APPROVED EQUIVALENT",null,"CS",4,".5 GAL",100]
[213,"CTF7021","GLAZE STAWBERRY","STRAWBERRY GLAZE  CATERING","SPECIFY",null,"CS",1,"20LB",25,null,{"$f":"IF(K32*J32= 0,\"\",K32*J32)","v":""},{"$f":"IF(K32/H32= 0,\"\",K32/H32)","v":""}]
[217,"CTF7062","HAM BUFFET","HAM WATER ADDED CURED BONELESS AND FULLY COOKED. HAM IS 97% FAT FREE (3% FAT) AND APPROXIMATELY 4 TO 4½ INCHES IN DIAMETER. FROZEN PRODUCT. CATERING","SPECIFY","","CS",1,"LB",100]
[233,"CTF7022","JUICE LEMON","LEMON JUICE PURE CATERING","SPECIFY","","CS",12,"32 OZ",20]
[234,"CTF7023","JUICE LEMON PC","LEMON JUICE PURE PC CATERING","SPECIFY",null,"CS",200,"0.4 G",5]
[237,"CTF7063","JUICE ORANGE CONCENTRATE","FROZEN CONCENTRATE 100% JUICE NO SUGAR ADDED GRADE A CATERING","SPECIFY",null,"CS",12,"32OZ",20]
[245,"CTF7024","LIQUID SMOKE","LIQUID SMOKE FLAVORING  CATERING","WRIGHTS",null,"CS",4,"1 GAL",15,null,{"$f":"IF(K37*J37= 0,\"\",K37*J37)","v":""}]
[252,"CTF7025","MAYONNAISE GAL ","MAYONNAISE REGULAR FAT CATERING","SPECIFY",null,"CS",4,"1 GAL",20]
[253,"CTF7026","MAYONNAISE PC","MAYONNAISE REGULAR FAT INDIVIDUALLY PACKED CATERING","SPECIFY",null,"CS",200,"12 GR",100]
[257,"CTF7027","MIX BROWNIE","MIX FUDGE BROWNIE NOT WHOLE GRAIN CATERING","CH GUENTER & SON OR APPROVED EQUIVALENT",218207,"CS",6,"5 LB",20]
[205,"CTF7028","MIX FRUIT PUNCH","FRUIT FLAVORED DRY CRYSTALS DRINK MIX SWEETENED CATERING","SPECIFY",null,"CS",12,"24 OZ",20,null,{"$f":"IF(K41*J41= 0,\"\",K41*J41)","v":""},{"$f":"IF(K41/H41= 0,\"\",K41/H41)","v":""}]
[219,"CTF7029","MIX HOT CHOCOLATE","HOT CHOCOLATE MIX POWDERED INDIVIDUAL PACKS CATERING","SPECIFY",null,"CS",6,"50CT",20]
[222,"CTF7030","MIX ICE TEA","MIX UNSWEETENED TEA HIGH YIELD DILUTION RATIO 1:96 CATERING","THIRS-TEA OR APPROVED EQUIVALENT",662,"CS",24,"4 OZ",20,null,{"$f":"IF(K43*J43= 0,\"\",K43*J43)","v":""},{"$f":"IF(K43/H43= 0,\"\",K43/H43)","v":""}]
[243,"CTF7031","MIX LEMONAIDE PINK","PINK LEMONAIDE FLAVORED DRY CRYSTALS SWEETENED CATERING","SPECIFY",null,"CS",12,"2GAL",30]
[244,"CTF7032","MIX LEMONAIDE YELLOW","YELLOW LEMONAIDE FLAVORED DRY CRYSTALS DRINK MIX SWEETENED  CATERING","SPECIFY",null,"CS",12,"2GAL",30,null,{"$f":"IF(K45*J45= 0,\"\",K45*J45)","v":""}]
[263,"CTF7064","MUFFIN APPLE PECAN","PRE-BAKED THAW AND SERVE APPLE CINNIMON PECAN TULIP CUP WRAPPER SUPREME  CATERING","OTIS SPUNKMEYER OR APPROVED EQUIVALENT",6245,"CS",24,"4 OZ",5]
[264,"CTF7065","MUFFIN BANANA BREAD","PRE-BAKED THAW AND SERVE BANANA BREAD TULIP CUP WRAPPER SUPREME  CATERING","OTIS SPUNKMEYER OR APPROVED EQUIVALENT",1002,"CS",24,"4 OZ",15]
[266,"CTF7066","MUFFIN BLUEBERRY CRUMB","PRE-BAKED THAW AND SERVE BLUEBERRY CRUMB CAKE TULIP CUP WRAPPER SUPREME  CATERING","OTIS SPUNKMEYER OR APPROVED EQUIVALENT",6201,"CS",24,"4 OZ",20]
[268,"CTF7067","MUFFIN DECADENT CHOCOLATE","PRE-BAKED THAW AND SERVE DECADENT CHOCOLATE CHUNK TULIP CUP WRAPPER SUPREME  CATERING","OTIS SPUNKMEYER OR APPROVED EQUIVALENT",6220,"CS",24,"4 OZ",5]
[270,"CTF7068","MUFFIN TRIPLE BERRY","PRE-BAKED THAW AND SERVE TRIPLE BERRY WHOLE GRAIN TULIP CUP WRAPPER SUPREME  CATERING","OTIS SPUNKMEYER OR APPROVED EQUIVALENT",6230,"CS",24,"4 OZ",10]
[277,"CTF7033","OIL OLIVE","OIL OLIVE EXTRA VIRGIN CATERING","SPECIFY",null,"CS",4,"3LTR",15]
[278,"CTF7034","OLIVES BLACK","RIPE OLIVES MEDIUM PITTED WHOLE  CATERING","SPECIFY",null,"CS",6,"10 CN",100]
[279,"CTF7035","OLIVES GREEN","RIPE OLIVES MEDIUM PITTED WHOLE STUFFED  CATERING","SPECIFY",null,"CS",4,"1 GAL",5]
[291,"CTF7036","PASTA LASAGNA","LASAGNA NOODLE WITH RIDGES ENRICHED TO MEET BREAD REQUIREMENTS NSLP MADE FROM SEMOLINA OR DURUM FLOUR ENRICHED WITH THIAMIN RIBOFLAVIN NIACIN FOLIC ACID AND IRON.  REGULAR NOT WHOLE GRAIN CATERING","SPECIFY",null,"CS",12,"1LB",15]
[130,"CTF7069","PASTRY CINNAMON TWIST","FREEZER-TO-OVEN CINNNAMON ROLL TWIST  CATERING","PILLSBURY OR APPROVED EQUIVALENT",205385000,"CS",52,"4.25 OZ",100]
[168,"CTF7070","PASTRY DANISH ASSORTED","DANISH ASSORTED 4OZ BULK CATERING","SPECIFY",null,"CS",6,"12CT",50]
[297,"CTF7037","PICKLE SLICED POUCH","HAMBURGER DILL PICKLE CRINKLE CUT POUCH 1/8 IN GRADE A CATERING","HEINZ",658600,"CS",6,"5.75 LB",650]
[298,"CTF7038","PICKLE SPEARS CAN","DILL PICKLE SPEARS APPROXIMATELY 3 1/2 - 4 3/4 INCHES LONG US GRADE A CATERING","SPECIFY","","CS",6,"10 CN",400]
[314,"CTF7071","POTATO BABY BAKERS","BABY BAKER POTATOES WHOLE OVEN ROASTED GARLIC  CATERING","SPECIFY",null,"CS",6,"2.5LB",25]
[329,"CTF7039","RELISH PICKLE DILL","RELISH PICKLE DILL CATERING","SPECIFY",null,"CS",4,"1 GAL",10]
[330,"CTF7040","RELISH PICKLE SWEET","RELISH PICKLE SWEET CATERING","SPECIFY",null,"CS",4,"1 GAL",5]
[128,"CTF7072","ROLL CINNAMON ","CINNAMON ROLLS FROZEN INDIVIDUALLY BULK PACKED APPROX 3 OZ EACH FREEZER TO OVEN NO PROOFING REQUIRED.  MUST PROVIDE 2 GB IN THE SBP. PILLSBURY SUPREME™ FREEZER-TO-OVEN CINNAMON ROLL 3 OZ  CATERING","PILLSBURY OR APPROVED EQUIVALENT",105358000,"CS",100,"3 OZ",50]
[334,"CTF7073","ROLL DINNER WHITE","ROLL DINNER WHITE HEAT & SERVE 1.5OZ CATERING","BRIDGEFORD OR APPROVED EQUIVALENT",6655,"CS",75,"1.5OZ",100]
[340,"CTF7041","SAUCE A-1","ORIGINAL STEAK SAUCE CATERING","KRAFT OR APPROVED EQUIVALENT","00-54400000200","CS",12,"10 OZ",10]
[342,"CTF7042","SAUCE BRISKET MARINADE","SAUCE BRISKET MARINADE  CATERING","CLAUDES OR APPROVED EQUIVALENT",null,"CS",4,"1 GAL",15]
[457,"CTF7043","SAUCE WORCESTERSHIRE","WORCESTERSHIRE SAUCE BULK CATERING","SPECIFY","","CS",4,"1 GAL",5]
[376,"CTF7044","SOUR CREAM LIGHT","SOUR CREAM LIGHT CATERING","SPECIFY","","CS",2,"5 LB",20,null,{"$f":"IF(K67*J67= 0,\"\",K67*J67)","v":""},{"$f":"IF(K67/H67= 0,\"\",K67/H67)","v":""}]
[394,"CTF7045","SPICE PEPPER BLACK PC","BLACK PEPPER GROUND COURSE INDIVIDUAL PACKETS CATERING","SPECIFY","","CS",3000,".5 GM",20]
[338,"CTF7046","SPICE SALT PC","SALT TABLE EVAPORATED IODIZED PC CATERING","SPECIFY","","CS",6000,".5 GM",15]
[407,"CTF7047","SUGAR POWDERED","SUGAR POWDERED 6X CATERING","SPECIFY","","BAG",1,"25 LB",7]
[418,"CTF7006","TORTILLA FLOUR  10\"","10\" FLOUR TORTILLA FOR BURRITOS   NOT WHOLE GRAIN CATERING","BUENO OR APPROVED EQUIVALENT",null,"CS",12,"12 CT",4000]
[419,"CTF7007","TORTILLA FLOUR  6\"","6\" FLOUR TORTILLA FOR SOFT TACOS/FAJITAS  NOT WHOLE GRAIN CATERING","BUENO OR APPROVED EQUIVALENT",null,"CS",12,"12CT",100]
[439,"CTF7074","VEG GREEN BEAN WHOLE FROZEN","GREEN BEANS WHOLE FROZEN GRADE A CATERING","SPECIFY",null,"CS",6,"4 LB",15]
[451,"CTF7048","WALNUTS","WALNUTS CHOPPED CATERING","SPECIFY",null,"CS",3,"2 LB",135,null,{"$f":"IF(K74*J74= 0,\"\",K74*J74)","v":""},{"$f":"IF(K74/H74= 0,\"\",K74/H74)","v":""}]
[459,"CTF7008","YOGURT BULK PLAIN","NON-FAT BULK CATERING","SPECIFY",null,"CS",6,"30 OZ",55]